{"text_format":"1","workbook":"xlsx","n_sheets":2,"sheets":["일위대가","일위대가상세"],"not_rendered":{"charts":0,"images":0,"macros":0,"external_links":0,"defined_names":2,"comments":0,"pivot_tables":0},"unopened":[],"bounds":{"document_bytes":16777216,"sheet_cells":100000,"rows_first":2000,"rows_last":500,"rows_between":2000,"halvings":0,"cell_chars":16384,"cell_head_chars":4096},"cells_cut":0,"cells_raw":0,"read":"whole","date_system":"1900"}

{"sheet":"일위대가","index":0,"n_rows":1310,"n_cols":11,"rows_kept":1310,"cut":false,"hidden":false,"merged":[[1,0,1,10],[0,0,0,10]]}
["일 위 대 가"]
["20240300026_2024년 표준일위대가(건축)_1800539264"]
["일위대가코드","번호","품명","규격","단위","재료비","노무비","경비","합계","비목구분","비고"]
["AAA16300010S",null,"강관 지주 설치","지주높이 3.5m 이하","10M",5763,121846,4564,132173,"합계"]
["AAA16300020S",null,"강관 지주 해체","지주높이 3.5m 이하","10M",2285,48076,1825,52186,"합계"]
["AAA16300030S",null,"강관 지주 설치","지주높이 6m 이하","10M",7358,174999,4564,186921,"합계"]
["AAA16300040S",null,"강관 지주 해체","지주높이 6m 이하","10M",2889,68215,1825,72929,"합계"]
["AAA16300050S",null,"H형강 지주 설치","지주높이 4m 이하","10M",13874,236798,15511,266183,"합계"]
["AAA16300060S",null,"H형강 지주 해체","지주높이 4m 이하","10M",5534,95304,6158,106996,"합계"]
["AAA16300070S",null,"H형강 지주 설치","지주높이 7m 이하","10M",20044,422180,19109,461333,"합계"]
["AAA16300080S",null,"H형강 지주 해체","지주높이 7m 이하","10M",8055,170071,7657,185783,"합계"]
["AAA16300090S",null,"가설울타리판 설치","설치높이 3m 이하","10M",2634,87821,0,90455,"합계"]
["AAA16300100S",null,"가설울타리판 해체","설치높이 3m 이하","10M",1040,34669,0,35709,"합계"]
["AAA16300110S",null,"가설울타리판 설치","설치높이 6m 이하","10M",3070,102351,0,105421,"합계"]
["AAA16300120S",null,"가설울타리판 해체","설치높이 6m 이하","10M",1258,41933,0,43191,"합계"]
["AAA16300130S",null,"세로형 가설방음판 설치","설치높이 3m 이하","10M",2466,82212,0,84678,"합계"]
["AAA16300140S",null,"세로형 가설방음판 해체","설치높이 3m 이하","10M",990,33013,0,34003,"합계"]
["AAA16300150S",null,"세로형 가설방음판 설치","설치높이 6m 이하","10M",2852,95086,0,97938,"합계"]
["AAA16300160S",null,"세로형 가설방음판 해체","설치높이 6m 이하","10M",1124,37473,0,38597,"합계"]
["AAA16300170S",null,"가로형 가설방음판 설치","설치높이 3m 이하","10M",12294,289850,9494,311638,"합계"]
["AAA16300180S",null,"가로형 가설방음판 해체","설치높이 3m 이하","10M",4915,115839,3797,124551,"합계"]
["AAA16300190S",null,"가로형 가설방음판 설치","설치높이 6m 이하","10M",14345,337686,11093,363124,"합계"]
["AAA16300200S",null,"가로형 가설방음판 해체","설치높이 6m 이하","10M",5729,136007,4397,146133,"합계"]
["AAA16300210S",null,"가설휀스(H-Beam기초) 설치 및 해체",null,"m",155,3086,199,3440,"합계"]
["AAA25000010S",null,"철골 안전망 설치 및 해체","아연도금철망, #20-25*25mm","10M2",17475,55957,0,73432,"합계"]
["AAA25000020S",null,"개구부 수평보호덮개 설치 및 해체","개당 면적 1.0㎡ 이하","개",0,14023,0,14023,"합계"]
["AAA25000030S",null,"개구부 수평보호덮개 설치 및 해체","개당 면적 3.0㎡ 이하","개",0,19633,0,19633,"합계"]
["AAA25000040S",null,"PE드럼 설치 및 해체",null,"개",0,12853,0,12853,"합계"]
["AAA25000070S",null,"PE가설방호벽 설치 및 해체",null,"개",406,20696,211,21313,"합계"]
["AAA25000100S",null,"PC가설방호벽 설치 및 해체",null,"개",1634,35625,2098,39357,"합계"]
["AAA25000130S",null,"강재거푸집 작업용 난간 설치 및 해체",null,"10m",6899,229987,0,236886,"합계"]
["AAA25000140S",null,"건설용리프트 방호선반 설치 및 해체",null,"개소",6189,309490,0,315679,"합계"]
["AAA25000150S",null,"PE가설휀스 설치 및 해체",null,"개",0,4284,0,4284,"합계"]
["AAA25000160S",null,"가림막 가설휀스 설치 및 해체",null,"개",0,8568,0,8568,"합계"]
["AAA25000170S",null,"점멸등 설치 및 해체",null,"개",0,2142,0,2142,"합계"]
["AAA25000180S",null,"유도등 설치 및 해체",null,"m",0,2142,0,2142,"합계"]
["AAA25000190S",null,"보행자 안전통로 설치 및 해체",null,"통로길이 m",1121,56094,0,57215,"합계"]
["AAA27200010S",null,"낙하물 방지망(비계) 설치 및 해체","- 재료비 별도 -","10㎡",2013,100696,0,102709,"합계"]
["AAA27200020S",null,"낙하물 방지망(플라잉넷) 설치 및 해체","- 재료비 별도 -","10㎡",2179,72648,0,74827,"합계"]
["AAA27200040S",null,"낙하물 방지망(시스템방호) 설치 및 해체",null,"10㎡",1733,86672,0,88405,"합계"]
["AAA27200090S",null,"수직형 추락방망 설치 및 해체","개구부 면적 1.0㎡ 이하","10개소",2748,137431,0,140179,"합계"]
["AAA27200100S",null,"수직형 추락방망 설치 및 해체","개구부 면적 1.0~3.0㎡ 이하","10개소",3533,176697,0,180230,"합계"]
["AAA27200110S",null,"수직형 추락방망 설치 및 해체","개구부 면적 3.0~6.0㎡ 이하","10개소",5665,283276,0,288941,"합계"]
["AAA27200120S",null,"수직형 추락방망 설치 및 해체","개구부 면적 6.0~9.0㎡ 이하","10개소",7292,364613,0,371905,"합계"]
["AAA27200130S",null,"수직형 추락방망 설치 및 해체","개구부 면적 9.0~12.0㎡ 이하","10개소",8975,448755,0,457730,"합계"]
["AAA27200140S",null,"안전난간대 설치 및 해체(브라켓형)","2단(난간간격 1.5m 이하)","10m",3141,157064,0,160205,"합계"]
["AAA27200150S",null,"안전난간대 설치 및 해체(브라켓형)","3단(난간간격 1.5m 이하)","10m",3477,173892,0,177369,"합계"]
["AAA27200160S",null,"안전난간대 설치 및 해체(앵커형)","2단(난간간격 1.5m 이하)","10m",3590,179502,0,183092,"합계"]
["AAA27200170S",null,"안전난간대 설치 및 해체(앵커형)","3단(난간간격 1.5m 이하)","10m",3926,196330,0,200256,"합계"]
["AAA27200180S",null,"계단난간대 설치 및 해체","브라켓형","10개소",7853,392660,0,400513,"합계"]
["AAA27200190S",null,"계단난간대 설치 및 해체","앵커형","10개소",8133,406684,0,414817,"합계"]
["AAA27200200S",null,"엘리베이터 난간틀 설치 및 해체",null,"10개소",0,224377,0,224377,"합계"]
["AAA27200210S",null,"엘리베이터 추락방호망 설치 및 해체",null,"10개소",8414,420708,0,429122,"합계"]
["AAA27200260S",null,"타워크레인 방호울타리 설치 및 해체",null,"m",673,33656,0,34329,"합계"]
["AAA27300010S",null,"수평지지로프 설치 및 해체",null,"m",0,5609,0,5609,"합계"]
["AAA28000010S",null,"비계주위 보호막 설치 및 해체","- 재료비 별도 -","10M2",0,56094,0,56094,"합계"]
["AAA28000020S",null,"비계주위 보호망 설치 및 해체","- 재료비 별도 -","10M2",0,28047,0,28047,"합계"]
["AAA28000030S",null,"갱폼주위 보호망 설치 및 해체","- 재료비 별도 -","10M2",0,11218,0,11218,"합계"]
["AAA28000040S",null,"방진망 설치 및 해체","- 재료비 별도 -","10M2",0,44875,0,44875,"합계"]
["AAA28000050S",null,"박스형 간이흙막이 설치 및 해체","H=3.0m이하","개",1746,60832,7826,70404,"합계"]
["AAA28000060S",null,"박스형 간이흙막이 설치 및 해체","H=4.0m이하","개",2955,90820,13245,107020,"합계"]
["AAA28000070S",null,"조립식 간이흙막이 설치 및 해체","H=3.0m이하","m",3090,77912,13847,94849,"합계"]
["AAA28000080S",null,"조립식 간이흙막이 설치 및 해체","H=4.0m이하","m",6046,126666,27092,159804,"합계"]
["AAA28000090S",null,"조립식 간이흙막이 설치 및 해체","H=5.0m이하","m",9942,192956,44552,247450,"합계"]
["AAA28000100S",null,"조립식 간이흙막이 설치 및 해체","H=6.0m이하","m",14779,281066,66226,362071,"합계"]
["AAA28000110S",null,"비탈면 보양",null,"M2",0,5939,0,5939,"합계"]
["AAA31000010S",null,"강관비계 설치 및 해체","H=10m 이하 (재료비별도)","M2",346,17334,0,17680,"합계"]
["AAA31000020S",null,"강관비계 설치 및 해체","H=10m~20m 이하 (재료비별도)","M2",402,20139,0,20541,"합계"]
["AAA31000030S",null,"강관비계 설치 및 해체","H=20m~30m 이하 (재료비별도)","M2",458,22943,0,23401,"합계"]
["AAA31000040S",null,"시스템비계 설치 및 해체","H=10m 이하 (재료비별도)","M2",0,12874,0,12874,"합계"]
["AAA31000050S",null,"시스템비계 설치 및 해체","H=10m~20m 이하 (재료비별도)","M2",0,15679,0,15679,"합계"]
["AAA31000060S",null,"시스템비계 설치 및 해체","H=20m~30m 이하 (재료비별도)","M2",0,18483,0,18483,"합계"]
["AAA31000070S",null,"강관틀 비계 설치 및 해체","10m 이하","M2",0,7264,0,7264,"합계"]
["AAA31000080S",null,"강관틀 비계 설치 및 해체","10m 초과 ~ 20m 이하","M2",0,10069,0,10069,"합계"]
["AAA31000090S",null,"강관 조립말비계(이동식)설치 및 해체","높이=2.0m이하","대",0,93294,0,93294,"합계"]
["AAA31000100S",null,"강관 조립말비계(이동식)설치 및 해체","높이=4.0m이하","대",0,154724,0,154724,"합계"]
["AAA31000110S",null,"경사형 가설 계단 설치 및 해체","6m 이하","M2",1812,90626,0,92438,"합계"]
["AAA31000120S",null,"타워형 가설 계단 설치 및 해체",null,"M2",403,71024,1806,73233,"합계"]
["AAA31000130S",null,"비계용 브라켓 설치 및 해체","벽용","10개소당",0,221572,0,221572,"합계"]
["AAA31000140S",null,"비계용 브라켓 설치 및 해체","슬래브발코니, 난간용","10개소당",0,168283,0,168283,"합계"]
["AAA32200010S",null,"강관 동바리 설치 및 해체(건축, 기계설비)","3.5m 이하","M2",0,15404,0,15404,"합계"]
["AAA32200020S",null,"강관 동바리 설치 및 해체(건축, 기계설비)","3.5m 초과 ~ 4.2m 이하","M2",0,18154,0,18154,"합계"]
["AAA32200030S",null,"강관 동바리 수평연결재 설치 및 해제(1단) ","설치간격 0.6m 초과~ 0.8m 이하","M2",0,7154,0,7154,"합계"]
["AAA32300010S",null,"시스템 동바리 설치 및 해체(설치간격 0.6m~1.2m 이하)","H=10m 이하 (재료비별도)","10공M3",1412,198754,6945,207111,"합계"]
["AAA32300020S",null,"시스템 동바리 설치 및 해체(설치간격 0.6m~1.2m 이하)","H=10m~20 이하 (재료비별도)","10공M3",2077,235674,10213,247964,"합계"]
["AAA32300030S",null,"시스템 동바리 설치 및 해체(설치간격 0.6m~1.2m 이하)","H=20m~30 이하 (재료비별도)","10공M3",2673,299523,14360,316556,"합계"]
["AAA32300040S",null,"알루미늄 폼 동바리 설치 및 해체",null,"M2",0,9904,0,9904,"합계"]
["AAA33100100S",null,"잭서포트 설치 및 해체","5m이하","개",0,19809,0,19809,"합계"]
["AAB21500410S",null,"콘테이너형 가설건축물 설치 및 해체","3.0*3.0m","개소",13436,262148,60206,335790,"합계"]
["AAB21500420S",null,"콘테이너형 가설건축물 설치 및 해체","3.0*6.0m","개소",13436,346909,60206,420551,"합계"]
["AAB21500430S",null,"콘테이너형 가설건축물 해체","3.0*9.0m","개소",13436,411572,60206,485214,"합계"]
["AAB29000010S",null,"철제조립식 가설건축물 설치 및 해체","사무실","M2",3034,98487,5719,107240,"합계"]
["AAB29000020S",null,"철제조립식 가설건축물 설치 및 해체","창고","M2",2377,76865,4515,83757,"합계"]
["AAC21000010S",null,"철골세우기용 장비-타워크레인(8ton*50m)","가설","대",353394,11779824,0,12133218,"합계"]
["AAC21000020S",null,"철골세우기용 장비-타워크레인(8ton*50m)","해체정비","대",353394,11779824,0,12133218,"합계"]
["AAC21000030S",null,"철골세우기용 장비-타워크레인(8ton*50m)","수직이동(1회당)","회",50484,1682832,0,1733316,"합계"]
["AAC21100010S",null,"철골 세우기 - 크레인(타이어) 10ton","창고 소규모, 공장 대규모 건물 트러스 거더류","TON",3580,29688,16044,49312,"합계"]
["AAC21100020S",null,"철골 세우기 - 크레인(타이어) 15ton","창고 소규모, 공장 대규모 건물 트러스 거더류","TON",4428,29688,21775,55891,"합계"]
["AAC21100030S",null,"철골 세우기 - 크레인(타이어) 25ton","창고 소규모, 공장 대규모 건물 트러스 거더류","TON",5748,29688,30203,65639,"합계"]
["AAC21100040S",null,"철골 세우기 - 크레인(타이어) 20ton","창고 소규모, 공장 대규모 건물 트러스 거더류","TON",5088,29688,27335,62111,"합계"]
["AAC21100050S",null,"철골 세우기 - 크레인(타이어) 30ton","창고 소규모, 공장 대규모 건물 트러스 거더류","TON",7256,29688,29202,66146,"합계"]
["AAC21100060S",null,"철골 세우기 - 크레인(타이어) 35ton","창고 소규모, 공장 대규모 건물 트러스 거더류","TON",7256,29688,30604,67548,"합계"]
["AAC21100070S",null,"철골 세우기 - 크레인(타이어) 40ton","창고 소규모, 공장 대규모 건물 트러스 거더류","TON",9047,29688,34886,73621,"합계"]
["AAC21100080S",null,"철골 세우기 - 크레인(타이어) 45ton","창고 소규모, 공장 대규모 건물 트러스 거더류","TON",10644,29688,38308,78640,"합계"]
["AAC21100090S",null,"철골 세우기 - 크레인(타이어) 50ton","창고 소규모, 공장 대규모 건물 트러스 거더류","TON",10644,29688,46304,86636,"합계"]
["AAC21100100S",null,"철골 세우기 - 크레인(타이어) 60ton","창고 소규모, 공장 대규모 건물 트러스 거더류","TON",11282,29688,47224,88194,"합계"]
["AAC21100110S",null,"철골 세우기 - 크레인(타이어) 70ton","창고 소규모, 공장 대규모 건물 트러스 거더류","TON",13092,29688,55556,98336,"합계"]
["AAC21100120S",null,"철골 세우기 - 크레인(타이어) 80ton","창고 소규모, 공장 대규모 건물 트러스 거더류","TON",13092,29688,69541,112321,"합계"]
["AAC21100130S",null,"철골 세우기 - 크레인(타이어) 100ton","창고 소규모, 공장 대규모 건물 트러스 거더류","TON",16923,29688,82326,128937,"합계"]
["AAC21100140S",null,"철골 세우기 - 크레인(타이어) 130ton","창고 소규모, 공장 대규모 건물 트러스 거더류","TON",19560,29688,114006,163254,"합계"]
["AAC21100150S",null,"철골 세우기 - 크레인(타이어) 160ton","창고 소규모, 공장 대규모 건물 트러스 거더류","TON",21659,29688,152593,203940,"합계"]
["AAC21100160S",null,"철골 세우기 - 크레인(타이어) 200ton","창고 소규모, 공장 대규모 건물 트러스 거더류","TON",24311,29688,159539,213538,"합계"]
["AAC21100170S",null,"철골 세우기 - 크레인(타이어) 220ton","창고 소규모, 공장 대규모 건물 트러스 거더류","TON",24311,29688,197319,251318,"합계"]
["AAC21100180S",null,"철골 세우기 - 크레인(타이어) 250ton","창고 소규모, 공장 대규모 건물 트러스 거더류","TON",26522,29688,230205,286415,"합계"]
["AAC21101010S",null,"철골 세우기 - 크레인(타이어) 10ton","기둥, 크레인 거더","TON",2149,17824,9632,29605,"합계"]
["AAC21101020S",null,"철골 세우기 - 크레인(타이어) 15ton","기둥, 크레인 거더","TON",2658,17824,13073,33555,"합계"]
["AAC21101030S",null,"철골 세우기 - 크레인(타이어) 20ton","기둥, 크레인 거더","TON",3055,17824,16411,37290,"합계"]
["AAC21101040S",null,"철골 세우기 - 크레인(타이어) 25ton","기둥, 크레인 거더","TON",3451,17824,18133,39408,"합계"]
["AAC21101050S",null,"철골 세우기 - 크레인(타이어) 30ton","기둥, 크레인 거더","TON",4356,17824,17532,39712,"합계"]
["AAC21101060S",null,"철골 세우기 - 크레인(타이어) 35ton","기둥, 크레인 거더","TON",4356,17824,18374,40554,"합계"]
["AAC21101070S",null,"철골 세우기 - 크레인(타이어) 40ton","기둥, 크레인 거더","TON",5431,17824,20944,44199,"합계"]
["AAC21101080S",null,"철골 세우기 - 크레인(타이어) 45ton","기둥, 크레인 거더","TON",6390,17824,22999,47213,"합계"]
["AAC21101090S",null,"철골 세우기 - 크레인(타이어) 50ton","기둥, 크레인 거더","TON",6390,17824,27800,52014,"합계"]
["AAC21101100S",null,"철골 세우기 - 크레인(타이어) 60ton","기둥, 크레인 거더","TON",6773,17824,28352,52949,"합계"]
["AAC21101110S",null,"철골 세우기 - 크레인(타이어) 70ton","기둥, 크레인 거더","TON",7860,17824,33354,59038,"합계"]
["AAC21101120S",null,"철골 세우기 - 크레인(타이어) 80ton","기둥, 크레인 거더","TON",7860,17824,41750,67434,"합계"]
["AAC21101130S",null,"철골 세우기 - 크레인(타이어) 100ton","기둥, 크레인 거더","TON",10160,17824,49426,77410,"합계"]
["AAC21101140S",null,"철골 세우기 - 크레인(타이어) 130ton","기둥, 크레인 거더","TON",11743,17824,68446,98013,"합계"]
["AAC21101150S",null,"철골 세우기 - 크레인(타이어) 160ton","기둥, 크레인 거더","TON",13003,17824,91613,122440,"합계"]
["AAC21101160S",null,"철골 세우기 - 크레인(타이어) 200ton","기둥, 크레인 거더","TON",14596,17824,95783,128203,"합계"]
["AAC21101170S",null,"철골 세우기 - 크레인(타이어) 220ton","기둥, 크레인 거더","TON",14596,17824,118465,150885,"합계"]
["AAC21101180S",null,"철골 세우기 - 크레인(타이어) 250ton","기둥, 크레인 거더","TON",15923,17824,138209,171956,"합계"]
["AAC21102010S",null,"철골 세우기 - 크레인(타이어) 10ton","기타","TON",6718,55700,30103,92521,"합계"]
["AAC21102020S",null,"철골 세우기 - 크레인(타이어) 15ton","기타","TON",8309,55700,40854,104863,"합계"]
["AAC21102030S",null,"철골 세우기 - 크레인(타이어) 20ton","기타","TON",9547,55700,51286,116533,"합계"]
["AAC21102040S",null,"철골 세우기 - 크레인(타이어) 25ton","기타","TON",10785,55700,56667,123152,"합계"]
["AAC21102050S",null,"철골 세우기 - 크레인(타이어) 30ton","기타","TON",13614,55700,54789,124103,"합계"]
["AAC21102060S",null,"철골 세우기 - 크레인(타이어) 35ton","기타","TON",13614,55700,57419,126733,"합계"]
["AAC21102070S",null,"철골 세우기 - 크레인(타이어) 40ton","기타","TON",16974,55700,65453,138127,"합계"]
["AAC21102080S",null,"철골 세우기 - 크레인(타이어) 45ton","기타","TON",19970,55700,71874,147544,"합계"]
["AAC21102090S",null,"철골 세우기 - 크레인(타이어) 50ton","기타","TON",19970,55700,86876,162546,"합계"]
["AAC21102100S",null,"철골 세우기 - 크레인(타이어) 60ton","기타","TON",21168,55700,88601,165469,"합계"]
["AAC21102110S",null,"철골 세우기 - 크레인(타이어) 70ton","기타","TON",24563,55700,104234,184497,"합계"]
["AAC21102120S",null,"철골 세우기 - 크레인(타이어) 80ton","기타","TON",24563,55700,130471,210734,"합계"]
["AAC21102130S",null,"철골 세우기 - 크레인(타이어) 100ton","기타","TON",31752,55700,154459,241911,"합계"]
["AAC21102140S",null,"철골 세우기 - 크레인(타이어) 130ton","기타","TON",36698,55700,213896,306294,"합계"]
["AAC21102150S",null,"철골 세우기 - 크레인(타이어) 160ton","기타","TON",40637,55700,286292,382629,"합계"]
["AAC21102160S",null,"철골 세우기 - 크레인(타이어) 200ton","기타","TON",45613,55700,299323,400636,"합계"]
["AAC21102170S",null,"철골 세우기 - 크레인(타이어) 220ton","기타","TON",45613,55700,370205,471518,"합계"]
["AAC21102180S",null,"철골 세우기 - 크레인(타이어) 250ton","기타","TON",49760,55700,431906,537366,"합계"]
["AAC21103010S",null,"철골 세우기 - 타워크레인 50m*8ton","고층물","TON",0,29688,19376,49064,"합계"]
["AAC21103020S",null,"철골 세우기 - 타워크레인 50m*10ton","고층물","TON",0,29688,23631,53319,"합계"]
["AAC21103030S",null,"철골 세우기 - 타워크레인 50m*12ton","고층물","TON",0,29688,28048,57736,"합계"]
["AAC21103040S",null,"철골 세우기 - 타워크레인 50m*16ton","고층물","TON",0,29688,33847,63535,"합계"]
["AAC21103050S",null,"철골 세우기 - 타워크레인 50m*20ton","고층물","TON",0,29688,46975,76663,"합계"]
["AAC21104010S",null,"철골 세우기 - 트럭 탑재령 크레인 2ton","소규모 건물","TON",3540,37784,6561,47885,"합계"]
["AAC21104020S",null,"철골 세우기 - 트럭 탑재령 크레인 3ton","소규모 건물","TON",3784,37784,7289,48857,"합계"]
["AAC21104030S",null,"철골 세우기 - 트럭 탑재령 크레인 5ton","소규모 건물","TON",6227,37784,7995,52006,"합계"]
["AAC21104040S",null,"철골 세우기 - 트럭 탑재령 크레인 10ton","소규모 건물","TON",12576,37784,17394,67754,"합계"]
["AAC21104050S",null,"철골 세우기 - 트럭 탑재령 크레인 15ton","소규모 건물","TON",13432,37784,22500,73716,"합계"]
["AAC21104060S",null,"철골 세우기 - 트럭 탑재령 크레인 18ton","소규모 건물","TON",13798,37784,23589,75171,"합계"]
["AAC21105010S",null,"철골 세우기 - 굴삭기(무한궤도) 0.12m3","탑다운공법 지하 거더류","ton",3280,37096,5977,46353,"합계"]
["AAC21105020S",null,"철골 세우기 - 굴삭기(무한궤도) 0.2m3","탑다운공법 지하 거더류","ton",5124,37096,8685,50905,"합계"]
["AAC21105030S",null,"철골 세우기 - 굴삭기(무한궤도) 0.4m3","탑다운공법 지하 거더류","ton",10231,37096,10907,58234,"합계"]
["AAC21105040S",null,"철골 세우기 - 굴삭기(무한궤도) 0.6m3","탑다운공법 지하 거더류","ton",10541,37096,14623,62260,"합계"]
["AAC21105050S",null,"철골 세우기 - 굴삭기(무한궤도) 0.7m3","탑다운공법 지하 거더류","ton",11988,37096,15403,64487,"합계"]
["AAC21105060S",null,"철골 세우기 - 굴삭기(무한궤도) 0.8m3","탑다운공법 지하 거더류","ton",15812,37096,16954,69862,"합계"]
["AAC21105070S",null,"철골 세우기 - 굴삭기(무한궤도) 1.0m3","탑다운공법 지하 거더류","ton",20153,37096,18582,75831,"합계"]
["AAC21105080S",null,"철골 세우기 - 굴삭기(무한궤도) 1.2m3","탑다운공법 지하 거더류","ton",20877,37096,23664,81637,"합계"]
["AAC21105090S",null,"철골 세우기 - 굴삭기(무한궤도) 2.0m3","탑다운공법 지하 거더류","ton",33899,37096,40635,111630,"합계"]
["AAC30900020S",null,"건설용리프트 설치 및 해체",null,"대",50040,1130977,13273,1194290,"합계"]
["AAC30900030S",null,"마스트 설치 및 해체",null,"층",8072,269074,0,277146,"합계"]
["AAC30900040S",null,"축중계 설치 및 해체",null,"회",0,10925,0,10925,"합계"]
["AAC50000010S",null,"지능형 CCTV 설치 및 해체","지상 또는 건물 설치","개",2614,261490,0,264104,"합계"]
["AAC50000020S",null,"지능형 CCTV 설치 및 해체","타워크레인 설치","개",5877,587777,0,593654,"합계"]
["AAC50000030S",null,"지능형 출입관리 설치 및 해체",null,"개",11755,1175555,0,1187310,"합계"]
["AAD12000010S",null,"자동세륜기 설치 및 해체",null,"회",56902,1191944,177607,1426453,"합계"]
["AAD12000020S",null,"자동세륜기 설치",null,"회",24279,485432,78267,587978,"합계"]
["AAD12000030S",null,"자동세륜기 해체",null,"회",32623,706511,99339,838473,"합계"]
["AAD12000040S",null,"슬러지 제거",null,"회",17142,190659,13041,220842,"합계"]
["AAD12100010S",null,"비산먼지 발생 억제를 위한 살수","물탱크(살수차), 16,000L","100M2",170,377,145,692,"합계"]
["AAD16000010S",null,"건축물 현장정리","철근콘크리트조, 철골.철근CON조","연면적 ㎡",0,21520,0,21520,"합계"]
["AAD16000020S",null,"건축물 현장정리","목조, 철골조, 조적조","연면적 ㎡",0,8277,0,8277,"합계"]
["AAD16000060S",null,"준공청소",null,"연면적 ㎡",0,3310,0,3310,"합계"]
["AAD16000070S",null,"입주청소",null,"바닥면적 ㎡",0,4966,0,4966,"합계"]
["AAD20200010S",null,"건축물보양","부직포 깔기","보양면적 ㎡",0,496,0,496,"합계"]
["AAD20200030S",null,"건축물보양","보양지 붙이기","보양면적 ㎡",1095,1655,0,2750,"합계"]
["AAD20200050S",null,"건축물보양","목재 붙이기","보양면적 ㎡",4666,8041,0,12707,"합계"]
["AAD24000010S",null,"토공의 비탈 규준틀 설치 및 철거","- 재료비 별도 -","개소",0,66065,0,66065,"합계"]
["AAD24000030S",null,"도로용 목재 수평규준틀 설치 및 철거","- 재료비 별도 -","개소",0,87745,0,87745,"합계"]
["AAD24000040S",null,"도로용 철재 수평규준틀 설치 및 철거","5m이하(재료비 별도)","개소",0,57393,0,57393,"합계"]
["AAD24000050S",null,"도로용 철재 수평규준틀 설치 및 철거","10m이하(재료비 별도)","개소",0,68746,0,68746,"합계"]
["AAD24000060S",null,"평.귀규준틀 설치 및 철거","평규준틀","개소",7394,89872,0,97266,"합계"]
["AAD24000070S",null,"평.귀규준틀 설치 및 철거","귀규준틀","개소",11619,154912,0,166531,"합계"]
["ABB11100010S",null,"인력굴착(토사)","보통토사, 깊이 1m 이하","M3",0,33109,0,33109,"합계"]
["ABB11100020S",null,"인력굴착(토사)","경질토사, 깊이 1m 이하","M3",0,43041,0,43041,"합계"]
["ABB11100030S",null,"인력굴착(토사)","고사점토 및 자갈석인토사, 깊이 1m 이하","M3",0,52974,0,52974,"합계"]
["ABB11100040S",null,"인력굴착(토사)","호박돌 섞인 토사, 깊이 1m 이하","M3",0,94360,0,94360,"합계"]
["ABB11100050S",null,"인력굴착(암반)","풍화암","M3",5384,112547,1579,119510,"합계"]
["ABB11100060S",null,"인력굴착(암반)","연암","M3",8291,147662,2371,158324,"합계"]
["ABB11100070S",null,"인력굴착(암반)","보통암","M3",10551,203316,3103,216970,"합계"]
["ABB11100080S",null,"인력굴착(암반)","경암","M3",16934,330476,4992,352402,"합계"]
["ABB11100090S",null,"인력굴착(토사) - 현장내 잔토처리","소운반. 깔고 고르기","M3",0,33109,0,33109,"합계"]
["ABC34000010S",null,"절토면 고르기","모래, 사질토, 점토, 점질토","10M2",2744,16632,3852,23228,"합계"]
["ABC34000020S",null,"절토면 고르기","연질토, 불순자갈","10㎡",3842,26596,5392,35830,"합계"]
["ABC34000030S",null,"절토면 고르기","호박돌 섞인 고결토, 경질토","10M2",4391,29922,6163,40476,"합계"]
["ABC34000040S",null,"절토면 고르기","풍화암","10M2",8233,56518,11556,76307,"합계"]
["ABC34000050S",null,"절토면 고르기","연암","10M2",15002,90371,28297,133670,"합계"]
["ABC34000060S",null,"절토면 고르기","보통암, 경암","10M2",19576,119195,36924,175695,"합계"]
["ABD10400010S",null,"인력 흙 다지기","토사, 성토두께 15cm","M3",0,23176,0,23176,"합계"]
["ABD10400020S",null,"인력 흙 다지기","토사, 성토두께 15cm","100M2",0,354266,0,354266,"합계"]
["ABD10400030S",null,"인력 흙 다지기","토사, 성토두께 30cm","M3",0,18209,0,18209,"합계"]
["ABD10400040S",null,"인력 흙 다지기","토사, 성토두께 30cm","100M2",0,551264,0,551264,"합계"]
["ABD10400050S",null,"인력 흙 다지기","점토, 성토두께 15cm","M3",0,41386,0,41386,"합계"]
["ABD10400060S",null,"인력 흙 다지기","점토, 성토두께 15cm","100M2",0,629071,0,629071,"합계"]
["ABD10400070S",null,"인력 흙 다지기","점토, 성토두께 30cm","M3",0,31453,0,31453,"합계"]
["ABD10400080S",null,"인력 흙 다지기","점토, 성토두께 30cm","100M2",0,943606,0,943606,"합계"]
["ACA10000010S",null,"기초지정(모래지정)",null,"10㎥",5367,76837,7663,89867,"합계"]
["ACA20000010S",null,"기초지정(자갈지정)",null,"10㎥",7187,86420,9581,103188,"합계"]
["ACA30000010S",null,"기초지정(잡석지정)",null,"10㎥",8105,97659,10716,116480,"합계"]
["ACD25400010S",null,"말뚝두부정리(콘크리트)","ø400","본",2332,18909,821,22062,"합계"]
["ACD25400020S",null,"말뚝두부정리(콘크리트)","ø500","본",3243,26280,1160,30683,"합계"]
["ACD25400030S",null,"말뚝두부정리(콘크리트)","ø600","본",3770,30558,1330,35658,"합계"]
["ACD25400040S",null,"말뚝두부정리(콘크리트)","ø700","본",4241,34385,1486,40112,"합계"]
["ACD25400050S",null,"말뚝두부정리(콘크리트)","ø800","본",4767,38663,1656,45086,"합계"]
["ACD52000010S",null,"현장타설말뚝 장비조립 및 해체","외부 반출/반입","회",782962,6124734,2508552,9416248,"합계"]
["ACD52000020S",null,"현장타설말뚝 장비조립 및 해체","작업구간 이동","회",434978,3402630,1393640,5231248,"합계"]
["ACD52000030S",null,"현장타설말뚝 굴착 인력편성",null,"인/일",0,1084468,0,1084468,"합계"]
["ACD52000040S",null,"현장타설말뚝 말뚝조성 인력편성",null,"인/일",0,913185,0,913185,"합계"]
["ACE25000010S",null,"말뚝두부정리(강관)","ø400","본",1401,18999,599,20999,"합계"]
["ACE25000020S",null,"말뚝두부정리(강관)","ø500","본",1699,23226,678,25603,"합계"]
["ACE25000030S",null,"말뚝두부정리(강관)","ø600","본",2117,28987,912,32016,"합계"]
["ACE25000040S",null,"말뚝두부정리(강관)","ø700","본",2519,33549,1069,37137,"합계"]
["ACE25000050S",null,"말뚝두부정리(강관)","ø800","본",2915,38543,1225,42683,"합계"]
["ADA10100010S",null,"합판거푸집 - 자재비","5회","M2",12083,0,0,12083,"합계"]
["ADA10100020S",null,"합판거푸집 - 자재비","6회","M2",11391,0,0,11391,"합계"]
["ADA10100030S",null,"합판거푸집 - 인력투입","간단, 수직고 7m까지","M2",341,34119,0,34460,"합계"]
["ADA10100031S",null,"합판거푸집 - 인력투입",null,"일",17059,1705980,0,1723039,"합계"]
["ADA10100040S",null,"합판거푸집 설치 및 해체","간단 6회, 수직고 7m까지","M2",11732,34119,0,45851,"합계"]
["ADA10200010S",null,"합판거푸집 - 인력투입","간단, 수직고 7m 초과 10m까지","M2",375,37531,0,37906,"합계"]
["ADA10200020S",null,"합판거푸집 설치 및 해체","간단 6회, 수직고 7m 초과 10m까지","M2",11766,37531,0,49297,"합계"]
["ADA11000010S",null,"합판거푸집 - 인력투입","간단, 슬래브(경사도 20˚미만)","M2",409,40943,0,41352,"합계"]
["ADA11000020S",null,"합판거푸집 설치 및 해체","간단 6회, 슬래브(경사도 20˚미만)","M2",11800,40943,0,52743,"합계"]
["ADA20100010S",null,"합판거푸집 - 자재비","3회","M2",15015,0,0,15015,"합계"]
["ADA20100020S",null,"합판거푸집 - 자재비","4회","M2",12999,0,0,12999,"합계"]
["ADA20100030S",null,"합판거푸집 - 인력투입","복잡, 수직고 7m까지","M2",570,57012,0,57582,"합계"]
["ADA20100040S",null,"합판거푸집 - 인력투입","보통, 수직고 7m까지","M2",378,37806,0,38184,"합계"]
["ADA20100050S",null,"합판거푸집 설치 및 해체","복잡 3회, 수직고 7m까지","M2",15585,57012,0,72597,"합계"]
["ADA20100060S",null,"합판거푸집 설치 및 해체","보통 4회, 수직고 7m까지","M2",13377,37806,0,51183,"합계"]
["ADA20200010S",null,"합판거푸집 - 인력투입","복잡, 수직고 7m 초과 10m까지","M2",624,62405,0,63029,"합계"]
["ADA20200020S",null,"합판거푸집 - 인력투입","보통, 수직고 7m 초과 10m까지","M2",416,41659,0,42075,"합계"]
["ADA20200030S",null,"합판거푸집 설치 및 해체","복잡 3회, 수직고 7m 초과 10m까지","M2",15639,62405,0,78044,"합계"]
["ADA20200040S",null,"합판거푸집 설치 및 해체","보통 4회, 수직고 7m 초과 10m까지","M2",13415,41659,0,55074,"합계"]
["ADA21000010S",null,"합판거푸집 - 인력투입","복잡, 슬래브(경사도 20˚미만)","M2",685,68514,0,69199,"합계"]
["ADA21000020S",null,"합판거푸집 - 인력투입","보통, 슬래브(경사도 20˚미만)","M2",457,45786,0,46243,"합계"]
["ADA21000030S",null,"합판거푸집 설치 및 해체","복잡 3회, 슬래브(경사도 20˚미만)","M2",15700,68514,0,84214,"합계"]
["ADA21000040S",null,"합판거푸집 설치 및 해체","보통 4회, 슬래브(경사도 20˚미만)","M2",13456,45786,0,59242,"합계"]
["ADA30100010S",null,"합판거푸집 - 자재비","1회","M2",32640,0,0,32640,"합계"]
["ADA30100020S",null,"합판거푸집 - 자재비","2회","M2",18470,0,0,18470,"합계"]
["ADA30100030S",null,"합판거푸집 - 인력투입","제물치장 1회, 수직고 7m까지","M2",852,85299,0,86151,"합계"]
["ADA30100040S",null,"합판거푸집 - 인력투입","제물치장 2회, 수직고 7m까지","M2",852,85299,0,86151,"합계"]
["ADA30100050S",null,"합판거푸집 - 인력투입","매우복잡, 수직고 7m까지","M2",682,68239,0,68921,"합계"]
["ADA30100070S",null,"합판거푸집 설치 및 해체","제물치장 1회, 수직고 7m까지","M2",33492,85299,0,118791,"합계"]
["ADA30100080S",null,"합판거푸집 설치 및 해체","제물치장 2회, 수직고 7m까지","M2",19322,85299,0,104621,"합계"]
["ADA30100090S",null,"합판거푸집 설치 및 해체","매우복잡 2회, 수직고 7m까지","M2",19152,68239,0,87391,"합계"]
["ADA30200010S",null,"합판거푸집 - 인력투입","제물치장 1회, 수직고 7m 초과 10m까지","M2",938,93828,0,94766,"합계"]
["ADA30200020S",null,"합판거푸집 - 인력투입","제물치장 2회, 수직고 7m 초과 10m까지","M2",938,93828,0,94766,"합계"]
["ADA30200030S",null,"합판거푸집 - 인력투입","매우복잡, 수직고 7m 초과 10m까지","M2",750,75063,0,75813,"합계"]
["ADA30200050S",null,"합판거푸집 설치 및 해체","제물치장 1회, 수직고 7m 초과 10m까지","M2",33578,93828,0,127406,"합계"]
["ADA30200060S",null,"합판거푸집 설치 및 해체","제물치장 2회, 수직고 7m 초과 10m까지","M2",19408,93828,0,113236,"합계"]
["ADA30200070S",null,"합판거푸집 설치 및 해체","매우복잡 2회, 수직고 7m 초과 10m까지","M2",19220,75063,0,94283,"합계"]
["ADA31000010S",null,"합판거푸집 - 인력투입","제물치장 1회, 슬래브(경사도 20˚미만)","M2",1026,102633,0,103659,"합계"]
["ADA31000020S",null,"합판거푸집 - 인력투입","제물치장 2회, 슬래브(경사도 20˚미만)","M2",1026,102633,0,103659,"합계"]
["ADA31000030S",null,"합판거푸집 - 인력투입","매우복잡, 슬래브(경사도 20˚미만)","M2",821,82161,0,82982,"합계"]
["ADA31000050S",null,"합판거푸집 설치 및 해체","제물치장 1회, 슬래브(경사도 20˚미만)","M2",33666,102633,0,136299,"합계"]
["ADA31000060S",null,"합판거푸집 설치 및 해체","제물치장 2회, 슬래브(경사도 20˚미만)","M2",19496,102633,0,122129,"합계"]
["ADA31000070S",null,"합판거푸집 설치 및 해체","매우복잡 2회, 슬래브(경사도 20˚미만)","M2",19291,82161,0,101452,"합계"]
["ADA40100020S",null,"유로폼 - 인력투입","복잡, 수직고 7m까지","M2",1518,50618,0,52136,"합계"]
["ADA40100021S",null,"유로폼 - 인력투입",null,"일",37963,1265457,0,1303420,"합계"]
["ADA40100030S",null,"유로폼 - 인력투입","보통, 수직고 7m까지","M2",1084,36148,0,37232,"합계"]
["ADA40100040S",null,"유로폼 - 인력투입","간단, 수직고 7m까지","M2",949,31636,0,32585,"합계"]
["ADA40100050S",null,"유로폼 설치 및 해체","복잡, 수직고 7m까지","M2",6639,50618,0,57257,"합계"]
["ADA40100060S",null,"유로폼 설치 및 해체","보통, 수직고 7m까지","M2",5454,36148,0,41602,"합계"]
["ADA40100070S",null,"유로폼 설치 및 해체","간단, 수직고 7m까지","M2",4539,31636,0,36175,"합계"]
["ADA40100080S",null,"유로폼 - 자재비","간단","10M2",35907,0,0,35907,"합계"]
["ADA40100090S",null,"유로폼 - 자재비","보통","10M2",43701,0,0,43701,"합계"]
["ADA40100100S",null,"유로폼 - 자재비","복잡","10M2",51217,0,0,51217,"합계"]
["ADA40200010S",null,"유로폼 - 인력투입","복잡, 수직고 7m 초과 10m까지","M2",1670,55680,0,57350,"합계"]
["ADA40200020S",null,"유로폼 - 인력투입","보통, 수직고 7m 초과 10m까지","M2",1193,39779,0,40972,"합계"]
["ADA40200030S",null,"유로폼 - 인력투입","간단, 수직고 7m 초과 10m까지","M2",1041,34717,0,35758,"합계"]
["ADA40200040S",null,"유로폼 설치 및 해체","복잡, 수직고 7m 초과 10m까지","M2",6791,55680,0,62471,"합계"]
["ADA40200050S",null,"유로폼 설치 및 해체","보통, 수직고 7m 초과 10m까지","M2",5563,39779,0,45342,"합계"]
["ADA40200060S",null,"유로폼 설치 및 해체","간단, 수직고 7m 초과 10m까지","M2",4631,34717,0,39348,"합계"]
["ADA40400010S",null,"알루미늄폼 설치 및 해체","셋팅층","㎡",0,42034,0,42034,"합계"]
["ADA40400011S",null,"알루미늄폼 설치 및 해체",null,"일",0,1265457,0,1265457,"합계"]
["ADA40400020S",null,"알루미늄폼 설치 및 해체","마감층","㎡",0,31636,0,31636,"합계"]
["ADA40400030S",null,"알루미늄폼 설치 및 해체","일반층","㎡",0,17991,0,17991,"합계"]
["ADA46000010S",null,"갱폼 설치 및 해체","셋팅층","㎡",4764,49650,17375,71789,"합계","적용장비확인"]
["ADA46000011S",null,"갱폼 설치 및 해체",null,"일",30808,1540435,0,1571243,"합계"]
["ADA46000020S",null,"갱폼 설치 및 해체","마감층","㎡",616,30808,0,31424,"합계"]
["ADA46000030S",null,"갱폼 설치 및 해체","일반층","㎡",344,17219,0,17563,"합계"]
["ADB00000090S",null,"철근 현장가공","Type-Ⅰ","TON",18964,210711,0,229675,"합계"]
["ADB00000091S",null,"철근 현장가공",null,"일",85136,945956,0,1031092,"합계"]
["ADB00000100S",null,"철근 현장가공","Type-Ⅱ","TON",21284,236488,0,257772,"합계"]
["ADB00000120S",null,"철근 현장조립","건축 Type-Ⅰ","ton",21880,555512,0,577392,"합계"]
["ADB00000121S",null,"철근 현장조립","건축 Type-Ⅰ","일",75534,1891912,0,1967446,"합계"]
["ADB00000130S",null,"철근 현장조립","건축 Type-Ⅱ","ton",25879,631189,0,657068,"합계"]
["ADB00000131S",null,"철근 현장조립","건축 Type-Ⅱ","일",77606,1891912,0,1969518,"합계"]
["ADB00000150S",null,"철근 공장가공","Type-Ⅰ","TON",0,64797,38878,103675,"합계"]
["ADB00000160S",null,"철근 공장가공","Type-Ⅱ","TON",0,84662,50797,135459,"합계"]
["ADB00000180S",null,"철근 현장조립","건축 Type-Ⅰ(개소별 소량 0.5ton 미만)","ton",33043,1113626,0,1146669,"합계"]
["ADB00000190S",null,"철근 현장조립","건축 Type-Ⅱ(개소별 소량 0.5ton 미만)","ton",38470,1260722,0,1299192,"합계"]
["ADF00000010S",null,"레디믹스트콘크리트 타설(인력운반 타설)",null,"일",25609,1280484,0,1306093,"합계"]
["ADF00000020S",null,"레디믹스트콘크리트 타설(인력운반 타설)","무근구조물","㎥",1109,55487,0,56596,"합계"]
["ADF00000030S",null,"레디믹스트콘크리트 타설(인력운반 타설)","철근구조물","㎥",1280,64024,0,65304,"합계"]
["ADF00000040S",null,"레디믹스트콘크리트 타설(인력운반 타설)","개소별 소량 12㎥ 이하, 무근구조물","㎥",2228,111402,0,113630,"합계"]
["ADF00000050S",null,"레디믹스트콘크리트 타설(인력운반 타설)","개소별 소량 12㎥ 이하, 철근구조물","㎥",2560,128048,0,130608,"합계"]
["ADF00000060S",null,"레디믹스트콘크리트 타설(장비사용 타설)","굴삭기(무한궤도), 0.6m3","일",145611,1394994,175656,1716261,"합계"]
["ADF00000070S",null,"레디믹스트콘크리트 타설(장비사용 타설)","굴삭기(무한궤도), 0.7m3","일",162995,1394994,185024,1743013,"합계"]
["ADF00000080S",null,"레디믹스트콘크리트 타설(장비사용 타설)","굴삭기(무한궤도), 0.8m3","일",208931,1394994,203656,1807581,"합계"]
["ADF00000090S",null,"레디믹스트콘크리트 타설(장비사용 타설)","굴삭기(타이어), 0.6m3","일",165355,1394994,205440,1765789,"합계"]
["ADF00000100S",null,"레디믹스트콘크리트 타설(장비사용 타설)","굴삭기(타이어), 0.8m3","일",224659,1394994,239144,1858797,"합계"]
["ADF00000110S",null,"레디믹스트콘크리트 타설(장비사용 타설)","무근구조물, 굴삭기(무한궤도), 0.6m3","㎥",2313,22264,2788,27365,"합계"]
["ADF00000120S",null,"레디믹스트콘크리트 타설(장비사용 타설)","무근구조물, 굴삭기(무한궤도), 0.7m3","㎥",2589,22264,2937,27790,"합계"]
["ADF00000130S",null,"레디믹스트콘크리트 타설(장비사용 타설)","무근구조물, 굴삭기(무한궤도), 0.8m3","㎥",3568,22264,3796,29628,"합계"]
["ADF00000140S",null,"레디믹스트콘크리트 타설(장비사용 타설)","무근구조물, 굴삭기(타이어), 0.6m3","㎥",2627,22264,3261,28152,"합계"]
["ADF00000150S",null,"레디믹스트콘크리트 타설(장비사용 타설)","무근구조물, 굴삭기(타이어), 0.8m3","㎥",3568,22264,3796,29628,"합계"]
["ADF00000160S",null,"레디믹스트콘크리트 타설(장비사용 타설)","철근구조물, 굴삭기(무한궤도), 0.6m3","㎥",2642,25426,3183,31251,"합계"]
["ADF00000170S",null,"레디믹스트콘크리트 타설(장비사용 타설)","철근구조물, 굴삭기(무한궤도), 0.7m3","㎥",2957,25426,3353,31736,"합계"]
["ADF00000180S",null,"레디믹스트콘크리트 타설(장비사용 타설)","철근구조물, 굴삭기(무한궤도), 0.8m3","㎥",3789,25426,3691,32906,"합계"]
["ADF00000190S",null,"레디믹스트콘크리트 타설(장비사용 타설)","철근구조물, 굴삭기(타이어), 0.6m3","㎥",2999,25426,3723,32148,"합계"]
["ADF00000200S",null,"레디믹스트콘크리트 타설(장비사용 타설)","철근구조물, 굴삭기(타이어), 0.8m3","㎥",4074,25426,4334,33834,"합계"]
["ADF00000210S",null,"레디믹스트콘크리트 타설(장비사용 타설)","개소별 소량 12㎥ 이하, 무근구조물, 굴삭기(무한궤도), 0.6㎥","㎥",4622,44267,5577,54466,"합계"]
["ADF00000220S",null,"레디믹스트콘크리트 타설(장비사용 타설)","개소별 소량 12㎥ 이하, 무근구조물, 굴삭기(무한궤도), 0.7㎥","㎥",5174,44267,5874,55315,"합계"]
["ADF00000230S",null,"레디믹스트콘크리트 타설(장비사용 타설)","개소별 소량 12㎥ 이하, 무근구조물, 굴삭기(무한궤도), 0.8㎥","㎥",6633,44267,6466,57366,"합계"]
["ADF00000240S",null,"레디믹스트콘크리트 타설(장비사용 타설)","개소별 소량 12㎥ 이하, 무근구조물, 굴삭기(타이어), 0.6㎥","㎥",5249,44267,6522,56038,"합계"]
["ADF00000250S",null,"레디믹스트콘크리트 타설(장비사용 타설)","개소별 소량 12㎥ 이하, 무근구조물, 굴삭기(타이어), 0.8㎥","㎥",7132,44267,7592,58991,"합계"]
["ADF00000260S",null,"레디믹스트콘크리트 타설(장비사용 타설)","개소별 소량 12㎥ 이하, 철근구조물, 굴삭기(무한궤도), 0.6㎥","㎥",5926,50648,6730,63304,"합계"]
["ADF00000270S",null,"레디믹스트콘크리트 타설(장비사용 타설)","개소별 소량 12㎥ 이하, 철근구조물, 굴삭기(무한궤도), 0.7㎥","㎥",5926,50648,6730,63304,"합계"]
["ADF00000280S",null,"레디믹스트콘크리트 타설(장비사용 타설)","개소별 소량 12㎥ 이하, 철근구조물, 굴삭기(무한궤도), 0.8㎥","㎥",7597,50648,7407,65652,"합계"]
["ADF00000290S",null,"레디믹스트콘크리트 타설(장비사용 타설)","개소별 소량 12㎥ 이하, 철근구조물, 굴삭기(타이어), 0.6㎥","㎥",6012,50648,7472,64132,"합계"]
["ADF00000300S",null,"레디믹스트콘크리트 타설(장비사용 타설)","개소별 소량 12㎥ 이하, 철근구조물, 굴삭기(타이어), 0.8㎥","㎥",8170,50648,8698,67516,"합계"]
["ADF00000310S",null,"콘크리트 현장비빔타설(기계비빔타설)","무근구조물","㎥",0,115343,0,115343,"합계"]
["ADF00000320S",null,"콘크리트 현장비빔타설(기계비빔타설)","철근구조물","㎥",0,156988,0,156988,"합계"]
["ADF00000330S",null,"콘크리트 현장비빔타설(기계비빔타설)","소형구조물","㎥",0,218320,0,218320,"합계"]
["ADF00000340S",null,"콘크리트 현장비빔타설(인력비빔타설)","무근구조물","㎥",0,357837,0,357837,"합계"]
["ADF00000350S",null,"콘크리트 현장비빔타설(인력비빔타설)","철근구조물","㎥",0,391205,0,391205,"합계"]
["ADF00000360S",null,"콘크리트 현장비빔타설(인력비빔타설)","소형구조물","㎥",0,562196,0,562196,"합계"]
["ADF10200010S",null,"무근콘크리트 펌프차 타설","8~12cm, Type-Ⅰ(매트기초), Type-Ⅰ(병렬타설)","M3",1402,8350,2491,12243,"합계"]
["ADF10200020S",null,"무근콘크리트 펌프차 타설","8~12cm, Type-Ⅰ(매트기초), Type-Ⅱ(순차타설)","M3",1685,10028,2995,14708,"합계"]
["ADF10200030S",null,"무근콘크리트 펌프차 타설","8~12cm, Type-Ⅰ(매트기초), Type-Ⅲ(연속타설어려움)","M3",2103,12517,3737,18357,"합계"]
["ADF10200040S",null,"무근콘크리트 펌프차 타설","8~12cm, Type-Ⅱ(벽,기둥,보,슬라브), Type-Ⅰ(병렬타설)","M3",1964,11675,3492,17131,"합계"]
["ADF10200050S",null,"무근콘크리트 펌프차 타설","8~12cm, Type-Ⅱ(벽,기둥,보,슬라브), Type-Ⅱ(순차타설)","M3",2357,14034,4186,20577,"합계"]
["ADF10200060S",null,"무근콘크리트 펌프차 타설","8~12cm, Type-Ⅱ(벽,기둥,보,슬라브), Type-Ⅲ(연속타설어려움))","M3",2945,17510,5234,25689,"합계"]
["ADF10200070S",null,"무근콘크리트 펌프차 타설","8~12cm, Type-Ⅲ(옹벽,줄기초 등), Type-Ⅰ(병렬타설)","M3",2455,14592,4363,21410,"합계"]
["ADF10200080S",null,"무근콘크리트 펌프차 타설","8~12cm, Type-Ⅲ(옹벽,줄기초 등), Type-Ⅱ(순차타설)","M3",2945,17510,5234,25689,"합계"]
["ADF10200090S",null,"무근콘크리트 펌프차 타설","8~12cm, Type-Ⅲ(옹벽,줄기초 등), Type-Ⅲ(연속타설어려움)","M3",3685,21918,6548,32151,"합계"]
["ADF10200100S",null,"무근콘크리트 펌프차 타설","8~12cm, Type-Ⅳ(비탈면 등), Type-Ⅰ(병렬타설)","M3",6548,38957,11633,57138,"합계"]
["ADF10200110S",null,"무근콘크리트 펌프차 타설","8~12cm, Type-Ⅳ(비탈면 등), Type-Ⅱ(순차타설)","M3",7858,46744,13961,68563,"합계"]
["ADF10200120S",null,"무근콘크리트 펌프차 타설","8~12cm, Type-Ⅳ(비탈면 등), Type-Ⅲ(연속타설어려움)","M3",9825,58462,17453,85740,"합계"]
["ADF10200130S",null,"무근콘크리트 펌프차 타설","15cm, Type-Ⅰ(매트기초), Type-Ⅰ(병렬타설)","M3",1351,8028,2402,11781,"합계"]
["ADF10200140S",null,"무근콘크리트 펌프차 타설","15cm, Type-Ⅰ(매트기초), Type-Ⅱ(순차타설)","M3",1621,9658,2879,14158,"합계"]
["ADF10200150S",null,"무근콘크리트 펌프차 타설","15cm, Type-Ⅰ(매트기초), Type-Ⅲ(연속타설어려움)","M3",2026,12040,3600,17666,"합계"]
["ADF10200160S",null,"무근콘크리트 펌프차 타설","15cm, Type-Ⅱ(벽,기둥,보,슬라브), Type-Ⅰ(병렬타설)","M3",1892,11246,3362,16500,"합계"]
["ADF10200170S",null,"무근콘크리트 펌프차 타설","15cm, Type-Ⅱ(벽,기둥,보,슬라브), Type-Ⅱ(순차타설)","M3",2271,13498,4036,19805,"합계"]
["ADF10200180S",null,"무근콘크리트 펌프차 타설","15cm, Type-Ⅱ(벽,기둥,보,슬라브), Type-Ⅲ(연속타설어려움))","M3",2839,16893,5044,24776,"합계"]
["ADF10200190S",null,"무근콘크리트 펌프차 타설","15cm, Type-Ⅲ(옹벽,줄기초 등), Type-Ⅰ(병렬타설)","M3",2363,14045,4199,20607,"합계"]
["ADF10200200S",null,"무근콘크리트 펌프차 타설","15cm, Type-Ⅲ(옹벽,줄기초 등), Type-Ⅱ(순차타설)","M3",2839,16893,5044,24776,"합계"]
["ADF10200210S",null,"무근콘크리트 펌프차 타설","15cm, Type-Ⅲ(옹벽,줄기초 등), Type-Ⅲ(연속타설어려움)","M3",3547,21093,6303,30943,"합계"]
["ADF10200220S",null,"무근콘크리트 펌프차 타설","15cm, Type-Ⅳ(비탈면 등), Type-Ⅰ(병렬타설)","M3",6307,37525,11204,55036,"합계"]
["ADF10200230S",null,"무근콘크리트 펌프차 타설","15cm, Type-Ⅳ(비탈면 등), Type-Ⅱ(순차타설)","M3",7568,45033,13444,66045,"합계"]
["ADF10200240S",null,"무근콘크리트 펌프차 타설","15cm, Type-Ⅳ(비탈면 등), Type-Ⅲ(연속타설어려움)","M3",9460,56279,16806,82545,"합계"]
["ADF10200250S",null,"무근콘크리트 펌프차 타설","18cm이상, Type-Ⅰ(매트기초), Type-Ⅰ(병렬타설)","M3",1256,7475,2232,10963,"합계"]
["ADF10200260S",null,"무근콘크리트 펌프차 타설","18cm이상, Type-Ⅰ(매트기초), Type-Ⅱ(순차타설)","M3",1510,8993,2681,13184,"합계"]
["ADF10200270S",null,"무근콘크리트 펌프차 타설","18cm이상, Type-Ⅰ(매트기초), Type-Ⅲ(연속타설어려움)","M3",1889,11240,3355,16484,"합계"]
["ADF10200280S",null,"무근콘크리트 펌프차 타설","18cm이상, Type-Ⅱ(벽,기둥,보,슬라브), Type-Ⅰ(병렬타설)","M3",1761,10463,3131,15355,"합계"]
["ADF10200290S",null,"무근콘크리트 펌프차 타설","18cm이상, Type-Ⅱ(벽,기둥,보,슬라브), Type-Ⅱ(순차타설)","M3",2115,12581,3757,18453,"합계"]
["ADF10200300S",null,"무근콘크리트 펌프차 타설","18cm이상, Type-Ⅱ(벽,기둥,보,슬라브), Type-Ⅲ(연속타설어려움))","M3",2643,15718,4696,23057,"합계"]
["ADF10200310S",null,"무근콘크리트 펌프차 타설","18cm이상, Type-Ⅲ(옹벽,줄기초 등), Type-Ⅰ(병렬타설)","M3",2204,13123,3914,19241,"합계"]
["ADF10200320S",null,"무근콘크리트 펌프차 타설","18cm이상, Type-Ⅲ(옹벽,줄기초 등), Type-Ⅱ(순차타설)","M3",2643,15718,4696,23057,"합계"]
["ADF10200330S",null,"무근콘크리트 펌프차 타설","18cm이상, Type-Ⅲ(옹벽,줄기초 등), Type-Ⅲ(연속타설어려움)","M3",3303,19655,5867,28825,"합계"]
["ADF10200340S",null,"무근콘크리트 펌프차 타설","18cm이상, Type-Ⅳ(비탈면 등), Type-Ⅰ(병렬타설)","M3",5874,34945,10435,51254,"합계"]
["ADF10200350S",null,"무근콘크리트 펌프차 타설","18cm이상, Type-Ⅳ(비탈면 등), Type-Ⅱ(순차타설)","M3",7047,41933,12518,61498,"합계"]
["ADF10200360S",null,"무근콘크리트 펌프차 타설","18cm이상, Type-Ⅳ(비탈면 등), Type-Ⅲ(연속타설어려움)","M3",8809,52396,15649,76854,"합계"]
["ADF10200370S",null,"무근콘크리트 펌프차 타설(진동기 미사용)","8~12cm, Type-Ⅰ(매트기초), Type-Ⅰ(병렬타설)","M3",1294,6189,2491,9974,"합계"]
["ADF10200380S",null,"무근콘크리트 펌프차 타설(진동기 미사용)","8~12cm, Type-Ⅰ(매트기초), Type-Ⅱ(순차타설)","M3",1555,7413,2995,11963,"합계"]
["ADF10200390S",null,"무근콘크리트 펌프차 타설(진동기 미사용)","8~12cm, Type-Ⅰ(매트기초), Type-Ⅲ(연속타설어려움)","M3",1940,9257,3737,14934,"합계"]
["ADF10200400S",null,"무근콘크리트 펌프차 타설(진동기 미사용)","8~12cm, Type-Ⅱ(벽,기둥,보,슬라브), Type-Ⅰ(병렬타설)","M3",1812,8632,3492,13936,"합계"]
["ADF10200410S",null,"무근콘크리트 펌프차 타설(진동기 미사용)","8~12cm, Type-Ⅱ(벽,기둥,보,슬라브), Type-Ⅱ(순차타설)","M3",2174,10373,4186,16733,"합계"]
["ADF10200420S",null,"무근콘크리트 펌프차 타설(진동기 미사용)","8~12cm, Type-Ⅱ(벽,기둥,보,슬라브), Type-Ⅲ(연속타설어려움))","M3",2717,12945,5234,20896,"합계"]
["ADF10200430S",null,"무근콘크리트 펌프차 타설(진동기 미사용)","8~12cm, Type-Ⅲ(옹벽,줄기초 등), Type-Ⅰ(병렬타설)","M3",2265,10788,4363,17416,"합계"]
["ADF10200440S",null,"무근콘크리트 펌프차 타설(진동기 미사용)","8~12cm, Type-Ⅲ(옹벽,줄기초 등), Type-Ⅱ(순차타설)","M3",2717,12945,5234,20896,"합계"]
["ADF10200450S",null,"무근콘크리트 펌프차 타설(진동기 미사용)","8~12cm, Type-Ⅲ(옹벽,줄기초 등), Type-Ⅲ(연속타설어려움)","M3",3399,16186,6548,26133,"합계"]
["ADF10200460S",null,"무근콘크리트 펌프차 타설(진동기 미사용)","8~12cm, Type-Ⅳ(비탈면 등), Type-Ⅰ(병렬타설)","M3",6041,28802,11633,46476,"합계"]
["ADF10200470S",null,"무근콘크리트 펌프차 타설(진동기 미사용)","8~12cm, Type-Ⅳ(비탈면 등), Type-Ⅱ(순차타설)","M3",7249,34549,13961,55759,"합계"]
["ADF10200480S",null,"무근콘크리트 펌프차 타설(진동기 미사용)","8~12cm, Type-Ⅳ(비탈면 등), Type-Ⅲ(연속타설어려움)","M3",9063,43220,17453,69736,"합계"]
["ADF10200490S",null,"무근콘크리트 펌프차 타설(진동기 미사용)","15cm, Type-Ⅰ(매트기초), Type-Ⅰ(병렬타설)","M3",1247,5936,2402,9585,"합계"]
["ADF10200500S",null,"무근콘크리트 펌프차 타설(진동기 미사용)","15cm, Type-Ⅰ(매트기초), Type-Ⅱ(순차타설)","M3",1498,7202,2879,11579,"합계"]
["ADF10200510S",null,"무근콘크리트 펌프차 타설(진동기 미사용)","15cm, Type-Ⅰ(매트기초), Type-Ⅲ(연속타설어려움)","M3",1869,8901,3600,14370,"합계"]
["ADF20200010S",null,"철근콘크리트 펌프차 타설","8~12cm, Type-Ⅰ(매트기초), Type-Ⅰ(병렬타설)","M3",1521,9916,2593,14030,"합계"]
["ADF20200020S",null,"철근콘크리트 펌프차 타설","8~12cm, Type-Ⅰ(매트기초), Type-Ⅱ(순차타설)","M3",1826,11914,3110,16850,"합계"]
["ADF20200030S",null,"철근콘크리트 펌프차 타설","8~12cm, Type-Ⅰ(매트기초), Type-Ⅲ(연속타설어려움)","M3",2281,14891,3886,21058,"합계"]
["ADF20200040S",null,"철근콘크리트 펌프차 타설","8~12cm, Type-Ⅱ(벽,기둥,보,슬라브), Type-Ⅰ(병렬타설)","M3",2130,13903,3628,19661,"합계"]
["ADF20200050S",null,"철근콘크리트 펌프차 타설","8~12cm, Type-Ⅱ(벽,기둥,보,슬라브), Type-Ⅱ(순차타설)","M3",2556,16677,4356,23589,"합계"]
["ADF20200060S",null,"철근콘크리트 펌프차 타설","8~12cm, Type-Ⅱ(벽,기둥,보,슬라브), Type-Ⅲ(연속타설어려움))","M3",3196,20847,5445,29488,"합계"]
["ADF20200070S",null,"철근콘크리트 펌프차 타설","8~12cm, Type-Ⅲ(옹벽,줄기초 등), Type-Ⅰ(병렬타설)","M3",2664,17367,4540,24571,"합계"]
["ADF20200080S",null,"철근콘크리트 펌프차 타설","8~12cm, Type-Ⅲ(옹벽,줄기초 등), Type-Ⅱ(순차타설)","M3",3196,20847,5445,29488,"합계"]
["ADF20200090S",null,"철근콘크리트 펌프차 타설","8~12cm, Type-Ⅲ(옹벽,줄기초 등), Type-Ⅲ(연속타설어려움)","M3",3995,26058,6807,36860,"합계"]
["ADF20200100S",null,"철근콘크리트 펌프차 타설","8~12cm, Type-Ⅳ(비탈면 등), Type-Ⅰ(병렬타설)","M3",7102,46317,12103,65522,"합계"]
["ADF20200110S",null,"철근콘크리트 펌프차 타설","8~12cm, Type-Ⅳ(비탈면 등), Type-Ⅱ(순차타설)","M3",8522,55597,14519,78638,"합계"]
["ADF20200120S",null,"철근콘크리트 펌프차 타설","8~12cm, Type-Ⅳ(비탈면 등), Type-Ⅲ(연속타설어려움)","M3",10654,69485,18154,98293,"합계"]
["ADF20200130S",null,"철근콘크리트 펌프차 타설","15cm, Type-Ⅰ(매트기초), Type-Ⅰ(병렬타설)","M3",1462,9552,2491,13505,"합계"]
["ADF20200140S",null,"철근콘크리트 펌프차 타설","15cm, Type-Ⅰ(매트기초), Type-Ⅱ(순차타설)","M3",1757,11465,2995,16217,"합계"]
["ADF20200150S",null,"철근콘크리트 펌프차 타설","15cm, Type-Ⅰ(매트기초), Type-Ⅲ(연속타설어려움)","M3",2194,14320,3737,20251,"합계"]
["ADF20200160S",null,"철근콘크리트 펌프차 타설","15cm, Type-Ⅱ(벽,기둥,보,슬라브), Type-Ⅰ(병렬타설)","M3",2048,13347,3492,18887,"합계"]
["ADF20200170S",null,"철근콘크리트 펌프차 타설","15cm, Type-Ⅱ(벽,기둥,보,슬라브), Type-Ⅱ(순차타설)","M3",2457,16046,4186,22689,"합계"]
["ADF20200180S",null,"철근콘크리트 펌프차 타설","15cm, Type-Ⅱ(벽,기둥,보,슬라브), Type-Ⅲ(연속타설어려움))","M3",3072,20044,5234,28350,"합계"]
["ADF20200190S",null,"철근콘크리트 펌프차 타설","15cm, Type-Ⅲ(옹벽,줄기초 등), Type-Ⅰ(병렬타설)","M3",2561,16709,4363,23633,"합계"]
["ADF20200200S",null,"철근콘크리트 펌프차 타설","15cm, Type-Ⅲ(옹벽,줄기초 등), Type-Ⅱ(순차타설)","M3",3072,20044,5234,28350,"합계"]
["ADF20200210S",null,"철근콘크리트 펌프차 타설","15cm, Type-Ⅲ(옹벽,줄기초 등), Type-Ⅲ(연속타설어려움)","M3",3842,25053,6548,35443,"합계"]
["ADF20200220S",null,"철근콘크리트 펌프차 타설","15cm, Type-Ⅳ(비탈면 등), Type-Ⅰ(병렬타설)","M3",6828,44548,11633,63009,"합계"]
["ADF20200230S",null,"철근콘크리트 펌프차 타설","15cm, Type-Ⅳ(비탈면 등), Type-Ⅱ(순차타설)","M3",8194,53459,13961,75614,"합계"]
["ADF20200240S",null,"철근콘크리트 펌프차 타설","15cm, Type-Ⅳ(비탈면 등), Type-Ⅲ(연속타설어려움)","M3",10243,66823,17453,94519,"합계"]
["ADF20200250S",null,"철근콘크리트 펌프차 타설","18cm이상, Type-Ⅰ(매트기초), Type-Ⅰ(병렬타설)","M3",1358,8868,2314,12540,"합계"]
["ADF20200260S",null,"철근콘크리트 펌프차 타설","18cm이상, Type-Ⅰ(매트기초), Type-Ⅱ(순차타설)","M3",1629,10631,2777,15037,"합계"]
["ADF20200270S",null,"철근콘크리트 펌프차 타설","18cm이상, Type-Ⅰ(매트기초), Type-Ⅲ(연속타설어려움)","M3",2038,13304,3471,18813,"합계"]
["ADF20200280S",null,"철근콘크리트 펌프차 타설","18cm이상, Type-Ⅱ(벽,기둥,보,슬라브), Type-Ⅰ(병렬타설)","M3",1902,12412,3240,17554,"합계"]
["ADF20200290S",null,"철근콘크리트 펌프차 타설","18cm이상, Type-Ⅱ(벽,기둥,보,슬라브), Type-Ⅱ(순차타설)","M3",2281,14891,3886,21058,"합계"]
["ADF20200300S",null,"철근콘크리트 펌프차 타설","18cm이상, Type-Ⅱ(벽,기둥,보,슬라브), Type-Ⅲ(연속타설어려움))","M3",2852,18612,4860,26324,"합계"]
["ADF20200310S",null,"철근콘크리트 펌프차 타설","18cm이상, Type-Ⅲ(옹벽,줄기초 등), Type-Ⅰ(병렬타설)","M3",2377,15517,4050,21944,"합계"]
["ADF20200320S",null,"철근콘크리트 펌프차 타설","18cm이상, Type-Ⅲ(옹벽,줄기초 등), Type-Ⅱ(순차타설)","M3",2852,18612,4860,26324,"합계"]
["ADF20200330S",null,"철근콘크리트 펌프차 타설","18cm이상, Type-Ⅲ(옹벽,줄기초 등), Type-Ⅲ(연속타설어려움)","M3",3567,23258,6078,32903,"합계"]
["ADF20200340S",null,"철근콘크리트 펌프차 타설","18cm이상, Type-Ⅳ(비탈면 등), Type-Ⅰ(병렬타설)","M3",6340,41367,10802,58509,"합계"]
["ADF20200350S",null,"철근콘크리트 펌프차 타설","18cm이상, Type-Ⅳ(비탈면 등), Type-Ⅱ(순차타설)","M3",7609,49621,12967,70197,"합계"]
["ADF20200360S",null,"철근콘크리트 펌프차 타설","18cm이상, Type-Ⅳ(비탈면 등), Type-Ⅲ(연속타설어려움)","M3",9511,62034,16207,87752,"합계"]
["ADF20200370S",null,"철근콘크리트 펌프차 타설(배관타설)","8~12cm, Type-Ⅰ(매트기초), Type-Ⅰ(병렬타설)","M3",1573,10950,2593,15116,"합계"]
["ADF20200380S",null,"철근콘크리트 펌프차 타설(배관타설)","8~12cm, Type-Ⅰ(매트기초), Type-Ⅱ(순차타설)","M3",1887,13135,3110,18132,"합계"]
["ADF20200390S",null,"철근콘크리트 펌프차 타설(배관타설)","8~12cm, Type-Ⅰ(매트기초), Type-Ⅲ(연속타설어려움)","M3",2357,16412,3886,22655,"합계"]
["ADF20200400S",null,"철근콘크리트 펌프차 타설(배관타설)","8~12cm, Type-Ⅱ(벽,기둥,보,슬라브), Type-Ⅰ(병렬타설)","M3",2201,15338,3628,21167,"합계"]
["ADF20200410S",null,"철근콘크리트 펌프차 타설(배관타설)","8~12cm, Type-Ⅱ(벽,기둥,보,슬라브), Type-Ⅱ(순차타설)","M3",2642,18391,4356,25389,"합계"]
["ADF20200420S",null,"철근콘크리트 펌프차 타설(배관타설)","8~12cm, Type-Ⅱ(벽,기둥,보,슬라브), Type-Ⅲ(연속타설어려움))","M3",3303,22989,5445,31737,"합계"]
["ADF20200430S",null,"철근콘크리트 펌프차 타설(배관타설)","8~12cm, Type-Ⅲ(옹벽,줄기초 등), Type-Ⅰ(병렬타설)","M3",2752,19145,4540,26437,"합계"]
["ADF20200440S",null,"철근콘크리트 펌프차 타설(배관타설)","8~12cm, Type-Ⅲ(옹벽,줄기초 등), Type-Ⅱ(순차타설)","M3",3303,22989,5445,31737,"합계"]
["ADF20200450S",null,"철근콘크리트 펌프차 타설(배관타설)","8~12cm, Type-Ⅲ(옹벽,줄기초 등), Type-Ⅲ(연속타설어려움)","M3",4129,28736,6807,39672,"합계"]
["ADF20200460S",null,"철근콘크리트 펌프차 타설(배관타설)","8~12cm, Type-Ⅳ(비탈면 등), Type-Ⅰ(병렬타설)","M3",7341,51095,12103,70539,"합계"]
["ADF20200470S",null,"철근콘크리트 펌프차 타설(배관타설)","8~12cm, Type-Ⅳ(비탈면 등), Type-Ⅱ(순차타설)","M3",8808,61317,14519,84644,"합계"]
["ADF20200480S",null,"철근콘크리트 펌프차 타설(배관타설)","8~12cm, Type-Ⅳ(비탈면 등), Type-Ⅲ(연속타설어려움)","M3",11010,76618,18154,105782,"합계"]
["ADF20200490S",null,"철근콘크리트 펌프차 타설(배관타설)","15cm, Type-Ⅰ(매트기초), Type-Ⅰ(병렬타설)","M3",1511,10516,2491,14518,"합계"]
["ADF20200500S",null,"철근콘크리트 펌프차 타설(배관타설)","15cm, Type-Ⅰ(매트기초), Type-Ⅱ(순차타설)","M3",1816,12644,2995,17455,"합계"]
["ADF20200510S",null,"철근콘크리트 펌프차 타설(배관타설)","15cm, Type-Ⅰ(매트기초), Type-Ⅲ(연속타설어려움)","M3",2267,15798,3737,21802,"합계"]
["ADF20200520S",null,"철근콘크리트 펌프차 타설(배관타설)","15cm, Type-Ⅱ(벽,기둥,보,슬라브), Type-Ⅰ(병렬타설)","M3",2116,14718,3492,20326,"합계"]
["ADF20200530S",null,"철근콘크리트 펌프차 타설(배관타설)","15cm, Type-Ⅱ(벽,기둥,보,슬라브), Type-Ⅱ(순차타설)","M3",2540,17696,4186,24422,"합계"]
["ADF20200540S",null,"철근콘크리트 펌프차 타설(배관타설)","15cm, Type-Ⅱ(벽,기둥,보,슬라브), Type-Ⅲ(연속타설어려움))","M3",3175,22101,5234,30510,"합계"]
["ADF20200550S",null,"철근콘크리트 펌프차 타설(배관타설)","15cm, Type-Ⅲ(옹벽,줄기초 등), Type-Ⅰ(병렬타설)","M3",2646,18423,4363,25432,"합계"]
["ADF20200560S",null,"철근콘크리트 펌프차 타설(배관타설)","15cm, Type-Ⅲ(옹벽,줄기초 등), Type-Ⅱ(순차타설)","M3",3175,22101,5234,30510,"합계"]
["ADF20200570S",null,"철근콘크리트 펌프차 타설(배관타설)","15cm, Type-Ⅲ(옹벽,줄기초 등), Type-Ⅲ(연속타설어려움)","M3",3972,27645,6548,38165,"합계"]
["ADF20200580S",null,"철근콘크리트 펌프차 타설(배관타설)","15cm, Type-Ⅳ(비탈면 등), Type-Ⅰ(병렬타설)","M3",7057,49132,11633,67822,"합계"]
["ADF20200590S",null,"철근콘크리트 펌프차 타설(배관타설)","15cm, Type-Ⅳ(비탈면 등), Type-Ⅱ(순차타설)","M3",8468,58943,13961,81372,"합계"]
["ADF20200600S",null,"철근콘크리트 펌프차 타설(배관타설)","15cm, Type-Ⅳ(비탈면 등), Type-Ⅲ(연속타설어려움)","M3",10587,73699,17453,101739,"합계"]
["ADF20200610S",null,"철근콘크리트 펌프차 타설(배관타설)","18cm이상, Type-Ⅰ(매트기초), Type-Ⅰ(병렬타설)","M3",1404,9789,2314,13507,"합계"]
["ADF20200620S",null,"철근콘크리트 펌프차 타설(배관타설)","18cm이상, Type-Ⅰ(매트기초), Type-Ⅱ(순차타설)","M3",1684,11724,2777,16185,"합계"]
["ADF20200630S",null,"철근콘크리트 펌프차 타설(배관타설)","18cm이상, Type-Ⅰ(매트기초), Type-Ⅲ(연속타설어려움)","M3",2105,14654,3471,20230,"합계"]
["ADF20200640S",null,"철근콘크리트 펌프차 타설(배관타설)","18cm이상, Type-Ⅱ(벽,기둥,보,슬라브), Type-Ⅰ(병렬타설)","M3",1966,13697,3240,18903,"합계"]
["ADF20200650S",null,"철근콘크리트 펌프차 타설(배관타설)","18cm이상, Type-Ⅱ(벽,기둥,보,슬라브), Type-Ⅱ(순차타설)","M3",2357,16412,3886,22655,"합계"]
["ADF20200660S",null,"철근콘크리트 펌프차 타설(배관타설)","18cm이상, Type-Ⅱ(벽,기둥,보,슬라브), Type-Ⅲ(연속타설어려움))","M3",2948,20519,4860,28327,"합계"]
["ADF20200670S",null,"철근콘크리트 펌프차 타설(배관타설)","18cm이상, Type-Ⅲ(옹벽,줄기초 등), Type-Ⅰ(병렬타설)","M3",2456,17102,4050,23608,"합계"]
["ADF20200680S",null,"철근콘크리트 펌프차 타설(배관타설)","18cm이상, Type-Ⅲ(옹벽,줄기초 등), Type-Ⅱ(순차타설)","M3",2948,20519,4860,28327,"합계"]
["ADF20200690S",null,"철근콘크리트 펌프차 타설(배관타설)","18cm이상, Type-Ⅲ(옹벽,줄기초 등), Type-Ⅲ(연속타설어려움)","M3",3686,25657,6078,35421,"합계"]
["ADF20200700S",null,"철근콘크리트 펌프차 타설(배관타설)","18cm이상, Type-Ⅳ(비탈면 등), Type-Ⅰ(병렬타설)","M3",6552,45609,10802,62963,"합계"]
["ADF20200710S",null,"철근콘크리트 펌프차 타설(배관타설)","18cm이상, Type-Ⅳ(비탈면 등), Type-Ⅱ(순차타설)","M3",7864,54720,12967,75551,"합계"]
["ADF20200720S",null,"철근콘크리트 펌프차 타설(배관타설)","18cm이상, Type-Ⅳ(비탈면 등), Type-Ⅲ(연속타설어려움)","M3",9830,68417,16207,94454,"합계"]
["ADF20200730S",null,"철근콘크리트 펌프차 타설(이동및재세팅1회)","8~12cm, Type-Ⅰ(매트기초), Type-Ⅰ(병렬타설)","M3",1602,10455,2729,14786,"합계"]
["ADF20200740S",null,"철근콘크리트 펌프차 타설(이동및재세팅1회)","8~12cm, Type-Ⅰ(매트기초), Type-Ⅱ(순차타설)","M3",1921,12539,3274,17734,"합계"]
["ADF20200750S",null,"철근콘크리트 펌프차 타설(이동및재세팅1회)","8~12cm, Type-Ⅰ(매트기초), Type-Ⅲ(연속타설어려움)","M3",2404,15672,4097,22173,"합계"]
["ADF20200760S",null,"철근콘크리트 펌프차 타설(이동및재세팅1회)","8~12cm, Type-Ⅱ(벽,기둥,보,슬라브), Type-Ⅰ(병렬타설)","M3",2241,14624,3818,20683,"합계"]
["ADF20200770S",null,"철근콘크리트 펌프차 타설(이동및재세팅1회)","8~12cm, Type-Ⅱ(벽,기둥,보,슬라브), Type-Ⅱ(순차타설)","M3",2691,17548,4587,24826,"합계"]
["ADF20200780S",null,"철근콘크리트 펌프차 타설(이동및재세팅1회)","8~12cm, Type-Ⅱ(벽,기둥,보,슬라브), Type-Ⅲ(연속타설어려움))","M3",3364,21948,5731,31043,"합계"]
["ADF20200790S",null,"철근콘크리트 펌프차 타설(이동및재세팅1회)","8~12cm, Type-Ⅲ(옹벽,줄기초 등), Type-Ⅰ(병렬타설)","M3",2804,18286,4778,25868,"합계"]
["ADF20200800S",null,"철근콘크리트 펌프차 타설(이동및재세팅1회)","8~12cm, Type-Ⅲ(옹벽,줄기초 등), Type-Ⅱ(순차타설)","M3",3364,21948,5731,31043,"합계"]
["ADF20200810S",null,"철근콘크리트 펌프차 타설(이동및재세팅1회)","8~12cm, Type-Ⅲ(옹벽,줄기초 등), Type-Ⅲ(연속타설어려움)","M3",4206,27427,7167,38800,"합계"]
["ADF20200820S",null,"철근콘크리트 펌프차 타설(이동및재세팅1회)","8~12cm, Type-Ⅳ(비탈면 등), Type-Ⅰ(병렬타설)","M3",7475,48776,12736,68987,"합계"]
["ADF20200830S",null,"철근콘크리트 펌프차 타설(이동및재세팅1회)","8~12cm, Type-Ⅳ(비탈면 등), Type-Ⅱ(순차타설)","M3",8972,58521,15288,82781,"합계"]
["ADF20200840S",null,"철근콘크리트 펌프차 타설(이동및재세팅1회)","8~12cm, Type-Ⅳ(비탈면 등), Type-Ⅲ(연속타설어려움)","M3",11215,73167,19107,103489,"합계"]
["ADF20200850S",null,"철근콘크리트 펌프차 타설(이동및재세팅1회)","15cm, Type-Ⅰ(매트기초), Type-Ⅰ(병렬타설)","M3",1541,10043,2627,14211,"합계"]
["ADF20200860S",null,"철근콘크리트 펌프차 타설(이동및재세팅1회)","15cm, Type-Ⅰ(매트기초), Type-Ⅱ(순차타설)","M3",1849,12059,3151,17059,"합계"]
["ADF20200870S",null,"철근콘크리트 펌프차 타설(이동및재세팅1회)","15cm, Type-Ⅰ(매트기초), Type-Ⅲ(연속타설어려움)","M3",2309,15068,3934,21311,"합계"]
["ADF20200880S",null,"철근콘크리트 펌프차 타설(이동및재세팅1회)","15cm, Type-Ⅱ(벽,기둥,보,슬라브), Type-Ⅰ(병렬타설)","M3",2156,14063,3675,19894,"합계"]
["ADF20200890S",null,"철근콘크리트 펌프차 타설(이동및재세팅1회)","15cm, Type-Ⅱ(벽,기둥,보,슬라브), Type-Ⅱ(순차타설)","M3",2588,16886,4411,23885,"합계"]
["ADF20200900S",null,"철근콘크리트 펌프차 타설(이동및재세팅1회)","15cm, Type-Ⅱ(벽,기둥,보,슬라브), Type-Ⅲ(연속타설어려움))","M3",3235,21092,5513,29840,"합계"]
["ADF20200910S",null,"철근콘크리트 펌프차 타설(이동및재세팅1회)","15cm, Type-Ⅲ(옹벽,줄기초 등), Type-Ⅰ(병렬타설)","M3",2696,17575,4594,24865,"합계"]
["ADF20200920S",null,"철근콘크리트 펌프차 타설(이동및재세팅1회)","15cm, Type-Ⅲ(옹벽,줄기초 등), Type-Ⅱ(순차타설)","M3",3235,21092,5513,29840,"합계"]
["ADF20200930S",null,"철근콘크리트 펌프차 타설(이동및재세팅1회)","15cm, Type-Ⅲ(옹벽,줄기초 등), Type-Ⅲ(연속타설어려움)","M3",4043,26379,6888,37310,"합계"]
["ADF20200940S",null,"철근콘크리트 펌프차 타설(이동및재세팅1회)","15cm, Type-Ⅳ(비탈면 등), Type-Ⅰ(병렬타설)","M3",7188,46900,12245,66333,"합계"]
["ADF20200950S",null,"철근콘크리트 펌프차 타설(이동및재세팅1회)","15cm, Type-Ⅳ(비탈면 등), Type-Ⅱ(순차타설)","M3",8626,56281,14696,79603,"합계"]
["ADF20200960S",null,"철근콘크리트 펌프차 타설(이동및재세팅1회)","15cm, Type-Ⅳ(비탈면 등), Type-Ⅲ(연속타설어려움)","M3",10783,70345,18372,99500,"합계"]
["ADF20200970S",null,"철근콘크리트 펌프차 타설(이동및재세팅1회)","18cm이상, Type-Ⅰ(매트기초), Type-Ⅰ(병렬타설)","M3",1430,9343,2436,13209,"합계"]
["ADF20200980S",null,"철근콘크리트 펌프차 타설(이동및재세팅1회)","18cm이상, Type-Ⅰ(매트기초), Type-Ⅱ(순차타설)","M3",1717,11198,2927,15842,"합계"]
["ADF20200990S",null,"철근콘크리트 펌프차 타설(이동및재세팅1회)","18cm이상, Type-Ⅰ(매트기초), Type-Ⅲ(연속타설어려움)","M3",2145,13999,3655,19799,"합계"]
["ADF20201000S",null,"철근콘크리트 펌프차 타설(이동및재세팅1회)","18cm이상, Type-Ⅱ(벽,기둥,보,슬라브), Type-Ⅰ(병렬타설)","M3",2002,13069,3410,18481,"합계"]
["ADF20201010S",null,"철근콘크리트 펌프차 타설(이동및재세팅1회)","18cm이상, Type-Ⅱ(벽,기둥,보,슬라브), Type-Ⅱ(순차타설)","M3",2404,15672,4097,22173,"합계"]
["ADF20201020S",null,"철근콘크리트 펌프차 타설(이동및재세팅1회)","18cm이상, Type-Ⅱ(벽,기둥,보,슬라브), Type-Ⅲ(연속타설어려움))","M3",3004,19596,5118,27718,"합계"]
["ADF20201030S",null,"철근콘크리트 펌프차 타설(이동및재세팅1회)","18cm이상, Type-Ⅲ(옹벽,줄기초 등), Type-Ⅰ(병렬타설)","M3",2504,16324,4268,23096,"합계"]
["ADF20201040S",null,"철근콘크리트 펌프차 타설(이동및재세팅1회)","18cm이상, Type-Ⅲ(옹벽,줄기초 등), Type-Ⅱ(순차타설)","M3",3004,19596,5118,27718,"합계"]
["ADF20201050S",null,"철근콘크리트 펌프차 타설(이동및재세팅1회)","18cm이상, Type-Ⅲ(옹벽,줄기초 등), Type-Ⅲ(연속타설어려움)","M3",3754,24487,6398,34639,"합계"]
["ADF20201060S",null,"철근콘크리트 펌프차 타설(이동및재세팅1회)","18cm이상, Type-Ⅳ(비탈면 등), Type-Ⅰ(병렬타설)","M3",6675,43538,11374,61587,"합계"]
["ADF20201070S",null,"철근콘크리트 펌프차 타설(이동및재세팅1회)","18cm이상, Type-Ⅳ(비탈면 등), Type-Ⅱ(순차타설)","M3",8010,52262,13648,73920,"합계"]
["ADF20201080S",null,"철근콘크리트 펌프차 타설(이동및재세팅1회)","18cm이상, Type-Ⅳ(비탈면 등), Type-Ⅲ(연속타설어려움)","M3",10012,65310,17058,92380,"합계"]
["ADF40000000S",null,"압송관 설치 및 철거",null,"일",0,560944,0,560944,"합계"]
["ADH41000010S",null,"지수판설치(PVC 용접)","수팽창성, 시공조인트","M",4022,51550,0,55572,"합계"]
["ADH42000010S",null,"지수판설치(PVC 용접)","PVC, H200*5t","M",5166,51550,0,56716,"합계"]
["ADH42000020S",null,"지수판설치(소켓 연결)",null,"M",0,23009,0,23009,"합계"]
["ADH42000030S",null,"신축이음 설치(다웰바 설치)","설치 간격 150mm 기준","EA",0,13313,0,13313,"합계"]
["ADH42000040S",null,"신축이음 설치(채움재 설치)","채움재 두께 20mm 기준","M2",0,8967,0,8967,"합계"]
["ADH42000050S",null,"신축이음 설치(실링 마감)",null,"M",51,5125,0,5176,"합계"]
["ADI30000010S",null,"모듈러 건축 설치","12층 이하","일",187236,2012093,459352,2658681,"합계","적용장비확인"]
["ADI30000020S",null,"모듈러 건축 설치","13층 이상","일",187236,2012093,459352,2658681,"합계","적용장비확인"]
["ADI30000030S",null,"모듈러 건축 설치","12층 이하","개소",31193,335811,76367,443371,"합계","적용장비확인"]
["ADI30000040S",null,"모듈러 건축 설치","13층 이상","개소",46809,503023,114838,664670,"합계","적용장비확인"]
["ADI30100000S",null,"PC슬래브 설치",null,"일",259280,1815846,240824,2315950,"합계","적용장비확인"]
["ADI30100010S",null,"PC슬래브 설치","단위중량 2ton 미만","개소",9593,67186,8910,85689,"합계","적용장비확인"]
["ADI30100020S",null,"PC슬래브 설치","단위중량 5ton 미만","개소",10371,72633,9632,92636,"합계","적용장비확인"]
["ADI30100030S",null,"PC슬래브 설치","단위중량 10ton 미만","개소",12339,82376,14870,109585,"합계","적용장비확인"]
["ADI30100040S",null,"PC슬래브 설치","단위중량 2ton 미만, 시공높이 30m 초과","개소",10637,74505,9903,95045,"합계","적용장비확인"]
["ADI30100050S",null,"PC슬래브 설치","단위중량 5ton 미만, 시공높이 30m 초과","개소",11501,80560,10716,102777,"합계","적용장비확인"]
["ADI30100060S",null,"PC슬래브 설치","단위중량 10ton 미만, 시공높이 30m 초과","개소",13773,91944,16505,122222,"합계","적용장비확인"]
["ADI30200000S",null,"PC거더 설치",null,"일",272008,1815846,326832,2414686,"합계","적용장비확인"]
["ADI30200010S",null,"PC거더 설치","단위중량 2ton 미만","개소",12359,86552,11469,110380,"합계","적용장비확인"]
["ADI30200020S",null,"PC거더 설치","단위중량 5ton 미만","개소",13655,95632,12673,121960,"합계","적용장비확인"]
["ADI30200030S",null,"PC거더 설치","단위중량 10ton 미만","개소",15998,106804,19242,142044,"합계","적용장비확인"]
["ADI30200040S",null,"PC거더 설치","단위중량 20ton 미만","개소",19453,121053,30203,170709,"합계","적용장비확인"]
["ADI30200050S",null,"PC거더 설치","단위중량 30ton 미만","개소",28447,151322,43657,223426,"합계","적용장비확인"]
["ADI30200060S",null,"PC거더 설치","단위중량 2ton 미만, 시공높이 30m 초과","개소",13735,96184,12733,122652,"합계","적용장비확인"]
["ADI30200070S",null,"PC거더 설치","단위중량 5ton 미만, 시공높이 30m 초과","개소",15131,105982,14088,135201,"합계","적용장비확인"]
["ADI30200080S",null,"PC거더 설치","단위중량 10ton 미만, 시공높이 30m 초과","개소",17771,118637,21366,157774,"합계","적용장비확인"]
["ADI30200090S",null,"PC거더 설치","단위중량 20ton 미만, 시공높이 30m 초과","개소",21605,134428,33603,189636,"합계","적용장비확인"]
["ADI30200100S",null,"PC거더 설치","단위중량 30ton 미만, 시공높이 30m 초과","개소",31626,168265,48500,248391,"합계","적용장비확인"]
["ADI30300000S",null,"PC벽체 설치",null,"일",262996,1601624,326832,2191452,"합계","적용장비확인"]
["ADI30300010S",null,"PC벽체 설치","단위중량 2ton 미만","개소",20867,133542,20078,174487,"합계","적용장비확인"]
["ADI30300020S",null,"PC벽체 설치","단위중량 5ton 미만","개소",22767,145691,21884,190342,"합계","적용장비확인"]
["ADI30300030S",null,"PC벽체 설치","단위중량 10ton 미만","개소",26299,160162,32683,219144,"합계","적용장비확인"]
["ADI30300040S",null,"PC벽체 설치","단위중량 20ton 미만","개소",35584,201577,56667,293828,"합계","적용장비확인"]
["ADI30300050S",null,"PC벽체 설치","단위중량 30ton 미만","개소",55235,266199,87052,408486,"합계","적용장비확인"]
["ADI30300060S",null,"PC벽체 설치","단위중량 2ton 미만, 시공높이 30m 초과","개소",23179,148343,22306,193828,"합계","적용장비확인"]
["ADI30300070S",null,"PC벽체 설치","단위중량 5ton 미만, 시공높이 30m 초과","개소",25093,160719,24383,210195,"합계","적용장비확인"]
["ADI30300080S",null,"PC벽체 설치","단위중량 10ton 미만, 시공높이 30m 초과","개소",29012,176735,36360,242107,"합계","적용장비확인"]
["ADI30300090S",null,"PC벽체 설치","단위중량 20ton 미만, 시공높이 30m 초과","개소",39484,223670,62900,326054,"합계","적용장비확인"]
["ADI30300100S",null,"PC벽체 설치","단위중량 30ton 미만, 시공높이 30m 초과","개소",61712,297675,96870,456257,"합계","적용장비확인"]
["ADI30400000S",null,"PC기둥 설치",null,"일",262996,1601624,326832,2191452,"합계","적용장비확인"]
["ADI30400010S",null,"PC기둥 설치","단위중량 2ton 미만","개소",15665,100238,15051,130954,"합계","적용장비확인"]
["ADI30400020S",null,"PC기둥 설치","단위중량 5ton 미만","개소",16672,106701,16044,139417,"합계","적용장비확인"]
["ADI30400030S",null,"PC기둥 설치","단위중량 10ton 미만","개소",20242,123269,25125,168636,"합계","적용장비확인"]
["ADI30400040S",null,"PC기둥 설치","단위중량 20ton 미만","개소",28280,160162,45333,233775,"합계","적용장비확인"]
["ADI30400050S",null,"PC기둥 설치","단위중량 30ton 미만","개소",41773,201577,65453,308803,"합계","적용장비확인"]
["ADI30400060S",null,"PC기둥 설치","단위중량 2ton 미만, 시공높이 30m 초과","개소",17370,111175,16737,145282,"합계","적용장비확인"]
["ADI30400070S",null,"PC기둥 설치","단위중량 5ton 미만, 시공높이 30m 초과","개소",18526,118575,17851,154952,"합계","적용장비확인"]
["ADI30400080S",null,"PC기둥 설치","단위중량 10ton 미만, 시공높이 30m 초과","개소",22462,136801,27944,187207,"합계","적용장비확인"]
["ADI30400090S",null,"PC기둥 설치","단위중량 20ton 미만, 시공높이 30m 초과","개소",31216,176735,50433,258384,"합계","적용장비확인"]
["ADI30400100S",null,"PC기둥 설치","단위중량 30ton 미만, 시공높이 30m 초과","개소",46354,223670,72652,342676,"합계","적용장비확인"]
["ADI30500000S",null,"모르타르 주입",null,"일",48295,965906,0,1014201,"합계"]
["ADI30500010S",null,"모르타르 주입",null,"㎥",160956,3219134,0,3380090,"합계"]
["ADR12000010S",null,"표면 마무리","쇠흙손 마감","100M2",0,90707,0,90707,"합계"]
["ADR30000010S",null,"에폭시 콘크리트 접착제 바르기","신구-콘크리트 접착제 바르기","㎡",601,30093,0,30694,"합계"]
["ADR30000020S",null,"에폭시 콘크리트 접착제 바르기","콘크리트 및 고무 기타 접착제바르기","㎡",601,30093,0,30694,"합계"]
["ADR30000030S",null,"에폭시 콘크리트 접착제 바르기(천정)","신구-콘크리트 접착제 바르기","㎡",601,36111,0,36712,"합계"]
["ADR30000040S",null,"에폭시 콘크리트 접착제 바르기(천정)","콘크리트 및 고무 기타 접착제바르기","㎡",601,36111,0,36712,"합계"]
["ADR50000020S",null,"콘크리트 치핑",null,"㎡",2321,29017,0,31338,"합계"]
["AEB00000010S",null,"앵커 볼트 설치","ø16 이하","개",328,16440,0,16768,"합계"]
["AEB00000020S",null,"앵커 볼트 설치","ø20 이하","개",517,25876,0,26393,"합계"]
["AEB00000030S",null,"앵커 볼트 설치","ø24 이하","개",797,39886,0,40683,"합계"]
["AEB00000040S",null,"앵커 볼트 설치","ø28 이하","개",1035,51753,0,52788,"합계"]
["AEB00000050S",null,"앵커 볼트 설치","ø32 이하","개",1272,63620,0,64892,"합계"]
["AEB00000060S",null,"앵커 볼트 설치","ø40 이하","개",1503,75198,0,76701,"합계"]
["AEB01000010S",null,"스터드볼트 설치 / 자동용접","데크플레이트","개",131,598,0,729,"합계"]
["AEB01000020S",null,"스터드볼트 설치 / 자동용접","지하 철골 기둥","개",84,385,0,469,"합계"]
["AEB02000020S",null,"스터드볼트 설치 / 수동용접","데크플레이트","개",189,1051,0,1240,"합계"]
["AEB02000030S",null,"스터드볼트 설치 / 수동용접","지하 철골 기둥","개",122,678,0,800,"합계"]
["AEC10000010S",null,"기본철골공수(Built up)","60ton 미만","TON",361771,602952,0,964723,"합계"]
["AEC10000020S",null,"기본철골공수(Built up)","60ton 이상","TON",336972,561621,0,898593,"합계"]
["AEC10000030S",null,"기본철골공수(Built up)","100ton 이상","TON",320926,534877,0,855803,"합계"]
["AEC10000040S",null,"기본철골공수(Built up)","300ton 이상","TON",287374,478958,0,766332,"합계"]
["AEC10000050S",null,"기본철골공수(Built up)","1000ton 이상","TON",255282,425470,0,680752,"합계"]
["AEC10000060S",null,"기본철골공수(Built up)","2000ton 이상","TON",237777,396295,0,634072,"합계"]
["AEC10000070S",null,"기본철골공수(Rolled Shape)","60ton 미만","TON",256857,428096,0,684953,"합계"]
["AEC10000080S",null,"기본철골공수(Rolled Shape)","60ton 이상","TON",239250,398750,0,638000,"합계"]
["AEC10000090S",null,"기본철골공수(Rolled Shape)","100ton 이상","TON",227857,379762,0,607619,"합계"]
["AEC10000100S",null,"기본철골공수(Rolled Shape)","300ton 이상","TON",204036,340060,0,544096,"합계"]
["AEC10000110S",null,"기본철골공수(Rolled Shape)","1000ton 이상","TON",181250,302084,0,483334,"합계"]
["AEC10000120S",null,"기본철골공수(Rolled Shape)","2000ton 이상","TON",168821,281369,0,450190,"합계"]
["AEC10000130S",null,"철골공수 산정방법<소요 부자재량>","전용접부재(Built up)","TON",6910,0,0,6910,"합계"]
["AEC10000140S",null,"철골공수 산정방법<소요 부자재량>","H형강부재(Rolled shape)","TON",3455,0,0,3455,"합계"]
["AEC11000010S",null,"철골 가공 조립(공장생산, 적은구조)","Built up, 60ton 미만","TON",323460,527583,0,851043,"합계"]
["AEC11000020S",null,"철골 가공 조립(공장생산, 적은구조)","Built up, 60ton 이상","TON",301768,491430,0,793198,"합계"]
["AEC11000030S",null,"철골 가공 조립(공장생산, 적은구조)","Built up, 100ton 이상","TON",287720,468017,0,755737,"합계"]
["AEC11000040S",null,"철골 가공 조립(공장생산, 적은구조)","Built up, 300ton 이상","TON",258370,419100,0,677470,"합계"]
["AEC11000050S",null,"철골 가공 조립(공장생산, 적은구조)","Built up, 1,000ton 이상","TON",230289,372298,0,602587,"합계"]
["AEC11000060S",null,"철골 가공 조립(공장생산, 적은구조)","Built up, 2,000ton 이상","TON",221961,289319,0,511280,"합계"]
["AEC11000070S",null,"철골 가공 조립(적은 구조)","Rolled shape, 60ton 미만","TON",228205,374584,0,602789,"합계"]
["AEC11000080S",null,"철골 가공 조립(적은 구조)","Rolled shape, 60ton 이상","TON",212786,348885,0,561671,"합계"]
["AEC11000090S",null,"철골 가공 조립(적은 구조)","Rolled shape, 100ton 이상","TON",202837,332304,0,535141,"합계"]
["AEC11000100S",null,"철골 가공 조립(적은 구조)","Rolled shape, 300ton 이상","TON",181992,297561,0,479553,"합계"]
["AEC11000110S",null,"철골 가공 조립(적은 구조)","Rolled shape, 1,000ton 이상","TON",162050,264326,0,426376,"합계"]
["AEC11000120S",null,"철골 가공 조립(적은 구조)","Rolled shape, 2,000ton 이상","TON",126705,205417,0,332122,"합계"]
["AEC12000010S",null,"철골 가공 조립(표준 라멘구조)","Built up, 60ton 미만","TON",368681,602952,0,971633,"합계"]
["AEC12000020S",null,"철골 가공 조립(표준 라멘구조)","Built up, 60ton 이상","TON",343882,561621,0,905503,"합계"]
["AEC12000030S",null,"철골 가공 조립(표준 라멘구조)","Built up, 100ton 이상","TON",327836,534877,0,862713,"합계"]
["AEC12000040S",null,"철골 가공 조립(표준 라멘구조)","Built up, 300ton 이상","TON",294284,478958,0,773242,"합계"]
["AEC12000050S",null,"철골 가공 조립(표준 라멘구조)","Built up, 1,000ton 이상","TON",262192,425470,0,687662,"합계"]
["AEC12000060S",null,"철골 가공 조립(표준 라멘구조)","Built up, 2,000ton 이상","TON",244687,396295,0,640982,"합계"]
["AEC12000070S",null,"철골 가공 조립(표준 라멘구조)","Rolled shape, 60ton 미만","TON",260312,428096,0,688408,"합계"]
["AEC12000080S",null,"철골 가공 조립(표준 라멘구조)","Rolled shape, 60ton 이상","TON",242705,398750,0,641455,"합계"]
["AEC12000090S",null,"철골 가공 조립(표준 라멘구조)","Rolled shape, 100ton 이상","TON",231312,379762,0,611074,"합계"]
["AEC12000100S",null,"철골 가공 조립(표준 라멘구조)","Rolled shape, 300ton 이상","TON",207491,340060,0,547551,"합계"]
["AEC12000110S",null,"철골 가공 조립(표준 라멘구조)","Rolled shape, 1,000ton 이상","TON",184705,302084,0,486789,"합계"]
["AEC12000120S",null,"철골 가공 조립(표준 라멘구조)","Rolled shape, 2,000ton 이상","TON",144312,234762,0,379074,"합계"]
["AEC13000010S",null,"철골 가공 조립(많은 구조)","Built up, 60ton 미만","TON",413902,678321,0,1092223,"합계"]
["AEC13000020S",null,"철골 가공 조립(많은 구조)","Built up, 60ton 이상","TON",386011,631835,0,1017846,"합계"]
["AEC13000030S",null,"철골 가공 조립(많은 구조)","Built up, 100ton 이상","TON",367952,601736,0,969688,"합계"]
["AEC13000040S",null,"철골 가공 조립(많은 구조)","Built up, 300ton 이상","TON",330214,538840,0,869054,"합계"]
["AEC13000050S",null,"철골 가공 조립(많은 구조)","Built up, 1,000ton 이상","TON",294109,478666,0,772775,"합계"]
["AEC13000060S",null,"철골 가공 조립(많은 구조)","Built up, 2,000ton 이상","TON",273862,444920,0,718782,"합계"]
["AEC13000070S",null,"철골 가공 조립(많은 구조)","Rolled shape, 60ton 미만","TON",292419,481608,0,774027,"합계"]
["AEC13000080S",null,"철골 가공 조립(많은 구조)","Rolled shape, 60ton 이상","TON",272610,448591,0,721201,"합계"]
["AEC13000090S",null,"철골 가공 조립(많은 구조)","Rolled shape, 100ton 이상","TON",259802,427245,0,687047,"합계"]
["AEC13000100S",null,"철골 가공 조립(많은 구조)","Rolled shape, 300ton 이상","TON",232990,382558,0,615548,"합계"]
["AEC13000110S",null,"철골 가공 조립(많은 구조)","Rolled shape, 1,000ton 이상","TON",207359,339841,0,547200,"합계"]
["AEC13000120S",null,"철골 가공 조립(많은 구조)","Rolled shape, 2,000ton 이상","TON",193385,316550,0,509935,"합계"]
["AEC20000010S",null,"경량형강철골조 조립설치","내력식(지붕트러스), 4층 이하 기준","TON",111711,3723701,0,3835412,"합계"]
["AEC20000020S",null,"경량형강철골조 조립설치","비내력식","TON",87938,2931275,0,3019213,"합계"]
["AED00000010S",null,"부대철골 설치",null,"TON",49925,635243,217190,902358,"합계"]
["AEE00000010S",null,"철골 세우기 - 현장세우기","6층 미만","TON",0,134493,0,134493,"합계"]
["AEE00000020S",null,"철골 세우기 - 현장세우기","20층 미만","TON",0,176740,0,176740,"합계"]
["AEE00000030S",null,"철골 세우기 - 현장세우기","30층 미만","TON",0,211693,0,211693,"합계"]
["AEE00000040S",null,"철골 세우기 - 현장세우기","40층 미만","TON",0,236464,0,236464,"합계"]
["AEE00000050S",null,"철골 세우기 - 현장세우기","40층 이상","TON",0,263750,0,263750,"합계"]
["AEE00000110S",null,"탑다운공법 지하 현장 세우기","지하4층 미만","ton",6721,336052,0,342773,"합계"]
["AEE00000120S",null,"탑다운공법 지하 현장 세우기","지하7층 미만","ton",6997,349877,0,356874,"합계"]
["AEE00000130S",null,"탑다운공법 지하 현장 세우기","지하10층 미만","ton",7178,358927,0,366105,"합계"]
["AEE00000140S",null,"탑다운공법 지하 현장 세우기","지하10층 이상","ton",7359,367977,0,375336,"합계"]
["AEE90000010S",null,"고장력 볼트 본조임","30본/t 미만","TON",3907,130250,0,134157,"합계"]
["AEE90000020S",null,"고장력 볼트 본조임","50본/t 미만","TON",4692,156416,0,161108,"합계"]
["AEE90000030S",null,"고장력 볼트 본조임","70본/t 미만","TON",5331,177719,0,183050,"합계"]
["AEE90000040S",null,"고장력 볼트 본조임","90본/t 미만","TON",5970,199023,0,204993,"합계"]
["AEE90000050S",null,"고장력 볼트 본조임","110본/t 미만","TON",6536,217895,0,224431,"합계"]
["AEE90000060S",null,"고장력 볼트 본조임","110본/t 이상","TON",6682,222757,0,229439,"합계"]
["AEE90100010S",null,"수용접(Built up 제작)","20(m/t) 미만, 30ton 미만","TON",73807,79892,0,153699,"합계"]
["AEE90100020S",null,"수용접(Built up 제작)","20(m/t) 미만, 30ton 이상","TON",72045,76955,0,149000,"합계"]
["AEE90100030S",null,"수용접(Built up 제작)","20(m/t) 미만, 60ton 이상","TON",68873,71668,0,140541,"합계"]
["AEE90100040S",null,"수용접(Built up 제작)","20(m/t) 미만, 100ton 이상","TON",66758,68143,0,134901,"합계"]
["AEE90100050S",null,"수용접(Built up 제작)","20(m/t) 미만, 200ton 이상","TON",63938,63444,0,127382,"합계"]
["AEE90100060S",null,"수용접(Built up 제작)","20(m/t) 미만, 300ton 이상","TON",62528,61094,0,123622,"합계"]
["AEE90100070S",null,"수용접(Built up 제작)","20(m/t) 미만, 400ton 이상","TON",61471,59332,0,120803,"합계"]
["AEE90100080S",null,"수용접(Built up 제작)","20(m/t) 미만, 500ton 이상","TON",60766,58157,0,118923,"합계"]
["AEE90100090S",null,"수용접(Built up 제작)","20(m/t) 미만, 600ton 이상","TON",60061,56982,0,117043,"합계"]
["AEE90100100S",null,"수용접(Built up 제작)","20(m/t) 미만, 700ton 이상","TON",59708,56394,0,116102,"합계"]
["AEE90100110S",null,"수용접(Built up 제작)","20(m/t) 미만, 800ton 이상","TON",59003,55219,0,114222,"합계"]
["AEE90100120S",null,"수용접(Built up 제작)","20(m/t) 미만, 900ton 이상","TON",58651,54632,0,113283,"합계"]
["AEE90100130S",null,"수용접(Built up 제작)","20(m/t) 미만, 1,000ton 이상","TON",58299,54045,0,112344,"합계"]
["AEE90100140S",null,"수용접(Built up 제작)","20(m/t) 미만, 1,500ton 이상","TON",57241,52282,0,109523,"합계"]
["AEE90100150S",null,"수용접(Built up 제작)","20(m/t) 미만, 2,000ton 이상","TON",56184,50520,0,106704,"합계"]
["AEE90200010S",null,"수용접(Rolled shape 제작)","20(m/t) 미만, 30ton 미만","TON",60862,58317,0,119179,"합계"]
["AEE90200020S",null,"수용접(Rolled shape 제작)","20(m/t) 미만, 30ton 이상","TON",59580,56181,0,115761,"합계"]
["AEE90200030S",null,"수용접(Rolled shape 제작)","20(m/t) 미만, 60ton 이상","TON",57257,52309,0,109566,"합계"]
["AEE90200040S",null,"수용접(Rolled shape 제작)","20(m/t) 미만, 100ton 이상","TON",55719,49746,0,105465,"합계"]
["AEE90200050S",null,"수용접(Rolled shape 제작)","20(m/t) 미만, 200ton 이상","TON",53652,46301,0,99953,"합계"]
["AEE90200060S",null,"수용접(Rolled shape 제작)","20(m/t) 미만, 300ton 이상","TON",52627,44592,0,97219,"합계"]
["AEE90200070S",null,"수용접(Rolled shape 제작)","20(m/t) 미만, 400ton 이상","TON",51858,43310,0,95168,"합계"]
["AEE90200080S",null,"수용접(Rolled shape 제작)","20(m/t) 미만, 500ton 이상","TON",51345,42456,0,93801,"합계"]
["AEE90200090S",null,"수용접(Rolled shape 제작)","20(m/t) 미만, 600ton 이상","TON",50833,41601,0,92434,"합계"]
["AEE90200100S",null,"수용접(Rolled shape 제작)","20(m/t) 미만, 700ton 이상","TON",50576,41174,0,91750,"합계"]
["AEE90200110S",null,"수용접(Rolled shape 제작)","20(m/t) 미만, 800ton 이상","TON",50064,40320,0,90384,"합계"]
["AEE90200120S",null,"수용접(Rolled shape 제작)","20(m/t) 미만, 900ton 이상","TON",49807,39892,0,89699,"합계"]
["AEE90200130S",null,"수용접(Rolled shape 제작)","20(m/t) 미만, 1,000ton 이상","TON",49551,39465,0,89016,"합계"]
["AEE90200140S",null,"수용접(Rolled shape 제작)","20(m/t) 미만, 1,500ton 이상","TON",48766,38157,0,86923,"합계"]
["AEE90200150S",null,"수용접(Rolled shape 제작)","20(m/t) 미만, 2,000ton 이상","TON",47997,36875,0,84872,"합계"]
["AEE90200160S",null,"현장용접(CO2 반자동 용접)","각장 6mm 환산용접 길이","M",427,10680,0,11107,"합계"]
["AEF10100010S",null,"데크플레이트 설치","10층 이하(자재 별도)","M2",605,12106,0,12711,"합계"]
["AEF31000010S",null,"데크플레이트 가스절단","판두께 1.6mm, L.P.G","M",23,4539,0,4562,"합계"]
["AEF31000020S",null,"데크플레이트 가스절단","판두께 1.6mm, 아세틸렌","M",224,4539,0,4763,"합계"]
["AEF31000030S",null,"데크플레이트 가스절단","판두께 2.3mm, L.P.G","M",27,6141,0,6168,"합계"]
["AEF31000040S",null,"데크플레이트 가스절단","판두께 2.3mm, 아세틸렌","M",239,6141,0,6380,"합계"]
["AEF31000050S",null,"데크플레이트 플라즈마 절단",null,"M",164,1644,0,1808,"합계"]
["AEG11100010S",null,"철골 내화 피복뿜칠","질석계, 습식","MM/100M2",1890,37808,884,40582,"합계"]
["AFA11100010S",null,"벽돌 쌓기(0.5B)","3.6m 이하","M2",672,35694,0,36366,"합계"]
["AFA11100020S",null,"벽돌 쌓기(0.5B)","3.6m 초과","M2",894,46819,0,47713,"합계"]
["AFA11100030S",null,"벽돌 쌓기(0.5B)","3.6m 이하, 공간쌓기","M2",672,39056,0,39728,"합계"]
["AFA11100040S",null,"벽돌 쌓기(0.5B)","3.6m 초과, 공간쌓기","M2",894,51293,0,52187,"합계"]
["AFA11100050S",null,"벽돌 쌓기(0.5B)","3.6m 이하, 홈벽돌 포함","M2",672,42417,0,43089,"합계"]
["AFA11100060S",null,"벽돌 쌓기(0.5B)","3.6m 초과, 홈벽돌 포함","M2",894,55767,0,56661,"합계"]
["AFA11300010S",null,"벽돌 쌓기(1.0B)","3.6m 이하","M2",1188,64776,0,65964,"합계"]
["AFA11300020S",null,"벽돌 쌓기(1.0B)","3.6m 초과","M2",1619,86320,0,87939,"합계"]
["AFA11300030S",null,"벽돌 쌓기(1.0B)","3.6m 이하, 공간쌓기","M2",1188,70718,0,71906,"합계"]
["AFA11300040S",null,"벽돌 쌓기(1.0B)","3.6m 초과, 공간쌓기","M2",1619,94416,0,96035,"합계"]
["AFA11300050S",null,"벽돌 쌓기(1.0B)","3.6m 이하, 홈벽돌 포함","M2",1188,76660,0,77848,"합계"]
["AFA11300060S",null,"벽돌 쌓기(1.0B)","3.6m 초과, 홈벽돌 포함","M2",1619,102513,0,104132,"합계"]
["AFA11500010S",null,"벽돌 쌓기(1.5B)","3.6m 이하","M2",1671,92093,0,93764,"합계"]
["AFA11500020S",null,"벽돌 쌓기(1.5B)","3.6m 초과","M2",2187,117897,0,120084,"합계"]
["AFA11500030S",null,"벽돌 쌓기(1.5B)","3.6m 이하, 공간쌓기","M2",1671,100450,0,102121,"합계"]
["AFA11500040S",null,"벽돌 쌓기(1.5B)","3.6m 초과, 공간쌓기","M2",2187,128835,0,131022,"합계"]
["AFA11500050S",null,"벽돌 쌓기(1.5B)","3.6m 이하, 홈벽돌 포함","M2",1671,108807,0,110478,"합계"]
["AFA11500060S",null,"벽돌 쌓기(1.5B)","3.6m 초과, 홈벽돌 포함","M2",2187,139772,0,141959,"합계"]
["AFA12800010S",null,"아치쌓기(1.0B)",null,"천매",30726,1570197,0,1600923,"합계"]
["AFA12800020S",null,"아치쌓기(1.5B)",null,"천매",25375,1305940,0,1331315,"합계"]
["AFA12801010S",null,"1.0B 적벽돌 한면 치장 아치쌓기(재료비별도)",null,"천매",30726,1650420,0,1681146,"합계"]
["AFA12801020S",null,"1.0B 적벽돌 양면 치장 아치쌓기(재료비별도)",null,"천매",30726,1730643,0,1761369,"합계"]
["AFA12801030S",null,"1.5B 적벽돌 한면 치장 아치쌓기(재료비별도)",null,"천매",25375,1365971,0,1391346,"합계"]
["AFA12801040S",null,"1.5B 적벽돌 양면 치장 아치쌓기(재료비별도)",null,"천매",25375,1426002,0,1451377,"합계"]
["AFA12802010S",null,"아치쌓기 치장줄눈 설치(1.0B)",null,"천매",0,80223,0,80223,"합계"]
["AFA12802020S",null,"아치쌓기 치장줄눈 설치(1.5B)",null,"천매",0,60031,0,60031,"합계"]
["AFA12900010S",null,"치장쌓기 및 줄눈설치(0.5B)","3.6m 이하","M2",1227,63780,0,65007,"합계"]
["AFA12900020S",null,"치장쌓기 및 줄눈설치(1.0B)","3.6m 이하","M2",1933,102332,0,104265,"합계"]
["AFA12900030S",null,"치장쌓기 및 줄눈설치(1.5B)","3.6m 이하","M2",2553,136514,0,139067,"합계"]
["AFA12900040S",null,"치장쌓기 및 줄눈설치(0.5B)","3.6m 초과","M2",1547,79762,0,81309,"합계"]
["AFA12900050S",null,"치장쌓기 및 줄눈설치(1.0B)","3.6m 초과","M2",2527,132043,0,134570,"합계"]
["AFA12900060S",null,"치장쌓기 및 줄눈설치(1.5B)","3.6m 초과","M2",3336,175695,0,179031,"합계"]
["AFA31000010S",null,"벽돌운반","인력, 1층","천매",0,72839,0,72839,"합계"]
["AFA31000020S",null,"벽돌운반","인력, 2층","천매",0,92705,0,92705,"합계"]
["AFA31000030S",null,"벽돌운반","인력, 3층","천매",0,122503,0,122503,"합계"]
["AFA31000040S",null,"벽돌운반","인력, 4층","천매",0,158923,0,158923,"합계"]
["AFA31000050S",null,"벽돌운반","인력, 5층","천매",0,196998,0,196998,"합계"]
["AFA31000060S",null,"벽돌운반","리프트 사용","천매",0,51318,0,51318,"합계"]
["AFB11000010S",null,"블록쌓기(390*190*190)","3.6m 이하, 한면마감","M2",908,46542,0,47450,"합계"]
["AFB11000020S",null,"블록쌓기(390*190*190)","3.6m 이하, 양면마감","M2",927,47491,0,48418,"합계"]
["AFB11000030S",null,"블록쌓기(390*190*190)","3.6m 초과, 한면마감","M2",1131,57667,0,58798,"합계"]
["AFB11000040S",null,"블록쌓기(390*190*190)","3.6m 초과, 양면마감","M2",1150,58616,0,59766,"합계"]
["AFB11000050S",null,"블록쌓기(390*190*150)","3.6m 이하, 한면마감","M2",771,39568,0,40339,"합계"]
["AFB11000060S",null,"블록쌓기(390*190*150)","3.6m 이하, 양면마감","M2",790,40517,0,41307,"합계"]
["AFB11000070S",null,"블록쌓기(390*190*150)","3.6m 초과, 한면마감","M2",961,49037,0,49998,"합계"]
["AFB11000080S",null,"블록쌓기(390*190*150)","3.6m 초과, 양면마감","M2",1013,51642,0,52655,"합계"]
["AFB11000090S",null,"블록쌓기(390*190*100)","3.6m 이하, 한면마감","M2",634,32375,0,33009,"합계"]
["AFB11000100S",null,"블록쌓기(390*190*100)","3.6m 이하, 양면마감","M2",686,34980,0,35666,"합계"]
["AFB11000110S",null,"블록쌓기(390*190*100)","3.6m 초과, 한면마감","M2",823,41844,0,42667,"합계"]
["AFB11000120S",null,"블록쌓기(390*190*100)","3.6m 초과, 양면마감","M2",875,44449,0,45324,"합계"]
["AFB12000010S",null,"블록 보강쌓기(390*190*190)","3.6m 이하, 한면마감, 간격 800mm","M2",1391,49348,0,50739,"합계"]
["AFB12000020S",null,"블록 보강쌓기(390*190*190)","3.6m 이하, 양면마감, 간격 800mm","M2",1519,53608,0,55127,"합계"]
["AFB12000030S",null,"블록 보강쌓기(390*190*190)","3.6m 초과, 한면마감, 간격 800mm","M2",1803,63078,0,64881,"합계"]
["AFB12000040S",null,"블록 보강쌓기(390*190*190)","3.6m 초과, 양면마감, 간격 800mm","M2",1931,67338,0,69269,"합계"]
["AFB12000050S",null,"블록 보강쌓기(390*190*150)","3.6m 이하, 한면마감, 간격 800mm","M2",1186,41609,0,42795,"합계"]
["AFB12000060S",null,"블록 보강쌓기(390*190*150)","3.6m 이하, 양면마감, 간격 800mm","M2",1313,45870,0,47183,"합계"]
["AFB12000070S",null,"블록 보강쌓기(390*190*150)","3.6m 초과, 한면마감, 간격 800mm","M2",1597,55339,0,56936,"합계"]
["AFB12000080S",null,"블록 보강쌓기(390*190*150)","3.6m 초과, 양면마감, 간격 800mm","M2",1725,59599,0,61324,"합계"]
["AFB12000090S",null,"블록 보강쌓기(390*190*100)","3.6m 이하, 한면마감, 간격 800mm","M2",980,33980,0,34960,"합계"]
["AFB12000100S",null,"블록 보강쌓기(390*190*100)","3.6m 이하, 양면마감, 간격 800mm","M2",1107,38240,0,39347,"합계"]
["AFB12000110S",null,"블록 보강쌓기(390*190*100)","3.6m 초과, 한면마감, 간격 800mm","M2",1313,45105,0,46418,"합계"]
["AFB12000120S",null,"블록 보강쌓기(390*190*100)","3.6m 초과, 양면마감, 간격 800mm","M2",1391,47710,0,49101,"합계"]
["AFB12000130S",null,"블록 보강쌓기(390*190*190)","3.6m 이하, 한면마감, 간격 400mm","M2",1391,51668,0,53059,"합계"]
["AFB12000140S",null,"블록 보강쌓기(390*190*190)","3.6m 이하, 양면마감, 간격 400mm","M2",1519,56141,0,57660,"합계"]
["AFB12000150S",null,"블록 보강쌓기(390*190*190)","3.6m 초과, 한면마감, 간격 400mm","M2",1803,66085,0,67888,"합계"]
["AFB12000160S",null,"블록 보강쌓기(390*190*190)","3.6m 초과, 양면마감, 간격 400mm","M2",1931,70558,0,72489,"합계"]
["AFB12000170S",null,"블록 보강쌓기(390*190*150)","3.6m 이하, 한면마감, 간격 400mm","M2",1186,43586,0,44772,"합계"]
["AFB12000180S",null,"블록 보강쌓기(390*190*150)","3.6m 이하, 양면마감, 간격 400mm","M2",1313,48059,0,49372,"합계"]
["AFB12000190S",null,"블록 보강쌓기(390*190*150)","3.6m 초과, 한면마감, 간격 400mm","M2",1597,58002,0,59599,"합계"]
["AFB12000200S",null,"블록 보강쌓기(390*190*150)","3.6m 초과, 양면마감, 간격 400mm","M2",1725,62476,0,64201,"합계"]
["AFB12000210S",null,"블록 보강쌓기(390*190*100)","3.6m 이하, 한면마감, 간격 400mm","M2",980,35613,0,36593,"합계"]
["AFB12000220S",null,"블록 보강쌓기(390*190*100)","3.6m 이하, 양면마감, 간격 400mm","M2",1107,40086,0,41193,"합계"]
["AFB12000230S",null,"블록 보강쌓기(390*190*100)","3.6m 초과, 한면마감, 간격 400mm","M2",1313,47294,0,48607,"합계"]
["AFB12000240S",null,"블록 보강쌓기(390*190*100)","3.6m 초과, 양면마감, 간격 400mm","M2",1391,50029,0,51420,"합계"]
["AFC10000010S",null,"ALC블록 쌓기(600*400*100mm)","3.6m 이하","M2",2923,40666,0,43589,"합계"]
["AFC10000020S",null,"ALC블록 쌓기(600*400*100mm)","3.6m 초과","M2",3182,49281,0,52463,"합계"]
["AFC10000030S",null,"ALC블록 쌓기(600*400*125mm)","3.6m 이하","M2",3433,48193,0,51626,"합계"]
["AFC10000040S",null,"ALC블록 쌓기(600*400*125mm)","3.6m 초과","M2",3741,58441,0,62182,"합계"]
["AFC10000050S",null,"ALC블록 쌓기(600*400*150mm)","3.6m 이하","M2",4225,50914,0,55139,"합계"]
["AFC10000060S",null,"ALC블록 쌓기(600*400*150mm)","3.6m 초과","M2",4564,62205,0,66769,"합계"]
["AFC10000070S",null,"ALC블록 쌓기(600*400*200mm)","3.6m 이하","M2",5051,54795,0,59846,"합계"]
["AFC10000080S",null,"ALC블록 쌓기(600*400*200mm)","3.6m 초과","M2",5407,66655,0,72062,"합계"]
["AFC21100010S",null,"ALC패널 설치","내벽, 75mm","㎡",1292,43088,0,44380,"합계"]
["AFC21100020S",null,"ALC패널 설치","내벽, 100mm","㎡",1498,49952,0,51450,"합계"]
["AFC21200010S",null,"ALC패널 설치","내벽, 125mm","㎡",1754,58473,0,60227,"합계"]
["AFC21300010S",null,"ALC패널 설치","내벽, 150mm","㎡",1960,65338,0,67298,"합계"]
["AFC21300020S",null,"ALC패널 설치","내벽, 175mm","㎡",2244,74807,0,77051,"합계"]
["AFC21400010S",null,"ALC패널 설치","내벽, 200mm","㎡",2499,83328,0,85827,"합계"]
["AGA10000010S",null,"모르타르 배합","모래체가름 포함","M3",0,109259,0,109259,"합계"]
["AGA10000020S",null,"모르타르 배합","모래체가름 제외","M3",0,71184,0,71184,"합계"]
["AGA100002000",null,"모르타르 배합","배합용적비1:2, 시멘트, 모래 별도","㎥",0,109259,0,109259,"합계"]
["AGA10001010S",null,"모르타르 배합(배합품 제외)","배합용적비 1:1, 시멘트, 모래 별도","M3",0,0,0,0,"합계"]
["AGA10001020S",null,"모르타르 배합(배합품 제외)","배합용적비 1:2, 시멘트, 모래 별도","M3",0,0,0,0,"합계"]
["AGA10001030S",null,"모르타르 배합(배합품 포함)","배합용적비 1:1, 시멘트, 모래 별도","M3",0,109259,0,109259,"합계"]
["AGA10001040S",null,"모르타르 배합(배합품 포함)","배합용적비 1:3, 시멘트, 모래 별도","M3",0,109259,0,109259,"합계"]
["AGA10010010S",null,"모르타르 바름","3.6m 이하, 1회","M2",333,16650,0,16983,"합계"]
["AGA10010020S",null,"모르타르 바름","3.6m 이하, 2회","M2",472,23641,0,24113,"합계"]
["AGA10010030S",null,"모르타르 바름","3.6m 이하, 3회","M2",699,34955,0,35654,"합계"]
["AGA10010110S",null,"모르타르 바름","3.6m 초과, 1회","M2",472,23641,0,24113,"합계"]
["AGA10010120S",null,"모르타르 바름","3.6m 초과, 2회","M2",612,30632,0,31244,"합계"]
["AGA10010130S",null,"모르타르 바름","3.6m 초과, 3회","M2",892,44615,0,45507,"합계"]
["AGA21100010S",null,"콘크리트면 정리","3.6m 이하","10M2",795,26500,0,27295,"합계"]
["AGA21100020S",null,"콘크리트면 정리","3.6m 초과","10M2",1011,33728,0,34739,"합계"]
["AGA21100030S",null,"콘크리트면 정리","3.6m 이하","M2",79,2650,0,2729,"합계"]
["AGA21100040S",null,"콘크리트면 정리","3.6m 초과","M2",101,3372,0,3473,"합계"]
["AGA21100050S",null,"부분 마감","3.6m 이하","10M2",0,40291,0,40291,"합계"]
["AGA21100060S",null,"부분 마감","3.6m 초과","10M2",0,54274,0,54274,"합계"]
["AGA21100070S",null,"부분 마감","3.6m 이하","M2",0,4029,0,4029,"합계"]
["AGA21100080S",null,"부분 마감","3.6m 초과","M2",0,5427,0,5427,"합계"]
["AGA21100090S",null,"전면 마감","3.6m 이하","10M2",0,56941,0,56941,"합계"]
["AGA21100100S",null,"전면 마감","3.6m 초과","10M2",0,73592,0,73592,"합계"]
["AGA21100110S",null,"전면 마감","3.6m 이하","M2",0,5694,0,5694,"합계"]
["AGA21100120S",null,"전면 마감","3.6m 초과","M2",0,7359,0,7359,"합계"]
["AGA21200010S",null,"콘크리트면 정리","3.6m 이하, 천장","10M2",795,31801,0,32596,"합계"]
["AGA21200020S",null,"콘크리트면 정리","3.6m 초과, 천장","10M2",1011,40474,0,41485,"합계"]
["AGA21200030S",null,"콘크리트면 정리","3.6m 이하, 천장","M2",79,3180,0,3259,"합계"]
["AGA21200040S",null,"콘크리트면 정리","3.6m 초과, 천장","M2",101,4047,0,4148,"합계"]
["AGA21200050S",null,"부분 마감","3.6m 이하, 천장","10M2",0,48349,0,48349,"합계"]
["AGA21200060S",null,"부분 마감","3.6m 초과, 천장","10M2",0,65128,0,65128,"합계"]
["AGA21200070S",null,"부분 마감","3.6m 이하, 천장","M2",0,4834,0,4834,"합계"]
["AGA21200080S",null,"부분 마감","3.6m 초과, 천장","M2",0,6512,0,6512,"합계"]
["AGA21200090S",null,"전면 마감","3.6m 이하, 천장","10M2",0,68330,0,68330,"합계"]
["AGA21200100S",null,"전면 마감","3.6m 초과, 천장","10M2",0,88310,0,88310,"합계"]
["AGA21200110S",null,"전면 마감","3.6m 이하, 천장","M2",0,6832,0,6832,"합계"]
["AGA21200120S",null,"전면 마감","3.6m 초과, 천장","M2",0,8831,0,8831,"합계"]
["AGA31000010S",null,"바탕 고르기","벽, 24mm 이하 기준","10M2",3037,151877,0,154914,"합계"]
["AGA31000020S",null,"바탕 고르기","벽, 24mm 이하 기준","M2",303,15187,0,15490,"합계"]
["AGA31000030S",null,"바탕 고르기","바닥, 24mm 이하 기준","10M2",2264,113240,0,115504,"합계"]
["AGA31000040S",null,"바탕 고르기","바닥, 24mm 이하 기준","M2",226,11324,0,11550,"합계"]
["AGA41100010S",null,"모르타르 타설",null,"10M3",2206,214081,23519,239806,"합계"]
["AGA41100020S",null,"모르타르 타설",null,"M3",220,21408,2351,23979,"합계"]
["AGA42000010S",null,"표면 마무리","인력마감","100M2",0,80036,0,80036,"합계"]
["AGA42000020S",null,"표면 마무리","인력마감, 작업대기 할증 적용","100M2",0,124055,0,124055,"합계"]
["AGA42000030S",null,"표면 마무리","인력마감","M2",0,800,0,800,"합계"]
["AGA42000040S",null,"표면 마무리","인력마감, 작업대기 할증 적용","M2",0,1240,0,1240,"합계"]
["AGA42000050S",null,"표면 마무리","기계마감","100M2",5282,58693,0,63975,"합계"]
["AGA42000060S",null,"표면 마무리","기계마감, 작업대기 할증 적용","100M2",5282,102712,0,107994,"합계"]
["AGA42000070S",null,"표면 마무리","기계마감","M2",52,586,0,638,"합계"]
["AGA42000080S",null,"표면 마무리","기계마감, 작업대기 할증 적용","M2",52,1027,0,1079,"합계"]
["AGH11000010S",null,"창호주위 모르타르 충전",null,"10M",879,43971,0,44850,"합계"]
["AGH11000020S",null,"창호주위 모르타르 충전",null,"M",87,4397,0,4484,"합계"]
["AGH12000010S",null,"창호주위 발포우레탄 충전",null,"10M",0,26309,0,26309,"합계"]
["AGH12000020S",null,"창호주위 발포우레탄 충전",null,"M",0,2630,0,2630,"합계"]
["AGH30000010S",null,"주각부 무수축 모르타르 충전","400*400mm","개소",0,50963,0,50963,"합계"]
["AGH30000020S",null,"주각부 무수축 모르타르 충전","500*500mm","개소",0,63290,0,63290,"합계"]
["AGH30000030S",null,"주각부 무수축 모르타르 충전","600*600mm","개소",0,72949,0,72949,"합계"]
["AGH30000040S",null,"주각부 무수축 모르타르 충전","700*700mm","개소",0,86931,0,86931,"합계"]
["AGJ00000010S",null,"코너비드 설치","재료비 별도","M",0,6402,0,6402,"합계"]
["AGJ00000020S",null,"코너비드 설치","재료비 별도","10M",0,64028,0,64028,"합계"]
["AGJ00600010S",null,"라스 붙임",null,"10M2",0,37350,0,37350,"합계"]
["AGJ00600020S",null,"라스 붙임",null,"M2",0,3735,0,3735,"합계"]
["AHB10000010S",null,"가열식시트 붙임","바닥, 시트 1겹 붙임 기준","M2",531,17720,0,18251,"합계"]
["AHB10000020S",null,"접착식시트 붙임","바닥, 시트 1겹 붙임 기준","M2",210,10538,0,10748,"합계"]
["AHB10000030S",null,"자착식시트 붙임","바닥, 시트 1겹 붙임 기준","M2",0,8175,0,8175,"합계"]
["AHB20000010S",null,"가열식시트 붙임","수직부, 시트 1겹 붙임 기준","M2",708,23626,0,24334,"합계"]
["AHB20000020S",null,"접착식시트 붙임","수직부, 시트 1겹 붙임 기준","M2",278,13916,0,14194,"합계"]
["AHB20000030S",null,"자착식시트 붙임","수직부, 시트 1겹 붙임 기준","M2",0,10963,0,10963,"합계"]
["AHC00100010S",null,"도막바름","바닥, 도막 1층(회) 형성 기준","M2",93,4678,0,4771,"합계"]
["AHC00100020S",null,"도막바름","수직부, 도막 1층(회) 형성 기준","M2",124,6237,0,6361,"합계"]
["AHC00200010S",null,"보강포 붙임","바닥, 1층(회) 붙임 기준","M2",0,2787,0,2787,"합계"]
["AHC00200020S",null,"보강포 붙임","수직부, 1층(회) 붙임 기준","M2",0,4181,0,4181,"합계"]
["AHC00300010S",null,"마감도료(Top-coat) 바름","바닥, 1층(회) 바름 기준","M2",67,3378,0,3445,"합계"]
["AHC00300020S",null,"마감도료(Top-coat) 바름","수직부, 1층(회) 바름 기준","M2",86,4347,0,4433,"합계"]
["AHD12000010S",null,"규산질계 도포방수 바름","바닥","M2",480,16017,0,16497,"합계"]
["AHD22000010S",null,"규산질계 도포방수 바름","수직부","M2",528,17624,0,18152,"합계"]
["AHD31000010S",null,"액상형 흡수방지방수 도포","바름 1층(회)","M2",0,3472,0,3472,"합계"]
["AHD31000020S",null,"액상형 흡수방지방수 도포","바름 2층(회)","M2",0,5291,0,5291,"합계"]
["AHD31000030S",null,"액상형 흡수방지방수 도포","뿜칠 1층(회)","M2",113,2834,0,2947,"합계"]
["AHD31000040S",null,"액상형 흡수방지방수 도포","뿜칠 2층(회)","M2",171,4275,0,4446,"합계"]
["AHF00000010S",null,"수밀코킹","재료비 별도","M",0,5015,0,5015,"합계"]
["AHF40000010S",null,"줄눈 절단",null,"M",187,1799,31,2017,"합계"]
["AHF40000020S",null,"줄눈 설치",null,"M",0,1228,0,1228,"합계"]
["AHG00000010S",null,"방수모르타르 바름","10mm 이하, 벽돌, 콘크리트 바탕","M2",366,18332,0,18698,"합계"]
["AHG00000020S",null,"방수모르타르 바름","15mm 이하, 벽돌, 콘크리트 바탕","M2",441,22058,0,22499,"합계"]
["AHG00000030S",null,"방수모르타르 바름","20mm 이하, 벽돌, 콘크리트 바탕","M2",548,27421,0,27969,"합계"]
["AHG00000040S",null,"시멘트 혼입 폴리머계 도막방수 바름","노출 공법","M2",985,32844,0,33829,"합계"]
["AHG00000050S",null,"시멘트 혼입 폴리머계 도막방수 바름","비노출 공법","M2",871,29063,0,29934,"합계"]
["AHG12000010S",null,"폴리머 시멘트 모르타르방수 바름","1종","M2",581,19375,0,19956,"합계"]
["AHG22000010S",null,"폴리머 시멘트 모르타르방수 바름","2종","M2",354,11813,0,12167,"합계"]
["AHI00000010S",null,"시멘트 액체방수 바름","바닥","M2",676,22563,0,23239,"합계"]
["AHI00000020S",null,"시멘트 액체방수 바름","수직부","M2",531,17720,0,18251,"합계"]
["AHK11000010S",null,"방습필름 설치","바닥","M2",0,1383,0,1383,"합계"]
["AHK11000020S",null,"방습필름 설치","벽","M2",0,1870,0,1870,"합계"]
["AHS01000010S",null,"벤토나이트방수 붙임","시트, 수직부","M2",452,8622,0,9074,"합계"]
["AHS01000020S",null,"벤토나이트방수 붙임","시트, 바닥","M2",362,7229,0,7591,"합계"]
["AHS02000010S",null,"벤토나이트방수 붙임","매트, 수직부","M2",634,11457,0,12091,"합계"]
["AHS02000020S",null,"벤토나이트방수 붙임","매트, 바닥","M2",597,10229,0,10826,"합계"]
["AHS11000010S",null,"바탕처리 - 불량","바닥","M2",608,10135,0,10743,"합계"]
["AHS11000020S",null,"바탕처리 - 불량","수직부","M2",678,11316,0,11994,"합계"]
["AHS11000110S",null,"바탕처리 - 보통","바닥","M2",334,8363,0,8697,"합계"]
["AHS11000120S",null,"바탕처리 - 보통","수직부","M2",364,9119,0,9483,"합계"]
["AHS12000010S",null,"방수프라이머 바름","롤러 1층(회) 바름 기준","M2",63,3165,0,3228,"합계"]
["AHS13100010S",null,"방수층보호재 붙임","PE필름, 바닥","M2",0,2834,0,2834,"합계"]
["AHS13100020S",null,"방수층보호재 붙임","PE필름, 수직부","M2",0,3425,0,3425,"합계"]
["AHS13200010S",null,"방수층보호재 붙임","발포 PE시트, 바닥","M2",0,3212,0,3212,"합계"]
["AHS13200020S",null,"방수층보호재 붙임","발포 PE시트, 수직부","M2",0,4228,0,4228,"합계"]
["AHS14000010S",null,"방수층 누름철물 설치",null,"M",0,4159,0,4159,"합계"]
["AIA30000010S",null,"마루틀 설치","시공비","M2",654,16359,0,17013,"합계"]
["AIA30000011S",null,"마루틀 설치","시공비","일",49511,1237777,0,1287288,"합계"]
["AIA30000020S",null,"마루바탕 설치","합판 깔기 기준","M2",319,7991,0,8310,"합계"]
["AIA30000021S",null,"마루바탕 설치","합판 깔기 기준","일",49511,1237777,0,1287288,"합계"]
["AIA40000010S",null,"마루귀틀 설치",null,"m",325,16267,0,16592,"합계"]
["AIA44000010S",null,"마루널 설치","마루널 t22*w60mm 기준","M2",703,17596,0,18299,"합계"]
["AIA44000011S",null,"마루널 설치","마루널 t22*w60mm 기준","일",49511,1237777,0,1287288,"합계"]
["AIA60000010S",null,"먹매김(구조부 먹매김)","일반","M2",0,1340,0,1340,"합계"]
["AIA60000020S",null,"먹매김(구조부 먹매김)","주택","M2",0,2412,0,2412,"합계"]
["AIA60000030S",null,"먹매김(거푸집 먹매김)","일반","M2",0,3216,0,3216,"합계"]
["AIA60000040S",null,"먹매김(거푸집 먹매김)","주택","M2",0,5629,0,5629,"합계"]
["AIB20000010S",null,"칸막이벽틀 설치","주재료 별도","M2",1052,35083,0,36135,"합계"]
["AIB20000011S",null,"칸막이벽틀 설치","주재료 별도","일",21049,701661,0,722710,"합계"]
["AIB30000010S",null,"벽체틀 설치","자재 별도","M2",187,9389,0,9576,"합계"]
["AIB30000011S",null,"벽체틀 설치","자재 별도","일",14033,701661,0,715694,"합계"]
["AIC10000010S",null,"토대설치",null,"M",474,23706,0,24180,"합계"]
["AIC10000030S",null,"목재데크 설치","주재료비 별도","㎡",1080,54036,0,55116,"합계"]
["AIC10000031S",null,"목재데크 설치","주재료비 별도","일",19394,969719,0,989113,"합계"]
["AIC10000040S",null,"목재데크틀 설치","평구조","TON",113382,2834570,0,2947952,"합계"]
["AIC10000041S",null,"목재데크틀 설치","평구조","일",45353,1133828,0,1179181,"합계"]
["AIC10000050S",null,"목재데크틀 설치","계단구조","TON",191640,4791021,0,4982661,"합계"]
["AIC10000051S",null,"목재데크틀 설치","계단구조","일",61325,1533127,0,1594452,"합계"]
["AJC10000010S",null,"앵커고정식난간 설치",null,"M",443,14793,0,15236,"합계"]
["AJC10000011S",null,"앵커고정식난간 설치",null,"일",18991,633053,0,652044,"합계"]
["AJC10100010S",null,"용접식난간 설치","현장제작 설치, 철제 난간","ton",212210,5305274,0,5517484,"합계"]
["AJC10100011S",null,"용접식난간 설치","현장제작 설치","일",46683,1167095,0,1213778,"합계"]
["AJC10100020S",null,"용접식난간 설치","현장제작 설치, 철제 난간","kg",212,5305,0,5517,"합계"]
["AJC10100030S",null,"용접식난간 설치","규격철물 설치, 철제 난간","ton",133281,3332027,0,3465308,"합계"]
["AJC10100031S",null,"용접식난간 설치","규격철물 설치","일",37333,933341,0,970674,"합계"]
["AJC10100040S",null,"용접식난간 설치","규격철물 설치, 철제 난간","kg",133,3331,0,3464,"합계"]
["AJC10300010S",null,"용접식난간 설치","현장제작 설치, 경량철물(스테인리스)","ton",272166,6804163,0,7076329,"합계"]
["AJC10300020S",null,"용접식난간 설치","현장제작 설치, 경량철물(스테인리스)","kg",272,6804,0,7076,"합계"]
["AJC10300030S",null,"용접식난간 설치","규격철물 설치, 경량철물(스테인리스)","ton",170988,4274701,0,4445689,"합계"]
["AJC10300040S",null,"용접식난간 설치","규격철물 설치, 경량철물(스테인리스)","kg",170,4274,0,4444,"합계"]
["AJD00100010S",null,"와이어메시 바닥깔기","1800*1800 기준","M2",0,1285,0,1285,"합계"]
["AJI00000010S",null,"인서트(Insert) 설치","설치대상 - 거푸집","개",0,974,0,974,"합계"]
["AJI00000020S",null,"인서트(Insert) 설치","설치대상 - 데크플레이트","개",68,1704,0,1772,"합계"]
["AJI00000030S",null,"인서트(Insert) 설치","설치대상 - 콘크리트","개",87,2191,0,2278,"합계"]
["AJI00000060S",null,"경량천장철골틀 설치","BAR간격 300mm","M2",651,10850,0,11501,"합계"]
["AJI00000070S",null,"경량천장철골틀 설치","BAR간격 450mm","M2",626,10441,0,11067,"합계"]
["AJI00000080S",null,"경량천장철골틀 설치","BAR간격 600mm","M2",601,10032,0,10633,"합계"]
["AJI00000090S",null,"경량천장철골틀 설치","BAR간격 300mm, 톱니형 달대볼트 시공","M2",469,7831,0,8300,"합계"]
["AJI00000100S",null,"경량천장철골틀 설치","BAR간격 450mm, 톱니형 달대볼트 시공","M2",445,7422,0,7867,"합계"]
["AJI00000110S",null,"경량천장철골틀 설치","BAR간격 600mm, 톱니형 달대볼트 시공","M2",430,7178,0,7608,"합계"]
["AJI00000111S",null,"경량천장철골틀 설치",null,"일",39157,652621,0,691778,"합계"]
["AJI60000010S",null,"천장점검구 설치","450*450mm","개소",9743,84445,0,94188,"합계"]
["AJI60000020S",null,"천장점검구 설치","600*600mm","개소",11573,93962,0,105535,"합계"]
["AJM42000010S",null,"조이너 및 몰딩 설치","조이너","M",194,4870,0,5064,"합계"]
["AJM51100010S",null,"잡철물 제작 및 설치(제품 설치)","일반철재","Ton",95766,1197077,0,1292843,"합계"]
["AJM51100020S",null,"잡철물 제작 및 설치(제품 설치)","경량철재","Ton",93398,1556640,0,1650038,"합계"]
["AJM51100030S",null,"잡철물 제작 및 설치(제품 설치)","일반철재, 단순설치","Ton",86189,1077369,0,1163558,"합계"]
["AJM51100040S",null,"잡철물 제작 및 설치(제품 설치)","경량철재, 단순설치","Ton",84058,1400976,0,1485034,"합계"]
["AJM52100010S",null,"잡철물 제작 및 설치(규격철물 설치)","일반철재","Ton",236593,2957413,0,3194006,"합계"]
["AJM52100020S",null,"잡철물 제작 및 설치(규격철물 설치)","경량철재","Ton",230743,3845733,0,4076476,"합계"]
["AJM52100030S",null,"잡철물 제작 및 설치(규격철물 설치)","일반철재, 복잡","Ton",307570,3844637,0,4152207,"합계"]
["AJM52100040S",null,"잡철물 제작 및 설치(규격철물 설치)","경량철재, 복잡","Ton",299967,4999454,0,5299421,"합계"]
["AJM53100010S",null,"잡철물 제작 및 설치(현장제작 설치)","일반철재","Ton",410630,5132880,0,5543510,"합계"]
["AJM53100020S",null,"잡철물 제작 및 설치(현장제작 설치)","경량철재","Ton",400294,6671569,0,7071863,"합계"]
["AJM53100030S",null,"잡철물 제작 및 설치(현장제작 설치)","일반철재, 복잡","Ton",533819,6672744,0,7206563,"합계"]
["AJM53100040S",null,"잡철물 제작 및 설치(현장제작 설치)","경량철재, 복잡","Ton",520382,8673040,0,9193422,"합계"]
["AJO11000010S",null,"경량벽체철골틀 설치","폭 150mm이하","m2",601,10032,0,10633,"합계"]
["AJO11000020S",null,"경량벽체철골틀 설치",null,"일",39157,652621,0,691778,"합계"]
["AKA43000010S",null,"금속기와 잇기","1m2 이하, 경사 3/4 미만","M2",255,12772,0,13027,"합계"]
["AKA43000020S",null,"금속기와 잇기","1m2 이하, 경사 3/4 이상","M2",306,15327,0,15633,"합계"]
["AKA43000030S",null,"금속기와 잇기","1m2 초과, 경사 3/4 미만","M2",210,10549,0,10759,"합계"]
["AKA43000040S",null,"금속기와 잇기","1m2 초과, 경사 3/4 이상","M2",253,12659,0,12912,"합계"]
["AKA44000010S",null,"금속판 평잇기","1m2 이하, 경사 3/4 미만","M2",172,17219,0,17391,"합계"]
["AKA44000020S",null,"금속판 평잇기","1m2 이하, 경사 3/4 이상","M2",172,20663,0,20835,"합계"]
["AKA44000030S",null,"금속판 평잇기","1m2 이하, 벽","M2",172,18941,0,19113,"합계"]
["AKA45000010S",null,"금속판 돌출잇기 현장제작","돌출간격 0.3~0.5m","M2",255,12772,0,13027,"합계"]
["AKA46000010S",null,"금속판 돌출잇기","돌출간격 0.3~0.5m, 경사 3/4 미만","M2",149,14996,0,15145,"합계"]
["AKA46000020S",null,"금속판 돌출잇기","돌출간격 0.3~0.5m, 경사 3/4 이상","M2",149,17995,0,18144,"합계"]
["AKA46000030S",null,"금속판 돌출잇기","돌출간격 0.3~0.5m, 벽","M2",149,16495,0,16644,"합계"]
["AKA50100010S",null,"아스팔트싱글 설치","경사 3/4 미만","M2",0,17219,0,17219,"합계"]
["AKA50100020S",null,"아스팔트싱글 설치","경사 3/4 이상","M2",0,20663,0,20663,"합계"]
["AKA60200010S",null,"후레싱 설치","경사 3/4 미만","M",222,4446,0,4668,"합계"]
["AKA60200020S",null,"후레싱 설치","경사 3/4 이상","M",222,5336,0,5558,"합계"]
["AKB15100010S",null,"금속 선홈통 설치","150mm 이하 기준","M",479,23964,0,24443,"합계"]
["AKB16100010S",null,"염화비닐 선홈통 설치","150mm 이하 기준","M",341,17079,0,17420,"합계"]
["AKB16100020S",null,"염화비닐 선홈통 설치","150mm 이하 기준, 공동주택(고정방식)","M",273,13663,0,13936,"합계"]
["AKB44000010S",null,"금속 처마홈통 설치","150mm 이하 기준","M",308,15424,0,15732,"합계"]
["AKB45000010S",null,"염화비닐 처마홈통 설치","150mm 이하 기준","M",262,13129,0,13391,"합계"]
["AKB46000010S",null,"물받이홈통 설치",null,"개소",0,21669,0,21669,"합계"]
["AKC13000010S",null,"루프드레인 설치",null,"개소",0,45633,0,45633,"합계"]
["ALB15000010S",null,"강재창호 설치 / 여닫이","창호면적 1.0㎡ 이하","개소",3393,113118,0,116511,"합계"]
["ALB15000020S",null,"강재창호 설치 / 여닫이","창호면적 1.0 ~ 3.0㎡ 이하","개소",3728,124289,0,128017,"합계"]
["ALB15000030S",null,"강재창호 설치 / 여닫이","창호면적 3.0 ~ 6.0㎡ 이하","개소",4835,161196,0,166031,"합계"]
["ALB15000040S",null,"강재창호 설치 / 여닫이","창호면적 6.0 ~ 8.0㎡ 이하","개소",5679,189331,0,195010,"합계"]
["ALB22000010S",null,"알루미늄창호 설치","창호면적 1.0㎡ 이하","개소",1188,59414,0,60602,"합계"]
["ALB22000020S",null,"알루미늄창호 설치","창호면적 1.0 ~ 3.0㎡ 이하","개소",1613,80680,0,82293,"합계"]
["ALB22000030S",null,"알루미늄창호 설치","창호면적 3.0 ~ 6.0㎡ 이하","개소",2278,113945,0,116223,"합계"]
["ALB22000040S",null,"알루미늄창호 설치","창호면적 6.0 ~ 9.0㎡ 이하","개소",2695,134798,0,137493,"합계"]
["ALB22000050S",null,"알루미늄창호 설치","창호면적 9.0 ~ 12.0㎡ 이하","개소",2926,146301,0,149227,"합계"]
["ALB41700010S",null,"목제창호 설치","문선 설치","M",0,2482,0,2482,"합계"]
["ALB42000010S",null,"목재창호 설치 / 미서기(단창)","창호면적 1.0㎡ 이하","개소",2115,70502,0,72617,"합계"]
["ALB42000020S",null,"목재창호 설치 / 미서기(단창)","창호면적 1.0 ~ 3.0㎡ 이하","개소",2514,83824,0,86338,"합계"]
["ALB42000030S",null,"목재창호 설치 / 미서기(단창)","창호면적 3.0 ~ 6.0㎡ 이하","개소",3463,115435,0,118898,"합계"]
["ALB42000040S",null,"목재창호 설치 / 미서기(단창)","창호면적 6.0 ~ 8.0㎡ 이하","개소",4453,148451,0,152904,"합계"]
["ALB45000010S",null,"목재창호 설치 / 여닫이","창호면적 1.0㎡ 이하","개소",2221,74060,0,76281,"합계"]
["ALB45000020S",null,"목재창호 설치 / 여닫이","창호면적 1.0 ~ 3.0㎡ 이하","개소",2648,88293,0,90941,"합계"]
["ALB45000030S",null,"목재창호 설치 / 여닫이","창호면적 3.0 ~ 6.0㎡ 이하","개소",3646,121558,0,125204,"합계"]
["ALB45000040S",null,"목재창호 설치 / 여닫이","창호면적 6.0 ~ 8.0㎡ 이하","개소",4686,156230,0,160916,"합계"]
["ALB52000010S",null,"합성수지창호 설치 / 미서기 단창","창호면적 1.0㎡ 이하","개소",961,48077,0,49038,"합계"]
["ALB52000020S",null,"합성수지창호 설치 / 미서기 단창","창호면적 1.0 ~ 3.0㎡ 이하","개소",1194,59744,0,60938,"합계"]
["ALB52000030S",null,"합성수지창호 설치 / 미서기 단창","창호면적 3.0 ~ 6.0㎡ 이하","개소",1898,94913,0,96811,"합계"]
["ALB52000040S",null,"합성수지창호 설치 / 미서기 단창","창호면적 6.0 ~ 9.0㎡ 이하","개소",2351,117586,0,119937,"합계"]
["ALB52000050S",null,"합성수지창호 설치 / 미서기 단창","창호면적 9.0 ~ 12.0㎡ 이하","개소",2667,133391,0,136058,"합계"]
["ALB52000060S",null,"합성수지창호 설치 / 미서기 이중창","창호면적 1.0㎡ 이하","개소",1138,56931,0,58069,"합계"]
["ALB52000070S",null,"합성수지창호 설치 / 미서기 이중창","창호면적 1.0 ~ 3.0㎡ 이하","개소",1408,70419,0,71827,"합계"]
["ALB52000080S",null,"합성수지창호 설치 / 미서기 이중창","창호면적 3.0 ~ 6.0㎡ 이하","개소",2172,108649,0,110821,"합계"]
["ALB52000090S",null,"합성수지창호 설치 / 미서기 이중창","창호면적 6.0 ~ 9.0㎡ 이하","개소",2714,135708,0,138422,"합계"]
["ALB52000100S",null,"합성수지창호 설치 / 미서기 이중창","창호면적 9.0 ~ 12.0㎡ 이하","개소",3091,154575,0,157666,"합계"]
["ALC10000010S",null,"알루미늄 프레임 설치 / 현장가공","1 ~ 3층","10kg",2110,70338,0,72448,"합계"]
["ALC10000020S",null,"알루미늄 프레임 설치 / 공장가공","1 ~ 3층","10kg",1837,61235,0,63072,"합계"]
["ALC10000030S",null,"외벽 패널 설치(트러스 설치 / 벽)","1 ~ 3층","10M2",15462,515430,0,530892,"합계"]
["ALC10000040S",null,"외벽 패널 설치(패널 설치 / 벽)","1 ~ 3층","10M2",3926,130894,0,134820,"합계"]
["ALC10000050S",null,"외벽 패널 설치(트러스 설치 / 천장 및 지붕)","1 ~ 3층","10M2",18527,617581,0,636108,"합계"]
["ALC10000060S",null,"외벽 패널 설치(패널 설치 / 천장 및 지붕)","1 ~ 3층","10M2",4736,157872,0,162608,"합계"]
["ALC10000070S",null,"코킹(외벽 패널 줄눈 및 수밀코킹)","1 ~ 3층","10M",0,41678,0,41678,"합계"]
["ALE00000010S",null,"셔터설치(장치포함)","셔터면적 5㎡ 미만","개소",14282,714139,0,728421,"합계"]
["ALE00000020S",null,"셔터설치(장치포함)","셔터면적  5 ~ 10㎡ 미만","개소",17874,893709,0,911583,"합계"]
["ALE00000030S",null,"셔터설치(장치포함)","셔터면적 10 ~ 15㎡ 미만","개소",21465,1073278,0,1094743,"합계"]
["ALE00000040S",null,"셔터설치(장치포함)","셔터면적 15 ~ 20㎡ 미만","개소",25056,1252848,0,1277904,"합계"]
["ALE00000050S",null,"셔터설치(장치포함)","셔터면적 20 ~ 25㎡ 미만","개소",28615,1430762,0,1459377,"합계"]
["ALF13100010S",null,"도어록 설치 / 일반도어록 목재창호","재료비 별도","10개소",3078,76953,0,80031,"합계"]
["ALF13100020S",null,"도어록 설치 / 일반도어록 강재창호","재료비 별도","10개소",1191,59577,0,60768,"합계"]
["ALF13100030S",null,"도어록 설치 / 디지탈도어록 강재창호","재료비 별도","10개소",2134,106742,0,108876,"합계"]
["ALF16000010S",null,"도어체크 설치","재료비 별도","10개소",4104,205226,0,209330,"합계"]
["ALF21000010S",null,"플로어힌지 설치","재료비 별도","10개소",6355,317770,0,324125,"합계"]
["ALG00000010S",null,"창호유리설치 / 판유리","유리두께 3mm 이하","M2",0,19651,0,19651,"합계"]
["ALG00000020S",null,"창호유리설치 / 판유리","유리두께 5mm 이하","M2",0,22706,0,22706,"합계"]
["ALG00000030S",null,"창호유리설치 / 판유리","유리두께 9mm 이하","M2",0,26009,0,26009,"합계"]
["ALG00000040S",null,"창호유리설치 / 판유리","유리두께 12mm 이하","M2",0,33521,0,33521,"합계"]
["ALH00100010S",null,"창호유리설치 / 복층유리","유리두께 12mm 이하","M2",0,28155,0,28155,"합계"]
["ALH00100020S",null,"커튼월유리 설치","유리두께 12mm 이하","M2",0,33028,0,33028,"합계"]
["ALH00200010S",null,"창호유리설치 / 복층유리","유리두께 16mm 이하","M2",0,30797,0,30797,"합계"]
["ALH00200020S",null,"커튼월유리 설치","유리두께 16mm 이하","M2",0,35917,0,35917,"합계"]
["ALH00300010S",null,"창호유리설치 / 복층유리","유리두께 18mm 이하","M2",0,32201,0,32201,"합계"]
["ALH00300020S",null,"커튼월유리 설치","유리두께 18mm 이하","M2",0,37568,0,37568,"합계"]
["ALH00400010S",null,"창호유리설치 / 복층유리","유리두께 22mm 이하","M2",0,32862,0,32862,"합계"]
["ALH00400020S",null,"커튼월유리 설치","유리두께 22mm 이하","M2",0,38229,0,38229,"합계"]
["ALH00500010S",null,"창호유리설치 / 복층유리","유리두께 24mm 이하","M2",0,34018,0,34018,"합계"]
["ALH00500020S",null,"커튼월유리 설치","유리두께 24mm 이하","M2",0,39881,0,39881,"합계"]
["ALH00600010S",null,"창호유리설치 / 복층유리","유리두께 28mm 이하","M2",0,36412,0,36412,"합계"]
["ALH00600020S",null,"커튼월유리 설치","유리두께 28mm 이하","M2",0,42523,0,42523,"합계"]
["AMA11200010S",null,"타일 붙임 / 떠붙이기","타일규격 0.04 ~ 0.10㎡ 이하","㎡",1583,52784,0,54367,"합계"]
["AMA11200020S",null,"타일 붙임 / 떠붙이기 - 모자이크(유니트형)","타일규격 0.04 ~ 0.10㎡ 이하","㎡",1583,65980,0,67563,"합계"]
["AMA11200040S",null,"타일 붙임 / 떠붙이기","타일규격 0.11 ~ 0.20㎡ 이하","㎡",1418,47292,0,48710,"합계"]
["AMA11200060S",null,"타일 붙임 / 떠붙이기 - 모자이크(유니트형)","타일규격 0.11 ~ 0.20㎡ 이하","㎡",1418,59116,0,60534,"합계"]
["AMA11200070S",null,"타일 붙임 / 떠붙이기","타일규격  0.21 ~ 0.40㎡ 이하","㎡",1310,43669,0,44979,"합계"]
["AMA11200080S",null,"타일 붙임 / 떠붙이기 - 모자이크(유니트형)","타일규격  0.21 ~ 0.40㎡ 이하","㎡",1310,54587,0,55897,"합계"]
["AMA11200100S",null,"타일 붙임 / 압착 붙이기","벽면, 타일규격 0.04 ~ 0.10㎡ 이하","㎡",1449,48319,0,49768,"합계"]
["AMA11200110S",null,"타일 붙임 / 압착 붙이기 - 모자이크(유니트형)","벽면, 타일규격 0.04 ~ 0.10㎡ 이하","㎡",1449,60399,0,61848,"합계"]
["AMA11200120S",null,"타일 붙임 / 압착 붙이기","벽면, 타일규격 0.11 ~ 0.20㎡ 이하","㎡",1294,43158,0,44452,"합계"]
["AMA11200130S",null,"타일 붙임 / 압착 붙이기 - 모자이크(유니트형)","벽면, 타일규격 0.11 ~ 0.20㎡ 이하","㎡",1294,53948,0,55242,"합계"]
["AMA11200140S",null,"타일 붙임 / 압착 붙이기","벽면, 타일규격  0.21 ~ 0.40㎡ 이하","㎡",1191,39701,0,40892,"합계"]
["AMA11200150S",null,"타일 붙임 / 압착 붙이기 - 모자이크(유니트형)","벽면, 타일규격  0.21 ~ 0.40㎡ 이하","㎡",1191,49626,0,50817,"합계"]
["AMA12000010S",null,"타일 붙임 / 접착 붙이기","타일규격 0.04 ~ 0.10㎡ 이하","㎡",848,28288,0,29136,"합계"]
["AMA12000020S",null,"타일 붙임 / 접착 붙이기","타일규격 0.11 ~ 0.20㎡ 이하","㎡",794,26477,0,27271,"합계"]
["AMA12000030S",null,"타일 붙임 / 접착 붙이기","타일규격  0.21 ~ 0.40㎡ 이하","㎡",756,25214,0,25970,"합계"]
["AMA12000040S",null,"타일 붙임 / 접착 붙이기 - 모자이크(유니트형)","타일규격 0.04 ~ 0.10㎡ 이하","㎡",848,35360,0,36208,"합계"]
["AMA12000050S",null,"타일 붙임 / 접착 붙이기 - 모자이크(유니트형)","타일규격 0.11 ~ 0.20㎡ 이하","㎡",794,33096,0,33890,"합계"]
["AMA12000060S",null,"타일 붙임 / 접착 붙이기 - 모자이크(유니트형)","타일규격  0.21 ~ 0.40㎡ 이하","㎡",756,31517,0,32273,"합계"]
["AMA19000010S",null,"타일줄눈 설치 / 벽면","타일규격  0.04 ~ 0.10㎡ 이하","㎡",0,3907,0,3907,"합계"]
["AMA19000020S",null,"타일줄눈 설치 / 벽면","타일규격 0.11 ~ 0.20㎡ 이하","㎡",0,3321,0,3321,"합계"]
["AMA19000030S",null,"타일줄눈 설치 / 벽면","타일규격  0.21 ~ 0.40㎡ 이하","㎡",0,2930,0,2930,"합계"]
["AMA19000040S",null,"타일줄눈 설치 / 바닥면","타일규격  0.04 ~ 0.10㎡ 이하","㎡",0,3125,0,3125,"합계"]
["AMA19000050S",null,"타일줄눈 설치 / 바닥면","타일규격 0.11 ~ 0.20㎡ 이하","㎡",0,2539,0,2539,"합계"]
["AMA19000060S",null,"타일줄눈 설치 / 바닥면","타일규격  0.21 ~ 0.40㎡ 이하","㎡",0,2149,0,2149,"합계"]
["AMA31200010S",null,"타일 붙임 / 압착 붙이기","바닥면, 타일규격 0.04 ~ 0.10㎡ 이하","㎡",1162,38765,0,39927,"합계"]
["AMA31200020S",null,"타일 붙임 / 압착 붙이기 - 모자이크(유니트형)","바닥면, 타일규격 0.04 ~ 0.10㎡ 이하","㎡",1162,48456,0,49618,"합계"]
["AMA31200030S",null,"타일 붙임 / 압착 붙이기","바닥면, 타일규격 0.11 ~ 0.20㎡ 이하","㎡",1032,34427,0,35459,"합계"]
["AMA31200040S",null,"타일 붙임 / 압착 붙이기 - 모자이크(유니트형)","바닥면, 타일규격 0.11 ~ 0.20㎡ 이하","㎡",1032,43034,0,44066,"합계"]
["AMA31200050S",null,"타일 붙임 / 압착 붙이기","바닥면, 타일규격  0.21 ~ 0.40㎡ 이하","㎡",945,31519,0,32464,"합계"]
["AMA31200060S",null,"타일 붙임 / 압착 붙이기 - 모자이크(유니트형)","바닥면, 타일규격  0.21 ~ 0.40㎡ 이하","㎡",945,39398,0,40343,"합계"]
["AMB12100010S",null,"석재판 붙임(습식공법, 화강석)","계단부, 자재 별도","M2",1171,117114,0,118285,"합계"]
["AMB12300010S",null,"석재판 붙임(습식공법, 테라조판)","계단부, 자재 별도","M2",966,96611,0,97577,"합계"]
["AMB30100010S",null,"석재판 붙임(습식공법, 화강석)","바닥, 자재 별도","M2",1034,103446,0,104480,"합계"]
["AMB30300010S",null,"석재판 붙임(습식공법, 테라조판)","바닥, 자재 별도","M2",871,87188,0,88059,"합계"]
["AMB60400010S",null,"석재판붙임(앵커지지 공법, 줄눈포함)","석재판 규격 0.3m2 초과~0.8m2 이하","M2",3563,118769,0,122332,"합계"]
["AMB60400020S",null,"석재판붙임(앵커지지 공법, 줄눈포함)","석재판 규격 0.3m2 이하","M2",3774,125816,0,129590,"합계"]
["AMB60400030S",null,"강재트러스지지공법(강재트러스 설치)","석재판 규격 0.3m2 이하","M2",2093,69766,0,71859,"합계"]
["AMB60400040S",null,"강재트러스지지공법(석재판 붙임)","석재판 규격 0.3m2 이하","M2",2736,91220,0,93956,"합계"]
["AMB60400050S",null,"강재트러스지지공법(강재트러스 설치)","석재판 규격 0.3m2 초과~0.8m2 이하","M2",1862,62088,0,63950,"합계"]
["AMB60400060S",null,"강재트러스지지공법(석재판 붙임)","석재판 규격 0.3m2 초과~0.8m2 이하","M2",2531,84386,0,86917,"합계"]
["AMB60400070S",null,"석재판붙임(강재TRUSS 시공비, 줄눈포함)","석재판 규격 0.3m2 이하","M2",4829,160986,0,165815,"합계"]
["AMB60400080S",null,"석재판붙임(강재TRUSS 시공비, 줄눈포함)","석재판 규격 0.3m2 초과~0.8m2 이하","M2",4393,146474,0,150867,"합계"]
["ANA00000010S",null,"녹막이 페인트칠","철재면, 1회","M2",85,4258,0,4343,"합계"]
["ANA00000020S",null,"녹막이 페인트칠","철재면, 2회","M2",170,8516,0,8686,"합계"]
["ANA00000030S",null,"녹막이 페인트칠","철재면, 3회","M2",255,12774,0,13029,"합계"]
["ANA00000040S",null,"녹막이 페인트칠","철재면, 천장, 1회","M2",102,5109,0,5211,"합계"]
["ANA00000050S",null,"녹막이 페인트칠","철재면, 천장, 2회","M2",170,10219,0,10389,"합계"]
["ANA00000060S",null,"녹막이 페인트칠","철재면, 천장, 3회","M2",255,15329,0,15584,"합계"]
["ANB11200010S",null,"유성페인트 붓칠","철재면, 1회","M2",113,5677,0,5790,"합계"]
["ANB11200020S",null,"유성페인트 붓칠","철재면, 2회","M2",227,11355,0,11582,"합계"]
["ANB11200030S",null,"유성페인트 붓칠","철재면, 3회","M2",340,17032,0,17372,"합계"]
["ANB11200040S",null,"유성페인트 롤러칠","철재면, 1회","M2",61,3089,0,3150,"합계"]
["ANB11200050S",null,"유성페인트 롤러칠","철재면, 2회","M2",123,6179,0,6302,"합계"]
["ANB11200060S",null,"유성페인트 롤러칠","철재면, 3회","M2",185,9268,0,9453,"합계"]
["ANB11300010S",null,"유성페인트 붓칠","철재면, 천장, 1회","M2",113,6813,0,6926,"합계"]
["ANB11300020S",null,"유성페인트 붓칠","철재면, 천장, 2회","M2",227,13626,0,13853,"합계"]
["ANB11300030S",null,"유성페인트 붓칠","철재면, 천장, 3회","M2",340,20439,0,20779,"합계"]
["ANB11300040S",null,"유성페인트 롤러칠","철재면, 천장, 1회","M2",61,3707,0,3768,"합계"]
["ANB11300050S",null,"유성페인트 롤러칠","철재면, 천장, 2회","M2",123,7414,0,7537,"합계"]
["ANB11300060S",null,"유성페인트 롤러칠","철재면, 천장, 3회","M2",185,11122,0,11307,"합계"]
["ANB13200010S",null,"유성페인트 붓칠","con_c·mortar면, G.B.면, 1회","M2",133,6680,0,6813,"합계"]
["ANB13200020S",null,"유성페인트 붓칠","con_c·mortar면, G.B.면, 2회","M2",267,13361,0,13628,"합계"]
["ANB13200030S",null,"유성페인트 붓칠","con_c·mortar면, G.B.면, 3회","M2",400,20042,0,20442,"합계"]
["ANB13200040S",null,"유성페인트 롤러칠","con_c·mortar면, G.B.면, 1회","M2",75,3756,0,3831,"합계"]
["ANB13200050S",null,"유성페인트 롤러칠","con_c·mortar면, G.B.면, 2회","M2",150,7513,0,7663,"합계"]
["ANB13200060S",null,"유성페인트 롤러칠","con_c·mortar면, G.B.면, 3회","M2",225,11269,0,11494,"합계"]
["ANB13300010S",null,"유성페인트 붓칠","con_c·mortar면, G.B.면, 천장, 1회","M2",133,8016,0,8149,"합계"]
["ANB13300020S",null,"유성페인트 붓칠","con_c·mortar면, G.B.면, 천장, 2회","M2",267,16033,0,16300,"합계"]
["ANB13300030S",null,"유성페인트 붓칠","con_c·mortar면, G.B.면, 천장, 3회","M2",400,24050,0,24450,"합계"]
["ANB13300040S",null,"유성페인트 롤러칠","con_c·mortar면, G.B.면, 천장, 1회","M2",75,4507,0,4582,"합계"]
["ANB13300050S",null,"유성페인트 롤러칠","con_c·mortar면, G.B.면, 천장, 2회","M2",180,9015,0,9195,"합계"]
["ANB13300060S",null,"유성페인트 롤러칠","con_c·mortar면, G.B.면, 천장, 3회","M2",225,13523,0,13748,"합계"]
["ANB31600010S",null,"걸레받이용 페인트칠","붓칠, 2회, 노무비","M2",372,18622,0,18994,"합계"]
["ANC13200010S",null,"수성페인트 붓칠","1회","M2",123,6179,0,6302,"합계"]
["ANC13200020S",null,"수성페인트 붓칠","2회","M2",247,12358,0,12605,"합계"]
["ANC13200030S",null,"수성페인트 붓칠","3회","M2",370,18537,0,18907,"합계"]
["ANC13200040S",null,"수성페인트 롤러칠","1회","M2",66,3340,0,3406,"합계"]
["ANC13200050S",null,"수성페인트 롤러칠","2회","M2",133,6680,0,6813,"합계"]
["ANC13200060S",null,"수성페인트 롤러칠","3회","M2",200,10020,0,10220,"합계"]
["ANC13200070S",null,"수성페인트 뿜칠","1회","M2",107,892,0,999,"합계"]
["ANC13200080S",null,"수성페인트 뿜칠","2회","M2",214,1784,0,1998,"합계"]
["ANC13200090S",null,"수성페인트 뿜칠","1회","10M2",1070,8922,0,9992,"합계"]
["ANC13200100S",null,"수성페인트 뿜칠","2회","10M2",2141,17845,0,19986,"합계"]
["ANC13300010S",null,"수성페인트 붓칠","천장, 1회","M2",123,7414,0,7537,"합계"]
["ANC13300020S",null,"수성페인트 붓칠","천장, 2회","M2",247,14829,0,15076,"합계"]
["ANC13300030S",null,"수성페인트 붓칠","천장, 3회","M2",370,22244,0,22614,"합계"]
["ANC13300040S",null,"수성페인트 롤러칠","천장, 1회","M2",66,4008,0,4074,"합계"]
["ANC13300050S",null,"수성페인트 롤러칠","천장, 2회","M2",133,8016,0,8149,"합계"]
["ANC13300060S",null,"수성페인트 롤러칠","천장, 3회","M2",200,12025,0,12225,"합계"]
["ANC13300070S",null,"수성페인트 뿜칠","천장, 1회","M2",107,1070,0,1177,"합계"]
["ANC13300080S",null,"수성페인트 뿜칠","천장, 2회","M2",214,2141,0,2355,"합계"]
["ANC13300090S",null,"수성페인트 뿜칠","천장, 1회","10M2",1070,10707,0,11777,"합계"]
["ANC13300100S",null,"수성페인트 뿜칠","천장, 2회","10M2",2141,21414,0,23555,"합계"]
["ANG21200010S",null,"무늬코트칠","벽(재료비 별도)","M2",317,15864,0,16181,"합계"]
["ANG21300010S",null,"무늬코트칠","천장(재료비 별도)","M2",317,19037,0,19354,"합계"]
["ANG30000010S",null,"탄성코트칠","벽(재료비 별도)","M2",250,12524,0,12774,"합계"]
["ANG30000020S",null,"탄성코트칠","천장(재료비 별도)","M2",250,15028,0,15278,"합계"]
["ANJ00100010S",null,"에폭시 페인트칠(에폭시 코팅)","롤러칠, 노무비","M2",222,11104,0,11326,"합계"]
["ANJ00100020S",null,"에폭시 페인트칠(에폭시 라이닝)","레기칠, 노무비","M2",296,14841,0,15137,"합계"]
["ANM02000010S",null,"오일스테인칠","목재면, 1회","M2",126,5261,0,5387,"합계"]
["ANO00000010S",null,"낙서방지용 페인트칠","롤러 2회, 노무비","M2",267,8932,0,9199,"합계"]
["ANQ00000010S",null,"석재도료칠","줄눈무늬 없음","100㎡",20631,326480,53127,400238,"합계"]
["ANQ00000020S",null,"석재도료칠","줄눈무늬 있음","100㎡",26988,426797,69537,523322,"합계"]
["ANS10000010S",null,"콘크리트·모르타르면 바탕만들기",null,"M2",344,2673,0,3017,"합계"]
["ANS10000020S",null,"콘크리트·모르타르면 바탕만들기","천장","M2",322,3207,0,3529,"합계"]
["ANS10000030S",null,"석고보드면 바탕만들기","올퍼티","M2",4012,19531,0,23543,"합계"]
["ANS10000040S",null,"석고보드면 바탕만들기","줄퍼티","M2",2611,10432,0,13043,"합계"]
["ANS10000050S",null,"석고보드면 바탕만들기","올퍼티, 천장","M2",4012,23437,0,27449,"합계"]
["ANS10000060S",null,"석고보드면 바탕만들기","줄퍼티, 천장","M2",2611,12519,0,15130,"합계"]
["ANS10000070S",null,"도장 후 퍼티 및 연마",null,"㎡",430,1419,0,1849,"합계"]
["ANS10000080S",null,"도장 후 퍼티 및 연마","천장","㎡",430,1703,0,2133,"합계"]
["ANS10000110S",null,"철재면 바탕만들기","불순물 제거","㎡",50,1670,0,1720,"합계"]
["ANS10000120S",null,"목재면 바탕만들기","불순물 제거","㎡",50,1670,0,1720,"합계"]
["ANS10000130S",null,"목재면 바탕만들기","퍼티 및 연마","㎡",72,2422,0,2494,"합계"]
["ANS10000140S",null,"비닐 보양","창호 및 난간류","보양길이100m",0,103465,0,103465,"합계"]
["ANS10000150S",null,"비닐 보양","배관류","보양길이100m",0,150977,0,150977,"합계"]
["AOA11100010S",null,"플로어링 마루 설치",null,"M2",261,13052,0,13313,"합계"]
["AOA11100011S",null,"플로어링 마루 설치",null,"일",13052,652621,0,665673,"합계"]
["AOA11200010S",null,"PVC계 바닥재 설치 - 타일","주재료 제외","M2",928,16315,0,17243,"합계"]
["AOA11200011S",null,"PVC계 바닥재 설치","주재료 제외","일",0,652621,0,652621,"합계"]
["AOA11200020S",null,"PVC계 바닥재 설치 - 시트","주재료 제외, 전면접합","M2",1076,6526,0,7602,"합계"]
["AOA11200030S",null,"PVC계 바닥재 설치 - 시트","주재료 제외, 부분접합 방식","M2",323,4657,0,4980,"합계"]
["AOA11300020S",null,"카페트 설치","재료비 별도","m2",489,16315,0,16804,"합계"]
["AOA11300021S",null,"카페트 설치","재료비 별도","일",19578,652621,0,672199,"합계"]
["AOA20000010S",null,"계단논슬립 설치","콘크리트계단, 재료비 별도","M",178,5938,0,6116,"합계"]
["AOA20000020S",null,"계단논슬립 설치","목조계단, 재료비 별도","M",135,4503,0,4638,"합계"]
["AOA20000021S",null,"계단논슬립 설치",null,"일",19578,652621,0,672199,"합계"]
["AOA41000010S",null,"이중바닥 설치","독립지지 다리방식","m2",1207,24146,0,25353,"합계"]
["AOA41000020S",null,"이중바닥 설치","장선방식","m2",1480,29611,0,31091,"합계"]
["AOA41000021S",null,"이중바닥 설치",null,"일",32631,652621,0,685252,"합계"]
["AOA52500010S",null,"걸레받이 설치","합성수지류, H=75~120mm 기준","M",65,3263,0,3328,"합계"]
["AOA52500011S",null,"걸레받이 설치","합성수지류, H=75~120mm 기준","일",13052,652621,0,665673,"합계"]
["AOA53500010S",null,"걸레받이 설치","중밀도섬유판, H=75~120mm 기준","M",79,3956,0,4035,"합계"]
["AOA53500011S",null,"걸레받이 설치","중밀도섬유판, H=75~120mm 기준","일",13052,652621,0,665673,"합계"]
["AOA54000010S",null,"걸레받이 설치","석재류, H=75~120mm 기준","M",753,37694,0,38447,"합계"]
["AOA54000011S",null,"걸레받이 설치","석재류, H=75~120mm 기준","일",18847,942350,0,961197,"합계"]
["AOB11000010S",null,"도배바름","합판·석고보드면, 벽","M2",0,7162,0,7162,"합계"]
["AOB11000020S",null,"도배바름","콘크리트·모르타르면, 벽","M2",0,6350,0,6350,"합계"]
["AOB11000030S",null,"도배바름","합판·석고보드면, 천장","M2",0,9169,0,9169,"합계"]
["AOB11000040S",null,"도배바름","콘크리트·모르타르면, 천장","M2",0,8140,0,8140,"합계"]
["AOB11000041S",null,"도배바름",null,"일",0,596895,0,596895,"합계"]
["AOC12100010S",null,"흡음텍스 설치",null,"㎡",430,14357,0,14787,"합계"]
["AOC12100011S",null,"흡음텍스 설치",null,"일",19578,652621,0,672199,"합계"]
["AOC31100010S",null,"석고판 설치(나사고정) - 바탕용","벽, 1겹 붙임","㎡",108,10850,0,10958,"합계"]
["AOC31100020S",null,"석고판 설치(나사고정) - 바탕용","벽, 2겹 붙임","㎡",143,14357,0,14500,"합계"]
["AOC31100030S",null,"석고판 설치(나사고정) - 치장용","벽, 바탕용(1겹) + 치장용(1겹)","㎡",217,21779,0,21996,"합계"]
["AOC31100031S",null,"석고판 설치(나사고정)","벽","일",6526,652621,0,659147,"합계"]
["AOC31100040S",null,"석고판 설치(접착제 붙임)",null,"㎡",93,9380,0,9473,"합계"]
["AOC31100041S",null,"석고판 설치(접착제 붙임)",null,"일",6526,652621,0,659147,"합계"]
["AOC32100040S",null,"석고판 설치(나사고정) - 바탕용","경량천장철골틀, 1겹 붙임","㎡",143,14357,0,14500,"합계"]
["AOC32100050S",null,"석고판 설치(나사고정) - 바탕용","경량천장철골틀, 2겹 붙임","㎡",186,18682,0,18868,"합계"]
["AOC32100060S",null,"석고판 설치(나사고정) - 치장용","경량천장철골틀, 바탕용(1겹)+치장용(1겹)","㎡",261,26104,0,26365,"합계"]
["AOC32100061S",null,"석고판 설치(나사고정)","경량천장철골틀","일",6526,652621,0,659147,"합계"]
["AOC41100010S",null,"벽체합판 설치","합판 별도","M2",350,17541,0,17891,"합계"]
["AOC41100011S",null,"벽체합판 설치","합판 별도","일",14033,701661,0,715694,"합계"]
["AOC41200010S",null,"수장합판 설치","접착붙임(합판 별도)","M2",1002,18944,0,19946,"합계"]
["AOC41200011S",null,"수장합판 설치","접착붙임(합판 별도)","일",14656,701661,0,716317,"합계"]
["AOC90000010S",null,"열경화성수지천장판 설치","개당 0.2㎡이하","㎡",430,14357,0,14787,"합계"]
["AOC90000020S",null,"열경화성수지천장판 설치","개당 0.4㎡이하","㎡",352,11747,0,12099,"합계"]
["AOC90000021S",null,"열경화성수지천장판 설치",null,"일",19578,652621,0,672199,"합계"]
["AOD11000010S",null,"단열재 공간넣기","50mm이하","M2",0,6526,0,6526,"합계"]
["AOD11000020S",null,"단열재 공간넣기","100mm이하","M2",0,7178,0,7178,"합계"]
["AOD11000030S",null,"단열재 공간넣기","200mm이하","M2",0,7831,0,7831,"합계"]
["AOD11000040S",null,"단열재 공간넣기","300mm이하","M2",0,8240,0,8240,"합계"]
["AOD11000041S",null,"단열재 공간넣기",null,"일",0,652621,0,652621,"합계"]
["AOD11000050S",null,"단열재 접착제 붙이기","벽, 50mm이하","M2",0,13948,0,13948,"합계"]
["AOD11000060S",null,"단열재 접착제 붙이기","벽, 100mm이하","M2",0,15662,0,15662,"합계"]
["AOD11000070S",null,"단열재 접착제 붙이기","벽, 200mm이하","M2",0,16315,0,16315,"합계"]
["AOD11000080S",null,"단열재 접착제 붙이기","벽, 300mm이하","M2",0,17211,0,17211,"합계"]
["AOD11000090S",null,"단열재 타정 부착","벽, 50mm이하","M2",261,13052,0,13313,"합계"]
["AOD11000100S",null,"단열재 타정 부착","벽, 100mm이하","M2",287,14357,0,14644,"합계"]
["AOD11000110S",null,"단열재 타정 부착","벽, 200mm이하","M2",313,15662,0,15975,"합계"]
["AOD11000120S",null,"단열재 타정 부착","벽, 300mm이하","M2",326,16315,0,16641,"합계"]
["AOD11000121S",null,"단열재 타정 부착",null,"일",13052,652621,0,665673,"합계"]
["AOD12000050S",null,"단열재 접착제 붙이기","천장, 50mm이하","M2",0,16315,0,16315,"합계"]
["AOD12000060S",null,"단열재 접착제 붙이기","천장, 100mm이하","M2",0,18682,0,18682,"합계"]
["AOD12000070S",null,"단열재 접착제 붙이기","천장, 200mm이하","M2",0,20474,0,20474,"합계"]
["AOD12000080S",null,"단열재 접착제 붙이기","천장, 300mm이하","M2",0,21779,0,21779,"합계"]
["AOD12000081S",null,"단열재 접착제 붙이기",null,"일",0,652621,0,652621,"합계"]
["AOD12000090S",null,"단열재 타정 부착","천장, 50mm이하","M2",313,15662,0,15975,"합계"]
["AOD12000100S",null,"단열재 타정 부착","천장, 100mm이하","M2",344,17211,0,17555,"합계"]
["AOD12000110S",null,"단열재 타정 부착","천장, 200mm이하","M2",373,18682,0,19055,"합계"]
["AOD12000120S",null,"단열재 타정 부착","천장, 300mm이하","M2",396,19822,0,20218,"합계"]
["AOD13000010S",null,"단열재 슬라브위 깔기","50mm이하","M2",0,2504,0,2504,"합계"]
["AOD13000020S",null,"단열재 슬라브위 깔기","100mm이하","M2",0,2961,0,2961,"합계"]
["AOD13000030S",null,"단열재 슬라브위 깔기","200mm이하","M2",0,3434,0,3434,"합계"]
["AOD13000040S",null,"단열재 슬라브위 깔기","300mm이하","M2",0,3850,0,3850,"합계"]
["AOD13000041S",null,"단열재 슬라브위 깔기",null,"일",0,652621,0,652621,"합계"]
["AOD14000010S",null,"단열재 콘크리트타설 부착","50mm이하","M2",174,8727,0,8901,"합계"]
["AOD14000020S",null,"단열재 콘크리트타설 부착","100mm이하","M2",187,9380,0,9567,"합계"]
["AOD14000030S",null,"단열재 콘크리트타설 부착","200mm이하","M2",200,10032,0,10232,"합계"]
["AOD14000040S",null,"단열재 콘크리트타설 부착","300mm이하","M2",217,10850,0,11067,"합계"]
["AOD14000041S",null,"단열재 콘크리트타설 부착",null,"일",13052,652621,0,665673,"합계"]
["AOD21000100S",null,"단열재 격자넣기","벽, 50mm이하","M2",0,8240,0,8240,"합계"]
["AOD21000110S",null,"단열재 격자넣기","벽, 100mm이하","M2",0,8727,0,8727,"합계"]
["AOD21000120S",null,"단열재 격자넣기","벽, 200mm이하","M2",0,9380,0,9380,"합계"]
["AOD21000130S",null,"단열재 격자넣기","벽, 300mm이하","M2",0,10032,0,10032,"합계"]
["AOD21000131S",null,"단열재 격자넣기",null,"일",0,652621,0,652621,"합계"]
["AOD21000140S",null,"단열재 핀사용 붙이기","50mm이하","M2",0,14357,0,14357,"합계"]
["AOD21000150S",null,"단열재 핀사용 붙이기","100mm이하","M2",0,15662,0,15662,"합계"]
["AOD21000160S",null,"단열재 핀사용 붙이기","200mm이하","M2",0,16315,0,16315,"합계"]
["AOD21000170S",null,"단열재 핀사용 붙이기","300mm이하","M2",0,17211,0,17211,"합계"]
["AOD21000171S",null,"단열재 핀사용 붙이기",null,"일",0,652621,0,652621,"합계"]
["AOD21001100S",null,"단열재 격자넣기 - 발포폴리스티렌 단열재","벽, 50mm이하","M2",0,6935,0,6935,"합계"]
["AOD21001110S",null,"단열재 격자넣기 - 발포폴리스티렌 단열재","벽, 100mm이하","M2",0,7422,0,7422,"합계"]
["AOD21001120S",null,"단열재 격자넣기 - 발포폴리스티렌 단열재","벽, 200mm이하","M2",0,7831,0,7831,"합계"]
["AOD21001130S",null,"단열재 격자넣기 - 발포폴리스티렌 단열재","벽, 300mm이하","M2",0,8483,0,8483,"합계"]
["AOD22000100S",null,"단열재 격자넣기","천장, 50mm이하","M2",0,8727,0,8727,"합계"]
["AOD22000110S",null,"단열재 격자넣기","천장, 100mm이하","M2",0,9380,0,9380,"합계"]
["AOD22000120S",null,"단열재 격자넣기","천장, 200mm이하","M2",0,10032,0,10032,"합계"]
["AOD22000130S",null,"단열재 격자넣기","천장, 300mm이하","M2",0,10850,0,10850,"합계"]
["AOD22001100S",null,"단열재 격자넣기 - 발포폴리스티렌 단열재","천장, 50mm이하","M2",0,7422,0,7422,"합계"]
["AOD22001110S",null,"단열재 격자넣기 - 발포폴리스티렌 단열재","천장, 100mm이하","M2",0,7831,0,7831,"합계"]
["AOD22001120S",null,"단열재 격자넣기 - 발포폴리스티렌 단열재","천장, 200mm이하","M2",0,8483,0,8483,"합계"]
["AOD22001130S",null,"단열재 격자넣기 - 발포폴리스티렌 단열재","천장, 300mm이하","M2",0,9136,0,9136,"합계"]
["AOD32300010S",null,"우레탄폼 분사 충전","인력, 벽","M3",0,37536,0,37536,"합계"]
["AOD32300020S",null,"우레탄폼 분사 충전","장비, 벽","M3",0,0,2121,2121,"합계"]
["AOD32300030S",null,"우레탄폼 분사 충전","인력, 천장","M3",0,42571,0,42571,"합계"]
["AOD32300040S",null,"우레탄폼 분사 충전","장비, 천장","M3",0,0,3426,3426,"합계"]
["AOE14000010S",null,"폴리카보네이트 설치",null,"M2",1149,38318,0,39467,"합계"]
["AOH30000010S",null,"커튼박스 설치","목재","M",211,10580,0,10791,"합계"]
["AOI00000010S",null,"조이너 및 몰딩 설치","몰딩","M",340,8523,0,8863,"합계"]
["AOJ41000010S",null,"샌드위치(단열)패널 설치 - 칸막이벽","두께 50~100mm 기준","M2",652,32631,0,33283,"합계"]
["AOJ41000011S",null,"샌드위치(단열)패널 설치 - 칸막이벽","두께 50~100mm 기준","일",13052,652621,0,665673,"합계"]
["AOJ41500010S",null,"샌드위치(단열)패널 설치 - 지붕","두께 50~100mm 기준","M2",1182,16976,5128,23286,"합계","적용장비확인"]
["AOJ41500011S",null,"샌드위치(단열)패널 설치 - 지붕","두께 50~100mm 기준","일",94299,1341759,410288,1846346,"합계","적용장비확인"]
["AOJ41500020S",null,"샌드위치(단열)패널 설치 - 줄눈재","두께 50~100mm 기준, 연결부분","M",0,6575,0,6575,"합계"]
["AOJ41500021S",null,"샌드위치(단열)패널 설치 - 줄눈재","두께 50~100mm 기준, 연결부분","일",0,243538,0,243538,"합계"]
["AOL00000010S",null,"외벽단열공법","단열두께(mm) - 60 이하","㎡",298,29881,0,30179,"합계"]
["AOL00000020S",null,"외벽단열공법","단열두께(mm) - 100 이하","㎡",314,31477,0,31791,"합계"]
["AOL00000040S",null,"외벽단열공법","하부 충격보강작업","㎡",0,24414,0,24414,"합계"]
["AOL00000070S",null,"외벽단열공법","단열두께(mm) - 200 이하","㎡",405,40552,0,40957,"합계"]
["AOM10000010S",null,"흡음판 설치","벽","M2",163,16315,0,16478,"합계"]
["AOM10000011S",null,"흡음판 설치",null,"일",6526,652621,0,659147,"합계"]
["AQA22000020S",null,"석축헐기(인력, H=3.6m기준)","질석(마름돌) 쌓기","㎥",10251,205032,0,215283,"합계"]
["AQA22000030S",null,"석축헐기(인력, H=3.6m기준)","찰쌓기","㎡",4966,99327,0,104293,"합계"]
["AQA22000040S",null,"석축헐기(인력, H=3.6m기준)","메쌓기 뒷길이 45-60cm","㎡",1655,33109,0,34764,"합계"]
["AQA22000050S",null,"석축헐기(인력, H=3.6m기준)","메쌓기 뒷길이 60-90cm","㎡",2483,49663,0,52146,"합계"]
["AQA22000060S",null,"조적벽 해체","3.6m 이하","M3",2813,140697,0,143510,"합계"]
["AQA34000010S",null,"콘크리트구조물 헐기(소형장비)","공압식, 무근","M3",6384,208888,1603,216875,"합계"]
["AQA34000020S",null,"콘크리트구조물 헐기(소형장비)","공압식, 철근","M3",16684,293909,5129,315722,"합계"]
["AQA34000030S",null,"콘크리트구조물 헐기(소형장비)","전기식, 무근","M3",2185,218548,1213,221946,"합계"]
["AQA34000040S",null,"콘크리트구조물 헐기(소형장비)","전기식, 철근","M3",2579,257902,1416,261897,"합계"]
["AQA34000050S",null,"콘크리트구조물 헐기(대형장비)","장애물 미제거(기준높이 10m 이하)","M3",6764,23019,9139,38922,"합계"]
["AQA34000060S",null,"콘크리트구조물 헐기(대형장비)","장애물 제거(기준높이 10m 이하)","M3",11054,37170,18434,66658,"합계"]
["AQA44000010S",null,"철골재 철거","해체","TON",0,752991,0,752991,"합계"]
["AQA44000020S",null,"철골재 철거","뒷정리","TON",0,33109,0,33109,"합계"]
["AQA44000030S",null,"철골재 철거","LPG사용","TON",3996,786100,0,790096,"합계"]
["AQA44000040S",null,"철골재 철거","아세틸렌사용","TON",37400,786100,0,823500,"합계"]
["AQA80000230S",null,"기존방수층 및 보호층 해체","개소당 작업면적 40m2 이상","㎡",457,51814,160,52431,"합계"]
["AQA80000240S",null,"석면건축자재 해체 - 내장재","천정재,내벽체,간막이재","M2",0,26376,0,26376,"합계"]
["AQA80000250S",null,"석면건축자재 해체 - 외장재","슬레이트","M2",0,10656,0,10656,"합계"]
["AQA80000260S",null,"석면건축자재 해체 - 뿜칠재","철골-내화피복","M2",0,98175,0,98175,"합계"]
["AQA80000270S",null,"금속기와 해체","해체재 재사용 안함","M2",179,5988,0,6167,"합계"]
["AQA80000280S",null,"흡음텍스 해체","해체재 재사용 안함","M2",0,5717,0,5717,"합계"]
["AQA80000290S",null,"경량천장철골틀 해체","해체재 재사용 안함","M2",127,6370,0,6497,"합계"]
["AQA80000300S",null,"경량벽체철골틀 해체","해체재 재사용 안함","M2",114,5717,0,5831,"합계"]
["AQA80000310S",null,"석고판 해체","해체재 재사용 안함","M2",101,5064,0,5165,"합계"]
["AQA80000320S",null,"도배 해체","해체재 재사용 안함","M2",0,2553,0,2553,"합계"]
["AQA80000330S",null,"PVC계바닥재 해체","해체재 재사용 안함","M2",0,2123,0,2123,"합계"]
["AQA80000340S",null,"타일 해체(떠붙이기)","해체재 재사용 안함","㎡",847,14123,0,14970,"합계"]
["AQA80000350S",null,"석고판 해체","천장","㎡",117,5883,0,6000,"합계"]
["AQA80000360S",null,"도배 해체","천장","㎡",0,3315,0,3315,"합계"]
["AQA80000370S",null,"타일 해체(압착,접착붙이기)","해체재 재사용 안함","㎡",943,15717,0,16660,"합계"]
["AQA80000380S",null,"기존방수층 제거 및 바탕처리","바닥","㎡",620,10347,0,10967,"합계"]
["AQA80000390S",null,"기존방수층 제거 및 바탕처리","수직부","㎡",691,11529,0,12220,"합계"]
["AQA80000400S",null,"재도장 시 바탕처리","콘크리트,모르타르면","일",20012,667097,0,687109,"합계"]
["AQA80000410S",null,"재도장 시 바탕처리","철재면","일",20012,667097,0,687109,"합계"]
["AQA80000430S",null,"재도장 시 바탕처리","목재면","일",20012,667097,0,687109,"합계"]
["AQB04100010S",null,"지붕 덧씌우기",null,"일",24409,1220474,0,1244883,"합계"]
["AQB04100020S",null,"지붕 덧씌우기","맞배지붕","일",29291,1464568,0,1493859,"합계"]
["AQB04100030S",null,"지붕 재설치",null,"일",33303,1665166,0,1698469,"합계"]
["AQB04100040S",null,"지붕 재설치","맞배지붕","일",39963,1998199,0,2038162,"합계"]
["AQB04100050S",null,"도배 교체","벽","일",0,487076,0,487076,"합계"]
["AQB04100060S",null,"도배 교체","천장","일",0,487076,0,487076,"합계"]
["AQB04100070S",null,"도배 교체","벽, 지장물이 있는 경우","일",0,487076,0,487076,"합계"]
["AQB04100080S",null,"도배 교체","천장, 지장물이 있는 경우","일",0,487076,0,487076,"합계"]
["AQB04100090S",null,"PVC계바닥재 교체",null,"일",0,487076,0,487076,"합계"]
["AQB04100100S",null,"PVC계바닥재 교체","지장물이 있는 경우","일",0,487076,0,487076,"합계"]
["AQB04100110S",null,"타일 교체","떠붙이기(벽)","일",0,548650,0,548650,"합계"]
["AQB04100120S",null,"타일 교체","압착붙이기(바닥)","일",0,548650,0,548650,"합계"]
["AR000000010S",null,"철조망 울타리 설치(일자형 지주)","H:3m 이하, 평지","m",2145,31345,2608,36098,"합계"]
["AR000000011S",null,"철조망 울타리 설치","H:3m 이하, 평지","일",85806,1253811,104328,1443945,"합계"]
["AR000000020S",null,"철조망 울타리 설치(Y자형 지주)","H:3m 이하, 평지","m",2861,41757,3481,48099,"합계"]
["AR000000030S",null,"철조망 울타리 설치(일자형 지주)","H:3m 이하, 경사지","m",2145,35386,2608,40139,"합계"]
["AR000000040S",null,"철조망 울타리 설치(Y자형 지주)","H:3m 이하, 경사지","m",2861,47134,3481,53476,"합계"]

{"sheet":"일위대가상세","index":1,"n_rows":8247,"n_cols":22,"rows_kept":4500,"cut":true,"hidden":false,"merged":[[1,0,1,16],[0,0,0,16],[2,8,2,9],[2,10,2,11],[2,12,2,13],[2,14,2,15],[2,0,3,0],[2,3,3,3],[2,1,3,1],[2,4,3,4],[2,5,3,5],[2,16,3,16],[2,6,3,6],[2,7,3,7],[2,2,3,2]],"bounds":{"rows_first":2000,"rows_last":500,"rows_between":2000,"halvings":0}}
["일 위 대 가 상 세"]
["20240300026_2024년 표준일위대가(건축)_1800539264"]
["일위대가코드","자원구분","자원코드","계산제외","품명","규격","단위","수량","재료비",null,"노무비",null,"경비",null,"합계",null,"비고",null,"관급여부","계산제외","적용요율","계산여부"]
[null,null,null,null,null,null,null,null,"단가","금액","단가","금액","단가","금액","단가","금액"]
["AAA16300010S",null,null,null,"강관 지주 설치","지주높이 3.5m 이하","10M",0,0,0,0,0,0,0,0,0,null,null,null,null,"",1]
["AAA16300010S","노무","L001010101000006",null,"비계공","일반공사 직종","인",0.3,0,0,280472,84141.6,0,0,280472,84141.6,null,null,"N","N","",1]
["AAA16300010S","노무","L001010101000002",null,"보통인부","일반공사 직종","인",0.11,0,0,165545,18209.900000000001,0,0,165545,18209.900000000001,null,null,"N","N","",1]
["AAA16300010S","기계경비","00000201002000000",null,"굴삭기(무한궤도)","0.2㎥","HR",0.35,7695,2693.2,55700,19495,13041,4564.3,76436,26752.5,null,null,"N","N","",1]
["AAA16300010S","손료","RENT000000000001",null,"공구손료","노무비의 3%","식",1,3070.5,3070.5,0,0,0,0,3070.5,3070.5,null,null,"N","N",3,1]
[null,null,null,null,"[합 계]",null,null,0,0,5763,0,121846,0,4564,0,132173,null,null,null,null,"",1]
[null,null,null,null,null,null,null,0,0,0,0,0,0,0,0,0,null,null,null,null,"",1]
["AAA16300020S",null,null,null,"강관 지주 해체","지주높이 3.5m 이하","10M",0,0,0,0,0,0,0,0,0,null,null,null,null,"",1]
["AAA16300020S","노무","L001010101000006",null,"비계공","일반공사 직종","인",0.12,0,0,280472,33656.6,0,0,280472,33656.6,null,null,"N","N","",1]
["AAA16300020S","노무","L001010101000002",null,"보통인부","일반공사 직종","인",0.04,0,0,165545,6621.8,0,0,165545,6621.8,null,null,"N","N","",1]
["AAA16300020S","기계경비","00000201002000000",null,"굴삭기(무한궤도)","0.2㎥","HR",0.14000000000000001,7695,1077.3,55700,7798,13041,1825.7,76436,10701,null,null,"N","N","",1]
["AAA16300020S","손료","RENT000000000001",null,"공구손료","인력품의 3%","식",1,1208.3,1208.3,0,0,0,0,1208.3,1208.3,null,null,"N","N",3,1]
[null,null,null,null,"[합 계]",null,null,0,0,2285,0,48076,0,1825,0,52186,null,null,null,null,"",1]
[null,null,null,null,null,null,null,0,0,0,0,0,0,0,0,0,null,null,null,null,"",1]
["AAA16300030S",null,null,null,"강관 지주 설치","지주높이 6m 이하","10M",0,0,0,0,0,0,0,0,0,null,null,null,null,"",1]
["AAA16300030S","노무","L001010101000006",null,"비계공","일반공사 직종","인",0.46,0,0,280472,129017.1,0,0,280472,129017.1,null,null,"N","N","",1]
["AAA16300030S","노무","L001010101000002",null,"보통인부","일반공사 직종","인",0.16,0,0,165545,26487.200000000001,0,0,165545,26487.200000000001,null,null,"N","N","",1]
["AAA16300030S","기계경비","00000201002000000",null,"굴삭기(무한궤도)","0.2㎥","HR",0.35,7695,2693.2,55700,19495,13041,4564.3,76436,26752.5,null,null,"N","N","",1]
["AAA16300030S","손료","RENT000000000001",null,"공구손료","인력품의 3%","식",1,4665.1000000000004,4665.1000000000004,0,0,0,0,4665.1000000000004,4665.1000000000004,null,null,"N","N",3,1]
[null,null,null,null,"[합 계]",null,null,0,0,7358,0,174999,0,4564,0,186921,null,null,null,null,"",1]
[null,null,null,null,null,null,null,0,0,0,0,0,0,0,0,0,null,null,null,null,"",1]
["AAA16300040S",null,null,null,"강관 지주 해체","지주높이 6m 이하","10M",0,0,0,0,0,0,0,0,0,null,null,null,null,"",1]
["AAA16300040S","노무","L001010101000006",null,"비계공","일반공사 직종","인",0.18,0,0,280472,50484.9,0,0,280472,50484.9,null,null,"N","N","",1]
["AAA16300040S","노무","L001010101000002",null,"보통인부","일반공사 직종","인",0.06,0,0,165545,9932.7000000000007,0,0,165545,9932.7000000000007,null,null,"N","N","",1]
["AAA16300040S","기계경비","00000201002000000",null,"굴삭기(무한궤도)","0.2㎥","HR",0.14000000000000001,7695,1077.3,55700,7798,13041,1825.7,76436,10701,null,null,"N","N","",1]
["AAA16300040S","손료","RENT000000000001",null,"공구손료","인력품의 3%","식",1,1812.5,1812.5,0,0,0,0,1812.5,1812.5,null,null,"N","N",3,1]
[null,null,null,null,"[합 계]",null,null,0,0,2889,0,68215,0,1825,0,72929,null,null,null,null,"",1]
[null,null,null,null,null,null,null,0,0,0,0,0,0,0,0,0,null,null,null,null,"",1]
["AAA16300050S",null,null,null,"H형강 지주 설치","지주높이 4m 이하","10M",0,0,0,0,0,0,0,0,0,null,null,null,null,"",1]
["AAA16300050S","노무","L001010101000006",null,"비계공","일반공사 직종","인",0.49,0,0,280472,137431.20000000001,0,0,280472,137431.20000000001,null,null,"N","N","",1]
["AAA16300050S","노무","L001010101000002",null,"보통인부","일반공사 직종","인",0.18,0,0,165545,29798.1,0,0,165545,29798.1,null,null,"N","N","",1]
["AAA16300050S","기계경비","00000201002000000",null,"굴삭기(무한궤도)","0.2㎥","HR",0.63,7695,4847.8,55700,35091,13041,8215.7999999999993,76436,48154.6,null,null,"N","N","",1]
["AAA16300050S","기계경비","00002105000500000",null,"트럭탑재형 크레인","5ton","HR",0.73,7784,5682.3,47231,34478.6,9994,7295.6,65009,47456.5,null,null,"N","N","",1]
["AAA16300050S","손료","RENT000000000001",null,"공구손료","인력품의 2%","식",1,3344.5,3344.5,0,0,0,0,3344.5,3344.5,null,null,"N","N",2,1]
[null,null,null,null,"[합 계]",null,null,0,0,13874,0,236798,0,15511,0,266183,null,null,null,null,"",1]
[null,null,null,null,null,null,null,0,0,0,0,0,0,0,0,0,null,null,null,null,"",1]
["AAA16300060S",null,null,null,"H형강 지주 해체","지주높이 4m 이하","10M",0,0,0,0,0,0,0,0,0,null,null,null,null,"",1]
["AAA16300060S","노무","L001010101000006",null,"비계공","일반공사 직종","인",0.2,0,0,280472,56094.400000000001,0,0,280472,56094.400000000001,null,null,"N","N","",1]
["AAA16300060S","노무","L001010101000002",null,"보통인부","일반공사 직종","인",7.0000000000000007E-2,0,0,165545,11588.1,0,0,165545,11588.1,null,null,"N","N","",1]
["AAA16300060S","기계경비","00000201002000000",null,"굴삭기(무한궤도)","0.2㎥","HR",0.25,7695,1923.7,55700,13925,13041,3260.2,76436,19108.900000000001,null,null,"N","N","",1]
["AAA16300060S","기계경비","00002105000500000",null,"트럭탑재형 크레인","5ton","HR",0.28999999999999998,7784,2257.3000000000002,47231,13696.9,9994,2898.2,65009,18852.400000000001,null,null,"N","N","",1]
["AAA16300060S","손료","RENT000000000001",null,"공구손료","인력품의 2%","식",1,1353.6,1353.6,0,0,0,0,1353.6,1353.6,null,null,"N","N",2,1]
[null,null,null,null,"[합 계]",null,null,0,0,5534,0,95304,0,6158,0,106996,null,null,null,null,"",1]
[null,null,null,null,null,null,null,0,0,0,0,0,0,0,0,0,null,null,null,null,"",1]
["AAA16300070S",null,null,null,"H형강 지주 설치","지주높이 7m 이하","10M",0,0,0,0,0,0,0,0,0,null,null,null,null,"",1]
["AAA16300070S","노무","L001010101000006",null,"비계공","일반공사 직종","인",0.99,0,0,280472,277667.20000000001,0,0,280472,277667.20000000001,null,null,"N","N","",1]
["AAA16300070S","노무","L001010101000002",null,"보통인부","일반공사 직종","인",0.35,0,0,165545,57940.7,0,0,165545,57940.7,null,null,"N","N","",1]
["AAA16300070S","기계경비","00000201002000000",null,"굴삭기(무한궤도)","0.2㎥","HR",0.63,7695,4847.8,55700,35091,13041,8215.7999999999993,76436,48154.6,null,null,"N","N","",1]
["AAA16300070S","기계경비","00002105000500000",null,"트럭탑재형 크레인","5ton","HR",1.0900000000000001,7784,8484.5,47231,51481.7,9994,10893.4,65009,70859.600000000006,null,null,"N","N","",1]
["AAA16300070S","손료","RENT000000000001",null,"공구손료","인력품의 2%","식",1,6712.1,6712.1,0,0,0,0,6712.1,6712.1,null,null,"N","N",2,1]
[null,null,null,null,"[합 계]",null,null,0,0,20044,0,422180,0,19109,0,461333,null,null,null,null,"",1]
[null,null,null,null,null,null,null,0,0,0,0,0,0,0,0,0,null,null,null,null,"",1]
["AAA16300080S",null,null,null,"H형강 지주 해체","지주높이 7m 이하","10M",0,0,0,0,0,0,0,0,0,null,null,null,null,"",1]
["AAA16300080S","노무","L001010101000006",null,"비계공","일반공사 직종","인",0.4,0,0,280472,112188.8,0,0,280472,112188.8,null,null,"N","N","",1]
["AAA16300080S","노무","L001010101000002",null,"보통인부","일반공사 직종","인",0.14000000000000001,0,0,165545,23176.3,0,0,165545,23176.3,null,null,"N","N","",1]
["AAA16300080S","기계경비","00000201002000000",null,"굴삭기(무한궤도)","0.2㎥","HR",0.25,7695,1923.7,55700,13925,13041,3260.2,76436,19108.900000000001,null,null,"N","N","",1]
["AAA16300080S","기계경비","00002105000500000",null,"트럭탑재형 크레인","5ton","HR",0.44,7784,3424.9,47231,20781.599999999999,9994,4397.3,65009,28603.8,null,null,"N","N","",1]
["AAA16300080S","손료","RENT000000000001",null,"공구손료","인력품의 2%","식",1,2707.3,2707.3,0,0,0,0,2707.3,2707.3,null,null,"N","N",2,1]
[null,null,null,null,"[합 계]",null,null,0,0,8055,0,170071,0,7657,0,185783,null,null,null,null,"",1]
[null,null,null,null,null,null,null,0,0,0,0,0,0,0,0,0,null,null,null,null,"",1]
["AAA16300090S",null,null,null,"가설울타리판 설치","설치높이 3m 이하","10M",0,0,0,0,0,0,0,0,0,null,null,null,null,"",1]
["AAA16300090S","노무","L001010101000006",null,"비계공","일반공사 직종","인",0.26,0,0,280472,72922.7,0,0,280472,72922.7,null,null,"N","N","",1]
["AAA16300090S","노무","L001010101000002",null,"보통인부","일반공사 직종","인",0.09,0,0,165545,14899,0,0,165545,14899,null,null,"N","N","",1]
["AAA16300090S","손료","RENT000000000001",null,"공구손료","인력품의 3%","식",1,2634.6,2634.6,0,0,0,0,2634.6,2634.6,null,null,"N","N",3,1]
[null,null,null,null,"[합 계]",null,null,0,0,2634,0,87821,0,0,0,90455,null,null,null,null,"",1]
[null,null,null,null,null,null,null,0,0,0,0,0,0,0,0,0,null,null,null,null,"",1]
["AAA16300100S",null,null,null,"가설울타리판 해체","설치높이 3m 이하","10M",0,0,0,0,0,0,0,0,0,null,null,null,null,"",1]
["AAA16300100S","노무","L001010101000006",null,"비계공","일반공사 직종","인",0.1,0,0,280472,28047.200000000001,0,0,280472,28047.200000000001,null,null,"N","N","",1]
["AAA16300100S","노무","L001010101000002",null,"보통인부","일반공사 직종","인",0.04,0,0,165545,6621.8,0,0,165545,6621.8,null,null,"N","N","",1]
["AAA16300100S","손료","RENT000000000001",null,"공구손료","인력품의 3%","식",1,1040,1040,0,0,0,0,1040,1040,null,null,"N","N",3,1]
[null,null,null,null,"[합 계]",null,null,0,0,1040,0,34669,0,0,0,35709,null,null,null,null,"",1]
[null,null,null,null,null,null,null,0,0,0,0,0,0,0,0,0,null,null,null,null,"",1]
["AAA16300110S",null,null,null,"가설울타리판 설치","설치높이 6m 이하","10M",0,0,0,0,0,0,0,0,0,null,null,null,null,"",1]
["AAA16300110S","노무","L001010101000006",null,"비계공","일반공사 직종","인",0.3,0,0,280472,84141.6,0,0,280472,84141.6,null,null,"N","N","",1]
["AAA16300110S","노무","L001010101000002",null,"보통인부","일반공사 직종","인",0.11,0,0,165545,18209.900000000001,0,0,165545,18209.900000000001,null,null,"N","N","",1]
["AAA16300110S","손료","RENT000000000001",null,"공구손료","인력품의 3%","식",1,3070.5,3070.5,0,0,0,0,3070.5,3070.5,null,null,"N","N",3,1]
[null,null,null,null,"[합 계]",null,null,0,0,3070,0,102351,0,0,0,105421,null,null,null,null,"",1]
[null,null,null,null,null,null,null,0,0,0,0,0,0,0,0,0,null,null,null,null,"",1]
["AAA16300120S",null,null,null,"가설울타리판 해체","설치높이 6m 이하","10M",0,0,0,0,0,0,0,0,0,null,null,null,null,"",1]
["AAA16300120S","노무","L001010101000006",null,"비계공","일반공사 직종","인",0.12,0,0,280472,33656.6,0,0,280472,33656.6,null,null,"N","N","",1]
["AAA16300120S","노무","L001010101000002",null,"보통인부","일반공사 직종","인",0.05,0,0,165545,8277.2000000000007,0,0,165545,8277.2000000000007,null,null,"N","N","",1]
["AAA16300120S","손료","RENT000000000001",null,"공구손료","인력품의 3%","식",1,1258,1258,0,0,0,0,1258,1258,null,null,"N","N",3,1]
[null,null,null,null,"[합 계]",null,null,0,0,1258,0,41933,0,0,0,43191,null,null,null,null,"",1]
[null,null,null,null,null,null,null,0,0,0,0,0,0,0,0,0,null,null,null,null,"",1]
["AAA16300130S",null,null,null,"세로형 가설방음판 설치","설치높이 3m 이하","10M",0,0,0,0,0,0,0,0,0,null,null,null,null,"",1]
["AAA16300130S","노무","L001010101000006",null,"비계공","일반공사 직종","인",0.24,0,0,280472,67313.2,0,0,280472,67313.2,null,null,"N","N","",1]
["AAA16300130S","노무","L001010101000002",null,"보통인부","일반공사 직종","인",0.09,0,0,165545,14899,0,0,165545,14899,null,null,"N","N","",1]
["AAA16300130S","손료","RENT000000000001",null,"공구손료","인력품의 3%","식",1,2466.3000000000002,2466.3000000000002,0,0,0,0,2466.3000000000002,2466.3000000000002,null,null,"N","N",3,1]
[null,null,null,null,"[합 계]",null,null,0,0,2466,0,82212,0,0,0,84678,null,null,null,null,"",1]
[null,null,null,null,null,null,null,0,0,0,0,0,0,0,0,0,null,null,null,null,"",1]
["AAA16300140S",null,null,null,"세로형 가설방음판 해체","설치높이 3m 이하","10M",0,0,0,0,0,0,0,0,0,null,null,null,null,"",1]
["AAA16300140S","노무","L001010101000006",null,"비계공","일반공사 직종","인",0.1,0,0,280472,28047.200000000001,0,0,280472,28047.200000000001,null,null,"N","N","",1]
["AAA16300140S","노무","L001010101000002",null,"보통인부","일반공사 직종","인",0.03,0,0,165545,4966.3,0,0,165545,4966.3,null,null,"N","N","",1]
["AAA16300140S","손료","RENT000000000001",null,"공구손료","인력품의 3%","식",1,990.4,990.4,0,0,0,0,990.4,990.4,null,null,"N","N",3,1]
[null,null,null,null,"[합 계]",null,null,0,0,990,0,33013,0,0,0,34003,null,null,null,null,"",1]
[null,null,null,null,null,null,null,0,0,0,0,0,0,0,0,0,null,null,null,null,"",1]
["AAA16300150S",null,null,null,"세로형 가설방음판 설치","설치높이 6m 이하","10M",0,0,0,0,0,0,0,0,0,null,null,null,null,"",1]
["AAA16300150S","노무","L001010101000006",null,"비계공","일반공사 직종","인",0.28000000000000003,0,0,280472,78532.100000000006,0,0,280472,78532.100000000006,null,null,"N","N","",1]
["AAA16300150S","노무","L001010101000002",null,"보통인부","일반공사 직종","인",0.1,0,0,165545,16554.5,0,0,165545,16554.5,null,null,"N","N","",1]
["AAA16300150S","손료","RENT000000000001",null,"공구손료","인력품의 3%","식",1,2852.5,2852.5,0,0,0,0,2852.5,2852.5,null,null,"N","N",3,1]
[null,null,null,null,"[합 계]",null,null,0,0,2852,0,95086,0,0,0,97938,null,null,null,null,"",1]
[null,null,null,null,null,null,null,0,0,0,0,0,0,0,0,0,null,null,null,null,"",1]
["AAA16300160S",null,null,null,"세로형 가설방음판 해체","설치높이 6m 이하","10M",0,0,0,0,0,0,0,0,0,null,null,null,null,"",1]
["AAA16300160S","노무","L001010101000006",null,"비계공","일반공사 직종","인",0.11,0,0,280472,30851.9,0,0,280472,30851.9,null,null,"N","N","",1]
["AAA16300160S","노무","L001010101000002",null,"보통인부","일반공사 직종","인",0.04,0,0,165545,6621.8,0,0,165545,6621.8,null,null,"N","N","",1]
["AAA16300160S","손료","RENT000000000001",null,"공구손료","인력품의 3%","식",1,1124.2,1124.2,0,0,0,0,1124.2,1124.2,null,null,"N","N",3,1]
[null,null,null,null,"[합 계]",null,null,0,0,1124,0,37473,0,0,0,38597,null,null,null,null,"",1]
[null,null,null,null,null,null,null,0,0,0,0,0,0,0,0,0,null,null,null,null,"",1]
["AAA16300170S",null,null,null,"가로형 가설방음판 설치","설치높이 3m 이하","10M",0,0,0,0,0,0,0,0,0,null,null,null,null,"",1]
["AAA16300170S","노무","L001010101000006",null,"비계공","일반공사 직종","인",0.72,0,0,280472,201939.8,0,0,280472,201939.8,null,null,"N","N","",1]
["AAA16300170S","노무","L001010101000002",null,"보통인부","일반공사 직종","인",0.26,0,0,165545,43041.7,0,0,165545,43041.7,null,null,"N","N","",1]
["AAA16300170S","기계경비","00002105000500000",null,"트럭탑재형 크레인","5ton","HR",0.95,7784,7394.8,47231,44869.4,9994,9494.2999999999993,65009,61758.5,null,null,"N","N","",1]
["AAA16300170S","손료","RENT000000000001",null,"공구손료","인력품의 2%","식",1,4899.6000000000004,4899.6000000000004,0,0,0,0,4899.6000000000004,4899.6000000000004,null,null,"N","N",2,1]
[null,null,null,null,"[합 계]",null,null,0,0,12294,0,289850,0,9494,0,311638,null,null,null,null,"",1]
[null,null,null,null,null,null,null,0,0,0,0,0,0,0,0,0,null,null,null,null,"",1]
["AAA16300180S",null,null,null,"가로형 가설방음판 해체","설치높이 3m 이하","10M",0,0,0,0,0,0,0,0,0,null,null,null,null,"",1]
["AAA16300180S","노무","L001010101000006",null,"비계공","일반공사 직종","인",0.28999999999999998,0,0,280472,81336.800000000003,0,0,280472,81336.800000000003,null,null,"N","N","",1]
["AAA16300180S","노무","L001010101000002",null,"보통인부","일반공사 직종","인",0.1,0,0,165545,16554.5,0,0,165545,16554.5,null,null,"N","N","",1]
["AAA16300180S","기계경비","00002105000500000",null,"트럭탑재형 크레인","5ton","HR",0.38,7784,2957.9,47231,17947.7,9994,3797.7,65009,24703.3,null,null,"N","N","",1]
["AAA16300180S","손료","RENT000000000001",null,"공구손료","인력품의 2%","식",1,1957.8,1957.8,0,0,0,0,1957.8,1957.8,null,null,"N","N",2,1]
[null,null,null,null,"[합 계]",null,null,0,0,4915,0,115839,0,3797,0,124551,null,null,null,null,"",1]
[null,null,null,null,null,null,null,0,0,0,0,0,0,0,0,0,null,null,null,null,"",1]
["AAA16300190S",null,null,null,"가로형 가설방음판 설치","설치높이 6m 이하","10M",0,0,0,0,0,0,0,0,0,null,null,null,null,"",1]
["AAA16300190S","노무","L001010101000006",null,"비계공","일반공사 직종","인",0.84,0,0,280472,235596.4,0,0,280472,235596.4,null,null,"N","N","",1]
["AAA16300190S","노무","L001010101000002",null,"보통인부","일반공사 직종","인",0.3,0,0,165545,49663.5,0,0,165545,49663.5,null,null,"N","N","",1]
["AAA16300190S","기계경비","00002105000500000",null,"트럭탑재형 크레인","5ton","HR",1.1100000000000001,7784,8640.2000000000007,47231,52426.400000000001,9994,11093.3,65009,72159.899999999994,null,null,"N","N","",1]
["AAA16300190S","손료","RENT000000000001",null,"공구손료","인력품의 2%","식",1,5705.1,5705.1,0,0,0,0,5705.1,5705.1,null,null,"N","N",2,1]
[null,null,null,null,"[합 계]",null,null,0,0,14345,0,337686,0,11093,0,363124,null,null,null,null,"",1]
[null,null,null,null,null,null,null,0,0,0,0,0,0,0,0,0,null,null,null,null,"",1]
["AAA16300200S",null,null,null,"가로형 가설방음판 해체","설치높이 6m 이하","10M",0,0,0,0,0,0,0,0,0,null,null,null,null,"",1]
["AAA16300200S","노무","L001010101000006",null,"비계공","일반공사 직종","인",0.34,0,0,280472,95360.4,0,0,280472,95360.4,null,null,"N","N","",1]
["AAA16300200S","노무","L001010101000002",null,"보통인부","일반공사 직종","인",0.12,0,0,165545,19865.400000000001,0,0,165545,19865.400000000001,null,null,"N","N","",1]
["AAA16300200S","기계경비","00002105000500000",null,"트럭탑재형 크레인","5ton","HR",0.44,7784,3424.9,47231,20781.599999999999,9994,4397.3,65009,28603.8,null,null,"N","N","",1]
["AAA16300200S","손료","RENT000000000001",null,"공구손료","인력품의 2%","식",1,2304.5,2304.5,0,0,0,0,2304.5,2304.5,null,null,"N","N",2,1]
[null,null,null,null,"[합 계]",null,null,0,0,5729,0,136007,0,4397,0,146133,null,null,null,null,"",1]
[null,null,null,null,null,null,null,0,0,0,0,0,0,0,0,0,null,null,null,null,"",1]
["AAA16300210S",null,null,null,"가설휀스(H-Beam기초) 설치 및 해체",null,"m",0,0,0,0,0,0,0,0,0,null,null,null,null,"",1]
["AAA16300210S","노무","L001010101000003",null,"특별인부","일반공사 직종","인",0.01,0,0,214222,2142.1999999999998,0,0,214222,2142.1999999999998,null,null,"N","N","",1]
["AAA16300210S","기계경비","00002105000500000",null,"트럭탑재형 크레인","5ton","HR",0.02,7784,155.6,47231,944.6,9994,199.8,65009,1300,null,null,"N","N","",1]
[null,null,null,null,"[합 계]",null,null,0,0,155,0,3086,0,199,0,3440,null,null,null,null,"",1]
[null,null,null,null,null,null,null,0,0,0,0,0,0,0,0,0,null,null,null,null,"",1]
["AAA25000010S",null,null,null,"철골 안전망 설치 및 해체","아연도금철망, #20-25*25mm","10M2",0,0,0,0,0,0,0,0,0,null,null,null,null,"",1]
["AAA25000010S","노무","L001010101000006",null,"비계공","일반공사 직종","인",0.17,0,0,280472,47680.2,0,0,280472,47680.2,null,null,"N","N","",1]
["AAA25000010S","노무","L001010101000002",null,"보통인부","일반공사 직종","인",0.05,0,0,165545,8277.2000000000007,0,0,165545,8277.2000000000007,null,null,"N","N","",1]
["AAA25000010S","자재","3019169820140260",null,"낙하물방지망","낙하물방지망, 아연도금철망, #20-25×25mm","㎡",12.4,0,0,0,0,0,0,0,0,null,null,"N","N","",1]
["AAA25000010S","자재","3019150220140272",null,"강관비계","강관비계, 비계파이프, 48.6×2.3mm","m",4,4248,16992,0,0,0,0,4248,16992,null,null,"N","N","",1]
["AAA25000010S","자재","3115999620286056",null,"철선","철선, 어닐링, Φ3.2mm","kg",0.35,1381,483.3,0,0,0,0,1381,483.3,null,null,"N","N","",1]
[null,null,null,null,"[합 계]",null,null,0,0,17475,0,55957,0,0,0,73432,null,null,null,null,"",1]
[null,null,null,null,null,null,null,0,0,0,0,0,0,0,0,0,null,null,null,null,"",1]
["AAA25000020S",null,null,null,"개구부 수평보호덮개 설치 및 해체","개당 면적 1.0㎡ 이하","개",0,0,0,0,0,0,0,0,0,null,null,null,null,"",1]
["AAA25000020S","노무","L001010101000006",null,"비계공","일반공사 직종","인",0.05,0,0,280472,14023.6,0,0,280472,14023.6,null,null,"N","N","",1]
[null,null,null,null,"[합 계]",null,null,0,0,0,0,14023,0,0,0,14023,null,null,null,null,"",1]
[null,null,null,null,null,null,null,0,0,0,0,0,0,0,0,0,null,null,null,null,"",1]
["AAA25000030S",null,null,null,"개구부 수평보호덮개 설치 및 해체","개당 면적 3.0㎡ 이하","개",0,0,0,0,0,0,0,0,0,null,null,null,null,"",1]
["AAA25000030S","노무","L001010101000006",null,"비계공","일반공사 직종","인",7.0000000000000007E-2,0,0,280472,19633,0,0,280472,19633,null,null,"N","N","",1]
[null,null,null,null,"[합 계]",null,null,0,0,0,0,19633,0,0,0,19633,null,null,null,null,"",1]
[null,null,null,null,null,null,null,0,0,0,0,0,0,0,0,0,null,null,null,null,"",1]
["AAA25000040S",null,null,null,"PE드럼 설치 및 해체",null,"개",0,0,0,0,0,0,0,0,0,null,null,null,null,"",1]
["AAA25000040S","노무","L001010101000003",null,"특별인부","일반공사 직종","인",0.06,0,0,214222,12853.3,0,0,214222,12853.3,null,null,"N","N","",1]
[null,null,null,null,"[합 계]",null,null,0,0,0,0,12853,0,0,0,12853,null,null,null,null,"",1]
[null,null,null,null,null,null,null,0,0,0,0,0,0,0,0,0,null,null,null,null,"",1]
["AAA25000070S",null,null,null,"PE가설방호벽 설치 및 해체",null,"개",0,0,0,0,0,0,0,0,0,null,null,null,null,"",1]
["AAA25000070S","노무","L001010101000003",null,"특별인부","일반공사 직종","인",0.09,0,0,214222,19279.900000000001,0,0,214222,19279.900000000001,null,null,"N","N","",1]
["AAA25000070S","기계경비","00007204001800000",null,"물탱크(살수차)","1800L","HR",0.03,13559,406.7,47231,1416.9,7041,211.2,67831,2034.8,null,null,"N","N","",1]
[null,null,null,null,"[합 계]",null,null,0,0,406,0,20696,0,211,0,21313,null,null,null,null,"",1]
[null,null,null,null,null,null,null,0,0,0,0,0,0,0,0,0,null,null,null,null,"",1]
["AAA25000100S",null,null,null,"PC가설방호벽 설치 및 해체",null,"개",0,0,0,0,0,0,0,0,0,null,null,null,null,"",1]
["AAA25000100S","노무","L001010101000003",null,"특별인부","일반공사 직종","인",0.12,0,0,214222,25706.6,0,0,214222,25706.6,null,null,"N","N","",1]
["AAA25000100S","기계경비","00002105000500000",null,"트럭탑재형 크레인","5ton","HR",0.21,7784,1634.6,47231,9918.5,9994,2098.6999999999998,65009,13651.8,null,null,"N","N","",1]
[null,null,null,null,"[합 계]",null,null,0,0,1634,0,35625,0,2098,0,39357,null,null,null,null,"",1]
[null,null,null,null,null,null,null,0,0,0,0,0,0,0,0,0,null,null,null,null,"",1]
["AAA25000130S",null,null,null,"강재거푸집 작업용 난간 설치 및 해체",null,"10m",0,0,0,0,0,0,0,0,0,null,null,null,null,"",1]
["AAA25000130S","노무","L001010101000006",null,"비계공","일반공사 직종","인",0.82,0,0,280472,229987,0,0,280472,229987,null,null,"N","N","",1]
["AAA25000130S","손료","RENT000000000001",null,"공구손료","인력품의 3%","식",1,6899.6,6899.6,0,0,0,0,6899.6,6899.6,null,null,"N","N",3,1]
[null,null,null,null,"[합 계]",null,null,0,0,6899,0,229987,0,0,0,236886,null,null,null,null,"",1]
[null,null,null,null,null,null,null,0,0,0,0,0,0,0,0,0,null,null,null,null,"",1]
["AAA25000140S",null,null,null,"건설용리프트 방호선반 설치 및 해체",null,"개소",0,0,0,0,0,0,0,0,0,null,null,null,null,"",1]
["AAA25000140S","노무","L001010101000006",null,"비계공","일반공사 직종","인",0.95,0,0,280472,266448.40000000002,0,0,280472,266448.40000000002,null,null,"N","N","",1]
["AAA25000140S","노무","L001010101000002",null,"보통인부","일반공사 직종","인",0.26,0,0,165545,43041.7,0,0,165545,43041.7,null,null,"N","N","",1]
["AAA25000140S","손료","RENT000000000001",null,"공구손료","인력품의 2%","식",1,6189.8,6189.8,0,0,0,0,6189.8,6189.8,null,null,"N","N",2,1]
[null,null,null,null,"[합 계]",null,null,0,0,6189,0,309490,0,0,0,315679,null,null,null,null,"",1]
[null,null,null,null,null,null,null,0,0,0,0,0,0,0,0,0,null,null,null,null,"",1]
["AAA25000150S",null,null,null,"PE가설휀스 설치 및 해체",null,"개",0,0,0,0,0,0,0,0,0,null,null,null,null,"",1]
["AAA25000150S","노무","L001010101000003",null,"특별인부","일반공사 직종","인",0.02,0,0,214222,4284.3999999999996,0,0,214222,4284.3999999999996,null,null,"N","N","",1]
[null,null,null,null,"[합 계]",null,null,0,0,0,0,4284,0,0,0,4284,null,null,null,null,"",1]
[null,null,null,null,null,null,null,0,0,0,0,0,0,0,0,0,null,null,null,null,"",1]
["AAA25000160S",null,null,null,"가림막 가설휀스 설치 및 해체",null,"개",0,0,0,0,0,0,0,0,0,null,null,null,null,"",1]
["AAA25000160S","노무","L001010101000003",null,"특별인부","일반공사 직종","인",0.04,0,0,214222,8568.7999999999993,0,0,214222,8568.7999999999993,null,null,"N","N","",1]
[null,null,null,null,"[합 계]",null,null,0,0,0,0,8568,0,0,0,8568,null,null,null,null,"",1]
[null,null,null,null,null,null,null,0,0,0,0,0,0,0,0,0,null,null,null,null,"",1]
["AAA25000170S",null,null,null,"점멸등 설치 및 해체",null,"개",0,0,0,0,0,0,0,0,0,null,null,null,null,"",1]
["AAA25000170S","노무","L001010101000003",null,"특별인부","일반공사 직종","인",0.01,0,0,214222,2142.1999999999998,0,0,214222,2142.1999999999998,null,null,"N","N","",1]
[null,null,null,null,"[합 계]",null,null,0,0,0,0,2142,0,0,0,2142,null,null,null,null,"",1]
[null,null,null,null,null,null,null,0,0,0,0,0,0,0,0,0,null,null,null,null,"",1]
["AAA25000180S",null,null,null,"유도등 설치 및 해체",null,"m",0,0,0,0,0,0,0,0,0,null,null,null,null,"",1]
["AAA25000180S","노무","L001010101000003",null,"특별인부","일반공사 직종","인",0.01,0,0,214222,2142.1999999999998,0,0,214222,2142.1999999999998,null,null,"N","N","",1]
[null,null,null,null,"[합 계]",null,null,0,0,0,0,2142,0,0,0,2142,null,null,null,null,"",1]
[null,null,null,null,null,null,null,0,0,0,0,0,0,0,0,0,null,null,null,null,"",1]
["AAA25000190S",null,null,null,"보행자 안전통로 설치 및 해체",null,"통로길이 m",0,0,0,0,0,0,0,0,0,null,null,null,null,"",1]
["AAA25000190S","노무","L001010101000006",null,"비계공","일반공사 직종","인",0.2,0,0,280472,56094.400000000001,0,0,280472,56094.400000000001,null,null,"N","N","",1]
["AAA25000190S","손료","RENT000000000001",null,"공구손료","노무비의 2%","식",1,1121.8,1121.8,0,0,0,0,1121.8,1121.8,null,null,"N","N",2,1]
[null,null,null,null,"[합 계]",null,null,0,0,1121,0,56094,0,0,0,57215,null,null,null,null,"",1]
[null,null,null,null,null,null,null,0,0,0,0,0,0,0,0,0,null,null,null,null,"",1]
["AAA27200010S",null,null,null,"낙하물 방지망(비계) 설치 및 해체","- 재료비 별도 -","10㎡",0,0,0,0,0,0,0,0,0,null,null,null,null,"",1]
["AAA27200010S","노무","L001010101000006",null,"비계공","일반공사 직종","인",0.3,0,0,280472,84141.6,0,0,280472,84141.6,null,null,"N","N","",1]
["AAA27200010S","노무","L001010101000002",null,"보통인부","일반공사 직종","인",0.1,0,0,165545,16554.5,0,0,165545,16554.5,null,null,"N","N","",1]
["AAA27200010S","손료","RENT000000000001",null,"공구손료","인력품의 2%","식",1,2013.9,2013.9,0,0,0,0,2013.9,2013.9,null,null,"N","N",2,1]
[null,null,null,null,"[합 계]",null,null,0,0,2013,0,100696,0,0,0,102709,null,null,null,null,"",1]
[null,null,null,null,null,null,null,0,0,0,0,0,0,0,0,0,null,null,null,null,"",1]
["AAA27200020S",null,null,null,"낙하물 방지망(플라잉넷) 설치 및 해체","- 재료비 별도 -","10㎡",0,0,0,0,0,0,0,0,0,null,null,null,null,"",1]
["AAA27200020S","노무","L001010101000006",null,"비계공","일반공사 직종","인",0.2,0,0,280472,56094.400000000001,0,0,280472,56094.400000000001,null,null,"N","N","",1]
["AAA27200020S","노무","L001010101000002",null,"보통인부","일반공사 직종","인",0.1,0,0,165545,16554.5,0,0,165545,16554.5,null,null,"N","N","",1]
["AAA27200020S","손료","RENT000000000001",null,"공구손료","인력품의 3%","식",1,2179.4,2179.4,0,0,0,0,2179.4,2179.4,null,null,"N","N",3,1]
[null,null,null,null,"[합 계]",null,null,0,0,2179,0,72648,0,0,0,74827,null,null,null,null,"",1]
[null,null,null,null,null,null,null,0,0,0,0,0,0,0,0,0,null,null,null,null,"",1]
["AAA27200040S",null,null,null,"낙하물 방지망(시스템방호) 설치 및 해체",null,"10㎡",0,0,0,0,0,0,0,0,0,null,null,null,null,"",1]
["AAA27200040S","노무","L001010101000006",null,"비계공","일반공사 직종","인",0.25,0,0,280472,70118,0,0,280472,70118,null,null,"N","N","",1]
["AAA27200040S","노무","L001010101000002",null,"보통인부","일반공사 직종","인",0.1,0,0,165545,16554.5,0,0,165545,16554.5,null,null,"N","N","",1]
["AAA27200040S","손료","RENT000000000001",null,"공구손료","노무비의 2%","식",1,1733.4,1733.4,0,0,0,0,1733.4,1733.4,null,null,"N","N",2,1]
[null,null,null,null,"[합 계]",null,null,0,0,1733,0,86672,0,0,0,88405,null,null,null,null,"",1]
[null,null,null,null,null,null,null,0,0,0,0,0,0,0,0,0,null,null,null,null,"",1]
["AAA27200090S",null,null,null,"수직형 추락방망 설치 및 해체","개구부 면적 1.0㎡ 이하","10개소",0,0,0,0,0,0,0,0,0,null,null,null,null,"",1]
["AAA27200090S","노무","L001010101000006",null,"비계공","일반공사 직종","인",0.49,0,0,280472,137431.20000000001,0,0,280472,137431.20000000001,null,null,"N","N","",1]
["AAA27200090S","손료","RENT000000000001",null,"공구손료","노무비의 2%","식",1,2748.6,2748.6,0,0,0,0,2748.6,2748.6,null,null,"N","N",2,1]
[null,null,null,null,"[합 계]",null,null,0,0,2748,0,137431,0,0,0,140179,null,null,null,null,"",1]
[null,null,null,null,null,null,null,0,0,0,0,0,0,0,0,0,null,null,null,null,"",1]
["AAA27200100S",null,null,null,"수직형 추락방망 설치 및 해체","개구부 면적 1.0~3.0㎡ 이하","10개소",0,0,0,0,0,0,0,0,0,null,null,null,null,"",1]
["AAA27200100S","노무","L001010101000006",null,"비계공","일반공사 직종","인",0.63,0,0,280472,176697.3,0,0,280472,176697.3,null,null,"N","N","",1]
["AAA27200100S","손료","RENT000000000001",null,"공구손료","노무비의 2%","식",1,3533.9,3533.9,0,0,0,0,3533.9,3533.9,null,null,"N","N",2,1]
[null,null,null,null,"[합 계]",null,null,0,0,3533,0,176697,0,0,0,180230,null,null,null,null,"",1]
[null,null,null,null,null,null,null,0,0,0,0,0,0,0,0,0,null,null,null,null,"",1]
["AAA27200110S",null,null,null,"수직형 추락방망 설치 및 해체","개구부 면적 3.0~6.0㎡ 이하","10개소",0,0,0,0,0,0,0,0,0,null,null,null,null,"",1]
["AAA27200110S","노무","L001010101000006",null,"비계공","일반공사 직종","인",1.01,0,0,280472,283276.7,0,0,280472,283276.7,null,null,"N","N","",1]
["AAA27200110S","손료","RENT000000000001",null,"공구손료","노무비의 2%","식",1,5665.5,5665.5,0,0,0,0,5665.5,5665.5,null,null,"N","N",2,1]
[null,null,null,null,"[합 계]",null,null,0,0,5665,0,283276,0,0,0,288941,null,null,null,null,"",1]
[null,null,null,null,null,null,null,0,0,0,0,0,0,0,0,0,null,null,null,null,"",1]
["AAA27200120S",null,null,null,"수직형 추락방망 설치 및 해체","개구부 면적 6.0~9.0㎡ 이하","10개소",0,0,0,0,0,0,0,0,0,null,null,null,null,"",1]
["AAA27200120S","노무","L001010101000006",null,"비계공","일반공사 직종","인",1.3,0,0,280472,364613.6,0,0,280472,364613.6,null,null,"N","N","",1]
["AAA27200120S","손료","RENT000000000001",null,"공구손료","노무비의 2%","식",1,7292.2,7292.2,0,0,0,0,7292.2,7292.2,null,null,"N","N",2,1]
[null,null,null,null,"[합 계]",null,null,0,0,7292,0,364613,0,0,0,371905,null,null,null,null,"",1]
[null,null,null,null,null,null,null,0,0,0,0,0,0,0,0,0,null,null,null,null,"",1]
["AAA27200130S",null,null,null,"수직형 추락방망 설치 및 해체","개구부 면적 9.0~12.0㎡ 이하","10개소",0,0,0,0,0,0,0,0,0,null,null,null,null,"",1]
["AAA27200130S","노무","L001010101000006",null,"비계공","일반공사 직종","인",1.6,0,0,280472,448755.20000000001,0,0,280472,448755.20000000001,null,null,"N","N","",1]
["AAA27200130S","손료","RENT000000000001",null,"공구손료","노무비의 2%","식",1,8975.1,8975.1,0,0,0,0,8975.1,8975.1,null,null,"N","N",2,1]
[null,null,null,null,"[합 계]",null,null,0,0,8975,0,448755,0,0,0,457730,null,null,null,null,"",1]
[null,null,null,null,null,null,null,0,0,0,0,0,0,0,0,0,null,null,null,null,"",1]
["AAA27200140S",null,null,null,"안전난간대 설치 및 해체(브라켓형)","2단(난간간격 1.5m 이하)","10m",0,0,0,0,0,0,0,0,0,null,null,null,null,"",1]
["AAA27200140S","노무","L001010101000006",null,"비계공","일반공사 직종","인",0.56000000000000005,0,0,280472,157064.29999999999,0,0,280472,157064.29999999999,null,null,"N","N","",1]
["AAA27200140S","손료","RENT000000000001",null,"공구손료","노무비의 2%","식",1,3141.2,3141.2,0,0,0,0,3141.2,3141.2,null,null,"N","N",2,1]
[null,null,null,null,"[합 계]",null,null,0,0,3141,0,157064,0,0,0,160205,null,null,null,null,"",1]
[null,null,null,null,null,null,null,0,0,0,0,0,0,0,0,0,null,null,null,null,"",1]
["AAA27200150S",null,null,null,"안전난간대 설치 및 해체(브라켓형)","3단(난간간격 1.5m 이하)","10m",0,0,0,0,0,0,0,0,0,null,null,null,null,"",1]
["AAA27200150S","노무","L001010101000006",null,"비계공","일반공사 직종","인",0.62,0,0,280472,173892.6,0,0,280472,173892.6,null,null,"N","N","",1]
["AAA27200150S","손료","RENT000000000001",null,"공구손료","노무비의 2%","식",1,3477.8,3477.8,0,0,0,0,3477.8,3477.8,null,null,"N","N",2,1]
[null,null,null,null,"[합 계]",null,null,0,0,3477,0,173892,0,0,0,177369,null,null,null,null,"",1]
[null,null,null,null,null,null,null,0,0,0,0,0,0,0,0,0,null,null,null,null,"",1]
["AAA27200160S",null,null,null,"안전난간대 설치 및 해체(앵커형)","2단(난간간격 1.5m 이하)","10m",0,0,0,0,0,0,0,0,0,null,null,null,null,"",1]
["AAA27200160S","노무","L001010101000006",null,"비계공","일반공사 직종","인",0.64,0,0,280472,179502,0,0,280472,179502,null,null,"N","N","",1]
["AAA27200160S","손료","RENT000000000001",null,"공구손료","노무비의 2%","식",1,3590,3590,0,0,0,0,3590,3590,null,null,"N","N",2,1]
[null,null,null,null,"[합 계]",null,null,0,0,3590,0,179502,0,0,0,183092,null,null,null,null,"",1]
[null,null,null,null,null,null,null,0,0,0,0,0,0,0,0,0,null,null,null,null,"",1]
["AAA27200170S",null,null,null,"안전난간대 설치 및 해체(앵커형)","3단(난간간격 1.5m 이하)","10m",0,0,0,0,0,0,0,0,0,null,null,null,null,"",1]
["AAA27200170S","노무","L001010101000006",null,"비계공","일반공사 직종","인",0.7,0,0,280472,196330.4,0,0,280472,196330.4,null,null,"N","N","",1]
["AAA27200170S","손료","RENT000000000001",null,"공구손료","노무비의 2%","식",1,3926.6,3926.6,0,0,0,0,3926.6,3926.6,null,null,"N","N",2,1]
[null,null,null,null,"[합 계]",null,null,0,0,3926,0,196330,0,0,0,200256,null,null,null,null,"",1]
[null,null,null,null,null,null,null,0,0,0,0,0,0,0,0,0,null,null,null,null,"",1]
["AAA27200180S",null,null,null,"계단난간대 설치 및 해체","브라켓형","10개소",0,0,0,0,0,0,0,0,0,null,null,null,null,"",1]
["AAA27200180S","노무","L001010101000006",null,"비계공","일반공사 직종","인",1.4,0,0,280472,392660.8,0,0,280472,392660.8,null,null,"N","N","",1]
["AAA27200180S","손료","RENT000000000001",null,"공구손료","노무비의 2%","식",1,7853.2,7853.2,0,0,0,0,7853.2,7853.2,null,null,"N","N",2,1]
[null,null,null,null,"[합 계]",null,null,0,0,7853,0,392660,0,0,0,400513,null,null,null,null,"",1]
[null,null,null,null,null,null,null,0,0,0,0,0,0,0,0,0,null,null,null,null,"",1]
["AAA27200190S",null,null,null,"계단난간대 설치 및 해체","앵커형","10개소",0,0,0,0,0,0,0,0,0,null,null,null,null,"",1]
["AAA27200190S","노무","L001010101000006",null,"비계공","일반공사 직종","인",1.45,0,0,280472,406684.4,0,0,280472,406684.4,null,null,"N","N","",1]
["AAA27200190S","손료","RENT000000000001",null,"공구손료","노무비의 2%","식",1,8133.6,8133.6,0,0,0,0,8133.6,8133.6,null,null,"N","N",2,1]
[null,null,null,null,"[합 계]",null,null,0,0,8133,0,406684,0,0,0,414817,null,null,null,null,"",1]
[null,null,null,null,null,null,null,0,0,0,0,0,0,0,0,0,null,null,null,null,"",1]
["AAA27200200S",null,null,null,"엘리베이터 난간틀 설치 및 해체",null,"10개소",0,0,0,0,0,0,0,0,0,null,null,null,null,"",1]
["AAA27200200S","노무","L001010101000006",null,"비계공","일반공사 직종","인",0.8,0,0,280472,224377.60000000001,0,0,280472,224377.60000000001,null,null,"N","N","",1]
[null,null,null,null,"[합 계]",null,null,0,0,0,0,224377,0,0,0,224377,null,null,null,null,"",1]
[null,null,null,null,null,null,null,0,0,0,0,0,0,0,0,0,null,null,null,null,"",1]
["AAA27200210S",null,null,null,"엘리베이터 추락방호망 설치 및 해체",null,"10개소",0,0,0,0,0,0,0,0,0,null,null,null,null,"",1]
["AAA27200210S","노무","L001010101000006",null,"비계공","일반공사 직종","인",1.5,0,0,280472,420708,0,0,280472,420708,null,null,"N","N","",1]
["AAA27200210S","손료","RENT000000000001",null,"공구손료","노무비의 2%","식",1,8414.1,8414.1,0,0,0,0,8414.1,8414.1,null,null,"N","N",2,1]
[null,null,null,null,"[합 계]",null,null,0,0,8414,0,420708,0,0,0,429122,null,null,null,null,"",1]
[null,null,null,null,null,null,null,0,0,0,0,0,0,0,0,0,null,null,null,null,"",1]
["AAA27200260S",null,null,null,"타워크레인 방호울타리 설치 및 해체",null,"m",0,0,0,0,0,0,0,0,0,null,null,null,null,"",1]
["AAA27200260S","노무","L001010101000006",null,"비계공","일반공사 직종","인",0.12,0,0,280472,33656.6,0,0,280472,33656.6,null,null,"N","N","",1]
["AAA27200260S","손료","RENT000000000001",null,"공구손료","노무비의 2%","식",1,673.1,673.1,0,0,0,0,673.1,673.1,null,null,"N","N",2,1]
[null,null,null,null,"[합 계]",null,null,0,0,673,0,33656,0,0,0,34329,null,null,null,null,"",1]
[null,null,null,null,null,null,null,0,0,0,0,0,0,0,0,0,null,null,null,null,"",1]
["AAA27300010S",null,null,null,"수평지지로프 설치 및 해체",null,"m",0,0,0,0,0,0,0,0,0,null,null,null,null,"",1]
["AAA27300010S","노무","L001010101000006",null,"비계공","일반공사 직종","인",0.02,0,0,280472,5609.4,0,0,280472,5609.4,null,null,"N","N","",1]
[null,null,null,null,"[합 계]",null,null,0,0,0,0,5609,0,0,0,5609,null,null,null,null,"",1]
[null,null,null,null,null,null,null,0,0,0,0,0,0,0,0,0,null,null,null,null,"",1]
["AAA28000010S",null,null,null,"비계주위 보호막 설치 및 해체","- 재료비 별도 -","10M2",0,0,0,0,0,0,0,0,0,null,null,null,null,"",1]
["AAA28000010S","노무","L001010101000006",null,"비계공","일반공사 직종","인",0.2,0,0,280472,56094.400000000001,0,0,280472,56094.400000000001,null,null,"N","N","",1]
[null,null,null,null,"[합 계]",null,null,0,0,0,0,56094,0,0,0,56094,null,null,null,null,"",1]
[null,null,null,null,null,null,null,0,0,0,0,0,0,0,0,0,null,null,null,null,"",1]
["AAA28000020S",null,null,null,"비계주위 보호망 설치 및 해체","- 재료비 별도 -","10M2",0,0,0,0,0,0,0,0,0,null,null,null,null,"",1]
["AAA28000020S","노무","L001010101000006",null,"비계공","일반공사 직종","인",0.1,0,0,280472,28047.200000000001,0,0,280472,28047.200000000001,null,null,"N","N","",1]
[null,null,null,null,"[합 계]",null,null,0,0,0,0,28047,0,0,0,28047,null,null,null,null,"",1]
[null,null,null,null,null,null,null,0,0,0,0,0,0,0,0,0,null,null,null,null,"",1]
["AAA28000030S",null,null,null,"갱폼주위 보호망 설치 및 해체","- 재료비 별도 -","10M2",0,0,0,0,0,0,0,0,0,null,null,null,null,"",1]
["AAA28000030S","노무","L001010101000006",null,"비계공","일반공사 직종","인",0.04,0,0,280472,11218.8,0,0,280472,11218.8,null,null,"N","N","",1]
[null,null,null,null,"[합 계]",null,null,0,0,0,0,11218,0,0,0,11218,null,null,null,null,"",1]
[null,null,null,null,null,null,null,0,0,0,0,0,0,0,0,0,null,null,null,null,"",1]
["AAA28000040S",null,null,null,"방진망 설치 및 해체","- 재료비 별도 -","10M2",0,0,0,0,0,0,0,0,0,null,null,null,null,"",1]
["AAA28000040S","노무","L001010101000006",null,"비계공","일반공사 직종","인",0.16,0,0,280472,44875.5,0,0,280472,44875.5,null,null,"N","N","",1]
[null,null,null,null,"[합 계]",null,null,0,0,0,0,44875,0,0,0,44875,null,null,null,null,"",1]
[null,null,null,null,null,null,null,0,0,0,0,0,0,0,0,0,null,null,null,null,"",1]
["AAA28000050S",null,null,null,"박스형 간이흙막이 설치 및 해체","H=3.0m이하","개",0,0,0,0,0,0,0,0,0,null,null,null,null,"",1]
["AAA28000050S","노무","L001010101000003",null,"특별인부","일반공사 직종","인",0.17,0,0,214222,36417.699999999997,0,0,214222,36417.699999999997,null,null,"N","N","",1]
["AAA28000050S","노무","L001010101000002",null,"보통인부","일반공사 직종","인",0.06,0,0,165545,9932.7000000000007,0,0,165545,9932.7000000000007,null,null,"N","N","",1]
["AAA28000050S","기계경비","00002104001000000",null,"크레인(타이어)","10ton","HR",0.26,6718,1746.6,55700,14482,30103,7826.7,92521,24055.3,null,null,"N","N","",1]
[null,null,null,null,"[합 계]",null,null,0,0,1746,0,60832,0,7826,0,70404,null,null,null,null,"",1]
[null,null,null,null,null,null,null,0,0,0,0,0,0,0,0,0,null,null,null,null,"",1]
["AAA28000060S",null,null,null,"박스형 간이흙막이 설치 및 해체","H=4.0m이하","개",0,0,0,0,0,0,0,0,0,null,null,null,null,"",1]
["AAA28000060S","노무","L001010101000003",null,"특별인부","일반공사 직종","인",0.24,0,0,214222,51413.2,0,0,214222,51413.2,null,null,"N","N","",1]
["AAA28000060S","노무","L001010101000002",null,"보통인부","일반공사 직종","인",0.09,0,0,165545,14899,0,0,165545,14899,null,null,"N","N","",1]
["AAA28000060S","기계경비","00002104001000000",null,"크레인(타이어)","10ton","HR",0.44,6718,2955.9,55700,24508,30103,13245.3,92521,40709.199999999997,null,null,"N","N","",1]
[null,null,null,null,"[합 계]",null,null,0,0,2955,0,90820,0,13245,0,107020,null,null,null,null,"",1]
[null,null,null,null,null,null,null,0,0,0,0,0,0,0,0,0,null,null,null,null,"",1]
["AAA28000070S",null,null,null,"조립식 간이흙막이 설치 및 해체","H=3.0m이하","m",0,0,0,0,0,0,0,0,0,null,null,null,null,"",1]
["AAA28000070S","노무","L001010101000003",null,"특별인부","일반공사 직종","인",0.19,0,0,214222,40702.1,0,0,214222,40702.1,null,null,"N","N","",1]
["AAA28000070S","노무","L001010101000002",null,"보통인부","일반공사 직종","인",7.0000000000000007E-2,0,0,165545,11588.1,0,0,165545,11588.1,null,null,"N","N","",1]
["AAA28000070S","기계경비","00002104001000000",null,"크레인(타이어)","10ton","HR",0.46,6718,3090.2,55700,25622,30103,13847.3,92521,42559.5,null,null,"N","N","",1]
[null,null,null,null,"[합 계]",null,null,0,0,3090,0,77912,0,13847,0,94849,null,null,null,null,"",1]
[null,null,null,null,null,null,null,0,0,0,0,0,0,0,0,0,null,null,null,null,"",1]
["AAA28000080S",null,null,null,"조립식 간이흙막이 설치 및 해체","H=4.0m이하","m",0,0,0,0,0,0,0,0,0,null,null,null,null,"",1]
["AAA28000080S","노무","L001010101000003",null,"특별인부","일반공사 직종","인",0.28000000000000003,0,0,214222,59982.1,0,0,214222,59982.1,null,null,"N","N","",1]
["AAA28000080S","노무","L001010101000002",null,"보통인부","일반공사 직종","인",0.1,0,0,165545,16554.5,0,0,165545,16554.5,null,null,"N","N","",1]
["AAA28000080S","기계경비","00002104001000000",null,"크레인(타이어)","10ton","HR",0.9,6718,6046.2,55700,50130,30103,27092.7,92521,83268.899999999994,null,null,"N","N","",1]
[null,null,null,null,"[합 계]",null,null,0,0,6046,0,126666,0,27092,0,159804,null,null,null,null,"",1]
[null,null,null,null,null,null,null,0,0,0,0,0,0,0,0,0,null,null,null,null,"",1]
["AAA28000090S",null,null,null,"조립식 간이흙막이 설치 및 해체","H=5.0m이하","m",0,0,0,0,0,0,0,0,0,null,null,null,null,"",1]
["AAA28000090S","노무","L001010101000003",null,"특별인부","일반공사 직종","인",0.4,0,0,214222,85688.8,0,0,214222,85688.8,null,null,"N","N","",1]
["AAA28000090S","노무","L001010101000002",null,"보통인부","일반공사 직종","인",0.15,0,0,165545,24831.7,0,0,165545,24831.7,null,null,"N","N","",1]
["AAA28000090S","기계경비","00002104001000000",null,"크레인(타이어)","10ton","HR",1.48,6718,9942.6,55700,82436,30103,44552.4,92521,136931,null,null,"N","N","",1]
[null,null,null,null,"[합 계]",null,null,0,0,9942,0,192956,0,44552,0,247450,null,null,null,null,"",1]
[null,null,null,null,null,null,null,0,0,0,0,0,0,0,0,0,null,null,null,null,"",1]
["AAA28000100S",null,null,null,"조립식 간이흙막이 설치 및 해체","H=6.0m이하","m",0,0,0,0,0,0,0,0,0,null,null,null,null,"",1]
["AAA28000100S","노무","L001010101000003",null,"특별인부","일반공사 직종","인",0.56999999999999995,0,0,214222,122106.5,0,0,214222,122106.5,null,null,"N","N","",1]
["AAA28000100S","노무","L001010101000002",null,"보통인부","일반공사 직종","인",0.22,0,0,165545,36419.9,0,0,165545,36419.9,null,null,"N","N","",1]
["AAA28000100S","기계경비","00002104001000000",null,"크레인(타이어)","10ton","HR",2.2000000000000002,6718,14779.6,55700,122540,30103,66226.600000000006,92521,203546.2,null,null,"N","N","",1]
[null,null,null,null,"[합 계]",null,null,0,0,14779,0,281066,0,66226,0,362071,null,null,null,null,"",1]
[null,null,null,null,null,null,null,0,0,0,0,0,0,0,0,0,null,null,null,null,"",1]
["AAA28000110S",null,null,null,"비탈면 보양",null,"M2",0,0,0,0,0,0,0,0,0,null,null,null,null,"",1]
["AAA28000110S","노무","L001010101000003",null,"특별인부","일반공사 직종","인",0.02,0,0,214222,4284.3999999999996,0,0,214222,4284.3999999999996,null,null,"N","N","",1]
["AAA28000110S","노무","L001010101000002",null,"보통인부","일반공사 직종","인",0.01,0,0,165545,1655.4,0,0,165545,1655.4,null,null,"N","N","",1]
[null,null,null,null,"[합 계]",null,null,0,0,0,0,5939,0,0,0,5939,null,null,null,null,"",1]
[null,null,null,null,null,null,null,0,0,0,0,0,0,0,0,0,null,null,null,null,"",1]
["AAA31000010S",null,null,null,"강관비계 설치 및 해체","H=10m 이하 (재료비별도)","M2",0,0,0,0,0,0,0,0,0,null,null,null,null,"",1]
["AAA31000010S","노무","L001010101000006",null,"비계공","일반공사 직종","인",0.05,0,0,280472,14023.6,0,0,280472,14023.6,null,null,"N","N","",1]
["AAA31000010S","노무","L001010101000002",null,"보통인부","일반공사 직종","인",0.02,0,0,165545,3310.9,0,0,165545,3310.9,null,null,"N","N","",1]
["AAA31000010S","손료","RENT000000000001",null,"공구손료","인력품의 2%","식",1,346.6,346.6,0,0,0,0,346.6,346.6,null,null,"N","N",2,1]
[null,null,null,null,"[합 계]",null,null,0,0,346,0,17334,0,0,0,17680,null,null,null,null,"",1]
[null,null,null,null,null,null,null,0,0,0,0,0,0,0,0,0,null,null,null,null,"",1]
["AAA31000020S",null,null,null,"강관비계 설치 및 해체","H=10m~20m 이하 (재료비별도)","M2",0,0,0,0,0,0,0,0,0,null,null,null,null,"",1]
["AAA31000020S","노무","L001010101000006",null,"비계공","일반공사 직종","인",0.06,0,0,280472,16828.3,0,0,280472,16828.3,null,null,"N","N","",1]
["AAA31000020S","노무","L001010101000002",null,"보통인부","일반공사 직종","인",0.02,0,0,165545,3310.9,0,0,165545,3310.9,null,null,"N","N","",1]
["AAA31000020S","손료","RENT000000000001",null,"공구손료","인력품의 2%","식",1,402.7,402.7,0,0,0,0,402.7,402.7,null,null,"N","N",2,1]
[null,null,null,null,"[합 계]",null,null,0,0,402,0,20139,0,0,0,20541,null,null,null,null,"",1]
[null,null,null,null,null,null,null,0,0,0,0,0,0,0,0,0,null,null,null,null,"",1]
["AAA31000030S",null,null,null,"강관비계 설치 및 해체","H=20m~30m 이하 (재료비별도)","M2",0,0,0,0,0,0,0,0,0,null,null,null,null,"",1]
["AAA31000030S","노무","L001010101000006",null,"비계공","일반공사 직종","인",7.0000000000000007E-2,0,0,280472,19633,0,0,280472,19633,null,null,"N","N","",1]
["AAA31000030S","노무","L001010101000002",null,"보통인부","일반공사 직종","인",0.02,0,0,165545,3310.9,0,0,165545,3310.9,null,null,"N","N","",1]
["AAA31000030S","손료","RENT000000000001",null,"공구손료","인력품의 2%","식",1,458.8,458.8,0,0,0,0,458.8,458.8,null,null,"N","N",2,1]
[null,null,null,null,"[합 계]",null,null,0,0,458,0,22943,0,0,0,23401,null,null,null,null,"",1]
[null,null,null,null,null,null,null,0,0,0,0,0,0,0,0,0,null,null,null,null,"",1]
["AAA31000040S",null,null,null,"시스템비계 설치 및 해체","H=10m 이하 (재료비별도)","M2",0,0,0,0,0,0,0,0,0,null,null,null,null,"",1]
["AAA31000040S","노무","L001010101000006",null,"비계공","일반공사 직종","인",0.04,0,0,280472,11218.8,0,0,280472,11218.8,null,null,"N","N","",1]
["AAA31000040S","노무","L001010101000002",null,"보통인부","일반공사 직종","인",0.01,0,0,165545,1655.4,0,0,165545,1655.4,null,null,"N","N","",1]
[null,null,null,null,"[합 계]",null,null,0,0,0,0,12874,0,0,0,12874,null,null,null,null,"",1]
[null,null,null,null,null,null,null,0,0,0,0,0,0,0,0,0,null,null,null,null,"",1]
["AAA31000050S",null,null,null,"시스템비계 설치 및 해체","H=10m~20m 이하 (재료비별도)","M2",0,0,0,0,0,0,0,0,0,null,null,null,null,"",1]
["AAA31000050S","노무","L001010101000006",null,"비계공","일반공사 직종","인",0.05,0,0,280472,14023.6,0,0,280472,14023.6,null,null,"N","N","",1]
["AAA31000050S","노무","L001010101000002",null,"보통인부","일반공사 직종","인",0.01,0,0,165545,1655.4,0,0,165545,1655.4,null,null,"N","N","",1]
[null,null,null,null,"[합 계]",null,null,0,0,0,0,15679,0,0,0,15679,null,null,null,null,"",1]
[null,null,null,null,null,null,null,0,0,0,0,0,0,0,0,0,null,null,null,null,"",1]
["AAA31000060S",null,null,null,"시스템비계 설치 및 해체","H=20m~30m 이하 (재료비별도)","M2",0,0,0,0,0,0,0,0,0,null,null,null,null,"",1]
["AAA31000060S","노무","L001010101000006",null,"비계공","일반공사 직종","인",0.06,0,0,280472,16828.3,0,0,280472,16828.3,null,null,"N","N","",1]
["AAA31000060S","노무","L001010101000002",null,"보통인부","일반공사 직종","인",0.01,0,0,165545,1655.4,0,0,165545,1655.4,null,null,"N","N","",1]
[null,null,null,null,"[합 계]",null,null,0,0,0,0,18483,0,0,0,18483,null,null,null,null,"",1]
[null,null,null,null,null,null,null,0,0,0,0,0,0,0,0,0,null,null,null,null,"",1]
["AAA31000070S",null,null,null,"강관틀 비계 설치 및 해체","10m 이하","M2",0,0,0,0,0,0,0,0,0,null,null,null,null,"",1]
["AAA31000070S","노무","L001010101000006",null,"비계공","일반공사 직종","인",0.02,0,0,280472,5609.4,0,0,280472,5609.4,null,null,"N","N","",1]
["AAA31000070S","노무","L001010101000002",null,"보통인부","일반공사 직종","인",0.01,0,0,165545,1655.4,0,0,165545,1655.4,null,null,"N","N","",1]
[null,null,null,null,"[합 계]",null,null,0,0,0,0,7264,0,0,0,7264,null,null,null,null,"",1]
[null,null,null,null,null,null,null,0,0,0,0,0,0,0,0,0,null,null,null,null,"",1]
["AAA31000080S",null,null,null,"강관틀 비계 설치 및 해체","10m 초과 ~ 20m 이하","M2",0,0,0,0,0,0,0,0,0,null,null,null,null,"",1]
["AAA31000080S","노무","L001010101000006",null,"비계공","일반공사 직종","인",0.03,0,0,280472,8414.1,0,0,280472,8414.1,null,null,"N","N","",1]
["AAA31000080S","노무","L001010101000002",null,"보통인부","일반공사 직종","인",0.01,0,0,165545,1655.4,0,0,165545,1655.4,null,null,"N","N","",1]
[null,null,null,null,"[합 계]",null,null,0,0,0,0,10069,0,0,0,10069,null,null,null,null,"",1]
[null,null,null,null,null,null,null,0,0,0,0,0,0,0,0,0,null,null,null,null,"",1]
["AAA31000090S",null,null,null,"강관 조립말비계(이동식)설치 및 해체","높이=2.0m이하","대",0,0,0,0,0,0,0,0,0,null,null,null,null,"",1]
["AAA31000090S","노무","L001010101000006",null,"비계공","일반공사 직종","인",0.25,0,0,280472,70118,0,0,280472,70118,null,null,"N","N","",1]
["AAA31000090S","노무","L001010101000002",null,"보통인부","일반공사 직종","인",0.14000000000000001,0,0,165545,23176.3,0,0,165545,23176.3,null,null,"N","N","",1]
[null,null,null,null,"[합 계]",null,null,0,0,0,0,93294,0,0,0,93294,null,null,null,null,"",1]
[null,null,null,null,null,null,null,0,0,0,0,0,0,0,0,0,null,null,null,null,"",1]
["AAA31000100S",null,null,null,"강관 조립말비계(이동식)설치 및 해체","높이=4.0m이하","대",0,0,0,0,0,0,0,0,0,null,null,null,null,"",1]
["AAA31000100S","노무","L001010101000006",null,"비계공","일반공사 직종","인",0.41,0,0,280472,114993.5,0,0,280472,114993.5,null,null,"N","N","",1]
["AAA31000100S","노무","L001010101000002",null,"보통인부","일반공사 직종","인",0.24,0,0,165545,39730.800000000003,0,0,165545,39730.800000000003,null,null,"N","N","",1]
[null,null,null,null,"[합 계]",null,null,0,0,0,0,154724,0,0,0,154724,null,null,null,null,"",1]
[null,null,null,null,null,null,null,0,0,0,0,0,0,0,0,0,null,null,null,null,"",1]
["AAA31000110S",null,null,null,"경사형 가설 계단 설치 및 해체","6m 이하","M2",0,0,0,0,0,0,0,0,0,null,null,null,null,"",1]
["AAA31000110S","노무","L001010101000006",null,"비계공","일반공사 직종","인",0.27,0,0,280472,75727.399999999994,0,0,280472,75727.399999999994,null,null,"N","N","",1]
["AAA31000110S","노무","L001010101000002",null,"보통인부","일반공사 직종","인",0.09,0,0,165545,14899,0,0,165545,14899,null,null,"N","N","",1]
["AAA31000110S","손료","RENT000000000001",null,"공구손료","인력품의 2%","식",1,1812.5,1812.5,0,0,0,0,1812.5,1812.5,null,null,"N","N",2,1]
[null,null,null,null,"[합 계]",null,null,0,0,1812,0,90626,0,0,0,92438,null,null,null,null,"",1]
[null,null,null,null,null,null,null,0,0,0,0,0,0,0,0,0,null,null,null,null,"",1]
["AAA31000120S",null,null,null,"타워형 가설 계단 설치 및 해체",null,"M2",0,0,0,0,0,0,0,0,0,null,null,null,null,"",1]
["AAA31000120S","노무","L001010101000006",null,"비계공","일반공사 직종","인",0.2,0,0,280472,56094.400000000001,0,0,280472,56094.400000000001,null,null,"N","N","",1]
["AAA31000120S","노무","L001010101000002",null,"보통인부","일반공사 직종","인",7.0000000000000007E-2,0,0,165545,11588.1,0,0,165545,11588.1,null,null,"N","N","",1]
["AAA31000120S","기계경비","00002104001000000",null,"크레인(타이어)","10ton","HR",0.06,6718,403,55700,3342,30103,1806.1,92521,5551.1,null,null,"N","N","",1]
[null,null,null,null,"[합 계]",null,null,0,0,403,0,71024,0,1806,0,73233,null,null,null,null,"",1]
[null,null,null,null,null,null,null,0,0,0,0,0,0,0,0,0,null,null,null,null,"",1]
["AAA31000130S",null,null,null,"비계용 브라켓 설치 및 해체","벽용","10개소당",0,0,0,0,0,0,0,0,0,null,null,null,null,"",1]
["AAA31000130S","노무","L001010101000006",null,"비계공","일반공사 직종","인",0.45,0,0,280472,126212.4,0,0,280472,126212.4,null,null,"N","N","",1]
["AAA31000130S","노무","L001010101000006",null,"비계공","일반공사 직종","인",0.34,0,0,280472,95360.4,0,0,280472,95360.4,null,null,"N","N","",1]
[null,null,null,null,"[합 계]",null,null,0,0,0,0,221572,0,0,0,221572,null,null,null,null,"",1]
[null,null,null,null,null,null,null,0,0,0,0,0,0,0,0,0,null,null,null,null,"",1]
["AAA31000140S",null,null,null,"비계용 브라켓 설치 및 해체","슬래브발코니, 난간용","10개소당",0,0,0,0,0,0,0,0,0,null,null,null,null,"",1]
["AAA31000140S","노무","L001010101000006",null,"비계공","일반공사 직종","인",0.34,0,0,280472,95360.4,0,0,280472,95360.4,null,null,"N","N","",1]
["AAA31000140S","노무","L001010101000006",null,"비계공","일반공사 직종","인",0.26,0,0,280472,72922.7,0,0,280472,72922.7,null,null,"N","N","",1]
[null,null,null,null,"[합 계]",null,null,0,0,0,0,168283,0,0,0,168283,null,null,null,null,"",1]
[null,null,null,null,null,null,null,0,0,0,0,0,0,0,0,0,null,null,null,null,"",1]
["AAA32200010S",null,null,null,"강관 동바리 설치 및 해체(건축, 기계설비)","3.5m 이하","M2",0,0,0,0,0,0,0,0,0,null,null,null,null,"",1]
["AAA32200010S","노무","L001010101000007",null,"형틀목공","일반공사 직종","인",0.05,0,0,274978,13748.9,0,0,274978,13748.9,null,null,"N","N","",1]
["AAA32200010S","노무","L001010101000002",null,"보통인부","일반공사 직종","인",0.01,0,0,165545,1655.4,0,0,165545,1655.4,null,null,"N","N","",1]
[null,null,null,null,"[합 계]",null,null,0,0,0,0,15404,0,0,0,15404,null,null,null,null,"",1]
[null,null,null,null,null,null,null,0,0,0,0,0,0,0,0,0,null,null,null,null,"",1]
["AAA32200020S",null,null,null,"강관 동바리 설치 및 해체(건축, 기계설비)","3.5m 초과 ~ 4.2m 이하","M2",0,0,0,0,0,0,0,0,0,null,null,null,null,"",1]
["AAA32200020S","노무","L001010101000007",null,"형틀목공","일반공사 직종","인",0.06,0,0,274978,16498.599999999999,0,0,274978,16498.599999999999,null,null,"N","N","",1]
["AAA32200020S","노무","L001010101000002",null,"보통인부","일반공사 직종","인",0.01,0,0,165545,1655.4,0,0,165545,1655.4,null,null,"N","N","",1]
[null,null,null,null,"[합 계]",null,null,0,0,0,0,18154,0,0,0,18154,null,null,null,null,"",1]
[null,null,null,null,null,null,null,0,0,0,0,0,0,0,0,0,null,null,null,null,"",1]
["AAA32200030S",null,null,null,"강관 동바리 수평연결재 설치 및 해제(1단) ","설치간격 0.6m 초과~ 0.8m 이하","M2",0,0,0,0,0,0,0,0,0,null,null,null,null,"",1]
["AAA32200030S","노무","L001010101000007",null,"형틀목공","일반공사 직종","인",0.02,0,0,274978,5499.5,0,0,274978,5499.5,null,null,"N","N","",1]
["AAA32200030S","노무","L001010101000002",null,"보통인부","일반공사 직종","인",0.01,0,0,165545,1655.4,0,0,165545,1655.4,null,null,"N","N","",1]
[null,null,null,null,"[합 계]",null,null,0,0,0,0,7154,0,0,0,7154,null,null,null,null,"",1]
[null,null,null,null,null,null,null,0,0,0,0,0,0,0,0,0,null,null,null,null,"",1]
["AAA32300010S",null,null,null,"시스템 동바리 설치 및 해체(설치간격 0.6m~1.2m 이하)","H=10m 이하 (재료비별도)","10공M3",0,0,0,0,0,0,0,0,0,null,null,null,null,"",1]
["AAA32300010S","노무","L001010101000007",null,"형틀목공","일반공사 직종","인",0.57999999999999996,0,0,274978,159487.20000000001,0,0,274978,159487.20000000001,null,null,"N","N","",1]
["AAA32300010S","노무","L001010101000002",null,"보통인부","일반공사 직종","인",0.18,0,0,165545,29798.1,0,0,165545,29798.1,null,null,"N","N","",1]
["AAA32300010S","기계경비","00002104001500000",null,"크레인(타이어)","15ton","HR",0.17,8309,1412.5,55700,9469,40854,6945.1,104863,17826.599999999999,null,null,"N","N","",1]
[null,null,null,null,"[합 계]",null,null,0,0,1412,0,198754,0,6945,0,207111,null,null,null,null,"",1]
[null,null,null,null,null,null,null,0,0,0,0,0,0,0,0,0,null,null,null,null,"",1]
["AAA32300020S",null,null,null,"시스템 동바리 설치 및 해체(설치간격 0.6m~1.2m 이하)","H=10m~20 이하 (재료비별도)","10공M3",0,0,0,0,0,0,0,0,0,null,null,null,null,"",1]
["AAA32300020S","노무","L001010101000007",null,"형틀목공","일반공사 직종","인",0.68,0,0,274978,186985,0,0,274978,186985,null,null,"N","N","",1]
["AAA32300020S","노무","L001010101000002",null,"보통인부","일반공사 직종","인",0.21,0,0,165545,34764.400000000001,0,0,165545,34764.400000000001,null,null,"N","N","",1]
["AAA32300020S","기계경비","00002104001500000",null,"크레인(타이어)","15ton","HR",0.25,8309,2077.1999999999998,55700,13925,40854,10213.5,104863,26215.7,null,null,"N","N","",1]
[null,null,null,null,"[합 계]",null,null,0,0,2077,0,235674,0,10213,0,247964,null,null,null,null,"",1]
[null,null,null,null,null,null,null,0,0,0,0,0,0,0,0,0,null,null,null,null,"",1]
["AAA32300030S",null,null,null,"시스템 동바리 설치 및 해체(설치간격 0.6m~1.2m 이하)","H=20m~30 이하 (재료비별도)","10공M3",0,0,0,0,0,0,0,0,0,null,null,null,null,"",1]
["AAA32300030S","노무","L001010101000007",null,"형틀목공","일반공사 직종","인",0.87,0,0,274978,239230.8,0,0,274978,239230.8,null,null,"N","N","",1]
["AAA32300030S","노무","L001010101000002",null,"보통인부","일반공사 직종","인",0.27,0,0,165545,44697.1,0,0,165545,44697.1,null,null,"N","N","",1]
["AAA32300030S","기계경비","00002104002000000",null,"크레인(타이어)","20ton","HR",0.28000000000000003,9547,2673.1,55700,15596,51286,14360,116533,32629.1,null,null,"N","N","",1]
[null,null,null,null,"[합 계]",null,null,0,0,2673,0,299523,0,14360,0,316556,null,null,null,null,"",1]
[null,null,null,null,null,null,null,0,0,0,0,0,0,0,0,0,null,null,null,null,"",1]
["AAA32300040S",null,null,null,"알루미늄 폼 동바리 설치 및 해체",null,"M2",0,0,0,0,0,0,0,0,0,null,null,null,null,"",1]
["AAA32300040S","노무","L001010101000007",null,"형틀목공","일반공사 직종","인",0.03,0,0,274978,8249.2999999999993,0,0,274978,8249.2999999999993,null,null,"N","N","",1]
["AAA32300040S","노무","L001010101000002",null,"보통인부","일반공사 직종","인",0.01,0,0,165545,1655.4,0,0,165545,1655.4,null,null,"N","N","",1]
[null,null,null,null,"[합 계]",null,null,0,0,0,0,9904,0,0,0,9904,null,null,null,null,"",1]
[null,null,null,null,null,null,null,0,0,0,0,0,0,0,0,0,null,null,null,null,"",1]
["AAA33100100S",null,null,null,"잭서포트 설치 및 해체","5m이하","개",0,0,0,0,0,0,0,0,0,null,null,null,null,"",1]
["AAA33100100S","노무","L001010101000007",null,"형틀목공","일반공사 직종","인",0.06,0,0,274978,16498.599999999999,0,0,274978,16498.599999999999,null,null,"N","N","",1]
["AAA33100100S","노무","L001010101000002",null,"보통인부","일반공사 직종","인",0.02,0,0,165545,3310.9,0,0,165545,3310.9,null,null,"N","N","",1]
[null,null,null,null,"[합 계]",null,null,0,0,0,0,19809,0,0,0,19809,null,null,null,null,"",1]
[null,null,null,null,null,null,null,0,0,0,0,0,0,0,0,0,null,null,null,null,"",1]
["AAB21500410S",null,null,null,"콘테이너형 가설건축물 설치 및 해체","3.0*3.0m","개소",0,0,0,0,0,0,0,0,0,null,null,null,null,"",1]
["AAB21500410S","노무","L001010101000006",null,"비계공","일반공사 직종","인",0.4,0,0,280472,112188.8,0,0,280472,112188.8,null,null,"N","N","",1]
["AAB21500410S","노무","L001010101000003",null,"특별인부","일반공사 직종","인",0.18,0,0,214222,38559.9,0,0,214222,38559.9,null,null,"N","N","",1]
["AAB21500410S","기계경비","00002104001000000",null,"크레인(타이어)","10ton","HR",2,6718,13436,55700,111400,30103,60206,92521,185042,null,null,"N","N","",1]
[null,null,null,null,"[합 계]",null,null,0,0,13436,0,262148,0,60206,0,335790,null,null,null,null,"",1]
[null,null,null,null,null,null,null,0,0,0,0,0,0,0,0,0,null,null,null,null,"",1]
["AAB21500420S",null,null,null,"콘테이너형 가설건축물 설치 및 해체","3.0*6.0m","개소",0,0,0,0,0,0,0,0,0,null,null,null,null,"",1]
["AAB21500420S","노무","L001010101000006",null,"비계공","일반공사 직종","인",0.57999999999999996,0,0,280472,162673.70000000001,0,0,280472,162673.70000000001,null,null,"N","N","",1]
["AAB21500420S","노무","L001010101000003",null,"특별인부","일반공사 직종","인",0.34,0,0,214222,72835.399999999994,0,0,214222,72835.399999999994,null,null,"N","N","",1]
["AAB21500420S","기계경비","00002104001000000",null,"크레인(타이어)","10ton","HR",2,6718,13436,55700,111400,30103,60206,92521,185042,null,null,"N","N","",1]
[null,null,null,null,"[합 계]",null,null,0,0,13436,0,346909,0,60206,0,420551,null,null,null,null,"",1]
[null,null,null,null,null,null,null,0,0,0,0,0,0,0,0,0,null,null,null,null,"",1]
["AAB21500430S",null,null,null,"콘테이너형 가설건축물 해체","3.0*9.0m","개소",0,0,0,0,0,0,0,0,0,null,null,null,null,"",1]
["AAB21500430S","노무","L001010101000006",null,"비계공","일반공사 직종","인",0.78,0,0,280472,218768.1,0,0,280472,218768.1,null,null,"N","N","",1]
["AAB21500430S","노무","L001010101000003",null,"특별인부","일반공사 직종","인",0.38,0,0,214222,81404.3,0,0,214222,81404.3,null,null,"N","N","",1]
["AAB21500430S","기계경비","00002104001000000",null,"크레인(타이어)","10ton","HR",2,6718,13436,55700,111400,30103,60206,92521,185042,null,null,"N","N","",1]
[null,null,null,null,"[합 계]",null,null,0,0,13436,0,411572,0,60206,0,485214,null,null,null,null,"",1]
[null,null,null,null,null,null,null,0,0,0,0,0,0,0,0,0,null,null,null,null,"",1]
["AAB29000010S",null,null,null,"철제조립식 가설건축물 설치 및 해체","사무실","M2",0,0,0,0,0,0,0,0,0,null,null,null,null,"",1]
["AAB29000010S","노무","L001010101000023",null,"건축목공","일반공사 직종","인",0.26,0,0,268058,69695,0,0,268058,69695,null,null,"N","N","",1]
["AAB29000010S","노무","L001010101000002",null,"보통인부","일반공사 직종","인",0.11,0,0,165545,18209.900000000001,0,0,165545,18209.900000000001,null,null,"N","N","",1]
["AAB29000010S","손료","RENT000000000001",null,"공구손료","인력품의 2%","식",1,1758,1758,0,0,0,0,1758,1758,null,null,"N","N",2,1]
["AAB29000010S","기계경비","00002104001000000",null,"크레인(타이어)","10ton","HR",0.19,6718,1276.4000000000001,55700,10583,30103,5719.5,92521,17578.900000000001,null,null,"N","N","",1]
[null,null,null,null,"[합 계]",null,null,0,0,3034,0,98487,0,5719,0,107240,null,null,null,null,"",1]
[null,null,null,null,null,null,null,0,0,0,0,0,0,0,0,0,null,null,null,null,"",1]
["AAB29000020S",null,null,null,"철제조립식 가설건축물 설치 및 해체","창고","M2",0,0,0,0,0,0,0,0,0,null,null,null,null,"",1]
["AAB29000020S","노무","L001010101000023",null,"건축목공","일반공사 직종","인",0.2,0,0,268058,53611.6,0,0,268058,53611.6,null,null,"N","N","",1]
["AAB29000020S","노무","L001010101000002",null,"보통인부","일반공사 직종","인",0.09,0,0,165545,14899,0,0,165545,14899,null,null,"N","N","",1]
["AAB29000020S","손료","RENT000000000001",null,"공구손료","인력품의 2%","식",1,1370.2,1370.2,0,0,0,0,1370.2,1370.2,null,null,"N","N",2,1]
["AAB29000020S","기계경비","00002104001000000",null,"크레인(타이어)","10ton","HR",0.15,6718,1007.7,55700,8355,30103,4515.3999999999996,92521,13878.1,null,null,"N","N","",1]
[null,null,null,null,"[합 계]",null,null,0,0,2377,0,76865,0,4515,0,83757,null,null,null,null,"",1]
[null,null,null,null,null,null,null,0,0,0,0,0,0,0,0,0,null,null,null,null,"",1]
["AAC21000010S",null,null,null,"철골세우기용 장비-타워크레인(8ton*50m)","가설","대",0,0,0,0,0,0,0,0,0,null,null,null,null,"",1]
["AAC21000010S","노무","L001010101000006",null,"비계공","일반공사 직종","인",42,0,0,280472,11779824,0,0,280472,11779824,null,null,"N","N","",1]
["AAC21000010S","손료","RENT000000000001",null,"공구손료","인력품의 3%","식",1,353394.7,353394.7,0,0,0,0,353394.7,353394.7,null,null,"N","N",3,1]
[null,null,null,null,"[합 계]",null,null,0,0,353394,0,11779824,0,0,0,12133218,null,null,null,null,"",1]
[null,null,null,null,null,null,null,0,0,0,0,0,0,0,0,0,null,null,null,null,"",1]
["AAC21000020S",null,null,null,"철골세우기용 장비-타워크레인(8ton*50m)","해체정비","대",0,0,0,0,0,0,0,0,0,null,null,null,null,"",1]
["AAC21000020S","노무","L001010101000006",null,"비계공","일반공사 직종","인",42,0,0,280472,11779824,0,0,280472,11779824,null,null,"N","N","",1]
["AAC21000020S","손료","RENT000000000001",null,"공구손료","인력품의 3%","식",1,353394.7,353394.7,0,0,0,0,353394.7,353394.7,null,null,"N","N",3,1]
[null,null,null,null,"[합 계]",null,null,0,0,353394,0,11779824,0,0,0,12133218,null,null,null,null,"",1]
[null,null,null,null,null,null,null,0,0,0,0,0,0,0,0,0,null,null,null,null,"",1]
["AAC21000030S",null,null,null,"철골세우기용 장비-타워크레인(8ton*50m)","수직이동(1회당)","회",0,0,0,0,0,0,0,0,0,null,null,null,null,"",1]
["AAC21000030S","노무","L001010101000006",null,"비계공","일반공사 직종","인",6,0,0,280472,1682832,0,0,280472,1682832,null,null,"N","N","",1]
["AAC21000030S","손료","RENT000000000001",null,"공구손료","인력품의 3%","식",1,50484.9,50484.9,0,0,0,0,50484.9,50484.9,null,null,"N","N",3,1]
[null,null,null,null,"[합 계]",null,null,0,0,50484,0,1682832,0,0,0,1733316,null,null,null,null,"",1]
[null,null,null,null,null,null,null,0,0,0,0,0,0,0,0,0,null,null,null,null,"",1]
["AAC21100010S",null,null,null,"철골 세우기 - 크레인(타이어) 10ton","창고 소규모, 공장 대규모 건물 트러스 거더류","TON",0,0,0,0,0,0,0,0,0,null,null,null,null,"",1]
["AAC21100010S","기계경비","00002104001000000",null,"크레인(타이어)","10ton","HR",0.53300000000000003,6718,3580.6,55700,29688.1,30103,16044.8,92521,49313.5,null,null,"N","N","",1]
[null,null,null,null,"[합 계]",null,null,0,0,3580,0,29688,0,16044,0,49312,null,null,null,null,"",1]
[null,null,null,null,null,null,null,0,0,0,0,0,0,0,0,0,null,null,null,null,"",1]
["AAC21100020S",null,null,null,"철골 세우기 - 크레인(타이어) 15ton","창고 소규모, 공장 대규모 건물 트러스 거더류","TON",0,0,0,0,0,0,0,0,0,null,null,null,null,"",1]
["AAC21100020S","기계경비","00002104001500000",null,"크레인(타이어)","15ton","HR",0.53300000000000003,8309,4428.6000000000004,55700,29688.1,40854,21775.1,104863,55891.8,null,null,"N","N","",1]
[null,null,null,null,"[합 계]",null,null,0,0,4428,0,29688,0,21775,0,55891,null,null,null,null,"",1]
[null,null,null,null,null,null,null,0,0,0,0,0,0,0,0,0,null,null,null,null,"",1]
["AAC21100030S",null,null,null,"철골 세우기 - 크레인(타이어) 25ton","창고 소규모, 공장 대규모 건물 트러스 거더류","TON",0,0,0,0,0,0,0,0,0,null,null,null,null,"",1]
["AAC21100030S","기계경비","00002104002500000",null,"크레인(타이어)","25ton","HR",0.53300000000000003,10785,5748.4,55700,29688.1,56667,30203.5,123152,65640,null,null,"N","N","",1]
[null,null,null,null,"[합 계]",null,null,0,0,5748,0,29688,0,30203,0,65639,null,null,null,null,"",1]
[null,null,null,null,null,null,null,0,0,0,0,0,0,0,0,0,null,null,null,null,"",1]
["AAC21100040S",null,null,null,"철골 세우기 - 크레인(타이어) 20ton","창고 소규모, 공장 대규모 건물 트러스 거더류","TON",0,0,0,0,0,0,0,0,0,null,null,null,null,"",1]
["AAC21100040S","기계경비","00002104002000000",null,"크레인(타이어)","20ton","HR",0.53300000000000003,9547,5088.5,55700,29688.1,51286,27335.4,116533,62112,null,null,"N","N","",1]
[null,null,null,null,"[합 계]",null,null,0,0,5088,0,29688,0,27335,0,62111,null,null,null,null,"",1]
[null,null,null,null,null,null,null,0,0,0,0,0,0,0,0,0,null,null,null,null,"",1]
["AAC21100050S",null,null,null,"철골 세우기 - 크레인(타이어) 30ton","창고 소규모, 공장 대규모 건물 트러스 거더류","TON",0,0,0,0,0,0,0,0,0,null,null,null,null,"",1]
["AAC21100050S","기계경비","00002104003000000",null,"크레인(타이어)","30ton","HR",0.53300000000000003,13614,7256.2,55700,29688.1,54789,29202.5,124103,66146.8,null,null,"N","N","",1]
[null,null,null,null,"[합 계]",null,null,0,0,7256,0,29688,0,29202,0,66146,null,null,null,null,"",1]
[null,null,null,null,null,null,null,0,0,0,0,0,0,0,0,0,null,null,null,null,"",1]
["AAC21100060S",null,null,null,"철골 세우기 - 크레인(타이어) 35ton","창고 소규모, 공장 대규모 건물 트러스 거더류","TON",0,0,0,0,0,0,0,0,0,null,null,null,null,"",1]
["AAC21100060S","기계경비","00002104003500000",null,"크레인(타이어)","35ton","HR",0.53300000000000003,13614,7256.2,55700,29688.1,57419,30604.3,126733,67548.600000000006,null,null,"N","N","",1]
[null,null,null,null,"[합 계]",null,null,0,0,7256,0,29688,0,30604,0,67548,null,null,null,null,"",1]
[null,null,null,null,null,null,null,0,0,0,0,0,0,0,0,0,null,null,null,null,"",1]
["AAC21100070S",null,null,null,"철골 세우기 - 크레인(타이어) 40ton","창고 소규모, 공장 대규모 건물 트러스 거더류","TON",0,0,0,0,0,0,0,0,0,null,null,null,null,"",1]
["AAC21100070S","기계경비","00002104004000000",null,"크레인(타이어)","40ton","HR",0.53300000000000003,16974,9047.1,55700,29688.1,65453,34886.400000000001,138127,73621.600000000006,null,null,"N","N","",1]
[null,null,null,null,"[합 계]",null,null,0,0,9047,0,29688,0,34886,0,73621,null,null,null,null,"",1]
[null,null,null,null,null,null,null,0,0,0,0,0,0,0,0,0,null,null,null,null,"",1]
["AAC21100080S",null,null,null,"철골 세우기 - 크레인(타이어) 45ton","창고 소규모, 공장 대규모 건물 트러스 거더류","TON",0,0,0,0,0,0,0,0,0,null,null,null,null,"",1]
["AAC21100080S","기계경비","00002104004500000",null,"크레인(타이어)","45ton","HR",0.53300000000000003,19970,10644,55700,29688.1,71874,38308.800000000003,147544,78640.899999999994,null,null,"N","N","",1]
[null,null,null,null,"[합 계]",null,null,0,0,10644,0,29688,0,38308,0,78640,null,null,null,null,"",1]
[null,null,null,null,null,null,null,0,0,0,0,0,0,0,0,0,null,null,null,null,"",1]
["AAC21100090S",null,null,null,"철골 세우기 - 크레인(타이어) 50ton","창고 소규모, 공장 대규모 건물 트러스 거더류","TON",0,0,0,0,0,0,0,0,0,null,null,null,null,"",1]
["AAC21100090S","기계경비","00002104005000000",null,"크레인(타이어)","50ton","HR",0.53300000000000003,19970,10644,55700,29688.1,86876,46304.9,162546,86637,null,null,"N","N","",1]
[null,null,null,null,"[합 계]",null,null,0,0,10644,0,29688,0,46304,0,86636,null,null,null,null,"",1]
[null,null,null,null,null,null,null,0,0,0,0,0,0,0,0,0,null,null,null,null,"",1]
["AAC21100100S",null,null,null,"철골 세우기 - 크레인(타이어) 60ton","창고 소규모, 공장 대규모 건물 트러스 거더류","TON",0,0,0,0,0,0,0,0,0,null,null,null,null,"",1]
["AAC21100100S","기계경비","00002104006000000",null,"크레인(타이어)","60ton","HR",0.53300000000000003,21168,11282.5,55700,29688.1,88601,47224.3,165469,88194.9,null,null,"N","N","",1]
[null,null,null,null,"[합 계]",null,null,0,0,11282,0,29688,0,47224,0,88194,null,null,null,null,"",1]
[null,null,null,null,null,null,null,0,0,0,0,0,0,0,0,0,null,null,null,null,"",1]
["AAC21100110S",null,null,null,"철골 세우기 - 크레인(타이어) 70ton","창고 소규모, 공장 대규모 건물 트러스 거더류","TON",0,0,0,0,0,0,0,0,0,null,null,null,null,"",1]
["AAC21100110S","기계경비","00002104007000000",null,"크레인(타이어)","70ton","HR",0.53300000000000003,24563,13092,55700,29688.1,104234,55556.7,184497,98336.8,null,null,"N","N","",1]
[null,null,null,null,"[합 계]",null,null,0,0,13092,0,29688,0,55556,0,98336,null,null,null,null,"",1]
[null,null,null,null,null,null,null,0,0,0,0,0,0,0,0,0,null,null,null,null,"",1]
["AAC21100120S",null,null,null,"철골 세우기 - 크레인(타이어) 80ton","창고 소규모, 공장 대규모 건물 트러스 거더류","TON",0,0,0,0,0,0,0,0,0,null,null,null,null,"",1]
["AAC21100120S","기계경비","00002104008000000",null,"크레인(타이어)","80ton","HR",0.53300000000000003,24563,13092,55700,29688.1,130471,69541,210734,112321.1,null,null,"N","N","",1]
[null,null,null,null,"[합 계]",null,null,0,0,13092,0,29688,0,69541,0,112321,null,null,null,null,"",1]
[null,null,null,null,null,null,null,0,0,0,0,0,0,0,0,0,null,null,null,null,"",1]
["AAC21100130S",null,null,null,"철골 세우기 - 크레인(타이어) 100ton","창고 소규모, 공장 대규모 건물 트러스 거더류","TON",0,0,0,0,0,0,0,0,0,null,null,null,null,"",1]
["AAC21100130S","기계경비","00002104010000000",null,"크레인(타이어)","100ton","HR",0.53300000000000003,31752,16923.8,55700,29688.1,154459,82326.600000000006,241911,128938.5,null,null,"N","N","",1]
[null,null,null,null,"[합 계]",null,null,0,0,16923,0,29688,0,82326,0,128937,null,null,null,null,"",1]
[null,null,null,null,null,null,null,0,0,0,0,0,0,0,0,0,null,null,null,null,"",1]
["AAC21100140S",null,null,null,"철골 세우기 - 크레인(타이어) 130ton","창고 소규모, 공장 대규모 건물 트러스 거더류","TON",0,0,0,0,0,0,0,0,0,null,null,null,null,"",1]
["AAC21100140S","기계경비","00002104013000000",null,"크레인(타이어)","130ton","HR",0.53300000000000003,36698,19560,55700,29688.1,213896,114006.5,306294,163254.6,null,null,"N","N","",1]
[null,null,null,null,"[합 계]",null,null,0,0,19560,0,29688,0,114006,0,163254,null,null,null,null,"",1]
[null,null,null,null,null,null,null,0,0,0,0,0,0,0,0,0,null,null,null,null,"",1]
["AAC21100150S",null,null,null,"철골 세우기 - 크레인(타이어) 160ton","창고 소규모, 공장 대규모 건물 트러스 거더류","TON",0,0,0,0,0,0,0,0,0,null,null,null,null,"",1]
["AAC21100150S","기계경비","00002104016000000",null,"크레인(타이어)","160ton","HR",0.53300000000000003,40637,21659.5,55700,29688.1,286292,152593.60000000001,382629,203941.2,null,null,"N","N","",1]
[null,null,null,null,"[합 계]",null,null,0,0,21659,0,29688,0,152593,0,203940,null,null,null,null,"",1]
[null,null,null,null,null,null,null,0,0,0,0,0,0,0,0,0,null,null,null,null,"",1]
["AAC21100160S",null,null,null,"철골 세우기 - 크레인(타이어) 200ton","창고 소규모, 공장 대규모 건물 트러스 거더류","TON",0,0,0,0,0,0,0,0,0,null,null,null,null,"",1]
["AAC21100160S","기계경비","00002104020000000",null,"크레인(타이어)","200ton","HR",0.53300000000000003,45613,24311.7,55700,29688.1,299323,159539.1,400636,213538.9,null,null,"N","N","",1]
[null,null,null,null,"[합 계]",null,null,0,0,24311,0,29688,0,159539,0,213538,null,null,null,null,"",1]
[null,null,null,null,null,null,null,0,0,0,0,0,0,0,0,0,null,null,null,null,"",1]
["AAC21100170S",null,null,null,"철골 세우기 - 크레인(타이어) 220ton","창고 소규모, 공장 대규모 건물 트러스 거더류","TON",0,0,0,0,0,0,0,0,0,null,null,null,null,"",1]
["AAC21100170S","기계경비","00002104022000000",null,"크레인(타이어)","220ton","HR",0.53300000000000003,45613,24311.7,55700,29688.1,370205,197319.2,471518,251319,null,null,"N","N","",1]
[null,null,null,null,"[합 계]",null,null,0,0,24311,0,29688,0,197319,0,251318,null,null,null,null,"",1]
[null,null,null,null,null,null,null,0,0,0,0,0,0,0,0,0,null,null,null,null,"",1]
["AAC21100180S",null,null,null,"철골 세우기 - 크레인(타이어) 250ton","창고 소규모, 공장 대규모 건물 트러스 거더류","TON",0,0,0,0,0,0,0,0,0,null,null,null,null,"",1]
["AAC21100180S","기계경비","00002104025000000",null,"크레인(타이어)","250ton","HR",0.53300000000000003,49760,26522,55700,29688.1,431906,230205.8,537366,286415.90000000002,null,null,"N","N","",1]
[null,null,null,null,"[합 계]",null,null,0,0,26522,0,29688,0,230205,0,286415,null,null,null,null,"",1]
[null,null,null,null,null,null,null,0,0,0,0,0,0,0,0,0,null,null,null,null,"",1]
["AAC21101010S",null,null,null,"철골 세우기 - 크레인(타이어) 10ton","기둥, 크레인 거더","TON",0,0,0,0,0,0,0,0,0,null,null,null,null,"",1]
["AAC21101010S","기계경비","00002104001000000",null,"크레인(타이어)","10ton","HR",0.32,6718,2149.6999999999998,55700,17824,30103,9632.9,92521,29606.6,null,null,"N","N","",1]
[null,null,null,null,"[합 계]",null,null,0,0,2149,0,17824,0,9632,0,29605,null,null,null,null,"",1]
[null,null,null,null,null,null,null,0,0,0,0,0,0,0,0,0,null,null,null,null,"",1]
["AAC21101020S",null,null,null,"철골 세우기 - 크레인(타이어) 15ton","기둥, 크레인 거더","TON",0,0,0,0,0,0,0,0,0,null,null,null,null,"",1]
["AAC21101020S","기계경비","00002104001500000",null,"크레인(타이어)","15ton","HR",0.32,8309,2658.8,55700,17824,40854,13073.2,104863,33556,null,null,"N","N","",1]
[null,null,null,null,"[합 계]",null,null,0,0,2658,0,17824,0,13073,0,33555,null,null,null,null,"",1]
[null,null,null,null,null,null,null,0,0,0,0,0,0,0,0,0,null,null,null,null,"",1]
["AAC21101030S",null,null,null,"철골 세우기 - 크레인(타이어) 20ton","기둥, 크레인 거더","TON",0,0,0,0,0,0,0,0,0,null,null,null,null,"",1]
["AAC21101030S","기계경비","00002104002000000",null,"크레인(타이어)","20ton","HR",0.32,9547,3055,55700,17824,51286,16411.5,116533,37290.5,null,null,"N","N","",1]
[null,null,null,null,"[합 계]",null,null,0,0,3055,0,17824,0,16411,0,37290,null,null,null,null,"",1]
[null,null,null,null,null,null,null,0,0,0,0,0,0,0,0,0,null,null,null,null,"",1]
["AAC21101040S",null,null,null,"철골 세우기 - 크레인(타이어) 25ton","기둥, 크레인 거더","TON",0,0,0,0,0,0,0,0,0,null,null,null,null,"",1]
["AAC21101040S","기계경비","00002104002500000",null,"크레인(타이어)","25ton","HR",0.32,10785,3451.2,55700,17824,56667,18133.400000000001,123152,39408.6,null,null,"N","N","",1]
[null,null,null,null,"[합 계]",null,null,0,0,3451,0,17824,0,18133,0,39408,null,null,null,null,"",1]
[null,null,null,null,null,null,null,0,0,0,0,0,0,0,0,0,null,null,null,null,"",1]
["AAC21101050S",null,null,null,"철골 세우기 - 크레인(타이어) 30ton","기둥, 크레인 거더","TON",0,0,0,0,0,0,0,0,0,null,null,null,null,"",1]
["AAC21101050S","기계경비","00002104003000000",null,"크레인(타이어)","30ton","HR",0.32,13614,4356.3999999999996,55700,17824,54789,17532.400000000001,124103,39712.800000000003,null,null,"N","N","",1]
[null,null,null,null,"[합 계]",null,null,0,0,4356,0,17824,0,17532,0,39712,null,null,null,null,"",1]
[null,null,null,null,null,null,null,0,0,0,0,0,0,0,0,0,null,null,null,null,"",1]
["AAC21101060S",null,null,null,"철골 세우기 - 크레인(타이어) 35ton","기둥, 크레인 거더","TON",0,0,0,0,0,0,0,0,0,null,null,null,null,"",1]
["AAC21101060S","기계경비","00002104003500000",null,"크레인(타이어)","35ton","HR",0.32,13614,4356.3999999999996,55700,17824,57419,18374,126733,40554.400000000001,null,null,"N","N","",1]
[null,null,null,null,"[합 계]",null,null,0,0,4356,0,17824,0,18374,0,40554,null,null,null,null,"",1]
[null,null,null,null,null,null,null,0,0,0,0,0,0,0,0,0,null,null,null,null,"",1]
["AAC21101070S",null,null,null,"철골 세우기 - 크레인(타이어) 40ton","기둥, 크레인 거더","TON",0,0,0,0,0,0,0,0,0,null,null,null,null,"",1]
["AAC21101070S","기계경비","00002104004000000",null,"크레인(타이어)","40ton","HR",0.32,16974,5431.6,55700,17824,65453,20944.900000000001,138127,44200.5,null,null,"N","N","",1]
[null,null,null,null,"[합 계]",null,null,0,0,5431,0,17824,0,20944,0,44199,null,null,null,null,"",1]
[null,null,null,null,null,null,null,0,0,0,0,0,0,0,0,0,null,null,null,null,"",1]
["AAC21101080S",null,null,null,"철골 세우기 - 크레인(타이어) 45ton","기둥, 크레인 거더","TON",0,0,0,0,0,0,0,0,0,null,null,null,null,"",1]
["AAC21101080S","기계경비","00002104004500000",null,"크레인(타이어)","45ton","HR",0.32,19970,6390.4,55700,17824,71874,22999.599999999999,147544,47214,null,null,"N","N","",1]
[null,null,null,null,"[합 계]",null,null,0,0,6390,0,17824,0,22999,0,47213,null,null,null,null,"",1]
[null,null,null,null,null,null,null,0,0,0,0,0,0,0,0,0,null,null,null,null,"",1]
["AAC21101090S",null,null,null,"철골 세우기 - 크레인(타이어) 50ton","기둥, 크레인 거더","TON",0,0,0,0,0,0,0,0,0,null,null,null,null,"",1]
["AAC21101090S","기계경비","00002104005000000",null,"크레인(타이어)","50ton","HR",0.32,19970,6390.4,55700,17824,86876,27800.3,162546,52014.7,null,null,"N","N","",1]
[null,null,null,null,"[합 계]",null,null,0,0,6390,0,17824,0,27800,0,52014,null,null,null,null,"",1]
[null,null,null,null,null,null,null,0,0,0,0,0,0,0,0,0,null,null,null,null,"",1]
["AAC21101100S",null,null,null,"철골 세우기 - 크레인(타이어) 60ton","기둥, 크레인 거더","TON",0,0,0,0,0,0,0,0,0,null,null,null,null,"",1]
["AAC21101100S","기계경비","00002104006000000",null,"크레인(타이어)","60ton","HR",0.32,21168,6773.7,55700,17824,88601,28352.3,165469,52950,null,null,"N","N","",1]
[null,null,null,null,"[합 계]",null,null,0,0,6773,0,17824,0,28352,0,52949,null,null,null,null,"",1]
[null,null,null,null,null,null,null,0,0,0,0,0,0,0,0,0,null,null,null,null,"",1]
["AAC21101110S",null,null,null,"철골 세우기 - 크레인(타이어) 70ton","기둥, 크레인 거더","TON",0,0,0,0,0,0,0,0,0,null,null,null,null,"",1]
["AAC21101110S","기계경비","00002104007000000",null,"크레인(타이어)","70ton","HR",0.32,24563,7860.1,55700,17824,104234,33354.800000000003,184497,59038.9,null,null,"N","N","",1]
[null,null,null,null,"[합 계]",null,null,0,0,7860,0,17824,0,33354,0,59038,null,null,null,null,"",1]
[null,null,null,null,null,null,null,0,0,0,0,0,0,0,0,0,null,null,null,null,"",1]
["AAC21101120S",null,null,null,"철골 세우기 - 크레인(타이어) 80ton","기둥, 크레인 거더","TON",0,0,0,0,0,0,0,0,0,null,null,null,null,"",1]
["AAC21101120S","기계경비","00002104008000000",null,"크레인(타이어)","80ton","HR",0.32,24563,7860.1,55700,17824,130471,41750.699999999997,210734,67434.8,null,null,"N","N","",1]
[null,null,null,null,"[합 계]",null,null,0,0,7860,0,17824,0,41750,0,67434,null,null,null,null,"",1]
[null,null,null,null,null,null,null,0,0,0,0,0,0,0,0,0,null,null,null,null,"",1]
["AAC21101130S",null,null,null,"철골 세우기 - 크레인(타이어) 100ton","기둥, 크레인 거더","TON",0,0,0,0,0,0,0,0,0,null,null,null,null,"",1]
["AAC21101130S","기계경비","00002104010000000",null,"크레인(타이어)","100ton","HR",0.32,31752,10160.6,55700,17824,154459,49426.8,241911,77411.399999999994,null,null,"N","N","",1]
[null,null,null,null,"[합 계]",null,null,0,0,10160,0,17824,0,49426,0,77410,null,null,null,null,"",1]
[null,null,null,null,null,null,null,0,0,0,0,0,0,0,0,0,null,null,null,null,"",1]
["AAC21101140S",null,null,null,"철골 세우기 - 크레인(타이어) 130ton","기둥, 크레인 거더","TON",0,0,0,0,0,0,0,0,0,null,null,null,null,"",1]
["AAC21101140S","기계경비","00002104013000000",null,"크레인(타이어)","130ton","HR",0.32,36698,11743.3,55700,17824,213896,68446.7,306294,98014,null,null,"N","N","",1]
[null,null,null,null,"[합 계]",null,null,0,0,11743,0,17824,0,68446,0,98013,null,null,null,null,"",1]
[null,null,null,null,null,null,null,0,0,0,0,0,0,0,0,0,null,null,null,null,"",1]
["AAC21101150S",null,null,null,"철골 세우기 - 크레인(타이어) 160ton","기둥, 크레인 거더","TON",0,0,0,0,0,0,0,0,0,null,null,null,null,"",1]
["AAC21101150S","기계경비","00002104016000000",null,"크레인(타이어)","160ton","HR",0.32,40637,13003.8,55700,17824,286292,91613.4,382629,122441.2,null,null,"N","N","",1]
[null,null,null,null,"[합 계]",null,null,0,0,13003,0,17824,0,91613,0,122440,null,null,null,null,"",1]
[null,null,null,null,null,null,null,0,0,0,0,0,0,0,0,0,null,null,null,null,"",1]
["AAC21101160S",null,null,null,"철골 세우기 - 크레인(타이어) 200ton","기둥, 크레인 거더","TON",0,0,0,0,0,0,0,0,0,null,null,null,null,"",1]
["AAC21101160S","기계경비","00002104020000000",null,"크레인(타이어)","200ton","HR",0.32,45613,14596.1,55700,17824,299323,95783.3,400636,128203.4,null,null,"N","N","",1]
[null,null,null,null,"[합 계]",null,null,0,0,14596,0,17824,0,95783,0,128203,null,null,null,null,"",1]
[null,null,null,null,null,null,null,0,0,0,0,0,0,0,0,0,null,null,null,null,"",1]
["AAC21101170S",null,null,null,"철골 세우기 - 크레인(타이어) 220ton","기둥, 크레인 거더","TON",0,0,0,0,0,0,0,0,0,null,null,null,null,"",1]
["AAC21101170S","기계경비","00002104022000000",null,"크레인(타이어)","220ton","HR",0.32,45613,14596.1,55700,17824,370205,118465.60000000001,471518,150885.70000000001,null,null,"N","N","",1]
[null,null,null,null,"[합 계]",null,null,0,0,14596,0,17824,0,118465,0,150885,null,null,null,null,"",1]
[null,null,null,null,null,null,null,0,0,0,0,0,0,0,0,0,null,null,null,null,"",1]
["AAC21101180S",null,null,null,"철골 세우기 - 크레인(타이어) 250ton","기둥, 크레인 거더","TON",0,0,0,0,0,0,0,0,0,null,null,null,null,"",1]
["AAC21101180S","기계경비","00002104025000000",null,"크레인(타이어)","250ton","HR",0.32,49760,15923.2,55700,17824,431906,138209.9,537366,171957.1,null,null,"N","N","",1]
[null,null,null,null,"[합 계]",null,null,0,0,15923,0,17824,0,138209,0,171956,null,null,null,null,"",1]
[null,null,null,null,null,null,null,0,0,0,0,0,0,0,0,0,null,null,null,null,"",1]
["AAC21102010S",null,null,null,"철골 세우기 - 크레인(타이어) 10ton","기타","TON",0,0,0,0,0,0,0,0,0,null,null,null,null,"",1]
["AAC21102010S","기계경비","00002104001000000",null,"크레인(타이어)","10ton","HR",1,6718,6718,55700,55700,30103,30103,92521,92521,null,null,"N","N","",1]
[null,null,null,null,"[합 계]",null,null,0,0,6718,0,55700,0,30103,0,92521,null,null,null,null,"",1]
[null,null,null,null,null,null,null,0,0,0,0,0,0,0,0,0,null,null,null,null,"",1]
["AAC21102020S",null,null,null,"철골 세우기 - 크레인(타이어) 15ton","기타","TON",0,0,0,0,0,0,0,0,0,null,null,null,null,"",1]
["AAC21102020S","기계경비","00002104001500000",null,"크레인(타이어)","15ton","HR",1,8309,8309,55700,55700,40854,40854,104863,104863,null,null,"N","N","",1]
[null,null,null,null,"[합 계]",null,null,0,0,8309,0,55700,0,40854,0,104863,null,null,null,null,"",1]
[null,null,null,null,null,null,null,0,0,0,0,0,0,0,0,0,null,null,null,null,"",1]
["AAC21102030S",null,null,null,"철골 세우기 - 크레인(타이어) 20ton","기타","TON",0,0,0,0,0,0,0,0,0,null,null,null,null,"",1]
["AAC21102030S","기계경비","00002104002000000",null,"크레인(타이어)","20ton","HR",1,9547,9547,55700,55700,51286,51286,116533,116533,null,null,"N","N","",1]
[null,null,null,null,"[합 계]",null,null,0,0,9547,0,55700,0,51286,0,116533,null,null,null,null,"",1]
[null,null,null,null,null,null,null,0,0,0,0,0,0,0,0,0,null,null,null,null,"",1]
["AAC21102040S",null,null,null,"철골 세우기 - 크레인(타이어) 25ton","기타","TON",0,0,0,0,0,0,0,0,0,null,null,null,null,"",1]
["AAC21102040S","기계경비","00002104002500000",null,"크레인(타이어)","25ton","HR",1,10785,10785,55700,55700,56667,56667,123152,123152,null,null,"N","N","",1]
[null,null,null,null,"[합 계]",null,null,0,0,10785,0,55700,0,56667,0,123152,null,null,null,null,"",1]
[null,null,null,null,null,null,null,0,0,0,0,0,0,0,0,0,null,null,null,null,"",1]
["AAC21102050S",null,null,null,"철골 세우기 - 크레인(타이어) 30ton","기타","TON",0,0,0,0,0,0,0,0,0,null,null,null,null,"",1]
["AAC21102050S","기계경비","00002104003000000",null,"크레인(타이어)","30ton","HR",1,13614,13614,55700,55700,54789,54789,124103,124103,null,null,"N","N","",1]
[null,null,null,null,"[합 계]",null,null,0,0,13614,0,55700,0,54789,0,124103,null,null,null,null,"",1]
[null,null,null,null,null,null,null,0,0,0,0,0,0,0,0,0,null,null,null,null,"",1]
["AAC21102060S",null,null,null,"철골 세우기 - 크레인(타이어) 35ton","기타","TON",0,0,0,0,0,0,0,0,0,null,null,null,null,"",1]
["AAC21102060S","기계경비","00002104003500000",null,"크레인(타이어)","35ton","HR",1,13614,13614,55700,55700,57419,57419,126733,126733,null,null,"N","N","",1]
[null,null,null,null,"[합 계]",null,null,0,0,13614,0,55700,0,57419,0,126733,null,null,null,null,"",1]
[null,null,null,null,null,null,null,0,0,0,0,0,0,0,0,0,null,null,null,null,"",1]
["AAC21102070S",null,null,null,"철골 세우기 - 크레인(타이어) 40ton","기타","TON",0,0,0,0,0,0,0,0,0,null,null,null,null,"",1]
["AAC21102070S","기계경비","00002104004000000",null,"크레인(타이어)","40ton","HR",1,16974,16974,55700,55700,65453,65453,138127,138127,null,null,"N","N","",1]
[null,null,null,null,"[합 계]",null,null,0,0,16974,0,55700,0,65453,0,138127,null,null,null,null,"",1]
[null,null,null,null,null,null,null,0,0,0,0,0,0,0,0,0,null,null,null,null,"",1]
["AAC21102080S",null,null,null,"철골 세우기 - 크레인(타이어) 45ton","기타","TON",0,0,0,0,0,0,0,0,0,null,null,null,null,"",1]
["AAC21102080S","기계경비","00002104004500000",null,"크레인(타이어)","45ton","HR",1,19970,19970,55700,55700,71874,71874,147544,147544,null,null,"N","N","",1]
[null,null,null,null,"[합 계]",null,null,0,0,19970,0,55700,0,71874,0,147544,null,null,null,null,"",1]
[null,null,null,null,null,null,null,0,0,0,0,0,0,0,0,0,null,null,null,null,"",1]
["AAC21102090S",null,null,null,"철골 세우기 - 크레인(타이어) 50ton","기타","TON",0,0,0,0,0,0,0,0,0,null,null,null,null,"",1]
["AAC21102090S","기계경비","00002104005000000",null,"크레인(타이어)","50ton","HR",1,19970,19970,55700,55700,86876,86876,162546,162546,null,null,"N","N","",1]
[null,null,null,null,"[합 계]",null,null,0,0,19970,0,55700,0,86876,0,162546,null,null,null,null,"",1]
[null,null,null,null,null,null,null,0,0,0,0,0,0,0,0,0,null,null,null,null,"",1]
["AAC21102100S",null,null,null,"철골 세우기 - 크레인(타이어) 60ton","기타","TON",0,0,0,0,0,0,0,0,0,null,null,null,null,"",1]
["AAC21102100S","기계경비","00002104006000000",null,"크레인(타이어)","60ton","HR",1,21168,21168,55700,55700,88601,88601,165469,165469,null,null,"N","N","",1]
[null,null,null,null,"[합 계]",null,null,0,0,21168,0,55700,0,88601,0,165469,null,null,null,null,"",1]
[null,null,null,null,null,null,null,0,0,0,0,0,0,0,0,0,null,null,null,null,"",1]
["AAC21102110S",null,null,null,"철골 세우기 - 크레인(타이어) 70ton","기타","TON",0,0,0,0,0,0,0,0,0,null,null,null,null,"",1]
["AAC21102110S","기계경비","00002104007000000",null,"크레인(타이어)","70ton","HR",1,24563,24563,55700,55700,104234,104234,184497,184497,null,null,"N","N","",1]
[null,null,null,null,"[합 계]",null,null,0,0,24563,0,55700,0,104234,0,184497,null,null,null,null,"",1]
[null,null,null,null,null,null,null,0,0,0,0,0,0,0,0,0,null,null,null,null,"",1]
["AAC21102120S",null,null,null,"철골 세우기 - 크레인(타이어) 80ton","기타","TON",0,0,0,0,0,0,0,0,0,null,null,null,null,"",1]
["AAC21102120S","기계경비","00002104008000000",null,"크레인(타이어)","80ton","HR",1,24563,24563,55700,55700,130471,130471,210734,210734,null,null,"N","N","",1]
[null,null,null,null,"[합 계]",null,null,0,0,24563,0,55700,0,130471,0,210734,null,null,null,null,"",1]
[null,null,null,null,null,null,null,0,0,0,0,0,0,0,0,0,null,null,null,null,"",1]
["AAC21102130S",null,null,null,"철골 세우기 - 크레인(타이어) 100ton","기타","TON",0,0,0,0,0,0,0,0,0,null,null,null,null,"",1]
["AAC21102130S","기계경비","00002104010000000",null,"크레인(타이어)","100ton","HR",1,31752,31752,55700,55700,154459,154459,241911,241911,null,null,"N","N","",1]
[null,null,null,null,"[합 계]",null,null,0,0,31752,0,55700,0,154459,0,241911,null,null,null,null,"",1]
[null,null,null,null,null,null,null,0,0,0,0,0,0,0,0,0,null,null,null,null,"",1]
["AAC21102140S",null,null,null,"철골 세우기 - 크레인(타이어) 130ton","기타","TON",0,0,0,0,0,0,0,0,0,null,null,null,null,"",1]
["AAC21102140S","기계경비","00002104013000000",null,"크레인(타이어)","130ton","HR",1,36698,36698,55700,55700,213896,213896,306294,306294,null,null,"N","N","",1]
[null,null,null,null,"[합 계]",null,null,0,0,36698,0,55700,0,213896,0,306294,null,null,null,null,"",1]
[null,null,null,null,null,null,null,0,0,0,0,0,0,0,0,0,null,null,null,null,"",1]
["AAC21102150S",null,null,null,"철골 세우기 - 크레인(타이어) 160ton","기타","TON",0,0,0,0,0,0,0,0,0,null,null,null,null,"",1]
["AAC21102150S","기계경비","00002104016000000",null,"크레인(타이어)","160ton","HR",1,40637,40637,55700,55700,286292,286292,382629,382629,null,null,"N","N","",1]
[null,null,null,null,"[합 계]",null,null,0,0,40637,0,55700,0,286292,0,382629,null,null,null,null,"",1]
[null,null,null,null,null,null,null,0,0,0,0,0,0,0,0,0,null,null,null,null,"",1]
["AAC21102160S",null,null,null,"철골 세우기 - 크레인(타이어) 200ton","기타","TON",0,0,0,0,0,0,0,0,0,null,null,null,null,"",1]
["AAC21102160S","기계경비","00002104020000000",null,"크레인(타이어)","200ton","HR",1,45613,45613,55700,55700,299323,299323,400636,400636,null,null,"N","N","",1]
[null,null,null,null,"[합 계]",null,null,0,0,45613,0,55700,0,299323,0,400636,null,null,null,null,"",1]
[null,null,null,null,null,null,null,0,0,0,0,0,0,0,0,0,null,null,null,null,"",1]
["AAC21102170S",null,null,null,"철골 세우기 - 크레인(타이어) 220ton","기타","TON",0,0,0,0,0,0,0,0,0,null,null,null,null,"",1]
["AAC21102170S","기계경비","00002104022000000",null,"크레인(타이어)","220ton","HR",1,45613,45613,55700,55700,370205,370205,471518,471518,null,null,"N","N","",1]
[null,null,null,null,"[합 계]",null,null,0,0,45613,0,55700,0,370205,0,471518,null,null,null,null,"",1]
[null,null,null,null,null,null,null,0,0,0,0,0,0,0,0,0,null,null,null,null,"",1]
["AAC21102180S",null,null,null,"철골 세우기 - 크레인(타이어) 250ton","기타","TON",0,0,0,0,0,0,0,0,0,null,null,null,null,"",1]
["AAC21102180S","기계경비","00002104025000000",null,"크레인(타이어)","250ton","HR",1,49760,49760,55700,55700,431906,431906,537366,537366,null,null,"N","N","",1]
[null,null,null,null,"[합 계]",null,null,0,0,49760,0,55700,0,431906,0,537366,null,null,null,null,"",1]
[null,null,null,null,null,null,null,0,0,0,0,0,0,0,0,0,null,null,null,null,"",1]
["AAC21103010S",null,null,null,"철골 세우기 - 타워크레인 50m*8ton","고층물","TON",0,0,0,0,0,0,0,0,0,null,null,null,null,"",1]
["AAC21103010S","기계경비","00002208500800000",null,"타워크레인","50m*8ton","HR",0.53300000000000003,0,0,55700,29688.1,36353,19376.099999999999,92053,49064.2,null,null,"N","N","",1]
[null,null,null,null,"[합 계]",null,null,0,0,0,0,29688,0,19376,0,49064,null,null,null,null,"",1]
[null,null,null,null,null,null,null,0,0,0,0,0,0,0,0,0,null,null,null,null,"",1]
["AAC21103020S",null,null,null,"철골 세우기 - 타워크레인 50m*10ton","고층물","TON",0,0,0,0,0,0,0,0,0,null,null,null,null,"",1]
["AAC21103020S","기계경비","00002208501000000",null,"타워크레인","50m*10ton","HR",0.53300000000000003,0,0,55700,29688.1,44336,23631,100036,53319.1,null,null,"N","N","",1]
[null,null,null,null,"[합 계]",null,null,0,0,0,0,29688,0,23631,0,53319,null,null,null,null,"",1]
[null,null,null,null,null,null,null,0,0,0,0,0,0,0,0,0,null,null,null,null,"",1]
["AAC21103030S",null,null,null,"철골 세우기 - 타워크레인 50m*12ton","고층물","TON",0,0,0,0,0,0,0,0,0,null,null,null,null,"",1]
["AAC21103030S","기계경비","00002208501200000",null,"타워크레인","50m*12ton","HR",0.53300000000000003,0,0,55700,29688.1,52624,28048.5,108324,57736.6,null,null,"N","N","",1]
[null,null,null,null,"[합 계]",null,null,0,0,0,0,29688,0,28048,0,57736,null,null,null,null,"",1]
[null,null,null,null,null,null,null,0,0,0,0,0,0,0,0,0,null,null,null,null,"",1]
["AAC21103040S",null,null,null,"철골 세우기 - 타워크레인 50m*16ton","고층물","TON",0,0,0,0,0,0,0,0,0,null,null,null,null,"",1]
["AAC21103040S","기계경비","00002208501600000",null,"타워크레인","50m*16ton","HR",0.53300000000000003,0,0,55700,29688.1,63504,33847.599999999999,119204,63535.7,null,null,"N","N","",1]
[null,null,null,null,"[합 계]",null,null,0,0,0,0,29688,0,33847,0,63535,null,null,null,null,"",1]
[null,null,null,null,null,null,null,0,0,0,0,0,0,0,0,0,null,null,null,null,"",1]
["AAC21103050S",null,null,null,"철골 세우기 - 타워크레인 50m*20ton","고층물","TON",0,0,0,0,0,0,0,0,0,null,null,null,null,"",1]
["AAC21103050S","기계경비","00002208502000000",null,"타워크레인","50m*20ton","HR",0.53300000000000003,0,0,55700,29688.1,88134,46975.4,143834,76663.5,null,null,"N","N","",1]
[null,null,null,null,"[합 계]",null,null,0,0,0,0,29688,0,46975,0,76663,null,null,null,null,"",1]
[null,null,null,null,null,null,null,0,0,0,0,0,0,0,0,0,null,null,null,null,"",1]
["AAC21104010S",null,null,null,"철골 세우기 - 트럭 탑재령 크레인 2ton","소규모 건물","TON",0,0,0,0,0,0,0,0,0,null,null,null,null,"",1]
["AAC21104010S","기계경비","00002105000200000",null,"트럭탑재형 크레인","2ton","HR",0.8,4426,3540.8,47231,37784.800000000003,8202,6561.6,59859,47887.199999999997,null,null,"N","N","",1]
[null,null,null,null,"[합 계]",null,null,0,0,3540,0,37784,0,6561,0,47885,null,null,null,null,"",1]
[null,null,null,null,null,null,null,0,0,0,0,0,0,0,0,0,null,null,null,null,"",1]
["AAC21104020S",null,null,null,"철골 세우기 - 트럭 탑재령 크레인 3ton","소규모 건물","TON",0,0,0,0,0,0,0,0,0,null,null,null,null,"",1]
["AAC21104020S","기계경비","00002105000300000",null,"트럭탑재형 크레인","3ton","HR",0.8,4731,3784.8,47231,37784.800000000003,9112,7289.6,61074,48859.199999999997,null,null,"N","N","",1]
[null,null,null,null,"[합 계]",null,null,0,0,3784,0,37784,0,7289,0,48857,null,null,null,null,"",1]
[null,null,null,null,null,null,null,0,0,0,0,0,0,0,0,0,null,null,null,null,"",1]
["AAC21104030S",null,null,null,"철골 세우기 - 트럭 탑재령 크레인 5ton","소규모 건물","TON",0,0,0,0,0,0,0,0,0,null,null,null,null,"",1]
["AAC21104030S","기계경비","00002105000500000",null,"트럭탑재형 크레인","5ton","HR",0.8,7784,6227.2,47231,37784.800000000003,9994,7995.2,65009,52007.199999999997,null,null,"N","N","",1]
[null,null,null,null,"[합 계]",null,null,0,0,6227,0,37784,0,7995,0,52006,null,null,null,null,"",1]
[null,null,null,null,null,null,null,0,0,0,0,0,0,0,0,0,null,null,null,null,"",1]
["AAC21104040S",null,null,null,"철골 세우기 - 트럭 탑재령 크레인 10ton","소규모 건물","TON",0,0,0,0,0,0,0,0,0,null,null,null,null,"",1]
["AAC21104040S","기계경비","00002105001000000",null,"트럭탑재형 크레인","10ton","HR",0.8,15721,12576.8,47231,37784.800000000003,21743,17394.400000000001,84695,67756,null,null,"N","N","",1]
[null,null,null,null,"[합 계]",null,null,0,0,12576,0,37784,0,17394,0,67754,null,null,null,null,"",1]
[null,null,null,null,null,null,null,0,0,0,0,0,0,0,0,0,null,null,null,null,"",1]
["AAC21104050S",null,null,null,"철골 세우기 - 트럭 탑재령 크레인 15ton","소규모 건물","TON",0,0,0,0,0,0,0,0,0,null,null,null,null,"",1]
["AAC21104050S","기계경비","00002105001500000",null,"트럭탑재형 크레인","15ton","HR",0.8,16790,13432,47231,37784.800000000003,28126,22500.799999999999,92147,73717.600000000006,null,null,"N","N","",1]
[null,null,null,null,"[합 계]",null,null,0,0,13432,0,37784,0,22500,0,73716,null,null,null,null,"",1]
[null,null,null,null,null,null,null,0,0,0,0,0,0,0,0,0,null,null,null,null,"",1]
["AAC21104060S",null,null,null,"철골 세우기 - 트럭 탑재령 크레인 18ton","소규모 건물","TON",0,0,0,0,0,0,0,0,0,null,null,null,null,"",1]
["AAC21104060S","기계경비","00002105001800000",null,"트럭탑재형 크레인","18ton","HR",0.8,17248,13798.4,47231,37784.800000000003,29487,23589.599999999999,93966,75172.800000000003,null,null,"N","N","",1]
[null,null,null,null,"[합 계]",null,null,0,0,13798,0,37784,0,23589,0,75171,null,null,null,null,"",1]
[null,null,null,null,null,null,null,0,0,0,0,0,0,0,0,0,null,null,null,null,"",1]
["AAC21105010S",null,null,null,"철골 세우기 - 굴삭기(무한궤도) 0.12m3","탑다운공법 지하 거더류","ton",0,0,0,0,0,0,0,0,0,null,null,null,null,"",1]
["AAC21105010S","기계경비","00000201001200000",null,"굴삭기(무한궤도)","0.12㎥","HR",0.66600000000000004,4925,3280,55700,37096.199999999997,8975,5977.3,69600,46353.5,null,null,"N","N","",1]
[null,null,null,null,"[합 계]",null,null,0,0,3280,0,37096,0,5977,0,46353,null,null,null,null,"",1]
[null,null,null,null,null,null,null,0,0,0,0,0,0,0,0,0,null,null,null,null,"",1]
["AAC21105020S",null,null,null,"철골 세우기 - 굴삭기(무한궤도) 0.2m3","탑다운공법 지하 거더류","ton",0,0,0,0,0,0,0,0,0,null,null,null,null,"",1]
["AAC21105020S","기계경비","00000201002000000",null,"굴삭기(무한궤도)","0.2㎥","HR",0.66600000000000004,7695,5124.8,55700,37096.199999999997,13041,8685.2999999999993,76436,50906.3,null,null,"N","N","",1]
[null,null,null,null,"[합 계]",null,null,0,0,5124,0,37096,0,8685,0,50905,null,null,null,null,"",1]
[null,null,null,null,null,null,null,0,0,0,0,0,0,0,0,0,null,null,null,null,"",1]
["AAC21105030S",null,null,null,"철골 세우기 - 굴삭기(무한궤도) 0.4m3","탑다운공법 지하 거더류","ton",0,0,0,0,0,0,0,0,0,null,null,null,null,"",1]
["AAC21105030S","기계경비","00000201004000000",null,"굴삭기(무한궤도)","0.4㎥","HR",0.66600000000000004,15363,10231.700000000001,55700,37096.199999999997,16378,10907.7,87441,58235.6,null,null,"N","N","",1]
[null,null,null,null,"[합 계]",null,null,0,0,10231,0,37096,0,10907,0,58234,null,null,null,null,"",1]
[null,null,null,null,null,null,null,0,0,0,0,0,0,0,0,0,null,null,null,null,"",1]
["AAC21105040S",null,null,null,"철골 세우기 - 굴삭기(무한궤도) 0.6m3","탑다운공법 지하 거더류","ton",0,0,0,0,0,0,0,0,0,null,null,null,null,"",1]
["AAC21105040S","기계경비","00000201006000000",null,"굴삭기(무한궤도)","0.6㎥","HR",0.66600000000000004,15828,10541.4,55700,37096.199999999997,21957,14623.3,93485,62260.9,null,null,"N","N","",1]
[null,null,null,null,"[합 계]",null,null,0,0,10541,0,37096,0,14623,0,62260,null,null,null,null,"",1]
[null,null,null,null,null,null,null,0,0,0,0,0,0,0,0,0,null,null,null,null,"",1]
["AAC21105050S",null,null,null,"철골 세우기 - 굴삭기(무한궤도) 0.7m3","탑다운공법 지하 거더류","ton",0,0,0,0,0,0,0,0,0,null,null,null,null,"",1]
["AAC21105050S","기계경비","00000201007000000",null,"굴삭기(무한궤도)","0.7㎥","HR",0.66600000000000004,18001,11988.6,55700,37096.199999999997,23128,15403.2,96829,64488,null,null,"N","N","",1]
[null,null,null,null,"[합 계]",null,null,0,0,11988,0,37096,0,15403,0,64487,null,null,null,null,"",1]
[null,null,null,null,null,null,null,0,0,0,0,0,0,0,0,0,null,null,null,null,"",1]
["AAC21105060S",null,null,null,"철골 세우기 - 굴삭기(무한궤도) 0.8m3","탑다운공법 지하 거더류","ton",0,0,0,0,0,0,0,0,0,null,null,null,null,"",1]
["AAC21105060S","기계경비","00000201008000000",null,"굴삭기(무한궤도)","0.8㎥","HR",0.66600000000000004,23743,15812.8,55700,37096.199999999997,25457,16954.3,104900,69863.3,null,null,"N","N","",1]
[null,null,null,null,"[합 계]",null,null,0,0,15812,0,37096,0,16954,0,69862,null,null,null,null,"",1]
[null,null,null,null,null,null,null,0,0,0,0,0,0,0,0,0,null,null,null,null,"",1]
["AAC21105070S",null,null,null,"철골 세우기 - 굴삭기(무한궤도) 1.0m3","탑다운공법 지하 거더류","ton",0,0,0,0,0,0,0,0,0,null,null,null,null,"",1]
["AAC21105070S","기계경비","00000201010000000",null,"굴삭기(무한궤도)","1.0㎥","HR",0.66600000000000004,30260,20153.099999999999,55700,37096.199999999997,27901,18582,113861,75831.3,null,null,"N","N","",1]
[null,null,null,null,"[합 계]",null,null,0,0,20153,0,37096,0,18582,0,75831,null,null,null,null,"",1]
[null,null,null,null,null,null,null,0,0,0,0,0,0,0,0,0,null,null,null,null,"",1]
["AAC21105080S",null,null,null,"철골 세우기 - 굴삭기(무한궤도) 1.2m3","탑다운공법 지하 거더류","ton",0,0,0,0,0,0,0,0,0,null,null,null,null,"",1]
["AAC21105080S","기계경비","00000201012000000",null,"굴삭기(무한궤도)","1.2㎥","HR",0.66600000000000004,31347,20877.099999999999,55700,37096.199999999997,35532,23664.3,122579,81637.600000000006,null,null,"N","N","",1]
[null,null,null,null,"[합 계]",null,null,0,0,20877,0,37096,0,23664,0,81637,null,null,null,null,"",1]
[null,null,null,null,null,null,null,0,0,0,0,0,0,0,0,0,null,null,null,null,"",1]
["AAC21105090S",null,null,null,"철골 세우기 - 굴삭기(무한궤도) 2.0m3","탑다운공법 지하 거더류","ton",0,0,0,0,0,0,0,0,0,null,null,null,null,"",1]
["AAC21105090S","기계경비","00000201020000000",null,"굴삭기(무한궤도)","2.0㎥","HR",0.66600000000000004,50900,33899.4,55700,37096.199999999997,61015,40635.9,167615,111631.5,null,null,"N","N","",1]
[null,null,null,null,"[합 계]",null,null,0,0,33899,0,37096,0,40635,0,111630,null,null,null,null,"",1]
[null,null,null,null,null,null,null,0,0,0,0,0,0,0,0,0,null,null,null,null,"",1]
["AAC30900020S",null,null,null,"건설용리프트 설치 및 해체",null,"대",0,0,0,0,0,0,0,0,0,null,null,null,null,"",1]
["AAC30900020S","노무","L001010101000051",null,"기계설비공","일반공사 직종","인",1.31,0,0,233722,306175.8,0,0,233722,306175.8,null,null,"N","N","",1]
["AAC30900020S","노무","L001010101000006",null,"비계공","일반공사 직종","인",2.04,0,0,280472,572162.80000000005,0,0,280472,572162.80000000005,null,null,"N","N","",1]
["AAC30900020S","노무","L001010101000002",null,"보통인부","일반공사 직종","인",0.87,0,0,165545,144024.1,0,0,165545,144024.1,null,null,"N","N","",1]
["AAC30900020S","기계경비","00002502005000000",null,"지게차","5.0ton","HR",1.95,9933,19369.3,55700,108615,6807,13273.6,72440,141257.9,null,null,"N","N","",1]
["AAC30900020S","손료","RENT000000000001",null,"공구손료","인력품의 3%","식",1,30670.799999999999,30670.799999999999,0,0,0,0,30670.799999999999,30670.799999999999,null,null,"N","N",3,1]
[null,null,null,null,"[합 계]",null,null,0,0,50040,0,1130977,0,13273,0,1194290,null,null,null,null,"",1]
[null,null,null,null,null,null,null,0,0,0,0,0,0,0,0,0,null,null,null,null,"",1]
["AAC30900030S",null,null,null,"마스트 설치 및 해체",null,"층",0,0,0,0,0,0,0,0,0,null,null,null,null,"",1]
["AAC30900030S","노무","L001010101000006",null,"비계공","일반공사 직종","인",0.8,0,0,280472,224377.60000000001,0,0,280472,224377.60000000001,null,null,"N","N","",1]
["AAC30900030S","노무","L001010101000002",null,"보통인부","일반공사 직종","인",0.27,0,0,165545,44697.1,0,0,165545,44697.1,null,null,"N","N","",1]
["AAC30900030S","손료","RENT000000000001",null,"공구손료","인력품의 3%","식",1,8072.2,8072.2,0,0,0,0,8072.2,8072.2,null,null,"N","N",3,1]
[null,null,null,null,"[합 계]",null,null,0,0,8072,0,269074,0,0,0,277146,null,null,null,null,"",1]
[null,null,null,null,null,null,null,0,0,0,0,0,0,0,0,0,null,null,null,null,"",1]
["AAC30900040S",null,null,null,"축중계 설치 및 해체",null,"회",0,0,0,0,0,0,0,0,0,null,null,null,null,"",1]
["AAC30900040S","노무","L001010101000003",null,"특별인부","일반공사 직종","인",5.0999999999999997E-2,0,0,214222,10925.3,0,0,214222,10925.3,null,null,"N","N","",1]
[null,null,null,null,"[합 계]",null,null,0,0,0,0,10925,0,0,0,10925,null,null,null,null,"",1]
[null,null,null,null,null,null,null,0,0,0,0,0,0,0,0,0,null,null,null,null,"",1]
["AAC50000010S",null,null,null,"지능형 CCTV 설치 및 해체","지상 또는 건물 설치","개",0,0,0,0,0,0,0,0,0,null,null,null,null,"",1]
["AAC50000010S","노무","L001010201000094",null,"S/W시험사","광전자 직종","인",0.2,0,0,433747,86749.4,0,0,433747,86749.4,null,null,"N","N","",1]
["AAC50000010S","노무","L001020601000020",null,"중급기술자","정보통신","인",0.5,0,0,263793,131896.5,0,0,263793,131896.5,null,null,"N","N","",1]
["AAC50000010S","노무","L001010101000003",null,"특별인부","일반공사 직종","인",0.2,0,0,214222,42844.4,0,0,214222,42844.4,null,null,"N","N","",1]
["AAC50000010S","손료","RENT000000000001",null,"공구손료","노무비의 1%","식",1,2614.9,2614.9,0,0,0,0,2614.9,2614.9,null,null,"N","N",1,1]
[null,null,null,null,"[합 계]",null,null,0,0,2614,0,261490,0,0,0,264104,null,null,null,null,"",1]
[null,null,null,null,null,null,null,0,0,0,0,0,0,0,0,0,null,null,null,null,"",1]
["AAC50000020S",null,null,null,"지능형 CCTV 설치 및 해체","타워크레인 설치","개",0,0,0,0,0,0,0,0,0,null,null,null,null,"",1]
["AAC50000020S","노무","L001010201000094",null,"S/W시험사","광전자 직종","인",0.5,0,0,433747,216873.5,0,0,433747,216873.5,null,null,"N","N","",1]
["AAC50000020S","노무","L001020601000020",null,"중급기술자","정보통신","인",1,0,0,263793,263793,0,0,263793,263793,null,null,"N","N","",1]
["AAC50000020S","노무","L001010101000003",null,"특별인부","일반공사 직종","인",0.5,0,0,214222,107111,0,0,214222,107111,null,null,"N","N","",1]
["AAC50000020S","손료","RENT000000000001",null,"공구손료","노무비의 1%","식",1,5877.7,5877.7,0,0,0,0,5877.7,5877.7,null,null,"N","N",1,1]
[null,null,null,null,"[합 계]",null,null,0,0,5877,0,587777,0,0,0,593654,null,null,null,null,"",1]
[null,null,null,null,null,null,null,0,0,0,0,0,0,0,0,0,null,null,null,null,"",1]
["AAC50000030S",null,null,null,"지능형 출입관리 설치 및 해체",null,"개",0,0,0,0,0,0,0,0,0,null,null,null,null,"",1]
["AAC50000030S","노무","L001010201000094",null,"S/W시험사","광전자 직종","인",1,0,0,433747,433747,0,0,433747,433747,null,null,"N","N","",1]
["AAC50000030S","노무","L001020601000020",null,"중급기술자","정보통신","인",2,0,0,263793,527586,0,0,263793,527586,null,null,"N","N","",1]
["AAC50000030S","노무","L001010101000003",null,"특별인부","일반공사 직종","인",1,0,0,214222,214222,0,0,214222,214222,null,null,"N","N","",1]
["AAC50000030S","손료","RENT000000000001",null,"공구손료","노무비의 1%","식",1,11755.5,11755.5,0,0,0,0,11755.5,11755.5,null,null,"N","N",1,1]
[null,null,null,null,"[합 계]",null,null,0,0,11755,0,1175555,0,0,0,1187310,null,null,null,null,"",1]
[null,null,null,null,null,null,null,0,0,0,0,0,0,0,0,0,null,null,null,null,"",1]
["AAD12000010S",null,null,null,"자동세륜기 설치 및 해체",null,"회",0,0,0,0,0,0,0,0,0,null,null,null,null,"",1]
["AAD12000010S","노무","L001010101000003",null,"특별인부","일반공사 직종","인",4.03,0,0,214222,863314.6,0,0,214222,863314.6,null,null,"N","N","",1]
["AAD12000010S","기계경비","00002104001000000",null,"크레인(타이어)","10ton","HR",5.9,6718,39636.199999999997,55700,328630,30103,177607.7,92521,545873.9,null,null,"N","N","",1]
["AAD12000010S","손료","RENT000000000001",null,"공구손료","인력품의 2%","식",1,17266.2,17266.2,0,0,0,0,17266.2,17266.2,null,null,"N","N",2,1]
[null,null,null,null,"[합 계]",null,null,0,0,56902,0,1191944,0,177607,0,1426453,null,null,null,null,"",1]
[null,null,null,null,null,null,null,0,0,0,0,0,0,0,0,0,null,null,null,null,"",1]
["AAD12000020S",null,null,null,"자동세륜기 설치",null,"회",0,0,0,0,0,0,0,0,0,null,null,null,null,"",1]
["AAD12000020S","노무","L001010101000003",null,"특별인부","일반공사 직종","인",1.59,0,0,214222,340612.9,0,0,214222,340612.9,null,null,"N","N","",1]
["AAD12000020S","기계경비","00002104001000000",null,"크레인(타이어)","10ton","HR",2.6,6718,17466.8,55700,144820,30103,78267.8,92521,240554.6,null,null,"N","N","",1]
["AAD12000020S","손료","RENT000000000001",null,"공구손료","인력품의 2%","식",1,6812.2,6812.2,0,0,0,0,6812.2,6812.2,null,null,"N","N",2,1]
[null,null,null,null,"[합 계]",null,null,0,0,24279,0,485432,0,78267,0,587978,null,null,null,null,"",1]
[null,null,null,null,null,null,null,0,0,0,0,0,0,0,0,0,null,null,null,null,"",1]
["AAD12000030S",null,null,null,"자동세륜기 해체",null,"회",0,0,0,0,0,0,0,0,0,null,null,null,null,"",1]
["AAD12000030S","노무","L001010101000003",null,"특별인부","일반공사 직종","인",2.44,0,0,214222,522701.6,0,0,214222,522701.6,null,null,"N","N","",1]
["AAD12000030S","기계경비","00002104001000000",null,"크레인(타이어)","10ton","HR",3.3,6718,22169.4,55700,183810,30103,99339.9,92521,305319.3,null,null,"N","N","",1]
["AAD12000030S","손료","RENT000000000001",null,"공구손료","인력품의 2%","식",1,10454,10454,0,0,0,0,10454,10454,null,null,"N","N",2,1]
[null,null,null,null,"[합 계]",null,null,0,0,32623,0,706511,0,99339,0,838473,null,null,null,null,"",1]
[null,null,null,null,null,null,null,0,0,0,0,0,0,0,0,0,null,null,null,null,"",1]
["AAD12000040S",null,null,null,"슬러지 제거",null,"회",0,0,0,0,0,0,0,0,0,null,null,null,null,"",1]
["AAD12000040S","노무","L001010101000003",null,"특별인부","일반공사 직종","인",0.63,0,0,214222,134959.79999999999,0,0,214222,134959.79999999999,null,null,"N","N","",1]
["AAD12000040S","손료","RENT000000000001",null,"공구손료","인력품의 7%","식",1,9447.1,9447.1,0,0,0,0,9447.1,9447.1,null,null,"N","N",7,1]
["AAD12000040S","기계경비","00000201002000000",null,"굴삭기(무한궤도)","0.2㎥","HR",1,7695,7695,55700,55700,13041,13041,76436,76436,null,null,"N","N","",1]
[null,null,null,null,"[합 계]",null,null,0,0,17142,0,190659,0,13041,0,220842,null,null,null,null,"",1]
[null,null,null,null,null,null,null,0,0,0,0,0,0,0,0,0,null,null,null,null,"",1]
["AAD12100010S",null,null,null,"비산먼지 발생 억제를 위한 살수","물탱크(살수차), 16,000L","100M2",0,0,0,0,0,0,0,0,0,null,null,null,null,"",1]
["AAD12100010S","기계경비","00007204016000000",null,"물탱크(살수차)","16000L","HR",8.0000000000000002E-3,21331,170.6,47231,377.8,18163,145.30000000000001,86725,693.7,null,null,"N","N","",1]
[null,null,null,null,"[합 계]",null,null,0,0,170,0,377,0,145,0,692,null,null,null,null,"",1]
[null,null,null,null,null,null,null,0,0,0,0,0,0,0,0,0,null,null,null,null,"",1]
["AAD16000010S",null,null,null,"건축물 현장정리","철근콘크리트조, 철골.철근CON조","연면적 ㎡",0,0,0,0,0,0,0,0,0,null,null,null,null,"",1]
["AAD16000010S","노무","L001010101000002",null,"보통인부","일반공사 직종","인",0.13,0,0,165545,21520.799999999999,0,0,165545,21520.799999999999,null,null,"N","N","",1]
[null,null,null,null,"[합 계]",null,null,0,0,0,0,21520,0,0,0,21520,null,null,null,null,"",1]
[null,null,null,null,null,null,null,0,0,0,0,0,0,0,0,0,null,null,null,null,"",1]
["AAD16000020S",null,null,null,"건축물 현장정리","목조, 철골조, 조적조","연면적 ㎡",0,0,0,0,0,0,0,0,0,null,null,null,null,"",1]
["AAD16000020S","노무","L001010101000002",null,"보통인부","일반공사 직종","인",0.05,0,0,165545,8277.2000000000007,0,0,165545,8277.2000000000007,null,null,"N","N","",1]
[null,null,null,null,"[합 계]",null,null,0,0,0,0,8277,0,0,0,8277,null,null,null,null,"",1]
[null,null,null,null,null,null,null,0,0,0,0,0,0,0,0,0,null,null,null,null,"",1]
["AAD16000060S",null,null,null,"준공청소",null,"연면적 ㎡",0,0,0,0,0,0,0,0,0,null,null,null,null,"",1]
["AAD16000060S","노무","L001010101000002",null,"보통인부","일반공사 직종","인",0.02,0,0,165545,3310.9,0,0,165545,3310.9,null,null,"N","N","",1]
[null,null,null,null,"[합 계]",null,null,0,0,0,0,3310,0,0,0,3310,null,null,null,null,"",1]
[null,null,null,null,null,null,null,0,0,0,0,0,0,0,0,0,null,null,null,null,"",1]
["AAD16000070S",null,null,null,"입주청소",null,"바닥면적 ㎡",0,0,0,0,0,0,0,0,0,null,null,null,null,"",1]
["AAD16000070S","노무","L001010101000002",null,"보통인부","일반공사 직종","인",0.03,0,0,165545,4966.3,0,0,165545,4966.3,null,null,"N","N","",1]
[null,null,null,null,"[합 계]",null,null,0,0,0,0,4966,0,0,0,4966,null,null,null,null,"",1]
[null,null,null,null,null,null,null,0,0,0,0,0,0,0,0,0,null,null,null,null,"",1]
["AAD20200010S",null,null,null,"건축물보양","부직포 깔기","보양면적 ㎡",0,0,0,0,0,0,0,0,0,null,null,null,null,"",1]
["AAD20200010S","자재","3012170220163183",null,"토목용부직포","토목용부직포, 부직포, PE망","㎡",1.1000000000000001,0,0,0,0,0,0,0,0,null,null,"N","N","",1]
["AAD20200010S","노무","L001010101000002",null,"보통인부","일반공사 직종","인",3.0000000000000001E-3,0,0,165545,496.6,0,0,165545,496.6,null,null,"N","N","",1]
[null,null,null,null,"[합 계]",null,null,0,0,0,0,496,0,0,0,496,null,null,null,null,"",1]
[null,null,null,null,null,null,null,0,0,0,0,0,0,0,0,0,null,null,null,null,"",1]
["AAD20200030S",null,null,null,"건축물보양","보양지 붙이기","보양면적 ㎡",0,0,0,0,0,0,0,0,0,null,null,null,null,"",1]
["AAD20200030S","자재","1412150420938865",null,"크라프트판지","크라프트판지, 하드롱지","㎡",1.2,444,532.79999999999995,0,0,0,0,444,532.79999999999995,null,null,"N","N","",1]
["AAD20200030S","자재","3120160120277565",null,"합성풀","합성풀, 건설용","kg",0.06,9376,562.5,0,0,0,0,9376,562.5,null,null,"N","N","",1]
["AAD20200030S","노무","L001010101000002",null,"보통인부","일반공사 직종","인",0.01,0,0,165545,1655.4,0,0,165545,1655.4,null,null,"N","N","",1]
[null,null,null,null,"[합 계]",null,null,0,0,1095,0,1655,0,0,0,2750,null,null,null,null,"",1]
[null,null,null,null,null,null,null,0,0,0,0,0,0,0,0,0,null,null,null,null,"",1]
["AAD20200050S",null,null,null,"건축물보양","목재 붙이기","보양면적 ㎡",0,0,0,0,0,0,0,0,0,null,null,null,null,"",1]
["AAD20200050S","자재","3010360520141088",null,"목재판재","목재판재, 외송, 일반","㎥",7.0000000000000001E-3,662404,4636.8,0,0,0,0,662404,4636.8,null,null,"N","N","",1]
["AAD20200050S","자재","3116200220136259",null,"일반못","일반못, 50mm","kg",0.02,1503,30,0,0,0,0,1503,30,null,null,"N","N","",1]
["AAD20200050S","노무","L001010101000023",null,"건축목공","일반공사 직종","인",0.03,0,0,268058,8041.7,0,0,268058,8041.7,null,null,"N","N","",1]
[null,null,null,null,"[합 계]",null,null,0,0,4666,0,8041,0,0,0,12707,null,null,null,null,"",1]
[null,null,null,null,null,null,null,0,0,0,0,0,0,0,0,0,null,null,null,null,"",1]
["AAD24000010S",null,null,null,"토공의 비탈 규준틀 설치 및 철거","- 재료비 별도 -","개소",0,0,0,0,0,0,0,0,0,null,null,null,null,"",1]
["AAD24000010S","노무","L001010101000023",null,"건축목공","일반공사 직종","인",0.16,0,0,268058,42889.2,0,0,268058,42889.2,null,null,"N","N","",1]
["AAD24000010S","노무","L001010101000002",null,"보통인부","일반공사 직종","인",0.14000000000000001,0,0,165545,23176.3,0,0,165545,23176.3,null,null,"N","N","",1]
[null,null,null,null,"[합 계]",null,null,0,0,0,0,66065,0,0,0,66065,null,null,null,null,"",1]
[null,null,null,null,null,null,null,0,0,0,0,0,0,0,0,0,null,null,null,null,"",1]
["AAD24000030S",null,null,null,"도로용 목재 수평규준틀 설치 및 철거","- 재료비 별도 -","개소",0,0,0,0,0,0,0,0,0,null,null,null,null,"",1]
["AAD24000030S","노무","L001010101000023",null,"건축목공","일반공사 직종","인",0.21,0,0,268058,56292.1,0,0,268058,56292.1,null,null,"N","N","",1]
["AAD24000030S","노무","L001010101000002",null,"보통인부","일반공사 직종","인",0.19,0,0,165545,31453.5,0,0,165545,31453.5,null,null,"N","N","",1]
[null,null,null,null,"[합 계]",null,null,0,0,0,0,87745,0,0,0,87745,null,null,null,null,"",1]
[null,null,null,null,null,null,null,0,0,0,0,0,0,0,0,0,null,null,null,null,"",1]
["AAD24000040S",null,null,null,"도로용 철재 수평규준틀 설치 및 철거","5m이하(재료비 별도)","개소",0,0,0,0,0,0,0,0,0,null,null,null,null,"",1]
["AAD24000040S","노무","L001010101000023",null,"건축목공","일반공사 직종","인",0.14000000000000001,0,0,268058,37528.1,0,0,268058,37528.1,null,null,"N","N","",1]
["AAD24000040S","노무","L001010101000002",null,"보통인부","일반공사 직종","인",0.12,0,0,165545,19865.400000000001,0,0,165545,19865.400000000001,null,null,"N","N","",1]
[null,null,null,null,"[합 계]",null,null,0,0,0,0,57393,0,0,0,57393,null,null,null,null,"",1]
[null,null,null,null,null,null,null,0,0,0,0,0,0,0,0,0,null,null,null,null,"",1]
["AAD24000050S",null,null,null,"도로용 철재 수평규준틀 설치 및 철거","10m이하(재료비 별도)","개소",0,0,0,0,0,0,0,0,0,null,null,null,null,"",1]
["AAD24000050S","노무","L001010101000023",null,"건축목공","일반공사 직종","인",0.17,0,0,268058,45569.8,0,0,268058,45569.8,null,null,"N","N","",1]
["AAD24000050S","노무","L001010101000002",null,"보통인부","일반공사 직종","인",0.14000000000000001,0,0,165545,23176.3,0,0,165545,23176.3,null,null,"N","N","",1]
[null,null,null,null,"[합 계]",null,null,0,0,0,0,68746,0,0,0,68746,null,null,null,null,"",1]
[null,null,null,null,null,null,null,0,0,0,0,0,0,0,0,0,null,null,null,null,"",1]
["AAD24000060S",null,null,null,"평.귀규준틀 설치 및 철거","평규준틀","개소",0,0,0,0,0,0,0,0,0,null,null,null,null,"",1]
["AAD24000060S","자재","3010369820141038",null,"각재","각재, 외송","㎥",1.4E-2,528153,7394.1,0,0,0,0,528153,7394.1,null,null,"N","N","",1]
["AAD24000060S","노무","L001010101000023",null,"건축목공","일반공사 직종","인",0.15,0,0,268058,40208.699999999997,0,0,268058,40208.699999999997,null,null,"N","N","",1]
["AAD24000060S","노무","L001010101000002",null,"보통인부","일반공사 직종","인",0.3,0,0,165545,49663.5,0,0,165545,49663.5,null,null,"N","N","",1]
[null,null,null,null,"[합 계]",null,null,0,0,7394,0,89872,0,0,0,97266,null,null,null,null,"",1]
[null,null,null,null,null,null,null,0,0,0,0,0,0,0,0,0,null,null,null,null,"",1]
["AAD24000070S",null,null,null,"평.귀규준틀 설치 및 철거","귀규준틀","개소",0,0,0,0,0,0,0,0,0,null,null,null,null,"",1]
["AAD24000070S","자재","3010369820141038",null,"각재","각재, 외송","㎥",2.1999999999999999E-2,528153,11619.3,0,0,0,0,528153,11619.3,null,null,"N","N","",1]
["AAD24000070S","노무","L001010101000023",null,"건축목공","일반공사 직종","인",0.3,0,0,268058,80417.399999999994,0,0,268058,80417.399999999994,null,null,"N","N","",1]
["AAD24000070S","노무","L001010101000002",null,"보통인부","일반공사 직종","인",0.45,0,0,165545,74495.199999999997,0,0,165545,74495.199999999997,null,null,"N","N","",1]
[null,null,null,null,"[합 계]",null,null,0,0,11619,0,154912,0,0,0,166531,null,null,null,null,"",1]
[null,null,null,null,null,null,null,0,0,0,0,0,0,0,0,0,null,null,null,null,"",1]
["ABB11100010S",null,null,null,"인력굴착(토사)","보통토사, 깊이 1m 이하","M3",0,0,0,0,0,0,0,0,0,null,null,null,null,"",1]
["ABB11100010S","노무","L001010101000002",null,"보통인부","일반공사 직종","인",0.2,0,0,165545,33109,0,0,165545,33109,null,null,"N","N","",1]
[null,null,null,null,"[합 계]",null,null,0,0,0,0,33109,0,0,0,33109,null,null,null,null,"",1]
[null,null,null,null,null,null,null,0,0,0,0,0,0,0,0,0,null,null,null,null,"",1]
["ABB11100020S",null,null,null,"인력굴착(토사)","경질토사, 깊이 1m 이하","M3",0,0,0,0,0,0,0,0,0,null,null,null,null,"",1]
["ABB11100020S","노무","L001010101000002",null,"보통인부","일반공사 직종","인",0.26,0,0,165545,43041.7,0,0,165545,43041.7,null,null,"N","N","",1]
[null,null,null,null,"[합 계]",null,null,0,0,0,0,43041,0,0,0,43041,null,null,null,null,"",1]
[null,null,null,null,null,null,null,0,0,0,0,0,0,0,0,0,null,null,null,null,"",1]
["ABB11100030S",null,null,null,"인력굴착(토사)","고사점토 및 자갈석인토사, 깊이 1m 이하","M3",0,0,0,0,0,0,0,0,0,null,null,null,null,"",1]
["ABB11100030S","노무","L001010101000002",null,"보통인부","일반공사 직종","인",0.32,0,0,165545,52974.400000000001,0,0,165545,52974.400000000001,null,null,"N","N","",1]
[null,null,null,null,"[합 계]",null,null,0,0,0,0,52974,0,0,0,52974,null,null,null,null,"",1]
[null,null,null,null,null,null,null,0,0,0,0,0,0,0,0,0,null,null,null,null,"",1]
["ABB11100040S",null,null,null,"인력굴착(토사)","호박돌 섞인 토사, 깊이 1m 이하","M3",0,0,0,0,0,0,0,0,0,null,null,null,null,"",1]
["ABB11100040S","노무","L001010101000002",null,"보통인부","일반공사 직종","인",0.56999999999999995,0,0,165545,94360.6,0,0,165545,94360.6,null,null,"N","N","",1]
[null,null,null,null,"[합 계]",null,null,0,0,0,0,94360,0,0,0,94360,null,null,null,null,"",1]
[null,null,null,null,null,null,null,0,0,0,0,0,0,0,0,0,null,null,null,null,"",1]
["ABB11100050S",null,null,null,"인력굴착(암반)","풍화암","M3",0,0,0,0,0,0,0,0,0,null,null,null,null,"",1]
["ABB11100050S","노무","L001010101000015",null,"착암공","일반공사 직종","인",0.33,0,0,210152,69350.100000000006,0,0,210152,69350.100000000006,null,null,"N","N","",1]
["ABB11100050S","노무","L001010101000002",null,"보통인부","일반공사 직종","인",0.16,0,0,165545,26487.200000000001,0,0,165545,26487.200000000001,null,null,"N","N","",1]
["ABB11100050S","손료","RENT000000000001",null,"잡재료","인력품의 1%","식",1,958.3,958.3,0,0,0,0,958.3,958.3,null,null,"N","N",1,1]
["ABB11100050S","기계경비","00005205007100000",null,"공기압축기(이동식)","7.1㎥/min","HR",0.3,14755,4426.5,55700,16710,3320,996,73775,22132.5,null,null,"N","N","",1]
["ABB11100050S","기계경비","00005210001300000",null,"소형브레이커(공압식)","1.3㎥/min","HR",1.26,0,0,0,0,463,583.29999999999995,463,583.29999999999995,null,null,"N","N","",1]
[null,null,null,null,"[합 계]",null,null,0,0,5384,0,112547,0,1579,0,119510,null,null,null,null,"",1]
[null,null,null,null,null,null,null,0,0,0,0,0,0,0,0,0,null,null,null,null,"",1]
["ABB11100060S",null,null,null,"인력굴착(암반)","연암","M3",0,0,0,0,0,0,0,0,0,null,null,null,null,"",1]
["ABB11100060S","노무","L001010101000015",null,"착암공","일반공사 직종","인",0.41,0,0,210152,86162.3,0,0,210152,86162.3,null,null,"N","N","",1]
["ABB11100060S","노무","L001010101000002",null,"보통인부","일반공사 직종","인",0.21,0,0,165545,34764.400000000001,0,0,165545,34764.400000000001,null,null,"N","N","",1]
["ABB11100060S","손료","RENT000000000001",null,"잡재료","인력품의 1%","식",1,1209.2,1209.2,0,0,0,0,1209.2,1209.2,null,null,"N","N",1,1]
["ABB11100060S","기계경비","00005205007100000",null,"공기압축기(이동식)","7.1㎥/min","HR",0.48,14755,7082.4,55700,26736,3320,1593.6,73775,35412,null,null,"N","N","",1]
["ABB11100060S","기계경비","00005210001300000",null,"소형브레이커(공압식)","1.3㎥/min","HR",1.68,0,0,0,0,463,777.8,463,777.8,null,null,"N","N","",1]
[null,null,null,null,"[합 계]",null,null,0,0,8291,0,147662,0,2371,0,158324,null,null,null,null,"",1]
[null,null,null,null,null,null,null,0,0,0,0,0,0,0,0,0,null,null,null,null,"",1]
["ABB11100070S",null,null,null,"인력굴착(암반)","보통암","M3",0,0,0,0,0,0,0,0,0,null,null,null,null,"",1]
["ABB11100070S","노무","L001010101000015",null,"착암공","일반공사 직종","인",0.57999999999999996,0,0,210152,121888.1,0,0,210152,121888.1,null,null,"N","N","",1]
["ABB11100070S","노무","L001010101000002",null,"보통인부","일반공사 직종","인",0.28999999999999998,0,0,165545,48008,0,0,165545,48008,null,null,"N","N","",1]
["ABB11100070S","손료","RENT000000000001",null,"잡재료","인력품의 1%","식",1,1698.9,1698.9,0,0,0,0,1698.9,1698.9,null,null,"N","N",1,1]
["ABB11100070S","기계경비","00005205007100000",null,"공기압축기(이동식)","7.1㎥/min","HR",0.6,14755,8853,55700,33420,3320,1992,73775,44265,null,null,"N","N","",1]
["ABB11100070S","기계경비","00005210001300000",null,"소형브레이커(공압식)","1.3㎥/min","HR",2.4,0,0,0,0,463,1111.2,463,1111.2,null,null,"N","N","",1]
[null,null,null,null,"[합 계]",null,null,0,0,10551,0,203316,0,3103,0,216970,null,null,null,null,"",1]
[null,null,null,null,null,null,null,0,0,0,0,0,0,0,0,0,null,null,null,null,"",1]
["ABB11100080S",null,null,null,"인력굴착(암반)","경암","M3",0,0,0,0,0,0,0,0,0,null,null,null,null,"",1]
["ABB11100080S","노무","L001010101000015",null,"착암공","일반공사 직종","인",0.94,0,0,210152,197542.8,0,0,210152,197542.8,null,null,"N","N","",1]
["ABB11100080S","노무","L001010101000002",null,"보통인부","일반공사 직종","인",0.48,0,0,165545,79461.600000000006,0,0,165545,79461.600000000006,null,null,"N","N","",1]
["ABB11100080S","손료","RENT000000000001",null,"잡재료","인력품의 1%","식",1,2770,2770,0,0,0,0,2770,2770,null,null,"N","N",1,1]
["ABB11100080S","기계경비","00005205007100000",null,"공기압축기(이동식)","7.1㎥/min","HR",0.96,14755,14164.8,55700,53472,3320,3187.2,73775,70824,null,null,"N","N","",1]
["ABB11100080S","기계경비","00005210001300000",null,"소형브레이커(공압식)","1.3㎥/min","HR",3.9,0,0,0,0,463,1805.7,463,1805.7,null,null,"N","N","",1]
[null,null,null,null,"[합 계]",null,null,0,0,16934,0,330476,0,4992,0,352402,null,null,null,null,"",1]
[null,null,null,null,null,null,null,0,0,0,0,0,0,0,0,0,null,null,null,null,"",1]
["ABB11100090S",null,null,null,"인력굴착(토사) - 현장내 잔토처리","소운반. 깔고 고르기","M3",0,0,0,0,0,0,0,0,0,null,null,null,null,"",1]
["ABB11100090S","노무","L001010101000002",null,"보통인부","일반공사 직종","인",0.2,0,0,165545,33109,0,0,165545,33109,null,null,"N","N","",1]
[null,null,null,null,"[합 계]",null,null,0,0,0,0,33109,0,0,0,33109,null,null,null,null,"",1]
[null,null,null,null,null,null,null,0,0,0,0,0,0,0,0,0,null,null,null,null,"",1]
["ABC34000010S",null,null,null,"절토면 고르기","모래, 사질토, 점토, 점질토","10M2",0,0,0,0,0,0,0,0,0,null,null,null,null,"",1]
["ABC34000010S","노무","L001010101000002",null,"보통인부","일반공사 직종","인",0.05,0,0,165545,8277.2000000000007,0,0,165545,8277.2000000000007,null,null,"N","N","",1]
["ABC34000010S","기계경비","00000211006000000",null,"굴삭기(타이어)","0.6㎥","HR",0.15,18296,2744.4,55700,8355,25680,3852,99676,14951.4,null,null,"N","N","",1]
[null,null,null,null,"[합 계]",null,null,0,0,2744,0,16632,0,3852,0,23228,null,null,null,null,"",1]
[null,null,null,null,null,null,null,0,0,0,0,0,0,0,0,0,null,null,null,null,"",1]
["ABC34000020S",null,null,null,"절토면 고르기","연질토, 불순자갈","10㎡",0,0,0,0,0,0,0,0,0,null,null,null,null,"",1]
["ABC34000020S","노무","L001010101000002",null,"보통인부","일반공사 직종","인",0.09,0,0,165545,14899,0,0,165545,14899,null,null,"N","N","",1]
["ABC34000020S","기계경비","00000211006000000",null,"굴삭기(타이어)","0.6㎥","HR",0.21,18296,3842.1,55700,11697,25680,5392.8,99676,20931.900000000001,null,null,"N","N","",1]
[null,null,null,null,"[합 계]",null,null,0,0,3842,0,26596,0,5392,0,35830,null,null,null,null,"",1]
[null,null,null,null,null,null,null,0,0,0,0,0,0,0,0,0,null,null,null,null,"",1]
["ABC34000030S",null,null,null,"절토면 고르기","호박돌 섞인 고결토, 경질토","10M2",0,0,0,0,0,0,0,0,0,null,null,null,null,"",1]
["ABC34000030S","노무","L001010101000002",null,"보통인부","일반공사 직종","인",0.1,0,0,165545,16554.5,0,0,165545,16554.5,null,null,"N","N","",1]
["ABC34000030S","기계경비","00000211006000000",null,"굴삭기(타이어)","0.6㎥","HR",0.24,18296,4391,55700,13368,25680,6163.2,99676,23922.2,null,null,"N","N","",1]
[null,null,null,null,"[합 계]",null,null,0,0,4391,0,29922,0,6163,0,40476,null,null,null,null,"",1]
[null,null,null,null,null,null,null,0,0,0,0,0,0,0,0,0,null,null,null,null,"",1]
["ABC34000040S",null,null,null,"절토면 고르기","풍화암","10M2",0,0,0,0,0,0,0,0,0,null,null,null,null,"",1]
["ABC34000040S","노무","L001010101000002",null,"보통인부","일반공사 직종","인",0.19,0,0,165545,31453.5,0,0,165545,31453.5,null,null,"N","N","",1]
["ABC34000040S","기계경비","00000211006000000",null,"굴삭기(타이어)","0.6㎥","HR",0.45,18296,8233.2000000000007,55700,25065,25680,11556,99676,44854.2,null,null,"N","N","",1]
[null,null,null,null,"[합 계]",null,null,0,0,8233,0,56518,0,11556,0,76307,null,null,null,null,"",1]
[null,null,null,null,null,null,null,0,0,0,0,0,0,0,0,0,null,null,null,null,"",1]
["ABC34000050S",null,null,null,"절토면 고르기","연암","10M2",0,0,0,0,0,0,0,0,0,null,null,null,null,"",1]
["ABC34000050S","노무","L001010101000002",null,"보통인부","일반공사 직종","인",0.27,0,0,165545,44697.1,0,0,165545,44697.1,null,null,"N","N","",1]
["ABC34000050S","기계경비","00000211006000000",null,"굴삭기(타이어)","0.6㎥","HR",0.82,18296,15002.7,55700,45674,25680,21057.599999999999,99676,81734.3,null,null,"N","N","",1]
["ABC34000050S","기계경비","00000230000600000",null,"대형 브레이커","0.6㎥용","HR",0.82,0,0,0,0,8829,7239.7,8829,7239.7,null,null,"N","N","",1]
[null,null,null,null,"[합 계]",null,null,0,0,15002,0,90371,0,28297,0,133670,null,null,null,null,"",1]
[null,null,null,null,null,null,null,0,0,0,0,0,0,0,0,0,null,null,null,null,"",1]
["ABC34000060S",null,null,null,"절토면 고르기","보통암, 경암","10M2",0,0,0,0,0,0,0,0,0,null,null,null,null,"",1]
["ABC34000060S","노무","L001010101000002",null,"보통인부","일반공사 직종","인",0.36,0,0,165545,59596.2,0,0,165545,59596.2,null,null,"N","N","",1]
["ABC34000060S","기계경비","00000211006000000",null,"굴삭기(타이어)","0.6㎥","HR",1.07,18296,19576.7,55700,59599,25680,27477.599999999999,99676,106653.3,null,null,"N","N","",1]
["ABC34000060S","기계경비","00000230000600000",null,"대형 브레이커","0.6㎥용","HR",1.07,0,0,0,0,8829,9447,8829,9447,null,null,"N","N","",1]
[null,null,null,null,"[합 계]",null,null,0,0,19576,0,119195,0,36924,0,175695,null,null,null,null,"",1]
[null,null,null,null,null,null,null,0,0,0,0,0,0,0,0,0,null,null,null,null,"",1]
["ABD10400010S",null,null,null,"인력 흙 다지기","토사, 성토두께 15cm","M3",0,0,0,0,0,0,0,0,0,null,null,null,null,"",1]
["ABD10400010S","노무","L001010101000002",null,"보통인부","일반공사 직종","인",0.14000000000000001,0,0,165545,23176.3,0,0,165545,23176.3,null,null,"N","N","",1]
[null,null,null,null,"[합 계]",null,null,0,0,0,0,23176,0,0,0,23176,null,null,null,null,"",1]
[null,null,null,null,null,null,null,0,0,0,0,0,0,0,0,0,null,null,null,null,"",1]
["ABD10400020S",null,null,null,"인력 흙 다지기","토사, 성토두께 15cm","100M2",0,0,0,0,0,0,0,0,0,null,null,null,null,"",1]
["ABD10400020S","노무","L001010101000002",null,"보통인부","일반공사 직종","인",2.14,0,0,165545,354266.3,0,0,165545,354266.3,null,null,"N","N","",1]
[null,null,null,null,"[합 계]",null,null,0,0,0,0,354266,0,0,0,354266,null,null,null,null,"",1]
[null,null,null,null,null,null,null,0,0,0,0,0,0,0,0,0,null,null,null,null,"",1]
["ABD10400030S",null,null,null,"인력 흙 다지기","토사, 성토두께 30cm","M3",0,0,0,0,0,0,0,0,0,null,null,null,null,"",1]
["ABD10400030S","노무","L001010101000002",null,"보통인부","일반공사 직종","인",0.11,0,0,165545,18209.900000000001,0,0,165545,18209.900000000001,null,null,"N","N","",1]
[null,null,null,null,"[합 계]",null,null,0,0,0,0,18209,0,0,0,18209,null,null,null,null,"",1]
[null,null,null,null,null,null,null,0,0,0,0,0,0,0,0,0,null,null,null,null,"",1]
["ABD10400040S",null,null,null,"인력 흙 다지기","토사, 성토두께 30cm","100M2",0,0,0,0,0,0,0,0,0,null,null,null,null,"",1]
["ABD10400040S","노무","L001010101000002",null,"보통인부","일반공사 직종","인",3.33,0,0,165545,551264.80000000005,0,0,165545,551264.80000000005,null,null,"N","N","",1]
[null,null,null,null,"[합 계]",null,null,0,0,0,0,551264,0,0,0,551264,null,null,null,null,"",1]
[null,null,null,null,null,null,null,0,0,0,0,0,0,0,0,0,null,null,null,null,"",1]
["ABD10400050S",null,null,null,"인력 흙 다지기","점토, 성토두께 15cm","M3",0,0,0,0,0,0,0,0,0,null,null,null,null,"",1]
["ABD10400050S","노무","L001010101000002",null,"보통인부","일반공사 직종","인",0.25,0,0,165545,41386.199999999997,0,0,165545,41386.199999999997,null,null,"N","N","",1]
[null,null,null,null,"[합 계]",null,null,0,0,0,0,41386,0,0,0,41386,null,null,null,null,"",1]
[null,null,null,null,null,null,null,0,0,0,0,0,0,0,0,0,null,null,null,null,"",1]
["ABD10400060S",null,null,null,"인력 흙 다지기","점토, 성토두께 15cm","100M2",0,0,0,0,0,0,0,0,0,null,null,null,null,"",1]
["ABD10400060S","노무","L001010101000002",null,"보통인부","일반공사 직종","인",3.8,0,0,165545,629071,0,0,165545,629071,null,null,"N","N","",1]
[null,null,null,null,"[합 계]",null,null,0,0,0,0,629071,0,0,0,629071,null,null,null,null,"",1]
[null,null,null,null,null,null,null,0,0,0,0,0,0,0,0,0,null,null,null,null,"",1]
["ABD10400070S",null,null,null,"인력 흙 다지기","점토, 성토두께 30cm","M3",0,0,0,0,0,0,0,0,0,null,null,null,null,"",1]
["ABD10400070S","노무","L001010101000002",null,"보통인부","일반공사 직종","인",0.19,0,0,165545,31453.5,0,0,165545,31453.5,null,null,"N","N","",1]
[null,null,null,null,"[합 계]",null,null,0,0,0,0,31453,0,0,0,31453,null,null,null,null,"",1]
[null,null,null,null,null,null,null,0,0,0,0,0,0,0,0,0,null,null,null,null,"",1]
["ABD10400080S",null,null,null,"인력 흙 다지기","점토, 성토두께 30cm","100M2",0,0,0,0,0,0,0,0,0,null,null,null,null,"",1]
["ABD10400080S","노무","L001010101000002",null,"보통인부","일반공사 직종","인",5.7,0,0,165545,943606.5,0,0,165545,943606.5,null,null,"N","N","",1]
[null,null,null,null,"[합 계]",null,null,0,0,0,0,943606,0,0,0,943606,null,null,null,null,"",1]
[null,null,null,null,null,null,null,0,0,0,0,0,0,0,0,0,null,null,null,null,"",1]
["ACA10000010S",null,null,null,"기초지정(모래지정)",null,"10㎥",0,0,0,0,0,0,0,0,0,null,null,null,null,"",1]
["ACA10000010S","노무","L001010101000002",null,"보통인부","일반공사 직종","인",0.15,0,0,165545,24831.7,0,0,165545,24831.7,null,null,"N","N","",1]
["ACA10000010S","기계경비","00000201002000000",null,"굴삭기(무한궤도)","0.2㎥","HR",0.56000000000000005,7695,4309.2,55700,31192,13041,7302.9,76436,42804.1,null,null,"N","N","",1]
["ACA10000010S","기계경비","00001730001500000",null,"플레이트 콤팩터","1.5ton","HR",0.62,1707,1058.3,33571,20814,582,360.8,35860,22233.1,null,null,"N","N","",1]
[null,null,null,null,"[합 계]",null,null,0,0,5367,0,76837,0,7663,0,89867,null,null,null,null,"",1]
[null,null,null,null,null,null,null,0,0,0,0,0,0,0,0,0,null,null,null,null,"",1]
["ACA20000010S",null,null,null,"기초지정(자갈지정)",null,"10㎥",0,0,0,0,0,0,0,0,0,null,null,null,null,"",1]
["ACA20000010S","노무","L001010101000002",null,"보통인부","일반공사 직종","인",0.16,0,0,165545,26487.200000000001,0,0,165545,26487.200000000001,null,null,"N","N","",1]
["ACA20000010S","기계경비","00000201002000000",null,"굴삭기(무한궤도)","0.2㎥","HR",0.63,7695,4847.8,55700,35091,13041,8215.7999999999993,76436,48154.6,null,null,"N","N","",1]
["ACA20000010S","기계경비","00001305000700000",null,"진동롤러(핸드가이드식)","0.7ton","HR",0.74,3162,2339.8000000000002,33571,24842.5,1846,1366,38579,28548.3,null,null,"N","N","",1]
[null,null,null,null,"[합 계]",null,null,0,0,7187,0,86420,0,9581,0,103188,null,null,null,null,"",1]
[null,null,null,null,null,null,null,0,0,0,0,0,0,0,0,0,null,null,null,null,"",1]
["ACA30000010S",null,null,null,"기초지정(잡석지정)",null,"10㎥",0,0,0,0,0,0,0,0,0,null,null,null,null,"",1]
["ACA30000010S","노무","L001010101000002",null,"보통인부","일반공사 직종","인",0.18,0,0,165545,29798.1,0,0,165545,29798.1,null,null,"N","N","",1]
["ACA30000010S","기계경비","00000201002000000",null,"굴삭기(무한궤도)","0.2㎥","HR",0.7,7695,5386.5,55700,38990,13041,9128.7000000000007,76436,53505.2,null,null,"N","N","",1]
["ACA30000010S","기계경비","00001305000700000",null,"진동롤러(핸드가이드식)","0.7ton","HR",0.86,3162,2719.3,33571,28871,1846,1587.5,38579,33177.800000000003,null,null,"N","N","",1]
[null,null,null,null,"[합 계]",null,null,0,0,8105,0,97659,0,10716,0,116480,null,null,null,null,"",1]
[null,null,null,null,null,null,null,0,0,0,0,0,0,0,0,0,null,null,null,null,"",1]
["ACD25400010S",null,null,null,"말뚝두부정리(콘크리트)","ø400","본",0,0,0,0,0,0,0,0,0,null,null,null,null,"",1]
["ACD25400010S","노무","L001010101000017",null,"할석공","일반공사 직종","인",3.9E-2,0,0,229326,8943.7000000000007,0,0,229326,8943.7000000000007,null,null,"N","N","",1]
["ACD25400010S","노무","L001010101000002",null,"보통인부","일반공사 직종","인",3.9E-2,0,0,165545,6456.2,0,0,165545,6456.2,null,null,"N","N","",1]
["ACD25400010S","손료","RENT000000000001",null,"공구손료","인력품의 3%","식",1,461.9,461.9,0,0,0,0,461.9,461.9,null,null,"N","N",3,1]
["ACD25400010S","손료","RENT000000000002",null,"잡재료 및 소모재료","인력품의 9%","식",1,1385.9,1385.9,0,0,0,0,1385.9,1385.9,null,null,"N","N",9,1]
["ACD25400010S","기계경비","00000201002000000",null,"굴삭기(무한궤도)","0.2㎥","HR",6.3E-2,7695,484.7,55700,3509.1,13041,821.5,76436,4815.3,null,null,"N","N","",1]
[null,null,null,null,"[합 계]",null,null,0,0,2332,0,18909,0,821,0,22062,null,null,null,null,"",1]
[null,null,null,null,null,null,null,0,0,0,0,0,0,0,0,0,null,null,null,null,"",1]
["ACD25400020S",null,null,null,"말뚝두부정리(콘크리트)","ø500","본",0,0,0,0,0,0,0,0,0,null,null,null,null,"",1]
["ACD25400020S","노무","L001010101000017",null,"할석공","일반공사 직종","인",5.3999999999999999E-2,0,0,229326,12383.6,0,0,229326,12383.6,null,null,"N","N","",1]
["ACD25400020S","노무","L001010101000002",null,"보통인부","일반공사 직종","인",5.3999999999999999E-2,0,0,165545,8939.4,0,0,165545,8939.4,null,null,"N","N","",1]
["ACD25400020S","손료","RENT000000000001",null,"공구손료","인력품의 3%","식",1,639.6,639.6,0,0,0,0,639.6,639.6,null,null,"N","N",3,1]
["ACD25400020S","손료","RENT000000000002",null,"잡재료 및 소모재료","인력품의 9%","식",1,1919,1919,0,0,0,0,1919,1919,null,null,"N","N",9,1]
["ACD25400020S","기계경비","00000201002000000",null,"굴삭기(무한궤도)","0.2㎥","HR",8.8999999999999996E-2,7695,684.8,55700,4957.3,13041,1160.5999999999999,76436,6802.7,null,null,"N","N","",1]
[null,null,null,null,"[합 계]",null,null,0,0,3243,0,26280,0,1160,0,30683,null,null,null,null,"",1]
[null,null,null,null,null,null,null,0,0,0,0,0,0,0,0,0,null,null,null,null,"",1]
["ACD25400030S",null,null,null,"말뚝두부정리(콘크리트)","ø600","본",0,0,0,0,0,0,0,0,0,null,null,null,null,"",1]
["ACD25400030S","노무","L001010101000017",null,"할석공","일반공사 직종","인",6.3E-2,0,0,229326,14447.5,0,0,229326,14447.5,null,null,"N","N","",1]
["ACD25400030S","노무","L001010101000002",null,"보통인부","일반공사 직종","인",6.3E-2,0,0,165545,10429.299999999999,0,0,165545,10429.299999999999,null,null,"N","N","",1]
["ACD25400030S","손료","RENT000000000001",null,"공구손료","인력품의 3%","식",1,746.3,746.3,0,0,0,0,746.3,746.3,null,null,"N","N",3,1]
["ACD25400030S","손료","RENT000000000002",null,"잡재료 및 소모재료","인력품의 9%","식",1,2238.9,2238.9,0,0,0,0,2238.9,2238.9,null,null,"N","N",9,1]
["ACD25400030S","기계경비","00000201002000000",null,"굴삭기(무한궤도)","0.2㎥","HR",0.10199999999999999,7695,784.8,55700,5681.4,13041,1330.1,76436,7796.3,null,null,"N","N","",1]
[null,null,null,null,"[합 계]",null,null,0,0,3770,0,30558,0,1330,0,35658,null,null,null,null,"",1]
[null,null,null,null,null,null,null,0,0,0,0,0,0,0,0,0,null,null,null,null,"",1]
["ACD25400040S",null,null,null,"말뚝두부정리(콘크리트)","ø700","본",0,0,0,0,0,0,0,0,0,null,null,null,null,"",1]
["ACD25400040S","노무","L001010101000017",null,"할석공","일반공사 직종","인",7.0999999999999994E-2,0,0,229326,16282.1,0,0,229326,16282.1,null,null,"N","N","",1]
["ACD25400040S","노무","L001010101000002",null,"보통인부","일반공사 직종","인",7.0999999999999994E-2,0,0,165545,11753.6,0,0,165545,11753.6,null,null,"N","N","",1]
["ACD25400040S","손료","RENT000000000001",null,"공구손료","인력품의 3%","식",1,841,841,0,0,0,0,841,841,null,null,"N","N",3,1]
["ACD25400040S","손료","RENT000000000002",null,"잡재료 및 소모재료","인력품의 9%","식",1,2523.1999999999998,2523.1999999999998,0,0,0,0,2523.1999999999998,2523.1999999999998,null,null,"N","N",9,1]
["ACD25400040S","기계경비","00000201002000000",null,"굴삭기(무한궤도)","0.2㎥","HR",0.114,7695,877.2,55700,6349.8,13041,1486.6,76436,8713.6,null,null,"N","N","",1]
[null,null,null,null,"[합 계]",null,null,0,0,4241,0,34385,0,1486,0,40112,null,null,null,null,"",1]
[null,null,null,null,null,null,null,0,0,0,0,0,0,0,0,0,null,null,null,null,"",1]
["ACD25400050S",null,null,null,"말뚝두부정리(콘크리트)","ø800","본",0,0,0,0,0,0,0,0,0,null,null,null,null,"",1]
["ACD25400050S","노무","L001010101000017",null,"할석공","일반공사 직종","인",0.08,0,0,229326,18346,0,0,229326,18346,null,null,"N","N","",1]
["ACD25400050S","노무","L001010101000002",null,"보통인부","일반공사 직종","인",0.08,0,0,165545,13243.6,0,0,165545,13243.6,null,null,"N","N","",1]
["ACD25400050S","손료","RENT000000000001",null,"공구손료","인력품의 3%","식",1,947.6,947.6,0,0,0,0,947.6,947.6,null,null,"N","N",3,1]
["ACD25400050S","손료","RENT000000000002",null,"잡재료 및 소모재료","인력품의 9%","식",1,2843,2843,0,0,0,0,2843,2843,null,null,"N","N",9,1]
["ACD25400050S","기계경비","00000201002000000",null,"굴삭기(무한궤도)","0.2㎥","HR",0.127,7695,977.2,55700,7073.9,13041,1656.2,76436,9707.2999999999993,null,null,"N","N","",1]
[null,null,null,null,"[합 계]",null,null,0,0,4767,0,38663,0,1656,0,45086,null,null,null,null,"",1]
[null,null,null,null,null,null,null,0,0,0,0,0,0,0,0,0,null,null,null,null,"",1]
["ACD52000010S",null,null,null,"현장타설말뚝 장비조립 및 해체","외부 반출/반입","회",0,0,0,0,0,0,0,0,0,null,null,null,null,"",1]
["ACD52000010S","노무","L001010101000051",null,"기계설비공","일반공사 직종","인",4.5,0,0,233722,1051749,0,0,233722,1051749,null,null,"N","N","",1]
["ACD52000010S","노무","L001010101000003",null,"특별인부","일반공사 직종","인",4.5,0,0,214222,963999,0,0,214222,963999,null,null,"N","N","",1]
["ACD52000010S","기계경비","00002101005000000",null,"크레인(무한궤도)","50ton(1.91㎥)","HR",36,18316,659376,55700,2005200,69682,2508552,143698,5173128,null,null,"N","N","",1]
["ACD52000010S","노무","L001010101000009",null,"철공","일반공사 직종","인",9,0,0,233754,2103786,0,0,233754,2103786,null,null,"N","N","",1]
["ACD52000010S","손료","RENT000000000001",null,"공구손료","노무비의 3%","식",1,123586,123586,0,0,0,0,123586,123586,null,null,"N","N",3,1]
[null,null,null,null,"[합 계]",null,null,0,0,782962,0,6124734,0,2508552,0,9416248,null,null,null,null,"",1]
[null,null,null,null,null,null,null,0,0,0,0,0,0,0,0,0,null,null,null,null,"",1]
["ACD52000020S",null,null,null,"현장타설말뚝 장비조립 및 해체","작업구간 이동","회",0,0,0,0,0,0,0,0,0,null,null,null,null,"",1]
["ACD52000020S","노무","L001010101000051",null,"기계설비공","일반공사 직종","인",2.5,0,0,233722,584305,0,0,233722,584305,null,null,"N","N","",1]
["ACD52000020S","노무","L001010101000003",null,"특별인부","일반공사 직종","인",2.5,0,0,214222,535555,0,0,214222,535555,null,null,"N","N","",1]
["ACD52000020S","기계경비","00002101005000000",null,"크레인(무한궤도)","50ton(1.91㎥)","HR",20,18316,366320,55700,1114000,69682,1393640,143698,2873960,null,null,"N","N","",1]
["ACD52000020S","노무","L001010101000009",null,"철공","일반공사 직종","인",5,0,0,233754,1168770,0,0,233754,1168770,null,null,"N","N","",1]
["ACD52000020S","손료","RENT000000000001",null,"공구손료","노무비의 3%","식",1,68658.899999999994,68658.899999999994,0,0,0,0,68658.899999999994,68658.899999999994,null,null,"N","N",3,1]
[null,null,null,null,"[합 계]",null,null,0,0,434978,0,3402630,0,1393640,0,5231248,null,null,null,null,"",1]
[null,null,null,null,null,null,null,0,0,0,0,0,0,0,0,0,null,null,null,null,"",1]
["ACD52000030S",null,null,null,"현장타설말뚝 굴착 인력편성",null,"인/일",0,0,0,0,0,0,0,0,0,null,null,null,null,"",1]
["ACD52000030S","노무","L001010101000014",null,"보링공","일반공사 직종","인",1,0,0,223458,223458,0,0,223458,223458,null,null,"N","N","",1]
["ACD52000030S","노무","L001010101000003",null,"특별인부","일반공사 직종","인",2,0,0,214222,428444,0,0,214222,428444,null,null,"N","N","",1]
["ACD52000030S","노무","L001010101000012",null,"용접공","일반공사 직종","인",1,0,0,267021,267021,0,0,267021,267021,null,null,"N","N","",1]
["ACD52000030S","노무","L001010101000002",null,"보통인부","일반공사 직종","인",1,0,0,165545,165545,0,0,165545,165545,null,null,"N","N","",1]
[null,null,null,null,"[합 계]",null,null,0,0,0,0,1084468,0,0,0,1084468,null,null,null,null,"",1]
[null,null,null,null,null,null,null,0,0,0,0,0,0,0,0,0,null,null,null,null,"",1]
["ACD52000040S",null,null,null,"현장타설말뚝 말뚝조성 인력편성",null,"인/일",0,0,0,0,0,0,0,0,0,null,null,null,null,"",1]
["ACD52000040S","노무","L001010101000014",null,"보링공","일반공사 직종","인",1,0,0,223458,223458,0,0,223458,223458,null,null,"N","N","",1]
["ACD52000040S","노무","L001010101000003",null,"특별인부","일반공사 직종","인",2,0,0,214222,428444,0,0,214222,428444,null,null,"N","N","",1]
["ACD52000040S","노무","L001010101000013",null,"콘크리트공","일반공사 직종","인",1,0,0,261283,261283,0,0,261283,261283,null,null,"N","N","",1]
[null,null,null,null,"[합 계]",null,null,0,0,0,0,913185,0,0,0,913185,null,null,null,null,"",1]
[null,null,null,null,null,null,null,0,0,0,0,0,0,0,0,0,null,null,null,null,"",1]
["ACE25000010S",null,null,null,"말뚝두부정리(강관)","ø400","본",0,0,0,0,0,0,0,0,0,null,null,null,null,"",1]
["ACE25000010S","자재","1214190420204084",null,"산소가스","산소가스","L",95,2,190,0,0,0,0,2,190,null,null,"N","N","",1]
["ACE25000010S","자재","1511151020204251",null,"액화석유가스","액화석유가스, 건설용LPG","kg",0.1,1998,199.8,0,0,0,0,1998,199.8,null,null,"N","N","",1]
["ACE25000010S","노무","L001010101000012",null,"용접공","일반공사 직종","인",3.7999999999999999E-2,0,0,267021,10146.700000000001,0,0,267021,10146.700000000001,null,null,"N","N","",1]
["ACE25000010S","노무","L001010101000002",null,"보통인부","일반공사 직종","인",3.7999999999999999E-2,0,0,165545,6290.7,0,0,165545,6290.7,null,null,"N","N","",1]
["ACE25000010S","손료","RENT000000000001",null,"공구손료","노무비의 4%","식",1,657.4,657.4,0,0,0,0,657.4,657.4,null,null,"N","N",4,1]
["ACE25000010S","기계경비","00000201002000000",null,"굴삭기(무한궤도)","0.2㎥","HR",4.5999999999999999E-2,7695,353.9,55700,2562.1999999999998,13041,599.79999999999995,76436,3515.9,null,null,"N","N","",1]
[null,null,null,null,"[합 계]",null,null,0,0,1401,0,18999,0,599,0,20999,null,null,null,null,"",1]
[null,null,null,null,null,null,null,0,0,0,0,0,0,0,0,0,null,null,null,null,"",1]
["ACE25000020S",null,null,null,"말뚝두부정리(강관)","ø500","본",0,0,0,0,0,0,0,0,0,null,null,null,null,"",1]
["ACE25000020S","자재","1214190420204084",null,"산소가스","산소가스","L",113,2,226,0,0,0,0,2,226,null,null,"N","N","",1]
["ACE25000020S","자재","1511151020204251",null,"액화석유가스","액화석유가스, 건설용LPG","kg",0.13,1998,259.7,0,0,0,0,1998,259.7,null,null,"N","N","",1]
["ACE25000020S","노무","L001010101000012",null,"용접공","일반공사 직종","인",4.7E-2,0,0,267021,12549.9,0,0,267021,12549.9,null,null,"N","N","",1]
["ACE25000020S","노무","L001010101000002",null,"보통인부","일반공사 직종","인",4.7E-2,0,0,165545,7780.6,0,0,165545,7780.6,null,null,"N","N","",1]
["ACE25000020S","손료","RENT000000000001",null,"공구손료","인력품의 4%","식",1,813.2,813.2,0,0,0,0,813.2,813.2,null,null,"N","N",4,1]
["ACE25000020S","기계경비","00000201002000000",null,"굴삭기(무한궤도)","0.2㎥","HR",5.1999999999999998E-2,7695,400.1,55700,2896.4,13041,678.1,76436,3974.6,null,null,"N","N","",1]
[null,null,null,null,"[합 계]",null,null,0,0,1699,0,23226,0,678,0,25603,null,null,null,null,"",1]
[null,null,null,null,null,null,null,0,0,0,0,0,0,0,0,0,null,null,null,null,"",1]
["ACE25000030S",null,null,null,"말뚝두부정리(강관)","ø600","본",0,0,0,0,0,0,0,0,0,null,null,null,null,"",1]
["ACE25000030S","자재","1214190420204084",null,"산소가스","산소가스","L",138,2,276,0,0,0,0,2,276,null,null,"N","N","",1]
["ACE25000030S","자재","1511151020204251",null,"액화석유가스","액화석유가스, 건설용LPG","kg",0.15,1998,299.7,0,0,0,0,1998,299.7,null,null,"N","N","",1]
["ACE25000030S","노무","L001010101000012",null,"용접공","일반공사 직종","인",5.8000000000000003E-2,0,0,267021,15487.2,0,0,267021,15487.2,null,null,"N","N","",1]
["ACE25000030S","노무","L001010101000002",null,"보통인부","일반공사 직종","인",5.8000000000000003E-2,0,0,165545,9601.6,0,0,165545,9601.6,null,null,"N","N","",1]
["ACE25000030S","손료","RENT000000000001",null,"공구손료","인력품의 4%","식",1,1003.5,1003.5,0,0,0,0,1003.5,1003.5,null,null,"N","N",4,1]
["ACE25000030S","기계경비","00000201002000000",null,"굴삭기(무한궤도)","0.2㎥","HR",7.0000000000000007E-2,7695,538.6,55700,3899,13041,912.8,76436,5350.4,null,null,"N","N","",1]
[null,null,null,null,"[합 계]",null,null,0,0,2117,0,28987,0,912,0,32016,null,null,null,null,"",1]
[null,null,null,null,null,null,null,0,0,0,0,0,0,0,0,0,null,null,null,null,"",1]
["ACE25000040S",null,null,null,"말뚝두부정리(강관)","ø700","본",0,0,0,0,0,0,0,0,0,null,null,null,null,"",1]
["ACE25000040S","자재","1214190420204084",null,"산소가스","산소가스","L",185,2,370,0,0,0,0,2,370,null,null,"N","N","",1]
["ACE25000040S","자재","1511151020204251",null,"액화석유가스","액화석유가스, 건설용LPG","kg",0.18,1998,359.6,0,0,0,0,1998,359.6,null,null,"N","N","",1]
["ACE25000040S","노무","L001010101000012",null,"용접공","일반공사 직종","인",6.7000000000000004E-2,0,0,267021,17890.400000000001,0,0,267021,17890.400000000001,null,null,"N","N","",1]
["ACE25000040S","노무","L001010101000002",null,"보통인부","일반공사 직종","인",6.7000000000000004E-2,0,0,165545,11091.5,0,0,165545,11091.5,null,null,"N","N","",1]
["ACE25000040S","손료","RENT000000000001",null,"공구손료","인력품의 4%","식",1,1159.2,1159.2,0,0,0,0,1159.2,1159.2,null,null,"N","N",4,1]
["ACE25000040S","기계경비","00000201002000000",null,"굴삭기(무한궤도)","0.2㎥","HR",8.2000000000000003E-2,7695,630.9,55700,4567.3999999999996,13041,1069.3,76436,6267.6,null,null,"N","N","",1]
[null,null,null,null,"[합 계]",null,null,0,0,2519,0,33549,0,1069,0,37137,null,null,null,null,"",1]
[null,null,null,null,null,null,null,0,0,0,0,0,0,0,0,0,null,null,null,null,"",1]
["ACE25000050S",null,null,null,"말뚝두부정리(강관)","ø800","본",0,0,0,0,0,0,0,0,0,null,null,null,null,"",1]
["ACE25000050S","자재","1214190420204084",null,"산소가스","산소가스","L",220,2,440,0,0,0,0,2,440,null,null,"N","N","",1]
["ACE25000050S","자재","1511151020204251",null,"액화석유가스","액화석유가스, 건설용LPG","kg",0.21,1998,419.5,0,0,0,0,1998,419.5,null,null,"N","N","",1]
["ACE25000050S","노무","L001010101000012",null,"용접공","일반공사 직종","인",7.6999999999999999E-2,0,0,267021,20560.599999999999,0,0,267021,20560.599999999999,null,null,"N","N","",1]
["ACE25000050S","노무","L001010101000002",null,"보통인부","일반공사 직종","인",7.6999999999999999E-2,0,0,165545,12746.9,0,0,165545,12746.9,null,null,"N","N","",1]
["ACE25000050S","손료","RENT000000000001",null,"공구손료","인력품의 4%","식",1,1332.3,1332.3,0,0,0,0,1332.3,1332.3,null,null,"N","N",4,1]
["ACE25000050S","기계경비","00000201002000000",null,"굴삭기(무한궤도)","0.2㎥","HR",9.4E-2,7695,723.3,55700,5235.8,13041,1225.8,76436,7184.9,null,null,"N","N","",1]
[null,null,null,null,"[합 계]",null,null,0,0,2915,0,38543,0,1225,0,42683,null,null,null,null,"",1]
[null,null,null,null,null,null,null,0,0,0,0,0,0,0,0,0,null,null,null,null,"",1]
["ADA10100010S",null,null,null,"합판거푸집 - 자재비","5회","M2",0,0,0,0,0,0,0,0,0,null,null,null,null,"",1]
["ADA10100010S","자재","1112200120142458",null,"내수합판","내수합판, 1급, 12×1220×2440mm","㎡",1.03,10986,11315.5,0,0,0,0,10986,11315.5,null,null,"N","Y","",0]
["ADA10100010S","자재","3010369820141038",null,"각재","각재, 외송","㎥",3.7999999999999999E-2,528153,20069.8,0,0,0,0,528153,20069.8,null,null,"N","Y","",0]
["ADA10100010S","손료","RENT000000000001",null,"적용비율","주재료비의 35%","식",1,10984.8,10984.8,0,0,0,0,10984.8,10984.8,null,null,"N","N",35,1]
["ADA10100010S","손료","RENT000000000002",null,"소모자재(박리재 등)","주재료비의 10%","식",1,1098.4000000000001,1098.4000000000001,0,0,0,0,1098.4000000000001,1098.4000000000001,null,null,"N","N",10,1]
[null,null,null,null,"[합 계]",null,null,0,0,12083,0,0,0,0,0,12083,null,null,null,null,"",1]
[null,null,null,null,null,null,null,0,0,0,0,0,0,0,0,0,null,null,null,null,"",1]
["ADA10100020S",null,null,null,"합판거푸집 - 자재비","6회","M2",0,0,0,0,0,0,0,0,0,null,null,null,null,"",1]
["ADA10100020S","자재","1112200120142458",null,"내수합판","내수합판, 1급, 12×1220×2440mm","㎡",1.03,10986,11315.5,0,0,0,0,10986,11315.5,null,null,"N","Y","",0]
["ADA10100020S","자재","3010369820141038",null,"각재","각재, 외송","㎥",3.7999999999999999E-2,528153,20069.8,0,0,0,0,528153,20069.8,null,null,"N","Y","",0]
["ADA10100020S","손료","RENT000000000001",null,"적용비율","재료비의 32.7%","식",1,10262.9,10262.9,0,0,0,0,10262.9,10262.9,null,null,"N","N",32.700000000000003,1]
["ADA10100020S","손료","RENT000000000002",null,"소모자재(박리재 등)","재료비의 11%","식",1,1128.9000000000001,1128.9000000000001,0,0,0,0,1128.9000000000001,1128.9000000000001,null,null,"N","N",11,1]
[null,null,null,null,"[합 계]",null,null,0,0,11391,0,0,0,0,0,11391,null,null,null,null,"",1]
[null,null,null,null,null,null,null,0,0,0,0,0,0,0,0,0,null,null,null,null,"",1]
["ADA10100030S",null,null,null,"합판거푸집 - 인력투입","간단, 수직고 7m까지","M2",0,0,0,0,0,0,0,0,0,null,null,null,null,"",1]
["ADA10100030S","노무","L001010101000007",null,"형틀목공","일반공사 직종","인",0.1,0,0,274978,27497.8,0,0,274978,27497.8,null,null,"N","N","",1]
["ADA10100030S","노무","L001010101000002",null,"보통인부","일반공사 직종","인",0.04,0,0,165545,6621.8,0,0,165545,6621.8,null,null,"N","N","",1]
["ADA10100030S","손료","RENT000000000001",null,"공구손료","노무비의 1%","식",1,341.1,341.1,0,0,0,0,341.1,341.1,null,null,"N","N",1,1]
[null,null,null,null,"[합 계]",null,null,0,0,341,0,34119,0,0,0,34460,null,null,null,null,"",1]
[null,null,null,null,null,null,null,0,0,0,0,0,0,0,0,0,null,null,null,null,"",1]
["ADA10100031S",null,null,null,"합판거푸집 - 인력투입",null,"일",0,0,0,0,0,0,0,0,0,null,null,null,null,"",1]
["ADA10100031S","노무","L001010101000007",null,"형틀목공","일반공사 직종","인",5,0,0,274978,1374890,0,0,274978,1374890,null,null,"N","N","",1]
["ADA10100031S","노무","L001010101000002",null,"보통인부","일반공사 직종","인",2,0,0,165545,331090,0,0,165545,331090,null,null,"N","N","",1]
["ADA10100031S","손료","RENT000000000001",null,"공구손료","노무비의 1%","식",1,17059.8,17059.8,0,0,0,0,17059.8,17059.8,null,null,"N","N",1,1]
[null,null,null,null,"[합 계]",null,null,0,0,17059,0,1705980,0,0,0,1723039,null,null,null,null,"",1]
[null,null,null,null,null,null,null,0,0,0,0,0,0,0,0,0,null,null,null,null,"",1]
["ADA10100040S",null,null,null,"합판거푸집 설치 및 해체","간단 6회, 수직고 7m까지","M2",0,0,0,0,0,0,0,0,0,null,null,null,null,"",1]
["ADA10100040S","일위대가","ADA10100020S",null,"합판거푸집 - 자재비","6회","M2",1,11391,11391,0,0,0,0,11391,11391,null,null,"N","N","",1]
["ADA10100040S","일위대가","ADA10100030S",null,"합판거푸집 - 인력투입","간단, 수직고 7m까지","M2",1,341,341,34119,34119,0,0,34460,34460,null,null,"N","N","",1]
[null,null,null,null,"[합 계]",null,null,0,0,11732,0,34119,0,0,0,45851,null,null,null,null,"",1]
[null,null,null,null,null,null,null,0,0,0,0,0,0,0,0,0,null,null,null,null,"",1]
["ADA10200010S",null,null,null,"합판거푸집 - 인력투입","간단, 수직고 7m 초과 10m까지","M2",0,0,0,0,0,0,0,0,0,null,null,null,null,"",1]
["ADA10200010S","노무","L001010101000007",null,"형틀목공","일반공사 직종","인",0.11,0,0,274978,30247.5,0,0,274978,30247.5,null,null,"N","N","",1]
["ADA10200010S","노무","L001010101000002",null,"보통인부","일반공사 직종","인",4.3999999999999997E-2,0,0,165545,7283.9,0,0,165545,7283.9,null,null,"N","N","",1]
["ADA10200010S","손료","RENT000000000001",null,"공구손료","인력품의 1%","식",1,375.3,375.3,0,0,0,0,375.3,375.3,null,null,"N","N",1,1]
[null,null,null,null,"[합 계]",null,null,0,0,375,0,37531,0,0,0,37906,null,null,null,null,"",1]
[null,null,null,null,null,null,null,0,0,0,0,0,0,0,0,0,null,null,null,null,"",1]
["ADA10200020S",null,null,null,"합판거푸집 설치 및 해체","간단 6회, 수직고 7m 초과 10m까지","M2",0,0,0,0,0,0,0,0,0,null,null,null,null,"",1]
["ADA10200020S","일위대가","ADA10100020S",null,"합판거푸집 - 자재비","6회","M2",1,11391,11391,0,0,0,0,11391,11391,null,null,"N","N","",1]
["ADA10200020S","일위대가","ADA10200010S",null,"합판거푸집 - 인력투입","간단, 수직고 7m 초과 10m까지","M2",1,375,375,37531,37531,0,0,37906,37906,null,null,"N","N","",1]
[null,null,null,null,"[합 계]",null,null,0,0,11766,0,37531,0,0,0,49297,null,null,null,null,"",1]
[null,null,null,null,null,null,null,0,0,0,0,0,0,0,0,0,null,null,null,null,"",1]
["ADA11000010S",null,null,null,"합판거푸집 - 인력투입","간단, 슬래브(경사도 20˚미만)","M2",0,0,0,0,0,0,0,0,0,null,null,null,null,"",1]
["ADA11000010S","노무","L001010101000007",null,"형틀목공","일반공사 직종","인",0.12,0,0,274978,32997.300000000003,0,0,274978,32997.300000000003,null,null,"N","N","",1]
["ADA11000010S","노무","L001010101000002",null,"보통인부","일반공사 직종","인",4.8000000000000001E-2,0,0,165545,7946.1,0,0,165545,7946.1,null,null,"N","N","",1]
["ADA11000010S","손료","RENT000000000001",null,"공구손료","인력품의 1%","식",1,409.4,409.4,0,0,0,0,409.4,409.4,null,null,"N","N",1,1]
["ADA11000010S","손료","RENT000000000002",null,"노임할증","인력품의 20%","식",1,0,0,8188.6,8188.6,0,0,8188.6,8188.6,null,null,"N","Y",20,0]
[null,null,null,null,"[합 계]",null,null,0,0,409,0,40943,0,0,0,41352,null,null,null,null,"",1]
[null,null,null,null,null,null,null,0,0,0,0,0,0,0,0,0,null,null,null,null,"",1]
["ADA11000020S",null,null,null,"합판거푸집 설치 및 해체","간단 6회, 슬래브(경사도 20˚미만)","M2",0,0,0,0,0,0,0,0,0,null,null,null,null,"",1]
["ADA11000020S","일위대가","ADA10100020S",null,"합판거푸집 - 자재비","6회","M2",1,11391,11391,0,0,0,0,11391,11391,null,null,"N","N","",1]
["ADA11000020S","일위대가","ADA11000010S",null,"합판거푸집 - 인력투입","간단, 슬래브(경사도 20˚미만)","M2",1,409,409,40943,40943,0,0,41352,41352,null,null,"N","N","",1]
[null,null,null,null,"[합 계]",null,null,0,0,11800,0,40943,0,0,0,52743,null,null,null,null,"",1]
[null,null,null,null,null,null,null,0,0,0,0,0,0,0,0,0,null,null,null,null,"",1]
["ADA20100010S",null,null,null,"합판거푸집 - 자재비","3회","M2",0,0,0,0,0,0,0,0,0,null,null,null,null,"",1]
["ADA20100010S","자재","1112200120142458",null,"내수합판","내수합판, 1급, 12×1220×2440mm","㎡",1.03,10986,11315.5,0,0,0,0,10986,11315.5,null,null,"N","Y","",0]
["ADA20100010S","자재","3010369820141038",null,"각재","각재, 외송","㎥",3.7999999999999999E-2,528153,20069.8,0,0,0,0,528153,20069.8,null,null,"N","Y","",0]
["ADA20100010S","손료","RENT000000000001",null,"적용비율","주재료비의 44.3%","식",1,13903.6,13903.6,0,0,0,0,13903.6,13903.6,null,null,"N","N",44.3,1]
["ADA20100010S","손료","RENT000000000002",null,"소모자재(박리재 등)","주재료비의 8%","식",1,1112.2,1112.2,0,0,0,0,1112.2,1112.2,null,null,"N","N",8,1]
[null,null,null,null,"[합 계]",null,null,0,0,15015,0,0,0,0,0,15015,null,null,null,null,"",1]
[null,null,null,null,null,null,null,0,0,0,0,0,0,0,0,0,null,null,null,null,"",1]
["ADA20100020S",null,null,null,"합판거푸집 - 자재비","4회","M2",0,0,0,0,0,0,0,0,0,null,null,null,null,"",1]
["ADA20100020S","자재","1112200120142458",null,"내수합판","내수합판, 1급, 12×1220×2440mm","㎡",1.03,10986,11315.5,0,0,0,0,10986,11315.5,null,null,"N","Y","",0]
["ADA20100020S","자재","3010369820141038",null,"각재","각재, 외송","㎥",3.7999999999999999E-2,528153,20069.8,0,0,0,0,528153,20069.8,null,null,"N","Y","",0]
["ADA20100020S","손료","RENT000000000001",null,"적용비율","주재료비의 38%","식",1,11926.4,11926.4,0,0,0,0,11926.4,11926.4,null,null,"N","N",38,1]
["ADA20100020S","손료","RENT000000000002",null,"소모자재(박리재 등)","주재료비의 9%","식",1,1073.3,1073.3,0,0,0,0,1073.3,1073.3,null,null,"N","N",9,1]
[null,null,null,null,"[합 계]",null,null,0,0,12999,0,0,0,0,0,12999,null,null,null,null,"",1]
[null,null,null,null,null,null,null,0,0,0,0,0,0,0,0,0,null,null,null,null,"",1]
["ADA20100030S",null,null,null,"합판거푸집 - 인력투입","복잡, 수직고 7m까지","M2",0,0,0,0,0,0,0,0,0,null,null,null,null,"",1]
["ADA20100030S","노무","L001010101000007",null,"형틀목공","일반공사 직종","인",0.16700000000000001,0,0,274978,45921.3,0,0,274978,45921.3,null,null,"N","N","",1]
["ADA20100030S","노무","L001010101000002",null,"보통인부","일반공사 직종","인",6.7000000000000004E-2,0,0,165545,11091.5,0,0,165545,11091.5,null,null,"N","N","",1]
["ADA20100030S","손료","RENT000000000001",null,"공구손료","인력품의 1%","식",1,570.1,570.1,0,0,0,0,570.1,570.1,null,null,"N","N",1,1]
[null,null,null,null,"[합 계]",null,null,0,0,570,0,57012,0,0,0,57582,null,null,null,null,"",1]
[null,null,null,null,null,null,null,0,0,0,0,0,0,0,0,0,null,null,null,null,"",1]
["ADA20100040S",null,null,null,"합판거푸집 - 인력투입","보통, 수직고 7m까지","M2",0,0,0,0,0,0,0,0,0,null,null,null,null,"",1]
["ADA20100040S","노무","L001010101000007",null,"형틀목공","일반공사 직종","인",0.111,0,0,274978,30522.5,0,0,274978,30522.5,null,null,"N","N","",1]
["ADA20100040S","노무","L001010101000002",null,"보통인부","일반공사 직종","인",4.3999999999999997E-2,0,0,165545,7283.9,0,0,165545,7283.9,null,null,"N","N","",1]
["ADA20100040S","손료","RENT000000000001",null,"공구손료","인력품의 1%","식",1,378,378,0,0,0,0,378,378,null,null,"N","N",1,1]
[null,null,null,null,"[합 계]",null,null,0,0,378,0,37806,0,0,0,38184,null,null,null,null,"",1]
[null,null,null,null,null,null,null,0,0,0,0,0,0,0,0,0,null,null,null,null,"",1]
["ADA20100050S",null,null,null,"합판거푸집 설치 및 해체","복잡 3회, 수직고 7m까지","M2",0,0,0,0,0,0,0,0,0,null,null,null,null,"",1]
["ADA20100050S","일위대가","ADA20100010S",null,"합판거푸집 - 자재비","3회","M2",1,15015,15015,0,0,0,0,15015,15015,null,null,"N","N","",1]
["ADA20100050S","일위대가","ADA20100030S",null,"합판거푸집 - 인력투입","복잡, 수직고 7m까지","M2",1,570,570,57012,57012,0,0,57582,57582,null,null,"N","N","",1]
[null,null,null,null,"[합 계]",null,null,0,0,15585,0,57012,0,0,0,72597,null,null,null,null,"",1]
[null,null,null,null,null,null,null,0,0,0,0,0,0,0,0,0,null,null,null,null,"",1]
["ADA20100060S",null,null,null,"합판거푸집 설치 및 해체","보통 4회, 수직고 7m까지","M2",0,0,0,0,0,0,0,0,0,null,null,null,null,"",1]
["ADA20100060S","일위대가","ADA20100020S",null,"합판거푸집 - 자재비","4회","M2",1,12999,12999,0,0,0,0,12999,12999,null,null,"N","N","",1]
["ADA20100060S","일위대가","ADA20100040S",null,"합판거푸집 - 인력투입","보통, 수직고 7m까지","M2",1,378,378,37806,37806,0,0,38184,38184,null,null,"N","N","",1]
[null,null,null,null,"[합 계]",null,null,0,0,13377,0,37806,0,0,0,51183,null,null,null,null,"",1]
[null,null,null,null,null,null,null,0,0,0,0,0,0,0,0,0,null,null,null,null,"",1]
["ADA20200010S",null,null,null,"합판거푸집 - 인력투입","복잡, 수직고 7m 초과 10m까지","M2",0,0,0,0,0,0,0,0,0,null,null,null,null,"",1]
["ADA20200010S","노무","L001010101000007",null,"형틀목공","일반공사 직종","인",0.183,0,0,274978,50320.9,0,0,274978,50320.9,null,null,"N","N","",1]
["ADA20200010S","노무","L001010101000002",null,"보통인부","일반공사 직종","인",7.2999999999999995E-2,0,0,165545,12084.7,0,0,165545,12084.7,null,null,"N","N","",1]
["ADA20200010S","손료","RENT000000000001",null,"공구손료","인력품의 1%","식",1,624,624,0,0,0,0,624,624,null,null,"N","N",1,1]
[null,null,null,null,"[합 계]",null,null,0,0,624,0,62405,0,0,0,63029,null,null,null,null,"",1]
[null,null,null,null,null,null,null,0,0,0,0,0,0,0,0,0,null,null,null,null,"",1]
["ADA20200020S",null,null,null,"합판거푸집 - 인력투입","보통, 수직고 7m 초과 10m까지","M2",0,0,0,0,0,0,0,0,0,null,null,null,null,"",1]
["ADA20200020S","노무","L001010101000007",null,"형틀목공","일반공사 직종","인",0.122,0,0,274978,33547.300000000003,0,0,274978,33547.300000000003,null,null,"N","N","",1]
["ADA20200020S","노무","L001010101000002",null,"보통인부","일반공사 직종","인",4.9000000000000002E-2,0,0,165545,8111.7,0,0,165545,8111.7,null,null,"N","N","",1]
["ADA20200020S","손료","RENT000000000001",null,"공구손료","인력품의 1%","식",1,416.5,416.5,0,0,0,0,416.5,416.5,null,null,"N","N",1,1]
[null,null,null,null,"[합 계]",null,null,0,0,416,0,41659,0,0,0,42075,null,null,null,null,"",1]
[null,null,null,null,null,null,null,0,0,0,0,0,0,0,0,0,null,null,null,null,"",1]
["ADA20200030S",null,null,null,"합판거푸집 설치 및 해체","복잡 3회, 수직고 7m 초과 10m까지","M2",0,0,0,0,0,0,0,0,0,null,null,null,null,"",1]
["ADA20200030S","일위대가","ADA20100010S",null,"합판거푸집 - 자재비","3회","M2",1,15015,15015,0,0,0,0,15015,15015,null,null,"N","N","",1]
["ADA20200030S","일위대가","ADA20200010S",null,"합판거푸집 - 인력투입","복잡, 수직고 7m 초과 10m까지","M2",1,624,624,62405,62405,0,0,63029,63029,null,null,"N","N","",1]
[null,null,null,null,"[합 계]",null,null,0,0,15639,0,62405,0,0,0,78044,null,null,null,null,"",1]
[null,null,null,null,null,null,null,0,0,0,0,0,0,0,0,0,null,null,null,null,"",1]
["ADA20200040S",null,null,null,"합판거푸집 설치 및 해체","보통 4회, 수직고 7m 초과 10m까지","M2",0,0,0,0,0,0,0,0,0,null,null,null,null,"",1]
["ADA20200040S","일위대가","ADA20100020S",null,"합판거푸집 - 자재비","4회","M2",1,12999,12999,0,0,0,0,12999,12999,null,null,"N","N","",1]
["ADA20200040S","일위대가","ADA20200020S",null,"합판거푸집 - 인력투입","보통, 수직고 7m 초과 10m까지","M2",1,416,416,41659,41659,0,0,42075,42075,null,null,"N","N","",1]
[null,null,null,null,"[합 계]",null,null,0,0,13415,0,41659,0,0,0,55074,null,null,null,null,"",1]
[null,null,null,null,null,null,null,0,0,0,0,0,0,0,0,0,null,null,null,null,"",1]
["ADA21000010S",null,null,null,"합판거푸집 - 인력투입","복잡, 슬래브(경사도 20˚미만)","M2",0,0,0,0,0,0,0,0,0,null,null,null,null,"",1]
["ADA21000010S","노무","L001010101000007",null,"형틀목공","일반공사 직종","인",0.20100000000000001,0,0,274978,55270.5,0,0,274978,55270.5,null,null,"N","N","",1]
["ADA21000010S","노무","L001010101000002",null,"보통인부","일반공사 직종","인",0.08,0,0,165545,13243.6,0,0,165545,13243.6,null,null,"N","N","",1]
["ADA21000010S","손료","RENT000000000001",null,"공구손료","인력품의 1%","식",1,685.1,685.1,0,0,0,0,685.1,685.1,null,null,"N","N",1,1]
[null,null,null,null,"[합 계]",null,null,0,0,685,0,68514,0,0,0,69199,null,null,null,null,"",1]
[null,null,null,null,null,null,null,0,0,0,0,0,0,0,0,0,null,null,null,null,"",1]
["ADA21000020S",null,null,null,"합판거푸집 - 인력투입","보통, 슬래브(경사도 20˚미만)","M2",0,0,0,0,0,0,0,0,0,null,null,null,null,"",1]
["ADA21000020S","노무","L001010101000007",null,"형틀목공","일반공사 직종","인",0.13400000000000001,0,0,274978,36847,0,0,274978,36847,null,null,"N","N","",1]
["ADA21000020S","노무","L001010101000002",null,"보통인부","일반공사 직종","인",5.3999999999999999E-2,0,0,165545,8939.4,0,0,165545,8939.4,null,null,"N","N","",1]
["ADA21000020S","손료","RENT000000000001",null,"공구손료","인력품의 1%","식",1,457.8,457.8,0,0,0,0,457.8,457.8,null,null,"N","N",1,1]
[null,null,null,null,"[합 계]",null,null,0,0,457,0,45786,0,0,0,46243,null,null,null,null,"",1]
[null,null,null,null,null,null,null,0,0,0,0,0,0,0,0,0,null,null,null,null,"",1]
["ADA21000030S",null,null,null,"합판거푸집 설치 및 해체","복잡 3회, 슬래브(경사도 20˚미만)","M2",0,0,0,0,0,0,0,0,0,null,null,null,null,"",1]
["ADA21000030S","일위대가","ADA20100010S",null,"합판거푸집 - 자재비","3회","M2",1,15015,15015,0,0,0,0,15015,15015,null,null,"N","N","",1]
["ADA21000030S","일위대가","ADA21000010S",null,"합판거푸집 - 인력투입","복잡, 슬래브(경사도 20˚미만)","M2",1,685,685,68514,68514,0,0,69199,69199,null,null,"N","N","",1]
[null,null,null,null,"[합 계]",null,null,0,0,15700,0,68514,0,0,0,84214,null,null,null,null,"",1]
[null,null,null,null,null,null,null,0,0,0,0,0,0,0,0,0,null,null,null,null,"",1]
["ADA21000040S",null,null,null,"합판거푸집 설치 및 해체","보통 4회, 슬래브(경사도 20˚미만)","M2",0,0,0,0,0,0,0,0,0,null,null,null,null,"",1]
["ADA21000040S","일위대가","ADA20100020S",null,"합판거푸집 - 자재비","4회","M2",1,12999,12999,0,0,0,0,12999,12999,null,null,"N","N","",1]
["ADA21000040S","일위대가","ADA21000020S",null,"합판거푸집 - 인력투입","보통, 슬래브(경사도 20˚미만)","M2",1,457,457,45786,45786,0,0,46243,46243,null,null,"N","N","",1]
[null,null,null,null,"[합 계]",null,null,0,0,13456,0,45786,0,0,0,59242,null,null,null,null,"",1]
[null,null,null,null,null,null,null,0,0,0,0,0,0,0,0,0,null,null,null,null,"",1]
["ADA30100010S",null,null,null,"합판거푸집 - 자재비","1회","M2",0,0,0,0,0,0,0,0,0,null,null,null,null,"",1]
["ADA30100010S","자재","1112200120142458",null,"내수합판","내수합판, 1급, 12×1220×2440mm","㎡",1.03,10986,11315.5,0,0,0,0,10986,11315.5,null,null,"N","N","",1]
["ADA30100010S","자재","3010369820141038",null,"각재","각재, 외송","㎥",3.7999999999999999E-2,528153,20069.8,0,0,0,0,528153,20069.8,null,null,"N","N","",1]
["ADA30100010S","손료","RENT000000000001",null,"소모자재(박리재 등)","주재료비의 4%","식",1,1255.4000000000001,1255.4000000000001,0,0,0,0,1255.4000000000001,1255.4000000000001,null,null,"N","N",4,1]
[null,null,null,null,"[합 계]",null,null,0,0,32640,0,0,0,0,0,32640,null,null,null,null,"",1]
[null,null,null,null,null,null,null,0,0,0,0,0,0,0,0,0,null,null,null,null,"",1]
["ADA30100020S",null,null,null,"합판거푸집 - 자재비","2회","M2",0,0,0,0,0,0,0,0,0,null,null,null,null,"",1]
["ADA30100020S","자재","1112200120142458",null,"내수합판","내수합판, 1급, 12×1220×2440mm","㎡",1.03,10986,11315.5,0,0,0,0,10986,11315.5,null,null,"N","Y","",0]
["ADA30100020S","자재","3010369820141038",null,"각재","각재, 외송","㎥",3.7999999999999999E-2,528153,20069.8,0,0,0,0,528153,20069.8,null,null,"N","Y","",0]
["ADA30100020S","손료","RENT000000000001",null,"적용비율","주재료비의 55%","식",1,17261.900000000001,17261.900000000001,0,0,0,0,17261.900000000001,17261.900000000001,null,null,"N","N",55,1]
["ADA30100020S","손료","RENT000000000002",null,"소모자재(박리재 등)","주재료비의 7%","식",1,1208.3,1208.3,0,0,0,0,1208.3,1208.3,null,null,"N","N",7,1]
[null,null,null,null,"[합 계]",null,null,0,0,18470,0,0,0,0,0,18470,null,null,null,null,"",1]
[null,null,null,null,null,null,null,0,0,0,0,0,0,0,0,0,null,null,null,null,"",1]
["ADA30100030S",null,null,null,"합판거푸집 - 인력투입","제물치장 1회, 수직고 7m까지","M2",0,0,0,0,0,0,0,0,0,null,null,null,null,"",1]
["ADA30100030S","노무","L001010101000007",null,"형틀목공","일반공사 직종","인",0.25,0,0,274978,68744.5,0,0,274978,68744.5,null,null,"N","N","",1]
["ADA30100030S","노무","L001010101000002",null,"보통인부","일반공사 직종","인",0.1,0,0,165545,16554.5,0,0,165545,16554.5,null,null,"N","N","",1]
["ADA30100030S","손료","RENT000000000001",null,"공구손료","인력품의 1%","식",1,852.9,852.9,0,0,0,0,852.9,852.9,null,null,"N","N",1,1]
[null,null,null,null,"[합 계]",null,null,0,0,852,0,85299,0,0,0,86151,null,null,null,null,"",1]
[null,null,null,null,null,null,null,0,0,0,0,0,0,0,0,0,null,null,null,null,"",1]
["ADA30100040S",null,null,null,"합판거푸집 - 인력투입","제물치장 2회, 수직고 7m까지","M2",0,0,0,0,0,0,0,0,0,null,null,null,null,"",1]
["ADA30100040S","노무","L001010101000007",null,"형틀목공","일반공사 직종","인",0.25,0,0,274978,68744.5,0,0,274978,68744.5,null,null,"N","N","",1]
["ADA30100040S","노무","L001010101000002",null,"보통인부","일반공사 직종","인",0.1,0,0,165545,16554.5,0,0,165545,16554.5,null,null,"N","N","",1]
["ADA30100040S","손료","RENT000000000001",null,"공구손료","인력품의 1%","식",1,852.9,852.9,0,0,0,0,852.9,852.9,null,null,"N","N",1,1]
[null,null,null,null,"[합 계]",null,null,0,0,852,0,85299,0,0,0,86151,null,null,null,null,"",1]
[null,null,null,null,null,null,null,0,0,0,0,0,0,0,0,0,null,null,null,null,"",1]
["ADA30100050S",null,null,null,"합판거푸집 - 인력투입","매우복잡, 수직고 7m까지","M2",0,0,0,0,0,0,0,0,0,null,null,null,null,"",1]
["ADA30100050S","노무","L001010101000007",null,"형틀목공","일반공사 직종","인",0.2,0,0,274978,54995.6,0,0,274978,54995.6,null,null,"N","N","",1]
["ADA30100050S","노무","L001010101000002",null,"보통인부","일반공사 직종","인",0.08,0,0,165545,13243.6,0,0,165545,13243.6,null,null,"N","N","",1]
["ADA30100050S","손료","RENT000000000001",null,"공구손료","인력품의 1%","식",1,682.3,682.3,0,0,0,0,682.3,682.3,null,null,"N","N",1,1]
[null,null,null,null,"[합 계]",null,null,0,0,682,0,68239,0,0,0,68921,null,null,null,null,"",1]
[null,null,null,null,null,null,null,0,0,0,0,0,0,0,0,0,null,null,null,null,"",1]
["ADA30100070S",null,null,null,"합판거푸집 설치 및 해체","제물치장 1회, 수직고 7m까지","M2",0,0,0,0,0,0,0,0,0,null,null,null,null,"",1]
["ADA30100070S","일위대가","ADA30100010S",null,"합판거푸집 - 자재비","1회","M2",1,32640,32640,0,0,0,0,32640,32640,null,null,"N","N","",1]
["ADA30100070S","일위대가","ADA30100030S",null,"합판거푸집 - 인력투입","제물치장 1회, 수직고 7m까지","M2",1,852,852,85299,85299,0,0,86151,86151,null,null,"N","N","",1]
[null,null,null,null,"[합 계]",null,null,0,0,33492,0,85299,0,0,0,118791,null,null,null,null,"",1]
[null,null,null,null,null,null,null,0,0,0,0,0,0,0,0,0,null,null,null,null,"",1]
["ADA30100080S",null,null,null,"합판거푸집 설치 및 해체","제물치장 2회, 수직고 7m까지","M2",0,0,0,0,0,0,0,0,0,null,null,null,null,"",1]
["ADA30100080S","일위대가","ADA30100020S",null,"합판거푸집 - 자재비","2회","M2",1,18470,18470,0,0,0,0,18470,18470,null,null,"N","N","",1]
["ADA30100080S","일위대가","ADA30100040S",null,"합판거푸집 - 인력투입","제물치장 2회, 수직고 7m까지","M2",1,852,852,85299,85299,0,0,86151,86151,null,null,"N","N","",1]
[null,null,null,null,"[합 계]",null,null,0,0,19322,0,85299,0,0,0,104621,null,null,null,null,"",1]
[null,null,null,null,null,null,null,0,0,0,0,0,0,0,0,0,null,null,null,null,"",1]
["ADA30100090S",null,null,null,"합판거푸집 설치 및 해체","매우복잡 2회, 수직고 7m까지","M2",0,0,0,0,0,0,0,0,0,null,null,null,null,"",1]
["ADA30100090S","일위대가","ADA30100020S",null,"합판거푸집 - 자재비","2회","M2",1,18470,18470,0,0,0,0,18470,18470,null,null,"N","N","",1]
["ADA30100090S","일위대가","ADA30100050S",null,"합판거푸집 - 인력투입","매우복잡, 수직고 7m까지","M2",1,682,682,68239,68239,0,0,68921,68921,null,null,"N","N","",1]
[null,null,null,null,"[합 계]",null,null,0,0,19152,0,68239,0,0,0,87391,null,null,null,null,"",1]
[null,null,null,null,null,null,null,0,0,0,0,0,0,0,0,0,null,null,null,null,"",1]
["ADA30200010S",null,null,null,"합판거푸집 - 인력투입","제물치장 1회, 수직고 7m 초과 10m까지","M2",0,0,0,0,0,0,0,0,0,null,null,null,null,"",1]
["ADA30200010S","노무","L001010101000007",null,"형틀목공","일반공사 직종","인",0.27500000000000002,0,0,274978,75618.899999999994,0,0,274978,75618.899999999994,null,null,"N","N","",1]
["ADA30200010S","노무","L001010101000002",null,"보통인부","일반공사 직종","인",0.11,0,0,165545,18209.900000000001,0,0,165545,18209.900000000001,null,null,"N","N","",1]
["ADA30200010S","손료","RENT000000000001",null,"공구손료","인력품의 1%","식",1,938.2,938.2,0,0,0,0,938.2,938.2,null,null,"N","N",1,1]
[null,null,null,null,"[합 계]",null,null,0,0,938,0,93828,0,0,0,94766,null,null,null,null,"",1]
[null,null,null,null,null,null,null,0,0,0,0,0,0,0,0,0,null,null,null,null,"",1]
["ADA30200020S",null,null,null,"합판거푸집 - 인력투입","제물치장 2회, 수직고 7m 초과 10m까지","M2",0,0,0,0,0,0,0,0,0,null,null,null,null,"",1]
["ADA30200020S","노무","L001010101000007",null,"형틀목공","일반공사 직종","인",0.27500000000000002,0,0,274978,75618.899999999994,0,0,274978,75618.899999999994,null,null,"N","N","",1]
["ADA30200020S","노무","L001010101000002",null,"보통인부","일반공사 직종","인",0.11,0,0,165545,18209.900000000001,0,0,165545,18209.900000000001,null,null,"N","N","",1]
["ADA30200020S","손료","RENT000000000001",null,"공구손료","노무비의 1%","식",1,938.2,938.2,0,0,0,0,938.2,938.2,null,null,"N","N",1,1]
[null,null,null,null,"[합 계]",null,null,0,0,938,0,93828,0,0,0,94766,null,null,null,null,"",1]
[null,null,null,null,null,null,null,0,0,0,0,0,0,0,0,0,null,null,null,null,"",1]
["ADA30200030S",null,null,null,"합판거푸집 - 인력투입","매우복잡, 수직고 7m 초과 10m까지","M2",0,0,0,0,0,0,0,0,0,null,null,null,null,"",1]
["ADA30200030S","노무","L001010101000007",null,"형틀목공","일반공사 직종","인",0.22,0,0,274978,60495.1,0,0,274978,60495.1,null,null,"N","N","",1]
["ADA30200030S","노무","L001010101000002",null,"보통인부","일반공사 직종","인",8.7999999999999995E-2,0,0,165545,14567.9,0,0,165545,14567.9,null,null,"N","N","",1]
["ADA30200030S","손료","RENT000000000001",null,"공구손료","인력품의 1%","식",1,750.6,750.6,0,0,0,0,750.6,750.6,null,null,"N","N",1,1]
[null,null,null,null,"[합 계]",null,null,0,0,750,0,75063,0,0,0,75813,null,null,null,null,"",1]
[null,null,null,null,null,null,null,0,0,0,0,0,0,0,0,0,null,null,null,null,"",1]
["ADA30200050S",null,null,null,"합판거푸집 설치 및 해체","제물치장 1회, 수직고 7m 초과 10m까지","M2",0,0,0,0,0,0,0,0,0,null,null,null,null,"",1]
["ADA30200050S","일위대가","ADA30100010S",null,"합판거푸집 - 자재비","1회","M2",1,32640,32640,0,0,0,0,32640,32640,null,null,"N","N","",1]
["ADA30200050S","일위대가","ADA30200010S",null,"합판거푸집 - 인력투입","제물치장 1회, 수직고 7m 초과 10m까지","M2",1,938,938,93828,93828,0,0,94766,94766,null,null,"N","N","",1]
[null,null,null,null,"[합 계]",null,null,0,0,33578,0,93828,0,0,0,127406,null,null,null,null,"",1]
[null,null,null,null,null,null,null,0,0,0,0,0,0,0,0,0,null,null,null,null,"",1]
["ADA30200060S",null,null,null,"합판거푸집 설치 및 해체","제물치장 2회, 수직고 7m 초과 10m까지","M2",0,0,0,0,0,0,0,0,0,null,null,null,null,"",1]
["ADA30200060S","일위대가","ADA30100020S",null,"합판거푸집 - 자재비","2회","M2",1,18470,18470,0,0,0,0,18470,18470,null,null,"N","N","",1]
["ADA30200060S","일위대가","ADA30200020S",null,"합판거푸집 - 인력투입","제물치장 2회, 수직고 7m 초과 10m까지","M2",1,938,938,93828,93828,0,0,94766,94766,null,null,"N","N","",1]
[null,null,null,null,"[합 계]",null,null,0,0,19408,0,93828,0,0,0,113236,null,null,null,null,"",1]
[null,null,null,null,null,null,null,0,0,0,0,0,0,0,0,0,null,null,null,null,"",1]
["ADA30200070S",null,null,null,"합판거푸집 설치 및 해체","매우복잡 2회, 수직고 7m 초과 10m까지","M2",0,0,0,0,0,0,0,0,0,null,null,null,null,"",1]
["ADA30200070S","일위대가","ADA30100020S",null,"합판거푸집 - 자재비","2회","M2",1,18470,18470,0,0,0,0,18470,18470,null,null,"N","N","",1]
["ADA30200070S","일위대가","ADA30200030S",null,"합판거푸집 - 인력투입","매우복잡, 수직고 7m 초과 10m까지","M2",1,750,750,75063,75063,0,0,75813,75813,null,null,"N","N","",1]
[null,null,null,null,"[합 계]",null,null,0,0,19220,0,75063,0,0,0,94283,null,null,null,null,"",1]
[null,null,null,null,null,null,null,0,0,0,0,0,0,0,0,0,null,null,null,null,"",1]
["ADA31000010S",null,null,null,"합판거푸집 - 인력투입","제물치장 1회, 슬래브(경사도 20˚미만)","M2",0,0,0,0,0,0,0,0,0,null,null,null,null,"",1]
["ADA31000010S","노무","L001010101000007",null,"형틀목공","일반공사 직종","인",0.30099999999999999,0,0,274978,82768.3,0,0,274978,82768.3,null,null,"N","N","",1]
["ADA31000010S","노무","L001010101000002",null,"보통인부","일반공사 직종","인",0.12,0,0,165545,19865.400000000001,0,0,165545,19865.400000000001,null,null,"N","N","",1]
["ADA31000010S","손료","RENT000000000001",null,"공구손료","인력품의 1%","식",1,1026.3,1026.3,0,0,0,0,1026.3,1026.3,null,null,"N","N",1,1]
[null,null,null,null,"[합 계]",null,null,0,0,1026,0,102633,0,0,0,103659,null,null,null,null,"",1]
[null,null,null,null,null,null,null,0,0,0,0,0,0,0,0,0,null,null,null,null,"",1]
["ADA31000020S",null,null,null,"합판거푸집 - 인력투입","제물치장 2회, 슬래브(경사도 20˚미만)","M2",0,0,0,0,0,0,0,0,0,null,null,null,null,"",1]
["ADA31000020S","노무","L001010101000007",null,"형틀목공","일반공사 직종","인",0.30099999999999999,0,0,274978,82768.3,0,0,274978,82768.3,null,null,"N","N","",1]
["ADA31000020S","노무","L001010101000002",null,"보통인부","일반공사 직종","인",0.12,0,0,165545,19865.400000000001,0,0,165545,19865.400000000001,null,null,"N","N","",1]
["ADA31000020S","손료","RENT000000000001",null,"공구손료","노무비의 1%","식",1,1026.3,1026.3,0,0,0,0,1026.3,1026.3,null,null,"N","N",1,1]
[null,null,null,null,"[합 계]",null,null,0,0,1026,0,102633,0,0,0,103659,null,null,null,null,"",1]
[null,null,null,null,null,null,null,0,0,0,0,0,0,0,0,0,null,null,null,null,"",1]
["ADA31000030S",null,null,null,"합판거푸집 - 인력투입","매우복잡, 슬래브(경사도 20˚미만)","M2",0,0,0,0,0,0,0,0,0,null,null,null,null,"",1]
["ADA31000030S","노무","L001010101000007",null,"형틀목공","일반공사 직종","인",0.24099999999999999,0,0,274978,66269.600000000006,0,0,274978,66269.600000000006,null,null,"N","N","",1]
["ADA31000030S","노무","L001010101000002",null,"보통인부","일반공사 직종","인",9.6000000000000002E-2,0,0,165545,15892.3,0,0,165545,15892.3,null,null,"N","N","",1]
["ADA31000030S","손료","RENT000000000001",null,"공구손료","인력품의 1%","식",1,821.6,821.6,0,0,0,0,821.6,821.6,null,null,"N","N",1,1]
[null,null,null,null,"[합 계]",null,null,0,0,821,0,82161,0,0,0,82982,null,null,null,null,"",1]
[null,null,null,null,null,null,null,0,0,0,0,0,0,0,0,0,null,null,null,null,"",1]
["ADA31000050S",null,null,null,"합판거푸집 설치 및 해체","제물치장 1회, 슬래브(경사도 20˚미만)","M2",0,0,0,0,0,0,0,0,0,null,null,null,null,"",1]
["ADA31000050S","일위대가","ADA30100010S",null,"합판거푸집 - 자재비","1회","M2",1,32640,32640,0,0,0,0,32640,32640,null,null,"N","N","",1]
["ADA31000050S","일위대가","ADA31000010S",null,"합판거푸집 - 인력투입","제물치장 1회, 슬래브(경사도 20˚미만)","M2",1,1026,1026,102633,102633,0,0,103659,103659,null,null,"N","N","",1]
[null,null,null,null,"[합 계]",null,null,0,0,33666,0,102633,0,0,0,136299,null,null,null,null,"",1]
[null,null,null,null,null,null,null,0,0,0,0,0,0,0,0,0,null,null,null,null,"",1]
["ADA31000060S",null,null,null,"합판거푸집 설치 및 해체","제물치장 2회, 슬래브(경사도 20˚미만)","M2",0,0,0,0,0,0,0,0,0,null,null,null,null,"",1]
["ADA31000060S","일위대가","ADA30100020S",null,"합판거푸집 - 자재비","2회","M2",1,18470,18470,0,0,0,0,18470,18470,null,null,"N","N","",1]
["ADA31000060S","일위대가","ADA31000020S",null,"합판거푸집 - 인력투입","제물치장 2회, 슬래브(경사도 20˚미만)","M2",1,1026,1026,102633,102633,0,0,103659,103659,null,null,"N","N","",1]
[null,null,null,null,"[합 계]",null,null,0,0,19496,0,102633,0,0,0,122129,null,null,null,null,"",1]
[null,null,null,null,null,null,null,0,0,0,0,0,0,0,0,0,null,null,null,null,"",1]
["ADA31000070S",null,null,null,"합판거푸집 설치 및 해체","매우복잡 2회, 슬래브(경사도 20˚미만)","M2",0,0,0,0,0,0,0,0,0,null,null,null,null,"",1]
["ADA31000070S","일위대가","ADA30100020S",null,"합판거푸집 - 자재비","2회","M2",1,18470,18470,0,0,0,0,18470,18470,null,null,"N","N","",1]
["ADA31000070S","일위대가","ADA31000030S",null,"합판거푸집 - 인력투입","매우복잡, 슬래브(경사도 20˚미만)","M2",1,821,821,82161,82161,0,0,82982,82982,null,null,"N","N","",1]
[null,null,null,null,"[합 계]",null,null,0,0,19291,0,82161,0,0,0,101452,null,null,null,null,"",1]
[null,null,null,null,null,null,null,0,0,0,0,0,0,0,0,0,null,null,null,null,"",1]
["ADA40100020S",null,null,null,"유로폼 - 인력투입","복잡, 수직고 7m까지","M2",0,0,0,0,0,0,0,0,0,null,null,null,null,"",1]
["ADA40100020S","노무","L001010101000007",null,"형틀목공","일반공사 직종","인",0.16,0,0,274978,43996.4,0,0,274978,43996.4,null,null,"N","N","",1]
["ADA40100020S","노무","L001010101000002",null,"보통인부","일반공사 직종","인",0.04,0,0,165545,6621.8,0,0,165545,6621.8,null,null,"N","N","",1]
["ADA40100020S","손료","RENT000000000001",null,"공구손료","인력품의 3%","식",1,1518.5,1518.5,0,0,0,0,1518.5,1518.5,null,null,"N","N",3,1]
[null,null,null,null,"[합 계]",null,null,0,0,1518,0,50618,0,0,0,52136,null,null,null,null,"",1]
[null,null,null,null,null,null,null,0,0,0,0,0,0,0,0,0,null,null,null,null,"",1]
["ADA40100021S",null,null,null,"유로폼 - 인력투입",null,"일",0,0,0,0,0,0,0,0,0,null,null,null,null,"",1]
["ADA40100021S","노무","L001010101000007",null,"형틀목공","일반공사 직종","인",4,0,0,274978,1099912,0,0,274978,1099912,null,null,"N","N","",1]
["ADA40100021S","노무","L001010101000002",null,"보통인부","일반공사 직종","인",1,0,0,165545,165545,0,0,165545,165545,null,null,"N","N","",1]
["ADA40100021S","손료","RENT000000000001",null,"공구손료","노무비의 3%","식",1,37963.699999999997,37963.699999999997,0,0,0,0,37963.699999999997,37963.699999999997,null,null,"N","N",3,1]
[null,null,null,null,"[합 계]",null,null,0,0,37963,0,1265457,0,0,0,1303420,null,null,null,null,"",1]
[null,null,null,null,null,null,null,0,0,0,0,0,0,0,0,0,null,null,null,null,"",1]
["ADA40100030S",null,null,null,"유로폼 - 인력투입","보통, 수직고 7m까지","M2",0,0,0,0,0,0,0,0,0,null,null,null,null,"",1]
["ADA40100030S","노무","L001010101000007",null,"형틀목공","일반공사 직종","인",0.114,0,0,274978,31347.4,0,0,274978,31347.4,null,null,"N","N","",1]
["ADA40100030S","노무","L001010101000002",null,"보통인부","일반공사 직종","인",2.9000000000000001E-2,0,0,165545,4800.8,0,0,165545,4800.8,null,null,"N","N","",1]
["ADA40100030S","손료","RENT000000000001",null,"공구손료","인력품의 3%","식",1,1084.4000000000001,1084.4000000000001,0,0,0,0,1084.4000000000001,1084.4000000000001,null,null,"N","N",3,1]
[null,null,null,null,"[합 계]",null,null,0,0,1084,0,36148,0,0,0,37232,null,null,null,null,"",1]
[null,null,null,null,null,null,null,0,0,0,0,0,0,0,0,0,null,null,null,null,"",1]
["ADA40100040S",null,null,null,"유로폼 - 인력투입","간단, 수직고 7m까지","M2",0,0,0,0,0,0,0,0,0,null,null,null,null,"",1]
["ADA40100040S","노무","L001010101000007",null,"형틀목공","일반공사 직종","인",0.1,0,0,274978,27497.8,0,0,274978,27497.8,null,null,"N","N","",1]
["ADA40100040S","노무","L001010101000002",null,"보통인부","일반공사 직종","인",2.5000000000000001E-2,0,0,165545,4138.6000000000004,0,0,165545,4138.6000000000004,null,null,"N","N","",1]
["ADA40100040S","손료","RENT000000000001",null,"공구손료","인력품의 3%","식",1,949,949,0,0,0,0,949,949,null,null,"N","N",3,1]
[null,null,null,null,"[합 계]",null,null,0,0,949,0,31636,0,0,0,32585,null,null,null,null,"",1]
[null,null,null,null,null,null,null,0,0,0,0,0,0,0,0,0,null,null,null,null,"",1]
["ADA40100050S",null,null,null,"유로폼 설치 및 해체","복잡, 수직고 7m까지","M2",0,0,0,0,0,0,0,0,0,null,null,null,null,"",1]
["ADA40100050S","일위대가","ADA40100020S",null,"유로폼 - 인력투입","복잡, 수직고 7m까지","M2",1,1518,1518,50618,50618,0,0,52136,52136,null,null,"N","N","",1]
["ADA40100050S","일위대가","ADA40100100S",null,"유로폼 - 자재비","복잡","10M2",0.1,51217,5121.7,0,0,0,0,51217,5121.7,null,null,"N","N","",1]
[null,null,null,null,"[합 계]",null,null,0,0,6639,0,50618,0,0,0,57257,null,null,null,null,"",1]
[null,null,null,null,null,null,null,0,0,0,0,0,0,0,0,0,null,null,null,null,"",1]
["ADA40100060S",null,null,null,"유로폼 설치 및 해체","보통, 수직고 7m까지","M2",0,0,0,0,0,0,0,0,0,null,null,null,null,"",1]
["ADA40100060S","일위대가","ADA40100030S",null,"유로폼 - 인력투입","보통, 수직고 7m까지","M2",1,1084,1084,36148,36148,0,0,37232,37232,null,null,"N","N","",1]
["ADA40100060S","일위대가","ADA40100090S",null,"유로폼 - 자재비","보통","10M2",0.1,43701,4370.1000000000004,0,0,0,0,43701,4370.1000000000004,null,null,"N","N","",1]
[null,null,null,null,"[합 계]",null,null,0,0,5454,0,36148,0,0,0,41602,null,null,null,null,"",1]
[null,null,null,null,null,null,null,0,0,0,0,0,0,0,0,0,null,null,null,null,"",1]
["ADA40100070S",null,null,null,"유로폼 설치 및 해체","간단, 수직고 7m까지","M2",0,0,0,0,0,0,0,0,0,null,null,null,null,"",1]
["ADA40100070S","일위대가","ADA40100040S",null,"유로폼 - 인력투입","간단, 수직고 7m까지","M2",1,949,949,31636,31636,0,0,32585,32585,null,null,"N","N","",1]
["ADA40100070S","일위대가","ADA40100080S",null,"유로폼 - 자재비","간단","10M2",0.1,35907,3590.7,0,0,0,0,35907,3590.7,null,null,"N","N","",1]
[null,null,null,null,"[합 계]",null,null,0,0,4539,0,31636,0,0,0,36175,null,null,null,null,"",1]
[null,null,null,null,null,null,null,0,0,0,0,0,0,0,0,0,null,null,null,null,"",1]
["ADA40100080S",null,null,null,"유로폼 - 자재비","간단","10M2",0,0,0,0,0,0,0,0,0,null,null,null,null,"",1]
["ADA40100080S","자재","3019999420140323",null,"건설용거푸집","건설용거푸집, 강, 600×1200×63.5mm","매",0.89,30493,27138.7,0,0,0,0,30493,27138.7,null,null,"N","N","",1]
["ADA40100080S","자재","3019999420140365",null,"건설용거푸집","건설용거푸집, 내벽코너패널, 200+200, 1200mm","매",0.03,23232,696.9,0,0,0,0,23232,696.9,null,null,"N","N","",1]
["ADA40100080S","손료","RENT000000000001",null,"부자재","재료비의 24%","식",1,6680.5,6680.5,0,0,0,0,6680.5,6680.5,null,null,"N","N",24,1]
["ADA40100080S","손료","RENT000000000002",null,"소모자재","재료비의 5%","식",1,1391.7,1391.7,0,0,0,0,1391.7,1391.7,null,null,"N","N",5,1]
[null,null,null,null,"[합 계]",null,null,0,0,35907,0,0,0,0,0,35907,null,null,null,null,"",1]
[null,null,null,null,null,null,null,0,0,0,0,0,0,0,0,0,null,null,null,null,"",1]
["ADA40100090S",null,null,null,"유로폼 - 자재비","보통","10M2",0,0,0,0,0,0,0,0,0,null,null,null,null,"",1]
["ADA40100090S","자재","3019999420140323",null,"건설용거푸집","건설용거푸집, 강, 600×1200×63.5mm","매",0.89,30493,27138.7,0,0,0,0,30493,27138.7,null,null,"N","N","",1]
["ADA40100090S","자재","3019999420140365",null,"건설용거푸집","건설용거푸집, 내벽코너패널, 200+200, 1200mm","매",0.03,23232,696.9,0,0,0,0,23232,696.9,null,null,"N","N","",1]
["ADA40100090S","손료","RENT000000000001",null,"부자재","재료비의 52%","식",1,14474.5,14474.5,0,0,0,0,14474.5,14474.5,null,null,"N","N",52,1]
["ADA40100090S","손료","RENT000000000002",null,"소모자재","재료비의 5%","식",1,1391.7,1391.7,0,0,0,0,1391.7,1391.7,null,null,"N","N",5,1]
[null,null,null,null,"[합 계]",null,null,0,0,43701,0,0,0,0,0,43701,null,null,null,null,"",1]
[null,null,null,null,null,null,null,0,0,0,0,0,0,0,0,0,null,null,null,null,"",1]
["ADA40100100S",null,null,null,"유로폼 - 자재비","복잡","10M2",0,0,0,0,0,0,0,0,0,null,null,null,null,"",1]
["ADA40100100S","자재","3019999420140323",null,"건설용거푸집","건설용거푸집, 강, 600×1200×63.5mm","매",0.89,30493,27138.7,0,0,0,0,30493,27138.7,null,null,"N","N","",1]
["ADA40100100S","자재","3019999420140365",null,"건설용거푸집","건설용거푸집, 내벽코너패널, 200+200, 1200mm","매",0.03,23232,696.9,0,0,0,0,23232,696.9,null,null,"N","N","",1]
["ADA40100100S","손료","RENT000000000001",null,"부자재","재료비의 79%","식",1,21990.1,21990.1,0,0,0,0,21990.1,21990.1,null,null,"N","N",79,1]
["ADA40100100S","손료","RENT000000000002",null,"소모자재","재료비의 5%","식",1,1391.7,1391.7,0,0,0,0,1391.7,1391.7,null,null,"N","N",5,1]
[null,null,null,null,"[합 계]",null,null,0,0,51217,0,0,0,0,0,51217,null,null,null,null,"",1]
[null,null,null,null,null,null,null,0,0,0,0,0,0,0,0,0,null,null,null,null,"",1]
["ADA40200010S",null,null,null,"유로폼 - 인력투입","복잡, 수직고 7m 초과 10m까지","M2",0,0,0,0,0,0,0,0,0,null,null,null,null,"",1]
["ADA40200010S","노무","L001010101000007",null,"형틀목공","일반공사 직종","인",0.17599999999999999,0,0,274978,48396.1,0,0,274978,48396.1,null,null,"N","N","",1]
["ADA40200010S","노무","L001010101000002",null,"보통인부","일반공사 직종","인",4.3999999999999997E-2,0,0,165545,7283.9,0,0,165545,7283.9,null,null,"N","N","",1]
["ADA40200010S","손료","RENT000000000001",null,"공구손료","인력품의 3%","식",1,1670.4,1670.4,0,0,0,0,1670.4,1670.4,null,null,"N","N",3,1]
[null,null,null,null,"[합 계]",null,null,0,0,1670,0,55680,0,0,0,57350,null,null,null,null,"",1]
[null,null,null,null,null,null,null,0,0,0,0,0,0,0,0,0,null,null,null,null,"",1]
["ADA40200020S",null,null,null,"유로폼 - 인력투입","보통, 수직고 7m 초과 10m까지","M2",0,0,0,0,0,0,0,0,0,null,null,null,null,"",1]
["ADA40200020S","노무","L001010101000007",null,"형틀목공","일반공사 직종","인",0.126,0,0,274978,34647.199999999997,0,0,274978,34647.199999999997,null,null,"N","N","",1]
["ADA40200020S","노무","L001010101000002",null,"보통인부","일반공사 직종","인",3.1E-2,0,0,165545,5131.8,0,0,165545,5131.8,null,null,"N","N","",1]
["ADA40200020S","손료","RENT000000000001",null,"공구손료","인력품의 3%","식",1,1193.3,1193.3,0,0,0,0,1193.3,1193.3,null,null,"N","N",3,1]
[null,null,null,null,"[합 계]",null,null,0,0,1193,0,39779,0,0,0,40972,null,null,null,null,"",1]
[null,null,null,null,null,null,null,0,0,0,0,0,0,0,0,0,null,null,null,null,"",1]
["ADA40200030S",null,null,null,"유로폼 - 인력투입","간단, 수직고 7m 초과 10m까지","M2",0,0,0,0,0,0,0,0,0,null,null,null,null,"",1]
["ADA40200030S","노무","L001010101000007",null,"형틀목공","일반공사 직종","인",0.11,0,0,274978,30247.5,0,0,274978,30247.5,null,null,"N","N","",1]
["ADA40200030S","노무","L001010101000002",null,"보통인부","일반공사 직종","인",2.7E-2,0,0,165545,4469.7,0,0,165545,4469.7,null,null,"N","N","",1]
["ADA40200030S","손료","RENT000000000001",null,"공구손료","인력품의 3%","식",1,1041.5,1041.5,0,0,0,0,1041.5,1041.5,null,null,"N","N",3,1]
[null,null,null,null,"[합 계]",null,null,0,0,1041,0,34717,0,0,0,35758,null,null,null,null,"",1]
[null,null,null,null,null,null,null,0,0,0,0,0,0,0,0,0,null,null,null,null,"",1]
["ADA40200040S",null,null,null,"유로폼 설치 및 해체","복잡, 수직고 7m 초과 10m까지","M2",0,0,0,0,0,0,0,0,0,null,null,null,null,"",1]
["ADA40200040S","일위대가","ADA40200010S",null,"유로폼 - 인력투입","복잡, 수직고 7m 초과 10m까지","M2",1,1670,1670,55680,55680,0,0,57350,57350,null,null,"N","N","",1]
["ADA40200040S","일위대가","ADA40100100S",null,"유로폼 - 자재비","복잡","10M2",0.1,51217,5121.7,0,0,0,0,51217,5121.7,null,null,"N","N","",1]
[null,null,null,null,"[합 계]",null,null,0,0,6791,0,55680,0,0,0,62471,null,null,null,null,"",1]
[null,null,null,null,null,null,null,0,0,0,0,0,0,0,0,0,null,null,null,null,"",1]
["ADA40200050S",null,null,null,"유로폼 설치 및 해체","보통, 수직고 7m 초과 10m까지","M2",0,0,0,0,0,0,0,0,0,null,null,null,null,"",1]
["ADA40200050S","일위대가","ADA40200020S",null,"유로폼 - 인력투입","보통, 수직고 7m 초과 10m까지","M2",1,1193,1193,39779,39779,0,0,40972,40972,null,null,"N","N","",1]
["ADA40200050S","일위대가","ADA40100090S",null,"유로폼 - 자재비","보통","10M2",0.1,43701,4370.1000000000004,0,0,0,0,43701,4370.1000000000004,null,null,"N","N","",1]
[null,null,null,null,"[합 계]",null,null,0,0,5563,0,39779,0,0,0,45342,null,null,null,null,"",1]
[null,null,null,null,null,null,null,0,0,0,0,0,0,0,0,0,null,null,null,null,"",1]
["ADA40200060S",null,null,null,"유로폼 설치 및 해체","간단, 수직고 7m 초과 10m까지","M2",0,0,0,0,0,0,0,0,0,null,null,null,null,"",1]
["ADA40200060S","일위대가","ADA40200030S",null,"유로폼 - 인력투입","간단, 수직고 7m 초과 10m까지","M2",1,1041,1041,34717,34717,0,0,35758,35758,null,null,"N","N","",1]
["ADA40200060S","일위대가","ADA40100080S",null,"유로폼 - 자재비","간단","10M2",0.1,35907,3590.7,0,0,0,0,35907,3590.7,null,null,"N","N","",1]
[null,null,null,null,"[합 계]",null,null,0,0,4631,0,34717,0,0,0,39348,null,null,null,null,"",1]
[null,null,null,null,null,null,null,0,0,0,0,0,0,0,0,0,null,null,null,null,"",1]
["ADA40400010S",null,null,null,"알루미늄폼 설치 및 해체","셋팅층","㎡",0,0,0,0,0,0,0,0,0,null,null,null,null,"",1]
["ADA40400010S","노무","L001010101000007",null,"형틀목공","일반공사 직종","인",0.13300000000000001,0,0,274978,36572,0,0,274978,36572,null,null,"N","N","",1]
["ADA40400010S","노무","L001010101000002",null,"보통인부","일반공사 직종","인",3.3000000000000002E-2,0,0,165545,5462.9,0,0,165545,5462.9,null,null,"N","N","",1]
[null,null,null,null,"[합 계]",null,null,0,0,0,0,42034,0,0,0,42034,null,null,null,null,"",1]
[null,null,null,null,null,null,null,0,0,0,0,0,0,0,0,0,null,null,null,null,"",1]
["ADA40400011S",null,null,null,"알루미늄폼 설치 및 해체",null,"일",0,0,0,0,0,0,0,0,0,null,null,null,null,"",1]
["ADA40400011S","노무","L001010101000007",null,"형틀목공","일반공사 직종","인",4,0,0,274978,1099912,0,0,274978,1099912,null,null,"N","N","",1]
["ADA40400011S","노무","L001010101000002",null,"보통인부","일반공사 직종","인",1,0,0,165545,165545,0,0,165545,165545,null,null,"N","N","",1]
[null,null,null,null,"[합 계]",null,null,0,0,0,0,1265457,0,0,0,1265457,null,null,null,null,"",1]
[null,null,null,null,null,null,null,0,0,0,0,0,0,0,0,0,null,null,null,null,"",1]
["ADA40400020S",null,null,null,"알루미늄폼 설치 및 해체","마감층","㎡",0,0,0,0,0,0,0,0,0,null,null,null,null,"",1]
["ADA40400020S","노무","L001010101000007",null,"형틀목공","일반공사 직종","인",0.1,0,0,274978,27497.8,0,0,274978,27497.8,null,null,"N","N","",1]
["ADA40400020S","노무","L001010101000002",null,"보통인부","일반공사 직종","인",2.5000000000000001E-2,0,0,165545,4138.6000000000004,0,0,165545,4138.6000000000004,null,null,"N","N","",1]
[null,null,null,null,"[합 계]",null,null,0,0,0,0,31636,0,0,0,31636,null,null,null,null,"",1]
[null,null,null,null,null,null,null,0,0,0,0,0,0,0,0,0,null,null,null,null,"",1]
["ADA40400030S",null,null,null,"알루미늄폼 설치 및 해체","일반층","㎡",0,0,0,0,0,0,0,0,0,null,null,null,null,"",1]
["ADA40400030S","노무","L001010101000007",null,"형틀목공","일반공사 직종","인",5.7000000000000002E-2,0,0,274978,15673.7,0,0,274978,15673.7,null,null,"N","N","",1]
["ADA40400030S","노무","L001010101000002",null,"보통인부","일반공사 직종","인",1.4E-2,0,0,165545,2317.6,0,0,165545,2317.6,null,null,"N","N","",1]
[null,null,null,null,"[합 계]",null,null,0,0,0,0,17991,0,0,0,17991,null,null,null,null,"",1]
[null,null,null,null,null,null,null,0,0,0,0,0,0,0,0,0,null,null,null,null,"",1]
["ADA46000010S",null,null,null,"갱폼 설치 및 해체","셋팅층","㎡",0,0,0,0,0,0,0,0,0,null,null,null,null,"",1]
["ADA46000010S","노무","L001010101000007",null,"형틀목공","일반공사 직종","인",0.125,0,0,274978,34372.199999999997,0,0,274978,34372.199999999997,null,null,"N","N","",1]
["ADA46000010S","노무","L001010101000002",null,"보통인부","일반공사 직종","인",2.5000000000000001E-2,0,0,165545,4138.6000000000004,0,0,165545,4138.6000000000004,null,null,"N","N","",1]
["ADA46000010S","손료","RENT000000000001",null,"공구손료","인력품의 2%","식",1,770.2,770.2,0,0,0,0,770.2,770.2,null,null,"N","N",2,1]
["ADA46000010S","기계경비","00002104005000000",null,"크레인(타이어)","50ton","HR",0.2,19970,3994,55700,11140,86876,17375.2,162546,32509.200000000001,null,null,"N","N","",1]
[null,null,null,null,"[합 계]",null,null,0,0,4764,0,49650,0,17375,0,71789,null,null,null,null,"",1]
[null,null,null,null,null,null,null,0,0,0,0,0,0,0,0,0,null,null,null,null,"",1]
["ADA46000011S",null,null,null,"갱폼 설치 및 해체",null,"일",0,0,0,0,0,0,0,0,0,null,null,null,null,"",1]
["ADA46000011S","노무","L001010101000007",null,"형틀목공","일반공사 직종","인",5,0,0,274978,1374890,0,0,274978,1374890,null,null,"N","N","",1]
["ADA46000011S","노무","L001010101000002",null,"보통인부","일반공사 직종","인",1,0,0,165545,165545,0,0,165545,165545,null,null,"N","N","",1]
["ADA46000011S","손료","RENT000000000001",null,"공구손료","노무비의 2%","식",1,30808.7,30808.7,0,0,0,0,30808.7,30808.7,null,null,"N","N",2,1]
[null,null,null,null,"[합 계]",null,null,0,0,30808,0,1540435,0,0,0,1571243,null,null,null,null,"",1]
[null,null,null,null,null,null,null,0,0,0,0,0,0,0,0,0,null,null,null,null,"",1]
["ADA46000020S",null,null,null,"갱폼 설치 및 해체","마감층","㎡",0,0,0,0,0,0,0,0,0,null,null,null,null,"",1]
["ADA46000020S","노무","L001010101000007",null,"형틀목공","일반공사 직종","인",0.1,0,0,274978,27497.8,0,0,274978,27497.8,null,null,"N","N","",1]
["ADA46000020S","노무","L001010101000002",null,"보통인부","일반공사 직종","인",0.02,0,0,165545,3310.9,0,0,165545,3310.9,null,null,"N","N","",1]
["ADA46000020S","손료","RENT000000000001",null,"공구손료","인력품의 2%","식",1,616.1,616.1,0,0,0,0,616.1,616.1,null,null,"N","N",2,1]
[null,null,null,null,"[합 계]",null,null,0,0,616,0,30808,0,0,0,31424,null,null,null,null,"",1]
[null,null,null,null,null,null,null,0,0,0,0,0,0,0,0,0,null,null,null,null,"",1]
["ADA46000030S",null,null,null,"갱폼 설치 및 해체","일반층","㎡",0,0,0,0,0,0,0,0,0,null,null,null,null,"",1]
["ADA46000030S","노무","L001010101000007",null,"형틀목공","일반공사 직종","인",5.6000000000000001E-2,0,0,274978,15398.7,0,0,274978,15398.7,null,null,"N","N","",1]
["ADA46000030S","노무","L001010101000002",null,"보통인부","일반공사 직종","인",1.0999999999999999E-2,0,0,165545,1820.9,0,0,165545,1820.9,null,null,"N","N","",1]
["ADA46000030S","손료","RENT000000000001",null,"공구손료","인력품의 2%","식",1,344.3,344.3,0,0,0,0,344.3,344.3,null,null,"N","N",2,1]
[null,null,null,null,"[합 계]",null,null,0,0,344,0,17219,0,0,0,17563,null,null,null,null,"",1]
[null,null,null,null,null,null,null,0,0,0,0,0,0,0,0,0,null,null,null,null,"",1]
["ADB00000090S",null,null,null,"철근 현장가공","Type-Ⅰ","TON",0,0,0,0,0,0,0,0,0,null,null,null,null,"",1]
["ADB00000090S","노무","L001010101000008",null,"철근공","일반공사 직종","인",0.67,0,0,260137,174291.7,0,0,260137,174291.7,null,null,"N","N","",1]
["ADB00000090S","노무","L001010101000002",null,"보통인부","일반공사 직종","인",0.22,0,0,165545,36419.9,0,0,165545,36419.9,null,null,"N","N","",1]
["ADB00000090S","손료","RENT000000000001",null,"기구손료","노무비의 9%","식",1,18964,18964,0,0,0,0,18964,18964,null,null,"N","N",9,1]
[null,null,null,null,"[합 계]",null,null,0,0,18964,0,210711,0,0,0,229675,null,null,null,null,"",1]
[null,null,null,null,null,null,null,0,0,0,0,0,0,0,0,0,null,null,null,null,"",1]
["ADB00000091S",null,null,null,"철근 현장가공",null,"일",0,0,0,0,0,0,0,0,0,null,null,null,null,"",1]
["ADB00000091S","노무","L001010101000008",null,"철근공","일반공사 직종","인",3,0,0,260137,780411,0,0,260137,780411,null,null,"N","N","",1]
["ADB00000091S","노무","L001010101000002",null,"보통인부","일반공사 직종","인",1,0,0,165545,165545,0,0,165545,165545,null,null,"N","N","",1]
["ADB00000091S","손료","RENT000000000001",null,"기구손료","노무비의 9%","식",1,85136,85136,0,0,0,0,85136,85136,null,null,"N","N",9,1]
[null,null,null,null,"[합 계]",null,null,0,0,85136,0,945956,0,0,0,1031092,null,null,null,null,"",1]
[null,null,null,null,null,null,null,0,0,0,0,0,0,0,0,0,null,null,null,null,"",1]
["ADB00000100S",null,null,null,"철근 현장가공","Type-Ⅱ","TON",0,0,0,0,0,0,0,0,0,null,null,null,null,"",1]
["ADB00000100S","노무","L001010101000008",null,"철근공","일반공사 직종","인",0.75,0,0,260137,195102.7,0,0,260137,195102.7,null,null,"N","N","",1]
["ADB00000100S","노무","L001010101000002",null,"보통인부","일반공사 직종","인",0.25,0,0,165545,41386.199999999997,0,0,165545,41386.199999999997,null,null,"N","N","",1]
["ADB00000100S","손료","RENT000000000001",null,"기구손료","노무비의 9%","식",1,21284,21284,0,0,0,0,21284,21284,null,null,"N","N",9,1]
[null,null,null,null,"[합 계]",null,null,0,0,21284,0,236488,0,0,0,257772,null,null,null,null,"",1]
[null,null,null,null,null,null,null,0,0,0,0,0,0,0,0,0,null,null,null,null,"",1]
["ADB00000120S",null,null,null,"철근 현장조립","건축 Type-Ⅰ","ton",0,0,0,0,0,0,0,0,0,null,null,null,null,"",1]
["ADB00000120S","노무","L001010101000008",null,"철근공","일반공사 직종","인",1.76,0,0,260137,457841.1,0,0,260137,457841.1,null,null,"N","N","",1]
["ADB00000120S","노무","L001010101000002",null,"보통인부","일반공사 직종","인",0.59,0,0,165545,97671.5,0,0,165545,97671.5,null,null,"N","N","",1]
["ADB00000120S","손료","RENT000000000001",null,"기구손료","노무비의 2%","식",1,11110.2,11110.2,0,0,0,0,11110.2,11110.2,null,null,"N","N",2,1]
["ADB00000120S","자재","3115999620286057",null,"철선","철선, 어닐링, Φ0.9mm","kg",6.5,1657,10770.5,0,0,0,0,1657,10770.5,null,null,"N","N","",1]
[null,null,null,null,"[합 계]",null,null,0,0,21880,0,555512,0,0,0,577392,null,null,null,null,"",1]
[null,null,null,null,null,null,null,0,0,0,0,0,0,0,0,0,null,null,null,null,"",1]
["ADB00000121S",null,null,null,"철근 현장조립","건축 Type-Ⅰ","일",0,0,0,0,0,0,0,0,0,null,null,null,null,"",1]
["ADB00000121S","노무","L001010101000008",null,"철근공","일반공사 직종","인",6,0,0,260137,1560822,0,0,260137,1560822,null,null,"N","N","",1]
["ADB00000121S","노무","L001010101000002",null,"보통인부","일반공사 직종","인",2,0,0,165545,331090,0,0,165545,331090,null,null,"N","N","",1]
["ADB00000121S","손료","RENT000000000001",null,"기구손료","노무비의 2%","식",1,37838.199999999997,37838.199999999997,0,0,0,0,37838.199999999997,37838.199999999997,null,null,"N","N",2,1]
["ADB00000121S","자재","3115999620286057",null,"철선","철선, 어닐링, Φ0.9mm","kg",22.75,1657,37696.699999999997,0,0,0,0,1657,37696.699999999997,null,null,"N","N","",1]
[null,null,null,null,"[합 계]",null,null,0,0,75534,0,1891912,0,0,0,1967446,null,null,null,null,"",1]
[null,null,null,null,null,null,null,0,0,0,0,0,0,0,0,0,null,null,null,null,"",1]
["ADB00000130S",null,null,null,"철근 현장조립","건축 Type-Ⅱ","ton",0,0,0,0,0,0,0,0,0,null,null,null,null,"",1]
["ADB00000130S","노무","L001010101000008",null,"철근공","일반공사 직종","인",2,0,0,260137,520274,0,0,260137,520274,null,null,"N","N","",1]
["ADB00000130S","노무","L001010101000002",null,"보통인부","일반공사 직종","인",0.67,0,0,165545,110915.1,0,0,165545,110915.1,null,null,"N","N","",1]
["ADB00000130S","손료","RENT000000000001",null,"기구손료","노무비의 2%","식",1,12623.7,12623.7,0,0,0,0,12623.7,12623.7,null,null,"N","N",2,1]
["ADB00000130S","자재","3115999620286057",null,"철선","철선, 어닐링, Φ0.9mm","kg",8,1657,13256,0,0,0,0,1657,13256,null,null,"N","N","",1]
[null,null,null,null,"[합 계]",null,null,0,0,25879,0,631189,0,0,0,657068,null,null,null,null,"",1]
[null,null,null,null,null,null,null,0,0,0,0,0,0,0,0,0,null,null,null,null,"",1]
["ADB00000131S",null,null,null,"철근 현장조립","건축 Type-Ⅱ","일",0,0,0,0,0,0,0,0,0,null,null,null,null,"",1]
["ADB00000131S","노무","L001010101000008",null,"철근공","일반공사 직종","인",6,0,0,260137,1560822,0,0,260137,1560822,null,null,"N","N","",1]
["ADB00000131S","노무","L001010101000002",null,"보통인부","일반공사 직종","인",2,0,0,165545,331090,0,0,165545,331090,null,null,"N","N","",1]
["ADB00000131S","손료","RENT000000000001",null,"기구손료","노무비의 2%","식",1,37838.199999999997,37838.199999999997,0,0,0,0,37838.199999999997,37838.199999999997,null,null,"N","N",2,1]
["ADB00000131S","자재","3115999620286057",null,"철선","철선, 어닐링, Φ0.9mm","kg",24,1657,39768,0,0,0,0,1657,39768,null,null,"N","N","",1]
[null,null,null,null,"[합 계]",null,null,0,0,77606,0,1891912,0,0,0,1969518,null,null,null,null,"",1]
[null,null,null,null,null,null,null,0,0,0,0,0,0,0,0,0,null,null,null,null,"",1]
["ADB00000150S",null,null,null,"철근 공장가공","Type-Ⅰ","TON",0,0,0,0,0,0,0,0,0,null,null,null,null,"",1]
["ADB00000150S","노무","L001010101000008",null,"철근공","일반공사 직종","인",0.23,0,0,260137,59831.5,0,0,260137,59831.5,null,null,"N","N","",1]
["ADB00000150S","노무","L001010101000002",null,"보통인부","일반공사 직종","인",0.03,0,0,165545,4966.3,0,0,165545,4966.3,null,null,"N","N","",1]
["ADB00000150S","손료","RENT000000000001",null,"공장관리비","노무비의 60%","식",1,0,0,0,0,38878.6,38878.6,38878.6,38878.6,null,null,"N","N",60,1]
[null,null,null,null,"[합 계]",null,null,0,0,0,0,64797,0,38878,0,103675,null,null,null,null,"",1]
[null,null,null,null,null,null,null,0,0,0,0,0,0,0,0,0,null,null,null,null,"",1]
["ADB00000160S",null,null,null,"철근 공장가공","Type-Ⅱ","TON",0,0,0,0,0,0,0,0,0,null,null,null,null,"",1]
["ADB00000160S","노무","L001010101000008",null,"철근공","일반공사 직종","인",0.3,0,0,260137,78041.100000000006,0,0,260137,78041.100000000006,null,null,"N","N","",1]
["ADB00000160S","노무","L001010101000002",null,"보통인부","일반공사 직종","인",0.04,0,0,165545,6621.8,0,0,165545,6621.8,null,null,"N","N","",1]
["ADB00000160S","손료","RENT000000000001",null,"공장관리비","노무비의 60%","식",1,0,0,0,0,50797.7,50797.7,50797.7,50797.7,null,null,"N","N",60,1]
[null,null,null,null,"[합 계]",null,null,0,0,0,0,84662,0,50797,0,135459,null,null,null,null,"",1]
[null,null,null,null,null,null,null,0,0,0,0,0,0,0,0,0,null,null,null,null,"",1]
["ADB00000180S",null,null,null,"철근 현장조립","건축 Type-Ⅰ(개소별 소량 0.5ton 미만)","ton",0,0,0,0,0,0,0,0,0,null,null,null,null,"",1]
["ADB00000180S","노무","L001010101000008",null,"철근공","일반공사 직종","인",3.53,0,0,260137,918283.6,0,0,260137,918283.6,null,null,"N","N","",1]
["ADB00000180S","노무","L001010101000002",null,"보통인부","일반공사 직종","인",1.18,0,0,165545,195343.1,0,0,165545,195343.1,null,null,"N","N","",1]
["ADB00000180S","손료","RENT000000000002",null,"공구손료","노무비의 2%","식",1,22272.5,22272.5,0,0,0,0,22272.5,22272.5,null,null,"N","N",2,1]
["ADB00000180S","자재","3115999620286057",null,"철선","철선, 어닐링, Φ0.9mm","kg",6.5,1657,10770.5,0,0,0,0,1657,10770.5,null,null,"N","N","",1]
[null,null,null,null,"[합 계]",null,null,0,0,33043,0,1113626,0,0,0,1146669,null,null,null,null,"",1]
[null,null,null,null,null,null,null,0,0,0,0,0,0,0,0,0,null,null,null,null,"",1]
["ADB00000190S",null,null,null,"철근 현장조립","건축 Type-Ⅱ(개소별 소량 0.5ton 미만)","ton",0,0,0,0,0,0,0,0,0,null,null,null,null,"",1]
["ADB00000190S","노무","L001010101000008",null,"철근공","일반공사 직종","인",4,0,0,260137,1040548,0,0,260137,1040548,null,null,"N","N","",1]
["ADB00000190S","노무","L001010101000002",null,"보통인부","일반공사 직종","인",1.33,0,0,165545,220174.8,0,0,165545,220174.8,null,null,"N","N","",1]
["ADB00000190S","손료","RENT000000000002",null,"공구손료","노무비의 2%","식",1,25214.400000000001,25214.400000000001,0,0,0,0,25214.400000000001,25214.400000000001,null,null,"N","N",2,1]
["ADB00000190S","자재","3115999620286057",null,"철선","철선, 어닐링, Φ0.9mm","kg",8,1657,13256,0,0,0,0,1657,13256,null,null,"N","N","",1]
[null,null,null,null,"[합 계]",null,null,0,0,38470,0,1260722,0,0,0,1299192,null,null,null,null,"",1]
[null,null,null,null,null,null,null,0,0,0,0,0,0,0,0,0,null,null,null,null,"",1]
["ADF00000010S",null,null,null,"레디믹스트콘크리트 타설(인력운반 타설)",null,"일",0,0,0,0,0,0,0,0,0,null,null,null,null,"",1]
["ADF00000010S","노무","L001010101000013",null,"콘크리트공","일반공사 직종","인",3,0,0,261283,783849,0,0,261283,783849,null,null,"N","N","",1]
["ADF00000010S","노무","L001010101000002",null,"보통인부","일반공사 직종","인",3,0,0,165545,496635,0,0,165545,496635,null,null,"N","N","",1]
["ADF00000010S","손료","RENT000000000001",null,"공구손료","노무비의 2%","식",1,25609.599999999999,25609.599999999999,0,0,0,0,25609.599999999999,25609.599999999999,null,null,"N","N",2,1]
[null,null,null,null,"[합 계]",null,null,0,0,25609,0,1280484,0,0,0,1306093,null,null,null,null,"",1]
[null,null,null,null,null,null,null,0,0,0,0,0,0,0,0,0,null,null,null,null,"",1]
["ADF00000020S",null,null,null,"레디믹스트콘크리트 타설(인력운반 타설)","무근구조물","㎥",0,0,0,0,0,0,0,0,0,null,null,null,null,"",1]
["ADF00000020S","노무","L001010101000013",null,"콘크리트공","일반공사 직종","인",0.13,0,0,261283,33966.699999999997,0,0,261283,33966.699999999997,null,null,"N","N","",1]
["ADF00000020S","노무","L001010101000002",null,"보통인부","일반공사 직종","인",0.13,0,0,165545,21520.799999999999,0,0,165545,21520.799999999999,null,null,"N","N","",1]
["ADF00000020S","손료","RENT000000000001",null,"공구손료","노무비의 2%","식",1,1109.7,1109.7,0,0,0,0,1109.7,1109.7,null,null,"N","N",2,1]
[null,null,null,null,"[합 계]",null,null,0,0,1109,0,55487,0,0,0,56596,null,null,null,null,"",1]
[null,null,null,null,null,null,null,0,0,0,0,0,0,0,0,0,null,null,null,null,"",1]
["ADF00000030S",null,null,null,"레디믹스트콘크리트 타설(인력운반 타설)","철근구조물","㎥",0,0,0,0,0,0,0,0,0,null,null,null,null,"",1]
["ADF00000030S","노무","L001010101000013",null,"콘크리트공","일반공사 직종","인",0.15,0,0,261283,39192.400000000001,0,0,261283,39192.400000000001,null,null,"N","N","",1]
["ADF00000030S","노무","L001010101000002",null,"보통인부","일반공사 직종","인",0.15,0,0,165545,24831.7,0,0,165545,24831.7,null,null,"N","N","",1]
["ADF00000030S","손료","RENT000000000001",null,"공구손료","노무비의 2%","식",1,1280.4000000000001,1280.4000000000001,0,0,0,0,1280.4000000000001,1280.4000000000001,null,null,"N","N",2,1]
[null,null,null,null,"[합 계]",null,null,0,0,1280,0,64024,0,0,0,65304,null,null,null,null,"",1]
[null,null,null,null,null,null,null,0,0,0,0,0,0,0,0,0,null,null,null,null,"",1]
["ADF00000040S",null,null,null,"레디믹스트콘크리트 타설(인력운반 타설)","개소별 소량 12㎥ 이하, 무근구조물","㎥",0,0,0,0,0,0,0,0,0,null,null,null,null,"",1]
["ADF00000040S","노무","L001010101000013",null,"콘크리트공","일반공사 직종","인",0.26100000000000001,0,0,261283,68194.8,0,0,261283,68194.8,null,null,"N","N","",1]
["ADF00000040S","노무","L001010101000002",null,"보통인부","일반공사 직종","인",0.26100000000000001,0,0,165545,43207.199999999997,0,0,165545,43207.199999999997,null,null,"N","N","",1]
["ADF00000040S","손료","RENT000000000001",null,"공구손료","인력품의 2%","식",1,2228,2228,0,0,0,0,2228,2228,null,null,"N","N",2,1]
[null,null,null,null,"[합 계]",null,null,0,0,2228,0,111402,0,0,0,113630,null,null,null,null,"",1]
[null,null,null,null,null,null,null,0,0,0,0,0,0,0,0,0,null,null,null,null,"",1]
["ADF00000050S",null,null,null,"레디믹스트콘크리트 타설(인력운반 타설)","개소별 소량 12㎥ 이하, 철근구조물","㎥",0,0,0,0,0,0,0,0,0,null,null,null,null,"",1]
["ADF00000050S","노무","L001010101000013",null,"콘크리트공","일반공사 직종","인",0.3,0,0,261283,78384.899999999994,0,0,261283,78384.899999999994,null,null,"N","N","",1]
["ADF00000050S","노무","L001010101000002",null,"보통인부","일반공사 직종","인",0.3,0,0,165545,49663.5,0,0,165545,49663.5,null,null,"N","N","",1]
["ADF00000050S","손료","RENT000000000001",null,"공구손료","인력품의 2%","식",1,2560.9,2560.9,0,0,0,0,2560.9,2560.9,null,null,"N","N",2,1]
[null,null,null,null,"[합 계]",null,null,0,0,2560,0,128048,0,0,0,130608,null,null,null,null,"",1]
[null,null,null,null,null,null,null,0,0,0,0,0,0,0,0,0,null,null,null,null,"",1]
["ADF00000060S",null,null,null,"레디믹스트콘크리트 타설(장비사용 타설)","굴삭기(무한궤도), 0.6m3","일",0,0,0,0,0,0,0,0,0,null,null,null,null,"",1]
["ADF00000060S","노무","L001010101000013",null,"콘크리트공","일반공사 직종","인",3,0,0,261283,783849,0,0,261283,783849,null,null,"N","N","",1]
["ADF00000060S","노무","L001010101000002",null,"보통인부","일반공사 직종","인",1,0,0,165545,165545,0,0,165545,165545,null,null,"N","N","",1]
["ADF00000060S","손료","RENT000000000001",null,"공구손료","인력품의 2%","식",1,18987.8,18987.8,0,0,0,0,18987.8,18987.8,null,null,"N","N",2,1]
["ADF00000060S","기계경비","00000201006000000",null,"굴삭기(무한궤도)","0.6㎥","HR",8,15828,126624,55700,445600,21957,175656,93485,747880,null,null,"N","N","",1]
[null,null,null,null,"[합 계]",null,null,0,0,145611,0,1394994,0,175656,0,1716261,null,null,null,null,"",1]
[null,null,null,null,null,null,null,0,0,0,0,0,0,0,0,0,null,null,null,null,"",1]
["ADF00000070S",null,null,null,"레디믹스트콘크리트 타설(장비사용 타설)","굴삭기(무한궤도), 0.7m3","일",0,0,0,0,0,0,0,0,0,null,null,null,null,"",1]
["ADF00000070S","노무","L001010101000013",null,"콘크리트공","일반공사 직종","인",3,0,0,261283,783849,0,0,261283,783849,null,null,"N","N","",1]
["ADF00000070S","노무","L001010101000002",null,"보통인부","일반공사 직종","인",1,0,0,165545,165545,0,0,165545,165545,null,null,"N","N","",1]
["ADF00000070S","손료","RENT000000000001",null,"공구손료","인력품의 2%","식",1,18987.8,18987.8,0,0,0,0,18987.8,18987.8,null,null,"N","N",2,1]
["ADF00000070S","기계경비","00000201007000000",null,"굴삭기(무한궤도)","0.7㎥","HR",8,18001,144008,55700,445600,23128,185024,96829,774632,null,null,"N","N","",1]
[null,null,null,null,"[합 계]",null,null,0,0,162995,0,1394994,0,185024,0,1743013,null,null,null,null,"",1]
[null,null,null,null,null,null,null,0,0,0,0,0,0,0,0,0,null,null,null,null,"",1]
["ADF00000080S",null,null,null,"레디믹스트콘크리트 타설(장비사용 타설)","굴삭기(무한궤도), 0.8m3","일",0,0,0,0,0,0,0,0,0,null,null,null,null,"",1]
["ADF00000080S","노무","L001010101000013",null,"콘크리트공","일반공사 직종","인",3,0,0,261283,783849,0,0,261283,783849,null,null,"N","N","",1]
["ADF00000080S","노무","L001010101000002",null,"보통인부","일반공사 직종","인",1,0,0,165545,165545,0,0,165545,165545,null,null,"N","N","",1]
["ADF00000080S","손료","RENT000000000001",null,"공구손료","인력품의 2%","식",1,18987.8,18987.8,0,0,0,0,18987.8,18987.8,null,null,"N","N",2,1]
["ADF00000080S","기계경비","00000201008000000",null,"굴삭기(무한궤도)","0.8㎥","HR",8,23743,189944,55700,445600,25457,203656,104900,839200,null,null,"N","N","",1]
[null,null,null,null,"[합 계]",null,null,0,0,208931,0,1394994,0,203656,0,1807581,null,null,null,null,"",1]
[null,null,null,null,null,null,null,0,0,0,0,0,0,0,0,0,null,null,null,null,"",1]
["ADF00000090S",null,null,null,"레디믹스트콘크리트 타설(장비사용 타설)","굴삭기(타이어), 0.6m3","일",0,0,0,0,0,0,0,0,0,null,null,null,null,"",1]
["ADF00000090S","노무","L001010101000013",null,"콘크리트공","일반공사 직종","인",3,0,0,261283,783849,0,0,261283,783849,null,null,"N","N","",1]
["ADF00000090S","노무","L001010101000002",null,"보통인부","일반공사 직종","인",1,0,0,165545,165545,0,0,165545,165545,null,null,"N","N","",1]
["ADF00000090S","손료","RENT000000000001",null,"공구손료","인력품의 2%","식",1,18987.8,18987.8,0,0,0,0,18987.8,18987.8,null,null,"N","N",2,1]
["ADF00000090S","기계경비","00000211006000000",null,"굴삭기(타이어)","0.6㎥","HR",8,18296,146368,55700,445600,25680,205440,99676,797408,null,null,"N","N","",1]
[null,null,null,null,"[합 계]",null,null,0,0,165355,0,1394994,0,205440,0,1765789,null,null,null,null,"",1]
[null,null,null,null,null,null,null,0,0,0,0,0,0,0,0,0,null,null,null,null,"",1]
["ADF00000100S",null,null,null,"레디믹스트콘크리트 타설(장비사용 타설)","굴삭기(타이어), 0.8m3","일",0,0,0,0,0,0,0,0,0,null,null,null,null,"",1]
["ADF00000100S","노무","L001010101000013",null,"콘크리트공","일반공사 직종","인",3,0,0,261283,783849,0,0,261283,783849,null,null,"N","N","",1]
["ADF00000100S","노무","L001010101000002",null,"보통인부","일반공사 직종","인",1,0,0,165545,165545,0,0,165545,165545,null,null,"N","N","",1]
["ADF00000100S","손료","RENT000000000001",null,"공구손료","인력품의 2%","식",1,18987.8,18987.8,0,0,0,0,18987.8,18987.8,null,null,"N","N",2,1]
["ADF00000100S","기계경비","00000211008000000",null,"굴삭기(타이어)","0.8㎥","HR",8,25709,205672,55700,445600,29893,239144,111302,890416,null,null,"N","N","",1]
[null,null,null,null,"[합 계]",null,null,0,0,224659,0,1394994,0,239144,0,1858797,null,null,null,null,"",1]
[null,null,null,null,null,null,null,0,0,0,0,0,0,0,0,0,null,null,null,null,"",1]
["ADF00000110S",null,null,null,"레디믹스트콘크리트 타설(장비사용 타설)","무근구조물, 굴삭기(무한궤도), 0.6m3","㎥",0,0,0,0,0,0,0,0,0,null,null,null,null,"",1]
["ADF00000110S","노무","L001010101000013",null,"콘크리트공","일반공사 직종","인",4.8000000000000001E-2,0,0,261283,12541.5,0,0,261283,12541.5,null,null,"N","N","",1]
["ADF00000110S","노무","L001010101000002",null,"보통인부","일반공사 직종","인",1.6E-2,0,0,165545,2648.7,0,0,165545,2648.7,null,null,"N","N","",1]
["ADF00000110S","손료","RENT000000000001",null,"공구손료","인력품의 2%","식",1,303.8,303.8,0,0,0,0,303.8,303.8,null,null,"N","N",2,1]
["ADF00000110S","기계경비","00000201006000000",null,"굴삭기(무한궤도)","0.6㎥","HR",0.127,15828,2010.1,55700,7073.9,21957,2788.5,93485,11872.5,null,null,"N","N","",1]
[null,null,null,null,"[합 계]",null,null,0,0,2313,0,22264,0,2788,0,27365,null,null,null,null,"",1]
[null,null,null,null,null,null,null,0,0,0,0,0,0,0,0,0,null,null,null,null,"",1]
["ADF00000120S",null,null,null,"레디믹스트콘크리트 타설(장비사용 타설)","무근구조물, 굴삭기(무한궤도), 0.7m3","㎥",0,0,0,0,0,0,0,0,0,null,null,null,null,"",1]
["ADF00000120S","노무","L001010101000013",null,"콘크리트공","일반공사 직종","인",4.8000000000000001E-2,0,0,261283,12541.5,0,0,261283,12541.5,null,null,"N","N","",1]
["ADF00000120S","노무","L001010101000002",null,"보통인부","일반공사 직종","인",1.6E-2,0,0,165545,2648.7,0,0,165545,2648.7,null,null,"N","N","",1]
["ADF00000120S","손료","RENT000000000001",null,"공구손료","인력품의 2%","식",1,303.8,303.8,0,0,0,0,303.8,303.8,null,null,"N","N",2,1]
["ADF00000120S","기계경비","00000201007000000",null,"굴삭기(무한궤도)","0.7㎥","HR",0.127,18001,2286.1,55700,7073.9,23128,2937.2,96829,12297.2,null,null,"N","N","",1]
[null,null,null,null,"[합 계]",null,null,0,0,2589,0,22264,0,2937,0,27790,null,null,null,null,"",1]
[null,null,null,null,null,null,null,0,0,0,0,0,0,0,0,0,null,null,null,null,"",1]
["ADF00000130S",null,null,null,"레디믹스트콘크리트 타설(장비사용 타설)","무근구조물, 굴삭기(무한궤도), 0.8m3","㎥",0,0,0,0,0,0,0,0,0,null,null,null,null,"",1]
["ADF00000130S","노무","L001010101000013",null,"콘크리트공","일반공사 직종","인",4.8000000000000001E-2,0,0,261283,12541.5,0,0,261283,12541.5,null,null,"N","N","",1]
["ADF00000130S","노무","L001010101000002",null,"보통인부","일반공사 직종","인",1.6E-2,0,0,165545,2648.7,0,0,165545,2648.7,null,null,"N","N","",1]
["ADF00000130S","손료","RENT000000000001",null,"공구손료","인력품의 2%","식",1,303.8,303.8,0,0,0,0,303.8,303.8,null,null,"N","N",2,1]
["ADF00000130S","기계경비","00000211008000000",null,"굴삭기(타이어)","0.8㎥","HR",0.127,25709,3265,55700,7073.9,29893,3796.4,111302,14135.3,null,null,"N","N","",1]
[null,null,null,null,"[합 계]",null,null,0,0,3568,0,22264,0,3796,0,29628,null,null,null,null,"",1]
[null,null,null,null,null,null,null,0,0,0,0,0,0,0,0,0,null,null,null,null,"",1]
["ADF00000140S",null,null,null,"레디믹스트콘크리트 타설(장비사용 타설)","무근구조물, 굴삭기(타이어), 0.6m3","㎥",0,0,0,0,0,0,0,0,0,null,null,null,null,"",1]
["ADF00000140S","노무","L001010101000013",null,"콘크리트공","일반공사 직종","인",4.8000000000000001E-2,0,0,261283,12541.5,0,0,261283,12541.5,null,null,"N","N","",1]
["ADF00000140S","노무","L001010101000002",null,"보통인부","일반공사 직종","인",1.6E-2,0,0,165545,2648.7,0,0,165545,2648.7,null,null,"N","N","",1]
["ADF00000140S","손료","RENT000000000001",null,"공구손료","인력품의 2%","식",1,303.8,303.8,0,0,0,0,303.8,303.8,null,null,"N","N",2,1]
["ADF00000140S","기계경비","00000211006000000",null,"굴삭기(타이어)","0.6㎥","HR",0.127,18296,2323.5,55700,7073.9,25680,3261.3,99676,12658.7,null,null,"N","N","",1]
[null,null,null,null,"[합 계]",null,null,0,0,2627,0,22264,0,3261,0,28152,null,null,null,null,"",1]
[null,null,null,null,null,null,null,0,0,0,0,0,0,0,0,0,null,null,null,null,"",1]
["ADF00000150S",null,null,null,"레디믹스트콘크리트 타설(장비사용 타설)","무근구조물, 굴삭기(타이어), 0.8m3","㎥",0,0,0,0,0,0,0,0,0,null,null,null,null,"",1]
["ADF00000150S","노무","L001010101000013",null,"콘크리트공","일반공사 직종","인",4.8000000000000001E-2,0,0,261283,12541.5,0,0,261283,12541.5,null,null,"N","N","",1]
["ADF00000150S","노무","L001010101000002",null,"보통인부","일반공사 직종","인",1.6E-2,0,0,165545,2648.7,0,0,165545,2648.7,null,null,"N","N","",1]
["ADF00000150S","손료","RENT000000000001",null,"공구손료","인력품의 2%","식",1,303.8,303.8,0,0,0,0,303.8,303.8,null,null,"N","N",2,1]
["ADF00000150S","기계경비","00000211008000000",null,"굴삭기(타이어)","0.8㎥","HR",0.127,25709,3265,55700,7073.9,29893,3796.4,111302,14135.3,null,null,"N","N","",1]
[null,null,null,null,"[합 계]",null,null,0,0,3568,0,22264,0,3796,0,29628,null,null,null,null,"",1]
[null,null,null,null,null,null,null,0,0,0,0,0,0,0,0,0,null,null,null,null,"",1]
["ADF00000160S",null,null,null,"레디믹스트콘크리트 타설(장비사용 타설)","철근구조물, 굴삭기(무한궤도), 0.6m3","㎥",0,0,0,0,0,0,0,0,0,null,null,null,null,"",1]
["ADF00000160S","노무","L001010101000013",null,"콘크리트공","일반공사 직종","인",5.5E-2,0,0,261283,14370.5,0,0,261283,14370.5,null,null,"N","N","",1]
["ADF00000160S","노무","L001010101000002",null,"보통인부","일반공사 직종","인",1.7999999999999999E-2,0,0,165545,2979.8,0,0,165545,2979.8,null,null,"N","N","",1]
["ADF00000160S","손료","RENT000000000001",null,"공구손료","인력품의 2%","식",1,347,347,0,0,0,0,347,347,null,null,"N","N",2,1]
["ADF00000160S","기계경비","00000201006000000",null,"굴삭기(무한궤도)","0.6㎥","HR",0.14499999999999999,15828,2295,55700,8076.5,21957,3183.7,93485,13555.2,null,null,"N","N","",1]
[null,null,null,null,"[합 계]",null,null,0,0,2642,0,25426,0,3183,0,31251,null,null,null,null,"",1]
[null,null,null,null,null,null,null,0,0,0,0,0,0,0,0,0,null,null,null,null,"",1]
["ADF00000170S",null,null,null,"레디믹스트콘크리트 타설(장비사용 타설)","철근구조물, 굴삭기(무한궤도), 0.7m3","㎥",0,0,0,0,0,0,0,0,0,null,null,null,null,"",1]
["ADF00000170S","노무","L001010101000013",null,"콘크리트공","일반공사 직종","인",5.5E-2,0,0,261283,14370.5,0,0,261283,14370.5,null,null,"N","N","",1]
["ADF00000170S","노무","L001010101000002",null,"보통인부","일반공사 직종","인",1.7999999999999999E-2,0,0,165545,2979.8,0,0,165545,2979.8,null,null,"N","N","",1]
["ADF00000170S","손료","RENT000000000001",null,"공구손료","인력품의 2%","식",1,347,347,0,0,0,0,347,347,null,null,"N","N",2,1]
["ADF00000170S","기계경비","00000201007000000",null,"굴삭기(무한궤도)","0.7㎥","HR",0.14499999999999999,18001,2610.1,55700,8076.5,23128,3353.5,96829,14040.1,null,null,"N","N","",1]
[null,null,null,null,"[합 계]",null,null,0,0,2957,0,25426,0,3353,0,31736,null,null,null,null,"",1]
[null,null,null,null,null,null,null,0,0,0,0,0,0,0,0,0,null,null,null,null,"",1]
["ADF00000180S",null,null,null,"레디믹스트콘크리트 타설(장비사용 타설)","철근구조물, 굴삭기(무한궤도), 0.8m3","㎥",0,0,0,0,0,0,0,0,0,null,null,null,null,"",1]
["ADF00000180S","노무","L001010101000013",null,"콘크리트공","일반공사 직종","인",5.5E-2,0,0,261283,14370.5,0,0,261283,14370.5,null,null,"N","N","",1]
["ADF00000180S","노무","L001010101000002",null,"보통인부","일반공사 직종","인",1.7999999999999999E-2,0,0,165545,2979.8,0,0,165545,2979.8,null,null,"N","N","",1]
["ADF00000180S","손료","RENT000000000001",null,"공구손료","인력품의 2%","식",1,347,347,0,0,0,0,347,347,null,null,"N","N",2,1]
["ADF00000180S","기계경비","00000201008000000",null,"굴삭기(무한궤도)","0.8㎥","HR",0.14499999999999999,23743,3442.7,55700,8076.5,25457,3691.2,104900,15210.4,null,null,"N","N","",1]
[null,null,null,null,"[합 계]",null,null,0,0,3789,0,25426,0,3691,0,32906,null,null,null,null,"",1]
[null,null,null,null,null,null,null,0,0,0,0,0,0,0,0,0,null,null,null,null,"",1]
["ADF00000190S",null,null,null,"레디믹스트콘크리트 타설(장비사용 타설)","철근구조물, 굴삭기(타이어), 0.6m3","㎥",0,0,0,0,0,0,0,0,0,null,null,null,null,"",1]
["ADF00000190S","노무","L001010101000013",null,"콘크리트공","일반공사 직종","인",5.5E-2,0,0,261283,14370.5,0,0,261283,14370.5,null,null,"N","N","",1]
["ADF00000190S","노무","L001010101000002",null,"보통인부","일반공사 직종","인",1.7999999999999999E-2,0,0,165545,2979.8,0,0,165545,2979.8,null,null,"N","N","",1]
["ADF00000190S","손료","RENT000000000001",null,"공구손료","인력품의 2%","식",1,347,347,0,0,0,0,347,347,null,null,"N","N",2,1]
["ADF00000190S","기계경비","00000211006000000",null,"굴삭기(타이어)","0.6㎥","HR",0.14499999999999999,18296,2652.9,55700,8076.5,25680,3723.6,99676,14453,null,null,"N","N","",1]
[null,null,null,null,"[합 계]",null,null,0,0,2999,0,25426,0,3723,0,32148,null,null,null,null,"",1]
[null,null,null,null,null,null,null,0,0,0,0,0,0,0,0,0,null,null,null,null,"",1]
["ADF00000200S",null,null,null,"레디믹스트콘크리트 타설(장비사용 타설)","철근구조물, 굴삭기(타이어), 0.8m3","㎥",0,0,0,0,0,0,0,0,0,null,null,null,null,"",1]
["ADF00000200S","노무","L001010101000013",null,"콘크리트공","일반공사 직종","인",5.5E-2,0,0,261283,14370.5,0,0,261283,14370.5,null,null,"N","N","",1]
["ADF00000200S","노무","L001010101000002",null,"보통인부","일반공사 직종","인",1.7999999999999999E-2,0,0,165545,2979.8,0,0,165545,2979.8,null,null,"N","N","",1]
["ADF00000200S","손료","RENT000000000001",null,"공구손료","인력품의 2%","식",1,347,347,0,0,0,0,347,347,null,null,"N","N",2,1]
["ADF00000200S","기계경비","00000211008000000",null,"굴삭기(타이어)","0.8㎥","HR",0.14499999999999999,25709,3727.8,55700,8076.5,29893,4334.3999999999996,111302,16138.7,null,null,"N","N","",1]
[null,null,null,null,"[합 계]",null,null,0,0,4074,0,25426,0,4334,0,33834,null,null,null,null,"",1]
[null,null,null,null,null,null,null,0,0,0,0,0,0,0,0,0,null,null,null,null,"",1]
["ADF00000210S",null,null,null,"레디믹스트콘크리트 타설(장비사용 타설)","개소별 소량 12㎥ 이하, 무근구조물, 굴삭기(무한궤도), 0.6㎥","㎥",0,0,0,0,0,0,0,0,0,null,null,null,null,"",1]
["ADF00000210S","노무","L001010101000013",null,"콘크리트공","일반공사 직종","인",9.5000000000000001E-2,0,0,261283,24821.8,0,0,261283,24821.8,null,null,"N","N","",1]
["ADF00000210S","노무","L001010101000002",null,"보통인부","일반공사 직종","인",3.2000000000000001E-2,0,0,165545,5297.4,0,0,165545,5297.4,null,null,"N","N","",1]
["ADF00000210S","손료","RENT000000000001",null,"공구손료","인력품의 2%","식",1,602.29999999999995,602.29999999999995,0,0,0,0,602.29999999999995,602.29999999999995,null,null,"N","N",2,1]
["ADF00000210S","기계경비","00000201006000000",null,"굴삭기(무한궤도)","0.6㎥","HR",0.254,15828,4020.3,55700,14147.8,21957,5577,93485,23745.1,null,null,"N","N","",1]
[null,null,null,null,"[합 계]",null,null,0,0,4622,0,44267,0,5577,0,54466,null,null,null,null,"",1]
[null,null,null,null,null,null,null,0,0,0,0,0,0,0,0,0,null,null,null,null,"",1]
["ADF00000220S",null,null,null,"레디믹스트콘크리트 타설(장비사용 타설)","개소별 소량 12㎥ 이하, 무근구조물, 굴삭기(무한궤도), 0.7㎥","㎥",0,0,0,0,0,0,0,0,0,null,null,null,null,"",1]
["ADF00000220S","노무","L001010101000013",null,"콘크리트공","일반공사 직종","인",9.5000000000000001E-2,0,0,261283,24821.8,0,0,261283,24821.8,null,null,"N","N","",1]
["ADF00000220S","노무","L001010101000002",null,"보통인부","일반공사 직종","인",3.2000000000000001E-2,0,0,165545,5297.4,0,0,165545,5297.4,null,null,"N","N","",1]
["ADF00000220S","손료","RENT000000000001",null,"공구손료","인력품의 2%","식",1,602.29999999999995,602.29999999999995,0,0,0,0,602.29999999999995,602.29999999999995,null,null,"N","N",2,1]
["ADF00000220S","기계경비","00000201007000000",null,"굴삭기(무한궤도)","0.7㎥","HR",0.254,18001,4572.2,55700,14147.8,23128,5874.5,96829,24594.5,null,null,"N","N","",1]
[null,null,null,null,"[합 계]",null,null,0,0,5174,0,44267,0,5874,0,55315,null,null,null,null,"",1]
[null,null,null,null,null,null,null,0,0,0,0,0,0,0,0,0,null,null,null,null,"",1]
["ADF00000230S",null,null,null,"레디믹스트콘크리트 타설(장비사용 타설)","개소별 소량 12㎥ 이하, 무근구조물, 굴삭기(무한궤도), 0.8㎥","㎥",0,0,0,0,0,0,0,0,0,null,null,null,null,"",1]
["ADF00000230S","노무","L001010101000013",null,"콘크리트공","일반공사 직종","인",9.5000000000000001E-2,0,0,261283,24821.8,0,0,261283,24821.8,null,null,"N","N","",1]
["ADF00000230S","노무","L001010101000002",null,"보통인부","일반공사 직종","인",3.2000000000000001E-2,0,0,165545,5297.4,0,0,165545,5297.4,null,null,"N","N","",1]
["ADF00000230S","손료","RENT000000000001",null,"공구손료","인력품의 2%","식",1,602.29999999999995,602.29999999999995,0,0,0,0,602.29999999999995,602.29999999999995,null,null,"N","N",2,1]
["ADF00000230S","기계경비","00000201008000000",null,"굴삭기(무한궤도)","0.8㎥","HR",0.254,23743,6030.7,55700,14147.8,25457,6466,104900,26644.5,null,null,"N","N","",1]
[null,null,null,null,"[합 계]",null,null,0,0,6633,0,44267,0,6466,0,57366,null,null,null,null,"",1]
[null,null,null,null,null,null,null,0,0,0,0,0,0,0,0,0,null,null,null,null,"",1]
["ADF00000240S",null,null,null,"레디믹스트콘크리트 타설(장비사용 타설)","개소별 소량 12㎥ 이하, 무근구조물, 굴삭기(타이어), 0.6㎥","㎥",0,0,0,0,0,0,0,0,0,null,null,null,null,"",1]
["ADF00000240S","노무","L001010101000013",null,"콘크리트공","일반공사 직종","인",9.5000000000000001E-2,0,0,261283,24821.8,0,0,261283,24821.8,null,null,"N","N","",1]
["ADF00000240S","노무","L001010101000002",null,"보통인부","일반공사 직종","인",3.2000000000000001E-2,0,0,165545,5297.4,0,0,165545,5297.4,null,null,"N","N","",1]
["ADF00000240S","손료","RENT000000000001",null,"공구손료","인력품의 2%","식",1,602.29999999999995,602.29999999999995,0,0,0,0,602.29999999999995,602.29999999999995,null,null,"N","N",2,1]
["ADF00000240S","기계경비","00000211006000000",null,"굴삭기(타이어)","0.6㎥","HR",0.254,18296,4647.1000000000004,55700,14147.8,25680,6522.7,99676,25317.599999999999,null,null,"N","N","",1]
[null,null,null,null,"[합 계]",null,null,0,0,5249,0,44267,0,6522,0,56038,null,null,null,null,"",1]
[null,null,null,null,null,null,null,0,0,0,0,0,0,0,0,0,null,null,null,null,"",1]
["ADF00000250S",null,null,null,"레디믹스트콘크리트 타설(장비사용 타설)","개소별 소량 12㎥ 이하, 무근구조물, 굴삭기(타이어), 0.8㎥","㎥",0,0,0,0,0,0,0,0,0,null,null,null,null,"",1]
["ADF00000250S","노무","L001010101000013",null,"콘크리트공","일반공사 직종","인",9.5000000000000001E-2,0,0,261283,24821.8,0,0,261283,24821.8,null,null,"N","N","",1]
["ADF00000250S","노무","L001010101000002",null,"보통인부","일반공사 직종","인",3.2000000000000001E-2,0,0,165545,5297.4,0,0,165545,5297.4,null,null,"N","N","",1]
["ADF00000250S","손료","RENT000000000001",null,"공구손료","인력품의 2%","식",1,602.29999999999995,602.29999999999995,0,0,0,0,602.29999999999995,602.29999999999995,null,null,"N","N",2,1]
["ADF00000250S","기계경비","00000211008000000",null,"굴삭기(타이어)","0.8㎥","HR",0.254,25709,6530,55700,14147.8,29893,7592.8,111302,28270.6,null,null,"N","N","",1]
[null,null,null,null,"[합 계]",null,null,0,0,7132,0,44267,0,7592,0,58991,null,null,null,null,"",1]
[null,null,null,null,null,null,null,0,0,0,0,0,0,0,0,0,null,null,null,null,"",1]
["ADF00000260S",null,null,null,"레디믹스트콘크리트 타설(장비사용 타설)","개소별 소량 12㎥ 이하, 철근구조물, 굴삭기(무한궤도), 0.6㎥","㎥",0,0,0,0,0,0,0,0,0,null,null,null,null,"",1]
["ADF00000260S","노무","L001010101000013",null,"콘크리트공","일반공사 직종","인",0.109,0,0,261283,28479.8,0,0,261283,28479.8,null,null,"N","N","",1]
["ADF00000260S","노무","L001010101000002",null,"보통인부","일반공사 직종","인",3.5999999999999997E-2,0,0,165545,5959.6,0,0,165545,5959.6,null,null,"N","N","",1]
["ADF00000260S","손료","RENT000000000001",null,"공구손료","인력품의 2%","식",1,688.7,688.7,0,0,0,0,688.7,688.7,null,null,"N","N",2,1]
["ADF00000260S","기계경비","00000201007000000",null,"굴삭기(무한궤도)","0.7㎥","HR",0.29099999999999998,18001,5238.2,55700,16208.7,23128,6730.2,96829,28177.1,null,null,"N","N","",1]
[null,null,null,null,"[합 계]",null,null,0,0,5926,0,50648,0,6730,0,63304,null,null,null,null,"",1]
[null,null,null,null,null,null,null,0,0,0,0,0,0,0,0,0,null,null,null,null,"",1]
["ADF00000270S",null,null,null,"레디믹스트콘크리트 타설(장비사용 타설)","개소별 소량 12㎥ 이하, 철근구조물, 굴삭기(무한궤도), 0.7㎥","㎥",0,0,0,0,0,0,0,0,0,null,null,null,null,"",1]
["ADF00000270S","노무","L001010101000013",null,"콘크리트공","일반공사 직종","인",0.109,0,0,261283,28479.8,0,0,261283,28479.8,null,null,"N","N","",1]
["ADF00000270S","노무","L001010101000002",null,"보통인부","일반공사 직종","인",3.5999999999999997E-2,0,0,165545,5959.6,0,0,165545,5959.6,null,null,"N","N","",1]
["ADF00000270S","손료","RENT000000000001",null,"공구손료","인력품의 2%","식",1,688.7,688.7,0,0,0,0,688.7,688.7,null,null,"N","N",2,1]
["ADF00000270S","기계경비","00000201007000000",null,"굴삭기(무한궤도)","0.7㎥","HR",0.29099999999999998,18001,5238.2,55700,16208.7,23128,6730.2,96829,28177.1,null,null,"N","N","",1]
[null,null,null,null,"[합 계]",null,null,0,0,5926,0,50648,0,6730,0,63304,null,null,null,null,"",1]
[null,null,null,null,null,null,null,0,0,0,0,0,0,0,0,0,null,null,null,null,"",1]
["ADF00000280S",null,null,null,"레디믹스트콘크리트 타설(장비사용 타설)","개소별 소량 12㎥ 이하, 철근구조물, 굴삭기(무한궤도), 0.8㎥","㎥",0,0,0,0,0,0,0,0,0,null,null,null,null,"",1]
["ADF00000280S","노무","L001010101000013",null,"콘크리트공","일반공사 직종","인",0.109,0,0,261283,28479.8,0,0,261283,28479.8,null,null,"N","N","",1]
["ADF00000280S","노무","L001010101000002",null,"보통인부","일반공사 직종","인",3.5999999999999997E-2,0,0,165545,5959.6,0,0,165545,5959.6,null,null,"N","N","",1]
["ADF00000280S","손료","RENT000000000001",null,"공구손료","인력품의 2%","식",1,688.7,688.7,0,0,0,0,688.7,688.7,null,null,"N","N",2,1]
["ADF00000280S","기계경비","00000201008000000",null,"굴삭기(무한궤도)","0.8㎥","HR",0.29099999999999998,23743,6909.2,55700,16208.7,25457,7407.9,104900,30525.8,null,null,"N","N","",1]
[null,null,null,null,"[합 계]",null,null,0,0,7597,0,50648,0,7407,0,65652,null,null,null,null,"",1]
[null,null,null,null,null,null,null,0,0,0,0,0,0,0,0,0,null,null,null,null,"",1]
["ADF00000290S",null,null,null,"레디믹스트콘크리트 타설(장비사용 타설)","개소별 소량 12㎥ 이하, 철근구조물, 굴삭기(타이어), 0.6㎥","㎥",0,0,0,0,0,0,0,0,0,null,null,null,null,"",1]
["ADF00000290S","노무","L001010101000013",null,"콘크리트공","일반공사 직종","인",0.109,0,0,261283,28479.8,0,0,261283,28479.8,null,null,"N","N","",1]
["ADF00000290S","노무","L001010101000002",null,"보통인부","일반공사 직종","인",3.5999999999999997E-2,0,0,165545,5959.6,0,0,165545,5959.6,null,null,"N","N","",1]
["ADF00000290S","손료","RENT000000000001",null,"공구손료","인력품의 2%","식",1,688.7,688.7,0,0,0,0,688.7,688.7,null,null,"N","N",2,1]
["ADF00000290S","기계경비","00000211006000000",null,"굴삭기(타이어)","0.6㎥","HR",0.29099999999999998,18296,5324.1,55700,16208.7,25680,7472.8,99676,29005.599999999999,null,null,"N","N","",1]
[null,null,null,null,"[합 계]",null,null,0,0,6012,0,50648,0,7472,0,64132,null,null,null,null,"",1]
[null,null,null,null,null,null,null,0,0,0,0,0,0,0,0,0,null,null,null,null,"",1]
["ADF00000300S",null,null,null,"레디믹스트콘크리트 타설(장비사용 타설)","개소별 소량 12㎥ 이하, 철근구조물, 굴삭기(타이어), 0.8㎥","㎥",0,0,0,0,0,0,0,0,0,null,null,null,null,"",1]
["ADF00000300S","노무","L001010101000013",null,"콘크리트공","일반공사 직종","인",0.109,0,0,261283,28479.8,0,0,261283,28479.8,null,null,"N","N","",1]
["ADF00000300S","노무","L001010101000002",null,"보통인부","일반공사 직종","인",3.5999999999999997E-2,0,0,165545,5959.6,0,0,165545,5959.6,null,null,"N","N","",1]
["ADF00000300S","손료","RENT000000000001",null,"공구손료","인력품의 2%","식",1,688.7,688.7,0,0,0,0,688.7,688.7,null,null,"N","N",2,1]
["ADF00000300S","기계경비","00000211008000000",null,"굴삭기(타이어)","0.8㎥","HR",0.29099999999999998,25709,7481.3,55700,16208.7,29893,8698.7999999999993,111302,32388.799999999999,null,null,"N","N","",1]
[null,null,null,null,"[합 계]",null,null,0,0,8170,0,50648,0,8698,0,67516,null,null,null,null,"",1]
[null,null,null,null,null,null,null,0,0,0,0,0,0,0,0,0,null,null,null,null,"",1]
["ADF00000310S",null,null,null,"콘크리트 현장비빔타설(기계비빔타설)","무근구조물","㎥",0,0,0,0,0,0,0,0,0,null,null,null,null,"",1]
["ADF00000310S","노무","L001010101000013",null,"콘크리트공","일반공사 직종","인",0.15,0,0,261283,39192.400000000001,0,0,261283,39192.400000000001,null,null,"N","N","",1]
["ADF00000310S","노무","L001010101000002",null,"보통인부","일반공사 직종","인",0.46,0,0,165545,76150.7,0,0,165545,76150.7,null,null,"N","N","",1]
[null,null,null,null,"[합 계]",null,null,0,0,0,0,115343,0,0,0,115343,null,null,null,null,"",1]
[null,null,null,null,null,null,null,0,0,0,0,0,0,0,0,0,null,null,null,null,"",1]
["ADF00000320S",null,null,null,"콘크리트 현장비빔타설(기계비빔타설)","철근구조물","㎥",0,0,0,0,0,0,0,0,0,null,null,null,null,"",1]
["ADF00000320S","노무","L001010101000013",null,"콘크리트공","일반공사 직종","인",0.17,0,0,261283,44418.1,0,0,261283,44418.1,null,null,"N","N","",1]
["ADF00000320S","노무","L001010101000002",null,"보통인부","일반공사 직종","인",0.68,0,0,165545,112570.6,0,0,165545,112570.6,null,null,"N","N","",1]
[null,null,null,null,"[합 계]",null,null,0,0,0,0,156988,0,0,0,156988,null,null,null,null,"",1]
[null,null,null,null,null,null,null,0,0,0,0,0,0,0,0,0,null,null,null,null,"",1]
["ADF00000330S",null,null,null,"콘크리트 현장비빔타설(기계비빔타설)","소형구조물","㎥",0,0,0,0,0,0,0,0,0,null,null,null,null,"",1]
["ADF00000330S","노무","L001010101000013",null,"콘크리트공","일반공사 직종","인",0.24,0,0,261283,62707.9,0,0,261283,62707.9,null,null,"N","N","",1]
["ADF00000330S","노무","L001010101000002",null,"보통인부","일반공사 직종","인",0.94,0,0,165545,155612.29999999999,0,0,165545,155612.29999999999,null,null,"N","N","",1]
[null,null,null,null,"[합 계]",null,null,0,0,0,0,218320,0,0,0,218320,null,null,null,null,"",1]
[null,null,null,null,null,null,null,0,0,0,0,0,0,0,0,0,null,null,null,null,"",1]
["ADF00000340S",null,null,null,"콘크리트 현장비빔타설(인력비빔타설)","무근구조물","㎥",0,0,0,0,0,0,0,0,0,null,null,null,null,"",1]
["ADF00000340S","노무","L001010101000013",null,"콘크리트공","일반공사 직종","인",0.85,0,0,261283,222090.5,0,0,261283,222090.5,null,null,"N","N","",1]
["ADF00000340S","노무","L001010101000002",null,"보통인부","일반공사 직종","인",0.82,0,0,165545,135746.9,0,0,165545,135746.9,null,null,"N","N","",1]
[null,null,null,null,"[합 계]",null,null,0,0,0,0,357837,0,0,0,357837,null,null,null,null,"",1]
[null,null,null,null,null,null,null,0,0,0,0,0,0,0,0,0,null,null,null,null,"",1]
["ADF00000350S",null,null,null,"콘크리트 현장비빔타설(인력비빔타설)","철근구조물","㎥",0,0,0,0,0,0,0,0,0,null,null,null,null,"",1]
["ADF00000350S","노무","L001010101000013",null,"콘크리트공","일반공사 직종","인",0.87,0,0,261283,227316.2,0,0,261283,227316.2,null,null,"N","N","",1]
["ADF00000350S","노무","L001010101000002",null,"보통인부","일반공사 직종","인",0.99,0,0,165545,163889.5,0,0,165545,163889.5,null,null,"N","N","",1]
[null,null,null,null,"[합 계]",null,null,0,0,0,0,391205,0,0,0,391205,null,null,null,null,"",1]
[null,null,null,null,null,null,null,0,0,0,0,0,0,0,0,0,null,null,null,null,"",1]
["ADF00000360S",null,null,null,"콘크리트 현장비빔타설(인력비빔타설)","소형구조물","㎥",0,0,0,0,0,0,0,0,0,null,null,null,null,"",1]
["ADF00000360S","노무","L001010101000013",null,"콘크리트공","일반공사 직종","인",1.29,0,0,261283,337055,0,0,261283,337055,null,null,"N","N","",1]
["ADF00000360S","노무","L001010101000002",null,"보통인부","일반공사 직종","인",1.36,0,0,165545,225141.2,0,0,165545,225141.2,null,null,"N","N","",1]
[null,null,null,null,"[합 계]",null,null,0,0,0,0,562196,0,0,0,562196,null,null,null,null,"",1]
[null,null,null,null,null,null,null,0,0,0,0,0,0,0,0,0,null,null,null,null,"",1]
["ADF10200010S",null,null,null,"무근콘크리트 펌프차 타설","8~12cm, Type-Ⅰ(매트기초), Type-Ⅰ(병렬타설)","M3",0,0,0,0,0,0,0,0,0,null,null,null,null,"",1]
["ADF10200010S","노무","L001010101000013",null,"콘크리트공","일반공사 직종","인",1.37E-2,0,0,261283,3579.5,0,0,261283,3579.5,null,null,"N","N","",1]
["ADF10200010S","노무","L001010101000003",null,"특별인부","일반공사 직종","인",9.1999999999999998E-3,0,0,214222,1970.8,0,0,214222,1970.8,null,null,"N","N","",1]
["ADF10200010S","노무","L001010101000002",null,"보통인부","일반공사 직종","인",4.5999999999999999E-3,0,0,165545,761.5,0,0,165545,761.5,null,null,"N","N","",1]
["ADF10200010S","손료","RENT000000000001",null,"공구손료","인력품의 5%","식",1,315.5,315.5,0,0,0,0,315.5,315.5,null,null,"N","N",5,1]
["ADF10200010S","기계경비","00004504003200000",null,"콘크리트 펌프차","32m(80∼95㎥/hr)","HR",3.6600000000000001E-2,29707,1087.2,55700,2038.6,68071,2491.3000000000002,153478,5617.1,null,null,"N","N","",1]
[null,null,null,null,"[합 계]",null,null,0,0,1402,0,8350,0,2491,0,12243,null,null,null,null,"",1]
[null,null,null,null,null,null,null,0,0,0,0,0,0,0,0,0,null,null,null,null,"",1]
["ADF10200020S",null,null,null,"무근콘크리트 펌프차 타설","8~12cm, Type-Ⅰ(매트기초), Type-Ⅱ(순차타설)","M3",0,0,0,0,0,0,0,0,0,null,null,null,null,"",1]
["ADF10200020S","노무","L001010101000013",null,"콘크리트공","일반공사 직종","인",1.6500000000000001E-2,0,0,261283,4311.1000000000004,0,0,261283,4311.1000000000004,null,null,"N","N","",1]
["ADF10200020S","노무","L001010101000003",null,"특별인부","일반공사 직종","인",1.0999999999999999E-2,0,0,214222,2356.4,0,0,214222,2356.4,null,null,"N","N","",1]
["ADF10200020S","노무","L001010101000002",null,"보통인부","일반공사 직종","인",5.4999999999999997E-3,0,0,165545,910.4,0,0,165545,910.4,null,null,"N","N","",1]
["ADF10200020S","손료","RENT000000000001",null,"공구손료","인력품의 5%","식",1,378.8,378.8,0,0,0,0,378.8,378.8,null,null,"N","N",5,1]
["ADF10200020S","기계경비","00004504003200000",null,"콘크리트 펌프차","32m(80∼95㎥/hr)","HR",4.3999999999999997E-2,29707,1307.0999999999999,55700,2450.8000000000002,68071,2995.1,153478,6753,null,null,"N","N","",1]
[null,null,null,null,"[합 계]",null,null,0,0,1685,0,10028,0,2995,0,14708,null,null,null,null,"",1]
[null,null,null,null,null,null,null,0,0,0,0,0,0,0,0,0,null,null,null,null,"",1]
["ADF10200030S",null,null,null,"무근콘크리트 펌프차 타설","8~12cm, Type-Ⅰ(매트기초), Type-Ⅲ(연속타설어려움)","M3",0,0,0,0,0,0,0,0,0,null,null,null,null,"",1]
["ADF10200030S","노무","L001010101000013",null,"콘크리트공","일반공사 직종","인",2.06E-2,0,0,261283,5382.4,0,0,261283,5382.4,null,null,"N","N","",1]
["ADF10200030S","노무","L001010101000003",null,"특별인부","일반공사 직종","인",1.37E-2,0,0,214222,2934.8,0,0,214222,2934.8,null,null,"N","N","",1]
["ADF10200030S","노무","L001010101000002",null,"보통인부","일반공사 직종","인",6.8999999999999999E-3,0,0,165545,1142.2,0,0,165545,1142.2,null,null,"N","N","",1]
["ADF10200030S","손료","RENT000000000001",null,"공구손료","인력품의 5%","식",1,472.9,472.9,0,0,0,0,472.9,472.9,null,null,"N","N",5,1]
["ADF10200030S","기계경비","00004504003200000",null,"콘크리트 펌프차","32m(80∼95㎥/hr)","HR",5.4899999999999997E-2,29707,1630.9,55700,3057.9,68071,3737,153478,8425.7999999999993,null,null,"N","N","",1]
[null,null,null,null,"[합 계]",null,null,0,0,2103,0,12517,0,3737,0,18357,null,null,null,null,"",1]
[null,null,null,null,null,null,null,0,0,0,0,0,0,0,0,0,null,null,null,null,"",1]
["ADF10200040S",null,null,null,"무근콘크리트 펌프차 타설","8~12cm, Type-Ⅱ(벽,기둥,보,슬라브), Type-Ⅰ(병렬타설)","M3",0,0,0,0,0,0,0,0,0,null,null,null,null,"",1]
["ADF10200040S","노무","L001010101000013",null,"콘크리트공","일반공사 직종","인",1.9199999999999998E-2,0,0,261283,5016.6000000000004,0,0,261283,5016.6000000000004,null,null,"N","N","",1]
["ADF10200040S","노무","L001010101000003",null,"특별인부","일반공사 직종","인",1.2800000000000001E-2,0,0,214222,2742,0,0,214222,2742,null,null,"N","N","",1]
["ADF10200040S","노무","L001010101000002",null,"보통인부","일반공사 직종","인",6.4000000000000003E-3,0,0,165545,1059.4000000000001,0,0,165545,1059.4000000000001,null,null,"N","N","",1]
["ADF10200040S","손료","RENT000000000001",null,"공구손료","인력품의 5%","식",1,440.9,440.9,0,0,0,0,440.9,440.9,null,null,"N","N",5,1]
["ADF10200040S","기계경비","00004504003200000",null,"콘크리트 펌프차","32m(80∼95㎥/hr)","HR",5.1299999999999998E-2,29707,1523.9,55700,2857.4,68071,3492,153478,7873.3,null,null,"N","N","",1]
[null,null,null,null,"[합 계]",null,null,0,0,1964,0,11675,0,3492,0,17131,null,null,null,null,"",1]
[null,null,null,null,null,null,null,0,0,0,0,0,0,0,0,0,null,null,null,null,"",1]
["ADF10200050S",null,null,null,"무근콘크리트 펌프차 타설","8~12cm, Type-Ⅱ(벽,기둥,보,슬라브), Type-Ⅱ(순차타설)","M3",0,0,0,0,0,0,0,0,0,null,null,null,null,"",1]
["ADF10200050S","노무","L001010101000013",null,"콘크리트공","일반공사 직종","인",2.3099999999999999E-2,0,0,261283,6035.6,0,0,261283,6035.6,null,null,"N","N","",1]
["ADF10200050S","노무","L001010101000003",null,"특별인부","일반공사 직종","인",1.54E-2,0,0,214222,3299,0,0,214222,3299,null,null,"N","N","",1]
["ADF10200050S","노무","L001010101000002",null,"보통인부","일반공사 직종","인",7.7000000000000002E-3,0,0,165545,1274.5999999999999,0,0,165545,1274.5999999999999,null,null,"N","N","",1]
["ADF10200050S","손료","RENT000000000001",null,"공구손료","인력품의 5%","식",1,530.4,530.4,0,0,0,0,530.4,530.4,null,null,"N","N",5,1]
["ADF10200050S","기계경비","00004504003200000",null,"콘크리트 펌프차","32m(80∼95㎥/hr)","HR",6.1499999999999999E-2,29707,1826.9,55700,3425.5,68071,4186.3,153478,9438.7000000000007,null,null,"N","N","",1]
[null,null,null,null,"[합 계]",null,null,0,0,2357,0,14034,0,4186,0,20577,null,null,null,null,"",1]
[null,null,null,null,null,null,null,0,0,0,0,0,0,0,0,0,null,null,null,null,"",1]
["ADF10200060S",null,null,null,"무근콘크리트 펌프차 타설","8~12cm, Type-Ⅱ(벽,기둥,보,슬라브), Type-Ⅲ(연속타설어려움))","M3",0,0,0,0,0,0,0,0,0,null,null,null,null,"",1]
["ADF10200060S","노무","L001010101000013",null,"콘크리트공","일반공사 직종","인",2.8799999999999999E-2,0,0,261283,7524.9,0,0,261283,7524.9,null,null,"N","N","",1]
["ADF10200060S","노무","L001010101000003",null,"특별인부","일반공사 직종","인",1.9199999999999998E-2,0,0,214222,4113,0,0,214222,4113,null,null,"N","N","",1]
["ADF10200060S","노무","L001010101000002",null,"보통인부","일반공사 직종","인",9.5999999999999992E-3,0,0,165545,1589.2,0,0,165545,1589.2,null,null,"N","N","",1]
["ADF10200060S","손료","RENT000000000001",null,"공구손료","인력품의 5%","식",1,661.3,661.3,0,0,0,0,661.3,661.3,null,null,"N","N",5,1]
["ADF10200060S","기계경비","00004504003200000",null,"콘크리트 펌프차","32m(80∼95㎥/hr)","HR",7.6899999999999996E-2,29707,2284.4,55700,4283.3,68071,5234.6000000000004,153478,11802.3,null,null,"N","N","",1]
[null,null,null,null,"[합 계]",null,null,0,0,2945,0,17510,0,5234,0,25689,null,null,null,null,"",1]
[null,null,null,null,null,null,null,0,0,0,0,0,0,0,0,0,null,null,null,null,"",1]
["ADF10200070S",null,null,null,"무근콘크리트 펌프차 타설","8~12cm, Type-Ⅲ(옹벽,줄기초 등), Type-Ⅰ(병렬타설)","M3",0,0,0,0,0,0,0,0,0,null,null,null,null,"",1]
["ADF10200070S","노무","L001010101000013",null,"콘크리트공","일반공사 직종","인",2.4E-2,0,0,261283,6270.7,0,0,261283,6270.7,null,null,"N","N","",1]
["ADF10200070S","노무","L001010101000003",null,"특별인부","일반공사 직종","인",1.6E-2,0,0,214222,3427.5,0,0,214222,3427.5,null,null,"N","N","",1]
["ADF10200070S","노무","L001010101000002",null,"보통인부","일반공사 직종","인",8.0000000000000002E-3,0,0,165545,1324.3,0,0,165545,1324.3,null,null,"N","N","",1]
["ADF10200070S","손료","RENT000000000001",null,"공구손료","인력품의 5%","식",1,551.1,551.1,0,0,0,0,551.1,551.1,null,null,"N","N",5,1]
["ADF10200070S","기계경비","00004504003200000",null,"콘크리트 펌프차","32m(80∼95㎥/hr)","HR",6.4100000000000004E-2,29707,1904.2,55700,3570.3,68071,4363.3,153478,9837.7999999999993,null,null,"N","N","",1]
[null,null,null,null,"[합 계]",null,null,0,0,2455,0,14592,0,4363,0,21410,null,null,null,null,"",1]
[null,null,null,null,null,null,null,0,0,0,0,0,0,0,0,0,null,null,null,null,"",1]
["ADF10200080S",null,null,null,"무근콘크리트 펌프차 타설","8~12cm, Type-Ⅲ(옹벽,줄기초 등), Type-Ⅱ(순차타설)","M3",0,0,0,0,0,0,0,0,0,null,null,null,null,"",1]
["ADF10200080S","노무","L001010101000013",null,"콘크리트공","일반공사 직종","인",2.8799999999999999E-2,0,0,261283,7524.9,0,0,261283,7524.9,null,null,"N","N","",1]
["ADF10200080S","노무","L001010101000003",null,"특별인부","일반공사 직종","인",1.9199999999999998E-2,0,0,214222,4113,0,0,214222,4113,null,null,"N","N","",1]
["ADF10200080S","노무","L001010101000002",null,"보통인부","일반공사 직종","인",9.5999999999999992E-3,0,0,165545,1589.2,0,0,165545,1589.2,null,null,"N","N","",1]
["ADF10200080S","손료","RENT000000000001",null,"공구손료","인력품의 5%","식",1,661.3,661.3,0,0,0,0,661.3,661.3,null,null,"N","N",5,1]
["ADF10200080S","기계경비","00004504003200000",null,"콘크리트 펌프차","32m(80∼95㎥/hr)","HR",7.6899999999999996E-2,29707,2284.4,55700,4283.3,68071,5234.6000000000004,153478,11802.3,null,null,"N","N","",1]
[null,null,null,null,"[합 계]",null,null,0,0,2945,0,17510,0,5234,0,25689,null,null,null,null,"",1]
[null,null,null,null,null,null,null,0,0,0,0,0,0,0,0,0,null,null,null,null,"",1]
["ADF10200090S",null,null,null,"무근콘크리트 펌프차 타설","8~12cm, Type-Ⅲ(옹벽,줄기초 등), Type-Ⅲ(연속타설어려움)","M3",0,0,0,0,0,0,0,0,0,null,null,null,null,"",1]
["ADF10200090S","노무","L001010101000013",null,"콘크리트공","일반공사 직종","인",3.61E-2,0,0,261283,9432.2999999999993,0,0,261283,9432.2999999999993,null,null,"N","N","",1]
["ADF10200090S","노무","L001010101000003",null,"특별인부","일반공사 직종","인",2.4E-2,0,0,214222,5141.3,0,0,214222,5141.3,null,null,"N","N","",1]
["ADF10200090S","노무","L001010101000002",null,"보통인부","일반공사 직종","인",1.2E-2,0,0,165545,1986.5,0,0,165545,1986.5,null,null,"N","N","",1]
["ADF10200090S","손료","RENT000000000001",null,"공구손료","인력품의 5%","식",1,828,828,0,0,0,0,828,828,null,null,"N","N",5,1]
["ADF10200090S","기계경비","00004504003200000",null,"콘크리트 펌프차","32m(80∼95㎥/hr)","HR",9.6199999999999994E-2,29707,2857.8,55700,5358.3,68071,6548.4,153478,14764.5,null,null,"N","N","",1]
[null,null,null,null,"[합 계]",null,null,0,0,3685,0,21918,0,6548,0,32151,null,null,null,null,"",1]
[null,null,null,null,null,null,null,0,0,0,0,0,0,0,0,0,null,null,null,null,"",1]
["ADF10200100S",null,null,null,"무근콘크리트 펌프차 타설","8~12cm, Type-Ⅳ(비탈면 등), Type-Ⅰ(병렬타설)","M3",0,0,0,0,0,0,0,0,0,null,null,null,null,"",1]
["ADF10200100S","노무","L001010101000013",null,"콘크리트공","일반공사 직종","인",6.4100000000000004E-2,0,0,261283,16748.2,0,0,261283,16748.2,null,null,"N","N","",1]
["ADF10200100S","노무","L001010101000003",null,"특별인부","일반공사 직종","인",4.2700000000000002E-2,0,0,214222,9147.2000000000007,0,0,214222,9147.2000000000007,null,null,"N","N","",1]
["ADF10200100S","노무","L001010101000002",null,"보통인부","일반공사 직종","인",2.1399999999999999E-2,0,0,165545,3542.6,0,0,165545,3542.6,null,null,"N","N","",1]
["ADF10200100S","손료","RENT000000000001",null,"공구손료","인력품의 5%","식",1,1471.9,1471.9,0,0,0,0,1471.9,1471.9,null,null,"N","N",5,1]
["ADF10200100S","기계경비","00004504003200000",null,"콘크리트 펌프차","32m(80∼95㎥/hr)","HR",0.1709,29707,5076.8999999999996,55700,9519.1,68071,11633.3,153478,26229.3,null,null,"N","N","",1]
[null,null,null,null,"[합 계]",null,null,0,0,6548,0,38957,0,11633,0,57138,null,null,null,null,"",1]
[null,null,null,null,null,null,null,0,0,0,0,0,0,0,0,0,null,null,null,null,"",1]
["ADF10200110S",null,null,null,"무근콘크리트 펌프차 타설","8~12cm, Type-Ⅳ(비탈면 등), Type-Ⅱ(순차타설)","M3",0,0,0,0,0,0,0,0,0,null,null,null,null,"",1]
["ADF10200110S","노무","L001010101000013",null,"콘크리트공","일반공사 직종","인",7.6899999999999996E-2,0,0,261283,20092.599999999999,0,0,261283,20092.599999999999,null,null,"N","N","",1]
["ADF10200110S","노무","L001010101000003",null,"특별인부","일반공사 직종","인",5.1299999999999998E-2,0,0,214222,10989.5,0,0,214222,10989.5,null,null,"N","N","",1]
["ADF10200110S","노무","L001010101000002",null,"보통인부","일반공사 직종","인",2.5600000000000001E-2,0,0,165545,4237.8999999999996,0,0,165545,4237.8999999999996,null,null,"N","N","",1]
["ADF10200110S","손료","RENT000000000001",null,"공구손료","인력품의 5%","식",1,1766,1766,0,0,0,0,1766,1766,null,null,"N","N",5,1]
["ADF10200110S","기계경비","00004504003200000",null,"콘크리트 펌프차","32m(80∼95㎥/hr)","HR",0.2051,29707,6092.9,55700,11424,68071,13961.3,153478,31478.2,null,null,"N","N","",1]
[null,null,null,null,"[합 계]",null,null,0,0,7858,0,46744,0,13961,0,68563,null,null,null,null,"",1]
[null,null,null,null,null,null,null,0,0,0,0,0,0,0,0,0,null,null,null,null,"",1]
["ADF10200120S",null,null,null,"무근콘크리트 펌프차 타설","8~12cm, Type-Ⅳ(비탈면 등), Type-Ⅲ(연속타설어려움)","M3",0,0,0,0,0,0,0,0,0,null,null,null,null,"",1]
["ADF10200120S","노무","L001010101000013",null,"콘크리트공","일반공사 직종","인",9.6199999999999994E-2,0,0,261283,25135.4,0,0,261283,25135.4,null,null,"N","N","",1]
["ADF10200120S","노무","L001010101000003",null,"특별인부","일반공사 직종","인",6.4100000000000004E-2,0,0,214222,13731.6,0,0,214222,13731.6,null,null,"N","N","",1]
["ADF10200120S","노무","L001010101000002",null,"보통인부","일반공사 직종","인",3.2099999999999997E-2,0,0,165545,5313.9,0,0,165545,5313.9,null,null,"N","N","",1]
["ADF10200120S","손료","RENT000000000001",null,"공구손료","인력품의 5%","식",1,2209,2209,0,0,0,0,2209,2209,null,null,"N","N",5,1]
["ADF10200120S","기계경비","00004504003200000",null,"콘크리트 펌프차","32m(80∼95㎥/hr)","HR",0.25640000000000002,29707,7616.8,55700,14281.4,68071,17453.400000000001,153478,39351.599999999999,null,null,"N","N","",1]
[null,null,null,null,"[합 계]",null,null,0,0,9825,0,58462,0,17453,0,85740,null,null,null,null,"",1]
[null,null,null,null,null,null,null,0,0,0,0,0,0,0,0,0,null,null,null,null,"",1]
["ADF10200130S",null,null,null,"무근콘크리트 펌프차 타설","15cm, Type-Ⅰ(매트기초), Type-Ⅰ(병렬타설)","M3",0,0,0,0,0,0,0,0,0,null,null,null,null,"",1]
["ADF10200130S","노무","L001010101000013",null,"콘크리트공","일반공사 직종","인",1.32E-2,0,0,261283,3448.9,0,0,261283,3448.9,null,null,"N","N","",1]
["ADF10200130S","노무","L001010101000003",null,"특별인부","일반공사 직종","인",8.8000000000000005E-3,0,0,214222,1885.1,0,0,214222,1885.1,null,null,"N","N","",1]
["ADF10200130S","노무","L001010101000002",null,"보통인부","일반공사 직종","인",4.4000000000000003E-3,0,0,165545,728.3,0,0,165545,728.3,null,null,"N","N","",1]
["ADF10200130S","손료","RENT000000000001",null,"공구손료","인력품의 5%","식",1,303.10000000000002,303.10000000000002,0,0,0,0,303.10000000000002,303.10000000000002,null,null,"N","N",5,1]
["ADF10200130S","기계경비","00004504003200000",null,"콘크리트 펌프차","32m(80∼95㎥/hr)","HR",3.5299999999999998E-2,29707,1048.5999999999999,55700,1966.2,68071,2402.9,153478,5417.7,null,null,"N","N","",1]
[null,null,null,null,"[합 계]",null,null,0,0,1351,0,8028,0,2402,0,11781,null,null,null,null,"",1]
[null,null,null,null,null,null,null,0,0,0,0,0,0,0,0,0,null,null,null,null,"",1]
["ADF10200140S",null,null,null,"무근콘크리트 펌프차 타설","15cm, Type-Ⅰ(매트기초), Type-Ⅱ(순차타설)","M3",0,0,0,0,0,0,0,0,0,null,null,null,null,"",1]
["ADF10200140S","노무","L001010101000013",null,"콘크리트공","일반공사 직종","인",1.5900000000000001E-2,0,0,261283,4154.3,0,0,261283,4154.3,null,null,"N","N","",1]
["ADF10200140S","노무","L001010101000003",null,"특별인부","일반공사 직종","인",1.06E-2,0,0,214222,2270.6999999999998,0,0,214222,2270.6999999999998,null,null,"N","N","",1]
["ADF10200140S","노무","L001010101000002",null,"보통인부","일반공사 직종","인",5.3E-3,0,0,165545,877.3,0,0,165545,877.3,null,null,"N","N","",1]
["ADF10200140S","손료","RENT000000000001",null,"공구손료","인력품의 5%","식",1,365.1,365.1,0,0,0,0,365.1,365.1,null,null,"N","N",5,1]
["ADF10200140S","기계경비","00004504003200000",null,"콘크리트 펌프차","32m(80∼95㎥/hr)","HR",4.2299999999999997E-2,29707,1256.5999999999999,55700,2356.1,68071,2879.4,153478,6492.1,null,null,"N","N","",1]
[null,null,null,null,"[합 계]",null,null,0,0,1621,0,9658,0,2879,0,14158,null,null,null,null,"",1]
[null,null,null,null,null,null,null,0,0,0,0,0,0,0,0,0,null,null,null,null,"",1]
["ADF10200150S",null,null,null,"무근콘크리트 펌프차 타설","15cm, Type-Ⅰ(매트기초), Type-Ⅲ(연속타설어려움)","M3",0,0,0,0,0,0,0,0,0,null,null,null,null,"",1]
["ADF10200150S","노무","L001010101000003",null,"특별인부","일반공사 직종","인",1.32E-2,0,0,214222,2827.7,0,0,214222,2827.7,null,null,"N","N","",1]
["ADF10200150S","손료","RENT000000000001",null,"공구손료","인력품의 5%","식",1,454.6,454.6,0,0,0,0,454.6,454.6,null,null,"N","N",5,1]
[null,null,null,null,null,null,null,0,0,0,0,0,0,0,0,0,null,null,null,null,"",1]
["ADF10200160S","노무","L001010101000002",null,"보통인부","일반공사 직종","인",6.1999999999999998E-3,0,0,165545,1026.3,0,0,165545,1026.3,null,null,"N","N","",1]
[null,null,null,null,"[합 계]",null,null,0,0,1892,0,11246,0,3362,0,16500,null,null,null,null,"",1]
["ADF10200170S","노무","L001010101000013",null,"콘크리트공","일반공사 직종","인",2.2200000000000001E-2,0,0,261283,5800.4,0,0,261283,5800.4,null,null,"N","N","",1]
["ADF10200170S","노무","L001010101000003",null,"특별인부","일반공사 직종","인",1.4800000000000001E-2,0,0,214222,3170.4,0,0,214222,3170.4,null,null,"N","N","",1]
["ADF10200170S","기계경비","00004504003200000",null,"콘크리트 펌프차","32m(80∼95㎥/hr)","HR",5.9299999999999999E-2,29707,1761.6,55700,3303,68071,4036.6,153478,9101.2000000000007,null,null,"N","N","",1]
["ADF10200180S",null,null,null,"무근콘크리트 펌프차 타설","15cm, Type-Ⅱ(벽,기둥,보,슬라브), Type-Ⅲ(연속타설어려움))","M3",0,0,0,0,0,0,0,0,0,null,null,null,null,"",1]
["ADF10200180S","노무","L001010101000002",null,"보통인부","일반공사 직종","인",9.2999999999999992E-3,0,0,165545,1539.5,0,0,165545,1539.5,null,null,"N","N","",1]
[null,null,null,null,"[합 계]",null,null,0,0,2839,0,16893,0,5044,0,24776,null,null,null,null,"",1]
["ADF10200190S","노무","L001010101000003",null,"특별인부","일반공사 직종","인",1.54E-2,0,0,214222,3299,0,0,214222,3299,null,null,"N","N","",1]
["ADF10200190S","기계경비","00004504003200000",null,"콘크리트 펌프차","32m(80∼95㎥/hr)","HR",6.1699999999999998E-2,29707,1832.9,55700,3436.6,68071,4199.8999999999996,153478,9469.4,null,null,"N","N","",1]
["ADF10200200S",null,null,null,"무근콘크리트 펌프차 타설","15cm, Type-Ⅲ(옹벽,줄기초 등), Type-Ⅱ(순차타설)","M3",0,0,0,0,0,0,0,0,0,null,null,null,null,"",1]
["ADF10200200S","노무","L001010101000013",null,"콘크리트공","일반공사 직종","인",2.7799999999999998E-2,0,0,261283,7263.6,0,0,261283,7263.6,null,null,"N","N","",1]
["ADF10200200S","손료","RENT000000000001",null,"공구손료","인력품의 5%","식",1,638.29999999999995,638.29999999999995,0,0,0,0,638.29999999999995,638.29999999999995,null,null,"N","N",5,1]
[null,null,null,null,null,null,null,0,0,0,0,0,0,0,0,0,null,null,null,null,"",1]
["ADF10200210S","노무","L001010101000003",null,"특별인부","일반공사 직종","인",2.3099999999999999E-2,0,0,214222,4948.5,0,0,214222,4948.5,null,null,"N","N","",1]
["ADF10200210S","기계경비","00004504003200000",null,"콘크리트 펌프차","32m(80∼95㎥/hr)","HR",9.2600000000000002E-2,29707,2750.8,55700,5157.8,68071,6303.3,153478,14211.9,null,null,"N","N","",1]
["ADF10200220S","노무","L001010101000013",null,"콘크리트공","일반공사 직종","인",6.1699999999999998E-2,0,0,261283,16121.1,0,0,261283,16121.1,null,null,"N","N","",1]
["ADF10200220S","손료","RENT000000000001",null,"공구손료","인력품의 5%","식",1,1417.8,1417.8,0,0,0,0,1417.8,1417.8,null,null,"N","N",5,1]
["ADF10200220S","기계경비","00004504003200000",null,"콘크리트 펌프차","32m(80∼95㎥/hr)","HR",0.1646,29707,4889.7,55700,9168.2000000000007,68071,11204.4,153478,25262.3,null,null,"N","N","",1]
["ADF10200230S",null,null,null,"무근콘크리트 펌프차 타설","15cm, Type-Ⅳ(비탈면 등), Type-Ⅱ(순차타설)","M3",0,0,0,0,0,0,0,0,0,null,null,null,null,"",1]
["ADF10200230S","노무","L001010101000002",null,"보통인부","일반공사 직종","인",2.47E-2,0,0,165545,4088.9,0,0,165545,4088.9,null,null,"N","N","",1]
[null,null,null,null,"[합 계]",null,null,0,0,7568,0,45033,0,13444,0,66045,null,null,null,null,"",1]
["ADF10200240S","노무","L001010101000013",null,"콘크리트공","일반공사 직종","인",9.2600000000000002E-2,0,0,261283,24194.799999999999,0,0,261283,24194.799999999999,null,null,"N","N","",1]
["ADF10200240S","손료","RENT000000000001",null,"공구손료","인력품의 5%","식",1,2126.3000000000002,2126.3000000000002,0,0,0,0,2126.3000000000002,2126.3000000000002,null,null,"N","N",5,1]
["ADF10200250S",null,null,null,"무근콘크리트 펌프차 타설","18cm이상, Type-Ⅰ(매트기초), Type-Ⅰ(병렬타설)","M3",0,0,0,0,0,0,0,0,0,null,null,null,null,"",1]
["ADF10200250S","노무","L001010101000002",null,"보통인부","일반공사 직종","인",4.1000000000000003E-3,0,0,165545,678.7,0,0,165545,678.7,null,null,"N","N","",1]
["ADF10200250S","손료","RENT000000000001",null,"공구손료","인력품의 5%","식",1,282.39999999999998,282.39999999999998,0,0,0,0,282.39999999999998,282.39999999999998,null,null,"N","N",5,1]
[null,null,null,null,null,null,null,0,0,0,0,0,0,0,0,0,null,null,null,null,"",1]
["ADF10200260S","노무","L001010101000003",null,"특별인부","일반공사 직종","인",9.9000000000000008E-3,0,0,214222,2120.6999999999998,0,0,214222,2120.6999999999998,null,null,"N","N","",1]
["ADF10200260S","기계경비","00004504003200000",null,"콘크리트 펌프차","32m(80∼95㎥/hr)","HR",3.9399999999999998E-2,29707,1170.4000000000001,55700,2194.5,68071,2681.9,153478,6046.8,null,null,"N","N","",1]
["ADF10200270S",null,null,null,"무근콘크리트 펌프차 타설","18cm이상, Type-Ⅰ(매트기초), Type-Ⅲ(연속타설어려움)","M3",0,0,0,0,0,0,0,0,0,null,null,null,null,"",1]
["ADF10200270S","노무","L001010101000002",null,"보통인부","일반공사 직종","인",6.1999999999999998E-3,0,0,165545,1026.3,0,0,165545,1026.3,null,null,"N","N","",1]
[null,null,null,null,null,null,null,0,0,0,0,0,0,0,0,0,null,null,null,null,"",1]
["ADF10200280S","노무","L001010101000003",null,"특별인부","일반공사 직종","인",1.15E-2,0,0,214222,2463.5,0,0,214222,2463.5,null,null,"N","N","",1]
["ADF10200280S","노무","L001010101000002",null,"보통인부","일반공사 직종","인",5.7000000000000002E-3,0,0,165545,943.6,0,0,165545,943.6,null,null,"N","N","",1]
[null,null,null,null,"[합 계]",null,null,0,0,1761,0,10463,0,3131,0,15355,null,null,null,null,"",1]
["ADF10200290S","노무","L001010101000013",null,"콘크리트공","일반공사 직종","인",2.07E-2,0,0,261283,5408.5,0,0,261283,5408.5,null,null,"N","N","",1]
["ADF10200290S","손료","RENT000000000001",null,"공구손료","인력품의 5%","식",1,475.3,475.3,0,0,0,0,475.3,475.3,null,null,"N","N",5,1]
[null,null,null,null,null,null,null,0,0,0,0,0,0,0,0,0,null,null,null,null,"",1]
["ADF10200300S","노무","L001010101000002",null,"보통인부","일반공사 직종","인",8.6E-3,0,0,165545,1423.6,0,0,165545,1423.6,null,null,"N","N","",1]
[null,null,null,null,"[합 계]",null,null,0,0,2643,0,15718,0,4696,0,23057,null,null,null,null,"",1]
["ADF10200310S","노무","L001010101000013",null,"콘크리트공","일반공사 직종","인",2.1600000000000001E-2,0,0,261283,5643.7,0,0,261283,5643.7,null,null,"N","N","",1]
["ADF10200310S","노무","L001010101000003",null,"특별인부","일반공사 직종","인",1.44E-2,0,0,214222,3084.7,0,0,214222,3084.7,null,null,"N","N","",1]
["ADF10200310S","기계경비","00004504003200000",null,"콘크리트 펌프차","32m(80∼95㎥/hr)","HR",5.7500000000000002E-2,29707,1708.1,55700,3202.7,68071,3914,153478,8824.7999999999993,null,null,"N","N","",1]
["ADF10200320S",null,null,null,"무근콘크리트 펌프차 타설","18cm이상, Type-Ⅲ(옹벽,줄기초 등), Type-Ⅱ(순차타설)","M3",0,0,0,0,0,0,0,0,0,null,null,null,null,"",1]
["ADF10200320S","노무","L001010101000002",null,"보통인부","일반공사 직종","인",8.6E-3,0,0,165545,1423.6,0,0,165545,1423.6,null,null,"N","N","",1]
[null,null,null,null,"[합 계]",null,null,0,0,2643,0,15718,0,4696,0,23057,null,null,null,null,"",1]
["ADF10200330S","노무","L001010101000003",null,"특별인부","일반공사 직종","인",2.1600000000000001E-2,0,0,214222,4627.1000000000004,0,0,214222,4627.1000000000004,null,null,"N","N","",1]
["ADF10200330S","기계경비","00004504003200000",null,"콘크리트 펌프차","32m(80∼95㎥/hr)","HR",8.6199999999999999E-2,29707,2560.6999999999998,55700,4801.3,68071,5867.7,153478,13229.7,null,null,"N","N","",1]
["ADF10200340S",null,null,null,"무근콘크리트 펌프차 타설","18cm이상, Type-Ⅳ(비탈면 등), Type-Ⅰ(병렬타설)","M3",0,0,0,0,0,0,0,0,0,null,null,null,null,"",1]
["ADF10200340S","노무","L001010101000013",null,"콘크리트공","일반공사 직종","인",5.7500000000000002E-2,0,0,261283,15023.7,0,0,261283,15023.7,null,null,"N","N","",1]
["ADF10200340S","손료","RENT000000000001",null,"공구손료","인력품의 5%","식",1,1320.3,1320.3,0,0,0,0,1320.3,1320.3,null,null,"N","N",5,1]
[null,null,null,null,null,null,null,0,0,0,0,0,0,0,0,0,null,null,null,null,"",1]
["ADF10200350S","노무","L001010101000003",null,"특별인부","일반공사 직종","인",4.5999999999999999E-2,0,0,214222,9854.2000000000007,0,0,214222,9854.2000000000007,null,null,"N","N","",1]
["ADF10200350S","기계경비","00004504003200000",null,"콘크리트 펌프차","32m(80∼95㎥/hr)","HR",0.18390000000000001,29707,5463.1,55700,10243.200000000001,68071,12518.2,153478,28224.5,null,null,"N","N","",1]
["ADF10200360S","노무","L001010101000013",null,"콘크리트공","일반공사 직종","인",8.6199999999999999E-2,0,0,261283,22522.5,0,0,261283,22522.5,null,null,"N","N","",1]
["ADF10200360S","손료","RENT000000000001",null,"공구손료","인력품의 5%","식",1,1979.5,1979.5,0,0,0,0,1979.5,1979.5,null,null,"N","N",5,1]
[null,null,null,null,null,null,null,0,0,0,0,0,0,0,0,0,null,null,null,null,"",1]
["ADF10200370S",null,null,null,"무근콘크리트 펌프차 타설(진동기 미사용)","8~12cm, Type-Ⅰ(매트기초), Type-Ⅰ(병렬타설)","M3",0,0,0,0,0,0,0,0,0,null,null,null,null,"",1]
["ADF10200370S","노무","L001010101000002",null,"보통인부","일반공사 직종","인",4.5999999999999999E-3,0,0,165545,761.5,0,0,165545,761.5,null,null,"N","N","",1]
[null,null,null,null,"[합 계]",null,null,0,0,1294,0,6189,0,2491,0,9974,null,null,null,null,"",1]
["ADF10200380S","노무","L001010101000013",null,"콘크리트공","일반공사 직종","인",1.0999999999999999E-2,0,0,261283,2874.1,0,0,261283,2874.1,null,null,"N","N","",1]
["ADF10200380S","손료","RENT000000000001",null,"공구손료","인력품의 5%","식",1,248.1,248.1,0,0,0,0,248.1,248.1,null,null,"N","N",5,1]
["ADF10200390S",null,null,null,"무근콘크리트 펌프차 타설(진동기 미사용)","8~12cm, Type-Ⅰ(매트기초), Type-Ⅲ(연속타설어려움)","M3",0,0,0,0,0,0,0,0,0,null,null,null,null,"",1]
["ADF10200390S","노무","L001010101000002",null,"보통인부","일반공사 직종","인",6.8999999999999999E-3,0,0,165545,1142.2,0,0,165545,1142.2,null,null,"N","N","",1]
[null,null,null,null,"[합 계]",null,null,0,0,1940,0,9257,0,3737,0,14934,null,null,null,null,"",1]
[null,null,null,null,null,null,null,0,0,0,0,0,0,0,0,0,null,null,null,null,"",1]
["ADF10200400S","노무","L001010101000003",null,"특별인부","일반공사 직종","인",6.4000000000000003E-3,0,0,214222,1371,0,0,214222,1371,null,null,"N","N","",1]
["ADF10200400S","기계경비","00004504003200000",null,"콘크리트 펌프차","32m(80∼95㎥/hr)","HR",5.1299999999999998E-2,29707,1523.9,55700,2857.4,68071,3492,153478,7873.3,null,null,"N","N","",1]
["ADF10200410S",null,null,null,"무근콘크리트 펌프차 타설(진동기 미사용)","8~12cm, Type-Ⅱ(벽,기둥,보,슬라브), Type-Ⅱ(순차타설)","M3",0,0,0,0,0,0,0,0,0,null,null,null,null,"",1]
["ADF10200410S","노무","L001010101000002",null,"보통인부","일반공사 직종","인",7.7000000000000002E-3,0,0,165545,1274.5999999999999,0,0,165545,1274.5999999999999,null,null,"N","N","",1]
[null,null,null,null,null,null,null,0,0,0,0,0,0,0,0,0,null,null,null,null,"",1]
["ADF10200420S","노무","L001010101000003",null,"특별인부","일반공사 직종","인",9.5999999999999992E-3,0,0,214222,2056.5,0,0,214222,2056.5,null,null,"N","N","",1]
["ADF10200420S","노무","L001010101000002",null,"보통인부","일반공사 직종","인",9.5999999999999992E-3,0,0,165545,1589.2,0,0,165545,1589.2,null,null,"N","N","",1]
[null,null,null,null,"[합 계]",null,null,0,0,2717,0,12945,0,5234,0,20896,null,null,null,null,"",1]
["ADF10200430S","노무","L001010101000013",null,"콘크리트공","일반공사 직종","인",1.6E-2,0,0,261283,4180.5,0,0,261283,4180.5,null,null,"N","N","",1]
["ADF10200430S","손료","RENT000000000001",null,"공구손료","인력품의 5%","식",1,360.9,360.9,0,0,0,0,360.9,360.9,null,null,"N","N",5,1]
[null,null,null,null,null,null,null,0,0,0,0,0,0,0,0,0,null,null,null,null,"",1]
["ADF10200440S","노무","L001010101000003",null,"특별인부","일반공사 직종","인",9.5999999999999992E-3,0,0,214222,2056.5,0,0,214222,2056.5,null,null,"N","N","",1]
[null,null,null,null,"[합 계]",null,null,0,0,2717,0,12945,0,5234,0,20896,null,null,null,null,"",1]
["ADF10200450S","노무","L001010101000013",null,"콘크리트공","일반공사 직종","인",2.4E-2,0,0,261283,6270.7,0,0,261283,6270.7,null,null,"N","N","",1]
["ADF10200450S","노무","L001010101000003",null,"특별인부","일반공사 직종","인",1.2E-2,0,0,214222,2570.6,0,0,214222,2570.6,null,null,"N","N","",1]
["ADF10200450S","기계경비","00004504003200000",null,"콘크리트 펌프차","32m(80∼95㎥/hr)","HR",9.6199999999999994E-2,29707,2857.8,55700,5358.3,68071,6548.4,153478,14764.5,null,null,"N","N","",1]
["ADF10200460S","노무","L001010101000013",null,"콘크리트공","일반공사 직종","인",4.2700000000000002E-2,0,0,261283,11156.7,0,0,261283,11156.7,null,null,"N","N","",1]
["ADF10200460S","노무","L001010101000002",null,"보통인부","일반공사 직종","인",2.1399999999999999E-2,0,0,165545,3542.6,0,0,165545,3542.6,null,null,"N","N","",1]
[null,null,null,null,"[합 계]",null,null,0,0,6041,0,28802,0,11633,0,46476,null,null,null,null,"",1]
["ADF10200470S","노무","L001010101000013",null,"콘크리트공","일반공사 직종","인",5.1299999999999998E-2,0,0,261283,13403.8,0,0,261283,13403.8,null,null,"N","N","",1]
["ADF10200470S","기계경비","00004504003200000",null,"콘크리트 펌프차","32m(80∼95㎥/hr)","HR",0.2051,29707,6092.9,55700,11424,68071,13961.3,153478,31478.2,null,null,"N","N","",1]
["ADF10200480S",null,null,null,"무근콘크리트 펌프차 타설(진동기 미사용)","8~12cm, Type-Ⅳ(비탈면 등), Type-Ⅲ(연속타설어려움)","M3",0,0,0,0,0,0,0,0,0,null,null,null,null,"",1]
["ADF10200480S","노무","L001010101000013",null,"콘크리트공","일반공사 직종","인",6.4100000000000004E-2,0,0,261283,16748.2,0,0,261283,16748.2,null,null,"N","N","",1]
["ADF10200480S","손료","RENT000000000001",null,"공구손료","인력품의 5%","식",1,1446.9,1446.9,0,0,0,0,1446.9,1446.9,null,null,"N","N",5,1]
["ADF10200490S",null,null,null,"무근콘크리트 펌프차 타설(진동기 미사용)","15cm, Type-Ⅰ(매트기초), Type-Ⅰ(병렬타설)","M3",0,0,0,0,0,0,0,0,0,null,null,null,null,"",1]
["ADF10200490S","노무","L001010101000003",null,"특별인부","일반공사 직종","인",4.4000000000000003E-3,0,0,214222,942.5,0,0,214222,942.5,null,null,"N","N","",1]
["ADF10200490S","기계경비","00004504003200000",null,"콘크리트 펌프차","32m(80∼95㎥/hr)","HR",3.5299999999999998E-2,29707,1048.5999999999999,55700,1966.2,68071,2402.9,153478,5417.7,null,null,"N","N","",1]
["ADF10200500S","노무","L001010101000013",null,"콘크리트공","일반공사 직종","인",1.06E-2,0,0,261283,2769.5,0,0,261283,2769.5,null,null,"N","N","",1]
["ADF10200500S","손료","RENT000000000001",null,"공구손료","인력품의 5%","식",1,242.3,242.3,0,0,0,0,242.3,242.3,null,null,"N","N",5,1]
[null,null,null,null,null,null,null,0,0,0,0,0,0,0,0,0,null,null,null,null,"",1]
["ADF10200510S",null,null,null,"무근콘크리트 펌프차 타설(진동기 미사용)","15cm, Type-Ⅰ(매트기초), Type-Ⅲ(연속타설어려움)","M3",0,0,0,0,0,0,0,0,0,null,null,null,null,"",1]
["ADF10200510S","노무","L001010101000002",null,"보통인부","일반공사 직종","인",6.6E-3,0,0,165545,1092.5,0,0,165545,1092.5,null,null,"N","N","",1]
[null,null,null,null,null,null,null,0,0,0,0,0,0,0,0,0,null,null,null,null,"",1]
["ADF20200010S","노무","L001010101000013",null,"콘크리트공","일반공사 직종","인",1.9E-2,0,0,261283,4964.3,0,0,261283,4964.3,null,null,"N","N","",1]
["ADF20200010S","손료","RENT000000000001",null,"공구손료","인력품의 5%","식",1,389.7,389.7,0,0,0,0,389.7,389.7,null,null,"N","N",5,1]
["ADF20200020S",null,null,null,"철근콘크리트 펌프차 타설","8~12cm, Type-Ⅰ(매트기초), Type-Ⅱ(순차타설)","M3",0,0,0,0,0,0,0,0,0,null,null,null,null,"",1]
["ADF20200020S","노무","L001010101000002",null,"보통인부","일반공사 직종","인",5.7000000000000002E-3,0,0,165545,943.6,0,0,165545,943.6,null,null,"N","N","",1]
[null,null,null,null,"[합 계]",null,null,0,0,1826,0,11914,0,3110,0,16850,null,null,null,null,"",1]
[null,null,null,null,null,null,null,0,0,0,0,0,0,0,0,0,null,null,null,null,"",1]
["ADF20200030S","노무","L001010101000003",null,"특별인부","일반공사 직종","인",1.43E-2,0,0,214222,3063.3,0,0,214222,3063.3,null,null,"N","N","",1]
[null,null,null,null,"[합 계]",null,null,0,0,2281,0,14891,0,3886,0,21058,null,null,null,null,"",1]
["ADF20200040S",null,null,null,"철근콘크리트 펌프차 타설","8~12cm, Type-Ⅱ(벽,기둥,보,슬라브), Type-Ⅰ(병렬타설)","M3",0,0,0,0,0,0,0,0,0,null,null,null,null,"",1]
["ADF20200040S","노무","L001010101000002",null,"보통인부","일반공사 직종","인",6.7000000000000002E-3,0,0,165545,1109.0999999999999,0,0,165545,1109.0999999999999,null,null,"N","N","",1]
[null,null,null,null,null,null,null,0,0,0,0,0,0,0,0,0,null,null,null,null,"",1]
["ADF20200050S","노무","L001010101000003",null,"특별인부","일반공사 직종","인",1.6E-2,0,0,214222,3427.5,0,0,214222,3427.5,null,null,"N","N","",1]
["ADF20200050S","기계경비","00004504003200000",null,"콘크리트 펌프차","32m(80∼95㎥/hr)","HR",6.4000000000000001E-2,29707,1901.2,55700,3564.8,68071,4356.5,153478,9822.5,null,null,"N","N","",1]
[null,null,null,null,"[합 계]",null,null,0,0,2556,0,16677,0,4356,0,23589,null,null,null,null,"",1]
["ADF20200060S","노무","L001010101000013",null,"콘크리트공","일반공사 직종","인",0.04,0,0,261283,10451.299999999999,0,0,261283,10451.299999999999,null,null,"N","N","",1]
["ADF20200060S","기계경비","00004504003200000",null,"콘크리트 펌프차","32m(80∼95㎥/hr)","HR",0.08,29707,2376.5,55700,4456,68071,5445.6,153478,12278.1,null,null,"N","N","",1]
[null,null,null,null,null,null,null,0,0,0,0,0,0,0,0,0,null,null,null,null,"",1]
["ADF20200070S","노무","L001010101000003",null,"특별인부","일반공사 직종","인",1.67E-2,0,0,214222,3577.5,0,0,214222,3577.5,null,null,"N","N","",1]
[null,null,null,null,"[합 계]",null,null,0,0,2664,0,17367,0,4540,0,24571,null,null,null,null,"",1]
["ADF20200080S","노무","L001010101000013",null,"콘크리트공","일반공사 직종","인",0.04,0,0,261283,10451.299999999999,0,0,261283,10451.299999999999,null,null,"N","N","",1]
["ADF20200080S","손료","RENT000000000001",null,"공구손료","인력품의 5%","식",1,819.5,819.5,0,0,0,0,819.5,819.5,null,null,"N","N",5,1]
["ADF20200080S","기계경비","00004504003200000",null,"콘크리트 펌프차","32m(80∼95㎥/hr)","HR",0.08,29707,2376.5,55700,4456,68071,5445.6,153478,12278.1,null,null,"N","N","",1]
["ADF20200090S",null,null,null,"철근콘크리트 펌프차 타설","8~12cm, Type-Ⅲ(옹벽,줄기초 등), Type-Ⅲ(연속타설어려움)","M3",0,0,0,0,0,0,0,0,0,null,null,null,null,"",1]
["ADF20200090S","손료","RENT000000000001",null,"공구손료","인력품의 5%","식",1,1024.4000000000001,1024.4000000000001,0,0,0,0,1024.4000000000001,1024.4000000000001,null,null,"N","N",5,1]
[null,null,null,null,"[합 계]",null,null,0,0,3995,0,26058,0,6807,0,36860,null,null,null,null,"",1]
["ADF20200100S","노무","L001010101000013",null,"콘크리트공","일반공사 직종","인",8.8900000000000007E-2,0,0,261283,23228,0,0,261283,23228,null,null,"N","N","",1]
["ADF20200100S","기계경비","00004504003200000",null,"콘크리트 펌프차","32m(80∼95㎥/hr)","HR",0.17780000000000001,29707,5281.9,55700,9903.4,68071,12103,153478,27288.3,null,null,"N","N","",1]
["ADF20200110S",null,null,null,"철근콘크리트 펌프차 타설","8~12cm, Type-Ⅳ(비탈면 등), Type-Ⅱ(순차타설)","M3",0,0,0,0,0,0,0,0,0,null,null,null,null,"",1]
["ADF20200110S","노무","L001010101000013",null,"콘크리트공","일반공사 직종","인",0.1067,0,0,261283,27878.799999999999,0,0,261283,27878.799999999999,null,null,"N","N","",1]
["ADF20200110S","손료","RENT000000000001",null,"공구손료","인력품의 5%","식",1,2185.8000000000002,2185.8000000000002,0,0,0,0,2185.8000000000002,2185.8000000000002,null,null,"N","N",5,1]
[null,null,null,null,null,null,null,0,0,0,0,0,0,0,0,0,null,null,null,null,"",1]
["ADF20200120S","노무","L001010101000002",null,"보통인부","일반공사 직종","인",3.3300000000000003E-2,0,0,165545,5512.6,0,0,165545,5512.6,null,null,"N","N","",1]
["ADF20200120S","기계경비","00004504003200000",null,"콘크리트 펌프차","32m(80∼95㎥/hr)","HR",0.26669999999999999,29707,7922.8,55700,14855.1,68071,18154.5,153478,40932.400000000001,null,null,"N","N","",1]
["ADF20200130S",null,null,null,"철근콘크리트 펌프차 타설","15cm, Type-Ⅰ(매트기초), Type-Ⅰ(병렬타설)","M3",0,0,0,0,0,0,0,0,0,null,null,null,null,"",1]
["ADF20200130S","손료","RENT000000000001",null,"공구손료","인력품의 5%","식",1,375.6,375.6,0,0,0,0,375.6,375.6,null,null,"N","N",5,1]
[null,null,null,null,null,null,null,0,0,0,0,0,0,0,0,0,null,null,null,null,"",1]
["ADF20200140S",null,null,null,"철근콘크리트 펌프차 타설","15cm, Type-Ⅰ(매트기초), Type-Ⅱ(순차타설)","M3",0,0,0,0,0,0,0,0,0,null,null,null,null,"",1]
["ADF20200140S","노무","L001010101000002",null,"보통인부","일반공사 직종","인",5.4999999999999997E-3,0,0,165545,910.4,0,0,165545,910.4,null,null,"N","N","",1]
[null,null,null,null,"[합 계]",null,null,0,0,1757,0,11465,0,2995,0,16217,null,null,null,null,"",1]
["ADF20200150S","노무","L001010101000003",null,"특별인부","일반공사 직종","인",1.37E-2,0,0,214222,2934.8,0,0,214222,2934.8,null,null,"N","N","",1]
["ADF20200150S","손료","RENT000000000001",null,"공구손료","인력품의 5%","식",1,563.1,563.1,0,0,0,0,563.1,563.1,null,null,"N","N",5,1]
["ADF20200160S",null,null,null,"철근콘크리트 펌프차 타설","15cm, Type-Ⅱ(벽,기둥,보,슬라브), Type-Ⅰ(병렬타설)","M3",0,0,0,0,0,0,0,0,0,null,null,null,null,"",1]
["ADF20200160S","노무","L001010101000002",null,"보통인부","일반공사 직종","인",6.4000000000000003E-3,0,0,165545,1059.4000000000001,0,0,165545,1059.4000000000001,null,null,"N","N","",1]
[null,null,null,null,"[합 계]",null,null,0,0,2048,0,13347,0,3492,0,18887,null,null,null,null,"",1]
[null,null,null,null,null,null,null,0,0,0,0,0,0,0,0,0,null,null,null,null,"",1]
["ADF20200170S","노무","L001010101000003",null,"특별인부","일반공사 직종","인",1.54E-2,0,0,214222,3299,0,0,214222,3299,null,null,"N","N","",1]
["ADF20200170S","기계경비","00004504003200000",null,"콘크리트 펌프차","32m(80∼95㎥/hr)","HR",6.1499999999999999E-2,29707,1826.9,55700,3425.5,68071,4186.3,153478,9438.7000000000007,null,null,"N","N","",1]
["ADF20200180S","노무","L001010101000013",null,"콘크리트공","일반공사 직종","인",3.85E-2,0,0,261283,10059.299999999999,0,0,261283,10059.299999999999,null,null,"N","N","",1]
["ADF20200180S","노무","L001010101000002",null,"보통인부","일반공사 직종","인",9.5999999999999992E-3,0,0,165545,1589.2,0,0,165545,1589.2,null,null,"N","N","",1]
[null,null,null,null,null,null,null,0,0,0,0,0,0,0,0,0,null,null,null,null,"",1]
["ADF20200190S","노무","L001010101000003",null,"특별인부","일반공사 직종","인",1.6E-2,0,0,214222,3427.5,0,0,214222,3427.5,null,null,"N","N","",1]
["ADF20200190S","기계경비","00004504003200000",null,"콘크리트 펌프차","32m(80∼95㎥/hr)","HR",6.4100000000000004E-2,29707,1904.2,55700,3570.3,68071,4363.3,153478,9837.7999999999993,null,null,"N","N","",1]
[null,null,null,null,"[합 계]",null,null,0,0,2561,0,16709,0,4363,0,23633,null,null,null,null,"",1]
["ADF20200200S","노무","L001010101000013",null,"콘크리트공","일반공사 직종","인",3.85E-2,0,0,261283,10059.299999999999,0,0,261283,10059.299999999999,null,null,"N","N","",1]
["ADF20200200S","손료","RENT000000000001",null,"공구손료","인력품의 5%","식",1,788,788,0,0,0,0,788,788,null,null,"N","N",5,1]
["ADF20200210S",null,null,null,"철근콘크리트 펌프차 타설","15cm, Type-Ⅲ(옹벽,줄기초 등), Type-Ⅲ(연속타설어려움)","M3",0,0,0,0,0,0,0,0,0,null,null,null,null,"",1]
["ADF20200210S","노무","L001010101000003",null,"특별인부","일반공사 직종","인",2.4E-2,0,0,214222,5141.3,0,0,214222,5141.3,null,null,"N","N","",1]
[null,null,null,null,"[합 계]",null,null,0,0,3842,0,25053,0,6548,0,35443,null,null,null,null,"",1]
["ADF20200220S","노무","L001010101000013",null,"콘크리트공","일반공사 직종","인",8.5500000000000007E-2,0,0,261283,22339.599999999999,0,0,261283,22339.599999999999,null,null,"N","N","",1]
["ADF20200220S","손료","RENT000000000001",null,"공구손료","인력품의 5%","식",1,1751.4,1751.4,0,0,0,0,1751.4,1751.4,null,null,"N","N",5,1]
["ADF20200220S","기계경비","00004504003200000",null,"콘크리트 펌프차","32m(80∼95㎥/hr)","HR",0.1709,29707,5076.8999999999996,55700,9519.1,68071,11633.3,153478,26229.3,null,null,"N","N","",1]
["ADF20200230S",null,null,null,"철근콘크리트 펌프차 타설","15cm, Type-Ⅳ(비탈면 등), Type-Ⅱ(순차타설)","M3",0,0,0,0,0,0,0,0,0,null,null,null,null,"",1]
["ADF20200230S","손료","RENT000000000001",null,"공구손료","인력품의 5%","식",1,2101.6999999999998,2101.6999999999998,0,0,0,0,2101.6999999999998,2101.6999999999998,null,null,"N","N",5,1]
[null,null,null,null,null,null,null,0,0,0,0,0,0,0,0,0,null,null,null,null,"",1]
["ADF20200240S","노무","L001010101000013",null,"콘크리트공","일반공사 직종","인",0.12820000000000001,0,0,261283,33496.400000000001,0,0,261283,33496.400000000001,null,null,"N","N","",1]
["ADF20200240S","기계경비","00004504003200000",null,"콘크리트 펌프차","32m(80∼95㎥/hr)","HR",0.25640000000000002,29707,7616.8,55700,14281.4,68071,17453.400000000001,153478,39351.599999999999,null,null,"N","N","",1]
["ADF20200250S",null,null,null,"철근콘크리트 펌프차 타설","18cm이상, Type-Ⅰ(매트기초), Type-Ⅰ(병렬타설)","M3",0,0,0,0,0,0,0,0,0,null,null,null,null,"",1]
["ADF20200250S","노무","L001010101000002",null,"보통인부","일반공사 직종","인",4.3E-3,0,0,165545,711.8,0,0,165545,711.8,null,null,"N","N","",1]
["ADF20200250S","손료","RENT000000000001",null,"공구손료","인력품의 5%","식",1,348.7,348.7,0,0,0,0,348.7,348.7,null,null,"N","N",5,1]
[null,null,null,null,null,null,null,0,0,0,0,0,0,0,0,0,null,null,null,null,"",1]
["ADF20200260S","노무","L001010101000003",null,"특별인부","일반공사 직종","인",1.0200000000000001E-2,0,0,214222,2185,0,0,214222,2185,null,null,"N","N","",1]
["ADF20200260S","기계경비","00004504003200000",null,"콘크리트 펌프차","32m(80∼95㎥/hr)","HR",4.0800000000000003E-2,29707,1212,55700,2272.5,68071,2777.2,153478,6261.7,null,null,"N","N","",1]
["ADF20200270S",null,null,null,"철근콘크리트 펌프차 타설","18cm이상, Type-Ⅰ(매트기초), Type-Ⅲ(연속타설어려움)","M3",0,0,0,0,0,0,0,0,0,null,null,null,null,"",1]
["ADF20200270S","손료","RENT000000000001",null,"공구손료","인력품의 5%","식",1,523.20000000000005,523.20000000000005,0,0,0,0,523.20000000000005,523.20000000000005,null,null,"N","N",5,1]
[null,null,null,null,null,null,null,0,0,0,0,0,0,0,0,0,null,null,null,null,"",1]
["ADF20200280S","노무","L001010101000003",null,"특별인부","일반공사 직종","인",1.1900000000000001E-2,0,0,214222,2549.1999999999998,0,0,214222,2549.1999999999998,null,null,"N","N","",1]
["ADF20200280S","노무","L001010101000002",null,"보통인부","일반공사 직종","인",6.0000000000000001E-3,0,0,165545,993.2,0,0,165545,993.2,null,null,"N","N","",1]
[null,null,null,null,"[합 계]",null,null,0,0,1902,0,12412,0,3240,0,17554,null,null,null,null,"",1]
["ADF20200290S","노무","L001010101000013",null,"콘크리트공","일반공사 직종","인",2.86E-2,0,0,261283,7472.6,0,0,261283,7472.6,null,null,"N","N","",1]
["ADF20200290S","손료","RENT000000000001",null,"공구손료","인력품의 5%","식",1,585.5,585.5,0,0,0,0,585.5,585.5,null,null,"N","N",5,1]
[null,null,null,null,null,null,null,0,0,0,0,0,0,0,0,0,null,null,null,null,"",1]
["ADF20200300S","노무","L001010101000002",null,"보통인부","일반공사 직종","인",8.8999999999999999E-3,0,0,165545,1473.3,0,0,165545,1473.3,null,null,"N","N","",1]
[null,null,null,null,"[합 계]",null,null,0,0,2852,0,18612,0,4860,0,26324,null,null,null,null,"",1]
[null,null,null,null,null,null,null,0,0,0,0,0,0,0,0,0,null,null,null,null,"",1]
["ADF20200310S","노무","L001010101000003",null,"특별인부","일반공사 직종","인",1.49E-2,0,0,214222,3191.9,0,0,214222,3191.9,null,null,"N","N","",1]
["ADF20200310S","기계경비","00004504003200000",null,"콘크리트 펌프차","32m(80∼95㎥/hr)","HR",5.9499999999999997E-2,29707,1767.5,55700,3314.1,68071,4050.2,153478,9131.7999999999993,null,null,"N","N","",1]
["ADF20200320S",null,null,null,"철근콘크리트 펌프차 타설","18cm이상, Type-Ⅲ(옹벽,줄기초 등), Type-Ⅱ(순차타설)","M3",0,0,0,0,0,0,0,0,0,null,null,null,null,"",1]
["ADF20200320S","노무","L001010101000002",null,"보통인부","일반공사 직종","인",8.8999999999999999E-3,0,0,165545,1473.3,0,0,165545,1473.3,null,null,"N","N","",1]
[null,null,null,null,"[합 계]",null,null,0,0,2852,0,18612,0,4860,0,26324,null,null,null,null,"",1]
["ADF20200330S","노무","L001010101000003",null,"특별인부","일반공사 직종","인",2.23E-2,0,0,214222,4777.1000000000004,0,0,214222,4777.1000000000004,null,null,"N","N","",1]
["ADF20200330S","기계경비","00004504003200000",null,"콘크리트 펌프차","32m(80∼95㎥/hr)","HR",8.9300000000000004E-2,29707,2652.8,55700,4974,68071,6078.7,153478,13705.5,null,null,"N","N","",1]
[null,null,null,null,"[합 계]",null,null,0,0,3567,0,23258,0,6078,0,32903,null,null,null,null,"",1]
["ADF20200340S","노무","L001010101000013",null,"콘크리트공","일반공사 직종","인",7.9399999999999998E-2,0,0,261283,20745.8,0,0,261283,20745.8,null,null,"N","N","",1]
["ADF20200340S","손료","RENT000000000001",null,"공구손료","인력품의 5%","식",1,1626.4,1626.4,0,0,0,0,1626.4,1626.4,null,null,"N","N",5,1]
[null,null,null,null,null,null,null,0,0,0,0,0,0,0,0,0,null,null,null,null,"",1]
["ADF20200350S","노무","L001010101000003",null,"특별인부","일반공사 직종","인",4.7600000000000003E-2,0,0,214222,10196.9,0,0,214222,10196.9,null,null,"N","N","",1]
[null,null,null,null,"[합 계]",null,null,0,0,7609,0,49621,0,12967,0,70197,null,null,null,null,"",1]
["ADF20200360S","노무","L001010101000013",null,"콘크리트공","일반공사 직종","인",0.11899999999999999,0,0,261283,31092.6,0,0,261283,31092.6,null,null,"N","N","",1]
["ADF20200360S","손료","RENT000000000001",null,"공구손료","인력품의 5%","식",1,2438.6,2438.6,0,0,0,0,2438.6,2438.6,null,null,"N","N",5,1]
["ADF20200360S","기계경비","00004504003200000",null,"콘크리트 펌프차","32m(80∼95㎥/hr)","HR",0.23810000000000001,29707,7073.2,55700,13262.1,68071,16207.7,153478,36543,null,null,"N","N","",1]
["ADF20200370S",null,null,null,"철근콘크리트 펌프차 타설(배관타설)","8~12cm, Type-Ⅰ(매트기초), Type-Ⅰ(병렬타설)","M3",0,0,0,0,0,0,0,0,0,null,null,null,null,"",1]
["ADF20200370S","노무","L001010101000002",null,"보통인부","일반공사 직종","인",4.7999999999999996E-3,0,0,165545,794.6,0,0,165545,794.6,null,null,"N","N","",1]
[null,null,null,null,"[합 계]",null,null,0,0,1573,0,10950,0,2593,0,15116,null,null,null,null,"",1]
["ADF20200380S","노무","L001010101000013",null,"콘크리트공","일반공사 직종","인",2.29E-2,0,0,261283,5983.3,0,0,261283,5983.3,null,null,"N","N","",1]
["ADF20200380S","기계경비","00004504003200000",null,"콘크리트 펌프차","32m(80∼95㎥/hr)","HR",4.5699999999999998E-2,29707,1357.6,55700,2545.4,68071,3110.8,153478,7013.8,null,null,"N","N","",1]
["ADF20200390S",null,null,null,"철근콘크리트 펌프차 타설(배관타설)","8~12cm, Type-Ⅰ(매트기초), Type-Ⅲ(연속타설어려움)","M3",0,0,0,0,0,0,0,0,0,null,null,null,null,"",1]
["ADF20200390S","노무","L001010101000002",null,"보통인부","일반공사 직종","인",7.1000000000000004E-3,0,0,165545,1175.3,0,0,165545,1175.3,null,null,"N","N","",1]
["ADF20200390S","손료","RENT000000000001",null,"공구손료","인력품의 5%","식",1,661.6,661.6,0,0,0,0,661.6,661.6,null,null,"N","N",5,1]
[null,null,null,null,null,null,null,0,0,0,0,0,0,0,0,0,null,null,null,null,"",1]
["ADF20200400S","노무","L001010101000003",null,"특별인부","일반공사 직종","인",0.02,0,0,214222,4284.3999999999996,0,0,214222,4284.3999999999996,null,null,"N","N","",1]
["ADF20200400S","기계경비","00004504003200000",null,"콘크리트 펌프차","32m(80∼95㎥/hr)","HR",5.33E-2,29707,1583.3,55700,2968.8,68071,3628.1,153478,8180.2,null,null,"N","N","",1]
["ADF20200410S",null,null,null,"철근콘크리트 펌프차 타설(배관타설)","8~12cm, Type-Ⅱ(벽,기둥,보,슬라브), Type-Ⅱ(순차타설)","M3",0,0,0,0,0,0,0,0,0,null,null,null,null,"",1]
["ADF20200410S","손료","RENT000000000001",null,"공구손료","인력품의 5%","식",1,741.3,741.3,0,0,0,0,741.3,741.3,null,null,"N","N",5,1]
[null,null,null,null,null,null,null,0,0,0,0,0,0,0,0,0,null,null,null,null,"",1]
["ADF20200420S","노무","L001010101000003",null,"특별인부","일반공사 직종","인",0.03,0,0,214222,6426.6,0,0,214222,6426.6,null,null,"N","N","",1]
["ADF20200420S","노무","L001010101000002",null,"보통인부","일반공사 직종","인",0.01,0,0,165545,1655.4,0,0,165545,1655.4,null,null,"N","N","",1]
[null,null,null,null,"[합 계]",null,null,0,0,3303,0,22989,0,5445,0,31737,null,null,null,null,"",1]
["ADF20200430S","노무","L001010101000003",null,"특별인부","일반공사 직종","인",2.5000000000000001E-2,0,0,214222,5355.5,0,0,214222,5355.5,null,null,"N","N","",1]
["ADF20200430S","손료","RENT000000000001",null,"공구손료","인력품의 5%","식",1,771.5,771.5,0,0,0,0,771.5,771.5,null,null,"N","N",5,1]
[null,null,null,null,null,null,null,0,0,0,0,0,0,0,0,0,null,null,null,null,"",1]
["ADF20200440S","노무","L001010101000002",null,"보통인부","일반공사 직종","인",0.01,0,0,165545,1655.4,0,0,165545,1655.4,null,null,"N","N","",1]
[null,null,null,null,"[합 계]",null,null,0,0,3303,0,22989,0,5445,0,31737,null,null,null,null,"",1]
["ADF20200450S","노무","L001010101000013",null,"콘크리트공","일반공사 직종","인",0.05,0,0,261283,13064.1,0,0,261283,13064.1,null,null,"N","N","",1]
["ADF20200450S","노무","L001010101000003",null,"특별인부","일반공사 직종","인",3.7499999999999999E-2,0,0,214222,8033.3,0,0,214222,8033.3,null,null,"N","N","",1]
["ADF20200450S","기계경비","00004504003200000",null,"콘크리트 펌프차","32m(80∼95㎥/hr)","HR",0.1,29707,2970.7,55700,5570,68071,6807.1,153478,15347.8,null,null,"N","N","",1]
["ADF20200460S","노무","L001010101000013",null,"콘크리트공","일반공사 직종","인",8.8900000000000007E-2,0,0,261283,23228,0,0,261283,23228,null,null,"N","N","",1]
["ADF20200460S","노무","L001010101000002",null,"보통인부","일반공사 직종","인",2.2200000000000001E-2,0,0,165545,3675,0,0,165545,3675,null,null,"N","N","",1]
[null,null,null,null,"[합 계]",null,null,0,0,7341,0,51095,0,12103,0,70539,null,null,null,null,"",1]
["ADF20200470S","노무","L001010101000003",null,"특별인부","일반공사 직종","인",0.08,0,0,214222,17137.7,0,0,214222,17137.7,null,null,"N","N","",1]
["ADF20200470S","기계경비","00004504003200000",null,"콘크리트 펌프차","32m(80∼95㎥/hr)","HR",0.21329999999999999,29707,6336.5,55700,11880.8,68071,14519.5,153478,32736.799999999999,null,null,"N","N","",1]
["ADF20200480S",null,null,null,"철근콘크리트 펌프차 타설(배관타설)","8~12cm, Type-Ⅳ(비탈면 등), Type-Ⅲ(연속타설어려움)","M3",0,0,0,0,0,0,0,0,0,null,null,null,null,"",1]
["ADF20200480S","노무","L001010101000013",null,"콘크리트공","일반공사 직종","인",0.1333,0,0,261283,34829,0,0,261283,34829,null,null,"N","N","",1]
["ADF20200480S","손료","RENT000000000001",null,"공구손료","인력품의 5%","식",1,3088.1,3088.1,0,0,0,0,3088.1,3088.1,null,null,"N","N",5,1]
["ADF20200490S",null,null,null,"철근콘크리트 펌프차 타설(배관타설)","15cm, Type-Ⅰ(매트기초), Type-Ⅰ(병렬타설)","M3",0,0,0,0,0,0,0,0,0,null,null,null,null,"",1]
["ADF20200490S","노무","L001010101000003",null,"특별인부","일반공사 직종","인",1.37E-2,0,0,214222,2934.8,0,0,214222,2934.8,null,null,"N","N","",1]
["ADF20200490S","기계경비","00004504003200000",null,"콘크리트 펌프차","32m(80∼95㎥/hr)","HR",3.6600000000000001E-2,29707,1087.2,55700,2038.6,68071,2491.3000000000002,153478,5617.1,null,null,"N","N","",1]
["ADF20200500S","노무","L001010101000013",null,"콘크리트공","일반공사 직종","인",2.1999999999999999E-2,0,0,261283,5748.2,0,0,261283,5748.2,null,null,"N","N","",1]
["ADF20200500S","손료","RENT000000000001",null,"공구손료","인력품의 5%","식",1,509.6,509.6,0,0,0,0,509.6,509.6,null,null,"N","N",5,1]
["ADF20200500S","기계경비","00004504003200000",null,"콘크리트 펌프차","32m(80∼95㎥/hr)","HR",4.3999999999999997E-2,29707,1307.0999999999999,55700,2450.8000000000002,68071,2995.1,153478,6753,null,null,"N","N","",1]
["ADF20200510S",null,null,null,"철근콘크리트 펌프차 타설(배관타설)","15cm, Type-Ⅰ(매트기초), Type-Ⅲ(연속타설어려움)","M3",0,0,0,0,0,0,0,0,0,null,null,null,null,"",1]
["ADF20200510S","노무","L001010101000002",null,"보통인부","일반공사 직종","인",6.8999999999999999E-3,0,0,165545,1142.2,0,0,165545,1142.2,null,null,"N","N","",1]
[null,null,null,null,null,null,null,0,0,0,0,0,0,0,0,0,null,null,null,null,"",1]
["ADF20200520S","노무","L001010101000013",null,"콘크리트공","일반공사 직종","인",2.5600000000000001E-2,0,0,261283,6688.8,0,0,261283,6688.8,null,null,"N","N","",1]
["ADF20200520S","손료","RENT000000000001",null,"공구손료","인력품의 5%","식",1,593,593,0,0,0,0,593,593,null,null,"N","N",5,1]
["ADF20200530S",null,null,null,"철근콘크리트 펌프차 타설(배관타설)","15cm, Type-Ⅱ(벽,기둥,보,슬라브), Type-Ⅱ(순차타설)","M3",0,0,0,0,0,0,0,0,0,null,null,null,null,"",1]
["ADF20200530S","노무","L001010101000002",null,"보통인부","일반공사 직종","인",7.7000000000000002E-3,0,0,165545,1274.5999999999999,0,0,165545,1274.5999999999999,null,null,"N","N","",1]
["ADF20200530S","손료","RENT000000000001",null,"공구손료","인력품의 5%","식",1,713.5,713.5,0,0,0,0,713.5,713.5,null,null,"N","N",5,1]
[null,null,null,null,null,null,null,0,0,0,0,0,0,0,0,0,null,null,null,null,"",1]
["ADF20200540S","노무","L001010101000003",null,"특별인부","일반공사 직종","인",2.8799999999999999E-2,0,0,214222,6169.5,0,0,214222,6169.5,null,null,"N","N","",1]
[null,null,null,null,"[합 계]",null,null,0,0,3175,0,22101,0,5234,0,30510,null,null,null,null,"",1]
["ADF20200550S",null,null,null,"철근콘크리트 펌프차 타설(배관타설)","15cm, Type-Ⅲ(옹벽,줄기초 등), Type-Ⅰ(병렬타설)","M3",0,0,0,0,0,0,0,0,0,null,null,null,null,"",1]
["ADF20200550S","손료","RENT000000000001",null,"공구손료","인력품의 5%","식",1,742.6,742.6,0,0,0,0,742.6,742.6,null,null,"N","N",5,1]
[null,null,null,null,null,null,null,0,0,0,0,0,0,0,0,0,null,null,null,null,"",1]
["ADF20200560S","노무","L001010101000003",null,"특별인부","일반공사 직종","인",2.8799999999999999E-2,0,0,214222,6169.5,0,0,214222,6169.5,null,null,"N","N","",1]
["ADF20200560S","노무","L001010101000002",null,"보통인부","일반공사 직종","인",9.5999999999999992E-3,0,0,165545,1589.2,0,0,165545,1589.2,null,null,"N","N","",1]
[null,null,null,null,"[합 계]",null,null,0,0,3175,0,22101,0,5234,0,30510,null,null,null,null,"",1]
["ADF20200570S","노무","L001010101000013",null,"콘크리트공","일반공사 직종","인",4.8099999999999997E-2,0,0,261283,12567.7,0,0,261283,12567.7,null,null,"N","N","",1]
["ADF20200570S","기계경비","00004504003200000",null,"콘크리트 펌프차","32m(80∼95㎥/hr)","HR",9.6199999999999994E-2,29707,2857.8,55700,5358.3,68071,6548.4,153478,14764.5,null,null,"N","N","",1]
[null,null,null,null,null,null,null,0,0,0,0,0,0,0,0,0,null,null,null,null,"",1]
["ADF20200580S","노무","L001010101000002",null,"보통인부","일반공사 직종","인",2.1399999999999999E-2,0,0,165545,3542.6,0,0,165545,3542.6,null,null,"N","N","",1]
[null,null,null,null,"[합 계]",null,null,0,0,7057,0,49132,0,11633,0,67822,null,null,null,null,"",1]
["ADF20200590S","노무","L001010101000013",null,"콘크리트공","일반공사 직종","인",0.1026,0,0,261283,26807.599999999999,0,0,261283,26807.599999999999,null,null,"N","N","",1]
["ADF20200590S","노무","L001010101000003",null,"특별인부","일반공사 직종","인",7.6899999999999996E-2,0,0,214222,16473.599999999999,0,0,214222,16473.599999999999,null,null,"N","N","",1]
["ADF20200590S","기계경비","00004504003200000",null,"콘크리트 펌프차","32m(80∼95㎥/hr)","HR",0.2051,29707,6092.9,55700,11424,68071,13961.3,153478,31478.2,null,null,"N","N","",1]
["ADF20200600S",null,null,null,"철근콘크리트 펌프차 타설(배관타설)","15cm, Type-Ⅳ(비탈면 등), Type-Ⅲ(연속타설어려움)","M3",0,0,0,0,0,0,0,0,0,null,null,null,null,"",1]
["ADF20200600S","손료","RENT000000000001",null,"공구손료","인력품의 5%","식",1,2970.9,2970.9,0,0,0,0,2970.9,2970.9,null,null,"N","N",5,1]
[null,null,null,null,"[합 계]",null,null,0,0,10587,0,73699,0,17453,0,101739,null,null,null,null,"",1]
["ADF20200610S","노무","L001010101000003",null,"특별인부","일반공사 직종","인",1.2800000000000001E-2,0,0,214222,2742,0,0,214222,2742,null,null,"N","N","",1]
["ADF20200610S","기계경비","00004504003200000",null,"콘크리트 펌프차","32m(80∼95㎥/hr)","HR",3.4000000000000002E-2,29707,1010,55700,1893.8,68071,2314.4,153478,5218.2,null,null,"N","N","",1]
["ADF20200620S",null,null,null,"철근콘크리트 펌프차 타설(배관타설)","18cm이상, Type-Ⅰ(매트기초), Type-Ⅱ(순차타설)","M3",0,0,0,0,0,0,0,0,0,null,null,null,null,"",1]
["ADF20200620S","노무","L001010101000013",null,"콘크리트공","일반공사 직종","인",2.0400000000000001E-2,0,0,261283,5330.1,0,0,261283,5330.1,null,null,"N","N","",1]
["ADF20200620S","손료","RENT000000000001",null,"공구손료","인력품의 5%","식",1,472.5,472.5,0,0,0,0,472.5,472.5,null,null,"N","N",5,1]
["ADF20200630S",null,null,null,"철근콘크리트 펌프차 타설(배관타설)","18cm이상, Type-Ⅰ(매트기초), Type-Ⅲ(연속타설어려움)","M3",0,0,0,0,0,0,0,0,0,null,null,null,null,"",1]
["ADF20200630S","노무","L001010101000002",null,"보통인부","일반공사 직종","인",6.4000000000000003E-3,0,0,165545,1059.4000000000001,0,0,165545,1059.4000000000001,null,null,"N","N","",1]
["ADF20200630S","기계경비","00004504003200000",null,"콘크리트 펌프차","32m(80∼95㎥/hr)","HR",5.0999999999999997E-2,29707,1515,55700,2840.7,68071,3471.6,153478,7827.3,null,null,"N","N","",1]
["ADF20200640S","노무","L001010101000013",null,"콘크리트공","일반공사 직종","인",2.3800000000000002E-2,0,0,261283,6218.5,0,0,261283,6218.5,null,null,"N","N","",1]
["ADF20200640S","손료","RENT000000000001",null,"공구손료","인력품의 5%","식",1,552.29999999999995,552.29999999999995,0,0,0,0,552.29999999999995,552.29999999999995,null,null,"N","N",5,1]
[null,null,null,null,null,null,null,0,0,0,0,0,0,0,0,0,null,null,null,null,"",1]
["ADF20200650S",null,null,null,"철근콘크리트 펌프차 타설(배관타설)","18cm이상, Type-Ⅱ(벽,기둥,보,슬라브), Type-Ⅱ(순차타설)","M3",0,0,0,0,0,0,0,0,0,null,null,null,null,"",1]
["ADF20200650S","노무","L001010101000002",null,"보통인부","일반공사 직종","인",7.1000000000000004E-3,0,0,165545,1175.3,0,0,165545,1175.3,null,null,"N","N","",1]
[null,null,null,null,null,null,null,0,0,0,0,0,0,0,0,0,null,null,null,null,"",1]
["ADF20200660S","노무","L001010101000003",null,"특별인부","일반공사 직종","인",2.6800000000000001E-2,0,0,214222,5741.1,0,0,214222,5741.1,null,null,"N","N","",1]
["ADF20200660S","손료","RENT000000000001",null,"공구손료","인력품의 5%","식",1,827.1,827.1,0,0,0,0,827.1,827.1,null,null,"N","N",5,1]
["ADF20200670S",null,null,null,"철근콘크리트 펌프차 타설(배관타설)","18cm이상, Type-Ⅲ(옹벽,줄기초 등), Type-Ⅰ(병렬타설)","M3",0,0,0,0,0,0,0,0,0,null,null,null,null,"",1]
["ADF20200670S","노무","L001010101000002",null,"보통인부","일반공사 직종","인",7.4000000000000003E-3,0,0,165545,1225,0,0,165545,1225,null,null,"N","N","",1]
["ADF20200670S","손료","RENT000000000001",null,"공구손료","인력품의 5%","식",1,689.4,689.4,0,0,0,0,689.4,689.4,null,null,"N","N",5,1]
[null,null,null,null,null,null,null,0,0,0,0,0,0,0,0,0,null,null,null,null,"",1]
["ADF20200680S","노무","L001010101000003",null,"특별인부","일반공사 직종","인",2.6800000000000001E-2,0,0,214222,5741.1,0,0,214222,5741.1,null,null,"N","N","",1]
[null,null,null,null,"[합 계]",null,null,0,0,2948,0,20519,0,4860,0,28327,null,null,null,null,"",1]
["ADF20200690S","노무","L001010101000013",null,"콘크리트공","일반공사 직종","인",4.4600000000000001E-2,0,0,261283,11653.2,0,0,261283,11653.2,null,null,"N","N","",1]
["ADF20200690S","노무","L001010101000002",null,"보통인부","일반공사 직종","인",1.12E-2,0,0,165545,1854.1,0,0,165545,1854.1,null,null,"N","N","",1]
[null,null,null,null,null,null,null,0,0,0,0,0,0,0,0,0,null,null,null,null,"",1]
["ADF20200700S","노무","L001010101000003",null,"특별인부","일반공사 직종","인",5.9499999999999997E-2,0,0,214222,12746.2,0,0,214222,12746.2,null,null,"N","N","",1]
["ADF20200700S","노무","L001010101000002",null,"보통인부","일반공사 직종","인",1.9800000000000002E-2,0,0,165545,3277.7,0,0,165545,3277.7,null,null,"N","N","",1]
[null,null,null,null,"[합 계]",null,null,0,0,6552,0,45609,0,10802,0,62963,null,null,null,null,"",1]
["ADF20200710S","노무","L001010101000013",null,"콘크리트공","일반공사 직종","인",9.5200000000000007E-2,0,0,261283,24874.1,0,0,261283,24874.1,null,null,"N","N","",1]
["ADF20200710S","기계경비","00004504003200000",null,"콘크리트 펌프차","32m(80∼95㎥/hr)","HR",0.1905,29707,5659.1,55700,10610.8,68071,12967.5,153478,29237.4,null,null,"N","N","",1]
["ADF20200720S",null,null,null,"철근콘크리트 펌프차 타설(배관타설)","18cm이상, Type-Ⅳ(비탈면 등), Type-Ⅲ(연속타설어려움)","M3",0,0,0,0,0,0,0,0,0,null,null,null,null,"",1]
["ADF20200720S","노무","L001010101000003",null,"특별인부","일반공사 직종","인",8.9300000000000004E-2,0,0,214222,19130,0,0,214222,19130,null,null,"N","N","",1]
[null,null,null,null,"[합 계]",null,null,0,0,9830,0,68417,0,16207,0,94454,null,null,null,null,"",1]
["ADF20200730S","노무","L001010101000013",null,"콘크리트공","일반공사 직종","인",2.01E-2,0,0,261283,5251.7,0,0,261283,5251.7,null,null,"N","N","",1]
["ADF20200730S","노무","L001010101000003",null,"특별인부","일반공사 직종","인",0.01,0,0,214222,2142.1999999999998,0,0,214222,2142.1999999999998,null,null,"N","N","",1]
["ADF20200730S","기계경비","00004504003200000",null,"콘크리트 펌프차","32m(80∼95㎥/hr)","HR",4.0099999999999997E-2,29707,1191.2,55700,2233.5,68071,2729.6,153478,6154.3,null,null,"N","N","",1]
["ADF20200740S",null,null,null,"철근콘크리트 펌프차 타설(이동및재세팅1회)","8~12cm, Type-Ⅰ(매트기초), Type-Ⅱ(순차타설)","M3",0,0,0,0,0,0,0,0,0,null,null,null,null,"",1]
["ADF20200740S","손료","RENT000000000001",null,"공구손료","인력품의 5%","식",1,493,493,0,0,0,0,493,493,null,null,"N","N",5,1]
[null,null,null,null,null,null,null,0,0,0,0,0,0,0,0,0,null,null,null,null,"",1]
["ADF20200750S","노무","L001010101000003",null,"특별인부","일반공사 직종","인",1.4999999999999999E-2,0,0,214222,3213.3,0,0,214222,3213.3,null,null,"N","N","",1]
["ADF20200750S","기계경비","00004504003200000",null,"콘크리트 펌프차","32m(80∼95㎥/hr)","HR",6.0199999999999997E-2,29707,1788.3,55700,3353.1,68071,4097.8,153478,9239.2000000000007,null,null,"N","N","",1]
["ADF20200760S",null,null,null,"철근콘크리트 펌프차 타설(이동및재세팅1회)","8~12cm, Type-Ⅱ(벽,기둥,보,슬라브), Type-Ⅰ(병렬타설)","M3",0,0,0,0,0,0,0,0,0,null,null,null,null,"",1]
["ADF20200760S","노무","L001010101000013",null,"콘크리트공","일반공사 직종","인",2.81E-2,0,0,261283,7342,0,0,261283,7342,null,null,"N","N","",1]
["ADF20200760S","손료","RENT000000000001",null,"공구손료","인력품의 5%","식",1,574.9,574.9,0,0,0,0,574.9,574.9,null,null,"N","N",5,1]
[null,null,null,null,null,null,null,0,0,0,0,0,0,0,0,0,null,null,null,null,"",1]
["ADF20200770S","노무","L001010101000002",null,"보통인부","일반공사 직종","인",8.3999999999999995E-3,0,0,165545,1390.5,0,0,165545,1390.5,null,null,"N","N","",1]
[null,null,null,null,"[합 계]",null,null,0,0,2691,0,17548,0,4587,0,24826,null,null,null,null,"",1]
["ADF20200780S","노무","L001010101000013",null,"콘크리트공","일반공사 직종","인",4.2099999999999999E-2,0,0,261283,11000,0,0,261283,11000,null,null,"N","N","",1]
["ADF20200780S","손료","RENT000000000001",null,"공구손료","인력품의 5%","식",1,862.9,862.9,0,0,0,0,862.9,862.9,null,null,"N","N",5,1]
[null,null,null,null,null,null,null,0,0,0,0,0,0,0,0,0,null,null,null,null,"",1]
["ADF20200790S",null,null,null,"철근콘크리트 펌프차 타설(이동및재세팅1회)","8~12cm, Type-Ⅲ(옹벽,줄기초 등), Type-Ⅰ(병렬타설)","M3",0,0,0,0,0,0,0,0,0,null,null,null,null,"",1]
["ADF20200790S","노무","L001010101000002",null,"보통인부","일반공사 직종","인",8.8000000000000005E-3,0,0,165545,1456.7,0,0,165545,1456.7,null,null,"N","N","",1]
[null,null,null,null,"[합 계]",null,null,0,0,2804,0,18286,0,4778,0,25868,null,null,null,null,"",1]
["ADF20200800S","노무","L001010101000003",null,"특별인부","일반공사 직종","인",2.1100000000000001E-2,0,0,214222,4520,0,0,214222,4520,null,null,"N","N","",1]
["ADF20200800S","기계경비","00004504003200000",null,"콘크리트 펌프차","32m(80∼95㎥/hr)","HR",8.4199999999999997E-2,29707,2501.3000000000002,55700,4689.8999999999996,68071,5731.5,153478,12922.7,null,null,"N","N","",1]
["ADF20200810S",null,null,null,"철근콘크리트 펌프차 타설(이동및재세팅1회)","8~12cm, Type-Ⅲ(옹벽,줄기초 등), Type-Ⅲ(연속타설어려움)","M3",0,0,0,0,0,0,0,0,0,null,null,null,null,"",1]
["ADF20200810S","노무","L001010101000002",null,"보통인부","일반공사 직종","인",1.32E-2,0,0,165545,2185.1,0,0,165545,2185.1,null,null,"N","N","",1]
[null,null,null,null,"[합 계]",null,null,0,0,4206,0,27427,0,7167,0,38800,null,null,null,null,"",1]
[null,null,null,null,null,null,null,0,0,0,0,0,0,0,0,0,null,null,null,null,"",1]
["ADF20200820S","노무","L001010101000003",null,"특별인부","일반공사 직종","인",4.6800000000000001E-2,0,0,214222,10025.5,0,0,214222,10025.5,null,null,"N","N","",1]
[null,null,null,null,"[합 계]",null,null,0,0,7475,0,48776,0,12736,0,68987,null,null,null,null,"",1]
["ADF20200830S","노무","L001010101000013",null,"콘크리트공","일반공사 직종","인",0.1123,0,0,261283,29342,0,0,261283,29342,null,null,"N","N","",1]
["ADF20200830S","손료","RENT000000000001",null,"공구손료","인력품의 5%","식",1,2300.5,2300.5,0,0,0,0,2300.5,2300.5,null,null,"N","N",5,1]
[null,null,null,null,null,null,null,0,0,0,0,0,0,0,0,0,null,null,null,null,"",1]
["ADF20200840S","노무","L001010101000003",null,"특별인부","일반공사 직종","인",7.0199999999999999E-2,0,0,214222,15038.3,0,0,214222,15038.3,null,null,"N","N","",1]
["ADF20200840S","기계경비","00004504003200000",null,"콘크리트 펌프차","32m(80∼95㎥/hr)","HR",0.28070000000000001,29707,8338.7000000000007,55700,15634.9,68071,19107.5,153478,43081.1,null,null,"N","N","",1]
[null,null,null,null,"[합 계]",null,null,0,0,11215,0,73167,0,19107,0,103489,null,null,null,null,"",1]
["ADF20200850S","노무","L001010101000013",null,"콘크리트공","일반공사 직종","인",1.9300000000000001E-2,0,0,261283,5042.7,0,0,261283,5042.7,null,null,"N","N","",1]
["ADF20200850S","기계경비","00004504003200000",null,"콘크리트 펌프차","32m(80∼95㎥/hr)","HR",3.8600000000000002E-2,29707,1146.5999999999999,55700,2150,68071,2627.5,153478,5924.1,null,null,"N","N","",1]
[null,null,null,null,null,null,null,0,0,0,0,0,0,0,0,0,null,null,null,null,"",1]
["ADF20200860S","노무","L001010101000003",null,"특별인부","일반공사 직종","인",1.1599999999999999E-2,0,0,214222,2484.9,0,0,214222,2484.9,null,null,"N","N","",1]
[null,null,null,null,"[합 계]",null,null,0,0,1849,0,12059,0,3151,0,17059,null,null,null,null,"",1]
["ADF20200870S","노무","L001010101000013",null,"콘크리트공","일반공사 직종","인",2.8899999999999999E-2,0,0,261283,7551,0,0,261283,7551,null,null,"N","N","",1]
["ADF20200870S","노무","L001010101000003",null,"특별인부","일반공사 직종","인",1.4500000000000001E-2,0,0,214222,3106.2,0,0,214222,3106.2,null,null,"N","N","",1]
["ADF20200870S","기계경비","00004504003200000",null,"콘크리트 펌프차","32m(80∼95㎥/hr)","HR",5.7799999999999997E-2,29707,1717,55700,3219.4,68071,3934.5,153478,8870.9,null,null,"N","N","",1]
["ADF20200880S",null,null,null,"철근콘크리트 펌프차 타설(이동및재세팅1회)","15cm, Type-Ⅱ(벽,기둥,보,슬라브), Type-Ⅰ(병렬타설)","M3",0,0,0,0,0,0,0,0,0,null,null,null,null,"",1]
["ADF20200880S","손료","RENT000000000001",null,"공구손료","인력품의 5%","식",1,552.70000000000005,552.70000000000005,0,0,0,0,552.70000000000005,552.70000000000005,null,null,"N","N",5,1]
[null,null,null,null,"[합 계]",null,null,0,0,2156,0,14063,0,3675,0,19894,null,null,null,null,"",1]
["ADF20200890S","노무","L001010101000013",null,"콘크리트공","일반공사 직종","인",3.2399999999999998E-2,0,0,261283,8465.5,0,0,261283,8465.5,null,null,"N","N","",1]
["ADF20200890S","기계경비","00004504003200000",null,"콘크리트 펌프차","32m(80∼95㎥/hr)","HR",6.4799999999999996E-2,29707,1925,55700,3609.3,68071,4411,153478,9945.2999999999993,null,null,"N","N","",1]
["ADF20200900S",null,null,null,"철근콘크리트 펌프차 타설(이동및재세팅1회)","15cm, Type-Ⅱ(벽,기둥,보,슬라브), Type-Ⅲ(연속타설어려움))","M3",0,0,0,0,0,0,0,0,0,null,null,null,null,"",1]
["ADF20200900S","노무","L001010101000013",null,"콘크리트공","일반공사 직종","인",4.0500000000000001E-2,0,0,261283,10581.9,0,0,261283,10581.9,null,null,"N","N","",1]
["ADF20200900S","손료","RENT000000000001",null,"공구손료","인력품의 5%","식",1,829,829,0,0,0,0,829,829,null,null,"N","N",5,1]
[null,null,null,null,null,null,null,0,0,0,0,0,0,0,0,0,null,null,null,null,"",1]
["ADF20200910S","노무","L001010101000002",null,"보통인부","일반공사 직종","인",8.3999999999999995E-3,0,0,165545,1390.5,0,0,165545,1390.5,null,null,"N","N","",1]
["ADF20200910S","기계경비","00004504003200000",null,"콘크리트 펌프차","32m(80∼95㎥/hr)","HR",6.7500000000000004E-2,29707,2005.2,55700,3759.7,68071,4594.7,153478,10359.6,null,null,"N","N","",1]
["ADF20200920S",null,null,null,"철근콘크리트 펌프차 타설(이동및재세팅1회)","15cm, Type-Ⅲ(옹벽,줄기초 등), Type-Ⅱ(순차타설)","M3",0,0,0,0,0,0,0,0,0,null,null,null,null,"",1]
["ADF20200920S","손료","RENT000000000001",null,"공구손료","인력품의 5%","식",1,829,829,0,0,0,0,829,829,null,null,"N","N",5,1]
[null,null,null,null,null,null,null,0,0,0,0,0,0,0,0,0,null,null,null,null,"",1]
["ADF20200930S",null,null,null,"철근콘크리트 펌프차 타설(이동및재세팅1회)","15cm, Type-Ⅲ(옹벽,줄기초 등), Type-Ⅲ(연속타설어려움)","M3",0,0,0,0,0,0,0,0,0,null,null,null,null,"",1]
["ADF20200930S","노무","L001010101000002",null,"보통인부","일반공사 직종","인",1.2699999999999999E-2,0,0,165545,2102.4,0,0,165545,2102.4,null,null,"N","N","",1]
[null,null,null,null,"[합 계]",null,null,0,0,4043,0,26379,0,6888,0,37310,null,null,null,null,"",1]
["ADF20200940S","노무","L001010101000003",null,"특별인부","일반공사 직종","인",4.4999999999999998E-2,0,0,214222,9639.9,0,0,214222,9639.9,null,null,"N","N","",1]
["ADF20200940S","손료","RENT000000000001",null,"공구손료","인력품의 5%","식",1,1844,1844,0,0,0,0,1844,1844,null,null,"N","N",5,1]
["ADF20200950S",null,null,null,"철근콘크리트 펌프차 타설(이동및재세팅1회)","15cm, Type-Ⅳ(비탈면 등), Type-Ⅱ(순차타설)","M3",0,0,0,0,0,0,0,0,0,null,null,null,null,"",1]
["ADF20200950S","노무","L001010101000002",null,"보통인부","일반공사 직종","인",2.7E-2,0,0,165545,4469.7,0,0,165545,4469.7,null,null,"N","N","",1]
[null,null,null,null,"[합 계]",null,null,0,0,8626,0,56281,0,14696,0,79603,null,null,null,null,"",1]
[null,null,null,null,null,null,null,0,0,0,0,0,0,0,0,0,null,null,null,null,"",1]
["ADF20200960S","노무","L001010101000003",null,"특별인부","일반공사 직종","인",6.7500000000000004E-2,0,0,214222,14459.9,0,0,214222,14459.9,null,null,"N","N","",1]
["ADF20200960S","기계경비","00004504003200000",null,"콘크리트 펌프차","32m(80∼95㎥/hr)","HR",0.26989999999999997,29707,8017.9,55700,15033.4,68071,18372.3,153478,41423.599999999999,null,null,"N","N","",1]
["ADF20200970S","노무","L001010101000013",null,"콘크리트공","일반공사 직종","인",1.7899999999999999E-2,0,0,261283,4676.8999999999996,0,0,261283,4676.8999999999996,null,null,"N","N","",1]
["ADF20200970S","노무","L001010101000002",null,"보통인부","일반공사 직종","인",4.4999999999999997E-3,0,0,165545,744.9,0,0,165545,744.9,null,null,"N","N","",1]
[null,null,null,null,null,null,null,0,0,0,0,0,0,0,0,0,null,null,null,null,"",1]
["ADF20200980S","노무","L001010101000003",null,"특별인부","일반공사 직종","인",1.0699999999999999E-2,0,0,214222,2292.1,0,0,214222,2292.1,null,null,"N","N","",1]
["ADF20200980S","기계경비","00004504003200000",null,"콘크리트 펌프차","32m(80∼95㎥/hr)","HR",4.2999999999999997E-2,29707,1277.4000000000001,55700,2395.1,68071,2927,153478,6599.5,null,null,"N","N","",1]
[null,null,null,null,"[합 계]",null,null,0,0,1717,0,11198,0,2927,0,15842,null,null,null,null,"",1]
["ADF20200990S","노무","L001010101000013",null,"콘크리트공","일반공사 직종","인",2.69E-2,0,0,261283,7028.5,0,0,261283,7028.5,null,null,"N","N","",1]
["ADF20200990S","기계경비","00004504003200000",null,"콘크리트 펌프차","32m(80∼95㎥/hr)","HR",5.3699999999999998E-2,29707,1595.2,55700,2991,68071,3655.4,153478,8241.6,null,null,"N","N","",1]
["ADF20201000S",null,null,null,"철근콘크리트 펌프차 타설(이동및재세팅1회)","18cm이상, Type-Ⅱ(벽,기둥,보,슬라브), Type-Ⅰ(병렬타설)","M3",0,0,0,0,0,0,0,0,0,null,null,null,null,"",1]
["ADF20201000S","노무","L001010101000003",null,"특별인부","일반공사 직종","인",1.2500000000000001E-2,0,0,214222,2677.7,0,0,214222,2677.7,null,null,"N","N","",1]
[null,null,null,null,"[합 계]",null,null,0,0,2002,0,13069,0,3410,0,18481,null,null,null,null,"",1]
["ADF20201010S","노무","L001010101000013",null,"콘크리트공","일반공사 직종","인",3.0099999999999998E-2,0,0,261283,7864.6,0,0,261283,7864.6,null,null,"N","N","",1]
["ADF20201010S","손료","RENT000000000001",null,"공구손료","인력품의 5%","식",1,615.9,615.9,0,0,0,0,615.9,615.9,null,null,"N","N",5,1]
["ADF20201010S","기계경비","00004504003200000",null,"콘크리트 펌프차","32m(80∼95㎥/hr)","HR",6.0199999999999997E-2,29707,1788.3,55700,3353.1,68071,4097.8,153478,9239.2000000000007,null,null,"N","N","",1]
["ADF20201020S",null,null,null,"철근콘크리트 펌프차 타설(이동및재세팅1회)","18cm이상, Type-Ⅱ(벽,기둥,보,슬라브), Type-Ⅲ(연속타설어려움))","M3",0,0,0,0,0,0,0,0,0,null,null,null,null,"",1]
["ADF20201020S","손료","RENT000000000001",null,"공구손료","인력품의 5%","식",1,770.3,770.3,0,0,0,0,770.3,770.3,null,null,"N","N",5,1]
[null,null,null,null,null,null,null,0,0,0,0,0,0,0,0,0,null,null,null,null,"",1]
["ADF20201030S","노무","L001010101000013",null,"콘크리트공","일반공사 직종","인",3.1300000000000001E-2,0,0,261283,8178.1,0,0,261283,8178.1,null,null,"N","N","",1]
["ADF20201030S","기계경비","00004504003200000",null,"콘크리트 펌프차","32m(80∼95㎥/hr)","HR",6.2700000000000006E-2,29707,1862.6,55700,3492.3,68071,4268,153478,9622.9,null,null,"N","N","",1]
["ADF20201040S",null,null,null,"철근콘크리트 펌프차 타설(이동및재세팅1회)","18cm이상, Type-Ⅲ(옹벽,줄기초 등), Type-Ⅱ(순차타설)","M3",0,0,0,0,0,0,0,0,0,null,null,null,null,"",1]
["ADF20201040S","노무","L001010101000002",null,"보통인부","일반공사 직종","인",9.4000000000000004E-3,0,0,165545,1556.1,0,0,165545,1556.1,null,null,"N","N","",1]
["ADF20201040S","손료","RENT000000000001",null,"공구손료","인력품의 5%","식",1,770.3,770.3,0,0,0,0,770.3,770.3,null,null,"N","N",5,1]
[null,null,null,null,null,null,null,0,0,0,0,0,0,0,0,0,null,null,null,null,"",1]
["ADF20201050S","노무","L001010101000002",null,"보통인부","일반공사 직종","인",1.17E-2,0,0,165545,1936.8,0,0,165545,1936.8,null,null,"N","N","",1]
[null,null,null,null,"[합 계]",null,null,0,0,3754,0,24487,0,6398,0,34639,null,null,null,null,"",1]
["ADF20201060S",null,null,null,"철근콘크리트 펌프차 타설(이동및재세팅1회)","18cm이상, Type-Ⅳ(비탈면 등), Type-Ⅰ(병렬타설)","M3",0,0,0,0,0,0,0,0,0,null,null,null,null,"",1]
["ADF20201060S","손료","RENT000000000001",null,"공구손료","인력품의 5%","식",1,1711.5,1711.5,0,0,0,0,1711.5,1711.5,null,null,"N","N",5,1]
[null,null,null,null,null,null,null,0,0,0,0,0,0,0,0,0,null,null,null,null,"",1]
["ADF20201070S",null,null,null,"철근콘크리트 펌프차 타설(이동및재세팅1회)","18cm이상, Type-Ⅳ(비탈면 등), Type-Ⅱ(순차타설)","M3",0,0,0,0,0,0,0,0,0,null,null,null,null,"",1]
["ADF20201070S","노무","L001010101000002",null,"보통인부","일반공사 직종","인",2.5100000000000001E-2,0,0,165545,4155.1000000000004,0,0,165545,4155.1000000000004,null,null,"N","N","",1]
[null,null,null,null,"[합 계]",null,null,0,0,8010,0,52262,0,13648,0,73920,null,null,null,null,"",1]
["ADF20201080S","노무","L001010101000003",null,"특별인부","일반공사 직종","인",6.2700000000000006E-2,0,0,214222,13431.7,0,0,214222,13431.7,null,null,"N","N","",1]
["ADF20201080S","기계경비","00004504003200000",null,"콘크리트 펌프차","32m(80∼95㎥/hr)","HR",0.25059999999999999,29707,7444.5,55700,13958.4,68071,17058.5,153478,38461.4,null,null,"N","N","",1]
[null,null,null,null,null,null,null,0,0,0,0,0,0,0,0,0,null,null,null,null,"",1]
[null,null,null,null,null,null,null,0,0,0,0,0,0,0,0,0,null,null,null,null,"",1]
["ADH41000010S","노무","L001010101000002",null,"보통인부","일반공사 직종","인",0.11600000000000001,0,0,165545,19203.2,0,0,165545,19203.2,null,null,"N","N","",1]
["ADH41000010S","손료","RENT000000000001",null,"공구손료","인력품의 3%","식",1,1546.5,1546.5,0,0,0,0,1546.5,1546.5,null,null,"N","N",3,1]
["ADH41000010S","자재","3115999620286055",null,"철선","철선, 어닐링, Φ4.0mm","kg",0.21,1381,290,0,0,0,0,1381,290,null,null,"N","N","",1]
["ADH42000010S",null,null,null,"지수판설치(PVC 용접)","PVC, H200*5t","M",0,0,0,0,0,0,0,0,0,null,null,null,null,"",1]
["ADH42000010S","자재","3010221510030791",null,"폴리염화비닐지수판","폴리염화비닐지수판, 200×5mm","m",1.04,3000,3120,0,0,0,0,3000,3120,null,null,"N","N","",1]
[null,null,null,null,"[합 계]",null,null,0,0,5166,0,51550,0,0,0,56716,null,null,null,null,"",1]
["ADH42000020S",null,null,null,"지수판설치(소켓 연결)",null,"M",0,0,0,0,0,0,0,0,0,null,null,null,null,"",1]
[null,null,null,null,null,null,null,0,0,0,0,0,0,0,0,0,null,null,null,null,"",1]
["ADH42000030S","노무","L001010101000002",null,"보통인부","일반공사 직종","인",8.9999999999999993E-3,0,0,165545,1489.9,0,0,165545,1489.9,null,null,"N","N","",1]
[null,null,null,null,"[합 계]",null,null,0,0,0,0,13313,0,0,0,13313,null,null,null,null,"",1]
["ADH42000040S","노무","L001010101000007",null,"형틀목공","일반공사 직종","인",2.9000000000000001E-2,0,0,274978,7974.3,0,0,274978,7974.3,null,null,"N","N","",1]
[null,null,null,null,null,null,null,0,0,0,0,0,0,0,0,0,null,null,null,null,"",1]
["ADH42000050S","손료","RENT000000000001",null,"공구손료","인력품의 1%","식",1,51.2,51.2,0,0,0,0,51.2,51.2,null,null,"N","N",1,1]
["ADI30000010S",null,null,null,"모듈러 건축 설치","12층 이하","일",0,0,0,0,0,0,0,0,0,null,null,null,null,"",1]
["ADI30000010S","노무","L001010101000002",null,"보통인부","일반공사 직종","인",1,0,0,165545,165545,0,0,165545,165545,null,null,"N","N","",1]
[null,null,null,null,"[합 계]",null,null,0,0,187236,0,2012093,0,459352,0,2658681,null,null,null,null,"",1]
["ADI30000020S","노무","L001010101000011",null,"철골공","일반공사 직종","인",4,0,0,243126,972504,0,0,243126,972504,null,null,"N","N","",1]
["ADI30000020S","노무","L001010101000003",null,"특별인부","일반공사 직종","인",2,0,0,214222,428444,0,0,214222,428444,null,null,"N","N","",1]
["ADI30000020S","기계경비","00002104003500000",null,"크레인(타이어)","35ton","HR",8,13614,108912,55700,445600,57419,459352,126733,1013864,null,null,"N","N","",1]
["ADI30000030S",null,null,null,"모듈러 건축 설치","12층 이하","개소",0,0,0,0,0,0,0,0,0,null,null,null,null,"",1]
["ADI30000030S","손료","RENT000000000001",null,"공구손료","노무비의 5%","식",1,13086.5,13086.5,0,0,0,0,13086.5,13086.5,null,null,"N","N",5,1]
[null,null,null,null,null,null,null,0,0,0,0,0,0,0,0,0,null,null,null,null,"",1]
["ADI30000040S","노무","L001010101000003",null,"특별인부","일반공사 직종","인",0.5,0,0,214222,107111,0,0,214222,107111,null,null,"N","N","",1]
["ADI30000040S","기계경비","00002104003500000",null,"크레인(타이어)","35ton","HR",2,13614,27228,55700,111400,57419,114838,126733,253466,null,null,"N","N","",1]
["ADI30100000S",null,null,null,"PC슬래브 설치",null,"일",0,0,0,0,0,0,0,0,0,null,null,null,null,"",1]
["ADI30100000S","노무","L001010101000007",null,"형틀목공","일반공사 직종","인",3,0,0,274978,824934,0,0,274978,824934,null,null,"N","N","",1]
["ADI30100000S","손료","RENT000000000001",null,"공구손료","노무비의 15%","식",1,205536.9,205536.9,0,0,0,0,205536.9,205536.9,null,null,"N","N",15,1]
["ADI30100010S",null,null,null,"PC슬래브 설치","단위중량 2ton 미만","개소",0,0,0,0,0,0,0,0,0,null,null,null,null,"",1]
["ADI30100010S","노무","L001010101000002",null,"보통인부","일반공사 직종","인",7.3999999999999996E-2,0,0,165545,12250.3,0,0,165545,12250.3,null,null,"N","N","",1]
[null,null,null,null,"[합 계]",null,null,0,0,9593,0,67186,0,8910,0,85689,null,null,null,null,"",1]
["ADI30100020S","노무","L001010101000007",null,"형틀목공","일반공사 직종","인",0.12,0,0,274978,32997.300000000003,0,0,274978,32997.300000000003,null,null,"N","N","",1]
["ADI30100020S","손료","RENT000000000001",null,"공구손료","노무비의 15%","식",1,8221.4,8221.4,0,0,0,0,8221.4,8221.4,null,null,"N","N",15,1]
[null,null,null,null,null,null,null,0,0,0,0,0,0,0,0,0,null,null,null,null,"",1]
["ADI30100030S",null,null,null,"PC슬래브 설치","단위중량 10ton 미만","개소",0,0,0,0,0,0,0,0,0,null,null,null,null,"",1]
["ADI30100030S","노무","L001010101000002",null,"보통인부","일반공사 직종","인",9.0999999999999998E-2,0,0,165545,15064.5,0,0,165545,15064.5,null,null,"N","N","",1]
[null,null,null,null,null,null,null,0,0,0,0,0,0,0,0,0,null,null,null,null,"",1]
["ADI30100040S","노무","L001010101000003",null,"특별인부","일반공사 직종","인",4.1000000000000002E-2,0,0,214222,8783.1,0,0,214222,8783.1,null,null,"N","N","",1]
["ADI30100040S","기계경비","00002104001000000",null,"크레인(타이어)","10ton","HR",0.32900000000000001,6718,2210.1999999999998,55700,18325.3,30103,9903.7999999999993,92521,30439.3,null,null,"N","N","",1]
["ADI30100050S",null,null,null,"PC슬래브 설치","단위중량 5ton 미만, 시공높이 30m 초과","개소",0,0,0,0,0,0,0,0,0,null,null,null,null,"",1]
["ADI30100050S","노무","L001010101000002",null,"보통인부","일반공사 직종","인",8.8999999999999996E-2,0,0,165545,14733.5,0,0,165545,14733.5,null,null,"N","N","",1]
[null,null,null,null,"[합 계]",null,null,0,0,11501,0,80560,0,10716,0,102777,null,null,null,null,"",1]
[null,null,null,null,null,null,null,0,0,0,0,0,0,0,0,0,null,null,null,null,"",1]
["ADI30100060S","노무","L001010101000003",null,"특별인부","일반공사 직종","인",5.0999999999999997E-2,0,0,214222,10925.3,0,0,214222,10925.3,null,null,"N","N","",1]
[null,null,null,null,"[합 계]",null,null,0,0,13773,0,91944,0,16505,0,122222,null,null,null,null,"",1]
["ADI30200000S","노무","L001010101000007",null,"형틀목공","일반공사 직종","인",3,0,0,274978,824934,0,0,274978,824934,null,null,"N","N","",1]
["ADI30200000S","손료","RENT000000000001",null,"공구손료","노무비의 15%","식",1,205536.9,205536.9,0,0,0,0,205536.9,205536.9,null,null,"N","N",15,1]
[null,null,null,null,null,null,null,0,0,0,0,0,0,0,0,0,null,null,null,null,"",1]
["ADI30200010S","노무","L001010101000003",null,"특별인부","일반공사 직종","인",4.8000000000000001E-2,0,0,214222,10282.6,0,0,214222,10282.6,null,null,"N","N","",1]
["ADI30200010S","노무","L001010101000002",null,"보통인부","일반공사 직종","인",9.5000000000000001E-2,0,0,165545,15726.7,0,0,165545,15726.7,null,null,"N","N","",1]
[null,null,null,null,"[합 계]",null,null,0,0,12359,0,86552,0,11469,0,110380,null,null,null,null,"",1]
["ADI30200020S","노무","L001010101000007",null,"형틀목공","일반공사 직종","인",0.158,0,0,274978,43446.5,0,0,274978,43446.5,null,null,"N","N","",1]
["ADI30200020S","기계경비","00002104001000000",null,"크레인(타이어)","10ton","HR",0.42099999999999999,6718,2828.2,55700,23449.7,30103,12673.3,92521,38951.199999999997,null,null,"N","N","",1]
["ADI30200030S",null,null,null,"PC거더 설치","단위중량 10ton 미만","개소",0,0,0,0,0,0,0,0,0,null,null,null,null,"",1]
["ADI30200030S","노무","L001010101000002",null,"보통인부","일반공사 직종","인",0.11799999999999999,0,0,165545,19534.3,0,0,165545,19534.3,null,null,"N","N","",1]
[null,null,null,null,"[합 계]",null,null,0,0,15998,0,106804,0,19242,0,142044,null,null,null,null,"",1]
["ADI30200040S","노무","L001010101000007",null,"형틀목공","일반공사 직종","인",0.2,0,0,274978,54995.6,0,0,274978,54995.6,null,null,"N","N","",1]
["ADI30200040S","노무","L001010101000003",null,"특별인부","일반공사 직종","인",6.7000000000000004E-2,0,0,214222,14352.8,0,0,214222,14352.8,null,null,"N","N","",1]
["ADI30200040S","기계경비","00002104002500000",null,"크레인(타이어)","25ton","HR",0.53300000000000003,10785,5748.4,55700,29688.1,56667,30203.5,123152,65640,null,null,"N","N","",1]
["ADI30200050S",null,null,null,"PC거더 설치","단위중량 30ton 미만","개소",0,0,0,0,0,0,0,0,0,null,null,null,null,"",1]
["ADI30200050S","손료","RENT000000000001",null,"공구손료","노무비의 15%","식",1,17125.599999999999,17125.599999999999,0,0,0,0,17125.599999999999,17125.599999999999,null,null,"N","N",15,1]
[null,null,null,null,null,null,null,0,0,0,0,0,0,0,0,0,null,null,null,null,"",1]
["ADI30200060S","노무","L001010101000003",null,"특별인부","일반공사 직종","인",5.2999999999999999E-2,0,0,214222,11353.7,0,0,214222,11353.7,null,null,"N","N","",1]
["ADI30200060S","기계경비","00002104001000000",null,"크레인(타이어)","10ton","HR",0.42299999999999999,6718,2841.7,55700,23561.1,30103,12733.5,92521,39136.300000000003,null,null,"N","N","",1]
["ADI30200070S",null,null,null,"PC거더 설치","단위중량 5ton 미만, 시공높이 30m 초과","개소",0,0,0,0,0,0,0,0,0,null,null,null,null,"",1]
["ADI30200070S","노무","L001010101000007",null,"형틀목공","일반공사 직종","인",0.17499999999999999,0,0,274978,48121.1,0,0,274978,48121.1,null,null,"N","N","",1]
["ADI30200070S","손료","RENT000000000001",null,"공구손료","노무비의 15%","식",1,11987.1,11987.1,0,0,0,0,11987.1,11987.1,null,null,"N","N",15,1]
[null,null,null,null,null,null,null,0,0,0,0,0,0,0,0,0,null,null,null,null,"",1]
["ADI30200080S","노무","L001010101000002",null,"보통인부","일반공사 직종","인",0.13100000000000001,0,0,165545,21686.3,0,0,165545,21686.3,null,null,"N","N","",1]
[null,null,null,null,"[합 계]",null,null,0,0,17771,0,118637,0,21366,0,157774,null,null,null,null,"",1]
["ADI30200090S","노무","L001010101000007",null,"형틀목공","일반공사 직종","인",0.222,0,0,274978,61045.1,0,0,274978,61045.1,null,null,"N","N","",1]
["ADI30200090S","손료","RENT000000000001",null,"공구손료","노무비의 15%","식",1,15209.7,15209.7,0,0,0,0,15209.7,15209.7,null,null,"N","N",15,1]
[null,null,null,null,null,null,null,0,0,0,0,0,0,0,0,0,null,null,null,null,"",1]
["ADI30200100S",null,null,null,"PC거더 설치","단위중량 30ton 미만, 시공높이 30m 초과","개소",0,0,0,0,0,0,0,0,0,null,null,null,null,"",1]
["ADI30200100S","노무","L001010101000002",null,"보통인부","일반공사 직종","인",0.185,0,0,165545,30625.8,0,0,165545,30625.8,null,null,"N","N","",1]
[null,null,null,null,"[합 계]",null,null,0,0,31626,0,168265,0,48500,0,248391,null,null,null,null,"",1]
["ADI30300000S","노무","L001010101000002",null,"보통인부","일반공사 직종","인",2,0,0,165545,331090,0,0,165545,331090,null,null,"N","N","",1]
[null,null,null,null,"[합 계]",null,null,0,0,262996,0,1601624,0,326832,0,2191452,null,null,null,null,"",1]
["ADI30300010S","노무","L001010101000007",null,"형틀목공","일반공사 직종","인",0.25,0,0,274978,68744.5,0,0,274978,68744.5,null,null,"N","N","",1]
["ADI30300010S","기계경비","00002104001000000",null,"크레인(타이어)","10ton","HR",0.66700000000000004,6718,4480.8999999999996,55700,37151.9,30103,20078.7,92521,61711.5,null,null,"N","N","",1]
["ADI30300020S",null,null,null,"PC벽체 설치","단위중량 5ton 미만","개소",0,0,0,0,0,0,0,0,0,null,null,null,null,"",1]
["ADI30300020S","노무","L001010101000007",null,"형틀목공","일반공사 직종","인",0.27300000000000002,0,0,274978,75068.899999999994,0,0,274978,75068.899999999994,null,null,"N","N","",1]
["ADI30300020S","기계경비","00002104001000000",null,"크레인(타이어)","10ton","HR",0.72699999999999998,6718,4883.8999999999996,55700,40493.9,30103,21884.799999999999,92521,67262.600000000006,null,null,"N","N","",1]
["ADI30300030S","노무","L001010101000007",null,"형틀목공","일반공사 직종","인",0.3,0,0,274978,82493.399999999994,0,0,274978,82493.399999999994,null,null,"N","N","",1]
["ADI30300030S","기계경비","00002104001500000",null,"크레인(타이어)","15ton","HR",0.8,8309,6647.2,55700,44560,40854,32683.200000000001,104863,83890.4,null,null,"N","N","",1]
["ADI30300040S",null,null,null,"PC벽체 설치","단위중량 20ton 미만","개소",0,0,0,0,0,0,0,0,0,null,null,null,null,"",1]
["ADI30300040S","손료","RENT000000000001",null,"공구손료","노무비의 17%","식",1,24799.200000000001,24799.200000000001,0,0,0,0,24799.200000000001,24799.200000000001,null,null,"N","N",17,1]
[null,null,null,null,null,null,null,0,0,0,0,0,0,0,0,0,null,null,null,null,"",1]
["ADI30300050S","노무","L001010101000002",null,"보통인부","일반공사 직종","인",0.33,0,0,165545,54629.8,0,0,165545,54629.8,null,null,"N","N","",1]
["ADI30300050S","손료","RENT000000000001",null,"공구손료","노무비의 17%","식",1,32660.1,32660.1,0,0,0,0,32660.1,32660.1,null,null,"N","N",17,1]
[null,null,null,null,null,null,null,0,0,0,0,0,0,0,0,0,null,null,null,null,"",1]
["ADI30300060S","손료","RENT000000000001",null,"공구손료","노무비의 17%","식",1,18201.8,18201.8,0,0,0,0,18201.8,18201.8,null,null,"N","N",17,1]
[null,null,null,null,null,null,null,0,0,0,0,0,0,0,0,0,null,null,null,null,"",1]
["ADI30300070S","노무","L001010101000002",null,"보통인부","일반공사 직종","인",0.2,0,0,165545,33109,0,0,165545,33109,null,null,"N","N","",1]
[null,null,null,null,"[합 계]",null,null,0,0,25093,0,160719,0,24383,0,210195,null,null,null,null,"",1]
["ADI30300080S","노무","L001010101000007",null,"형틀목공","일반공사 직종","인",0.33,0,0,274978,90742.7,0,0,274978,90742.7,null,null,"N","N","",1]
["ADI30300080S","기계경비","00002104001500000",null,"크레인(타이어)","15ton","HR",0.89,8309,7395,55700,49573,40854,36360,104863,93328,null,null,"N","N","",1]
[null,null,null,null,"[합 계]",null,null,0,0,29012,0,176735,0,36360,0,242107,null,null,null,null,"",1]
["ADI30300090S","노무","L001010101000007",null,"형틀목공","일반공사 직종","인",0.42,0,0,274978,115490.7,0,0,274978,115490.7,null,null,"N","N","",1]
[null,null,null,null,"[합 계]",null,null,0,0,39484,0,223670,0,62900,0,326054,null,null,null,null,"",1]
["ADI30300100S","노무","L001010101000007",null,"형틀목공","일반공사 직종","인",0.56000000000000005,0,0,274978,153987.6,0,0,274978,153987.6,null,null,"N","N","",1]
["ADI30300100S","손료","RENT000000000001",null,"공구손료","노무비의 17%","식",1,36590.6,36590.6,0,0,0,0,36590.6,36590.6,null,null,"N","N",17,1]
["ADI30400000S",null,null,null,"PC기둥 설치",null,"일",0,0,0,0,0,0,0,0,0,null,null,null,null,"",1]
["ADI30400000S","손료","RENT000000000001",null,"공구손료","노무비의 17%","식",1,196524,196524,0,0,0,0,196524,196524,null,null,"N","N",17,1]
["ADI30400000S","기계경비","00002104001500000",null,"크레인(타이어)","15ton","HR",8,8309,66472,55700,445600,40854,326832,104863,838904,null,null,"N","N","",1]
["ADI30400010S",null,null,null,"PC기둥 설치","단위중량 2ton 미만","개소",0,0,0,0,0,0,0,0,0,null,null,null,null,"",1]
["ADI30400010S","손료","RENT000000000001",null,"공구손료","노무비의 17%","식",1,12306.1,12306.1,0,0,0,0,12306.1,12306.1,null,null,"N","N",17,1]
["ADI30400020S",null,null,null,"PC기둥 설치","단위중량 5ton 미만","개소",0,0,0,0,0,0,0,0,0,null,null,null,null,"",1]
["ADI30400020S","손료","RENT000000000001",null,"공구손료","노무비의 17%","식",1,13092.2,13092.2,0,0,0,0,13092.2,13092.2,null,null,"N","N",17,1]
[null,null,null,null,"[합 계]",null,null,0,0,16672,0,106701,0,16044,0,139417,null,null,null,null,"",1]
["ADI30400030S","노무","L001010101000002",null,"보통인부","일반공사 직종","인",0.154,0,0,165545,25493.9,0,0,165545,25493.9,null,null,"N","N","",1]
[null,null,null,null,"[합 계]",null,null,0,0,20242,0,123269,0,25125,0,168636,null,null,null,null,"",1]
[null,null,null,null,null,null,null,0,0,0,0,0,0,0,0,0,null,null,null,null,"",1]
["ADI30400040S","노무","L001010101000002",null,"보통인부","일반공사 직종","인",0.2,0,0,165545,33109,0,0,165545,33109,null,null,"N","N","",1]
[null,null,null,null,"[합 계]",null,null,0,0,28280,0,160162,0,45333,0,233775,null,null,null,null,"",1]
["ADI30400050S","노무","L001010101000002",null,"보통인부","일반공사 직종","인",0.25,0,0,165545,41386.199999999997,0,0,165545,41386.199999999997,null,null,"N","N","",1]
[null,null,null,null,"[합 계]",null,null,0,0,41773,0,201577,0,65453,0,308803,null,null,null,null,"",1]
["ADI30400060S",null,null,null,"PC기둥 설치","단위중량 2ton 미만, 시공높이 30m 초과","개소",0,0,0,0,0,0,0,0,0,null,null,null,null,"",1]
["ADI30400060S","기계경비","00002104001000000",null,"크레인(타이어)","10ton","HR",0.55600000000000005,6718,3735.2,55700,30969.200000000001,30103,16737.2,92521,51441.599999999999,null,null,"N","N","",1]
["ADI30400070S",null,null,null,"PC기둥 설치","단위중량 5ton 미만, 시공높이 30m 초과","개소",0,0,0,0,0,0,0,0,0,null,null,null,null,"",1]
["ADI30400070S","노무","L001010101000007",null,"형틀목공","일반공사 직종","인",0.222,0,0,274978,61045.1,0,0,274978,61045.1,null,null,"N","N","",1]
["ADI30400070S","기계경비","00002104001000000",null,"크레인(타이어)","10ton","HR",0.59299999999999997,6718,3983.7,55700,33030.1,30103,17851,92521,54864.800000000003,null,null,"N","N","",1]
["ADI30400080S",null,null,null,"PC기둥 설치","단위중량 10ton 미만, 시공높이 30m 초과","개소",0,0,0,0,0,0,0,0,0,null,null,null,null,"",1]
["ADI30400080S","기계경비","00002104001500000",null,"크레인(타이어)","15ton","HR",0.68400000000000005,8309,5683.3,55700,38098.800000000003,40854,27944.1,104863,71726.2,null,null,"N","N","",1]
["ADI30400090S",null,null,null,"PC기둥 설치","단위중량 20ton 미만, 시공높이 30m 초과","개소",0,0,0,0,0,0,0,0,0,null,null,null,null,"",1]
["ADI30400090S","노무","L001010101000002",null,"보통인부","일반공사 직종","인",0.22,0,0,165545,36419.9,0,0,165545,36419.9,null,null,"N","N","",1]
[null,null,null,null,null,null,null,0,0,0,0,0,0,0,0,0,null,null,null,null,"",1]
["ADI30400100S","노무","L001010101000002",null,"보통인부","일반공사 직종","인",0.28000000000000003,0,0,165545,46352.6,0,0,165545,46352.6,null,null,"N","N","",1]
["ADI30400100S","손료","RENT000000000001",null,"공구손료","노무비의 17%","식",1,27513.3,27513.3,0,0,0,0,27513.3,27513.3,null,null,"N","N",17,1]
[null,null,null,null,null,null,null,0,0,0,0,0,0,0,0,0,null,null,null,null,"",1]
["ADI30500000S","노무","L001010101000002",null,"보통인부","일반공사 직종","인",1,0,0,165545,165545,0,0,165545,165545,null,null,"N","N","",1]
["ADI30500010S",null,null,null,"모르타르 주입",null,"㎥",0,0,0,0,0,0,0,0,0,null,null,null,null,"",1]
["ADI30500010S","손료","RENT000000000001",null,"공구손료","인력품의 5%","식",1,160956.70000000001,160956.70000000001,0,0,0,0,160956.70000000001,160956.70000000001,null,null,"N","N",5,1]
[null,null,null,null,null,null,null,0,0,0,0,0,0,0,0,0,null,null,null,null,"",1]
[null,null,null,null,null,null,null,0,0,0,0,0,0,0,0,0,null,null,null,null,"",1]
["ADR30000010S","손료","RENT000000000001",null,"공구손료","인력품의 2%","식",1,601.79999999999995,601.79999999999995,0,0,0,0,601.79999999999995,601.79999999999995,null,null,"N","N",2,1]
[null,null,null,null,"[합 계]",null,null,0,0,601,0,30093,0,0,0,30694,null,null,null,null,"",1]
["ADR30000020S","노무","L001010101000029",null,"도장공","일반공사 직종","인",0.12,0,0,250776,30093.1,0,0,250776,30093.1,null,null,"N","N","",1]
["ADR30000030S",null,null,null,"에폭시 콘크리트 접착제 바르기(천정)","신구-콘크리트 접착제 바르기","㎡",0,0,0,0,0,0,0,0,0,null,null,null,null,"",1]
["ADR30000030S","손료","RENT000000000002",null,"노임할증","인력품의 20%","식",1,0,0,6018.6,6018.6,0,0,6018.6,6018.6,null,null,"N","N",20,1]
["ADR30000040S",null,null,null,"에폭시 콘크리트 접착제 바르기(천정)","콘크리트 및 고무 기타 접착제바르기","㎡",0,0,0,0,0,0,0,0,0,null,null,null,null,"",1]
["ADR30000040S","손료","RENT000000000001",null,"공구손료","인력품의 2%","식",1,601.79999999999995,601.79999999999995,0,0,0,0,601.79999999999995,601.79999999999995,null,null,"N","N",2,1]
["ADR50000020S",null,null,null,"콘크리트 치핑",null,"㎡",0,0,0,0,0,0,0,0,0,null,null,null,null,"",1]
["ADR50000020S","손료","RENT000000000001",null,"공구손료","인력품의 8%","식",1,2321.4,2321.4,0,0,0,0,2321.4,2321.4,null,null,"N","N",8,1]
[null,null,null,null,"[합 계]",null,null,0,0,2321,0,29017,0,0,0,31338,null,null,null,null,"",1]
["AEB00000010S","노무","L001010101000011",null,"철골공","일반공사 직종","인",0.05,0,0,243126,12156.3,0,0,243126,12156.3,null,null,"N","N","",1]
[null,null,null,null,null,null,null,0,0,0,0,0,0,0,0,0,null,null,null,null,"",1]
["AEB00000020S","노무","L001010101000003",null,"특별인부","일반공사 직종","인",0.03,0,0,214222,6426.6,0,0,214222,6426.6,null,null,"N","N","",1]
[null,null,null,null,null,null,null,0,0,0,0,0,0,0,0,0,null,null,null,null,"",1]
["AEB00000030S","노무","L001010101000011",null,"철골공","일반공사 직종","인",0.12,0,0,243126,29175.1,0,0,243126,29175.1,null,null,"N","N","",1]
[null,null,null,null,null,null,null,0,0,0,0,0,0,0,0,0,null,null,null,null,"",1]
["AEB00000040S","노무","L001010101000003",null,"특별인부","일반공사 직종","인",0.06,0,0,214222,12853.3,0,0,214222,12853.3,null,null,"N","N","",1]
["AEB00000040S","손료","RENT000000000001",null,"공구손료","인력품의 2%","식",1,1035,1035,0,0,0,0,1035,1035,null,null,"N","N",2,1]
["AEB00000050S",null,null,null,"앵커 볼트 설치","ø32 이하","개",0,0,0,0,0,0,0,0,0,null,null,null,null,"",1]
[null,null,null,null,"[합 계]",null,null,0,0,1272,0,63620,0,0,0,64892,null,null,null,null,"",1]
["AEB00000060S","노무","L001010101000011",null,"철골공","일반공사 직종","인",0.23,0,0,243126,55918.9,0,0,243126,55918.9,null,null,"N","N","",1]
[null,null,null,null,"[합 계]",null,null,0,0,1503,0,75198,0,0,0,76701,null,null,null,null,"",1]
["AEB01000010S",null,null,null,"스터드볼트 설치 / 자동용접","데크플레이트","개",0,0,0,0,0,0,0,0,0,null,null,null,null,"",1]
[null,null,null,null,"[합 계]",null,null,0,0,131,0,598,0,0,0,729,null,null,null,null,"",1]
[null,null,null,null,null,null,null,0,0,0,0,0,0,0,0,0,null,null,null,null,"",1]
["AEB01000020S","노무","L001010101000003",null,"특별인부","일반공사 직종","인",6.3000000000000003E-4,0,0,214222,134.9,0,0,214222,134.9,null,null,"N","N","",1]
[null,null,null,null,null,null,null,0,0,0,0,0,0,0,0,0,null,null,null,null,"",1]
["AEB02000020S","손료","RENT000000000001",null,"공구손료","인력품의 18%","식",1,189.2,189.2,0,0,0,0,189.2,189.2,null,null,"N","N",18,1]
["AEB02000030S",null,null,null,"스터드볼트 설치 / 수동용접","지하 철골 기둥","개",0,0,0,0,0,0,0,0,0,null,null,null,null,"",1]
["AEB02000030S","손료","RENT000000000001",null,"공구손료","인력품의 18%","식",1,122,122,0,0,0,0,122,122,null,null,"N","N",18,1]
[null,null,null,null,null,null,null,0,0,0,0,0,0,0,0,0,null,null,null,null,"",1]
[null,null,null,null,"[합 계]",null,null,0,0,361771,0,602952,0,0,0,964723,null,null,null,null,"",1]
[null,null,null,null,null,null,null,0,0,0,0,0,0,0,0,0,null,null,null,null,"",1]
["AEC10000020S","손료","RENT000000000001",null,"공장제작에 따른 제경비","인력품의 60%","식",1,336972.6,336972.6,0,0,0,0,336972.6,336972.6,null,null,"N","N",60,1]
["AEC10000030S",null,null,null,"기본철골공수(Built up)","100ton 이상","TON",0,0,0,0,0,0,0,0,0,null,null,null,null,"",1]
[null,null,null,null,null,null,null,0,0,0,0,0,0,0,0,0,null,null,null,null,"",1]
["AEC10000040S","손료","RENT000000000001",null,"공장제작에 따른 제경비","인력품의 60%","식",1,287374.90000000002,287374.90000000002,0,0,0,0,287374.90000000002,287374.90000000002,null,null,"N","N",60,1]
["AEC10000050S","노무","L001010101000011",null,"철골공","일반공사 직종","인",1.75,0,0,243126,425470.5,0,0,243126,425470.5,null,null,"N","N","",1]
["AEC10000050S","손료","RENT000000000001",null,"공장제작에 따른 제경비","인력품의 60%","식",1,255282.3,255282.3,0,0,0,0,255282.3,255282.3,null,null,"N","N",60,1]
["AEC10000060S","노무","L001010101000011",null,"철골공","일반공사 직종","인",1.63,0,0,243126,396295.3,0,0,243126,396295.3,null,null,"N","N","",1]
["AEC10000060S","손료","RENT000000000001",null,"공장제작에 따른 제경비","인력품의 60%","식",1,237777.1,237777.1,0,0,0,0,237777.1,237777.1,null,null,"N","N",60,1]
["AEC10000070S",null,null,null,"기본철골공수(Rolled Shape)","60ton 미만","TON",0,0,0,0,0,0,0,0,0,null,null,null,null,"",1]
[null,null,null,null,"[합 계]",null,null,0,0,256857,0,428096,0,0,0,684953,null,null,null,null,"",1]
["AEC10000080S","손료","RENT000000000001",null,"공장제작에 따른 제경비","인력품의 60%","식",1,239250.5,239250.5,0,0,0,0,239250.5,239250.5,null,null,"N","N",60,1]
["AEC10000090S",null,null,null,"기본철골공수(Rolled Shape)","100ton 이상","TON",0,0,0,0,0,0,0,0,0,null,null,null,null,"",1]
[null,null,null,null,"[합 계]",null,null,0,0,227857,0,379762,0,0,0,607619,null,null,null,null,"",1]
["AEC10000100S","노무","L001010101000011",null,"철골공","일반공사 직종","인",1.3987000000000001,0,0,243126,340060.3,0,0,243126,340060.3,null,null,"N","N","",1]
[null,null,null,null,null,null,null,0,0,0,0,0,0,0,0,0,null,null,null,null,"",1]
["AEC10000110S",null,null,null,"기본철골공수(Rolled Shape)","1000ton 이상","TON",0,0,0,0,0,0,0,0,0,null,null,null,null,"",1]
[null,null,null,null,"[합 계]",null,null,0,0,181250,0,302084,0,0,0,483334,null,null,null,null,"",1]
["AEC10000120S","노무","L001010101000011",null,"철골공","일반공사 직종","인",1.1573,0,0,243126,281369.7,0,0,243126,281369.7,null,null,"N","N","",1]
["AEC10000130S",null,null,null,"철골공수 산정방법<소요 부자재량>","전용접부재(Built up)","TON",0,0,0,0,0,0,0,0,0,null,null,null,null,"",1]
["AEC10000130S","자재","3116162010023568",null,"육각볼트","육각볼트, M20×100","개",2,658,1316,0,0,0,0,658,1316,null,null,"N","N","",1]
[null,null,null,null,null,null,null,0,0,0,0,0,0,0,0,0,null,null,null,null,"",1]
["AEC10000140S","자재","1511151020204251",null,"액화석유가스","액화석유가스, 건설용LPG","kg",1.4,1998,2797.2,0,0,0,0,1998,2797.2,null,null,"N","N","",1]
[null,null,null,null,"[합 계]",null,null,0,0,3455,0,0,0,0,0,3455,null,null,null,null,"",1]
[null,null,null,null,null,null,null,0,0,0,0,0,0,0,0,0,null,null,null,null,"",1]
["AEC11000010S","노무","L001010101000011",null,"철골공","일반공사 직종","인",2.17,0,0,243126,527583.4,0,0,243126,527583.4,null,null,"N","N","",1]
["AEC11000020S",null,null,null,"철골 가공 조립(공장생산, 적은구조)","Built up, 60ton 이상","TON",0,0,0,0,0,0,0,0,0,null,null,null,null,"",1]
["AEC11000020S","손료","RENT000000000001",null,"제경비","인력품의 60%","식",1,294858.3,294858.3,0,0,0,0,294858.3,294858.3,null,null,"N","N",60,1]
["AEC11000030S",null,null,null,"철골 가공 조립(공장생산, 적은구조)","Built up, 100ton 이상","TON",0,0,0,0,0,0,0,0,0,null,null,null,null,"",1]
["AEC11000030S","손료","RENT000000000001",null,"제경비","인력품의 60%","식",1,280810.5,280810.5,0,0,0,0,280810.5,280810.5,null,null,"N","N",60,1]
["AEC11000040S",null,null,null,"철골 가공 조립(공장생산, 적은구조)","Built up, 300ton 이상","TON",0,0,0,0,0,0,0,0,0,null,null,null,null,"",1]
["AEC11000040S","손료","RENT000000000001",null,"제경비","인력품의 60%","식",1,251460.3,251460.3,0,0,0,0,251460.3,251460.3,null,null,"N","N",60,1]
[null,null,null,null,"[합 계]",null,null,0,0,258370,0,419100,0,0,0,677470,null,null,null,null,"",1]
["AEC11000050S","일위대가","AEC10000130S",null,"철골공수 산정방법<소요 부자재량>","전용접부재(Built up)","TON",1,6910,6910,0,0,0,0,6910,6910,null,null,"N","N","",1]
[null,null,null,null,null,null,null,0,0,0,0,0,0,0,0,0,null,null,null,null,"",1]
["AEC11000060S","노무","L001010101000011",null,"철골공","일반공사 직종","인",1.19,0,0,243126,289319.90000000002,0,0,243126,289319.90000000002,null,null,"N","N","",1]
[null,null,null,null,null,null,null,0,0,0,0,0,0,0,0,0,null,null,null,null,"",1]
["AEC11000070S","노무","L001010101000011",null,"철골공","일반공사 직종","인",1.5407,0,0,243126,374584.2,0,0,243126,374584.2,null,null,"N","N","",1]
[null,null,null,null,null,null,null,0,0,0,0,0,0,0,0,0,null,null,null,null,"",1]
["AEC11000080S","노무","L001010101000011",null,"철골공","일반공사 직종","인",1.4350000000000001,0,0,243126,348885.8,0,0,243126,348885.8,null,null,"N","N","",1]
["AEC11000080S","손료","RENT000000000001",null,"제경비","인력품의 60%","식",1,209331.4,209331.4,0,0,0,0,209331.4,209331.4,null,null,"N","N",60,1]
["AEC11000090S",null,null,null,"철골 가공 조립(적은 구조)","Rolled shape, 100ton 이상","TON",0,0,0,0,0,0,0,0,0,null,null,null,null,"",1]
[null,null,null,null,"[합 계]",null,null,0,0,202837,0,332304,0,0,0,535141,null,null,null,null,"",1]
["AEC11000100S","일위대가","AEC10000140S",null,"철골공수 산정방법<소요 부자재량>","H형강부재(Rolled shape)","TON",1,3455,3455,0,0,0,0,3455,3455,null,null,"N","N","",1]
[null,null,null,null,"[합 계]",null,null,0,0,181992,0,297561,0,0,0,479553,null,null,null,null,"",1]
["AEC11000110S","일위대가","AEC10000140S",null,"철골공수 산정방법<소요 부자재량>","H형강부재(Rolled shape)","TON",1,3455,3455,0,0,0,0,3455,3455,null,null,"N","N","",1]
[null,null,null,null,"[합 계]",null,null,0,0,162050,0,264326,0,0,0,426376,null,null,null,null,"",1]
[null,null,null,null,null,null,null,0,0,0,0,0,0,0,0,0,null,null,null,null,"",1]
["AEC11000120S","노무","L001010101000011",null,"철골공","일반공사 직종","인",0.84489999999999998,0,0,243126,205417.1,0,0,243126,205417.1,null,null,"N","N","",1]
[null,null,null,null,null,null,null,0,0,0,0,0,0,0,0,0,null,null,null,null,"",1]
["AEC12000010S","손료","RENT000000000001",null,"제경비","인력품의 60%","식",1,361771.4,361771.4,0,0,0,0,361771.4,361771.4,null,null,"N","N",60,1]
["AEC12000020S",null,null,null,"철골 가공 조립(표준 라멘구조)","Built up, 60ton 이상","TON",0,0,0,0,0,0,0,0,0,null,null,null,null,"",1]
["AEC12000020S","손료","RENT000000000001",null,"제경비","인력품의 60%","식",1,336972.6,336972.6,0,0,0,0,336972.6,336972.6,null,null,"N","N",60,1]
["AEC12000030S",null,null,null,"철골 가공 조립(표준 라멘구조)","Built up, 100ton 이상","TON",0,0,0,0,0,0,0,0,0,null,null,null,null,"",1]
["AEC12000030S","손료","RENT000000000001",null,"제경비","인력품의 60%","식",1,320926.3,320926.3,0,0,0,0,320926.3,320926.3,null,null,"N","N",60,1]
[null,null,null,null,"[합 계]",null,null,0,0,327836,0,534877,0,0,0,862713,null,null,null,null,"",1]
["AEC12000040S","일위대가","AEC10000130S",null,"철골공수 산정방법<소요 부자재량>","전용접부재(Built up)","TON",1,6910,6910,0,0,0,0,6910,6910,null,null,"N","N","",1]
[null,null,null,null,"[합 계]",null,null,0,0,294284,0,478958,0,0,0,773242,null,null,null,null,"",1]
["AEC12000050S","노무","L001010101000011",null,"철골공","일반공사 직종","인",1.75,0,0,243126,425470.5,0,0,243126,425470.5,null,null,"N","N","",1]
[null,null,null,null,null,null,null,0,0,0,0,0,0,0,0,0,null,null,null,null,"",1]
["AEC12000060S","손료","RENT000000000001",null,"제경비","인력품의 60%","식",1,237777.1,237777.1,0,0,0,0,237777.1,237777.1,null,null,"N","N",60,1]
[null,null,null,null,null,null,null,0,0,0,0,0,0,0,0,0,null,null,null,null,"",1]
["AEC12000070S","노무","L001010101000011",null,"철골공","일반공사 직종","인",1.7607999999999999,0,0,243126,428096.2,0,0,243126,428096.2,null,null,"N","N","",1]
["AEC12000070S","손료","RENT000000000001",null,"제경비","인력품의 60%","식",1,256857.7,256857.7,0,0,0,0,256857.7,256857.7,null,null,"N","N",60,1]
["AEC12000080S",null,null,null,"철골 가공 조립(표준 라멘구조)","Rolled shape, 60ton 이상","TON",0,0,0,0,0,0,0,0,0,null,null,null,null,"",1]
["AEC12000080S","손료","RENT000000000001",null,"제경비","인력품의 60%","식",1,239250.5,239250.5,0,0,0,0,239250.5,239250.5,null,null,"N","N",60,1]
["AEC12000090S","일위대가","AEC10000140S",null,"철골공수 산정방법<소요 부자재량>","H형강부재(Rolled shape)","TON",1,3455,3455,0,0,0,0,3455,3455,null,null,"N","N","",1]
[null,null,null,null,"[합 계]",null,null,0,0,231312,0,379762,0,0,0,611074,null,null,null,null,"",1]
["AEC12000100S","노무","L001010101000011",null,"철골공","일반공사 직종","인",1.3987000000000001,0,0,243126,340060.3,0,0,243126,340060.3,null,null,"N","N","",1]
[null,null,null,null,"[합 계]",null,null,0,0,207491,0,340060,0,0,0,547551,null,null,null,null,"",1]
["AEC12000110S","일위대가","AEC10000140S",null,"철골공수 산정방법<소요 부자재량>","H형강부재(Rolled shape)","TON",1,3455,3455,0,0,0,0,3455,3455,null,null,"N","N","",1]
["AEC12000110S","노무","L001010101000011",null,"철골공","일반공사 직종","인",1.2424999999999999,0,0,243126,302084,0,0,243126,302084,null,null,"N","N","",1]
[null,null,null,null,null,null,null,0,0,0,0,0,0,0,0,0,null,null,null,null,"",1]
["AEC12000120S","노무","L001010101000011",null,"철골공","일반공사 직종","인",0.96560000000000001,0,0,243126,234762.4,0,0,243126,234762.4,null,null,"N","N","",1]
["AEC13000010S",null,null,null,"철골 가공 조립(많은 구조)","Built up, 60ton 미만","TON",0,0,0,0,0,0,0,0,0,null,null,null,null,"",1]
["AEC13000010S","손료","RENT000000000001",null,"제경비","인력품의 60%","식",1,406992.9,406992.9,0,0,0,0,406992.9,406992.9,null,null,"N","N",60,1]
["AEC13000020S","일위대가","AEC10000130S",null,"철골공수 산정방법<소요 부자재량>","전용접부재(Built up)","TON",1,6910,6910,0,0,0,0,6910,6910,null,null,"N","N","",1]
["AEC13000020S","손료","RENT000000000001",null,"제경비","인력품의 60%","식",1,379101.4,379101.4,0,0,0,0,379101.4,379101.4,null,null,"N","N",60,1]
["AEC13000030S",null,null,null,"철골 가공 조립(많은 구조)","Built up, 100ton 이상","TON",0,0,0,0,0,0,0,0,0,null,null,null,null,"",1]
["AEC13000030S","일위대가","AEC10000130S",null,"철골공수 산정방법<소요 부자재량>","전용접부재(Built up)","TON",1,6910,6910,0,0,0,0,6910,6910,null,null,"N","N","",1]
[null,null,null,null,"[합 계]",null,null,0,0,367952,0,601736,0,0,0,969688,null,null,null,null,"",1]
["AEC13000040S","노무","L001010101000011",null,"철골공","일반공사 직종","인",2.2162999999999999,0,0,243126,538840.1,0,0,243126,538840.1,null,null,"N","N","",1]
[null,null,null,null,null,null,null,0,0,0,0,0,0,0,0,0,null,null,null,null,"",1]
["AEC13000050S","노무","L001010101000011",null,"철골공","일반공사 직종","인",1.9688000000000001,0,0,243126,478666.4,0,0,243126,478666.4,null,null,"N","N","",1]
["AEC13000060S",null,null,null,"철골 가공 조립(많은 구조)","Built up, 2,000ton 이상","TON",0,0,0,0,0,0,0,0,0,null,null,null,null,"",1]
["AEC13000060S","노무","L001010101000011",null,"철골공","일반공사 직종","인",1.83,0,0,243126,444920.5,0,0,243126,444920.5,null,null,"N","N","",1]
[null,null,null,null,null,null,null,0,0,0,0,0,0,0,0,0,null,null,null,null,"",1]
["AEC13000070S",null,null,null,"철골 가공 조립(많은 구조)","Rolled shape, 60ton 미만","TON",0,0,0,0,0,0,0,0,0,null,null,null,null,"",1]
["AEC13000070S","손료","RENT000000000001",null,"제경비","인력품의 60%","식",1,288964.90000000002,288964.90000000002,0,0,0,0,288964.90000000002,288964.90000000002,null,null,"N","N",60,1]
["AEC13000080S","일위대가","AEC10000140S",null,"철골공수 산정방법<소요 부자재량>","H형강부재(Rolled shape)","TON",1,3455,3455,0,0,0,0,3455,3455,null,null,"N","N","",1]
[null,null,null,null,"[합 계]",null,null,0,0,272610,0,448591,0,0,0,721201,null,null,null,null,"",1]
["AEC13000090S","일위대가","AEC10000140S",null,"철골공수 산정방법<소요 부자재량>","H형강부재(Rolled shape)","TON",1,3455,3455,0,0,0,0,3455,3455,null,null,"N","N","",1]
[null,null,null,null,null,null,null,0,0,0,0,0,0,0,0,0,null,null,null,null,"",1]
["AEC13000100S","일위대가","AEC10000140S",null,"철골공수 산정방법<소요 부자재량>","H형강부재(Rolled shape)","TON",1,3455,3455,0,0,0,0,3455,3455,null,null,"N","N","",1]
["AEC13000100S","노무","L001010101000011",null,"철골공","일반공사 직종","인",1.5734999999999999,0,0,243126,382558.7,0,0,243126,382558.7,null,null,"N","N","",1]
[null,null,null,null,null,null,null,0,0,0,0,0,0,0,0,0,null,null,null,null,"",1]
["AEC13000110S","노무","L001010101000011",null,"철골공","일반공사 직종","인",1.3977999999999999,0,0,243126,339841.5,0,0,243126,339841.5,null,null,"N","N","",1]
["AEC13000120S",null,null,null,"철골 가공 조립(많은 구조)","Rolled shape, 2,000ton 이상","TON",0,0,0,0,0,0,0,0,0,null,null,null,null,"",1]
["AEC13000120S","손료","RENT000000000001",null,"제경비","인력품의 60%","식",1,189930,189930,0,0,0,0,189930,189930,null,null,"N","N",60,1]
["AEC20000010S",null,null,null,"경량형강철골조 조립설치","내력식(지붕트러스), 4층 이하 기준","TON",0,0,0,0,0,0,0,0,0,null,null,null,null,"",1]
["AEC20000010S","손료","RENT000000000001",null,"공구손료","인력품의 3%","식",1,111711,111711,0,0,0,0,111711,111711,null,null,"N","N",3,1]
["AEC20000020S","노무","L001010101000009",null,"철공","일반공사 직종","인",12.54,0,0,233754,2931275.1,0,0,233754,2931275.1,null,null,"N","N","",1]
["AEC20000020S","손료","RENT000000000001",null,"공구손료","인력품의 3%","식",1,87938.2,87938.2,0,0,0,0,87938.2,87938.2,null,null,"N","N",3,1]
["AED00000010S",null,null,null,"부대철골 설치",null,"TON",0,0,0,0,0,0,0,0,0,null,null,null,null,"",1]
["AED00000010S","기계경비","00002104005000000",null,"크레인(타이어)","50ton","HR",2.5,19970,49925,55700,139250,86876,217190,162546,406365,null,null,"N","N","",1]
["AEE00000010S","노무","L001010101000011",null,"철골공","일반공사 직종","인",0.33,0,0,243126,80231.5,0,0,243126,80231.5,null,null,"N","N","",1]
[null,null,null,null,"[합 계]",null,null,0,0,0,0,134493,0,0,0,134493,null,null,null,null,"",1]
["AEE00000020S","노무","L001010101000011",null,"철골공","일반공사 직종","인",0.44,0,0,243126,106975.4,0,0,243126,106975.4,null,null,"N","N","",1]
["AEE00000020S","노무","L001010101000003",null,"특별인부","일반공사 직종","인",0.09,0,0,214222,19279.900000000001,0,0,214222,19279.900000000001,null,null,"N","N","",1]
["AEE00000030S","노무","L001010101000011",null,"철골공","일반공사 직종","인",0.52,0,0,243126,126425.5,0,0,243126,126425.5,null,null,"N","N","",1]
["AEE00000030S","노무","L001010101000006",null,"비계공","일반공사 직종","인",0.22,0,0,280472,61703.8,0,0,280472,61703.8,null,null,"N","N","",1]
[null,null,null,null,null,null,null,0,0,0,0,0,0,0,0,0,null,null,null,null,"",1]
["AEE00000040S","노무","L001010101000006",null,"비계공","일반공사 직종","인",0.24,0,0,280472,67313.2,0,0,280472,67313.2,null,null,"N","N","",1]
["AEE00000050S",null,null,null,"철골 세우기 - 현장세우기","40층 이상","TON",0,0,0,0,0,0,0,0,0,null,null,null,null,"",1]
["AEE00000050S","노무","L001010101000003",null,"특별인부","일반공사 직종","인",0.14000000000000001,0,0,214222,29991,0,0,214222,29991,null,null,"N","N","",1]
["AEE00000110S","노무","L001010101000011",null,"철골공","일반공사 직종","인",0.81200000000000006,0,0,243126,197418.3,0,0,243126,197418.3,null,null,"N","N","",1]
["AEE00000110S","노무","L001010101000012",null,"용접공","일반공사 직종","인",0.38200000000000001,0,0,267021,102002,0,0,267021,102002,null,null,"N","N","",1]
[null,null,null,null,null,null,null,0,0,0,0,0,0,0,0,0,null,null,null,null,"",1]
["AEE00000120S",null,null,null,"탑다운공법 지하 현장 세우기","지하7층 미만","ton",0,0,0,0,0,0,0,0,0,null,null,null,null,"",1]
["AEE00000120S","노무","L001010101000003",null,"특별인부","일반공사 직종","인",0.20799999999999999,0,0,214222,44558.1,0,0,214222,44558.1,null,null,"N","N","",1]
[null,null,null,null,null,null,null,0,0,0,0,0,0,0,0,0,null,null,null,null,"",1]
["AEE00000130S","노무","L001010101000003",null,"특별인부","일반공사 직종","인",0.24199999999999999,0,0,214222,51841.7,0,0,214222,51841.7,null,null,"N","N","",1]
[null,null,null,null,null,null,null,0,0,0,0,0,0,0,0,0,null,null,null,null,"",1]
["AEE00000140S","노무","L001010101000003",null,"특별인부","일반공사 직종","인",0.27600000000000002,0,0,214222,59125.2,0,0,214222,59125.2,null,null,"N","N","",1]
["AEE00000140S","손료","RENT000000000001",null,"공구손료","인력품의 2%","식",1,7359.5,7359.5,0,0,0,0,7359.5,7359.5,null,null,"N","N",2,1]
["AEE90000010S","노무","L001010101000011",null,"철골공","일반공사 직종","인",0.43,0,0,243126,104544.1,0,0,243126,104544.1,null,null,"N","N","",1]
["AEE90000010S","노무","L001010101000003",null,"특별인부","일반공사 직종","인",0.12,0,0,214222,25706.6,0,0,214222,25706.6,null,null,"N","N","",1]
[null,null,null,null,null,null,null,0,0,0,0,0,0,0,0,0,null,null,null,null,"",1]
["AEE90000020S","노무","L001010101000003",null,"특별인부","일반공사 직종","인",0.14000000000000001,0,0,214222,29991,0,0,214222,29991,null,null,"N","N","",1]
["AEE90000030S",null,null,null,"고장력 볼트 본조임","70본/t 미만","TON",0,0,0,0,0,0,0,0,0,null,null,null,null,"",1]
["AEE90000030S","손료","RENT000000000001",null,"공구손료","인력품의 3%","식",1,5331.5,5331.5,0,0,0,0,5331.5,5331.5,null,null,"N","N",3,1]
["AEE90000040S","노무","L001010101000011",null,"철골공","일반공사 직종","인",0.66,0,0,243126,160463.1,0,0,243126,160463.1,null,null,"N","N","",1]
["AEE90000040S","노무","L001010101000003",null,"특별인부","일반공사 직종","인",0.18,0,0,214222,38559.9,0,0,214222,38559.9,null,null,"N","N","",1]
["AEE90000050S",null,null,null,"고장력 볼트 본조임","110본/t 미만","TON",0,0,0,0,0,0,0,0,0,null,null,null,null,"",1]
["AEE90000050S","노무","L001010101000011",null,"철골공","일반공사 직종","인",0.72,0,0,243126,175050.7,0,0,243126,175050.7,null,null,"N","N","",1]
[null,null,null,null,"[합 계]",null,null,0,0,6536,0,217895,0,0,0,224431,null,null,null,null,"",1]
["AEE90000060S","노무","L001010101000003",null,"특별인부","일반공사 직종","인",0.2,0,0,214222,42844.4,0,0,214222,42844.4,null,null,"N","N","",1]
[null,null,null,null,null,null,null,0,0,0,0,0,0,0,0,0,null,null,null,null,"",1]
["AEE90100010S","노무","L001010101000012",null,"용접공","일반공사 직종","인",0.29920000000000002,0,0,267021,79892.600000000006,0,0,267021,79892.600000000006,null,null,"N","N","",1]
["AEE90100020S",null,null,null,"수용접(Built up 제작)","20(m/t) 미만, 30ton 이상","TON",0,0,0,0,0,0,0,0,0,null,null,null,null,"",1]
["AEE90100020S","자재","2327181222368808",null,"연강용피복아크용접봉","연강용피복아크용접봉, Φ3.2mm(KSE4301)","KG",8.4,3080,25872,0,0,0,0,3080,25872,null,null,"N","N","",1]
[null,null,null,null,null,null,null,0,0,0,0,0,0,0,0,0,null,null,null,null,"",1]
["AEE90100030S",null,null,null,"수용접(Built up 제작)","20(m/t) 미만, 60ton 이상","TON",0,0,0,0,0,0,0,0,0,null,null,null,null,"",1]
["AEE90100030S","손료","RENT000000000001",null,"제경비","인력품의 60%","식",1,43001,43001,0,0,0,0,43001,43001,null,null,"N","N",60,1]
["AEE90100040S","자재","2327181222368808",null,"연강용피복아크용접봉","연강용피복아크용접봉, Φ3.2mm(KSE4301)","KG",8.4,3080,25872,0,0,0,0,3080,25872,null,null,"N","N","",1]
[null,null,null,null,"[합 계]",null,null,0,0,66758,0,68143,0,0,0,134901,null,null,null,null,"",1]
["AEE90100050S","자재","2327181222368808",null,"연강용피복아크용접봉","연강용피복아크용접봉, Φ3.2mm(KSE4301)","KG",8.4,3080,25872,0,0,0,0,3080,25872,null,null,"N","N","",1]
[null,null,null,null,null,null,null,0,0,0,0,0,0,0,0,0,null,null,null,null,"",1]
["AEE90100060S",null,null,null,"수용접(Built up 제작)","20(m/t) 미만, 300ton 이상","TON",0,0,0,0,0,0,0,0,0,null,null,null,null,"",1]
["AEE90100060S","노무","L001010101000012",null,"용접공","일반공사 직종","인",0.2288,0,0,267021,61094.400000000001,0,0,267021,61094.400000000001,null,null,"N","N","",1]
[null,null,null,null,null,null,null,0,0,0,0,0,0,0,0,0,null,null,null,null,"",1]
["AEE90100070S","노무","L001010101000012",null,"용접공","일반공사 직종","인",0.22220000000000001,0,0,267021,59332,0,0,267021,59332,null,null,"N","N","",1]
["AEE90100080S",null,null,null,"수용접(Built up 제작)","20(m/t) 미만, 500ton 이상","TON",0,0,0,0,0,0,0,0,0,null,null,null,null,"",1]
["AEE90100080S","손료","RENT000000000001",null,"제경비","인력품의 60%","식",1,34894.199999999997,34894.199999999997,0,0,0,0,34894.199999999997,34894.199999999997,null,null,"N","N",60,1]
["AEE90100090S",null,null,null,"수용접(Built up 제작)","20(m/t) 미만, 600ton 이상","TON",0,0,0,0,0,0,0,0,0,null,null,null,null,"",1]
[null,null,null,null,"[합 계]",null,null,0,0,60061,0,56982,0,0,0,117043,null,null,null,null,"",1]
[null,null,null,null,null,null,null,0,0,0,0,0,0,0,0,0,null,null,null,null,"",1]
["AEE90100100S","자재","2327181222368808",null,"연강용피복아크용접봉","연강용피복아크용접봉, Φ3.2mm(KSE4301)","KG",8.4,3080,25872,0,0,0,0,3080,25872,null,null,"N","N","",1]
[null,null,null,null,"[합 계]",null,null,0,0,59708,0,56394,0,0,0,116102,null,null,null,null,"",1]
["AEE90100110S","자재","2327181222368808",null,"연강용피복아크용접봉","연강용피복아크용접봉, Φ3.2mm(KSE4301)","KG",8.4,3080,25872,0,0,0,0,3080,25872,null,null,"N","N","",1]
[null,null,null,null,null,null,null,0,0,0,0,0,0,0,0,0,null,null,null,null,"",1]
["AEE90100120S","노무","L001010101000012",null,"용접공","일반공사 직종","인",0.2046,0,0,267021,54632.4,0,0,267021,54632.4,null,null,"N","N","",1]
[null,null,null,null,null,null,null,0,0,0,0,0,0,0,0,0,null,null,null,null,"",1]
["AEE90100130S","손료","RENT000000000001",null,"제경비","인력품의 60%","식",1,32427,32427,0,0,0,0,32427,32427,null,null,"N","N",60,1]
[null,null,null,null,"[합 계]",null,null,0,0,58299,0,54045,0,0,0,112344,null,null,null,null,"",1]
["AEE90100140S",null,null,null,"수용접(Built up 제작)","20(m/t) 미만, 1,500ton 이상","TON",0,0,0,0,0,0,0,0,0,null,null,null,null,"",1]
["AEE90100140S","손료","RENT000000000001",null,"제경비","인력품의 60%","식",1,31369.599999999999,31369.599999999999,0,0,0,0,31369.599999999999,31369.599999999999,null,null,"N","N",60,1]
["AEE90100150S",null,null,null,"수용접(Built up 제작)","20(m/t) 미만, 2,000ton 이상","TON",0,0,0,0,0,0,0,0,0,null,null,null,null,"",1]
[null,null,null,null,"[합 계]",null,null,0,0,56184,0,50520,0,0,0,106704,null,null,null,null,"",1]
["AEE90200010S","자재","2327181222368808",null,"연강용피복아크용접봉","연강용피복아크용접봉, Φ3.2mm(KSE4301)","KG",8.4,3080,25872,0,0,0,0,3080,25872,null,null,"N","N","",1]
[null,null,null,null,null,null,null,0,0,0,0,0,0,0,0,0,null,null,null,null,"",1]
["AEE90200020S","노무","L001010101000012",null,"용접공","일반공사 직종","인",0.2104,0,0,267021,56181.2,0,0,267021,56181.2,null,null,"N","N","",1]
["AEE90200020S","손료","RENT000000000001",null,"제경비","인력품의 60%","식",1,33708.699999999997,33708.699999999997,0,0,0,0,33708.699999999997,33708.699999999997,null,null,"N","N",60,1]
[null,null,null,null,null,null,null,0,0,0,0,0,0,0,0,0,null,null,null,null,"",1]
["AEE90200030S","노무","L001010101000012",null,"용접공","일반공사 직종","인",0.19589999999999999,0,0,267021,52309.4,0,0,267021,52309.4,null,null,"N","N","",1]
[null,null,null,null,null,null,null,0,0,0,0,0,0,0,0,0,null,null,null,null,"",1]
["AEE90200040S","손료","RENT000000000001",null,"제경비","인력품의 60%","식",1,29847.599999999999,29847.599999999999,0,0,0,0,29847.599999999999,29847.599999999999,null,null,"N","N",60,1]
["AEE90200050S",null,null,null,"수용접(Rolled shape 제작)","20(m/t) 미만, 200ton 이상","TON",0,0,0,0,0,0,0,0,0,null,null,null,null,"",1]
[null,null,null,null,"[합 계]",null,null,0,0,53652,0,46301,0,0,0,99953,null,null,null,null,"",1]
["AEE90200060S",null,null,null,"수용접(Rolled shape 제작)","20(m/t) 미만, 300ton 이상","TON",0,0,0,0,0,0,0,0,0,null,null,null,null,"",1]
["AEE90200060S","손료","RENT000000000001",null,"제경비","인력품의 60%","식",1,26755.5,26755.5,0,0,0,0,26755.5,26755.5,null,null,"N","N",60,1]
[null,null,null,null,"[합 계]",null,null,0,0,52627,0,44592,0,0,0,97219,null,null,null,null,"",1]
["AEE90200070S","자재","2327181222368808",null,"연강용피복아크용접봉","연강용피복아크용접봉, Φ3.2mm(KSE4301)","KG",8.4,3080,25872,0,0,0,0,3080,25872,null,null,"N","N","",1]
[null,null,null,null,null,null,null,0,0,0,0,0,0,0,0,0,null,null,null,null,"",1]
["AEE90200080S","노무","L001010101000012",null,"용접공","일반공사 직종","인",0.159,0,0,267021,42456.3,0,0,267021,42456.3,null,null,"N","N","",1]
[null,null,null,null,null,null,null,0,0,0,0,0,0,0,0,0,null,null,null,null,"",1]
["AEE90200090S","손료","RENT000000000001",null,"제경비","인력품의 60%","식",1,24961,24961,0,0,0,0,24961,24961,null,null,"N","N",60,1]
[null,null,null,null,null,null,null,0,0,0,0,0,0,0,0,0,null,null,null,null,"",1]
["AEE90200100S","노무","L001010101000012",null,"용접공","일반공사 직종","인",0.1542,0,0,267021,41174.6,0,0,267021,41174.6,null,null,"N","N","",1]
["AEE90200100S","손료","RENT000000000001",null,"제경비","인력품의 60%","식",1,24704.7,24704.7,0,0,0,0,24704.7,24704.7,null,null,"N","N",60,1]
["AEE90200110S",null,null,null,"수용접(Rolled shape 제작)","20(m/t) 미만, 800ton 이상","TON",0,0,0,0,0,0,0,0,0,null,null,null,null,"",1]
[null,null,null,null,"[합 계]",null,null,0,0,50064,0,40320,0,0,0,90384,null,null,null,null,"",1]
["AEE90200120S","자재","2327181222368808",null,"연강용피복아크용접봉","연강용피복아크용접봉, Φ3.2mm(KSE4301)","KG",8.4,3080,25872,0,0,0,0,3080,25872,null,null,"N","N","",1]
[null,null,null,null,"[합 계]",null,null,0,0,49807,0,39892,0,0,0,89699,null,null,null,null,"",1]
["AEE90200130S","노무","L001010101000012",null,"용접공","일반공사 직종","인",0.14779999999999999,0,0,267021,39465.699999999997,0,0,267021,39465.699999999997,null,null,"N","N","",1]
[null,null,null,null,"[합 계]",null,null,0,0,49551,0,39465,0,0,0,89016,null,null,null,null,"",1]
["AEE90200140S","자재","2327181222368808",null,"연강용피복아크용접봉","연강용피복아크용접봉, Φ3.2mm(KSE4301)","KG",8.4,3080,25872,0,0,0,0,3080,25872,null,null,"N","N","",1]
["AEE90200140S","노무","L001010101000012",null,"용접공","일반공사 직종","인",0.1429,0,0,267021,38157.300000000003,0,0,267021,38157.300000000003,null,null,"N","N","",1]
[null,null,null,null,null,null,null,0,0,0,0,0,0,0,0,0,null,null,null,null,"",1]
["AEE90200150S","손료","RENT000000000001",null,"제경비","인력품의 60%","식",1,22125.3,22125.3,0,0,0,0,22125.3,22125.3,null,null,"N","N",60,1]
["AEE90200160S",null,null,null,"현장용접(CO2 반자동 용접)","각장 6mm 환산용접 길이","M",0,0,0,0,0,0,0,0,0,null,null,null,null,"",1]
["AEE90200160S","자재","2327181322305638",null,"용접와이어","용접와이어, CO2와이어","kg",0.28000000000000003,0,0,0,0,0,0,0,0,null,null,"N","N","",1]
["AEF10100010S",null,null,null,"데크플레이트 설치","10층 이하(자재 별도)","M2",0,0,0,0,0,0,0,0,0,null,null,null,null,"",1]
["AEF10100010S","노무","L001010101000012",null,"용접공","일반공사 직종","인",0.01,0,0,267021,2670.2,0,0,267021,2670.2,null,null,"N","N","",1]
["AEF10100010S","노무","L001010101000003",null,"특별인부","일반공사 직종","인",0.01,0,0,214222,2142.1999999999998,0,0,214222,2142.1999999999998,null,null,"N","N","",1]
[null,null,null,null,null,null,null,0,0,0,0,0,0,0,0,0,null,null,null,null,"",1]
["AEF31000010S","자재","1511151020204251",null,"액화석유가스","액화석유가스, 건설용LPG","kg",1.2E-2,1998,23.9,0,0,0,0,1998,23.9,null,null,"N","N","",1]
["AEF31000020S","노무","L001010101000012",null,"용접공","일반공사 직종","인",1.7000000000000001E-2,0,0,267021,4539.3,0,0,267021,4539.3,null,null,"N","N","",1]
[null,null,null,null,"[합 계]",null,null,0,0,224,0,4539,0,0,0,4763,null,null,null,null,"",1]
["AEF31000030S","노무","L001010101000012",null,"용접공","일반공사 직종","인",2.3E-2,0,0,267021,6141.4,0,0,267021,6141.4,null,null,"N","N","",1]
["AEF31000040S",null,null,null,"데크플레이트 가스절단","판두께 2.3mm, 아세틸렌","M",0,0,0,0,0,0,0,0,0,null,null,null,null,"",1]
["AEF31000040S","자재","1214190420204087",null,"산소가스","산소가스, 기체(㎥)","㎥",4.2000000000000003E-2,0,0,0,0,0,0,0,0,"대기압상태기준",null,"N","N","",1]
["AEF31000040S","자재","1511150620204095",null,"아세틸렌가스","아세틸렌가스, kg","kg",1.6E-2,14960,239.3,0,0,0,0,14960,239.3,null,null,"N","N","",1]
["AEF31000050S",null,null,null,"데크플레이트 플라즈마 절단",null,"M",0,0,0,0,0,0,0,0,0,null,null,null,null,"",1]
["AEF31000050S","손료","RENT000000000001",null,"공구손료","인력품의 10%","식",1,164.4,164.4,0,0,0,0,164.4,164.4,null,null,"N","N",10,1]
["AEG11100010S","노무","L001010101000029",null,"도장공","일반공사 직종","인",6.2E-2,0,0,250776,15548.1,0,0,250776,15548.1,null,null,"N","N","",1]
["AEG11100010S","손료","RENT000000000001",null,"공구손료","인력품의 5%","식",1,1890.4,1890.4,0,0,0,0,1890.4,1890.4,null,null,"N","N",5,1]
["AEG11100010S","자재","3014169910028473",null,"내화피복재","내화피복재, 질석, 습식용","kg",38.799999999999997,0,0,0,0,0,0,0,0,null,null,"N","N","",1]
["AFA11100010S","노무","L001010101000021",null,"조적공","일반공사 직종","인",0.11,0,0,260473,28652,0,0,260473,28652,null,null,"N","N","",1]
["AFA11100010S","손료","RENT000000000001",null,"공구손료","인력품의 2%","식",1,672.3,672.3,0,0,0,0,672.3,672.3,null,null,"N","N",2,1]
["AFA11100010S","자재","3013160321870287",null,"콘크리트벽돌","콘크리트벽돌, 190×57×90mm, C종2급","매",75,0,0,0,0,0,0,0,0,null,null,"N","N","",1]
[null,null,null,null,null,null,null,0,0,0,0,0,0,0,0,0,null,null,null,null,"",1]
["AFA11100020S","노무","L001010101000002",null,"보통인부","일반공사 직종","인",0.05,0,0,165545,8277.2000000000007,0,0,165545,8277.2000000000007,null,null,"N","N","",1]
[null,null,null,null,"[합 계]",null,null,0,0,894,0,46819,0,0,0,47713,null,null,null,null,"",1]
["AFA11100030S","노무","L001010101000021",null,"조적공","일반공사 직종","인",0.11,0,0,260473,28652,0,0,260473,28652,null,null,"N","N","",1]
["AFA11100030S","일위대가","AGA10001040S",null,"모르타르 배합(배합품 포함)","배합용적비 1:3, 시멘트, 모래 별도","M3",1.9E-2,0,0,109259,2075.9,0,0,109259,2075.9,null,null,"N","N","",1]
[null,null,null,null,null,null,null,0,0,0,0,0,0,0,0,0,null,null,null,null,"",1]
["AFA11100040S","노무","L001010101000021",null,"조적공","일반공사 직종","인",0.14000000000000001,0,0,260473,36466.199999999997,0,0,260473,36466.199999999997,null,null,"N","N","",1]
["AFA11100040S","노무","L001010101000002",null,"보통인부","일반공사 직종","인",0.05,0,0,165545,8277.2000000000007,0,0,165545,8277.2000000000007,null,null,"N","N","",1]
["AFA11100040S","일위대가","AGA10001040S",null,"모르타르 배합(배합품 포함)","배합용적비 1:3, 시멘트, 모래 별도","M3",1.9E-2,0,0,109259,2075.9,0,0,109259,2075.9,null,null,"N","N","",1]
[null,null,null,null,null,null,null,0,0,0,0,0,0,0,0,0,null,null,null,null,"",1]
["AFA11100050S","손료","RENT000000000001",null,"공구손료","인력품의 2%","식",1,672.3,672.3,0,0,0,0,672.3,672.3,null,null,"N","N",2,1]
["AFA11100050S","손료","RENT000000000002",null,"노임할증","인력품의 20%","식",1,0,0,6723.6,6723.6,0,0,6723.6,6723.6,null,null,"N","N",20,1]
["AFA11100060S","노무","L001010101000021",null,"조적공","일반공사 직종","인",0.14000000000000001,0,0,260473,36466.199999999997,0,0,260473,36466.199999999997,null,null,"N","N","",1]
["AFA11100060S","자재","3013160321870287",null,"콘크리트벽돌","콘크리트벽돌, 190×57×90mm, C종2급","매",75,0,0,0,0,0,0,0,0,null,null,"N","N","",1]
["AFA11100060S","손료","RENT000000000002",null,"노임할증","인력품의 20%","식",1,0,0,8948.6,8948.6,0,0,8948.6,8948.6,null,null,"N","N",20,1]
[null,null,null,null,"[합 계]",null,null,0,0,894,0,55767,0,0,0,56661,null,null,null,null,"",1]
["AFA11300010S","노무","L001010101000021",null,"조적공","일반공사 직종","인",0.19,0,0,260473,49489.8,0,0,260473,49489.8,null,null,"N","N","",1]
["AFA11300010S","일위대가","AGA10001040S",null,"모르타르 배합(배합품 포함)","배합용적비 1:3, 시멘트, 모래 별도","M3",4.9000000000000002E-2,0,0,109259,5353.6,0,0,109259,5353.6,null,null,"N","N","",1]
["AFA11300020S",null,null,null,"벽돌 쌓기(1.0B)","3.6m 초과","M2",0,0,0,0,0,0,0,0,0,null,null,null,null,"",1]
["AFA11300020S","손료","RENT000000000001",null,"공구손료","인력품의 2%","식",1,1619.3,1619.3,0,0,0,0,1619.3,1619.3,null,null,"N","N",2,1]
[null,null,null,null,null,null,null,0,0,0,0,0,0,0,0,0,null,null,null,null,"",1]
["AFA11300030S","노무","L001010101000002",null,"보통인부","일반공사 직종","인",0.06,0,0,165545,9932.7000000000007,0,0,165545,9932.7000000000007,null,null,"N","N","",1]
["AFA11300030S","자재","3013160321870287",null,"콘크리트벽돌","콘크리트벽돌, 190×57×90mm, C종2급","매",149,0,0,0,0,0,0,0,0,null,null,"N","N","",1]
["AFA11300030S","일위대가","AGA10001040S",null,"모르타르 배합(배합품 포함)","배합용적비 1:3, 시멘트, 모래 별도","M3",4.9000000000000002E-2,0,0,109259,5353.6,0,0,109259,5353.6,null,null,"N","N","",1]
[null,null,null,null,null,null,null,0,0,0,0,0,0,0,0,0,null,null,null,null,"",1]
["AFA11300040S","손료","RENT000000000001",null,"공구손료","인력품의 2%","식",1,1619.3,1619.3,0,0,0,0,1619.3,1619.3,null,null,"N","N",2,1]
["AFA11300040S","손료","RENT000000000002",null,"노임할증","인력품의 10%","식",1,0,0,8096.6,8096.6,0,0,8096.6,8096.6,null,null,"N","N",10,1]
["AFA11300050S",null,null,null,"벽돌 쌓기(1.0B)","3.6m 이하, 홈벽돌 포함","M2",0,0,0,0,0,0,0,0,0,null,null,null,null,"",1]
["AFA11300050S","자재","3013160321870287",null,"콘크리트벽돌","콘크리트벽돌, 190×57×90mm, C종2급","매",149,0,0,0,0,0,0,0,0,null,null,"N","N","",1]
[null,null,null,null,"[합 계]",null,null,0,0,1188,0,76660,0,0,0,77848,null,null,null,null,"",1]
["AFA11300060S",null,null,null,"벽돌 쌓기(1.0B)","3.6m 초과, 홈벽돌 포함","M2",0,0,0,0,0,0,0,0,0,null,null,null,null,"",1]
["AFA11300060S","노무","L001010101000021",null,"조적공","일반공사 직종","인",0.26,0,0,260473,67722.899999999994,0,0,260473,67722.899999999994,null,null,"N","N","",1]
["AFA11300060S","자재","3013160321870287",null,"콘크리트벽돌","콘크리트벽돌, 190×57×90mm, C종2급","매",149,0,0,0,0,0,0,0,0,null,null,"N","N","",1]
[null,null,null,null,null,null,null,0,0,0,0,0,0,0,0,0,null,null,null,null,"",1]
["AFA11500010S","노무","L001010101000002",null,"보통인부","일반공사 직종","인",0.08,0,0,165545,13243.6,0,0,165545,13243.6,null,null,"N","N","",1]
["AFA11500010S","일위대가","AGA10001040S",null,"모르타르 배합(배합품 포함)","배합용적비 1:3, 시멘트, 모래 별도","M3",7.8E-2,0,0,109259,8522.2000000000007,0,0,109259,8522.2000000000007,null,null,"N","N","",1]
["AFA11500020S","노무","L001010101000021",null,"조적공","일반공사 직종","인",0.35,0,0,260473,91165.5,0,0,260473,91165.5,null,null,"N","N","",1]
["AFA11500020S","자재","3013160321870287",null,"콘크리트벽돌","콘크리트벽돌, 190×57×90mm, C종2급","매",224,0,0,0,0,0,0,0,0,null,null,"N","N","",1]
[null,null,null,null,"[합 계]",null,null,0,0,2187,0,117897,0,0,0,120084,null,null,null,null,"",1]
[null,null,null,null,null,null,null,0,0,0,0,0,0,0,0,0,null,null,null,null,"",1]
["AFA11500030S","노무","L001010101000002",null,"보통인부","일반공사 직종","인",0.08,0,0,165545,13243.6,0,0,165545,13243.6,null,null,"N","N","",1]
["AFA11500030S","손료","RENT000000000002",null,"노임할증","인력품의 10%","식",1,0,0,8357.1,8357.1,0,0,8357.1,8357.1,null,null,"N","N",10,1]
["AFA11500040S",null,null,null,"벽돌 쌓기(1.5B)","3.6m 초과, 공간쌓기","M2",0,0,0,0,0,0,0,0,0,null,null,null,null,"",1]
["AFA11500040S","손료","RENT000000000001",null,"공구손료","인력품의 2%","식",1,2187.5,2187.5,0,0,0,0,2187.5,2187.5,null,null,"N","N",2,1]
[null,null,null,null,"[합 계]",null,null,0,0,2187,0,128835,0,0,0,131022,null,null,null,null,"",1]
[null,null,null,null,null,null,null,0,0,0,0,0,0,0,0,0,null,null,null,null,"",1]
["AFA11500050S","노무","L001010101000021",null,"조적공","일반공사 직종","인",0.27,0,0,260473,70327.7,0,0,260473,70327.7,null,null,"N","N","",1]
["AFA11500050S","자재","3013160321870287",null,"콘크리트벽돌","콘크리트벽돌, 190×57×90mm, C종2급","매",224,0,0,0,0,0,0,0,0,null,null,"N","N","",1]
[null,null,null,null,"[합 계]",null,null,0,0,1671,0,108807,0,0,0,110478,null,null,null,null,"",1]
["AFA11500060S","노무","L001010101000002",null,"보통인부","일반공사 직종","인",0.11,0,0,165545,18209.900000000001,0,0,165545,18209.900000000001,null,null,"N","N","",1]
["AFA11500060S","일위대가","AGA10001040S",null,"모르타르 배합(배합품 포함)","배합용적비 1:3, 시멘트, 모래 별도","M3",7.8E-2,0,0,109259,8522.2000000000007,0,0,109259,8522.2000000000007,null,null,"N","N","",1]
[null,null,null,null,null,null,null,0,0,0,0,0,0,0,0,0,null,null,null,null,"",1]
["AFA12800010S","손료","RENT000000000001",null,"공구손료","인력품의 2%","식",1,30726.5,30726.5,0,0,0,0,30726.5,30726.5,null,null,"N","N",2,1]
["AFA12800010S","일위대가","AGA100002000",null,"모르타르 배합","배합용적비1:2, 시멘트, 모래 별도","㎥",0.31,0,0,109259,33870.199999999997,0,0,109259,33870.199999999997,null,null,"N","N","",1]
[null,null,null,null,null,null,null,0,0,0,0,0,0,0,0,0,null,null,null,null,"",1]
["AFA12800020S","노무","L001010101000002",null,"보통인부","일반공사 직종","인",2,0,0,165545,331090,0,0,165545,331090,null,null,"N","N","",1]
[null,null,null,null,"[합 계]",null,null,0,0,25375,0,1305940,0,0,0,1331315,null,null,null,null,"",1]
["AFA12801010S","일위대가","AFA12802010S",null,"아치쌓기 치장줄눈 설치(1.0B)",null,"천매",1,0,0,80223,80223,0,0,80223,80223,null,null,"N","N","",1]
["AFA12801020S",null,null,null,"1.0B 적벽돌 양면 치장 아치쌓기(재료비별도)",null,"천매",0,0,0,0,0,0,0,0,0,null,null,null,null,"",1]
[null,null,null,null,null,null,null,0,0,0,0,0,0,0,0,0,null,null,null,null,"",1]
["AFA12801030S","일위대가","AFA12802020S",null,"아치쌓기 치장줄눈 설치(1.5B)",null,"천매",1,0,0,60031,60031,0,0,60031,60031,null,null,"N","N","",1]
[null,null,null,null,"[합 계]",null,null,0,0,25375,0,1365971,0,0,0,1391346,null,null,null,null,"",1]
["AFA12801040S",null,null,null,"1.5B 적벽돌 양면 치장 아치쌓기(재료비별도)",null,"천매",0,0,0,0,0,0,0,0,0,null,null,null,null,"",1]
[null,null,null,null,"[합 계]",null,null,0,0,25375,0,1426002,0,0,0,1451377,null,null,null,null,"",1]
["AFA12802010S","노무","L001010101000034",null,"줄눈공","일반공사 직종","인",0.4,0,0,195370,78148,0,0,195370,78148,null,null,"N","N","",1]
["AFA12802020S",null,null,null,"아치쌓기 치장줄눈 설치(1.5B)",null,"천매",0,0,0,0,0,0,0,0,0,null,null,null,null,"",1]
[null,null,null,null,"[합 계]",null,null,0,0,0,0,60031,0,0,0,60031,null,null,null,null,"",1]
["AFA12900010S","노무","L001010101000002",null,"보통인부","일반공사 직종","인",0.06,0,0,165545,9932.7000000000007,0,0,165545,9932.7000000000007,null,null,"N","N","",1]
["AFA12900010S","자재","3013160223912133",null,"미장벽돌","미장벽돌, 미장벽돌, 미장벽돌, 190*90*57mm, 견출1종 - 별도","매",75,0,0,0,0,0,0,0,0,null,null,"N","N","",1]
["AFA12900010S","일위대가","AGA10001040S",null,"모르타르 배합(배합품 포함)","배합용적비 1:3, 시멘트, 모래 별도","M3",1.9E-2,0,0,109259,2075.9,0,0,109259,2075.9,null,null,"N","N","",1]
[null,null,null,null,"[합 계]",null,null,0,0,1227,0,63780,0,0,0,65007,null,null,null,null,"",1]
["AFA12900020S","노무","L001010101000021",null,"조적공","일반공사 직종","인",0.27,0,0,260473,70327.7,0,0,260473,70327.7,null,null,"N","N","",1]
["AFA12900020S","자재","3013160223912133",null,"미장벽돌","미장벽돌, 미장벽돌, 미장벽돌, 190*90*57mm, 견출1종 - 별도","매",149,0,0,0,0,0,0,0,0,null,null,"N","N","",1]
[null,null,null,null,"[합 계]",null,null,0,0,1933,0,102332,0,0,0,104265,null,null,null,null,"",1]
["AFA12900030S","노무","L001010101000021",null,"조적공","일반공사 직종","인",0.37,0,0,260473,96375,0,0,260473,96375,null,null,"N","N","",1]
["AFA12900030S","자재","3013160223912133",null,"미장벽돌","미장벽돌, 미장벽돌, 미장벽돌, 190*90*57mm, 견출1종 - 별도","매",224,0,0,0,0,0,0,0,0,null,null,"N","N","",1]
[null,null,null,null,"[합 계]",null,null,0,0,2553,0,136514,0,0,0,139067,null,null,null,null,"",1]
[null,null,null,null,null,null,null,0,0,0,0,0,0,0,0,0,null,null,null,null,"",1]
["AFA12900040S","노무","L001010101000021",null,"조적공","일반공사 직종","인",0.2,0,0,260473,52094.6,0,0,260473,52094.6,null,null,"N","N","",1]
["AFA12900040S","손료","RENT000000000001",null,"공구손료","인력품의 2%","식",1,1547.1,1547.1,0,0,0,0,1547.1,1547.1,null,null,"N","N",2,1]
[null,null,null,null,"[합 계]",null,null,0,0,1547,0,79762,0,0,0,81309,null,null,null,null,"",1]
["AFA12900050S","노무","L001010101000021",null,"조적공","일반공사 직종","인",0.35,0,0,260473,91165.5,0,0,260473,91165.5,null,null,"N","N","",1]
["AFA12900050S","손료","RENT000000000001",null,"공구손료","인력품의 2%","식",1,2527.1999999999998,2527.1999999999998,0,0,0,0,2527.1999999999998,2527.1999999999998,null,null,"N","N",2,1]
[null,null,null,null,"[합 계]",null,null,0,0,2527,0,132043,0,0,0,134570,null,null,null,null,"",1]
["AFA12900060S","노무","L001010101000021",null,"조적공","일반공사 직종","인",0.48,0,0,260473,125027,0,0,260473,125027,null,null,"N","N","",1]
["AFA12900060S","노무","L001010101000002",null,"보통인부","일반공사 직종","인",0.17,0,0,165545,28142.6,0,0,165545,28142.6,null,null,"N","N","",1]
["AFA12900060S","손료","RENT000000000001",null,"공구손료","인력품의 2%","식",1,3336.9,3336.9,0,0,0,0,3336.9,3336.9,null,null,"N","N",2,1]
["AFA12900060S","일위대가","AGA10001030S",null,"모르타르 배합(배합품 포함)","배합용적비 1:1, 시멘트, 모래 별도","M3",3.0000000000000001E-3,0,0,109259,327.7,0,0,109259,327.7,null,null,"N","N","",1]
["AFA31000010S","노무","L001010101000002",null,"보통인부","일반공사 직종","인",0.44,0,0,165545,72839.8,0,0,165545,72839.8,null,null,"N","N","",1]
["AFA31000020S",null,null,null,"벽돌운반","인력, 2층","천매",0,0,0,0,0,0,0,0,0,null,null,null,null,"",1]
[null,null,null,null,null,null,null,0,0,0,0,0,0,0,0,0,null,null,null,null,"",1]
[null,null,null,null,null,null,null,0,0,0,0,0,0,0,0,0,null,null,null,null,"",1]
[null,null,null,null,"[합 계]",null,null,0,0,0,0,158923,0,0,0,158923,null,null,null,null,"",1]
[null,null,null,null,null,null,null,0,0,0,0,0,0,0,0,0,null,null,null,null,"",1]
["AFA31000050S","노무","L001010101000002",null,"보통인부","일반공사 직종","인",1.19,0,0,165545,196998.5,0,0,165545,196998.5,null,null,"N","N","",1]
["AFA31000060S",null,null,null,"벽돌운반","리프트 사용","천매",0,0,0,0,0,0,0,0,0,null,null,null,null,"",1]
["AFB11000010S",null,null,null,"블록쌓기(390*190*190)","3.6m 이하, 한면마감","M2",0,0,0,0,0,0,0,0,0,null,null,null,null,"",1]
["AFB11000010S","손료","RENT000000000001",null,"공구손료","인력품의 2%","식",1,908.9,908.9,0,0,0,0,908.9,908.9,null,null,"N","N",2,1]
[null,null,null,null,null,null,null,0,0,0,0,0,0,0,0,0,null,null,null,null,"",1]
["AFB11000020S","손료","RENT000000000001",null,"공구손료","인력품의 2%","식",1,927.9,927.9,0,0,0,0,927.9,927.9,null,null,"N","N",2,1]
[null,null,null,null,null,null,null,0,0,0,0,0,0,0,0,0,null,null,null,null,"",1]
["AFB11000030S",null,null,null,"블록쌓기(390*190*190)","3.6m 초과, 한면마감","M2",0,0,0,0,0,0,0,0,0,null,null,null,null,"",1]
["AFB11000030S","노무","L001010101000002",null,"보통인부","일반공사 직종","인",0.09,0,0,165545,14899,0,0,165545,14899,null,null,"N","N","",1]
[null,null,null,null,"[합 계]",null,null,0,0,1131,0,57667,0,0,0,58798,null,null,null,null,"",1]
["AFB11000040S","노무","L001010101000002",null,"보통인부","일반공사 직종","인",0.08,0,0,165545,13243.6,0,0,165545,13243.6,null,null,"N","N","",1]
[null,null,null,null,"[합 계]",null,null,0,0,1150,0,58616,0,0,0,59766,null,null,null,null,"",1]
["AFB11000050S","노무","L001010101000002",null,"보통인부","일반공사 직종","인",0.06,0,0,165545,9932.7000000000007,0,0,165545,9932.7000000000007,null,null,"N","N","",1]
[null,null,null,null,"[합 계]",null,null,0,0,771,0,39568,0,0,0,40339,null,null,null,null,"",1]
["AFB11000060S","노무","L001010101000021",null,"조적공","일반공사 직종","인",0.12,0,0,260473,31256.7,0,0,260473,31256.7,null,null,"N","N","",1]
["AFB11000060S","노무","L001010101000002",null,"보통인부","일반공사 직종","인",0.05,0,0,165545,8277.2000000000007,0,0,165545,8277.2000000000007,null,null,"N","N","",1]
["AFB11000060S","일위대가","AGA10001040S",null,"모르타르 배합(배합품 포함)","배합용적비 1:3, 시멘트, 모래 별도","M3",8.9999999999999993E-3,0,0,109259,983.3,0,0,109259,983.3,null,null,"N","N","",1]
["AFB11000070S",null,null,null,"블록쌓기(390*190*150)","3.6m 초과, 한면마감","M2",0,0,0,0,0,0,0,0,0,null,null,null,null,"",1]
["AFB11000070S","일위대가","AGA10001040S",null,"모르타르 배합(배합품 포함)","배합용적비 1:3, 시멘트, 모래 별도","M3",8.9999999999999993E-3,0,0,109259,983.3,0,0,109259,983.3,null,null,"N","N","",1]
["AFB11000080S",null,null,null,"블록쌓기(390*190*150)","3.6m 초과, 양면마감","M2",0,0,0,0,0,0,0,0,0,null,null,null,null,"",1]
["AFB11000080S","일위대가","AGA10001040S",null,"모르타르 배합(배합품 포함)","배합용적비 1:3, 시멘트, 모래 별도","M3",8.9999999999999993E-3,0,0,109259,983.3,0,0,109259,983.3,null,null,"N","N","",1]
["AFB11000090S",null,null,null,"블록쌓기(390*190*100)","3.6m 이하, 한면마감","M2",0,0,0,0,0,0,0,0,0,null,null,null,null,"",1]
["AFB11000090S","손료","RENT000000000001",null,"공구손료","인력품의 2%","식",1,634.29999999999995,634.29999999999995,0,0,0,0,634.29999999999995,634.29999999999995,null,null,"N","N",2,1]
["AFB11000090S","일위대가","AGA10001040S",null,"모르타르 배합(배합품 포함)","배합용적비 1:3, 시멘트, 모래 별도","M3",6.0000000000000001E-3,0,0,109259,655.5,0,0,109259,655.5,null,null,"N","N","",1]
[null,null,null,null,null,null,null,0,0,0,0,0,0,0,0,0,null,null,null,null,"",1]
["AFB11000100S","노무","L001010101000002",null,"보통인부","일반공사 직종","인",0.05,0,0,165545,8277.2000000000007,0,0,165545,8277.2000000000007,null,null,"N","N","",1]
[null,null,null,null,null,null,null,0,0,0,0,0,0,0,0,0,null,null,null,null,"",1]
["AFB11000110S","노무","L001010101000002",null,"보통인부","일반공사 직종","인",0.06,0,0,165545,9932.7000000000007,0,0,165545,9932.7000000000007,null,null,"N","N","",1]
[null,null,null,null,null,null,null,0,0,0,0,0,0,0,0,0,null,null,null,null,"",1]
["AFB11000120S","노무","L001010101000002",null,"보통인부","일반공사 직종","인",0.06,0,0,165545,9932.7000000000007,0,0,165545,9932.7000000000007,null,null,"N","N","",1]
["AFB11000120S","일위대가","AGA10001040S",null,"모르타르 배합(배합품 포함)","배합용적비 1:3, 시멘트, 모래 별도","M3",6.0000000000000001E-3,0,0,109259,655.5,0,0,109259,655.5,null,null,"N","N","",1]
[null,null,null,null,"[합 계]",null,null,0,0,875,0,44449,0,0,0,45324,null,null,null,null,"",1]
["AFB12000010S","노무","L001010101000021",null,"조적공","일반공사 직종","인",0.14000000000000001,0,0,260473,36466.199999999997,0,0,260473,36466.199999999997,null,null,"N","N","",1]
[null,null,null,null,"[합 계]",null,null,0,0,1391,0,49348,0,0,0,50739,null,null,null,null,"",1]
["AFB12000020S","노무","L001010101000021",null,"조적공","일반공사 직종","인",0.15,0,0,260473,39070.9,0,0,260473,39070.9,null,null,"N","N","",1]
["AFB12000020S","일위대가","AGA10001040S",null,"모르타르 배합(배합품 포함)","배합용적비 1:3, 시멘트, 모래 별도","M3",2.7E-2,0,0,109259,2949.9,0,0,109259,2949.9,null,null,"N","N","",1]
["AFB12000030S","노무","L001010101000021",null,"조적공","일반공사 직종","인",0.18,0,0,260473,46885.1,0,0,260473,46885.1,null,null,"N","N","",1]
["AFB12000030S","일위대가","AGA10001040S",null,"모르타르 배합(배합품 포함)","배합용적비 1:3, 시멘트, 모래 별도","M3",2.7E-2,0,0,109259,2949.9,0,0,109259,2949.9,null,null,"N","N","",1]
[null,null,null,null,null,null,null,0,0,0,0,0,0,0,0,0,null,null,null,null,"",1]
["AFB12000040S",null,null,null,"블록 보강쌓기(390*190*190)","3.6m 초과, 양면마감, 간격 800mm","M2",0,0,0,0,0,0,0,0,0,null,null,null,null,"",1]
["AFB12000040S","손료","RENT000000000001",null,"공구손료","인력품의 3%","식",1,1931.6,1931.6,0,0,0,0,1931.6,1931.6,null,null,"N","N",3,1]
["AFB12000050S",null,null,null,"블록 보강쌓기(390*190*150)","3.6m 이하, 한면마감, 간격 800mm","M2",0,0,0,0,0,0,0,0,0,null,null,null,null,"",1]
["AFB12000050S","손료","RENT000000000001",null,"공구손료","인력품의 3%","식",1,1186,1186,0,0,0,0,1186,1186,null,null,"N","N",3,1]
[null,null,null,null,null,null,null,0,0,0,0,0,0,0,0,0,null,null,null,null,"",1]
["AFB12000060S","손료","RENT000000000001",null,"공구손료","인력품의 3%","식",1,1313.8,1313.8,0,0,0,0,1313.8,1313.8,null,null,"N","N",3,1]
[null,null,null,null,null,null,null,0,0,0,0,0,0,0,0,0,null,null,null,null,"",1]
["AFB12000070S","노무","L001010101000021",null,"조적공","일반공사 직종","인",0.16,0,0,260473,41675.599999999999,0,0,260473,41675.599999999999,null,null,"N","N","",1]
["AFB12000070S","노무","L001010101000002",null,"보통인부","일반공사 직종","인",7.0000000000000007E-2,0,0,165545,11588.1,0,0,165545,11588.1,null,null,"N","N","",1]
[null,null,null,null,"[합 계]",null,null,0,0,1597,0,55339,0,0,0,56936,null,null,null,null,"",1]
["AFB12000080S","노무","L001010101000002",null,"보통인부","일반공사 직종","인",0.08,0,0,165545,13243.6,0,0,165545,13243.6,null,null,"N","N","",1]
[null,null,null,null,"[합 계]",null,null,0,0,1725,0,59599,0,0,0,61324,null,null,null,null,"",1]
["AFB12000090S","노무","L001010101000021",null,"조적공","일반공사 직종","인",0.1,0,0,260473,26047.3,0,0,260473,26047.3,null,null,"N","N","",1]
[null,null,null,null,"[합 계]",null,null,0,0,980,0,33980,0,0,0,34960,null,null,null,null,"",1]
["AFB12000100S","노무","L001010101000021",null,"조적공","일반공사 직종","인",0.11,0,0,260473,28652,0,0,260473,28652,null,null,"N","N","",1]
["AFB12000100S","손료","RENT000000000001",null,"공구손료","인력품의 3%","식",1,1107.8,1107.8,0,0,0,0,1107.8,1107.8,null,null,"N","N",3,1]
["AFB12000100S","일위대가","AGA10001040S",null,"모르타르 배합(배합품 포함)","배합용적비 1:3, 시멘트, 모래 별도","M3",1.2E-2,0,0,109259,1311.1,0,0,109259,1311.1,null,null,"N","N","",1]
["AFB12000110S",null,null,null,"블록 보강쌓기(390*190*100)","3.6m 초과, 한면마감, 간격 800mm","M2",0,0,0,0,0,0,0,0,0,null,null,null,null,"",1]
["AFB12000110S","일위대가","AGA10001040S",null,"모르타르 배합(배합품 포함)","배합용적비 1:3, 시멘트, 모래 별도","M3",1.2E-2,0,0,109259,1311.1,0,0,109259,1311.1,null,null,"N","N","",1]
["AFB12000120S",null,null,null,"블록 보강쌓기(390*190*100)","3.6m 초과, 양면마감, 간격 800mm","M2",0,0,0,0,0,0,0,0,0,null,null,null,null,"",1]
["AFB12000120S","손료","RENT000000000001",null,"공구손료","인력품의 3%","식",1,1391.9,1391.9,0,0,0,0,1391.9,1391.9,null,null,"N","N",3,1]
["AFB12000130S",null,null,null,"블록 보강쌓기(390*190*190)","3.6m 이하, 한면마감, 간격 400mm","M2",0,0,0,0,0,0,0,0,0,null,null,null,null,"",1]
["AFB12000130S","손료","RENT000000000001",null,"공구손료","인력품의 3%","식",1,1391.9,1391.9,0,0,0,0,1391.9,1391.9,null,null,"N","N",3,1]
["AFB12000130S","손료","RENT000000000002",null,"노임할증","인력품의 5%","식",1,0,0,2319.9,2319.9,0,0,2319.9,2319.9,null,null,"N","N",5,1]
[null,null,null,null,"[합 계]",null,null,0,0,1391,0,51668,0,0,0,53059,null,null,null,null,"",1]
["AFB12000140S","노무","L001010101000021",null,"조적공","일반공사 직종","인",0.15,0,0,260473,39070.9,0,0,260473,39070.9,null,null,"N","N","",1]
["AFB12000140S","손료","RENT000000000002",null,"노임할증","인력품의 5%","식",1,0,0,2532.9,2532.9,0,0,2532.9,2532.9,null,null,"N","N",5,1]
["AFB12000150S",null,null,null,"블록 보강쌓기(390*190*190)","3.6m 초과, 한면마감, 간격 400mm","M2",0,0,0,0,0,0,0,0,0,null,null,null,null,"",1]
["AFB12000150S","일위대가","AGA10001040S",null,"모르타르 배합(배합품 포함)","배합용적비 1:3, 시멘트, 모래 별도","M3",2.7E-2,0,0,109259,2949.9,0,0,109259,2949.9,null,null,"N","N","",1]
[null,null,null,null,null,null,null,0,0,0,0,0,0,0,0,0,null,null,null,null,"",1]
["AFB12000160S","노무","L001010101000002",null,"보통인부","일반공사 직종","인",0.09,0,0,165545,14899,0,0,165545,14899,null,null,"N","N","",1]
["AFB12000160S","일위대가","AGA10001040S",null,"모르타르 배합(배합품 포함)","배합용적비 1:3, 시멘트, 모래 별도","M3",2.7E-2,0,0,109259,2949.9,0,0,109259,2949.9,null,null,"N","N","",1]
["AFB12000160S","손료","RENT000000000002",null,"노임할증","인력품의 5%","식",1,0,0,3219.4,3219.4,0,0,3219.4,3219.4,null,null,"N","N",5,1]
["AFB12000170S",null,null,null,"블록 보강쌓기(390*190*150)","3.6m 이하, 한면마감, 간격 400mm","M2",0,0,0,0,0,0,0,0,0,null,null,null,null,"",1]
["AFB12000170S","일위대가","AGA10001040S",null,"모르타르 배합(배합품 포함)","배합용적비 1:3, 시멘트, 모래 별도","M3",1.9E-2,0,0,109259,2075.9,0,0,109259,2075.9,null,null,"N","N","",1]
[null,null,null,null,null,null,null,0,0,0,0,0,0,0,0,0,null,null,null,null,"",1]
["AFB12000180S","손료","RENT000000000001",null,"공구손료","인력품의 3%","식",1,1313.8,1313.8,0,0,0,0,1313.8,1313.8,null,null,"N","N",3,1]
[null,null,null,null,"[합 계]",null,null,0,0,1313,0,48059,0,0,0,49372,null,null,null,null,"",1]
["AFB12000190S","노무","L001010101000021",null,"조적공","일반공사 직종","인",0.16,0,0,260473,41675.599999999999,0,0,260473,41675.599999999999,null,null,"N","N","",1]
["AFB12000190S","손료","RENT000000000001",null,"공구손료","인력품의 3%","식",1,1597.9,1597.9,0,0,0,0,1597.9,1597.9,null,null,"N","N",3,1]
["AFB12000190S","일위대가","AGA10001040S",null,"모르타르 배합(배합품 포함)","배합용적비 1:3, 시멘트, 모래 별도","M3",1.9E-2,0,0,109259,2075.9,0,0,109259,2075.9,null,null,"N","N","",1]
[null,null,null,null,null,null,null,0,0,0,0,0,0,0,0,0,null,null,null,null,"",1]
["AFB12000200S","손료","RENT000000000001",null,"공구손료","인력품의 3%","식",1,1725.7,1725.7,0,0,0,0,1725.7,1725.7,null,null,"N","N",3,1]
[null,null,null,null,"[합 계]",null,null,0,0,1725,0,62476,0,0,0,64201,null,null,null,null,"",1]
["AFB12000210S","노무","L001010101000002",null,"보통인부","일반공사 직종","인",0.04,0,0,165545,6621.8,0,0,165545,6621.8,null,null,"N","N","",1]
["AFB12000210S","손료","RENT000000000002",null,"노임할증","인력품의 5%","식",1,0,0,1633.4,1633.4,0,0,1633.4,1633.4,null,null,"N","N",5,1]
["AFB12000220S",null,null,null,"블록 보강쌓기(390*190*100)","3.6m 이하, 양면마감, 간격 400mm","M2",0,0,0,0,0,0,0,0,0,null,null,null,null,"",1]
["AFB12000220S","노무","L001010101000002",null,"보통인부","일반공사 직종","인",0.05,0,0,165545,8277.2000000000007,0,0,165545,8277.2000000000007,null,null,"N","N","",1]
["AFB12000220S","손료","RENT000000000001",null,"공구손료","인력품의 3%","식",1,1107.8,1107.8,0,0,0,0,1107.8,1107.8,null,null,"N","N",3,1]
[null,null,null,null,null,null,null,0,0,0,0,0,0,0,0,0,null,null,null,null,"",1]
["AFB12000230S","노무","L001010101000002",null,"보통인부","일반공사 직종","인",0.06,0,0,165545,9932.7000000000007,0,0,165545,9932.7000000000007,null,null,"N","N","",1]
["AFB12000230S","손료","RENT000000000002",null,"노임할증","인력품의 5%","식",1,0,0,2189.6999999999998,2189.6999999999998,0,0,2189.6999999999998,2189.6999999999998,null,null,"N","N",5,1]
["AFB12000240S","노무","L001010101000021",null,"조적공","일반공사 직종","인",0.14000000000000001,0,0,260473,36466.199999999997,0,0,260473,36466.199999999997,null,null,"N","N","",1]
["AFB12000240S","일위대가","AGA10001040S",null,"모르타르 배합(배합품 포함)","배합용적비 1:3, 시멘트, 모래 별도","M3",1.2E-2,0,0,109259,1311.1,0,0,109259,1311.1,null,null,"N","N","",1]
[null,null,null,null,null,null,null,0,0,0,0,0,0,0,0,0,null,null,null,null,"",1]
["AFC10000010S","노무","L001010101000021",null,"조적공","일반공사 직종","인",0.111,0,0,260473,28912.5,0,0,260473,28912.5,null,null,"N","N","",1]
["AFC10000010S","노무","L001010101000002",null,"보통인부","일반공사 직종","인",7.0999999999999994E-2,0,0,165545,11753.6,0,0,165545,11753.6,null,null,"N","N","",1]
[null,null,null,null,null,null,null,0,0,0,0,0,0,0,0,0,null,null,null,null,"",1]
["AFC10000020S","노무","L001010101000002",null,"보통인부","일반공사 직종","인",0.09,0,0,165545,14899,0,0,165545,14899,null,null,"N","N","",1]
[null,null,null,null,"[합 계]",null,null,0,0,3182,0,49281,0,0,0,52463,null,null,null,null,"",1]
["AFC10000030S","노무","L001010101000002",null,"보통인부","일반공사 직종","인",8.5000000000000006E-2,0,0,165545,14071.3,0,0,165545,14071.3,null,null,"N","N","",1]
[null,null,null,null,"[합 계]",null,null,0,0,3433,0,48193,0,0,0,51626,null,null,null,null,"",1]
[null,null,null,null,null,null,null,0,0,0,0,0,0,0,0,0,null,null,null,null,"",1]
["AFC10000040S","손료","RENT000000000001",null,"공구손료","인력품의 3%","식",1,1753.2,1753.2,0,0,0,0,1753.2,1753.2,null,null,"N","N",3,1]
["AFC10000040S","자재","3011150420143211",null,"모르타르","모르타르, ALC모르타르, 조적용","kg",7,284,1988,0,0,0,0,284,1988,null,null,"N","N","",1]
["AFC10000050S","노무","L001010101000021",null,"조적공","일반공사 직종","인",0.13700000000000001,0,0,260473,35684.800000000003,0,0,260473,35684.800000000003,null,null,"N","N","",1]
["AFC10000050S","자재","3011150420143211",null,"모르타르","모르타르, ALC모르타르, 조적용","kg",9.5,284,2698,0,0,0,0,284,2698,null,null,"N","N","",1]
["AFC10000060S",null,null,null,"ALC블록 쌓기(600*400*150mm)","3.6m 초과","M2",0,0,0,0,0,0,0,0,0,null,null,null,null,"",1]
["AFC10000060S","자재","3011150420143211",null,"모르타르","모르타르, ALC모르타르, 조적용","kg",9.5,284,2698,0,0,0,0,284,2698,null,null,"N","N","",1]
["AFC10000070S",null,null,null,"ALC블록 쌓기(600*400*200mm)","3.6m 이하","M2",0,0,0,0,0,0,0,0,0,null,null,null,null,"",1]
["AFC10000070S","노무","L001010101000021",null,"조적공","일반공사 직종","인",0.14299999999999999,0,0,260473,37247.599999999999,0,0,260473,37247.599999999999,null,null,"N","N","",1]
[null,null,null,null,"[합 계]",null,null,0,0,5051,0,54795,0,0,0,59846,null,null,null,null,"",1]
[null,null,null,null,null,null,null,0,0,0,0,0,0,0,0,0,null,null,null,null,"",1]
["AFC10000080S","손료","RENT000000000001",null,"공구손료","인력품의 3%","식",1,1999.6,1999.6,0,0,0,0,1999.6,1999.6,null,null,"N","N",3,1]
[null,null,null,null,null,null,null,0,0,0,0,0,0,0,0,0,null,null,null,null,"",1]
["AFC21100010S","노무","L001010101000002",null,"보통인부","일반공사 직종","인",0.04,0,0,165545,6621.8,0,0,165545,6621.8,null,null,"N","N","",1]
["AFC21100020S",null,null,null,"ALC패널 설치","내벽, 100mm","㎡",0,0,0,0,0,0,0,0,0,null,null,null,null,"",1]
["AFC21100020S","손료","RENT000000000001",null,"공구손료","인력품의 3%","식",1,1498.5,1498.5,0,0,0,0,1498.5,1498.5,null,null,"N","N",3,1]
[null,null,null,null,"[합 계]",null,null,0,0,1498,0,49952,0,0,0,51450,null,null,null,null,"",1]
["AFC21200010S",null,null,null,"ALC패널 설치","내벽, 125mm","㎡",0,0,0,0,0,0,0,0,0,null,null,null,null,"",1]
["AFC21200010S","손료","RENT000000000001",null,"공구손료","인력품의 3%","식",1,1754.1,1754.1,0,0,0,0,1754.1,1754.1,null,null,"N","N",3,1]
["AFC21300010S","노무","L001010101000021",null,"조적공","일반공사 직종","인",0.2,0,0,260473,52094.6,0,0,260473,52094.6,null,null,"N","N","",1]
[null,null,null,null,"[합 계]",null,null,0,0,1960,0,65338,0,0,0,67298,null,null,null,null,"",1]
["AFC21300020S","노무","L001010101000002",null,"보통인부","일반공사 직종","인",0.09,0,0,165545,14899,0,0,165545,14899,null,null,"N","N","",1]
[null,null,null,null,null,null,null,0,0,0,0,0,0,0,0,0,null,null,null,null,"",1]
["AFC21400010S","노무","L001010101000002",null,"보통인부","일반공사 직종","인",0.11,0,0,165545,18209.900000000001,0,0,165545,18209.900000000001,null,null,"N","N","",1]
["AFC21400010S","손료","RENT000000000001",null,"공구손료","인력품의 3%","식",1,2499.8000000000002,2499.8000000000002,0,0,0,0,2499.8000000000002,2499.8000000000002,null,null,"N","N",3,1]
[null,null,null,null,null,null,null,0,0,0,0,0,0,0,0,0,null,null,null,null,"",1]
[null,null,null,null,"[합 계]",null,null,0,0,0,0,109259,0,0,0,109259,null,null,null,null,"",1]
[null,null,null,null,"[합 계]",null,null,0,0,0,0,71184,0,0,0,71184,null,null,null,null,"",1]
["AGA100002000","노무","L001010101000002",null,"보통인부","일반공사 직종","인",0.66,0,0,165545,109259.7,0,0,165545,109259.7,null,null,"N","N","",1]
[null,null,null,null,null,null,null,0,0,0,0,0,0,0,0,0,null,null,null,null,"",1]
["AGA10001010S","자재","1111170120142524",null,"모래","모래","㎥",0.78,0,0,0,0,0,0,0,0,"별도",null,"N","Y","",0]
["AGA10001020S",null,null,null,"모르타르 배합(배합품 제외)","배합용적비 1:2, 시멘트, 모래 별도","M3",0,0,0,0,0,0,0,0,0,null,null,null,null,"",1]
["AGA10001020S","자재","3011160120142681",null,"시멘트","시멘트","kg",680,0,0,0,0,0,0,0,0,"별도",null,"N","Y","",0]
[null,null,null,null,"[합 계]",null,null,0,0,0,0,0,0,0,0,0,null,null,null,null,"",1]
["AGA10001030S","자재","3011160120142681",null,"시멘트","시멘트","kg",1093,0,0,0,0,0,0,0,0,"별도",null,"N","Y","",0]
[null,null,null,null,null,null,null,0,0,0,0,0,0,0,0,0,null,null,null,null,"",1]
["AGA10001040S","자재","1111170120142524",null,"모래","모래","㎥",1.1000000000000001,0,0,0,0,0,0,0,0,"별도",null,"N","Y","",0]
["AGA10010010S",null,null,null,"모르타르 바름","3.6m 이하, 1회","M2",0,0,0,0,0,0,0,0,0,null,null,null,null,"",1]
["AGA10010010S","손료","RENT000000000001",null,"공구손료","인력품의 2%","식",1,333,333,0,0,0,0,333,333,null,null,"N","N",2,1]
["AGA10010020S",null,null,null,"모르타르 바름","3.6m 이하, 2회","M2",0,0,0,0,0,0,0,0,0,null,null,null,null,"",1]
["AGA10010020S","노무","L001010101000027",null,"미장공","일반공사 직종","인",7.0000000000000007E-2,0,0,266787,18675,0,0,266787,18675,null,null,"N","N","",1]
["AGA10010020S","손료","RENT000000000001",null,"공구손료","인력품의 2%","식",1,472.8,472.8,0,0,0,0,472.8,472.8,null,null,"N","N",2,1]
["AGA10010030S","노무","L001010101000027",null,"미장공","일반공사 직종","인",0.1,0,0,266787,26678.7,0,0,266787,26678.7,null,null,"N","N","",1]
[null,null,null,null,"[합 계]",null,null,0,0,699,0,34955,0,0,0,35654,null,null,null,null,"",1]
["AGA10010110S","노무","L001010101000027",null,"미장공","일반공사 직종","인",7.0000000000000007E-2,0,0,266787,18675,0,0,266787,18675,null,null,"N","N","",1]
[null,null,null,null,null,null,null,0,0,0,0,0,0,0,0,0,null,null,null,null,"",1]
["AGA10010120S","노무","L001010101000002",null,"보통인부","일반공사 직종","인",0.04,0,0,165545,6621.8,0,0,165545,6621.8,null,null,"N","N","",1]
[null,null,null,null,null,null,null,0,0,0,0,0,0,0,0,0,null,null,null,null,"",1]
["AGA10010130S",null,null,null,"모르타르 바름","3.6m 초과, 3회","M2",0,0,0,0,0,0,0,0,0,null,null,null,null,"",1]
["AGA10010130S","노무","L001010101000002",null,"보통인부","일반공사 직종","인",0.06,0,0,165545,9932.7000000000007,0,0,165545,9932.7000000000007,null,null,"N","N","",1]
["AGA21100010S",null,null,null,"콘크리트면 정리","3.6m 이하","10M2",0,0,0,0,0,0,0,0,0,null,null,null,null,"",1]
[null,null,null,null,"[합 계]",null,null,0,0,795,0,26500,0,0,0,27295,null,null,null,null,"",1]
["AGA21100020S","노무","L001010101000022",null,"견출공","일반공사 직종","인",0.14000000000000001,0,0,240918,33728.5,0,0,240918,33728.5,null,null,"N","N","",1]
["AGA21100030S",null,null,null,"콘크리트면 정리","3.6m 이하","M2",0,0,0,0,0,0,0,0,0,null,null,null,null,"",1]
[null,null,null,null,"[합 계]",null,null,0,0,79,0,2650,0,0,0,2729,null,null,null,null,"",1]
[null,null,null,null,null,null,null,0,0,0,0,0,0,0,0,0,null,null,null,null,"",1]
["AGA21100040S","손료","RENT000000000001",null,"공구손료","인력품의 3%","식",1,101.1,101.1,0,0,0,0,101.1,101.1,null,null,"N","N",3,1]
[null,null,null,null,null,null,null,0,0,0,0,0,0,0,0,0,null,null,null,null,"",1]
[null,null,null,null,"[합 계]",null,null,0,0,0,0,40291,0,0,0,40291,null,null,null,null,"",1]
["AGA21100060S","노무","L001010101000027",null,"미장공","일반공사 직종","인",0.16,0,0,266787,42685.9,0,0,266787,42685.9,null,null,"N","N","",1]
[null,null,null,null,null,null,null,0,0,0,0,0,0,0,0,0,null,null,null,null,"",1]
[null,null,null,null,"[합 계]",null,null,0,0,0,0,4029,0,0,0,4029,null,null,null,null,"",1]
["AGA21100080S","노무","L001010101000027",null,"미장공","일반공사 직종","인",1.6E-2,0,0,266787,4268.5,0,0,266787,4268.5,null,null,"N","N","",1]
["AGA21100080S","노무","L001010101000002",null,"보통인부","일반공사 직종","인",7.0000000000000001E-3,0,0,165545,1158.8,0,0,165545,1158.8,null,null,"N","N","",1]
["AGA21100090S",null,null,null,"전면 마감","3.6m 이하","10M2",0,0,0,0,0,0,0,0,0,null,null,null,null,"",1]
["AGA21100090S","노무","L001010101000002",null,"보통인부","일반공사 직종","인",7.0000000000000007E-2,0,0,165545,11588.1,0,0,165545,11588.1,null,null,"N","N","",1]
["AGA21100100S","노무","L001010101000027",null,"미장공","일반공사 직종","인",0.22,0,0,266787,58693.1,0,0,266787,58693.1,null,null,"N","N","",1]
[null,null,null,null,null,null,null,0,0,0,0,0,0,0,0,0,null,null,null,null,"",1]
["AGA21100110S","노무","L001010101000002",null,"보통인부","일반공사 직종","인",7.0000000000000001E-3,0,0,165545,1158.8,0,0,165545,1158.8,null,null,"N","N","",1]
["AGA21100120S","노무","L001010101000027",null,"미장공","일반공사 직종","인",2.1999999999999999E-2,0,0,266787,5869.3,0,0,266787,5869.3,null,null,"N","N","",1]
[null,null,null,null,null,null,null,0,0,0,0,0,0,0,0,0,null,null,null,null,"",1]
["AGA21200010S",null,null,null,"콘크리트면 정리","3.6m 이하, 천장","10M2",0,0,0,0,0,0,0,0,0,null,null,null,null,"",1]
["AGA21200010S","손료","RENT000000000002",null,"공구손료","인력품의 3%","식",1,795,795,0,0,0,0,795,795,null,null,"N","N",3,1]
[null,null,null,null,null,null,null,0,0,0,0,0,0,0,0,0,null,null,null,null,"",1]
["AGA21200020S","손료","RENT000000000002",null,"노임할증","인력품의 20%","식",1,0,0,6745.7,6745.7,0,0,6745.7,6745.7,null,null,"N","N",20,1]
["AGA21200030S",null,null,null,"콘크리트면 정리","3.6m 이하, 천장","M2",0,0,0,0,0,0,0,0,0,null,null,null,null,"",1]
[null,null,null,null,"[합 계]",null,null,0,0,79,0,3180,0,0,0,3259,null,null,null,null,"",1]
["AGA21200040S","노무","L001010101000022",null,"견출공","일반공사 직종","인",1.4E-2,0,0,240918,3372.8,0,0,240918,3372.8,null,null,"N","N","",1]
[null,null,null,null,"[합 계]",null,null,0,0,101,0,4047,0,0,0,4148,null,null,null,null,"",1]
[null,null,null,null,null,null,null,0,0,0,0,0,0,0,0,0,null,null,null,null,"",1]
["AGA21200050S","노무","L001010101000002",null,"보통인부","일반공사 직종","인",0.05,0,0,165545,8277.2000000000007,0,0,165545,8277.2000000000007,null,null,"N","N","",1]
[null,null,null,null,"[합 계]",null,null,0,0,0,0,48349,0,0,0,48349,null,null,null,null,"",1]
["AGA21200060S","노무","L001010101000002",null,"보통인부","일반공사 직종","인",7.0000000000000007E-2,0,0,165545,11588.1,0,0,165545,11588.1,null,null,"N","N","",1]
[null,null,null,null,null,null,null,0,0,0,0,0,0,0,0,0,null,null,null,null,"",1]
["AGA21200070S","손료","RENT000000000001",null,"노임할증","인력품의 20%","식",1,0,0,805.8,805.8,0,0,805.8,805.8,null,null,"N","N",20,1]
["AGA21200080S",null,null,null,"부분 마감","3.6m 초과, 천장","M2",0,0,0,0,0,0,0,0,0,null,null,null,null,"",1]
["AGA21200080S","손료","RENT000000000001",null,"노임할증","인력품의 20%","식",1,0,0,1085.4000000000001,1085.4000000000001,0,0,1085.4000000000001,1085.4000000000001,null,null,"N","N",20,1]
[null,null,null,null,"[합 계]",null,null,0,0,0,0,6512,0,0,0,6512,null,null,null,null,"",1]
["AGA21200090S","노무","L001010101000027",null,"미장공","일반공사 직종","인",0.17,0,0,266787,45353.7,0,0,266787,45353.7,null,null,"N","N","",1]
["AGA21200090S","손료","RENT000000000001",null,"노임할증","인력품의 20%","식",1,0,0,11388.3,11388.3,0,0,11388.3,11388.3,null,null,"N","N",20,1]
["AGA21200100S","노무","L001010101000027",null,"미장공","일반공사 직종","인",0.22,0,0,266787,58693.1,0,0,266787,58693.1,null,null,"N","N","",1]
[null,null,null,null,"[합 계]",null,null,0,0,0,0,88310,0,0,0,88310,null,null,null,null,"",1]
["AGA21200110S","노무","L001010101000002",null,"보통인부","일반공사 직종","인",7.0000000000000001E-3,0,0,165545,1158.8,0,0,165545,1158.8,null,null,"N","N","",1]
[null,null,null,null,null,null,null,0,0,0,0,0,0,0,0,0,null,null,null,null,"",1]
["AGA21200120S","노무","L001010101000002",null,"보통인부","일반공사 직종","인",8.9999999999999993E-3,0,0,165545,1489.9,0,0,165545,1489.9,null,null,"N","N","",1]
["AGA21200120S","손료","RENT000000000001",null,"노임할증","인력품의 20%","식",1,0,0,1471.8,1471.8,0,0,1471.8,1471.8,null,null,"N","N",20,1]
["AGA31000010S",null,null,null,"바탕 고르기","벽, 24mm 이하 기준","10M2",0,0,0,0,0,0,0,0,0,null,null,null,null,"",1]
["AGA31000010S","손료","RENT000000000001",null,"공구손료","노무비의 2%","식",1,3037.5,3037.5,0,0,0,0,3037.5,3037.5,null,null,"N","N",2,1]
["AGA31000020S",null,null,null,"바탕 고르기","벽, 24mm 이하 기준","M2",0,0,0,0,0,0,0,0,0,null,null,null,null,"",1]
["AGA31000020S","손료","RENT000000000001",null,"공구손료","노무비의 2%","식",1,303.7,303.7,0,0,0,0,303.7,303.7,null,null,"N","N",2,1]
["AGA31000030S","노무","L001010101000027",null,"미장공","일반공사 직종","인",0.35,0,0,266787,93375.4,0,0,266787,93375.4,null,null,"N","N","",1]
[null,null,null,null,"[합 계]",null,null,0,0,2264,0,113240,0,0,0,115504,null,null,null,null,"",1]
["AGA31000040S","노무","L001010101000027",null,"미장공","일반공사 직종","인",3.5000000000000003E-2,0,0,266787,9337.5,0,0,266787,9337.5,null,null,"N","N","",1]
["AGA31000040S","손료","RENT000000000001",null,"공구손료","노무비의 2%","식",1,226.4,226.4,0,0,0,0,226.4,226.4,null,null,"N","N",2,1]
[null,null,null,null,"[합 계]",null,null,0,0,226,0,11324,0,0,0,11550,null,null,null,null,"",1]
["AGA41100010S","노무","L001010101000027",null,"미장공","일반공사 직종","인",0.39,0,0,266787,104046.9,0,0,266787,104046.9,null,null,"N","N","",1]
["AGA41100010S","기계경비","00007992000100000",null,"모르타르 믹서","0.3m3","HR",1.17,1886,2206.6,0,0,2002,2342.3000000000002,3888,4548.8999999999996,null,null,"N","N","",1]
[null,null,null,null,"[합 계]",null,null,0,0,2206,0,214081,0,23519,0,239806,null,null,null,null,"",1]
["AGA41100020S","노무","L001010101000027",null,"미장공","일반공사 직종","인",3.9E-2,0,0,266787,10404.6,0,0,266787,10404.6,null,null,"N","N","",1]
["AGA41100020S","기계경비","00007992000100000",null,"모르타르 믹서","0.3m3","HR",0.11700000000000001,1886,220.6,0,0,2002,234.2,3888,454.8,null,null,"N","N","",1]
["AGA41100020S","기계경비","00007993002000000",null,"양수기","1.49kw","HR",0.11700000000000001,0,0,0,0,12,1.4,12,1.4,null,null,"N","N","",1]
["AGA42000010S",null,null,null,"표면 마무리","인력마감","100M2",0,0,0,0,0,0,0,0,0,null,null,null,null,"",1]
["AGA42000010S","노무","L001010101000027",null,"미장공","일반공사 직종","인",0.3,0,0,266787,80036.100000000006,0,0,266787,80036.100000000006,null,null,"N","N","",1]
["AGA42000020S","노무","L001010101000027",null,"미장공","일반공사 직종","인",0.3,0,0,266787,80036.100000000006,0,0,266787,80036.100000000006,null,null,"N","N","",1]
[null,null,null,null,null,null,null,0,0,0,0,0,0,0,0,0,null,null,null,null,"",1]
[null,null,null,null,"[합 계]",null,null,0,0,0,0,800,0,0,0,800,null,null,null,null,"",1]
["AGA42000040S","손료","RENT000000000001",null,"노임할증","인력품의 55%","식",1,0,0,440.1,440.1,0,0,440.1,440.1,null,null,"N","N",55,1]
["AGA42000050S",null,null,null,"표면 마무리","기계마감","100M2",0,0,0,0,0,0,0,0,0,null,null,null,null,"",1]
["AGA42000050S","노무","L001010101000027",null,"미장공","일반공사 직종","인",0.22,0,0,266787,58693.1,0,0,266787,58693.1,null,null,"N","N","",1]
["AGA42000060S",null,null,null,"표면 마무리","기계마감, 작업대기 할증 적용","100M2",0,0,0,0,0,0,0,0,0,null,null,null,null,"",1]
["AGA42000060S","노무","L001010101000027",null,"미장공","일반공사 직종","인",0.22,0,0,266787,58693.1,0,0,266787,58693.1,null,null,"N","N","",1]
[null,null,null,null,null,null,null,0,0,0,0,0,0,0,0,0,null,null,null,null,"",1]
["AGA42000070S","손료","RENT000000000001",null,"공구손료","인력품의 9%","식",1,52.8,52.8,0,0,0,0,52.8,52.8,null,null,"N","N",9,1]
["AGA42000080S",null,null,null,"표면 마무리","기계마감, 작업대기 할증 적용","M2",0,0,0,0,0,0,0,0,0,null,null,null,null,"",1]
[null,null,null,null,"[합 계]",null,null,0,0,52,0,1027,0,0,0,1079,null,null,null,null,"",1]
["AGH11000010S","노무","L001010101000027",null,"미장공","일반공사 직종","인",0.14000000000000001,0,0,266787,37350.1,0,0,266787,37350.1,null,null,"N","N","",1]
["AGH11000010S","노무","L001010101000002",null,"보통인부","일반공사 직종","인",0.04,0,0,165545,6621.8,0,0,165545,6621.8,null,null,"N","N","",1]
[null,null,null,null,"[합 계]",null,null,0,0,879,0,43971,0,0,0,44850,null,null,null,null,"",1]
[null,null,null,null,null,null,null,0,0,0,0,0,0,0,0,0,null,null,null,null,"",1]
["AGH11000020S","손료","RENT000000000001",null,"공구손료","노무비의 2%","식",1,87.9,87.9,0,0,0,0,87.9,87.9,null,null,"N","N",2,1]
[null,null,null,null,"[합 계]",null,null,0,0,87,0,4397,0,0,0,4484,null,null,null,null,"",1]
["AGH12000010S","노무","L001010101000002",null,"보통인부","일반공사 직종","인",0.03,0,0,165545,4966.3,0,0,165545,4966.3,null,null,"N","N","",1]
["AGH12000020S",null,null,null,"창호주위 발포우레탄 충전",null,"M",0,0,0,0,0,0,0,0,0,null,null,null,null,"",1]
[null,null,null,null,"[합 계]",null,null,0,0,0,0,2630,0,0,0,2630,null,null,null,null,"",1]
[null,null,null,null,null,null,null,0,0,0,0,0,0,0,0,0,null,null,null,null,"",1]
[null,null,null,null,"[합 계]",null,null,0,0,0,0,50963,0,0,0,50963,null,null,null,null,"",1]
[null,null,null,null,null,null,null,0,0,0,0,0,0,0,0,0,null,null,null,null,"",1]
[null,null,null,null,"[합 계]",null,null,0,0,0,0,63290,0,0,0,63290,null,null,null,null,"",1]
["AGH30000030S","노무","L001010101000027",null,"미장공","일반공사 직종","인",0.23,0,0,266787,61361,0,0,266787,61361,null,null,"N","N","",1]
["AGH30000040S",null,null,null,"주각부 무수축 모르타르 충전","700*700mm","개소",0,0,0,0,0,0,0,0,0,null,null,null,null,"",1]
[null,null,null,null,"[합 계]",null,null,0,0,0,0,86931,0,0,0,86931,null,null,null,null,"",1]
["AGJ00000010S","노무","L001010101000027",null,"미장공","일반공사 직종","인",2.4E-2,0,0,266787,6402.8,0,0,266787,6402.8,null,null,"N","N","",1]
[null,null,null,null,"[합 계]",null,null,0,0,0,0,6402,0,0,0,6402,null,null,null,null,"",1]
[null,null,null,null,"[합 계]",null,null,0,0,0,0,64028,0,0,0,64028,null,null,null,null,"",1]
["AGJ00600010S",null,null,null,"라스 붙임",null,"10M2",0,0,0,0,0,0,0,0,0,null,null,null,null,"",1]
[null,null,null,null,null,null,null,0,0,0,0,0,0,0,0,0,null,null,null,null,"",1]
[null,null,null,null,"[합 계]",null,null,0,0,0,0,3735,0,0,0,3735,null,null,null,null,"",1]
["AHB10000010S","노무","L001010101000002",null,"보통인부","일반공사 직종","인",0.03,0,0,165545,4966.3,0,0,165545,4966.3,null,null,"N","N","",1]
[null,null,null,null,null,null,null,0,0,0,0,0,0,0,0,0,null,null,null,null,"",1]
["AHB10000020S","노무","L001010101000002",null,"보통인부","일반공사 직종","인",0.02,0,0,165545,3310.9,0,0,165545,3310.9,null,null,"N","N","",1]
["AHB10000020S","손료","RENT000000000001",null,"공구손료","인력품의 2%","식",1,210.7,210.7,0,0,0,0,210.7,210.7,null,null,"N","N",2,1]
["AHB10000030S","노무","L001010101000026",null,"방수공","일반공사 직종","인",2.5999999999999999E-2,0,0,212562,5526.6,0,0,212562,5526.6,null,null,"N","N","",1]
[null,null,null,null,"[합 계]",null,null,0,0,0,0,8175,0,0,0,8175,null,null,null,null,"",1]
["AHB20000010S","노무","L001010101000026",null,"방수공","일반공사 직종","인",0.08,0,0,212562,17004.900000000001,0,0,212562,17004.900000000001,null,null,"N","N","",1]
[null,null,null,null,"[합 계]",null,null,0,0,708,0,23626,0,0,0,24334,null,null,null,null,"",1]
["AHB20000020S","노무","L001010101000002",null,"보통인부","일반공사 직종","인",2.5000000000000001E-2,0,0,165545,4138.6000000000004,0,0,165545,4138.6000000000004,null,null,"N","N","",1]
[null,null,null,null,null,null,null,0,0,0,0,0,0,0,0,0,null,null,null,null,"",1]
["AHB20000030S","노무","L001010101000002",null,"보통인부","일반공사 직종","인",0.02,0,0,165545,3310.9,0,0,165545,3310.9,null,null,"N","N","",1]
[null,null,null,null,"[합 계]",null,null,0,0,0,0,10963,0,0,0,10963,null,null,null,null,"",1]
["AHC00100010S","노무","L001010101000002",null,"보통인부","일반공사 직종","인",8.9999999999999993E-3,0,0,165545,1489.9,0,0,165545,1489.9,null,null,"N","N","",1]
[null,null,null,null,"[합 계]",null,null,0,0,93,0,4678,0,0,0,4771,null,null,null,null,"",1]
["AHC00100020S","노무","L001010101000026",null,"방수공","일반공사 직종","인",0.02,0,0,212562,4251.2,0,0,212562,4251.2,null,null,"N","N","",1]
[null,null,null,null,"[합 계]",null,null,0,0,124,0,6237,0,0,0,6361,null,null,null,null,"",1]
["AHC00200010S","노무","L001010101000002",null,"보통인부","일반공사 직종","인",4.0000000000000001E-3,0,0,165545,662.1,0,0,165545,662.1,null,null,"N","N","",1]
["AHC00200020S",null,null,null,"보강포 붙임","수직부, 1층(회) 붙임 기준","M2",0,0,0,0,0,0,0,0,0,null,null,null,null,"",1]
["AHC00200020S","노무","L001010101000026",null,"방수공","일반공사 직종","인",1.4999999999999999E-2,0,0,212562,3188.4,0,0,212562,3188.4,null,null,"N","N","",1]
[null,null,null,null,null,null,null,0,0,0,0,0,0,0,0,0,null,null,null,null,"",1]
["AHC00300010S","손료","RENT000000000001",null,"공구손료","인력품의 2%","식",1,67.5,67.5,0,0,0,0,67.5,67.5,null,null,"N","N",2,1]
[null,null,null,null,null,null,null,0,0,0,0,0,0,0,0,0,null,null,null,null,"",1]
["AHC00300020S","노무","L001010101000002",null,"보통인부","일반공사 직종","인",7.0000000000000001E-3,0,0,165545,1158.8,0,0,165545,1158.8,null,null,"N","N","",1]
[null,null,null,null,null,null,null,0,0,0,0,0,0,0,0,0,null,null,null,null,"",1]
["AHD12000010S","손료","RENT000000000001",null,"공구손료","인력품의 3%","식",1,480.5,480.5,0,0,0,0,480.5,480.5,null,null,"N","N",3,1]
["AHD22000010S",null,null,null,"규산질계 도포방수 바름","수직부","M2",0,0,0,0,0,0,0,0,0,null,null,null,null,"",1]
["AHD22000010S","노무","L001010101000026",null,"방수공","일반공사 직종","인",6.5000000000000002E-2,0,0,212562,13816.5,0,0,212562,13816.5,null,null,"N","N","",1]
[null,null,null,null,"[합 계]",null,null,0,0,528,0,17624,0,0,0,18152,null,null,null,null,"",1]
["AHD31000010S","노무","L001010101000002",null,"보통인부","일반공사 직종","인",3.0000000000000001E-3,0,0,165545,496.6,0,0,165545,496.6,null,null,"N","N","",1]
[null,null,null,null,null,null,null,0,0,0,0,0,0,0,0,0,null,null,null,null,"",1]
["AHD31000020S","노무","L001010101000002",null,"보통인부","일반공사 직종","인",5.0000000000000001E-3,0,0,165545,827.7,0,0,165545,827.7,null,null,"N","N","",1]
["AHD31000030S",null,null,null,"액상형 흡수방지방수 도포","뿜칠 1층(회)","M2",0,0,0,0,0,0,0,0,0,null,null,null,null,"",1]
[null,null,null,null,"[합 계]",null,null,0,0,113,0,2834,0,0,0,2947,null,null,null,null,"",1]
["AHD31000040S","노무","L001010101000026",null,"방수공","일반공사 직종","인",1.7000000000000001E-2,0,0,212562,3613.5,0,0,212562,3613.5,null,null,"N","N","",1]
["AHD31000040S","노무","L001010101000002",null,"보통인부","일반공사 직종","인",4.0000000000000001E-3,0,0,165545,662.1,0,0,165545,662.1,null,null,"N","N","",1]
[null,null,null,null,null,null,null,0,0,0,0,0,0,0,0,0,null,null,null,null,"",1]
["AHF00000010S","노무","L001010501000117",null,"코킹공","기타 직종","인",2.5000000000000001E-2,0,0,200603,5015,0,0,200603,5015,null,null,"N","N","",1]
["AHF40000010S","노무","L001010101000026",null,"방수공","일반공사 직종","인",5.0000000000000001E-3,0,0,212562,1062.8,0,0,212562,1062.8,null,null,"N","N","",1]
["AHF40000010S","기계경비","00004430040000000",null,"커터(콘크리트 및 아스팔트용)","320∼400mm","HR",1.7000000000000001E-2,9562,162.5,33571,570.70000000000005,1876,31.8,45009,765,null,null,"N","N","",1]
["AHF40000020S","노무","L001010101000026",null,"방수공","일반공사 직종","인",5.0000000000000001E-3,0,0,212562,1062.8,0,0,212562,1062.8,null,null,"N","N","",1]
[null,null,null,null,null,null,null,0,0,0,0,0,0,0,0,0,null,null,null,null,"",1]
["AHG00000010S","노무","L001010101000002",null,"보통인부","일반공사 직종","인",3.5000000000000003E-2,0,0,165545,5794,0,0,165545,5794,null,null,"N","N","",1]
["AHG00000010S","손료","RENT000000000001",null,"공구손료","인력품의 2%","식",1,366.6,366.6,0,0,0,0,366.6,366.6,null,null,"N","N",2,1]
["AHG00000020S",null,null,null,"방수모르타르 바름","15mm 이하, 벽돌, 콘크리트 바탕","M2",0,0,0,0,0,0,0,0,0,null,null,null,null,"",1]
["AHG00000020S","노무","L001010101000002",null,"보통인부","일반공사 직종","인",4.2999999999999997E-2,0,0,165545,7118.4,0,0,165545,7118.4,null,null,"N","N","",1]
["AHG00000030S",null,null,null,"방수모르타르 바름","20mm 이하, 벽돌, 콘크리트 바탕","M2",0,0,0,0,0,0,0,0,0,null,null,null,null,"",1]
["AHG00000030S","손료","RENT000000000001",null,"공구손료","인력품의 2%","식",1,548.4,548.4,0,0,0,0,548.4,548.4,null,null,"N","N",2,1]
["AHG00000040S","노무","L001010101000026",null,"방수공","일반공사 직종","인",0.1,0,0,212562,21256.2,0,0,212562,21256.2,null,null,"N","N","",1]
[null,null,null,null,"[합 계]",null,null,0,0,985,0,32844,0,0,0,33829,null,null,null,null,"",1]
["AHG00000050S","노무","L001010101000026",null,"방수공","일반공사 직종","인",0.09,0,0,212562,19130.5,0,0,212562,19130.5,null,null,"N","N","",1]
["AHG00000050S","노무","L001010101000002",null,"보통인부","일반공사 직종","인",0.06,0,0,165545,9932.7000000000007,0,0,165545,9932.7000000000007,null,null,"N","N","",1]
[null,null,null,null,null,null,null,0,0,0,0,0,0,0,0,0,null,null,null,null,"",1]
["AHG12000010S","노무","L001010101000002",null,"보통인부","일반공사 직종","인",0.04,0,0,165545,6621.8,0,0,165545,6621.8,null,null,"N","N","",1]
[null,null,null,null,null,null,null,0,0,0,0,0,0,0,0,0,null,null,null,null,"",1]
["AHG22000010S","노무","L001010101000002",null,"보통인부","일반공사 직종","인",0.02,0,0,165545,3310.9,0,0,165545,3310.9,null,null,"N","N","",1]
["AHI00000010S",null,null,null,"시멘트 액체방수 바름","바닥","M2",0,0,0,0,0,0,0,0,0,null,null,null,null,"",1]
["AHI00000010S","손료","RENT000000000001",null,"공구손료","인력품의 3%","식",1,676.9,676.9,0,0,0,0,676.9,676.9,null,null,"N","N",3,1]
["AHI00000020S",null,null,null,"시멘트 액체방수 바름","수직부","M2",0,0,0,0,0,0,0,0,0,null,null,null,null,"",1]
["AHI00000020S","노무","L001010101000026",null,"방수공","일반공사 직종","인",0.06,0,0,212562,12753.7,0,0,212562,12753.7,null,null,"N","N","",1]
[null,null,null,null,"[합 계]",null,null,0,0,531,0,17720,0,0,0,18251,null,null,null,null,"",1]
["AHK11000010S","노무","L001010101000030",null,"내장공","일반공사 직종","인",5.0000000000000001E-3,0,0,243538,1217.5999999999999,0,0,243538,1217.5999999999999,null,null,"N","N","",1]
[null,null,null,null,null,null,null,0,0,0,0,0,0,0,0,0,null,null,null,null,"",1]
["AHK11000020S","노무","L001010101000002",null,"보통인부","일반공사 직종","인",1E-3,0,0,165545,165.5,0,0,165545,165.5,null,null,"N","N","",1]
["AHS01000010S","자재","3012178610030964",null,"차수매트","차수매트, 벤토나이트시트, 1.2×7.5m×4.5mm","㎡",1.2,0,0,0,0,0,0,0,0,null,null,"N","N","",1]
["AHS01000010S","자재","3012178623912243",null,"차수매트","차수매트, 마감졸대","m",1.1000000000000001,0,0,0,0,0,0,0,0,null,null,"N","N","",1]
["AHS01000010S","자재","3116200223912161",null,"일반못","일반못, 콘크리트못, 30mm","개",10.5,0,0,0,0,0,0,0,0,null,null,"N","N","",1]
["AHS01000010S","자재","3012178623912373",null,"차수매트","차수매트, 와샤, 3.5×23mm","개",10.5,0,0,0,0,0,0,0,0,null,null,"N","N","",1]
["AHS01000010S","노무","L001010101000002",null,"보통인부","일반공사 직종","인",1.0999999999999999E-2,0,0,165545,1820.9,0,0,165545,1820.9,null,null,"N","N","",1]
[null,null,null,null,null,null,null,0,0,0,0,0,0,0,0,0,null,null,null,null,"",1]
["AHS01000020S","자재","3012178610030965",null,"차수매트","차수매트, 벤토나이트씰재","㎡",0.15,0,0,0,0,0,0,0,0,null,null,"N","N","",1]
["AHS01000020S","자재","1311120120278673",null,"폴리에틸렌필름","폴리에틸렌필름, 두께, 0.04mm","㎡",0.6,242,145.19999999999999,0,0,0,0,242,145.19999999999999,null,null,"N","N","",1]
["AHS01000020S","자재","3120150722261662",null,"유리섬유테이프","유리섬유테이프, 조인트테이프75mm","m",1.1000000000000001,0,0,0,0,0,0,0,0,null,null,"N","N","",1]
["AHS01000020S","손료","RENT000000000001",null,"공구손료","노무비의 3%","식",1,216.8,216.8,0,0,0,0,216.8,216.8,null,null,"N","N",3,1]
[null,null,null,null,"[합 계]",null,null,0,0,362,0,7229,0,0,0,7591,null,null,null,null,"",1]
["AHS02000010S","자재","3012178610030963",null,"차수매트","차수매트, 벤토나이트매트, 1.219×4.57m×6.4mm","㎡",1.2,0,0,0,0,0,0,0,0,null,null,"N","N","",1]
["AHS02000010S","자재","3012178623912243",null,"차수매트","차수매트, 마감졸대","m",0.3,0,0,0,0,0,0,0,0,null,null,"N","N","",1]
["AHS02000010S","자재","3116200223912161",null,"일반못","일반못, 콘크리트못, 30mm","개",10,0,0,0,0,0,0,0,0,null,null,"N","N","",1]
["AHS02000010S","노무","L001010101000002",null,"보통인부","일반공사 직종","인",1.4E-2,0,0,165545,2317.6,0,0,165545,2317.6,null,null,"N","N","",1]
[null,null,null,null,null,null,null,0,0,0,0,0,0,0,0,0,null,null,null,null,"",1]
["AHS02000020S","자재","3012178610030966",null,"차수매트","차수매트, 벤토나이트알갱이","㎡",3.38,0,0,0,0,0,0,0,0,null,null,"N","N","",1]
["AHS02000020S","자재","3116200223912161",null,"일반못","일반못, 콘크리트못, 30mm","개",10,0,0,0,0,0,0,0,0,null,null,"N","N","",1]
["AHS02000020S","자재","3012178623912373",null,"차수매트","차수매트, 와샤, 3.5×23mm","개",10,0,0,0,0,0,0,0,0,null,null,"N","N","",1]
["AHS02000020S","손료","RENT000000000001",null,"공구손료","인력품의 3%","식",1,306.8,306.8,0,0,0,0,306.8,306.8,null,null,"N","N",3,1]
["AHS11000010S",null,null,null,"바탕처리 - 불량","바닥","M2",0,0,0,0,0,0,0,0,0,null,null,null,null,"",1]
["AHS11000010S","손료","RENT000000000001",null,"공구손료","인력품의 6%","식",1,608.1,608.1,0,0,0,0,608.1,608.1,null,null,"N","N",6,1]
["AHS11000020S",null,null,null,"바탕처리 - 불량","수직부","M2",0,0,0,0,0,0,0,0,0,null,null,null,null,"",1]
["AHS11000020S","손료","RENT000000000001",null,"공구손료","인력품의 6%","식",1,678.9,678.9,0,0,0,0,678.9,678.9,null,null,"N","N",6,1]
["AHS11000110S","노무","L001010101000026",null,"방수공","일반공사 직종","인",0.03,0,0,212562,6376.8,0,0,212562,6376.8,null,null,"N","N","",1]
[null,null,null,null,"[합 계]",null,null,0,0,334,0,8363,0,0,0,8697,null,null,null,null,"",1]
[null,null,null,null,null,null,null,0,0,0,0,0,0,0,0,0,null,null,null,null,"",1]
["AHS11000120S","노무","L001010101000002",null,"보통인부","일반공사 직종","인",1.4E-2,0,0,165545,2317.6,0,0,165545,2317.6,null,null,"N","N","",1]
[null,null,null,null,null,null,null,0,0,0,0,0,0,0,0,0,null,null,null,null,"",1]
["AHS12000010S","노무","L001010101000002",null,"보통인부","일반공사 직종","인",5.0000000000000001E-3,0,0,165545,827.7,0,0,165545,827.7,null,null,"N","N","",1]
[null,null,null,null,null,null,null,0,0,0,0,0,0,0,0,0,null,null,null,null,"",1]
[null,null,null,null,"[합 계]",null,null,0,0,0,0,2834,0,0,0,2834,null,null,null,null,"",1]
["AHS13100020S","노무","L001010101000026",null,"방수공","일반공사 직종","인",1.2999999999999999E-2,0,0,212562,2763.3,0,0,212562,2763.3,null,null,"N","N","",1]
[null,null,null,null,null,null,null,0,0,0,0,0,0,0,0,0,null,null,null,null,"",1]
["AHS13200010S",null,null,null,"방수층보호재 붙임","발포 PE시트, 바닥","M2",0,0,0,0,0,0,0,0,0,null,null,null,null,"",1]
[null,null,null,null,"[합 계]",null,null,0,0,0,0,3212,0,0,0,3212,null,null,null,null,"",1]
["AHS13200020S","노무","L001010101000026",null,"방수공","일반공사 직종","인",1.6E-2,0,0,212562,3400.9,0,0,212562,3400.9,null,null,"N","N","",1]
[null,null,null,null,null,null,null,0,0,0,0,0,0,0,0,0,null,null,null,null,"",1]
["AHS14000010S","노무","L001010101000002",null,"보통인부","일반공사 직종","인",1.0999999999999999E-2,0,0,165545,1820.9,0,0,165545,1820.9,null,null,"N","N","",1]
["AIA30000010S","노무","L001010101000023",null,"건축목공","일반공사 직종","인",5.2999999999999999E-2,0,0,268058,14207,0,0,268058,14207,null,null,"N","N","",1]
[null,null,null,null,"[합 계]",null,null,0,0,654,0,16359,0,0,0,17013,null,null,null,null,"",1]
["AIA30000011S","노무","L001010101000023",null,"건축목공","일반공사 직종","인",4,0,0,268058,1072232,0,0,268058,1072232,null,null,"N","N","",1]
["AIA30000011S","노무","L001010101000002",null,"보통인부","일반공사 직종","인",1,0,0,165545,165545,0,0,165545,165545,null,null,"N","N","",1]
[null,null,null,null,null,null,null,0,0,0,0,0,0,0,0,0,null,null,null,null,"",1]
["AIA30000020S","노무","L001010101000002",null,"보통인부","일반공사 직종","인",6.4999999999999997E-3,0,0,165545,1076,0,0,165545,1076,null,null,"N","N","",1]
[null,null,null,null,null,null,null,0,0,0,0,0,0,0,0,0,null,null,null,null,"",1]
["AIA30000021S","노무","L001010101000002",null,"보통인부","일반공사 직종","인",1,0,0,165545,165545,0,0,165545,165545,null,null,"N","N","",1]
["AIA40000010S",null,null,null,"마루귀틀 설치",null,"m",0,0,0,0,0,0,0,0,0,null,null,null,null,"",1]
["AIA40000010S","손료","RENT000000000001",null,"공구손료 등","노무비의 2%","식",1,325.3,325.3,0,0,0,0,325.3,325.3,null,null,"N","N",2,1]
["AIA44000010S",null,null,null,"마루널 설치","마루널 t22*w60mm 기준","M2",0,0,0,0,0,0,0,0,0,null,null,null,null,"",1]
["AIA44000010S","노무","L001010101000023",null,"건축목공","일반공사 직종","인",5.7000000000000002E-2,0,0,268058,15279.3,0,0,268058,15279.3,null,null,"N","N","",1]
[null,null,null,null,"[합 계]",null,null,0,0,703,0,17596,0,0,0,18299,null,null,null,null,"",1]
["AIA44000011S","노무","L001010101000023",null,"건축목공","일반공사 직종","인",4,0,0,268058,1072232,0,0,268058,1072232,null,null,"N","N","",1]
[null,null,null,null,"[합 계]",null,null,0,0,49511,0,1237777,0,0,0,1287288,null,null,null,null,"",1]
["AIA60000010S","노무","L001010101000023",null,"건축목공","일반공사 직종","인",5.0000000000000001E-3,0,0,268058,1340.2,0,0,268058,1340.2,null,null,"N","N","",1]
["AIA60000020S","노무","L001010101000023",null,"건축목공","일반공사 직종","인",8.9999999999999993E-3,0,0,268058,2412.5,0,0,268058,2412.5,null,null,"N","N","",1]
["AIA60000030S",null,null,null,"먹매김(거푸집 먹매김)","일반","M2",0,0,0,0,0,0,0,0,0,null,null,null,null,"",1]
[null,null,null,null,null,null,null,0,0,0,0,0,0,0,0,0,null,null,null,null,"",1]
["AIA60000040S",null,null,null,"먹매김(거푸집 먹매김)","주택","M2",0,0,0,0,0,0,0,0,0,null,null,null,null,"",1]
["AIB20000010S",null,null,null,"칸막이벽틀 설치","주재료 별도","M2",0,0,0,0,0,0,0,0,0,null,null,null,null,"",1]
["AIB20000010S","노무","L001010101000002",null,"보통인부","일반공사 직종","인",0.05,0,0,165545,8277.2000000000007,0,0,165545,8277.2000000000007,null,null,"N","N","",1]
[null,null,null,null,null,null,null,0,0,0,0,0,0,0,0,0,null,null,null,null,"",1]
["AIB20000011S","노무","L001010101000002",null,"보통인부","일반공사 직종","인",1,0,0,165545,165545,0,0,165545,165545,null,null,"N","N","",1]
["AIB30000010S",null,null,null,"벽체틀 설치","자재 별도","M2",0,0,0,0,0,0,0,0,0,null,null,null,null,"",1]
["AIB30000010S","손료","RENT000000000001",null,"공구손료","인력품의 2%","식",1,187.7,187.7,0,0,0,0,187.7,187.7,null,null,"N","N",2,1]
[null,null,null,null,"[합 계]",null,null,0,0,187,0,9389,0,0,0,9576,null,null,null,null,"",1]
["AIB30000011S","노무","L001010101000023",null,"건축목공","일반공사 직종","인",2,0,0,268058,536116,0,0,268058,536116,null,null,"N","N","",1]
[null,null,null,null,null,null,null,0,0,0,0,0,0,0,0,0,null,null,null,null,"",1]
["AIC10000010S","노무","L001010101000023",null,"건축목공","일반공사 직종","인",7.2999999999999995E-2,0,0,268058,19568.2,0,0,268058,19568.2,null,null,"N","N","",1]
[null,null,null,null,"[합 계]",null,null,0,0,474,0,23706,0,0,0,24180,null,null,null,null,"",1]
["AIC10000030S","노무","L001010101000023",null,"건축목공","일반공사 직종","인",0.16700000000000001,0,0,268058,44765.599999999999,0,0,268058,44765.599999999999,null,null,"N","N","",1]
[null,null,null,null,null,null,null,0,0,0,0,0,0,0,0,0,null,null,null,null,"",1]
["AIC10000031S","노무","L001010101000002",null,"보통인부","일반공사 직종","인",1,0,0,165545,165545,0,0,165545,165545,null,null,"N","N","",1]
["AIC10000031S","손료","RENT000000000001",null,"공구손료","인력품의 2%","식",1,19394.3,19394.3,0,0,0,0,19394.3,19394.3,null,null,"N","N",2,1]
["AIC10000040S",null,null,null,"목재데크틀 설치","평구조","TON",0,0,0,0,0,0,0,0,0,null,null,null,null,"",1]
["AIC10000040S","손료","RENT000000000001",null,"공구손료 및 경장비의 기계경비","노무비의 4%","식",1,113382.8,113382.8,0,0,0,0,113382.8,113382.8,null,null,"N","N",4,1]
[null,null,null,null,null,null,null,0,0,0,0,0,0,0,0,0,null,null,null,null,"",1]
["AIC10000041S","노무","L001010101000012",null,"용접공","일반공사 직종","인",1,0,0,267021,267021,0,0,267021,267021,null,null,"N","N","",1]
[null,null,null,null,null,null,null,0,0,0,0,0,0,0,0,0,null,null,null,null,"",1]
["AIC10000050S","노무","L001010101000012",null,"용접공","일반공사 직종","인",3.125,0,0,267021,834440.6,0,0,267021,834440.6,null,null,"N","N","",1]
[null,null,null,null,"[합 계]",null,null,0,0,191640,0,4791021,0,0,0,4982661,null,null,null,null,"",1]
[null,null,null,null,null,null,null,0,0,0,0,0,0,0,0,0,null,null,null,null,"",1]
["AIC10000051S","노무","L001010101000012",null,"용접공","일반공사 직종","인",1,0,0,267021,267021,0,0,267021,267021,null,null,"N","N","",1]
[null,null,null,null,null,null,null,0,0,0,0,0,0,0,0,0,null,null,null,null,"",1]
["AJC10000010S","노무","L001010101000009",null,"철공","일반공사 직종","인",4.7E-2,0,0,233754,10986.4,0,0,233754,10986.4,null,null,"N","N","",1]
[null,null,null,null,"[합 계]",null,null,0,0,443,0,14793,0,0,0,15236,null,null,null,null,"",1]
["AJC10000011S","노무","L001010101000002",null,"보통인부","일반공사 직종","인",1,0,0,165545,165545,0,0,165545,165545,null,null,"N","N","",1]
[null,null,null,null,null,null,null,0,0,0,0,0,0,0,0,0,null,null,null,null,"",1]
["AJC10100010S","노무","L001010101000009",null,"철공","일반공사 직종","인",9.09,0,0,233754,2124823.7999999998,0,0,233754,2124823.7999999998,null,null,"N","N","",1]
["AJC10100010S","노무","L001010101000002",null,"보통인부","일반공사 직종","인",4.55,0,0,165545,753229.7,0,0,165545,753229.7,null,null,"N","N","",1]
[null,null,null,null,"[합 계]",null,null,0,0,212210,0,5305274,0,0,0,5517484,null,null,null,null,"",1]
["AJC10100011S","노무","L001010101000009",null,"철공","일반공사 직종","인",2,0,0,233754,467508,0,0,233754,467508,null,null,"N","N","",1]
["AJC10100011S","손료","RENT000000000001",null,"공구손료","노무비의 2%","식",1,23341.9,23341.9,0,0,0,0,23341.9,23341.9,null,null,"N","N",2,1]
[null,null,null,null,null,null,null,0,0,0,0,0,0,0,0,0,null,null,null,null,"",1]
["AJC10100020S","노무","L001010101000002",null,"보통인부","일반공사 직종","인",4.5500000000000002E-3,0,0,165545,753.2,0,0,165545,753.2,null,null,"N","N","",1]
[null,null,null,null,"[합 계]",null,null,0,0,212,0,5305,0,0,0,5517,null,null,null,null,"",1]
["AJC10100030S","노무","L001010101000012",null,"용접공","일반공사 직종","인",7.14,0,0,267021,1906529.9,0,0,267021,1906529.9,null,null,"N","N","",1]
["AJC10100030S","노무","L001010101000009",null,"철공","일반공사 직종","인",3.57,0,0,233754,834501.7,0,0,233754,834501.7,null,null,"N","N","",1]
["AJC10100030S","손료","RENT000000000002",null,"잡자재비","노무비의 2%","식",1,66640.5,66640.5,0,0,0,0,66640.5,66640.5,null,null,"N","N",2,1]
["AJC10100031S","노무","L001010101000012",null,"용접공","일반공사 직종","인",2,0,0,267021,534042,0,0,267021,534042,null,null,"N","N","",1]
["AJC10100031S","노무","L001010101000002",null,"보통인부","일반공사 직종","인",1,0,0,165545,165545,0,0,165545,165545,null,null,"N","N","",1]
[null,null,null,null,"[합 계]",null,null,0,0,37333,0,933341,0,0,0,970674,null,null,null,null,"",1]
["AJC10100040S","노무","L001010101000009",null,"철공","일반공사 직종","인",3.5699999999999998E-3,0,0,233754,834.5,0,0,233754,834.5,null,null,"N","N","",1]
["AJC10100040S","손료","RENT000000000002",null,"잡자재비","노무비의 2%","식",1,66.599999999999994,66.599999999999994,0,0,0,0,66.599999999999994,66.599999999999994,null,null,"N","N",2,1]
["AJC10300010S",null,null,null,"용접식난간 설치","현장제작 설치, 경량철물(스테인리스)","ton",0,0,0,0,0,0,0,0,0,null,null,null,null,"",1]
["AJC10300010S","노무","L001010101000012",null,"용접공","일반공사 직종","인",11.66,0,0,267021,3113464.8,0,0,267021,3113464.8,null,null,"N","N","",1]
["AJC10300010S","손료","RENT000000000001",null,"공구손료","노무비의 2%","식",1,136083.20000000001,136083.20000000001,0,0,0,0,136083.20000000001,136083.20000000001,null,null,"N","N",2,1]
["AJC10300020S",null,null,null,"용접식난간 설치","현장제작 설치, 경량철물(스테인리스)","kg",0,0,0,0,0,0,0,0,0,null,null,null,null,"",1]
["AJC10300020S","노무","L001010101000009",null,"철공","일반공사 직종","인",1.166E-2,0,0,233754,2725.5,0,0,233754,2725.5,null,null,"N","N","",1]
["AJC10300020S","손료","RENT000000000002",null,"잡자재비","노무비의 2%","식",1,136,136,0,0,0,0,136,136,null,null,"N","N",2,1]
["AJC10300030S","노무","L001010101000012",null,"용접공","일반공사 직종","인",9.16,0,0,267021,2445912.2999999998,0,0,267021,2445912.2999999998,null,null,"N","N","",1]
["AJC10300030S","손료","RENT000000000001",null,"공구손료","노무비의 2%","식",1,85494,85494,0,0,0,0,85494,85494,null,null,"N","N",2,1]
[null,null,null,null,null,null,null,0,0,0,0,0,0,0,0,0,null,null,null,null,"",1]
["AJC10300040S",null,null,null,"용접식난간 설치","규격철물 설치, 경량철물(스테인리스)","kg",0,0,0,0,0,0,0,0,0,null,null,null,null,"",1]
["AJC10300040S","노무","L001010101000002",null,"보통인부","일반공사 직종","인",4.5799999999999999E-3,0,0,165545,758.1,0,0,165545,758.1,null,null,"N","N","",1]
[null,null,null,null,null,null,null,0,0,0,0,0,0,0,0,0,null,null,null,null,"",1]
["AJD00100010S","노무","L001010101000003",null,"특별인부","일반공사 직종","인",6.0000000000000001E-3,0,0,214222,1285.3,0,0,214222,1285.3,null,null,"N","N","",1]
["AJI00000010S",null,null,null,"인서트(Insert) 설치","설치대상 - 거푸집","개",0,0,0,0,0,0,0,0,0,null,null,null,null,"",1]
["AJI00000020S",null,null,null,"인서트(Insert) 설치","설치대상 - 데크플레이트","개",0,0,0,0,0,0,0,0,0,null,null,null,null,"",1]
[null,null,null,null,"[합 계]",null,null,0,0,68,0,1704,0,0,0,1772,null,null,null,null,"",1]
[null,null,null,null,null,null,null,0,0,0,0,0,0,0,0,0,null,null,null,null,"",1]
["AJI00000030S","손료","RENT000000000001",null,"공구손료","인력품의 4%","식",1,87.6,87.6,0,0,0,0,87.6,87.6,null,null,"N","N",4,1]
["AJI00000060S",null,null,null,"경량천장철골틀 설치","BAR간격 300mm","M2",0,0,0,0,0,0,0,0,0,null,null,null,null,"",1]
[null,null,null,null,"[합 계]",null,null,0,0,651,0,10850,0,0,0,11501,null,null,null,null,"",1]
["AJI00000070S",null,null,null,"경량천장철골틀 설치","BAR간격 450mm","M2",0,0,0,0,0,0,0,0,0,null,null,null,null,"",1]
["AJI00000070S","손료","RENT000000000001",null,"공구손료","노무비의 6%","식",1,626.5,626.5,0,0,0,0,626.5,626.5,null,null,"N","N",6,1]
["AJI00000080S","노무","L001010101000030",null,"내장공","일반공사 직종","인",3.1E-2,0,0,243538,7549.6,0,0,243538,7549.6,null,null,"N","N","",1]
[null,null,null,null,"[합 계]",null,null,0,0,601,0,10032,0,0,0,10633,null,null,null,null,"",1]
[null,null,null,null,null,null,null,0,0,0,0,0,0,0,0,0,null,null,null,null,"",1]
["AJI00000090S","노무","L001010101000002",null,"보통인부","일반공사 직종","인",1.2E-2,0,0,165545,1986.5,0,0,165545,1986.5,null,null,"N","N","",1]
[null,null,null,null,null,null,null,0,0,0,0,0,0,0,0,0,null,null,null,null,"",1]
["AJI00000100S","손료","RENT000000000002",null,"공구손료","노무비의 6%","식",1,445.3,445.3,0,0,0,0,445.3,445.3,null,null,"N","N",6,1]
[null,null,null,null,null,null,null,0,0,0,0,0,0,0,0,0,null,null,null,null,"",1]
["AJI00000110S","손료","RENT000000000002",null,"공구손료","노무비의 6%","식",1,430.7,430.7,0,0,0,0,430.7,430.7,null,null,"N","N",6,1]
["AJI00000111S",null,null,null,"경량천장철골틀 설치",null,"일",0,0,0,0,0,0,0,0,0,null,null,null,null,"",1]
["AJI00000111S","손료","RENT000000000001",null,"공구손료","노무비의 6%","식",1,39157.199999999997,39157.199999999997,0,0,0,0,39157.199999999997,39157.199999999997,null,null,"N","N",6,1]
[null,null,null,null,"[합 계]",null,null,0,0,39157,0,652621,0,0,0,691778,null,null,null,null,"",1]
["AJI60000010S","자재","3017158920162697",null,"점검구문","점검구문, 450×450mm, 알루미늄, 백색, 점검구","조",1,7000,7000,0,0,0,0,7000,7000,null,null,"N","N","",1]
["AJI60000010S","노무","L001010101000002",null,"보통인부","일반공사 직종","인",5.7000000000000002E-2,0,0,165545,9436,0,0,165545,9436,null,null,"N","N","",1]
[null,null,null,null,null,null,null,0,0,0,0,0,0,0,0,0,null,null,null,null,"",1]
["AJI60000020S","손료","RENT000000000001",null,"잡재료","재료비의 3%","식",1,255,255,0,0,0,0,255,255,null,null,"N","N",3,1]
[null,null,null,null,"[합 계]",null,null,0,0,11573,0,93962,0,0,0,105535,null,null,null,null,"",1]
["AJM42000010S","노무","L001010101000030",null,"내장공","일반공사 직종","인",0.02,0,0,243538,4870.7,0,0,243538,4870.7,null,null,"N","N","",1]
[null,null,null,null,null,null,null,0,0,0,0,0,0,0,0,0,null,null,null,null,"",1]
["AJM51100010S",null,null,null,"잡철물 제작 및 설치(제품 설치)","일반철재","Ton",0,0,0,0,0,0,0,0,0,null,null,null,null,"",1]
["AJM51100010S","노무","L001010101000003",null,"특별인부","일반공사 직종","인",0.78,0,0,214222,167093.1,0,0,214222,167093.1,null,null,"N","N","",1]
["AJM51100010S","손료","RENT000000000002",null,"잡자재비","노무비의 3%","식",1,35912.300000000003,35912.300000000003,0,0,0,0,35912.300000000003,35912.300000000003,null,null,"N","N",3,1]
["AJM51100020S",null,null,null,"잡철물 제작 및 설치(제품 설치)","경량철재","Ton",0,0,0,0,0,0,0,0,0,null,null,null,null,"",1]
["AJM51100020S","노무","L001010101000003",null,"특별인부","일반공사 직종","인",1.01,0,0,214222,216364.2,0,0,214222,216364.2,null,null,"N","N","",1]
[null,null,null,null,"[합 계]",null,null,0,0,93398,0,1556640,0,0,0,1650038,null,null,null,null,"",1]
["AJM51100030S","노무","L001010101000009",null,"철공","일반공사 직종","인",2.85,0,0,233754,666198.9,0,0,233754,666198.9,null,null,"N","N","",1]
["AJM51100030S","노무","L001010101000002",null,"보통인부","일반공사 직종","인",0.52,0,0,165545,86083.4,0,0,165545,86083.4,null,null,"N","N","",1]
["AJM51100030S","손료","RENT000000000001",null,"노임할증","노무비의 -10%","식",1,0,0,-119707.7,-119707.7,0,0,-119707.7,-119707.7,null,null,"N","N",-10,1]
[null,null,null,null,"[합 계]",null,null,0,0,86189,0,1077369,0,0,0,1163558,null,null,null,null,"",1]
["AJM51100040S","노무","L001010101000009",null,"철공","일반공사 직종","인",3.71,0,0,233754,867227.3,0,0,233754,867227.3,null,null,"N","N","",1]
["AJM51100040S","노무","L001010101000002",null,"보통인부","일반공사 직종","인",0.68,0,0,165545,112570.6,0,0,165545,112570.6,null,null,"N","N","",1]
["AJM51100040S","손료","RENT000000000003",null,"잡자재비","노무비의 2%","식",1,28019.5,28019.5,0,0,0,0,28019.5,28019.5,null,null,"N","N",2,1]
["AJM52100010S","노무","L001010101000009",null,"철공","일반공사 직종","인",7.05,0,0,233754,1647965.7,0,0,233754,1647965.7,null,null,"N","N","",1]
["AJM52100010S","노무","L001010101000002",null,"보통인부","일반공사 직종","인",1.28,0,0,165545,211897.60000000001,0,0,165545,211897.60000000001,null,null,"N","N","",1]
[null,null,null,null,"[합 계]",null,null,0,0,236593,0,2957413,0,0,0,3194006,null,null,null,null,"",1]
[null,null,null,null,null,null,null,0,0,0,0,0,0,0,0,0,null,null,null,null,"",1]
["AJM52100020S","노무","L001010101000012",null,"용접공","일반공사 직종","인",3.34,0,0,267021,891850.1,0,0,267021,891850.1,null,null,"N","N","",1]
["AJM52100020S","손료","RENT000000000001",null,"공구손료","노무비의 4%","식",1,153829.29999999999,153829.29999999999,0,0,0,0,153829.29999999999,153829.29999999999,null,null,"N","N",4,1]
[null,null,null,null,null,null,null,0,0,0,0,0,0,0,0,0,null,null,null,null,"",1]
["AJM52100030S","노무","L001010101000012",null,"용접공","일반공사 직종","인",2.57,0,0,267021,686243.9,0,0,267021,686243.9,null,null,"N","N","",1]
["AJM52100030S","손료","RENT000000000002",null,"공구손료","노무비의 5%","식",1,192231.8,192231.8,0,0,0,0,192231.8,192231.8,null,null,"N","N",5,1]
[null,null,null,null,null,null,null,0,0,0,0,0,0,0,0,0,null,null,null,null,"",1]
["AJM52100040S",null,null,null,"잡철물 제작 및 설치(규격철물 설치)","경량철재, 복잡","Ton",0,0,0,0,0,0,0,0,0,null,null,null,null,"",1]
["AJM52100040S","노무","L001010101000003",null,"특별인부","일반공사 직종","인",2.5,0,0,214222,535555,0,0,214222,535555,null,null,"N","N","",1]
["AJM52100040S","손료","RENT000000000002",null,"공구손료","노무비의 4%","식",1,199978.1,199978.1,0,0,0,0,199978.1,199978.1,null,null,"N","N",4,1]
[null,null,null,null,null,null,null,0,0,0,0,0,0,0,0,0,null,null,null,null,"",1]
["AJM53100010S","노무","L001010101000012",null,"용접공","일반공사 직종","인",3.38,0,0,267021,902530.9,0,0,267021,902530.9,null,null,"N","N","",1]
["AJM53100010S","손료","RENT000000000001",null,"공구손료","노무비의 5%","식",1,256644,256644,0,0,0,0,256644,256644,null,null,"N","N",5,1]
["AJM53100020S",null,null,null,"잡철물 제작 및 설치(현장제작 설치)","경량철재","Ton",0,0,0,0,0,0,0,0,0,null,null,null,null,"",1]
["AJM53100020S","노무","L001010101000003",null,"특별인부","일반공사 직종","인",5.85,0,0,214222,1253198.7,0,0,214222,1253198.7,null,null,"N","N","",1]
["AJM53100020S","노무","L001010101000002",null,"보통인부","일반공사 직종","인",2.93,0,0,165545,485046.8,0,0,165545,485046.8,null,null,"N","N","",1]
[null,null,null,null,"[합 계]",null,null,0,0,400294,0,6671569,0,0,0,7071863,null,null,null,null,"",1]
["AJM53100030S","노무","L001010101000009",null,"철공","일반공사 직종","인",12.38,0,0,233754,2893874.5,0,0,233754,2893874.5,null,null,"N","N","",1]
["AJM53100030S","노무","L001010101000002",null,"보통인부","일반공사 직종","인",2.25,0,0,165545,372476.2,0,0,165545,372476.2,null,null,"N","N","",1]
["AJM53100030S","손료","RENT000000000003",null,"잡자재비","노무비의 3%","식",1,200182.3,200182.3,0,0,0,0,200182.3,200182.3,null,null,"N","N",3,1]
["AJM53100040S",null,null,null,"잡철물 제작 및 설치(현장제작 설치)","경량철재, 복잡","Ton",0,0,0,0,0,0,0,0,0,null,null,null,null,"",1]
["AJM53100040S","노무","L001010101000002",null,"보통인부","일반공사 직종","인",2.93,0,0,165545,485046.8,0,0,165545,485046.8,null,null,"N","N","",1]
["AJM53100040S","손료","RENT000000000003",null,"잡자재비","노무비의 2%","식",1,173460.8,173460.8,0,0,0,0,173460.8,173460.8,null,null,"N","N",2,1]
[null,null,null,null,"[합 계]",null,null,0,0,520382,0,8673040,0,0,0,9193422,null,null,null,null,"",1]
["AJO11000010S","노무","L001010101000030",null,"내장공","일반공사 직종","인",3.1E-2,0,0,243538,7549.6,0,0,243538,7549.6,null,null,"N","N","",1]
[null,null,null,null,"[합 계]",null,null,0,0,601,0,10032,0,0,0,10633,null,null,null,null,"",1]
["AJO11000020S","노무","L001010101000030",null,"내장공","일반공사 직종","인",2,0,0,243538,487076,0,0,243538,487076,null,null,"N","N","",1]
[null,null,null,null,"[합 계]",null,null,0,0,39157,0,652621,0,0,0,691778,null,null,null,null,"",1]
["AKA43000010S","노무","L001010101000002",null,"보통인부","일반공사 직종","인",0.01,0,0,165545,1655.4,0,0,165545,1655.4,null,null,"N","N","",1]
[null,null,null,null,null,null,null,0,0,0,0,0,0,0,0,0,null,null,null,null,"",1]
["AKA43000020S","노무","L001010101000002",null,"보통인부","일반공사 직종","인",0.01,0,0,165545,1655.4,0,0,165545,1655.4,null,null,"N","N","",1]
["AKA43000020S","손료","RENT000000000001",null,"노임할증","노무비의 20%","식",1,0,0,2554.5,2554.5,0,0,2554.5,2554.5,null,null,"N","N",20,1]
[null,null,null,null,null,null,null,0,0,0,0,0,0,0,0,0,null,null,null,null,"",1]
["AKA43000030S","노무","L001010101000002",null,"보통인부","일반공사 직종","인",0.01,0,0,165545,1655.4,0,0,165545,1655.4,null,null,"N","N","",1]
[null,null,null,null,null,null,null,0,0,0,0,0,0,0,0,0,null,null,null,null,"",1]
["AKA43000040S","노무","L001010101000002",null,"보통인부","일반공사 직종","인",0.01,0,0,165545,1655.4,0,0,165545,1655.4,null,null,"N","N","",1]
[null,null,null,null,null,null,null,0,0,0,0,0,0,0,0,0,null,null,null,null,"",1]
["AKA44000010S","노무","L001010101000002",null,"보통인부","일반공사 직종","인",0.01,0,0,165545,1655.4,0,0,165545,1655.4,null,null,"N","N","",1]
[null,null,null,null,null,null,null,0,0,0,0,0,0,0,0,0,null,null,null,null,"",1]
["AKA44000020S",null,null,null,"금속판 평잇기","1m2 이하, 경사 3/4 이상","M2",0,0,0,0,0,0,0,0,0,null,null,null,null,"",1]
["AKA44000020S","손료","RENT000000000001",null,"노임할증","인력품의 20%","식",1,0,0,3443.9,3443.9,0,0,3443.9,3443.9,null,null,"N","N",20,1]
[null,null,null,null,null,null,null,0,0,0,0,0,0,0,0,0,null,null,null,null,"",1]
["AKA44000030S","노무","L001010101000002",null,"보통인부","일반공사 직종","인",0.01,0,0,165545,1655.4,0,0,165545,1655.4,null,null,"N","N","",1]
[null,null,null,null,"[합 계]",null,null,0,0,172,0,18941,0,0,0,19113,null,null,null,null,"",1]
["AKA45000010S","노무","L001010101000002",null,"보통인부","일반공사 직종","인",0.01,0,0,165545,1655.4,0,0,165545,1655.4,null,null,"N","N","",1]
[null,null,null,null,null,null,null,0,0,0,0,0,0,0,0,0,null,null,null,null,"",1]
["AKA46000010S","노무","L001010101000002",null,"보통인부","일반공사 직종","인",0.01,0,0,165545,1655.4,0,0,165545,1655.4,null,null,"N","N","",1]
["AKA46000010S","손료","RENT000000000001",null,"공구손료","인력품의 1%","식",1,149.9,149.9,0,0,0,0,149.9,149.9,null,null,"N","N",1,1]
["AKA46000020S",null,null,null,"금속판 돌출잇기","돌출간격 0.3~0.5m, 경사 3/4 이상","M2",0,0,0,0,0,0,0,0,0,null,null,null,null,"",1]
["AKA46000020S","손료","RENT000000000002",null,"공구손료","인력품의 1%","식",1,149.9,149.9,0,0,0,0,149.9,149.9,null,null,"N","N",1,1]
[null,null,null,null,null,null,null,0,0,0,0,0,0,0,0,0,null,null,null,null,"",1]
["AKA46000030S","노무","L001010101000002",null,"보통인부","일반공사 직종","인",0.01,0,0,165545,1655.4,0,0,165545,1655.4,null,null,"N","N","",1]
[null,null,null,null,null,null,null,0,0,0,0,0,0,0,0,0,null,null,null,null,"",1]
["AKA50100010S","노무","L001010101000002",null,"보통인부","일반공사 직종","인",0.01,0,0,165545,1655.4,0,0,165545,1655.4,null,null,"N","N","",1]
["AKA50100020S",null,null,null,"아스팔트싱글 설치","경사 3/4 이상","M2",0,0,0,0,0,0,0,0,0,null,null,null,null,"",1]
["AKA50100020S","노무","L001010101000036",null,"지붕잇기공","일반공사 직종","인",7.0000000000000007E-2,0,0,222346,15564.2,0,0,222346,15564.2,null,null,"N","N","",1]
[null,null,null,null,"[합 계]",null,null,0,0,0,0,20663,0,0,0,20663,null,null,null,null,"",1]
["AKA60200010S","손료","RENT000000000001",null,"공구손료","인력품의 5%","식",1,222.3,222.3,0,0,0,0,222.3,222.3,null,null,"N","N",5,1]
[null,null,null,null,null,null,null,0,0,0,0,0,0,0,0,0,null,null,null,null,"",1]
["AKA60200020S","손료","RENT000000000001",null,"노임할증","인력품의 20%","식",1,0,0,889.3,889.3,0,0,889.3,889.3,null,null,"N","N",20,1]
["AKB15100010S",null,null,null,"금속 선홈통 설치","150mm 이하 기준","M",0,0,0,0,0,0,0,0,0,null,null,null,null,"",1]
["AKB15100010S","손료","RENT000000000001",null,"공구손료","인력품의 2%","식",1,479.2,479.2,0,0,0,0,479.2,479.2,null,null,"N","N",2,1]
[null,null,null,null,"[합 계]",null,null,0,0,479,0,23964,0,0,0,24443,null,null,null,null,"",1]
["AKB16100010S","노무","L001010101000039",null,"배관공","일반공사 직종","인",0.06,0,0,229482,13768.9,0,0,229482,13768.9,null,null,"N","N","",1]
[null,null,null,null,"[합 계]",null,null,0,0,341,0,17079,0,0,0,17420,null,null,null,null,"",1]
["AKB16100020S","노무","L001010101000002",null,"보통인부","일반공사 직종","인",1.6E-2,0,0,165545,2648.7,0,0,165545,2648.7,null,null,"N","N","",1]
[null,null,null,null,"[합 계]",null,null,0,0,273,0,13663,0,0,0,13936,null,null,null,null,"",1]
["AKB44000010S","노무","L001010101000039",null,"배관공","일반공사 직종","인",0.06,0,0,229482,13768.9,0,0,229482,13768.9,null,null,"N","N","",1]
[null,null,null,null,null,null,null,0,0,0,0,0,0,0,0,0,null,null,null,null,"",1]
["AKB45000010S","노무","L001010101000002",null,"보통인부","일반공사 직종","인",0.01,0,0,165545,1655.4,0,0,165545,1655.4,null,null,"N","N","",1]
["AKB45000010S","손료","RENT000000000001",null,"공구손료","인력품의 2%","식",1,262.5,262.5,0,0,0,0,262.5,262.5,null,null,"N","N",2,1]
["AKB46000010S",null,null,null,"물받이홈통 설치",null,"개소",0,0,0,0,0,0,0,0,0,null,null,null,null,"",1]
[null,null,null,null,"[합 계]",null,null,0,0,0,0,21669,0,0,0,21669,null,null,null,null,"",1]
["AKC13000010S","노무","L001010101000002",null,"보통인부","일반공사 직종","인",0.04,0,0,165545,6621.8,0,0,165545,6621.8,null,null,"N","N","",1]
[null,null,null,null,null,null,null,0,0,0,0,0,0,0,0,0,null,null,null,null,"",1]
["ALB15000010S","노무","L001010101000002",null,"보통인부","일반공사 직종","인",9.4E-2,0,0,165545,15561.2,0,0,165545,15561.2,null,null,"N","N","",1]
["ALB15000020S",null,null,null,"강재창호 설치 / 여닫이","창호면적 1.0 ~ 3.0㎡ 이하","개소",0,0,0,0,0,0,0,0,0,null,null,null,null,"",1]
["ALB15000020S","손료","RENT000000000001",null,"공구손료","인력품의 3%","식",1,3728.6,3728.6,0,0,0,0,3728.6,3728.6,null,null,"N","N",3,1]
[null,null,null,null,"[합 계]",null,null,0,0,3728,0,124289,0,0,0,128017,null,null,null,null,"",1]
["ALB15000030S","노무","L001010101000024",null,"창호공","일반공사 직종","인",0.56000000000000005,0,0,248238,139013.20000000001,0,0,248238,139013.20000000001,null,null,"N","N","",1]
[null,null,null,null,"[합 계]",null,null,0,0,4835,0,161196,0,0,0,166031,null,null,null,null,"",1]
["ALB15000040S","노무","L001010101000002",null,"보통인부","일반공사 직종","인",0.157,0,0,165545,25990.5,0,0,165545,25990.5,null,null,"N","N","",1]
[null,null,null,null,"[합 계]",null,null,0,0,5679,0,189331,0,0,0,195010,null,null,null,null,"",1]
["ALB22000010S","노무","L001010101000002",null,"보통인부","일반공사 직종","인",4.7E-2,0,0,165545,7780.6,0,0,165545,7780.6,null,null,"N","N","",1]
[null,null,null,null,null,null,null,0,0,0,0,0,0,0,0,0,null,null,null,null,"",1]
["ALB22000020S","노무","L001010101000002",null,"보통인부","일반공사 직종","인",6.3E-2,0,0,165545,10429.299999999999,0,0,165545,10429.299999999999,null,null,"N","N","",1]
["ALB22000020S","손료","RENT000000000001",null,"공구손료","인력품의 2%","식",1,1613.6,1613.6,0,0,0,0,1613.6,1613.6,null,null,"N","N",2,1]
["ALB22000030S",null,null,null,"알루미늄창호 설치","창호면적 3.0 ~ 6.0㎡ 이하","개소",0,0,0,0,0,0,0,0,0,null,null,null,null,"",1]
["ALB22000030S","손료","RENT000000000001",null,"공구손료","인력품의 2%","식",1,2278.9,2278.9,0,0,0,0,2278.9,2278.9,null,null,"N","N",2,1]
["ALB22000040S","노무","L001010101000024",null,"창호공","일반공사 직종","인",0.47099999999999997,0,0,248238,116920,0,0,248238,116920,null,null,"N","N","",1]
["ALB22000040S","손료","RENT000000000001",null,"공구손료","인력품의 2%","식",1,2695.9,2695.9,0,0,0,0,2695.9,2695.9,null,null,"N","N",2,1]
["ALB22000050S","노무","L001010101000024",null,"창호공","일반공사 직종","인",0.51200000000000001,0,0,248238,127097.8,0,0,248238,127097.8,null,null,"N","N","",1]
[null,null,null,null,"[합 계]",null,null,0,0,2926,0,146301,0,0,0,149227,null,null,null,null,"",1]
["ALB41700010S","노무","L001010101000024",null,"창호공","일반공사 직종","인",0.01,0,0,248238,2482.3000000000002,0,0,248238,2482.3000000000002,null,null,"N","N","",1]
[null,null,null,null,"[합 계]",null,null,0,0,0,0,2482,0,0,0,2482,null,null,null,null,"",1]
["ALB42000010S","노무","L001010101000024",null,"창호공","일반공사 직종","인",0.248,0,0,248238,61563,0,0,248238,61563,null,null,"N","N","",1]
[null,null,null,null,"[합 계]",null,null,0,0,2115,0,70502,0,0,0,72617,null,null,null,null,"",1]
["ALB42000020S","노무","L001010101000002",null,"보통인부","일반공사 직종","인",6.0999999999999999E-2,0,0,165545,10098.200000000001,0,0,165545,10098.200000000001,null,null,"N","N","",1]
[null,null,null,null,"[합 계]",null,null,0,0,2514,0,83824,0,0,0,86338,null,null,null,null,"",1]
["ALB42000030S","노무","L001010101000002",null,"보통인부","일반공사 직종","인",8.4000000000000005E-2,0,0,165545,13905.7,0,0,165545,13905.7,null,null,"N","N","",1]
[null,null,null,null,null,null,null,0,0,0,0,0,0,0,0,0,null,null,null,null,"",1]
["ALB42000040S","노무","L001010101000002",null,"보통인부","일반공사 직종","인",0.108,0,0,165545,17878.8,0,0,165545,17878.8,null,null,"N","N","",1]
["ALB42000040S","손료","RENT000000000001",null,"공구손료","인력품의 3%","식",1,4453.5,4453.5,0,0,0,0,4453.5,4453.5,null,null,"N","N",3,1]
["ALB45000010S",null,null,null,"목재창호 설치 / 여닫이","창호면적 1.0㎡ 이하","개소",0,0,0,0,0,0,0,0,0,null,null,null,null,"",1]
[null,null,null,null,"[합 계]",null,null,0,0,2221,0,74060,0,0,0,76281,null,null,null,null,"",1]
["ALB45000020S","노무","L001010101000024",null,"창호공","일반공사 직종","인",0.313,0,0,248238,77698.399999999994,0,0,248238,77698.399999999994,null,null,"N","N","",1]
["ALB45000020S","손료","RENT000000000001",null,"공구손료","인력품의 3%","식",1,2648.7,2648.7,0,0,0,0,2648.7,2648.7,null,null,"N","N",3,1]
["ALB45000030S","노무","L001010101000024",null,"창호공","일반공사 직종","인",0.43099999999999999,0,0,248238,106990.5,0,0,248238,106990.5,null,null,"N","N","",1]
[null,null,null,null,"[합 계]",null,null,0,0,3646,0,121558,0,0,0,125204,null,null,null,null,"",1]
["ALB45000040S","노무","L001010101000024",null,"창호공","일반공사 직종","인",0.55400000000000005,0,0,248238,137523.79999999999,0,0,248238,137523.79999999999,null,null,"N","N","",1]
["ALB45000040S","노무","L001010101000002",null,"보통인부","일반공사 직종","인",0.113,0,0,165545,18706.5,0,0,165545,18706.5,null,null,"N","N","",1]
[null,null,null,null,null,null,null,0,0,0,0,0,0,0,0,0,null,null,null,null,"",1]
["ALB52000010S","손료","RENT000000000001",null,"공구손료","인력품의 2%","식",1,961.5,961.5,0,0,0,0,961.5,961.5,null,null,"N","N",2,1]
["ALB52000020S",null,null,null,"합성수지창호 설치 / 미서기 단창","창호면적 1.0 ~ 3.0㎡ 이하","개소",0,0,0,0,0,0,0,0,0,null,null,null,null,"",1]
["ALB52000020S","노무","L001010101000002",null,"보통인부","일반공사 직종","인",4.5999999999999999E-2,0,0,165545,7615,0,0,165545,7615,null,null,"N","N","",1]
["ALB52000030S",null,null,null,"합성수지창호 설치 / 미서기 단창","창호면적 3.0 ~ 6.0㎡ 이하","개소",0,0,0,0,0,0,0,0,0,null,null,null,null,"",1]
["ALB52000030S","손료","RENT000000000001",null,"공구손료","인력품의 2%","식",1,1898.2,1898.2,0,0,0,0,1898.2,1898.2,null,null,"N","N",2,1]
[null,null,null,null,"[합 계]",null,null,0,0,1898,0,94913,0,0,0,96811,null,null,null,null,"",1]
["ALB52000040S","노무","L001010101000024",null,"창호공","일반공사 직종","인",0.41299999999999998,0,0,248238,102522.2,0,0,248238,102522.2,null,null,"N","N","",1]
[null,null,null,null,"[합 계]",null,null,0,0,2351,0,117586,0,0,0,119937,null,null,null,null,"",1]
["ALB52000050S","노무","L001010101000002",null,"보통인부","일반공사 직종","인",0.104,0,0,165545,17216.599999999999,0,0,165545,17216.599999999999,null,null,"N","N","",1]
[null,null,null,null,null,null,null,0,0,0,0,0,0,0,0,0,null,null,null,null,"",1]
["ALB52000060S","노무","L001010101000024",null,"창호공","일반공사 직종","인",0.2,0,0,248238,49647.6,0,0,248238,49647.6,null,null,"N","N","",1]
[null,null,null,null,null,null,null,0,0,0,0,0,0,0,0,0,null,null,null,null,"",1]
["ALB52000070S","노무","L001010101000002",null,"보통인부","일반공사 직종","인",5.5E-2,0,0,165545,9104.9,0,0,165545,9104.9,null,null,"N","N","",1]
["ALB52000070S","손료","RENT000000000001",null,"공구손료","인력품의 2%","식",1,1408.3,1408.3,0,0,0,0,1408.3,1408.3,null,null,"N","N",2,1]
["ALB52000080S",null,null,null,"합성수지창호 설치 / 미서기 이중창","창호면적 3.0 ~ 6.0㎡ 이하","개소",0,0,0,0,0,0,0,0,0,null,null,null,null,"",1]
["ALB52000080S","손료","RENT000000000001",null,"공구손료","인력품의 2%","식",1,2172.9,2172.9,0,0,0,0,2172.9,2172.9,null,null,"N","N",2,1]
["ALB52000090S","노무","L001010101000024",null,"창호공","일반공사 직종","인",0.47599999999999998,0,0,248238,118161.2,0,0,248238,118161.2,null,null,"N","N","",1]
[null,null,null,null,"[합 계]",null,null,0,0,2714,0,135708,0,0,0,138422,null,null,null,null,"",1]
["ALB52000100S",null,null,null,"합성수지창호 설치 / 미서기 이중창","창호면적 9.0 ~ 12.0㎡ 이하","개소",0,0,0,0,0,0,0,0,0,null,null,null,null,"",1]
[null,null,null,null,"[합 계]",null,null,0,0,3091,0,154575,0,0,0,157666,null,null,null,null,"",1]
["ALC10000010S","노무","L001010101000024",null,"창호공","일반공사 직종","인",0.23,0,0,248238,57094.7,0,0,248238,57094.7,null,null,"N","N","",1]
["ALC10000010S","노무","L001010101000002",null,"보통인부","일반공사 직종","인",0.08,0,0,165545,13243.6,0,0,165545,13243.6,null,null,"N","N","",1]
[null,null,null,null,null,null,null,0,0,0,0,0,0,0,0,0,null,null,null,null,"",1]
["ALC10000020S","노무","L001010101000002",null,"보통인부","일반공사 직종","인",7.0000000000000007E-2,0,0,165545,11588.1,0,0,165545,11588.1,null,null,"N","N","",1]
["ALC10000030S",null,null,null,"외벽 패널 설치(트러스 설치 / 벽)","1 ~ 3층","10M2",0,0,0,0,0,0,0,0,0,null,null,null,null,"",1]
["ALC10000030S","손료","RENT000000000001",null,"공구손료","인력품의 3%","식",1,15462.9,15462.9,0,0,0,0,15462.9,15462.9,null,null,"N","N",3,1]
["ALC10000040S",null,null,null,"외벽 패널 설치(패널 설치 / 벽)","1 ~ 3층","10M2",0,0,0,0,0,0,0,0,0,null,null,null,null,"",1]
["ALC10000040S","손료","RENT000000000001",null,"공구손료","인력품의 3%","식",1,3926.8,3926.8,0,0,0,0,3926.8,3926.8,null,null,"N","N",3,1]
["ALC10000050S",null,null,null,"외벽 패널 설치(트러스 설치 / 천장 및 지붕)","1 ~ 3층","10M2",0,0,0,0,0,0,0,0,0,null,null,null,null,"",1]
["ALC10000050S","노무","L001010101000012",null,"용접공","일반공사 직종","인",1.56,0,0,267021,416552.7,0,0,267021,416552.7,null,null,"N","N","",1]
[null,null,null,null,"[합 계]",null,null,0,0,18527,0,617581,0,0,0,636108,null,null,null,null,"",1]
["ALC10000060S","노무","L001010101000009",null,"철공","일반공사 직종","인",0.47,0,0,233754,109864.3,0,0,233754,109864.3,null,null,"N","N","",1]
[null,null,null,null,"[합 계]",null,null,0,0,4736,0,157872,0,0,0,162608,null,null,null,null,"",1]
["ALC10000070S","노무","L001010501000117",null,"코킹공","기타 직종","인",0.15,0,0,200603,30090.400000000001,0,0,200603,30090.400000000001,null,null,"N","N","",1]
["ALE00000010S",null,null,null,"셔터설치(장치포함)","셔터면적 5㎡ 미만","개소",0,0,0,0,0,0,0,0,0,null,null,null,null,"",1]
["ALE00000010S","손료","RENT000000000001",null,"공구손료","인력품의 2%","식",1,14282.7,14282.7,0,0,0,0,14282.7,14282.7,null,null,"N","N",2,1]
["ALE00000020S",null,null,null,"셔터설치(장치포함)","셔터면적  5 ~ 10㎡ 미만","개소",0,0,0,0,0,0,0,0,0,null,null,null,null,"",1]
["ALE00000020S","노무","L001010101000024",null,"창호공","일반공사 직종","인",2.94,0,0,248238,729819.7,0,0,248238,729819.7,null,null,"N","N","",1]
[null,null,null,null,"[합 계]",null,null,0,0,17874,0,893709,0,0,0,911583,null,null,null,null,"",1]
["ALE00000030S","노무","L001010101000002",null,"보통인부","일반공사 직종","인",1.19,0,0,165545,196998.5,0,0,165545,196998.5,null,null,"N","N","",1]
[null,null,null,null,"[합 계]",null,null,0,0,21465,0,1073278,0,0,0,1094743,null,null,null,null,"",1]
["ALE00000040S","노무","L001010101000024",null,"창호공","일반공사 직종","인",4.12,0,0,248238,1022740.5,0,0,248238,1022740.5,null,null,"N","N","",1]
[null,null,null,null,null,null,null,0,0,0,0,0,0,0,0,0,null,null,null,null,"",1]
["ALE00000050S","노무","L001010101000002",null,"보통인부","일반공사 직종","인",1.58,0,0,165545,261561.1,0,0,165545,261561.1,null,null,"N","N","",1]
[null,null,null,null,null,null,null,0,0,0,0,0,0,0,0,0,null,null,null,null,"",1]
["ALF13100010S",null,null,null,"도어록 설치 / 일반도어록 목재창호","재료비 별도","10개소",0,0,0,0,0,0,0,0,0,null,null,null,null,"",1]
[null,null,null,null,"[합 계]",null,null,0,0,3078,0,76953,0,0,0,80031,null,null,null,null,"",1]
["ALF13100020S","손료","RENT000000000001",null,"공구손료","인력품의 2%","식",1,1191.5,1191.5,0,0,0,0,1191.5,1191.5,null,null,"N","N",2,1]
[null,null,null,null,null,null,null,0,0,0,0,0,0,0,0,0,null,null,null,null,"",1]
["ALF13100030S","손료","RENT000000000001",null,"공구손료","인력품의 2%","식",1,2134.8000000000002,2134.8000000000002,0,0,0,0,2134.8000000000002,2134.8000000000002,null,null,"N","N",2,1]
["ALF16000010S","노무","L001010101000024",null,"창호공","일반공사 직종","인",0.62,0,0,248238,153907.5,0,0,248238,153907.5,null,null,"N","N","",1]
[null,null,null,null,"[합 계]",null,null,0,0,4104,0,205226,0,0,0,209330,null,null,null,null,"",1]
["ALF21000010S","노무","L001010101000024",null,"창호공","일반공사 직종","인",0.96,0,0,248238,238308.4,0,0,248238,238308.4,null,null,"N","N","",1]
["ALF21000010S","노무","L001010101000002",null,"보통인부","일반공사 직종","인",0.48,0,0,165545,79461.600000000006,0,0,165545,79461.600000000006,null,null,"N","N","",1]
[null,null,null,null,null,null,null,0,0,0,0,0,0,0,0,0,null,null,null,null,"",1]
[null,null,null,null,"[합 계]",null,null,0,0,0,0,19651,0,0,0,19651,null,null,null,null,"",1]
["ALG00000020S",null,null,null,"창호유리설치 / 판유리","유리두께 5mm 이하","M2",0,0,0,0,0,0,0,0,0,null,null,null,null,"",1]
[null,null,null,null,"[합 계]",null,null,0,0,0,0,22706,0,0,0,22706,null,null,null,null,"",1]
["ALG00000030S","노무","L001010101000002",null,"보통인부","일반공사 직종","인",1.4999999999999999E-2,0,0,165545,2483.1,0,0,165545,2483.1,null,null,"N","N","",1]
["ALG00000040S",null,null,null,"창호유리설치 / 판유리","유리두께 12mm 이하","M2",0,0,0,0,0,0,0,0,0,null,null,null,null,"",1]
["ALG00000040S","노무","L001010101000025",null,"유리공","일반공사 직종","인",0.124,0,0,247643,30707.7,0,0,247643,30707.7,null,null,"N","N","",1]
[null,null,null,null,null,null,null,0,0,0,0,0,0,0,0,0,null,null,null,null,"",1]
["ALH00100010S","노무","L001010101000002",null,"보통인부","일반공사 직종","인",1.6E-2,0,0,165545,2648.7,0,0,165545,2648.7,null,null,"N","N","",1]
["ALH00100020S","노무","L001010101000025",null,"유리공","일반공사 직종","인",0.12,0,0,247643,29717.1,0,0,247643,29717.1,null,null,"N","N","",1]
[null,null,null,null,"[합 계]",null,null,0,0,0,0,33028,0,0,0,33028,null,null,null,null,"",1]
["ALH00200010S","노무","L001010101000025",null,"유리공","일반공사 직종","인",0.113,0,0,247643,27983.599999999999,0,0,247643,27983.599999999999,null,null,"N","N","",1]
["ALH00200020S",null,null,null,"커튼월유리 설치","유리두께 16mm 이하","M2",0,0,0,0,0,0,0,0,0,null,null,null,null,"",1]
[null,null,null,null,"[합 계]",null,null,0,0,0,0,35917,0,0,0,35917,null,null,null,null,"",1]
[null,null,null,null,null,null,null,0,0,0,0,0,0,0,0,0,null,null,null,null,"",1]
["ALH00300010S","노무","L001010101000002",null,"보통인부","일반공사 직종","인",1.7999999999999999E-2,0,0,165545,2979.8,0,0,165545,2979.8,null,null,"N","N","",1]
["ALH00300020S",null,null,null,"커튼월유리 설치","유리두께 18mm 이하","M2",0,0,0,0,0,0,0,0,0,null,null,null,null,"",1]
[null,null,null,null,null,null,null,0,0,0,0,0,0,0,0,0,null,null,null,null,"",1]
["ALH00400010S","노무","L001010101000025",null,"유리공","일반공사 직종","인",0.12,0,0,247643,29717.1,0,0,247643,29717.1,null,null,"N","N","",1]
[null,null,null,null,null,null,null,0,0,0,0,0,0,0,0,0,null,null,null,null,"",1]
[null,null,null,null,"[합 계]",null,null,0,0,0,0,38229,0,0,0,38229,null,null,null,null,"",1]
["ALH00500010S","노무","L001010101000025",null,"유리공","일반공사 직종","인",0.124,0,0,247643,30707.7,0,0,247643,30707.7,null,null,"N","N","",1]
["ALH00500010S","노무","L001010101000002",null,"보통인부","일반공사 직종","인",0.02,0,0,165545,3310.9,0,0,165545,3310.9,null,null,"N","N","",1]
["ALH00500020S",null,null,null,"커튼월유리 설치","유리두께 24mm 이하","M2",0,0,0,0,0,0,0,0,0,null,null,null,null,"",1]
[null,null,null,null,"[합 계]",null,null,0,0,0,0,39881,0,0,0,39881,null,null,null,null,"",1]
["ALH00600010S","노무","L001010101000002",null,"보통인부","일반공사 직종","인",2.1000000000000001E-2,0,0,165545,3476.4,0,0,165545,3476.4,null,null,"N","N","",1]
[null,null,null,null,null,null,null,0,0,0,0,0,0,0,0,0,null,null,null,null,"",1]
[null,null,null,null,"[합 계]",null,null,0,0,0,0,42523,0,0,0,42523,null,null,null,null,"",1]
["AMA11200010S","노무","L001010101000028",null,"타일공","일반공사 직종","인",0.155,0,0,274325,42520.3,0,0,274325,42520.3,null,null,"N","N","",1]
[null,null,null,null,"[합 계]",null,null,0,0,1583,0,52784,0,0,0,54367,null,null,null,null,"",1]
[null,null,null,null,null,null,null,0,0,0,0,0,0,0,0,0,null,null,null,null,"",1]
["AMA11200020S","노무","L001010101000002",null,"보통인부","일반공사 직종","인",6.2E-2,0,0,165545,10263.700000000001,0,0,165545,10263.700000000001,null,null,"N","N","",1]
[null,null,null,null,"[합 계]",null,null,0,0,1583,0,65980,0,0,0,67563,null,null,null,null,"",1]
["AMA11200040S","노무","L001010101000002",null,"보통인부","일반공사 직종","인",5.7000000000000002E-2,0,0,165545,9436,0,0,165545,9436,null,null,"N","N","",1]
[null,null,null,null,"[합 계]",null,null,0,0,1418,0,47292,0,0,0,48710,null,null,null,null,"",1]
["AMA11200060S","노무","L001010101000002",null,"보통인부","일반공사 직종","인",5.7000000000000002E-2,0,0,165545,9436,0,0,165545,9436,null,null,"N","N","",1]
[null,null,null,null,"[합 계]",null,null,0,0,1418,0,59116,0,0,0,60534,null,null,null,null,"",1]
["AMA11200070S","노무","L001010101000028",null,"타일공","일반공사 직종","인",0.126,0,0,274325,34564.9,0,0,274325,34564.9,null,null,"N","N","",1]
["AMA11200070S","노무","L001010101000002",null,"보통인부","일반공사 직종","인",5.5E-2,0,0,165545,9104.9,0,0,165545,9104.9,null,null,"N","N","",1]
[null,null,null,null,null,null,null,0,0,0,0,0,0,0,0,0,null,null,null,null,"",1]
["AMA11200080S","손료","RENT000000000001",null,"공구손료","인력품의 3%","식",1,1310,1310,0,0,0,0,1310,1310,null,null,"N","N",3,1]
[null,null,null,null,null,null,null,0,0,0,0,0,0,0,0,0,null,null,null,null,"",1]
["AMA11200100S","노무","L001010101000028",null,"타일공","일반공사 직종","인",0.152,0,0,274325,41697.4,0,0,274325,41697.4,null,null,"N","N","",1]
[null,null,null,null,null,null,null,0,0,0,0,0,0,0,0,0,null,null,null,null,"",1]
["AMA11200110S","노무","L001010101000002",null,"보통인부","일반공사 직종","인",0.04,0,0,165545,6621.8,0,0,165545,6621.8,null,null,"N","N","",1]
[null,null,null,null,"[합 계]",null,null,0,0,1449,0,60399,0,0,0,61848,null,null,null,null,"",1]
[null,null,null,null,null,null,null,0,0,0,0,0,0,0,0,0,null,null,null,null,"",1]
["AMA11200120S","노무","L001010101000002",null,"보통인부","일반공사 직종","인",3.6999999999999998E-2,0,0,165545,6125.1,0,0,165545,6125.1,null,null,"N","N","",1]
["AMA11200130S",null,null,null,"타일 붙임 / 압착 붙이기 - 모자이크(유니트형)","벽면, 타일규격 0.11 ~ 0.20㎡ 이하","㎡",0,0,0,0,0,0,0,0,0,null,null,null,null,"",1]
["AMA11200130S","손료","RENT000000000001",null,"공구손료","인력품의 3%","식",1,1294.7,1294.7,0,0,0,0,1294.7,1294.7,null,null,"N","N",3,1]
[null,null,null,null,"[합 계]",null,null,0,0,1294,0,53948,0,0,0,55242,null,null,null,null,"",1]
["AMA11200140S","노무","L001010101000002",null,"보통인부","일반공사 직종","인",3.5999999999999997E-2,0,0,165545,5959.6,0,0,165545,5959.6,null,null,"N","N","",1]
[null,null,null,null,null,null,null,0,0,0,0,0,0,0,0,0,null,null,null,null,"",1]
["AMA11200150S","노무","L001010101000002",null,"보통인부","일반공사 직종","인",3.5999999999999997E-2,0,0,165545,5959.6,0,0,165545,5959.6,null,null,"N","N","",1]
["AMA11200150S","손료","RENT000000000001",null,"공구손료","인력품의 3%","식",1,1191,1191,0,0,0,0,1191,1191,null,null,"N","N",3,1]
[null,null,null,null,null,null,null,0,0,0,0,0,0,0,0,0,null,null,null,null,"",1]
["AMA12000010S","손료","RENT000000000001",null,"공구손료","인력품의 3%","식",1,848.6,848.6,0,0,0,0,848.6,848.6,null,null,"N","N",3,1]
["AMA12000020S",null,null,null,"타일 붙임 / 접착 붙이기","타일규격 0.11 ~ 0.20㎡ 이하","㎡",0,0,0,0,0,0,0,0,0,null,null,null,null,"",1]
["AMA12000020S","노무","L001010101000002",null,"보통인부","일반공사 직종","인",3.4000000000000002E-2,0,0,165545,5628.5,0,0,165545,5628.5,null,null,"N","N","",1]
["AMA12000030S",null,null,null,"타일 붙임 / 접착 붙이기","타일규격  0.21 ~ 0.40㎡ 이하","㎡",0,0,0,0,0,0,0,0,0,null,null,null,null,"",1]
["AMA12000030S","손료","RENT000000000001",null,"공구손료","인력품의 3%","식",1,756.4,756.4,0,0,0,0,756.4,756.4,null,null,"N","N",3,1]
[null,null,null,null,"[합 계]",null,null,0,0,756,0,25214,0,0,0,25970,null,null,null,null,"",1]
["AMA12000040S","노무","L001010101000028",null,"타일공","일반공사 직종","인",8.2000000000000003E-2,0,0,274325,22494.6,0,0,274325,22494.6,null,null,"N","N","",1]
["AMA12000040S","손료","RENT000000000002",null,"노임할증","인력품의 25%","식",1,0,0,7072.1,7072.1,0,0,7072.1,7072.1,null,null,"N","N",25,1]
["AMA12000050S","노무","L001010101000028",null,"타일공","일반공사 직종","인",7.5999999999999998E-2,0,0,274325,20848.7,0,0,274325,20848.7,null,null,"N","N","",1]
["AMA12000050S","손료","RENT000000000002",null,"노임할증","인력품의 25%","식",1,0,0,6619.3,6619.3,0,0,6619.3,6619.3,null,null,"N","N",25,1]
[null,null,null,null,null,null,null,0,0,0,0,0,0,0,0,0,null,null,null,null,"",1]
["AMA12000060S","손료","RENT000000000001",null,"공구손료","인력품의 3%","식",1,756.4,756.4,0,0,0,0,756.4,756.4,null,null,"N","N",3,1]
[null,null,null,null,null,null,null,0,0,0,0,0,0,0,0,0,null,null,null,null,"",1]
["AMA19000010S",null,null,null,"타일줄눈 설치 / 벽면","타일규격  0.04 ~ 0.10㎡ 이하","㎡",0,0,0,0,0,0,0,0,0,null,null,null,null,"",1]
[null,null,null,null,null,null,null,0,0,0,0,0,0,0,0,0,null,null,null,null,"",1]
[null,null,null,null,"[합 계]",null,null,0,0,0,0,3321,0,0,0,3321,null,null,null,null,"",1]
[null,null,null,null,"[합 계]",null,null,0,0,0,0,2930,0,0,0,2930,null,null,null,null,"",1]
["AMA19000040S","노무","L001010101000034",null,"줄눈공","일반공사 직종","인",1.6E-2,0,0,195370,3125.9,0,0,195370,3125.9,null,null,"N","N","",1]
[null,null,null,null,null,null,null,0,0,0,0,0,0,0,0,0,null,null,null,null,"",1]
[null,null,null,null,null,null,null,0,0,0,0,0,0,0,0,0,null,null,null,null,"",1]
[null,null,null,null,"[합 계]",null,null,0,0,0,0,2149,0,0,0,2149,null,null,null,null,"",1]
[null,null,null,null,null,null,null,0,0,0,0,0,0,0,0,0,null,null,null,null,"",1]
["AMA31200010S","노무","L001010101000002",null,"보통인부","일반공사 직종","인",3.2000000000000001E-2,0,0,165545,5297.4,0,0,165545,5297.4,null,null,"N","N","",1]
[null,null,null,null,null,null,null,0,0,0,0,0,0,0,0,0,null,null,null,null,"",1]
["AMA31200020S","손료","RENT000000000001",null,"공구손료","인력품의 3%","식",1,1162.9000000000001,1162.9000000000001,0,0,0,0,1162.9000000000001,1162.9000000000001,null,null,"N","N",3,1]
[null,null,null,null,null,null,null,0,0,0,0,0,0,0,0,0,null,null,null,null,"",1]
["AMA31200030S","노무","L001010101000002",null,"보통인부","일반공사 직종","인",2.9000000000000001E-2,0,0,165545,4800.8,0,0,165545,4800.8,null,null,"N","N","",1]
[null,null,null,null,null,null,null,0,0,0,0,0,0,0,0,0,null,null,null,null,"",1]
["AMA31200040S","노무","L001010101000002",null,"보통인부","일반공사 직종","인",2.9000000000000001E-2,0,0,165545,4800.8,0,0,165545,4800.8,null,null,"N","N","",1]
["AMA31200040S","손료","RENT000000000001",null,"공구손료","인력품의 3%","식",1,1032.8,1032.8,0,0,0,0,1032.8,1032.8,null,null,"N","N",3,1]
[null,null,null,null,null,null,null,0,0,0,0,0,0,0,0,0,null,null,null,null,"",1]
["AMA31200050S","노무","L001010101000002",null,"보통인부","일반공사 직종","인",2.8000000000000001E-2,0,0,165545,4635.2,0,0,165545,4635.2,null,null,"N","N","",1]
["AMA31200060S",null,null,null,"타일 붙임 / 압착 붙이기 - 모자이크(유니트형)","바닥면, 타일규격  0.21 ~ 0.40㎡ 이하","㎡",0,0,0,0,0,0,0,0,0,null,null,null,null,"",1]
["AMA31200060S","손료","RENT000000000001",null,"공구손료","인력품의 3%","식",1,945.5,945.5,0,0,0,0,945.5,945.5,null,null,"N","N",3,1]
[null,null,null,null,null,null,null,0,0,0,0,0,0,0,0,0,null,null,null,null,"",1]
["AMB12100010S","노무","L001010101000002",null,"보통인부","일반공사 직종","인",0.16,0,0,165545,26487.200000000001,0,0,165545,26487.200000000001,null,null,"N","N","",1]
[null,null,null,null,null,null,null,0,0,0,0,0,0,0,0,0,null,null,null,null,"",1]
["AMB12300010S",null,null,null,"석재판 붙임(습식공법, 테라조판)","계단부, 자재 별도","M2",0,0,0,0,0,0,0,0,0,null,null,null,null,"",1]
["AMB12300010S","손료","RENT000000000001",null,"공구손료","인력품의 1%","식",1,966.1,966.1,0,0,0,0,966.1,966.1,null,null,"N","N",1,1]
["AMB30100010S","노무","L001010101000033",null,"석공","일반공사 직종","인",0.31,0,0,258935,80269.8,0,0,258935,80269.8,null,null,"N","N","",1]
[null,null,null,null,"[합 계]",null,null,0,0,1034,0,103446,0,0,0,104480,null,null,null,null,"",1]
["AMB30300010S","노무","L001010101000033",null,"석공","일반공사 직종","인",0.26,0,0,258935,67323.100000000006,0,0,258935,67323.100000000006,null,null,"N","N","",1]
[null,null,null,null,"[합 계]",null,null,0,0,871,0,87188,0,0,0,88059,null,null,null,null,"",1]
["AMB60400010S","노무","L001010101000033",null,"석공","일반공사 직종","인",0.35,0,0,258935,90627.199999999997,0,0,258935,90627.199999999997,null,null,"N","N","",1]
[null,null,null,null,"[합 계]",null,null,0,0,3563,0,118769,0,0,0,122332,null,null,null,null,"",1]
[null,null,null,null,null,null,null,0,0,0,0,0,0,0,0,0,null,null,null,null,"",1]
["AMB60400020S","노무","L001010101000002",null,"보통인부","일반공사 직종","인",0.15,0,0,165545,24831.7,0,0,165545,24831.7,null,null,"N","N","",1]
["AMB60400030S",null,null,null,"강재트러스지지공법(강재트러스 설치)","석재판 규격 0.3m2 이하","M2",0,0,0,0,0,0,0,0,0,null,null,null,null,"",1]
["AMB60400030S","손료","RENT000000000001",null,"공구손료","인력품의 3%","식",1,2093,2093,0,0,0,0,2093,2093,null,null,"N","N",3,1]
["AMB60400040S",null,null,null,"강재트러스지지공법(석재판 붙임)","석재판 규격 0.3m2 이하","M2",0,0,0,0,0,0,0,0,0,null,null,null,null,"",1]
["AMB60400040S","손료","RENT000000000001",null,"공구손료","인력품의 3%","식",1,2736.6,2736.6,0,0,0,0,2736.6,2736.6,null,null,"N","N",3,1]
["AMB60400050S",null,null,null,"강재트러스지지공법(강재트러스 설치)","석재판 규격 0.3m2 초과~0.8m2 이하","M2",0,0,0,0,0,0,0,0,0,null,null,null,null,"",1]
["AMB60400050S","손료","RENT000000000001",null,"공구손료","인력품의 3%","식",1,1862.6,1862.6,0,0,0,0,1862.6,1862.6,null,null,"N","N",3,1]
[null,null,null,null,"[합 계]",null,null,0,0,1862,0,62088,0,0,0,63950,null,null,null,null,"",1]
["AMB60400060S","노무","L001010101000033",null,"석공","일반공사 직종","인",0.23,0,0,258935,59555,0,0,258935,59555,null,null,"N","N","",1]
[null,null,null,null,null,null,null,0,0,0,0,0,0,0,0,0,null,null,null,null,"",1]
["AMB60400070S","일위대가","AMB60400040S",null,"강재트러스지지공법(석재판 붙임)","석재판 규격 0.3m2 이하","M2",1,2736,2736,91220,91220,0,0,93956,93956,null,null,"N","N","",1]
["AMB60400080S",null,null,null,"석재판붙임(강재TRUSS 시공비, 줄눈포함)","석재판 규격 0.3m2 초과~0.8m2 이하","M2",0,0,0,0,0,0,0,0,0,null,null,null,null,"",1]
[null,null,null,null,"[합 계]",null,null,0,0,4393,0,146474,0,0,0,150867,null,null,null,null,"",1]
["ANA00000010S","노무","L001010101000029",null,"도장공","일반공사 직종","인",1.4999999999999999E-2,0,0,250776,3761.6,0,0,250776,3761.6,null,null,"N","N","",1]
["ANA00000010S","노무","L001010101000002",null,"보통인부","일반공사 직종","인",3.0000000000000001E-3,0,0,165545,496.6,0,0,165545,496.6,null,null,"N","N","",1]
[null,null,null,null,null,null,null,0,0,0,0,0,0,0,0,0,null,null,null,null,"",1]
["ANA00000020S","노무","L001010101000002",null,"보통인부","일반공사 직종","인",3.0000000000000001E-3,0,0,165545,496.6,0,0,165545,496.6,null,null,"N","N","",1]
[null,null,null,null,"[합 계]",null,null,0,0,170,0,8516,0,0,0,8686,null,null,null,null,"",1]
["ANA00000030S","노무","L001010101000029",null,"도장공","일반공사 직종","인",1.4999999999999999E-2,0,0,250776,3761.6,0,0,250776,3761.6,null,null,"N","N","",1]
["ANA00000030S","노무","L001010101000002",null,"보통인부","일반공사 직종","인",3.0000000000000001E-3,0,0,165545,496.6,0,0,165545,496.6,null,null,"N","N","",1]
["ANA00000030S","손료","RENT000000000001",null,"공구손료","노무비의 2%","식",1,255.4,255.4,0,0,0,0,255.4,255.4,null,null,"N","N",2,1]
["ANA00000040S",null,null,null,"녹막이 페인트칠","철재면, 천장, 1회","M2",0,0,0,0,0,0,0,0,0,null,null,null,null,"",1]
["ANA00000040S","노무","L001010101000029",null,"도장공","일반공사 직종","인",1.4999999999999999E-2,0,0,250776,3761.6,0,0,250776,3761.6,null,null,"N","N","",1]
["ANA00000040S","손료","RENT000000000002",null,"공구손료","노무비의 2%","식",1,102.1,102.1,0,0,0,0,102.1,102.1,null,null,"N","N",2,1]
["ANA00000050S",null,null,null,"녹막이 페인트칠","철재면, 천장, 2회","M2",0,0,0,0,0,0,0,0,0,null,null,null,null,"",1]
["ANA00000050S","노무","L001010101000002",null,"보통인부","일반공사 직종","인",3.0000000000000001E-3,0,0,165545,496.6,0,0,165545,496.6,null,null,"N","N","",1]
[null,null,null,null,"[합 계]",null,null,0,0,170,0,10219,0,0,0,10389,null,null,null,null,"",1]
["ANA00000060S","노무","L001010101000029",null,"도장공","일반공사 직종","인",1.4999999999999999E-2,0,0,250776,3761.6,0,0,250776,3761.6,null,null,"N","N","",1]
["ANA00000060S","노무","L001010101000002",null,"보통인부","일반공사 직종","인",3.0000000000000001E-3,0,0,165545,496.6,0,0,165545,496.6,null,null,"N","N","",1]
["ANA00000060S","손료","RENT000000000001",null,"노임할증","인력품의 20%","식",1,0,0,2554.9,2554.9,0,0,2554.9,2554.9,null,null,"N","N",20,1]
["ANA00000060S","손료","RENT000000000002",null,"공구손료","노무비의 2%","식",1,255.4,255.4,0,0,0,0,255.4,255.4,null,null,"N","N",2,1]
["ANB11200010S",null,null,null,"유성페인트 붓칠","철재면, 1회","M2",0,0,0,0,0,0,0,0,0,null,null,null,null,"",1]
["ANB11200010S","손료","RENT000000000001",null,"공구손료","노무비의 2%","식",1,113.5,113.5,0,0,0,0,113.5,113.5,null,null,"N","N",2,1]
["ANB11200020S","노무","L001010101000029",null,"도장공","일반공사 직종","인",0.02,0,0,250776,5015.5,0,0,250776,5015.5,null,null,"N","N","",1]
["ANB11200020S","노무","L001010101000002",null,"보통인부","일반공사 직종","인",4.0000000000000001E-3,0,0,165545,662.1,0,0,165545,662.1,null,null,"N","N","",1]
[null,null,null,null,null,null,null,0,0,0,0,0,0,0,0,0,null,null,null,null,"",1]
["ANB11200030S","노무","L001010101000002",null,"보통인부","일반공사 직종","인",4.0000000000000001E-3,0,0,165545,662.1,0,0,165545,662.1,null,null,"N","N","",1]
["ANB11200030S","노무","L001010101000029",null,"도장공","일반공사 직종","인",0.02,0,0,250776,5015.5,0,0,250776,5015.5,null,null,"N","N","",1]
["ANB11200030S","노무","L001010101000002",null,"보통인부","일반공사 직종","인",4.0000000000000001E-3,0,0,165545,662.1,0,0,165545,662.1,null,null,"N","N","",1]
[null,null,null,null,null,null,null,0,0,0,0,0,0,0,0,0,null,null,null,null,"",1]
["ANB11200040S","노무","L001010101000002",null,"보통인부","일반공사 직종","인",2E-3,0,0,165545,331,0,0,165545,331,null,null,"N","N","",1]
["ANB11200050S",null,null,null,"유성페인트 롤러칠","철재면, 2회","M2",0,0,0,0,0,0,0,0,0,null,null,null,null,"",1]
["ANB11200050S","노무","L001010101000002",null,"보통인부","일반공사 직종","인",2E-3,0,0,165545,331,0,0,165545,331,null,null,"N","N","",1]
[null,null,null,null,"[합 계]",null,null,0,0,123,0,6179,0,0,0,6302,null,null,null,null,"",1]
["ANB11200060S","노무","L001010101000029",null,"도장공","일반공사 직종","인",1.0999999999999999E-2,0,0,250776,2758.5,0,0,250776,2758.5,null,null,"N","N","",1]
["ANB11200060S","노무","L001010101000002",null,"보통인부","일반공사 직종","인",2E-3,0,0,165545,331,0,0,165545,331,null,null,"N","N","",1]
["ANB11200060S","노무","L001010101000029",null,"도장공","일반공사 직종","인",1.0999999999999999E-2,0,0,250776,2758.5,0,0,250776,2758.5,null,null,"N","N","",1]
[null,null,null,null,"[합 계]",null,null,0,0,185,0,9268,0,0,0,9453,null,null,null,null,"",1]
["ANB11300010S","노무","L001010101000002",null,"보통인부","일반공사 직종","인",4.0000000000000001E-3,0,0,165545,662.1,0,0,165545,662.1,null,null,"N","N","",1]
[null,null,null,null,"[합 계]",null,null,0,0,113,0,6813,0,0,0,6926,null,null,null,null,"",1]
["ANB11300020S",null,null,null,"유성페인트 붓칠","철재면, 천장, 2회","M2",0,0,0,0,0,0,0,0,0,null,null,null,null,"",1]
["ANB11300020S","노무","L001010101000002",null,"보통인부","일반공사 직종","인",4.0000000000000001E-3,0,0,165545,662.1,0,0,165545,662.1,null,null,"N","N","",1]
[null,null,null,null,"[합 계]",null,null,0,0,227,0,13626,0,0,0,13853,null,null,null,null,"",1]
["ANB11300030S","노무","L001010101000029",null,"도장공","일반공사 직종","인",0.02,0,0,250776,5015.5,0,0,250776,5015.5,null,null,"N","N","",1]
["ANB11300030S","노무","L001010101000002",null,"보통인부","일반공사 직종","인",4.0000000000000001E-3,0,0,165545,662.1,0,0,165545,662.1,null,null,"N","N","",1]
["ANB11300030S","노무","L001010101000029",null,"도장공","일반공사 직종","인",0.02,0,0,250776,5015.5,0,0,250776,5015.5,null,null,"N","N","",1]
[null,null,null,null,"[합 계]",null,null,0,0,340,0,20439,0,0,0,20779,null,null,null,null,"",1]
["ANB11300040S","노무","L001010101000029",null,"도장공","일반공사 직종","인",1.0999999999999999E-2,0,0,250776,2758.5,0,0,250776,2758.5,null,null,"N","N","",1]
["ANB11300040S","손료","RENT000000000001",null,"노임할증","인력품의 20%","식",1,0,0,617.9,617.9,0,0,617.9,617.9,null,null,"N","N",20,1]
["ANB11300050S",null,null,null,"유성페인트 롤러칠","철재면, 천장, 2회","M2",0,0,0,0,0,0,0,0,0,null,null,null,null,"",1]
["ANB11300050S","노무","L001010101000029",null,"도장공","일반공사 직종","인",1.0999999999999999E-2,0,0,250776,2758.5,0,0,250776,2758.5,null,null,"N","N","",1]
["ANB11300050S","손료","RENT000000000002",null,"공구손료","노무비의 2%","식",1,123.5,123.5,0,0,0,0,123.5,123.5,null,null,"N","N",2,1]
[null,null,null,null,"[합 계]",null,null,0,0,123,0,7414,0,0,0,7537,null,null,null,null,"",1]
["ANB11300060S","노무","L001010101000029",null,"도장공","일반공사 직종","인",1.0999999999999999E-2,0,0,250776,2758.5,0,0,250776,2758.5,null,null,"N","N","",1]
["ANB11300060S","노무","L001010101000029",null,"도장공","일반공사 직종","인",1.0999999999999999E-2,0,0,250776,2758.5,0,0,250776,2758.5,null,null,"N","N","",1]
["ANB11300060S","손료","RENT000000000002",null,"공구손료","노무비의 2%","식",1,185.3,185.3,0,0,0,0,185.3,185.3,null,null,"N","N",2,1]
[null,null,null,null,null,null,null,0,0,0,0,0,0,0,0,0,null,null,null,null,"",1]
["ANB13200010S","손료","RENT000000000001",null,"공구손료","노무비의 2%","식",1,133.6,133.6,0,0,0,0,133.6,133.6,null,null,"N","N",2,1]
["ANB13200020S",null,null,null,"유성페인트 붓칠","con_c·mortar면, G.B.면, 2회","M2",0,0,0,0,0,0,0,0,0,null,null,null,null,"",1]
["ANB13200020S","노무","L001010101000029",null,"도장공","일반공사 직종","인",2.4E-2,0,0,250776,6018.6,0,0,250776,6018.6,null,null,"N","N","",1]
["ANB13200020S","노무","L001010101000002",null,"보통인부","일반공사 직종","인",4.0000000000000001E-3,0,0,165545,662.1,0,0,165545,662.1,null,null,"N","N","",1]
[null,null,null,null,null,null,null,0,0,0,0,0,0,0,0,0,null,null,null,null,"",1]
["ANB13200030S","노무","L001010101000029",null,"도장공","일반공사 직종","인",2.4E-2,0,0,250776,6018.6,0,0,250776,6018.6,null,null,"N","N","",1]
["ANB13200030S","노무","L001010101000002",null,"보통인부","일반공사 직종","인",4.0000000000000001E-3,0,0,165545,662.1,0,0,165545,662.1,null,null,"N","N","",1]
[null,null,null,null,"[합 계]",null,null,0,0,400,0,20042,0,0,0,20442,null,null,null,null,"",1]
["ANB13200040S","노무","L001010101000002",null,"보통인부","일반공사 직종","인",3.0000000000000001E-3,0,0,165545,496.6,0,0,165545,496.6,null,null,"N","N","",1]
[null,null,null,null,null,null,null,0,0,0,0,0,0,0,0,0,null,null,null,null,"",1]
["ANB13200050S",null,null,null,"유성페인트 롤러칠","con_c·mortar면, G.B.면, 2회","M2",0,0,0,0,0,0,0,0,0,null,null,null,null,"",1]
["ANB13200050S","노무","L001010101000029",null,"도장공","일반공사 직종","인",1.2999999999999999E-2,0,0,250776,3260,0,0,250776,3260,null,null,"N","N","",1]
[null,null,null,null,"[합 계]",null,null,0,0,150,0,7513,0,0,0,7663,null,null,null,null,"",1]
["ANB13200060S","노무","L001010101000002",null,"보통인부","일반공사 직종","인",3.0000000000000001E-3,0,0,165545,496.6,0,0,165545,496.6,null,null,"N","N","",1]
["ANB13200060S","노무","L001010101000029",null,"도장공","일반공사 직종","인",1.2999999999999999E-2,0,0,250776,3260,0,0,250776,3260,null,null,"N","N","",1]
["ANB13200060S","손료","RENT000000000001",null,"공구손료","노무비의 2%","식",1,225.3,225.3,0,0,0,0,225.3,225.3,null,null,"N","N",2,1]
["ANB13300010S","노무","L001010101000029",null,"도장공","일반공사 직종","인",2.4E-2,0,0,250776,6018.6,0,0,250776,6018.6,null,null,"N","N","",1]
["ANB13300010S","손료","RENT000000000002",null,"공구손료","노무비의 2%","식",1,133.6,133.6,0,0,0,0,133.6,133.6,null,null,"N","N",2,1]
[null,null,null,null,"[합 계]",null,null,0,0,133,0,8016,0,0,0,8149,null,null,null,null,"",1]
["ANB13300020S","노무","L001010101000029",null,"도장공","일반공사 직종","인",2.4E-2,0,0,250776,6018.6,0,0,250776,6018.6,null,null,"N","N","",1]
["ANB13300020S","노무","L001010101000002",null,"보통인부","일반공사 직종","인",4.0000000000000001E-3,0,0,165545,662.1,0,0,165545,662.1,null,null,"N","N","",1]
[null,null,null,null,null,null,null,0,0,0,0,0,0,0,0,0,null,null,null,null,"",1]
["ANB13300030S","노무","L001010101000002",null,"보통인부","일반공사 직종","인",4.0000000000000001E-3,0,0,165545,662.1,0,0,165545,662.1,null,null,"N","N","",1]
["ANB13300030S","노무","L001010101000002",null,"보통인부","일반공사 직종","인",4.0000000000000001E-3,0,0,165545,662.1,0,0,165545,662.1,null,null,"N","N","",1]
["ANB13300030S","손료","RENT000000000002",null,"공구손료","노무비의 2%","식",1,400.8,400.8,0,0,0,0,400.8,400.8,null,null,"N","N",2,1]
["ANB13300040S",null,null,null,"유성페인트 롤러칠","con_c·mortar면, G.B.면, 천장, 1회","M2",0,0,0,0,0,0,0,0,0,null,null,null,null,"",1]
["ANB13300040S","노무","L001010101000029",null,"도장공","일반공사 직종","인",1.2999999999999999E-2,0,0,250776,3260,0,0,250776,3260,null,null,"N","N","",1]
["ANB13300040S","손료","RENT000000000002",null,"공구손료","노무비의 2%","식",1,75.099999999999994,75.099999999999994,0,0,0,0,75.099999999999994,75.099999999999994,null,null,"N","N",2,1]
["ANB13300050S",null,null,null,"유성페인트 롤러칠","con_c·mortar면, G.B.면, 천장, 2회","M2",0,0,0,0,0,0,0,0,0,null,null,null,null,"",1]
["ANB13300050S","노무","L001010101000002",null,"보통인부","일반공사 직종","인",3.0000000000000001E-3,0,0,165545,496.6,0,0,165545,496.6,null,null,"N","N","",1]
[null,null,null,null,"[합 계]",null,null,0,0,180,0,9015,0,0,0,9195,null,null,null,null,"",1]
["ANB13300060S",null,null,null,"유성페인트 롤러칠","con_c·mortar면, G.B.면, 천장, 3회","M2",0,0,0,0,0,0,0,0,0,null,null,null,null,"",1]
["ANB13300060S","노무","L001010101000002",null,"보통인부","일반공사 직종","인",3.0000000000000001E-3,0,0,165545,496.6,0,0,165545,496.6,null,null,"N","N","",1]
["ANB13300060S","손료","RENT000000000001",null,"노임할증","인력품의 20%","식",1,0,0,2253.9,2253.9,0,0,2253.9,2253.9,null,null,"N","N",20,1]
["ANB13300060S","손료","RENT000000000002",null,"공구손료","노무비의 2%","식",1,225.3,225.3,0,0,0,0,225.3,225.3,null,null,"N","N",2,1]
["ANB31600010S",null,null,null,"걸레받이용 페인트칠","붓칠, 2회, 노무비","M2",0,0,0,0,0,0,0,0,0,null,null,null,null,"",1]
[null,null,null,null,"[합 계]",null,null,0,0,372,0,18622,0,0,0,18994,null,null,null,null,"",1]
["ANC13200010S","노무","L001010101000029",null,"도장공","일반공사 직종","인",2.1999999999999999E-2,0,0,250776,5517,0,0,250776,5517,null,null,"N","N","",1]
[null,null,null,null,"[합 계]",null,null,0,0,123,0,6179,0,0,0,6302,null,null,null,null,"",1]
["ANC13200020S",null,null,null,"수성페인트 붓칠","2회","M2",0,0,0,0,0,0,0,0,0,null,null,null,null,"",1]
["ANC13200020S","노무","L001010101000002",null,"보통인부","일반공사 직종","인",4.0000000000000001E-3,0,0,165545,662.1,0,0,165545,662.1,null,null,"N","N","",1]
[null,null,null,null,null,null,null,0,0,0,0,0,0,0,0,0,null,null,null,null,"",1]
["ANC13200030S",null,null,null,"수성페인트 붓칠","3회","M2",0,0,0,0,0,0,0,0,0,null,null,null,null,"",1]
["ANC13200030S","노무","L001010101000029",null,"도장공","일반공사 직종","인",2.1999999999999999E-2,0,0,250776,5517,0,0,250776,5517,null,null,"N","N","",1]
["ANC13200030S","손료","RENT000000000001",null,"공구손료","노무비의 2%","식",1,370.7,370.7,0,0,0,0,370.7,370.7,null,null,"N","N",2,1]
["ANC13200040S",null,null,null,"수성페인트 롤러칠","1회","M2",0,0,0,0,0,0,0,0,0,null,null,null,null,"",1]
["ANC13200040S","손료","RENT000000000001",null,"공구손료","노무비의 2%","식",1,66.8,66.8,0,0,0,0,66.8,66.8,null,null,"N","N",2,1]
[null,null,null,null,null,null,null,0,0,0,0,0,0,0,0,0,null,null,null,null,"",1]
["ANC13200050S","노무","L001010101000029",null,"도장공","일반공사 직종","인",1.2E-2,0,0,250776,3009.3,0,0,250776,3009.3,null,null,"N","N","",1]
["ANC13200050S","노무","L001010101000002",null,"보통인부","일반공사 직종","인",2E-3,0,0,165545,331,0,0,165545,331,null,null,"N","N","",1]
[null,null,null,null,null,null,null,0,0,0,0,0,0,0,0,0,null,null,null,null,"",1]
["ANC13200060S","노무","L001010101000002",null,"보통인부","일반공사 직종","인",2E-3,0,0,165545,331,0,0,165545,331,null,null,"N","N","",1]
["ANC13200060S","노무","L001010101000002",null,"보통인부","일반공사 직종","인",2E-3,0,0,165545,331,0,0,165545,331,null,null,"N","N","",1]
[null,null,null,null,null,null,null,0,0,0,0,0,0,0,0,0,null,null,null,null,"",1]
["ANC13200070S","노무","L001010101000002",null,"보통인부","일반공사 직종","인",1.2999999999999999E-3,0,0,165545,215.2,0,0,165545,215.2,null,null,"N","N","",1]
[null,null,null,null,"[합 계]",null,null,0,0,107,0,892,0,0,0,999,null,null,null,null,"",1]
["ANC13200080S","노무","L001010101000002",null,"보통인부","일반공사 직종","인",1.2999999999999999E-3,0,0,165545,215.2,0,0,165545,215.2,null,null,"N","N","",1]
["ANC13200080S","노무","L001010101000029",null,"도장공","일반공사 직종","인",2.7000000000000001E-3,0,0,250776,677,0,0,250776,677,null,null,"N","N","",1]
[null,null,null,null,"[합 계]",null,null,0,0,214,0,1784,0,0,0,1998,null,null,null,null,"",1]
["ANC13200090S","노무","L001010101000029",null,"도장공","일반공사 직종","인",2.7E-2,0,0,250776,6770.9,0,0,250776,6770.9,null,null,"N","N","",1]
[null,null,null,null,null,null,null,0,0,0,0,0,0,0,0,0,null,null,null,null,"",1]
["ANC13200100S","노무","L001010101000002",null,"보통인부","일반공사 직종","인",1.2999999999999999E-2,0,0,165545,2152,0,0,165545,2152,null,null,"N","N","",1]
["ANC13200100S","손료","RENT000000000001",null,"공구손료","노무비의 12%","식",1,2141.4,2141.4,0,0,0,0,2141.4,2141.4,null,null,"N","N",12,1]
["ANC13300010S",null,null,null,"수성페인트 붓칠","천장, 1회","M2",0,0,0,0,0,0,0,0,0,null,null,null,null,"",1]
["ANC13300010S","손료","RENT000000000001",null,"노임할증","인력품의 20%","식",1,0,0,1235.8,1235.8,0,0,1235.8,1235.8,null,null,"N","N",20,1]
["ANC13300010S","손료","RENT000000000002",null,"공구손료","노무비의 2%","식",1,123.5,123.5,0,0,0,0,123.5,123.5,null,null,"N","N",2,1]
["ANC13300020S",null,null,null,"수성페인트 붓칠","천장, 2회","M2",0,0,0,0,0,0,0,0,0,null,null,null,null,"",1]
["ANC13300020S","노무","L001010101000029",null,"도장공","일반공사 직종","인",2.1999999999999999E-2,0,0,250776,5517,0,0,250776,5517,null,null,"N","N","",1]
[null,null,null,null,"[합 계]",null,null,0,0,247,0,14829,0,0,0,15076,null,null,null,null,"",1]
["ANC13300030S","노무","L001010101000029",null,"도장공","일반공사 직종","인",2.1999999999999999E-2,0,0,250776,5517,0,0,250776,5517,null,null,"N","N","",1]
["ANC13300030S","노무","L001010101000002",null,"보통인부","일반공사 직종","인",4.0000000000000001E-3,0,0,165545,662.1,0,0,165545,662.1,null,null,"N","N","",1]
["ANC13300030S","손료","RENT000000000001",null,"노임할증","인력품의 20%","식",1,0,0,3707.4,3707.4,0,0,3707.4,3707.4,null,null,"N","N",20,1]
[null,null,null,null,null,null,null,0,0,0,0,0,0,0,0,0,null,null,null,null,"",1]
["ANC13300040S",null,null,null,"수성페인트 롤러칠","천장, 1회","M2",0,0,0,0,0,0,0,0,0,null,null,null,null,"",1]
["ANC13300040S","손료","RENT000000000001",null,"노임할증","인력품의 20%","식",1,0,0,668,668,0,0,668,668,null,null,"N","N",20,1]
[null,null,null,null,null,null,null,0,0,0,0,0,0,0,0,0,null,null,null,null,"",1]
["ANC13300050S","노무","L001010101000029",null,"도장공","일반공사 직종","인",1.2E-2,0,0,250776,3009.3,0,0,250776,3009.3,null,null,"N","N","",1]
["ANC13300050S","손료","RENT000000000002",null,"공구손료","노무비의 2%","식",1,133.6,133.6,0,0,0,0,133.6,133.6,null,null,"N","N",2,1]
["ANC13300060S",null,null,null,"수성페인트 롤러칠","천장, 3회","M2",0,0,0,0,0,0,0,0,0,null,null,null,null,"",1]
["ANC13300060S","노무","L001010101000029",null,"도장공","일반공사 직종","인",1.2E-2,0,0,250776,3009.3,0,0,250776,3009.3,null,null,"N","N","",1]
["ANC13300060S","노무","L001010101000002",null,"보통인부","일반공사 직종","인",2E-3,0,0,165545,331,0,0,165545,331,null,null,"N","N","",1]
["ANC13300060S","손료","RENT000000000001",null,"노임할증","인력품의 20%","식",1,0,0,2004.1,2004.1,0,0,2004.1,2004.1,null,null,"N","N",20,1]
[null,null,null,null,null,null,null,0,0,0,0,0,0,0,0,0,null,null,null,null,"",1]
["ANC13300070S","노무","L001010101000002",null,"보통인부","일반공사 직종","인",1.2999999999999999E-3,0,0,165545,215.2,0,0,165545,215.2,null,null,"N","N","",1]
[null,null,null,null,null,null,null,0,0,0,0,0,0,0,0,0,null,null,null,null,"",1]
["ANC13300080S","노무","L001010101000002",null,"보통인부","일반공사 직종","인",1.2999999999999999E-3,0,0,165545,215.2,0,0,165545,215.2,null,null,"N","N","",1]
["ANC13300080S","손료","RENT000000000001",null,"노임할증","인력품의 20%","식",1,0,0,356.8,356.8,0,0,356.8,356.8,null,null,"N","N",20,1]
[null,null,null,null,null,null,null,0,0,0,0,0,0,0,0,0,null,null,null,null,"",1]
["ANC13300090S","노무","L001010101000002",null,"보통인부","일반공사 직종","인",1.2999999999999999E-2,0,0,165545,2152,0,0,165545,2152,null,null,"N","N","",1]
["ANC13300090S","손료","RENT000000000001",null,"노임할증","인력품의 20%","식",1,0,0,1784.5,1784.5,0,0,1784.5,1784.5,null,null,"N","N",20,1]
[null,null,null,null,null,null,null,0,0,0,0,0,0,0,0,0,null,null,null,null,"",1]
["ANC13300100S","노무","L001010101000029",null,"도장공","일반공사 직종","인",2.7E-2,0,0,250776,6770.9,0,0,250776,6770.9,null,null,"N","N","",1]
["ANC13300100S","손료","RENT000000000002",null,"공구손료","노무비의 12%","식",1,2141.4,2141.4,0,0,0,0,2141.4,2141.4,null,null,"N","N",12,1]
["ANG21200010S",null,null,null,"무늬코트칠","벽(재료비 별도)","M2",0,0,0,0,0,0,0,0,0,null,null,null,null,"",1]
["ANG21200010S","손료","RENT000000000001",null,"공구손료","노무비의 2%","식",1,317.2,317.2,0,0,0,0,317.2,317.2,null,null,"N","N",2,1]
["ANG21300010S",null,null,null,"무늬코트칠","천장(재료비 별도)","M2",0,0,0,0,0,0,0,0,0,null,null,null,null,"",1]
["ANG21300010S","손료","RENT000000000001",null,"노임할증","인력품의 20%","식",1,0,0,3172.8,3172.8,0,0,3172.8,3172.8,null,null,"N","N",20,1]
["ANG21300010S","손료","RENT000000000002",null,"공구손료","노무비의 2%","식",1,317.2,317.2,0,0,0,0,317.2,317.2,null,null,"N","N",2,1]
["ANG30000010S",null,null,null,"탄성코트칠","벽(재료비 별도)","M2",0,0,0,0,0,0,0,0,0,null,null,null,null,"",1]
[null,null,null,null,"[합 계]",null,null,0,0,250,0,12524,0,0,0,12774,null,null,null,null,"",1]
["ANG30000020S","노무","L001010101000029",null,"도장공","일반공사 직종","인",4.3999999999999997E-2,0,0,250776,11034.1,0,0,250776,11034.1,null,null,"N","N","",1]
["ANG30000020S","손료","RENT000000000002",null,"공구손료","노무비의 2%","식",1,250.4,250.4,0,0,0,0,250.4,250.4,null,null,"N","N",2,1]
["ANJ00100010S",null,null,null,"에폭시 페인트칠(에폭시 코팅)","롤러칠, 노무비","M2",0,0,0,0,0,0,0,0,0,null,null,null,null,"",1]
["ANJ00100010S","손료","RENT000000000001",null,"공구손료","노무비의 2%","식",1,222,222,0,0,0,0,222,222,null,null,"N","N",2,1]
[null,null,null,null,"[합 계]",null,null,0,0,222,0,11104,0,0,0,11326,null,null,null,null,"",1]
["ANJ00100020S","노무","L001010101000029",null,"도장공","일반공사 직종","인",4.3999999999999997E-2,0,0,250776,11034.1,0,0,250776,11034.1,null,null,"N","N","",1]
[null,null,null,null,"[합 계]",null,null,0,0,296,0,14841,0,0,0,15137,null,null,null,null,"",1]
["ANM02000010S","자재","3121180322073041",null,"시너","시너, KSM6060-2종, 조합페인트용","L",8.0000000000000002E-3,2700,21.6,0,0,0,0,2700,21.6,null,null,"N","N","",1]
["ANM02000010S","노무","L001010101000002",null,"보통인부","일반공사 직종","인",3.0000000000000001E-3,0,0,165545,496.6,0,0,165545,496.6,null,null,"N","N","",1]
[null,null,null,null,null,null,null,0,0,0,0,0,0,0,0,0,null,null,null,null,"",1]
["ANO00000010S","노무","L001010101000002",null,"보통인부","일반공사 직종","인",7.0000000000000001E-3,0,0,165545,1158.8,0,0,165545,1158.8,null,null,"N","N","",1]
[null,null,null,null,null,null,null,0,0,0,0,0,0,0,0,0,null,null,null,null,"",1]
["ANQ00000010S",null,null,null,"석재도료칠","줄눈무늬 없음","100㎡",0,0,0,0,0,0,0,0,0,null,null,null,null,"",1]
["ANQ00000010S","손료","RENT000000000001",null,"공구손료","인력품의 3%","식",1,5161,5161,0,0,0,0,5161,5161,null,null,"N","N",3,1]
[null,null,null,null,null,null,null,0,0,0,0,0,0,0,0,0,null,null,null,null,"",1]
["ANQ00000020S","손료","RENT000000000001",null,"공구손료","인력품의 3%","식",1,6739.4,6739.4,0,0,0,0,6739.4,6739.4,null,null,"N","N",3,1]
[null,null,null,null,null,null,null,0,0,0,0,0,0,0,0,0,null,null,null,null,"",1]
["ANS10000010S","자재","3119150120139357",null,"연마지","연마지, #120~180, 230×280mm","장",0.1,217,21.7,0,0,0,0,217,21.7,null,null,"N","N","",1]
["ANS10000010S","손료","RENT000000000001",null,"공구손료","노무비의 3%","식",1,80.099999999999994,80.099999999999994,0,0,0,0,80.099999999999994,80.099999999999994,null,null,"N","N",3,1]
["ANS10000020S",null,null,null,"콘크리트·모르타르면 바탕만들기","천장","M2",0,0,0,0,0,0,0,0,0,null,null,null,null,"",1]
["ANS10000020S","자재","3120160520277439",null,"퍼티","퍼티, 회색","L",0.05,4844,242.2,0,0,0,0,4844,242.2,null,null,"N","N","",1]
["ANS10000020S","손료","RENT000000000001",null,"노임할증","인력품의 20%","식",1,0,0,534.6,534.6,0,0,534.6,534.6,null,null,"N","N",20,1]
[null,null,null,null,null,null,null,0,0,0,0,0,0,0,0,0,null,null,null,null,"",1]
["ANS10000030S","노무","L001010101000002",null,"보통인부","일반공사 직종","인",1.7999999999999999E-2,0,0,165545,2979.8,0,0,165545,2979.8,null,null,"N","N","",1]
[null,null,null,null,null,null,null,0,0,0,0,0,0,0,0,0,null,null,null,null,"",1]
["ANS10000040S","노무","L001010101000002",null,"보통인부","일반공사 직종","인",0.01,0,0,165545,1655.4,0,0,165545,1655.4,null,null,"N","N","",1]
[null,null,null,null,"[합 계]",null,null,0,0,2611,0,10432,0,0,0,13043,null,null,null,null,"",1]
["ANS10000050S","자재","3120160520277439",null,"퍼티","퍼티, 회색","L",0.66700000000000004,4844,3230.9,0,0,0,0,4844,3230.9,null,null,"N","N","",1]
["ANS10000050S","노무","L001010101000029",null,"도장공","일반공사 직종","인",6.6000000000000003E-2,0,0,250776,16551.2,0,0,250776,16551.2,null,null,"N","N","",1]
["ANS10000050S","손료","RENT000000000002",null,"공구손료","노무비의 4%","식",1,781.2,781.2,0,0,0,0,781.2,781.2,null,null,"N","N",4,1]
["ANS10000060S",null,null,null,"석고보드면 바탕만들기","줄퍼티, 천장","M2",0,0,0,0,0,0,0,0,0,null,null,null,null,"",1]
["ANS10000060S","손료","RENT000000000001",null,"노임할증","인력품의 20%","식",1,0,0,2086.5,2086.5,0,0,2086.5,2086.5,null,null,"N","N",20,1]
[null,null,null,null,null,null,null,0,0,0,0,0,0,0,0,0,null,null,null,null,"",1]
["ANS10000070S","노무","L001010101000002",null,"보통인부","일반공사 직종","인",1E-3,0,0,165545,165.5,0,0,165545,165.5,null,null,"N","N","",1]
[null,null,null,null,"[합 계]",null,null,0,0,430,0,1419,0,0,0,1849,null,null,null,null,"",1]
["ANS10000080S","노무","L001010101000029",null,"도장공","일반공사 직종","인",5.0000000000000001E-3,0,0,250776,1253.8,0,0,250776,1253.8,null,null,"N","N","",1]
["ANS10000080S","노무","L001010101000002",null,"보통인부","일반공사 직종","인",1E-3,0,0,165545,165.5,0,0,165545,165.5,null,null,"N","N","",1]
["ANS10000080S","자재","3120160520277439",null,"퍼티","퍼티, 회색","L",0.08,4844,387.5,0,0,0,0,4844,387.5,null,null,"N","N","",1]
["ANS10000110S",null,null,null,"철재면 바탕만들기","불순물 제거","㎡",0,0,0,0,0,0,0,0,0,null,null,null,null,"",1]
[null,null,null,null,"[합 계]",null,null,0,0,50,0,1670,0,0,0,1720,null,null,null,null,"",1]
["ANS10000120S","노무","L001010101000029",null,"도장공","일반공사 직종","인",6.0000000000000001E-3,0,0,250776,1504.6,0,0,250776,1504.6,null,null,"N","N","",1]
["ANS10000120S","손료","RENT000000000001",null,"공구손료","노무비의 3%","식",1,50.1,50.1,0,0,0,0,50.1,50.1,null,null,"N","N",3,1]
["ANS10000130S","노무","L001010101000029",null,"도장공","일반공사 직종","인",8.9999999999999993E-3,0,0,250776,2256.9,0,0,250776,2256.9,null,null,"N","N","",1]
[null,null,null,null,"[합 계]",null,null,0,0,72,0,2422,0,0,0,2494,null,null,null,null,"",1]
[null,null,null,null,null,null,null,0,0,0,0,0,0,0,0,0,null,null,null,null,"",1]
[null,null,null,null,"[합 계]",null,null,0,0,0,0,103465,0,0,0,103465,null,null,null,null,"",1]
[null,null,null,null,"[합 계]",null,null,0,0,0,0,150977,0,0,0,150977,null,null,null,null,"",1]
["AOA11100010S","노무","L001010101000030",null,"내장공","일반공사 직종","인",0.04,0,0,243538,9741.5,0,0,243538,9741.5,null,null,"N","N","",1]
[null,null,null,null,"[합 계]",null,null,0,0,261,0,13052,0,0,0,13313,null,null,null,null,"",1]
["AOA11100011S",null,null,null,"플로어링 마루 설치",null,"일",0,0,0,0,0,0,0,0,0,null,null,null,null,"",1]
[null,null,null,null,"[합 계]",null,null,0,0,13052,0,652621,0,0,0,665673,null,null,null,null,"",1]
["AOA11200010S","노무","L001010101000030",null,"내장공","일반공사 직종","인",0.05,0,0,243538,12176.9,0,0,243538,12176.9,null,null,"N","N","",1]
["AOA11200010S","노무","L001010101000002",null,"보통인부","일반공사 직종","인",2.5000000000000001E-2,0,0,165545,4138.6000000000004,0,0,165545,4138.6000000000004,null,null,"N","N","",1]
[null,null,null,null,null,null,null,0,0,0,0,0,0,0,0,0,null,null,null,null,"",1]
[null,null,null,null,"[합 계]",null,null,0,0,0,0,652621,0,0,0,652621,null,null,null,null,"",1]
["AOA11200020S","노무","L001010101000030",null,"내장공","일반공사 직종","인",0.02,0,0,243538,4870.7,0,0,243538,4870.7,null,null,"N","N","",1]
[null,null,null,null,"[합 계]",null,null,0,0,1076,0,6526,0,0,0,7602,null,null,null,null,"",1]
["AOA11200030S",null,null,null,"PVC계 바닥재 설치 - 시트","주재료 제외, 부분접합 방식","M2",0,0,0,0,0,0,0,0,0,null,null,null,null,"",1]
[null,null,null,null,"[합 계]",null,null,0,0,323,0,4657,0,0,0,4980,null,null,null,null,"",1]
[null,null,null,null,null,null,null,0,0,0,0,0,0,0,0,0,null,null,null,null,"",1]
["AOA11300020S","노무","L001010101000002",null,"보통인부","일반공사 직종","인",2.5000000000000001E-2,0,0,165545,4138.6000000000004,0,0,165545,4138.6000000000004,null,null,"N","N","",1]
[null,null,null,null,null,null,null,0,0,0,0,0,0,0,0,0,null,null,null,null,"",1]
["AOA11300021S","손료","RENT000000000001",null,"공구손료","노무비의 3%","식",1,19578.599999999999,19578.599999999999,0,0,0,0,19578.599999999999,19578.599999999999,null,null,"N","N",3,1]
["AOA20000010S",null,null,null,"계단논슬립 설치","콘크리트계단, 재료비 별도","M",0,0,0,0,0,0,0,0,0,null,null,null,null,"",1]
["AOA20000010S","손료","RENT000000000001",null,"공구손료","인력품의 3%","식",1,178.1,178.1,0,0,0,0,178.1,178.1,null,null,"N","N",3,1]
[null,null,null,null,null,null,null,0,0,0,0,0,0,0,0,0,null,null,null,null,"",1]
["AOA20000020S","손료","RENT000000000001",null,"공구손료","인력품의 3%","식",1,135,135,0,0,0,0,135,135,null,null,"N","N",3,1]
[null,null,null,null,"[합 계]",null,null,0,0,135,0,4503,0,0,0,4638,null,null,null,null,"",1]
["AOA20000021S","노무","L001010101000030",null,"내장공","일반공사 직종","인",2,0,0,243538,487076,0,0,243538,487076,null,null,"N","N","",1]
[null,null,null,null,"[합 계]",null,null,0,0,19578,0,652621,0,0,0,672199,null,null,null,null,"",1]
["AOA41000010S","노무","L001010101000002",null,"보통인부","일반공사 직종","인",3.6999999999999998E-2,0,0,165545,6125.1,0,0,165545,6125.1,null,null,"N","N","",1]
[null,null,null,null,null,null,null,0,0,0,0,0,0,0,0,0,null,null,null,null,"",1]
["AOA41000020S","노무","L001010101000002",null,"보통인부","일반공사 직종","인",4.4999999999999998E-2,0,0,165545,7449.5,0,0,165545,7449.5,null,null,"N","N","",1]
[null,null,null,null,"[합 계]",null,null,0,0,1480,0,29611,0,0,0,31091,null,null,null,null,"",1]
["AOA41000021S","노무","L001010101000002",null,"보통인부","일반공사 직종","인",1,0,0,165545,165545,0,0,165545,165545,null,null,"N","N","",1]
["AOA41000021S","손료","RENT000000000001",null,"공구손료 등","노무비의 5%","식",1,32631,32631,0,0,0,0,32631,32631,null,null,"N","N",5,1]
["AOA52500010S",null,null,null,"걸레받이 설치","합성수지류, H=75~120mm 기준","M",0,0,0,0,0,0,0,0,0,null,null,null,null,"",1]
["AOA52500010S","손료","RENT000000000001",null,"공구손료","인력품의 2%","식",1,65.2,65.2,0,0,0,0,65.2,65.2,null,null,"N","N",2,1]
["AOA52500011S","노무","L001010101000030",null,"내장공","일반공사 직종","인",2,0,0,243538,487076,0,0,243538,487076,null,null,"N","N","",1]
[null,null,null,null,"[합 계]",null,null,0,0,13052,0,652621,0,0,0,665673,null,null,null,null,"",1]
["AOA53500010S","노무","L001010101000002",null,"보통인부","일반공사 직종","인",6.1000000000000004E-3,0,0,165545,1009.8,0,0,165545,1009.8,null,null,"N","N","",1]
["AOA53500010S","손료","RENT000000000001",null,"공구손료","인력품의 2%","식",1,79.099999999999994,79.099999999999994,0,0,0,0,79.099999999999994,79.099999999999994,null,null,"N","N",2,1]
["AOA53500011S","노무","L001010101000030",null,"내장공","일반공사 직종","인",2,0,0,243538,487076,0,0,243538,487076,null,null,"N","N","",1]
["AOA53500011S","노무","L001010101000002",null,"보통인부","일반공사 직종","인",1,0,0,165545,165545,0,0,165545,165545,null,null,"N","N","",1]
[null,null,null,null,null,null,null,0,0,0,0,0,0,0,0,0,null,null,null,null,"",1]
["AOA54000010S","노무","L001010101000002",null,"보통인부","일반공사 직종","인",0.04,0,0,165545,6621.8,0,0,165545,6621.8,null,null,"N","N","",1]
["AOA54000011S",null,null,null,"걸레받이 설치","석재류, H=75~120mm 기준","일",0,0,0,0,0,0,0,0,0,null,null,null,null,"",1]
["AOA54000011S","손료","RENT000000000001",null,"공구손료","인력품의 2%","식",1,18847,18847,0,0,0,0,18847,18847,null,null,"N","N",2,1]
["AOB11000010S","노무","L001010101000031",null,"도배공","일반공사 직종","인",2.4E-2,0,0,215675,5176.2,0,0,215675,5176.2,null,null,"N","N","",1]
["AOB11000010S","노무","L001010101000002",null,"보통인부","일반공사 직종","인",1.2E-2,0,0,165545,1986.5,0,0,165545,1986.5,null,null,"N","N","",1]
["AOB11000020S","노무","L001010101000031",null,"도배공","일반공사 직종","인",2.1000000000000001E-2,0,0,215675,4529.1000000000004,0,0,215675,4529.1000000000004,null,null,"N","N","",1]
["AOB11000020S","노무","L001010101000002",null,"보통인부","일반공사 직종","인",1.0999999999999999E-2,0,0,165545,1820.9,0,0,165545,1820.9,null,null,"N","N","",1]
["AOB11000030S",null,null,null,"도배바름","합판·석고보드면, 천장","M2",0,0,0,0,0,0,0,0,0,null,null,null,null,"",1]
[null,null,null,null,null,null,null,0,0,0,0,0,0,0,0,0,null,null,null,null,"",1]
["AOB11000040S","노무","L001010101000002",null,"보통인부","일반공사 직종","인",1.4E-2,0,0,165545,2317.6,0,0,165545,2317.6,null,null,"N","N","",1]
["AOB11000041S",null,null,null,"도배바름",null,"일",0,0,0,0,0,0,0,0,0,null,null,null,null,"",1]
[null,null,null,null,null,null,null,0,0,0,0,0,0,0,0,0,null,null,null,null,"",1]
["AOC12100010S",null,null,null,"흡음텍스 설치",null,"㎡",0,0,0,0,0,0,0,0,0,null,null,null,null,"",1]
[null,null,null,null,"[합 계]",null,null,0,0,430,0,14357,0,0,0,14787,null,null,null,null,"",1]
[null,null,null,null,null,null,null,0,0,0,0,0,0,0,0,0,null,null,null,null,"",1]
["AOC12100011S","노무","L001010101000002",null,"보통인부","일반공사 직종","인",1,0,0,165545,165545,0,0,165545,165545,null,null,"N","N","",1]
["AOC31100010S",null,null,null,"석고판 설치(나사고정) - 바탕용","벽, 1겹 붙임","㎡",0,0,0,0,0,0,0,0,0,null,null,null,null,"",1]
["AOC31100010S","손료","RENT000000000001",null,"공구손료","인력품의 1%","식",1,108.5,108.5,0,0,0,0,108.5,108.5,null,null,"N","N",1,1]
["AOC31100020S",null,null,null,"석고판 설치(나사고정) - 바탕용","벽, 2겹 붙임","㎡",0,0,0,0,0,0,0,0,0,null,null,null,null,"",1]
[null,null,null,null,"[합 계]",null,null,0,0,143,0,14357,0,0,0,14500,null,null,null,null,"",1]
[null,null,null,null,null,null,null,0,0,0,0,0,0,0,0,0,null,null,null,null,"",1]
["AOC31100030S","손료","RENT000000000001",null,"공구손료","인력품의 1%","식",1,217.7,217.7,0,0,0,0,217.7,217.7,null,null,"N","N",1,1]
[null,null,null,null,"[합 계]",null,null,0,0,217,0,21779,0,0,0,21996,null,null,null,null,"",1]
["AOC31100031S","노무","L001010101000030",null,"내장공","일반공사 직종","인",2,0,0,243538,487076,0,0,243538,487076,null,null,"N","N","",1]
[null,null,null,null,null,null,null,0,0,0,0,0,0,0,0,0,null,null,null,null,"",1]
["AOC31100040S","노무","L001010101000002",null,"보통인부","일반공사 직종","인",1.4E-2,0,0,165545,2317.6,0,0,165545,2317.6,null,null,"N","N","",1]
[null,null,null,null,null,null,null,0,0,0,0,0,0,0,0,0,null,null,null,null,"",1]
["AOC31100041S","손료","RENT000000000001",null,"공구손료","인력품의 1%","식",1,6526.2,6526.2,0,0,0,0,6526.2,6526.2,null,null,"N","N",1,1]
[null,null,null,null,"[합 계]",null,null,0,0,6526,0,652621,0,0,0,659147,null,null,null,null,"",1]
["AOC32100040S",null,null,null,"석고판 설치(나사고정) - 바탕용","경량천장철골틀, 1겹 붙임","㎡",0,0,0,0,0,0,0,0,0,null,null,null,null,"",1]
["AOC32100040S","손료","RENT000000000001",null,"공구손료 등","노무비의 1%","식",1,143.5,143.5,0,0,0,0,143.5,143.5,null,null,"N","N",1,1]
["AOC32100050S",null,null,null,"석고판 설치(나사고정) - 바탕용","경량천장철골틀, 2겹 붙임","㎡",0,0,0,0,0,0,0,0,0,null,null,null,null,"",1]
[null,null,null,null,"[합 계]",null,null,0,0,186,0,18682,0,0,0,18868,null,null,null,null,"",1]
["AOC32100060S","노무","L001010101000030",null,"내장공","일반공사 직종","인",0.08,0,0,243538,19483,0,0,243538,19483,null,null,"N","N","",1]
[null,null,null,null,"[합 계]",null,null,0,0,261,0,26104,0,0,0,26365,null,null,null,null,"",1]
["AOC32100061S","노무","L001010101000002",null,"보통인부","일반공사 직종","인",1,0,0,165545,165545,0,0,165545,165545,null,null,"N","N","",1]
["AOC32100061S","손료","RENT000000000001",null,"공구손료","인력품의 1%","식",1,6526.2,6526.2,0,0,0,0,6526.2,6526.2,null,null,"N","N",1,1]
[null,null,null,null,null,null,null,0,0,0,0,0,0,0,0,0,null,null,null,null,"",1]
["AOC41100010S","노무","L001010101000002",null,"보통인부","일반공사 직종","인",2.5000000000000001E-2,0,0,165545,4138.6000000000004,0,0,165545,4138.6000000000004,null,null,"N","N","",1]
[null,null,null,null,null,null,null,0,0,0,0,0,0,0,0,0,null,null,null,null,"",1]
["AOC41100011S","손료","RENT000000000001",null,"공구손료","인력품의 2%","식",1,14033.2,14033.2,0,0,0,0,14033.2,14033.2,null,null,"N","N",2,1]
["AOC41200010S",null,null,null,"수장합판 설치","접착붙임(합판 별도)","M2",0,0,0,0,0,0,0,0,0,null,null,null,null,"",1]
["AOC41200010S","손료","RENT000000000001",null,"공구손료","인력품의 2%","식",1,378.8,378.8,0,0,0,0,378.8,378.8,null,null,"N","N",2,1]
[null,null,null,null,null,null,null,0,0,0,0,0,0,0,0,0,null,null,null,null,"",1]
["AOC41200011S","노무","L001010101000002",null,"보통인부","일반공사 직종","인",1,0,0,165545,165545,0,0,165545,165545,null,null,"N","N","",1]
["AOC41200011S","손료","RENT000000000001",null,"공구손료","인력품의 2%","식",1,14033.2,14033.2,0,0,0,0,14033.2,14033.2,null,null,"N","N",2,1]
[null,null,null,null,null,null,null,0,0,0,0,0,0,0,0,0,null,null,null,null,"",1]
["AOC90000010S","노무","L001010101000002",null,"보통인부","일반공사 직종","인",2.1999999999999999E-2,0,0,165545,3641.9,0,0,165545,3641.9,null,null,"N","N","",1]
["AOC90000020S",null,null,null,"열경화성수지천장판 설치","개당 0.4㎡이하","㎡",0,0,0,0,0,0,0,0,0,null,null,null,null,"",1]
["AOC90000020S","손료","RENT000000000001",null,"공구손료 등","노무비의 3%","식",1,352.4,352.4,0,0,0,0,352.4,352.4,null,null,"N","N",3,1]
["AOC90000021S","노무","L001010101000030",null,"내장공","일반공사 직종","인",2,0,0,243538,487076,0,0,243538,487076,null,null,"N","N","",1]
["AOC90000021S","손료","RENT000000000001",null,"공구손료 등","노무비의 3%","식",1,19578.599999999999,19578.599999999999,0,0,0,0,19578.599999999999,19578.599999999999,null,null,"N","N",3,1]
["AOD11000010S",null,null,null,"단열재 공간넣기","50mm이하","M2",0,0,0,0,0,0,0,0,0,null,null,null,null,"",1]
["AOD11000010S","노무","L001010101000030",null,"내장공","일반공사 직종","인",0.02,0,0,243538,4870.7,0,0,243538,4870.7,null,null,"N","N","",1]
[null,null,null,null,null,null,null,0,0,0,0,0,0,0,0,0,null,null,null,null,"",1]
["AOD11000020S","노무","L001010101000002",null,"보통인부","일반공사 직종","인",1.0999999999999999E-2,0,0,165545,1820.9,0,0,165545,1820.9,null,null,"N","N","",1]
["AOD11000030S","노무","L001010101000030",null,"내장공","일반공사 직종","인",2.4E-2,0,0,243538,5844.9,0,0,243538,5844.9,null,null,"N","N","",1]
[null,null,null,null,null,null,null,0,0,0,0,0,0,0,0,0,null,null,null,null,"",1]
[null,null,null,null,"[합 계]",null,null,0,0,0,0,8240,0,0,0,8240,null,null,null,null,"",1]
["AOD11000041S",null,null,null,"단열재 공간넣기",null,"일",0,0,0,0,0,0,0,0,0,null,null,null,null,"",1]
[null,null,null,null,"[합 계]",null,null,0,0,0,0,652621,0,0,0,652621,null,null,null,null,"",1]
[null,null,null,null,null,null,null,0,0,0,0,0,0,0,0,0,null,null,null,null,"",1]
["AOD11000050S","노무","L001010101000002",null,"보통인부","일반공사 직종","인",2.1000000000000001E-2,0,0,165545,3476.4,0,0,165545,3476.4,null,null,"N","N","",1]
["AOD11000060S","노무","L001010101000030",null,"내장공","일반공사 직종","인",4.8000000000000001E-2,0,0,243538,11689.8,0,0,243538,11689.8,null,null,"N","N","",1]
[null,null,null,null,null,null,null,0,0,0,0,0,0,0,0,0,null,null,null,null,"",1]
["AOD11000070S","노무","L001010101000002",null,"보통인부","일반공사 직종","인",2.5000000000000001E-2,0,0,165545,4138.6000000000004,0,0,165545,4138.6000000000004,null,null,"N","N","",1]
["AOD11000080S","노무","L001010101000030",null,"내장공","일반공사 직종","인",5.2999999999999999E-2,0,0,243538,12907.5,0,0,243538,12907.5,null,null,"N","N","",1]
[null,null,null,null,"[합 계]",null,null,0,0,0,0,17211,0,0,0,17211,null,null,null,null,"",1]
["AOD11000090S","노무","L001010101000030",null,"내장공","일반공사 직종","인",0.04,0,0,243538,9741.5,0,0,243538,9741.5,null,null,"N","N","",1]
["AOD11000090S","노무","L001010101000002",null,"보통인부","일반공사 직종","인",0.02,0,0,165545,3310.9,0,0,165545,3310.9,null,null,"N","N","",1]
[null,null,null,null,null,null,null,0,0,0,0,0,0,0,0,0,null,null,null,null,"",1]
["AOD11000100S","손료","RENT000000000001",null,"공구손료","인력품의 2%","식",1,287.10000000000002,287.10000000000002,0,0,0,0,287.10000000000002,287.10000000000002,null,null,"N","N",2,1]
["AOD11000110S",null,null,null,"단열재 타정 부착","벽, 200mm이하","M2",0,0,0,0,0,0,0,0,0,null,null,null,null,"",1]
["AOD11000110S","손료","RENT000000000001",null,"공구손료","인력품의 2%","식",1,313.2,313.2,0,0,0,0,313.2,313.2,null,null,"N","N",2,1]
["AOD11000120S","노무","L001010101000030",null,"내장공","일반공사 직종","인",0.05,0,0,243538,12176.9,0,0,243538,12176.9,null,null,"N","N","",1]
["AOD11000120S","손료","RENT000000000001",null,"공구손료","인력품의 2%","식",1,326.3,326.3,0,0,0,0,326.3,326.3,null,null,"N","N",2,1]
["AOD11000121S",null,null,null,"단열재 타정 부착",null,"일",0,0,0,0,0,0,0,0,0,null,null,null,null,"",1]
["AOD11000121S","노무","L001010101000030",null,"내장공","일반공사 직종","인",2,0,0,243538,487076,0,0,243538,487076,null,null,"N","N","",1]
[null,null,null,null,"[합 계]",null,null,0,0,13052,0,652621,0,0,0,665673,null,null,null,null,"",1]
["AOD12000050S","노무","L001010101000002",null,"보통인부","일반공사 직종","인",2.5000000000000001E-2,0,0,165545,4138.6000000000004,0,0,165545,4138.6000000000004,null,null,"N","N","",1]
["AOD12000060S",null,null,null,"단열재 접착제 붙이기","천장, 100mm이하","M2",0,0,0,0,0,0,0,0,0,null,null,null,null,"",1]
[null,null,null,null,"[합 계]",null,null,0,0,0,0,18682,0,0,0,18682,null,null,null,null,"",1]
["AOD12000070S","노무","L001010101000002",null,"보통인부","일반공사 직종","인",3.1E-2,0,0,165545,5131.8,0,0,165545,5131.8,null,null,"N","N","",1]
[null,null,null,null,null,null,null,0,0,0,0,0,0,0,0,0,null,null,null,null,"",1]
["AOD12000080S",null,null,null,"단열재 접착제 붙이기","천장, 300mm이하","M2",0,0,0,0,0,0,0,0,0,null,null,null,null,"",1]
[null,null,null,null,"[합 계]",null,null,0,0,0,0,21779,0,0,0,21779,null,null,null,null,"",1]
["AOD12000081S","노무","L001010101000030",null,"내장공","일반공사 직종","인",2,0,0,243538,487076,0,0,243538,487076,null,null,"N","N","",1]
["AOD12000090S",null,null,null,"단열재 타정 부착","천장, 50mm이하","M2",0,0,0,0,0,0,0,0,0,null,null,null,null,"",1]
["AOD12000090S","손료","RENT000000000001",null,"공구손료","인력품의 2%","식",1,313.2,313.2,0,0,0,0,313.2,313.2,null,null,"N","N",2,1]
["AOD12000100S",null,null,null,"단열재 타정 부착","천장, 100mm이하","M2",0,0,0,0,0,0,0,0,0,null,null,null,null,"",1]
[null,null,null,null,"[합 계]",null,null,0,0,344,0,17211,0,0,0,17555,null,null,null,null,"",1]
["AOD12000110S",null,null,null,"단열재 타정 부착","천장, 200mm이하","M2",0,0,0,0,0,0,0,0,0,null,null,null,null,"",1]
["AOD12000110S","노무","L001010101000030",null,"내장공","일반공사 직종","인",5.7000000000000002E-2,0,0,243538,13881.6,0,0,243538,13881.6,null,null,"N","N","",1]
[null,null,null,null,"[합 계]",null,null,0,0,373,0,18682,0,0,0,19055,null,null,null,null,"",1]
["AOD12000120S","노무","L001010101000030",null,"내장공","일반공사 직종","인",6.0999999999999999E-2,0,0,243538,14855.8,0,0,243538,14855.8,null,null,"N","N","",1]
[null,null,null,null,null,null,null,0,0,0,0,0,0,0,0,0,null,null,null,null,"",1]
["AOD13000010S","노무","L001010101000002",null,"보통인부","일반공사 직종","인",3.8E-3,0,0,165545,629,0,0,165545,629,null,null,"N","N","",1]
["AOD13000020S","노무","L001010101000030",null,"내장공","일반공사 직종","인",9.1000000000000004E-3,0,0,243538,2216.1,0,0,243538,2216.1,null,null,"N","N","",1]
[null,null,null,null,null,null,null,0,0,0,0,0,0,0,0,0,null,null,null,null,"",1]
["AOD13000030S","노무","L001010101000030",null,"내장공","일반공사 직종","인",1.0500000000000001E-2,0,0,243538,2557.1,0,0,243538,2557.1,null,null,"N","N","",1]
["AOD13000030S","노무","L001010101000002",null,"보통인부","일반공사 직종","인",5.3E-3,0,0,165545,877.3,0,0,165545,877.3,null,null,"N","N","",1]
["AOD13000040S",null,null,null,"단열재 슬라브위 깔기","300mm이하","M2",0,0,0,0,0,0,0,0,0,null,null,null,null,"",1]
[null,null,null,null,"[합 계]",null,null,0,0,0,0,3850,0,0,0,3850,null,null,null,null,"",1]
["AOD13000041S","노무","L001010101000002",null,"보통인부","일반공사 직종","인",1,0,0,165545,165545,0,0,165545,165545,null,null,"N","N","",1]
["AOD14000010S",null,null,null,"단열재 콘크리트타설 부착","50mm이하","M2",0,0,0,0,0,0,0,0,0,null,null,null,null,"",1]
[null,null,null,null,"[합 계]",null,null,0,0,174,0,8727,0,0,0,8901,null,null,null,null,"",1]
["AOD14000020S","노무","L001010101000030",null,"내장공","일반공사 직종","인",2.9000000000000001E-2,0,0,243538,7062.6,0,0,243538,7062.6,null,null,"N","N","",1]
["AOD14000020S","손료","RENT000000000001",null,"공구손료","인력품의 2%","식",1,187.6,187.6,0,0,0,0,187.6,187.6,null,null,"N","N",2,1]
[null,null,null,null,"[합 계]",null,null,0,0,187,0,9380,0,0,0,9567,null,null,null,null,"",1]
["AOD14000030S","노무","L001010101000030",null,"내장공","일반공사 직종","인",3.1E-2,0,0,243538,7549.6,0,0,243538,7549.6,null,null,"N","N","",1]
[null,null,null,null,"[합 계]",null,null,0,0,200,0,10032,0,0,0,10232,null,null,null,null,"",1]
["AOD14000040S","노무","L001010101000002",null,"보통인부","일반공사 직종","인",1.7000000000000001E-2,0,0,165545,2814.2,0,0,165545,2814.2,null,null,"N","N","",1]
[null,null,null,null,null,null,null,0,0,0,0,0,0,0,0,0,null,null,null,null,"",1]
["AOD14000041S","손료","RENT000000000001",null,"공구손료","인력품의 2%","식",1,13052.4,13052.4,0,0,0,0,13052.4,13052.4,null,null,"N","N",2,1]
["AOD21000100S",null,null,null,"단열재 격자넣기","벽, 50mm이하","M2",0,0,0,0,0,0,0,0,0,null,null,null,null,"",1]
["AOD21000100S","노무","L001010101000002",null,"보통인부","일반공사 직종","인",1.2999999999999999E-2,0,0,165545,2152,0,0,165545,2152,null,null,"N","N","",1]
[null,null,null,null,"[합 계]",null,null,0,0,0,0,8240,0,0,0,8240,null,null,null,null,"",1]
["AOD21000110S","노무","L001010101000030",null,"내장공","일반공사 직종","인",2.7E-2,0,0,243538,6575.5,0,0,243538,6575.5,null,null,"N","N","",1]
["AOD21000120S",null,null,null,"단열재 격자넣기","벽, 200mm이하","M2",0,0,0,0,0,0,0,0,0,null,null,null,null,"",1]
[null,null,null,null,"[합 계]",null,null,0,0,0,0,9380,0,0,0,9380,null,null,null,null,"",1]
["AOD21000130S","노무","L001010101000030",null,"내장공","일반공사 직종","인",3.1E-2,0,0,243538,7549.6,0,0,243538,7549.6,null,null,"N","N","",1]
["AOD21000131S",null,null,null,"단열재 격자넣기",null,"일",0,0,0,0,0,0,0,0,0,null,null,null,null,"",1]
[null,null,null,null,"[합 계]",null,null,0,0,0,0,652621,0,0,0,652621,null,null,null,null,"",1]
[null,null,null,null,null,null,null,0,0,0,0,0,0,0,0,0,null,null,null,null,"",1]
["AOD21000140S",null,null,null,"단열재 핀사용 붙이기","50mm이하","M2",0,0,0,0,0,0,0,0,0,null,null,null,null,"",1]
["AOD21000140S","노무","L001010101000030",null,"내장공","일반공사 직종","인",4.3999999999999997E-2,0,0,243538,10715.6,0,0,243538,10715.6,null,null,"N","N","",1]
["AOD21000140S","노무","L001010101000002",null,"보통인부","일반공사 직종","인",2.1999999999999999E-2,0,0,165545,3641.9,0,0,165545,3641.9,null,null,"N","N","",1]
[null,null,null,null,"[합 계]",null,null,0,0,0,0,14357,0,0,0,14357,null,null,null,null,"",1]
[null,null,null,null,null,null,null,0,0,0,0,0,0,0,0,0,null,null,null,null,"",1]
["AOD21000150S",null,null,null,"단열재 핀사용 붙이기","100mm이하","M2",0,0,0,0,0,0,0,0,0,null,null,null,null,"",1]
["AOD21000150S","노무","L001010101000030",null,"내장공","일반공사 직종","인",4.8000000000000001E-2,0,0,243538,11689.8,0,0,243538,11689.8,null,null,"N","N","",1]
["AOD21000150S","노무","L001010101000002",null,"보통인부","일반공사 직종","인",2.4E-2,0,0,165545,3973,0,0,165545,3973,null,null,"N","N","",1]
[null,null,null,null,"[합 계]",null,null,0,0,0,0,15662,0,0,0,15662,null,null,null,null,"",1]
[null,null,null,null,null,null,null,0,0,0,0,0,0,0,0,0,null,null,null,null,"",1]
["AOD21000160S",null,null,null,"단열재 핀사용 붙이기","200mm이하","M2",0,0,0,0,0,0,0,0,0,null,null,null,null,"",1]
["AOD21000160S","노무","L001010101000030",null,"내장공","일반공사 직종","인",0.05,0,0,243538,12176.9,0,0,243538,12176.9,null,null,"N","N","",1]
["AOD21000160S","노무","L001010101000002",null,"보통인부","일반공사 직종","인",2.5000000000000001E-2,0,0,165545,4138.6000000000004,0,0,165545,4138.6000000000004,null,null,"N","N","",1]
[null,null,null,null,"[합 계]",null,null,0,0,0,0,16315,0,0,0,16315,null,null,null,null,"",1]
[null,null,null,null,null,null,null,0,0,0,0,0,0,0,0,0,null,null,null,null,"",1]
["AOD21000170S",null,null,null,"단열재 핀사용 붙이기","300mm이하","M2",0,0,0,0,0,0,0,0,0,null,null,null,null,"",1]
["AOD21000170S","노무","L001010101000030",null,"내장공","일반공사 직종","인",5.2999999999999999E-2,0,0,243538,12907.5,0,0,243538,12907.5,null,null,"N","N","",1]
["AOD21000170S","노무","L001010101000002",null,"보통인부","일반공사 직종","인",2.5999999999999999E-2,0,0,165545,4304.1000000000004,0,0,165545,4304.1000000000004,null,null,"N","N","",1]
[null,null,null,null,"[합 계]",null,null,0,0,0,0,17211,0,0,0,17211,null,null,null,null,"",1]
[null,null,null,null,null,null,null,0,0,0,0,0,0,0,0,0,null,null,null,null,"",1]
["AOD21000171S",null,null,null,"단열재 핀사용 붙이기",null,"일",0,0,0,0,0,0,0,0,0,null,null,null,null,"",1]
["AOD21000171S","노무","L001010101000030",null,"내장공","일반공사 직종","인",2,0,0,243538,487076,0,0,243538,487076,null,null,"N","N","",1]
["AOD21000171S","노무","L001010101000002",null,"보통인부","일반공사 직종","인",1,0,0,165545,165545,0,0,165545,165545,null,null,"N","N","",1]
[null,null,null,null,"[합 계]",null,null,0,0,0,0,652621,0,0,0,652621,null,null,null,null,"",1]
[null,null,null,null,null,null,null,0,0,0,0,0,0,0,0,0,null,null,null,null,"",1]
["AOD21001100S",null,null,null,"단열재 격자넣기 - 발포폴리스티렌 단열재","벽, 50mm이하","M2",0,0,0,0,0,0,0,0,0,null,null,null,null,"",1]
["AOD21001100S","노무","L001010101000030",null,"내장공","일반공사 직종","인",2.1000000000000001E-2,0,0,243538,5114.2,0,0,243538,5114.2,null,null,"N","N","",1]
["AOD21001100S","노무","L001010101000002",null,"보통인부","일반공사 직종","인",1.0999999999999999E-2,0,0,165545,1820.9,0,0,165545,1820.9,null,null,"N","N","",1]
[null,null,null,null,"[합 계]",null,null,0,0,0,0,6935,0,0,0,6935,null,null,null,null,"",1]
[null,null,null,null,null,null,null,0,0,0,0,0,0,0,0,0,null,null,null,null,"",1]
["AOD21001110S",null,null,null,"단열재 격자넣기 - 발포폴리스티렌 단열재","벽, 100mm이하","M2",0,0,0,0,0,0,0,0,0,null,null,null,null,"",1]
["AOD21001110S","노무","L001010101000030",null,"내장공","일반공사 직종","인",2.3E-2,0,0,243538,5601.3,0,0,243538,5601.3,null,null,"N","N","",1]
["AOD21001110S","노무","L001010101000002",null,"보통인부","일반공사 직종","인",1.0999999999999999E-2,0,0,165545,1820.9,0,0,165545,1820.9,null,null,"N","N","",1]
[null,null,null,null,"[합 계]",null,null,0,0,0,0,7422,0,0,0,7422,null,null,null,null,"",1]
[null,null,null,null,null,null,null,0,0,0,0,0,0,0,0,0,null,null,null,null,"",1]
["AOD21001120S",null,null,null,"단열재 격자넣기 - 발포폴리스티렌 단열재","벽, 200mm이하","M2",0,0,0,0,0,0,0,0,0,null,null,null,null,"",1]
["AOD21001120S","노무","L001010101000030",null,"내장공","일반공사 직종","인",2.4E-2,0,0,243538,5844.9,0,0,243538,5844.9,null,null,"N","N","",1]
["AOD21001120S","노무","L001010101000002",null,"보통인부","일반공사 직종","인",1.2E-2,0,0,165545,1986.5,0,0,165545,1986.5,null,null,"N","N","",1]
[null,null,null,null,"[합 계]",null,null,0,0,0,0,7831,0,0,0,7831,null,null,null,null,"",1]
[null,null,null,null,null,null,null,0,0,0,0,0,0,0,0,0,null,null,null,null,"",1]
["AOD21001130S",null,null,null,"단열재 격자넣기 - 발포폴리스티렌 단열재","벽, 300mm이하","M2",0,0,0,0,0,0,0,0,0,null,null,null,null,"",1]
["AOD21001130S","노무","L001010101000030",null,"내장공","일반공사 직종","인",2.5999999999999999E-2,0,0,243538,6331.9,0,0,243538,6331.9,null,null,"N","N","",1]
["AOD21001130S","노무","L001010101000002",null,"보통인부","일반공사 직종","인",1.2999999999999999E-2,0,0,165545,2152,0,0,165545,2152,null,null,"N","N","",1]
[null,null,null,null,"[합 계]",null,null,0,0,0,0,8483,0,0,0,8483,null,null,null,null,"",1]
[null,null,null,null,null,null,null,0,0,0,0,0,0,0,0,0,null,null,null,null,"",1]
["AOD22000100S",null,null,null,"단열재 격자넣기","천장, 50mm이하","M2",0,0,0,0,0,0,0,0,0,null,null,null,null,"",1]
["AOD22000100S","노무","L001010101000030",null,"내장공","일반공사 직종","인",2.7E-2,0,0,243538,6575.5,0,0,243538,6575.5,null,null,"N","N","",1]
["AOD22000100S","노무","L001010101000002",null,"보통인부","일반공사 직종","인",1.2999999999999999E-2,0,0,165545,2152,0,0,165545,2152,null,null,"N","N","",1]
[null,null,null,null,"[합 계]",null,null,0,0,0,0,8727,0,0,0,8727,null,null,null,null,"",1]
[null,null,null,null,null,null,null,0,0,0,0,0,0,0,0,0,null,null,null,null,"",1]
["AOD22000110S",null,null,null,"단열재 격자넣기","천장, 100mm이하","M2",0,0,0,0,0,0,0,0,0,null,null,null,null,"",1]
["AOD22000110S","노무","L001010101000030",null,"내장공","일반공사 직종","인",2.9000000000000001E-2,0,0,243538,7062.6,0,0,243538,7062.6,null,null,"N","N","",1]
["AOD22000110S","노무","L001010101000002",null,"보통인부","일반공사 직종","인",1.4E-2,0,0,165545,2317.6,0,0,165545,2317.6,null,null,"N","N","",1]
[null,null,null,null,"[합 계]",null,null,0,0,0,0,9380,0,0,0,9380,null,null,null,null,"",1]
[null,null,null,null,null,null,null,0,0,0,0,0,0,0,0,0,null,null,null,null,"",1]
["AOD22000120S",null,null,null,"단열재 격자넣기","천장, 200mm이하","M2",0,0,0,0,0,0,0,0,0,null,null,null,null,"",1]
["AOD22000120S","노무","L001010101000030",null,"내장공","일반공사 직종","인",3.1E-2,0,0,243538,7549.6,0,0,243538,7549.6,null,null,"N","N","",1]
["AOD22000120S","노무","L001010101000002",null,"보통인부","일반공사 직종","인",1.4999999999999999E-2,0,0,165545,2483.1,0,0,165545,2483.1,null,null,"N","N","",1]
[null,null,null,null,"[합 계]",null,null,0,0,0,0,10032,0,0,0,10032,null,null,null,null,"",1]
[null,null,null,null,null,null,null,0,0,0,0,0,0,0,0,0,null,null,null,null,"",1]
["AOD22000130S",null,null,null,"단열재 격자넣기","천장, 300mm이하","M2",0,0,0,0,0,0,0,0,0,null,null,null,null,"",1]
["AOD22000130S","노무","L001010101000030",null,"내장공","일반공사 직종","인",3.3000000000000002E-2,0,0,243538,8036.7,0,0,243538,8036.7,null,null,"N","N","",1]
["AOD22000130S","노무","L001010101000002",null,"보통인부","일반공사 직종","인",1.7000000000000001E-2,0,0,165545,2814.2,0,0,165545,2814.2,null,null,"N","N","",1]
[null,null,null,null,"[합 계]",null,null,0,0,0,0,10850,0,0,0,10850,null,null,null,null,"",1]
[null,null,null,null,null,null,null,0,0,0,0,0,0,0,0,0,null,null,null,null,"",1]
["AOD22001100S",null,null,null,"단열재 격자넣기 - 발포폴리스티렌 단열재","천장, 50mm이하","M2",0,0,0,0,0,0,0,0,0,null,null,null,null,"",1]
["AOD22001100S","노무","L001010101000030",null,"내장공","일반공사 직종","인",2.3E-2,0,0,243538,5601.3,0,0,243538,5601.3,null,null,"N","N","",1]
["AOD22001100S","노무","L001010101000002",null,"보통인부","일반공사 직종","인",1.0999999999999999E-2,0,0,165545,1820.9,0,0,165545,1820.9,null,null,"N","N","",1]
[null,null,null,null,"[합 계]",null,null,0,0,0,0,7422,0,0,0,7422,null,null,null,null,"",1]
[null,null,null,null,null,null,null,0,0,0,0,0,0,0,0,0,null,null,null,null,"",1]
["AOD22001110S",null,null,null,"단열재 격자넣기 - 발포폴리스티렌 단열재","천장, 100mm이하","M2",0,0,0,0,0,0,0,0,0,null,null,null,null,"",1]
["AOD22001110S","노무","L001010101000030",null,"내장공","일반공사 직종","인",2.4E-2,0,0,243538,5844.9,0,0,243538,5844.9,null,null,"N","N","",1]
["AOD22001110S","노무","L001010101000002",null,"보통인부","일반공사 직종","인",1.2E-2,0,0,165545,1986.5,0,0,165545,1986.5,null,null,"N","N","",1]
[null,null,null,null,"[합 계]",null,null,0,0,0,0,7831,0,0,0,7831,null,null,null,null,"",1]
[null,null,null,null,null,null,null,0,0,0,0,0,0,0,0,0,null,null,null,null,"",1]
["AOD22001120S",null,null,null,"단열재 격자넣기 - 발포폴리스티렌 단열재","천장, 200mm이하","M2",0,0,0,0,0,0,0,0,0,null,null,null,null,"",1]
["AOD22001120S","노무","L001010101000030",null,"내장공","일반공사 직종","인",2.5999999999999999E-2,0,0,243538,6331.9,0,0,243538,6331.9,null,null,"N","N","",1]
["AOD22001120S","노무","L001010101000002",null,"보통인부","일반공사 직종","인",1.2999999999999999E-2,0,0,165545,2152,0,0,165545,2152,null,null,"N","N","",1]
[null,null,null,null,"[합 계]",null,null,0,0,0,0,8483,0,0,0,8483,null,null,null,null,"",1]
[null,null,null,null,null,null,null,0,0,0,0,0,0,0,0,0,null,null,null,null,"",1]
["AOD22001130S",null,null,null,"단열재 격자넣기 - 발포폴리스티렌 단열재","천장, 300mm이하","M2",0,0,0,0,0,0,0,0,0,null,null,null,null,"",1]
["AOD22001130S","노무","L001010101000030",null,"내장공","일반공사 직종","인",2.8000000000000001E-2,0,0,243538,6819,0,0,243538,6819,null,null,"N","N","",1]
["AOD22001130S","노무","L001010101000002",null,"보통인부","일반공사 직종","인",1.4E-2,0,0,165545,2317.6,0,0,165545,2317.6,null,null,"N","N","",1]
[null,null,null,null,"[합 계]",null,null,0,0,0,0,9136,0,0,0,9136,null,null,null,null,"",1]
[null,null,null,null,null,null,null,0,0,0,0,0,0,0,0,0,null,null,null,null,"",1]
["AOD32300010S",null,null,null,"우레탄폼 분사 충전","인력, 벽","M3",0,0,0,0,0,0,0,0,0,null,null,null,null,"",1]
["AOD32300010S","노무","L001010101000030",null,"내장공","일반공사 직종","인",8.2000000000000003E-2,0,0,243538,19970.099999999999,0,0,243538,19970.099999999999,null,null,"N","N","",1]
["AOD32300010S","노무","L001010101000003",null,"특별인부","일반공사 직종","인",8.2000000000000003E-2,0,0,214222,17566.2,0,0,214222,17566.2,null,null,"N","N","",1]
[null,null,null,null,"[합 계]",null,null,0,0,0,0,37536,0,0,0,37536,null,null,null,null,"",1]
[null,null,null,null,null,null,null,0,0,0,0,0,0,0,0,0,null,null,null,null,"",1]
["AOD32300020S",null,null,null,"우레탄폼 분사 충전","장비, 벽","M3",0,0,0,0,0,0,0,0,0,null,null,null,null,"",1]
["AOD32300020S","기계경비","00007830008100000",null,"우레탄폼 분사용기구","8.1kg/min","HR",0.26,0,0,0,0,8159,2121.3000000000002,8159,2121.3000000000002,null,null,"N","N","",1]
[null,null,null,null,"[합 계]",null,null,0,0,0,0,0,0,2121,0,2121,null,null,null,null,"",1]
[null,null,null,null,null,null,null,0,0,0,0,0,0,0,0,0,null,null,null,null,"",1]
["AOD32300030S",null,null,null,"우레탄폼 분사 충전","인력, 천장","M3",0,0,0,0,0,0,0,0,0,null,null,null,null,"",1]
["AOD32300030S","노무","L001010101000030",null,"내장공","일반공사 직종","인",9.2999999999999999E-2,0,0,243538,22649,0,0,243538,22649,null,null,"N","N","",1]
["AOD32300030S","노무","L001010101000003",null,"특별인부","일반공사 직종","인",9.2999999999999999E-2,0,0,214222,19922.599999999999,0,0,214222,19922.599999999999,null,null,"N","N","",1]
[null,null,null,null,"[합 계]",null,null,0,0,0,0,42571,0,0,0,42571,null,null,null,null,"",1]
[null,null,null,null,null,null,null,0,0,0,0,0,0,0,0,0,null,null,null,null,"",1]
["AOD32300040S",null,null,null,"우레탄폼 분사 충전","장비, 천장","M3",0,0,0,0,0,0,0,0,0,null,null,null,null,"",1]
["AOD32300040S","기계경비","00007830008100000",null,"우레탄폼 분사용기구","8.1kg/min","HR",0.42,0,0,0,0,8159,3426.7,8159,3426.7,null,null,"N","N","",1]
[null,null,null,null,"[합 계]",null,null,0,0,0,0,0,0,3426,0,3426,null,null,null,null,"",1]
[null,null,null,null,null,null,null,0,0,0,0,0,0,0,0,0,null,null,null,null,"",1]
["AOE14000010S",null,null,null,"폴리카보네이트 설치",null,"M2",0,0,0,0,0,0,0,0,0,null,null,null,null,"",1]
["AOE14000010S","노무","L001010101000036",null,"지붕잇기공","일반공사 직종","인",0.15,0,0,222346,33351.9,0,0,222346,33351.9,null,null,"N","N","",1]
["AOE14000010S","노무","L001010101000002",null,"보통인부","일반공사 직종","인",0.03,0,0,165545,4966.3,0,0,165545,4966.3,null,null,"N","N","",1]
["AOE14000010S","손료","RENT000000000001",null,"공구손료","인력품의 3%","식",1,1149.5,1149.5,0,0,0,0,1149.5,1149.5,null,null,"N","N",3,1]
[null,null,null,null,"[합 계]",null,null,0,0,1149,0,38318,0,0,0,39467,null,null,null,null,"",1]
[null,null,null,null,null,null,null,0,0,0,0,0,0,0,0,0,null,null,null,null,"",1]
["AOH30000010S",null,null,null,"커튼박스 설치","목재","M",0,0,0,0,0,0,0,0,0,null,null,null,null,"",1]
["AOH30000010S","노무","L001010101000023",null,"건축목공","일반공사 직종","인",3.6999999999999998E-2,0,0,268058,9918.1,0,0,268058,9918.1,null,null,"N","N","",1]
["AOH30000010S","노무","L001010101000002",null,"보통인부","일반공사 직종","인",4.0000000000000001E-3,0,0,165545,662.1,0,0,165545,662.1,null,null,"N","N","",1]
["AOH30000010S","손료","RENT000000000001",null,"공구손료","인력품의 2%","식",1,211.6,211.6,0,0,0,0,211.6,211.6,null,null,"N","N",2,1]
[null,null,null,null,"[합 계]",null,null,0,0,211,0,10580,0,0,0,10791,null,null,null,null,"",1]
[null,null,null,null,null,null,null,0,0,0,0,0,0,0,0,0,null,null,null,null,"",1]
["AOI00000010S",null,null,null,"조이너 및 몰딩 설치","몰딩","M",0,0,0,0,0,0,0,0,0,null,null,null,null,"",1]
["AOI00000010S","노무","L001010101000030",null,"내장공","일반공사 직종","인",3.5000000000000003E-2,0,0,243538,8523.7999999999993,0,0,243538,8523.7999999999993,null,null,"N","N","",1]
["AOI00000010S","손료","RENT000000000001",null,"공구손료","인력품의 4%","식",1,340.9,340.9,0,0,0,0,340.9,340.9,null,null,"N","N",4,1]
[null,null,null,null,"[합 계]",null,null,0,0,340,0,8523,0,0,0,8863,null,null,null,null,"",1]
[null,null,null,null,null,null,null,0,0,0,0,0,0,0,0,0,null,null,null,null,"",1]
["AOJ41000010S",null,null,null,"샌드위치(단열)패널 설치 - 칸막이벽","두께 50~100mm 기준","M2",0,0,0,0,0,0,0,0,0,null,null,null,null,"",1]
["AOJ41000010S","노무","L001010101000030",null,"내장공","일반공사 직종","인",0.1,0,0,243538,24353.8,0,0,243538,24353.8,null,null,"N","N","",1]
["AOJ41000010S","노무","L001010101000002",null,"보통인부","일반공사 직종","인",0.05,0,0,165545,8277.2000000000007,0,0,165545,8277.2000000000007,null,null,"N","N","",1]
["AOJ41000010S","손료","RENT000000000001",null,"공구손료","인력품의 2%","식",1,652.6,652.6,0,0,0,0,652.6,652.6,null,null,"N","N",2,1]
[null,null,null,null,"[합 계]",null,null,0,0,652,0,32631,0,0,0,33283,null,null,null,null,"",1]
[null,null,null,null,null,null,null,0,0,0,0,0,0,0,0,0,null,null,null,null,"",1]
["AOJ41000011S",null,null,null,"샌드위치(단열)패널 설치 - 칸막이벽","두께 50~100mm 기준","일",0,0,0,0,0,0,0,0,0,null,null,null,null,"",1]
["AOJ41000011S","노무","L001010101000030",null,"내장공","일반공사 직종","인",2,0,0,243538,487076,0,0,243538,487076,null,null,"N","N","",1]
["AOJ41000011S","노무","L001010101000002",null,"보통인부","일반공사 직종","인",1,0,0,165545,165545,0,0,165545,165545,null,null,"N","N","",1]
["AOJ41000011S","손료","RENT000000000001",null,"공구손료","인력품의 2%","식",1,13052.4,13052.4,0,0,0,0,13052.4,13052.4,null,null,"N","N",2,1]
[null,null,null,null,"[합 계]",null,null,0,0,13052,0,652621,0,0,0,665673,null,null,null,null,"",1]
[null,null,null,null,null,null,null,0,0,0,0,0,0,0,0,0,null,null,null,null,"",1]
["AOJ41500010S",null,null,null,"샌드위치(단열)패널 설치 - 지붕","두께 50~100mm 기준","M2",0,0,0,0,0,0,0,0,0,null,null,null,null,"",1]
["AOJ41500010S","노무","L001010101000030",null,"내장공","일반공사 직종","인",3.7999999999999999E-2,0,0,243538,9254.4,0,0,243538,9254.4,null,null,"N","N","",1]
["AOJ41500010S","노무","L001010101000002",null,"보통인부","일반공사 직종","인",1.2999999999999999E-2,0,0,165545,2152,0,0,165545,2152,null,null,"N","N","",1]
["AOJ41500010S","손료","RENT000000000001",null,"공구손료","인력품의 2%","식",1,228.1,228.1,0,0,0,0,228.1,228.1,null,null,"N","N",2,1]
["AOJ41500010S","기계경비","00002104002000000",null,"크레인(타이어)","20ton","HR",0.1,9547,954.7,55700,5570,51286,5128.6000000000004,116533,11653.3,null,null,"N","N","",1]
[null,null,null,null,"[합 계]",null,null,0,0,1182,0,16976,0,5128,0,23286,null,null,null,null,"",1]
[null,null,null,null,null,null,null,0,0,0,0,0,0,0,0,0,null,null,null,null,"",1]
["AOJ41500011S",null,null,null,"샌드위치(단열)패널 설치 - 지붕","두께 50~100mm 기준","일",0,0,0,0,0,0,0,0,0,null,null,null,null,"",1]
["AOJ41500011S","노무","L001010101000030",null,"내장공","일반공사 직종","인",3,0,0,243538,730614,0,0,243538,730614,null,null,"N","N","",1]
["AOJ41500011S","노무","L001010101000002",null,"보통인부","일반공사 직종","인",1,0,0,165545,165545,0,0,165545,165545,null,null,"N","N","",1]
["AOJ41500011S","손료","RENT000000000001",null,"공구손료","인력품의 2%","식",1,17923.099999999999,17923.099999999999,0,0,0,0,17923.099999999999,17923.099999999999,null,null,"N","N",2,1]
["AOJ41500011S","기계경비","00002104002000000",null,"크레인(타이어)","20ton","HR",8,9547,76376,55700,445600,51286,410288,116533,932264,null,null,"N","N","",1]
[null,null,null,null,"[합 계]",null,null,0,0,94299,0,1341759,0,410288,0,1846346,null,null,null,null,"",1]
[null,null,null,null,null,null,null,0,0,0,0,0,0,0,0,0,null,null,null,null,"",1]
["AOJ41500020S",null,null,null,"샌드위치(단열)패널 설치 - 줄눈재","두께 50~100mm 기준, 연결부분","M",0,0,0,0,0,0,0,0,0,null,null,null,null,"",1]
["AOJ41500020S","노무","L001010101000030",null,"내장공","일반공사 직종","인",2.7E-2,0,0,243538,6575.5,0,0,243538,6575.5,null,null,"N","N","",1]
[null,null,null,null,"[합 계]",null,null,0,0,0,0,6575,0,0,0,6575,null,null,null,null,"",1]
[null,null,null,null,null,null,null,0,0,0,0,0,0,0,0,0,null,null,null,null,"",1]
["AOJ41500021S",null,null,null,"샌드위치(단열)패널 설치 - 줄눈재","두께 50~100mm 기준, 연결부분","일",0,0,0,0,0,0,0,0,0,null,null,null,null,"",1]
["AOJ41500021S","노무","L001010101000030",null,"내장공","일반공사 직종","인",1,0,0,243538,243538,0,0,243538,243538,null,null,"N","N","",1]
[null,null,null,null,"[합 계]",null,null,0,0,0,0,243538,0,0,0,243538,null,null,null,null,"",1]
[null,null,null,null,null,null,null,0,0,0,0,0,0,0,0,0,null,null,null,null,"",1]
["AOL00000010S",null,null,null,"외벽단열공법","단열두께(mm) - 60 이하","㎡",0,0,0,0,0,0,0,0,0,null,null,null,null,"",1]
["AOL00000010S","노무","L001010101000030",null,"내장공","일반공사 직종","인",0.06,0,0,243538,14612.2,0,0,243538,14612.2,null,null,"N","N","",1]
["AOL00000010S","노무","L001010101000027",null,"미장공","일반공사 직종","인",3.7999999999999999E-2,0,0,266787,10137.9,0,0,266787,10137.9,null,null,"N","N","",1]
["AOL00000010S","노무","L001010101000002",null,"보통인부","일반공사 직종","인",3.1E-2,0,0,165545,5131.8,0,0,165545,5131.8,null,null,"N","N","",1]
["AOL00000010S","손료","RENT000000000001",null,"공구손료","인력품의 1%","식",1,298.8,298.8,0,0,0,0,298.8,298.8,null,null,"N","N",1,1]
[null,null,null,null,"[합 계]",null,null,0,0,298,0,29881,0,0,0,30179,null,null,null,null,"",1]
[null,null,null,null,null,null,null,0,0,0,0,0,0,0,0,0,null,null,null,null,"",1]
["AOL00000020S",null,null,null,"외벽단열공법","단열두께(mm) - 100 이하","㎡",0,0,0,0,0,0,0,0,0,null,null,null,null,"",1]
["AOL00000020S","노무","L001010101000030",null,"내장공","일반공사 직종","인",6.3E-2,0,0,243538,15342.8,0,0,243538,15342.8,null,null,"N","N","",1]
["AOL00000020S","노무","L001010101000027",null,"미장공","일반공사 직종","인",0.04,0,0,266787,10671.4,0,0,266787,10671.4,null,null,"N","N","",1]
["AOL00000020S","노무","L001010101000002",null,"보통인부","일반공사 직종","인",3.3000000000000002E-2,0,0,165545,5462.9,0,0,165545,5462.9,null,null,"N","N","",1]
["AOL00000020S","손료","RENT000000000001",null,"공구손료","인력품의 1%","식",1,314.7,314.7,0,0,0,0,314.7,314.7,null,null,"N","N",1,1]
[null,null,null,null,"[합 계]",null,null,0,0,314,0,31477,0,0,0,31791,null,null,null,null,"",1]
[null,null,null,null,null,null,null,0,0,0,0,0,0,0,0,0,null,null,null,null,"",1]
["AOL00000040S",null,null,null,"외벽단열공법","하부 충격보강작업","㎡",0,0,0,0,0,0,0,0,0,null,null,null,null,"",1]
["AOL00000040S","노무","L001010101000027",null,"미장공","일반공사 직종","인",7.5999999999999998E-2,0,0,266787,20275.8,0,0,266787,20275.8,null,null,"N","N","",1]
["AOL00000040S","노무","L001010101000002",null,"보통인부","일반공사 직종","인",2.5000000000000001E-2,0,0,165545,4138.6000000000004,0,0,165545,4138.6000000000004,null,null,"N","N","",1]
[null,null,null,null,"[합 계]",null,null,0,0,0,0,24414,0,0,0,24414,null,null,null,null,"",1]
[null,null,null,null,null,null,null,0,0,0,0,0,0,0,0,0,null,null,null,null,"",1]
["AOL00000070S",null,null,null,"외벽단열공법","단열두께(mm) - 200 이하","㎡",0,0,0,0,0,0,0,0,0,null,null,null,null,"",1]
["AOL00000070S","노무","L001010101000030",null,"내장공","일반공사 직종","인",8.1000000000000003E-2,0,0,243538,19726.5,0,0,243538,19726.5,null,null,"N","N","",1]
["AOL00000070S","노무","L001010101000027",null,"미장공","일반공사 직종","인",5.1999999999999998E-2,0,0,266787,13872.9,0,0,266787,13872.9,null,null,"N","N","",1]
["AOL00000070S","노무","L001010101000002",null,"보통인부","일반공사 직종","인",4.2000000000000003E-2,0,0,165545,6952.8,0,0,165545,6952.8,null,null,"N","N","",1]
["AOL00000070S","손료","RENT000000000001",null,"공구손료 등","노무비의 1%","식",1,405.5,405.5,0,0,0,0,405.5,405.5,null,null,"N","N",1,1]
[null,null,null,null,"[합 계]",null,null,0,0,405,0,40552,0,0,0,40957,null,null,null,null,"",1]
[null,null,null,null,null,null,null,0,0,0,0,0,0,0,0,0,null,null,null,null,"",1]
["AOM10000010S",null,null,null,"흡음판 설치","벽","M2",0,0,0,0,0,0,0,0,0,null,null,null,null,"",1]
["AOM10000010S","노무","L001010101000030",null,"내장공","일반공사 직종","인",0.05,0,0,243538,12176.9,0,0,243538,12176.9,null,null,"N","N","",1]
["AOM10000010S","노무","L001010101000002",null,"보통인부","일반공사 직종","인",2.5000000000000001E-2,0,0,165545,4138.6000000000004,0,0,165545,4138.6000000000004,null,null,"N","N","",1]
["AOM10000010S","손료","RENT000000000001",null,"공구손료","인력품의 1%","식",1,163.1,163.1,0,0,0,0,163.1,163.1,null,null,"N","N",1,1]
[null,null,null,null,"[합 계]",null,null,0,0,163,0,16315,0,0,0,16478,null,null,null,null,"",1]
[null,null,null,null,null,null,null,0,0,0,0,0,0,0,0,0,null,null,null,null,"",1]
["AOM10000011S",null,null,null,"흡음판 설치",null,"일",0,0,0,0,0,0,0,0,0,null,null,null,null,"",1]
["AOM10000011S","노무","L001010101000030",null,"내장공","일반공사 직종","인",2,0,0,243538,487076,0,0,243538,487076,null,null,"N","N","",1]
["AOM10000011S","노무","L001010101000002",null,"보통인부","일반공사 직종","인",1,0,0,165545,165545,0,0,165545,165545,null,null,"N","N","",1]
["AOM10000011S","손료","RENT000000000001",null,"공구손료","인력품의 1%","식",1,6526.2,6526.2,0,0,0,0,6526.2,6526.2,null,null,"N","N",1,1]
[null,null,null,null,"[합 계]",null,null,0,0,6526,0,652621,0,0,0,659147,null,null,null,null,"",1]
[null,null,null,null,null,null,null,0,0,0,0,0,0,0,0,0,null,null,null,null,"",1]
["AQA22000020S",null,null,null,"석축헐기(인력, H=3.6m기준)","질석(마름돌) 쌓기","㎥",0,0,0,0,0,0,0,0,0,null,null,null,null,"",1]
["AQA22000020S","노무","L001010101000017",null,"할석공","일반공사 직종","인",0.1,0,0,229326,22932.6,0,0,229326,22932.6,null,null,"N","N","",1]
["AQA22000020S","노무","L001010101000002",null,"보통인부","일반공사 직종","인",1.1000000000000001,0,0,165545,182099.5,0,0,165545,182099.5,null,null,"N","N","",1]
["AQA22000020S","손료","RENT000000000001",null,"잡재료","인력품의 5%","식",1,10251.6,10251.6,0,0,0,0,10251.6,10251.6,null,null,"N","N",5,1]
[null,null,null,null,"[합 계]",null,null,0,0,10251,0,205032,0,0,0,215283,null,null,null,null,"",1]
[null,null,null,null,null,null,null,0,0,0,0,0,0,0,0,0,null,null,null,null,"",1]
["AQA22000030S",null,null,null,"석축헐기(인력, H=3.6m기준)","찰쌓기","㎡",0,0,0,0,0,0,0,0,0,null,null,null,null,"",1]
["AQA22000030S","노무","L001010101000002",null,"보통인부","일반공사 직종","인",0.6,0,0,165545,99327,0,0,165545,99327,null,null,"N","N","",1]
["AQA22000030S","손료","RENT000000000001",null,"잡재료","인력품의 5%","식",1,4966.3,4966.3,0,0,0,0,4966.3,4966.3,null,null,"N","N",5,1]
[null,null,null,null,"[합 계]",null,null,0,0,4966,0,99327,0,0,0,104293,null,null,null,null,"",1]
[null,null,null,null,null,null,null,0,0,0,0,0,0,0,0,0,null,null,null,null,"",1]
["AQA22000040S",null,null,null,"석축헐기(인력, H=3.6m기준)","메쌓기 뒷길이 45-60cm","㎡",0,0,0,0,0,0,0,0,0,null,null,null,null,"",1]
["AQA22000040S","노무","L001010101000002",null,"보통인부","일반공사 직종","인",0.2,0,0,165545,33109,0,0,165545,33109,null,null,"N","N","",1]
["AQA22000040S","손료","RENT000000000001",null,"잡재료","인력품의 5%","식",1,1655.4,1655.4,0,0,0,0,1655.4,1655.4,null,null,"N","N",5,1]
[null,null,null,null,"[합 계]",null,null,0,0,1655,0,33109,0,0,0,34764,null,null,null,null,"",1]
[null,null,null,null,null,null,null,0,0,0,0,0,0,0,0,0,null,null,null,null,"",1]
["AQA22000050S",null,null,null,"석축헐기(인력, H=3.6m기준)","메쌓기 뒷길이 60-90cm","㎡",0,0,0,0,0,0,0,0,0,null,null,null,null,"",1]
["AQA22000050S","노무","L001010101000002",null,"보통인부","일반공사 직종","인",0.3,0,0,165545,49663.5,0,0,165545,49663.5,null,null,"N","N","",1]
["AQA22000050S","손료","RENT000000000001",null,"잡재료","인력품의 5%","식",1,2483.1,2483.1,0,0,0,0,2483.1,2483.1,null,null,"N","N",5,1]
[null,null,null,null,"[합 계]",null,null,0,0,2483,0,49663,0,0,0,52146,null,null,null,null,"",1]
[null,null,null,null,null,null,null,0,0,0,0,0,0,0,0,0,null,null,null,null,"",1]
["AQA22000060S",null,null,null,"조적벽 해체","3.6m 이하","M3",0,0,0,0,0,0,0,0,0,null,null,null,null,"",1]
["AQA22000060S","노무","L001010101000021",null,"조적공","일반공사 직종","인",0.38,0,0,260473,98979.7,0,0,260473,98979.7,null,null,"N","N","",1]
["AQA22000060S","노무","L001010101000002",null,"보통인부","일반공사 직종","인",0.252,0,0,165545,41717.300000000003,0,0,165545,41717.300000000003,null,null,"N","N","",1]
["AQA22000060S","손료","RENT000000000001",null,"공구손료","노무비의 2%","식",1,2813.9,2813.9,0,0,0,0,2813.9,2813.9,null,null,"N","N",2,1]
[null,null,null,null,"[합 계]",null,null,0,0,2813,0,140697,0,0,0,143510,null,null,null,null,"",1]
[null,null,null,null,null,null,null,0,0,0,0,0,0,0,0,0,null,null,null,null,"",1]
["AQA34000010S",null,null,null,"콘크리트구조물 헐기(소형장비)","공압식, 무근","M3",0,0,0,0,0,0,0,0,0,null,null,null,null,"",1]
["AQA34000010S","노무","L001010101000015",null,"착암공","일반공사 직종","인",0.56999999999999995,0,0,210152,119786.6,0,0,210152,119786.6,null,null,"N","N","",1]
["AQA34000010S","노무","L001010101000002",null,"보통인부","일반공사 직종","인",0.37,0,0,165545,61251.6,0,0,165545,61251.6,null,null,"N","N","",1]
["AQA34000010S","기계경비","00005205003500000",null,"공기압축기(이동식)","3.5㎥/min","HR",0.5,9148,4574,55700,27850,2280,1140,67128,33564,null,null,"N","N","",1]
["AQA34000010S","손료","RENT000000000001",null,"잡재료","인력품의 1%","식",1,1810.3,1810.3,0,0,0,0,1810.3,1810.3,null,null,"N","N",1,1]
["AQA34000010S","기계경비","00005210001300000",null,"소형브레이커(공압식)","1.3㎥/min","HR",1,0,0,0,0,463,463,463,463,null,null,"N","N","",1]
[null,null,null,null,"[합 계]",null,null,0,0,6384,0,208888,0,1603,0,216875,null,null,null,null,"",1]
[null,null,null,null,null,null,null,0,0,0,0,0,0,0,0,0,null,null,null,null,"",1]
["AQA34000020S",null,null,null,"콘크리트구조물 헐기(소형장비)","공압식, 철근","M3",0,0,0,0,0,0,0,0,0,null,null,null,null,"",1]
["AQA34000020S","노무","L001010101000015",null,"착암공","일반공사 직종","인",0.62,0,0,210152,130294.2,0,0,210152,130294.2,null,null,"N","N","",1]
["AQA34000020S","노무","L001010101000002",null,"보통인부","일반공사 직종","인",0.45,0,0,165545,74495.199999999997,0,0,165545,74495.199999999997,null,null,"N","N","",1]
["AQA34000020S","기계경비","00005205003500000",null,"공기압축기(이동식)","3.5㎥/min","HR",1.6,9148,14636.8,55700,89120,2280,3648,67128,107404.8,null,null,"N","N","",1]
["AQA34000020S","손료","RENT000000000001",null,"잡재료","인력품의 1%","식",1,2047.8,2047.8,0,0,0,0,2047.8,2047.8,null,null,"N","N",1,1]
["AQA34000020S","기계경비","00005210001300000",null,"소형브레이커(공압식)","1.3㎥/min","HR",3.2,0,0,0,0,463,1481.6,463,1481.6,null,null,"N","N","",1]
[null,null,null,null,"[합 계]",null,null,0,0,16684,0,293909,0,5129,0,315722,null,null,null,null,"",1]
[null,null,null,null,null,null,null,0,0,0,0,0,0,0,0,0,null,null,null,null,"",1]
["AQA34000030S",null,null,null,"콘크리트구조물 헐기(소형장비)","전기식, 무근","M3",0,0,0,0,0,0,0,0,0,null,null,null,null,"",1]
["AQA34000030S","노무","L001010101000015",null,"착암공","일반공사 직종","인",0.78,0,0,210152,163918.5,0,0,210152,163918.5,null,null,"N","N","",1]
["AQA34000030S","노무","L001010101000002",null,"보통인부","일반공사 직종","인",0.33,0,0,165545,54629.8,0,0,165545,54629.8,null,null,"N","N","",1]
["AQA34000030S","기계경비","00005220001500000",null,"소형브레이커(전기식)","1.5kw","HR",3.77,0,0,0,0,322,1213.9000000000001,322,1213.9000000000001,null,null,"N","N","",1]
["AQA34000030S","손료","RENT000000000001",null,"잡재료","인력품의 1%","식",1,2185.4,2185.4,0,0,0,0,2185.4,2185.4,null,null,"N","N",1,1]
[null,null,null,null,"[합 계]",null,null,0,0,2185,0,218548,0,1213,0,221946,null,null,null,null,"",1]
[null,null,null,null,null,null,null,0,0,0,0,0,0,0,0,0,null,null,null,null,"",1]
["AQA34000040S",null,null,null,"콘크리트구조물 헐기(소형장비)","전기식, 철근","M3",0,0,0,0,0,0,0,0,0,null,null,null,null,"",1]
["AQA34000040S","노무","L001010101000015",null,"착암공","일반공사 직종","인",0.92,0,0,210152,193339.8,0,0,210152,193339.8,null,null,"N","N","",1]
["AQA34000040S","노무","L001010101000002",null,"보통인부","일반공사 직종","인",0.39,0,0,165545,64562.5,0,0,165545,64562.5,null,null,"N","N","",1]
["AQA34000040S","기계경비","00005220001500000",null,"소형브레이커(전기식)","1.5kw","HR",4.4000000000000004,0,0,0,0,322,1416.8,322,1416.8,null,null,"N","N","",1]
["AQA34000040S","손료","RENT000000000001",null,"잡재료","인력품의 1%","식",1,2579,2579,0,0,0,0,2579,2579,null,null,"N","N",1,1]
[null,null,null,null,"[합 계]",null,null,0,0,2579,0,257902,0,1416,0,261897,null,null,null,null,"",1]
[null,null,null,null,null,null,null,0,0,0,0,0,0,0,0,0,null,null,null,null,"",1]
["AQA34000050S",null,null,null,"콘크리트구조물 헐기(대형장비)","장애물 미제거(기준높이 10m 이하)","M3",0,0,0,0,0,0,0,0,0,null,null,null,null,"",1]
["AQA34000050S","노무","L001010101000002",null,"보통인부","일반공사 직종","인",0.02,0,0,165545,3310.9,0,0,165545,3310.9,null,null,"N","N","",1]
["AQA34000050S","노무","L001010101000003",null,"특별인부","일반공사 직종","인",0.04,0,0,214222,8568.7999999999993,0,0,214222,8568.7999999999993,null,null,"N","N","",1]
["AQA34000050S","기계경비","00000201010000000",null,"굴삭기(무한궤도)","1.0㎥","HR",0.2,30260,6052,55700,11140,27901,5580.2,113861,22772.2,null,null,"N","N","",1]
["AQA34000050S","기계경비","00000250010000000",null,"압쇄기(펄버라이저)","1.0㎥용","HR",0.2,0,0,0,0,17794,3558.8,17794,3558.8,null,null,"N","N","",1]
["AQA34000050S","손료","RENT000000000001",null,"공구손료","인력품의 6%","식",1,712.7,712.7,0,0,0,0,712.7,712.7,null,null,"N","N",6,1]
[null,null,null,null,"[합 계]",null,null,0,0,6764,0,23019,0,9139,0,38922,null,null,null,null,"",1]
[null,null,null,null,null,null,null,0,0,0,0,0,0,0,0,0,null,null,null,null,"",1]
["AQA34000060S",null,null,null,"콘크리트구조물 헐기(대형장비)","장애물 제거(기준높이 10m 이하)","M3",0,0,0,0,0,0,0,0,0,null,null,null,null,"",1]
["AQA34000060S","노무","L001010101000012",null,"용접공","일반공사 직종","인",0.02,0,0,267021,5340.4,0,0,267021,5340.4,null,null,"N","N","",1]
["AQA34000060S","노무","L001010101000003",null,"특별인부","일반공사 직종","인",0.05,0,0,214222,10711.1,0,0,214222,10711.1,null,null,"N","N","",1]
["AQA34000060S","노무","L001010101000002",null,"보통인부","일반공사 직종","인",0.03,0,0,165545,4966.3,0,0,165545,4966.3,null,null,"N","N","",1]
["AQA34000060S","기계경비","00000201010000000",null,"굴삭기(무한궤도)","1.0㎥","HR",0.28999999999999998,30260,8775.4,55700,16153,27901,8091.2,113861,33019.599999999999,null,null,"N","N","",1]
["AQA34000060S","기계경비","00000230001000000",null,"대형 브레이커","1.0㎥용","HR",0.28999999999999998,0,0,0,0,17872,5182.8,17872,5182.8,null,null,"N","N","",1]
["AQA34000060S","기계경비","00000250010000000",null,"압쇄기(펄버라이저)","1.0㎥용","HR",0.28999999999999998,0,0,0,0,17794,5160.2,17794,5160.2,null,null,"N","N","",1]
["AQA34000060S","손료","RENT000000000001",null,"공구손료","인력품의 6%","식",1,1261,1261,0,0,0,0,1261,1261,null,null,"N","N",6,1]
["AQA34000060S","자재","1214190420204084",null,"산소가스","산소가스","L",135,2,270,0,0,0,0,2,270,null,null,"N","N","",1]
["AQA34000060S","자재","1511150620204095",null,"아세틸렌가스","아세틸렌가스, kg","kg",0.05,14960,748,0,0,0,0,14960,748,null,null,"N","N","",1]
[null,null,null,null,"[합 계]",null,null,0,0,11054,0,37170,0,18434,0,66658,null,null,null,null,"",1]
[null,null,null,null,null,null,null,0,0,0,0,0,0,0,0,0,null,null,null,null,"",1]
["AQA44000010S",null,null,null,"철골재 철거","해체","TON",0,0,0,0,0,0,0,0,0,null,null,null,null,"",1]
["AQA44000010S","노무","L001010101000012",null,"용접공","일반공사 직종","인",2.2000000000000002,0,0,267021,587446.19999999995,0,0,267021,587446.19999999995,null,null,"N","N","",1]
["AQA44000010S","노무","L001010101000002",null,"보통인부","일반공사 직종","인",1,0,0,165545,165545,0,0,165545,165545,null,null,"N","N","",1]
[null,null,null,null,"[합 계]",null,null,0,0,0,0,752991,0,0,0,752991,null,null,null,null,"",1]
[null,null,null,null,null,null,null,0,0,0,0,0,0,0,0,0,null,null,null,null,"",1]
["AQA44000020S",null,null,null,"철골재 철거","뒷정리","TON",0,0,0,0,0,0,0,0,0,null,null,null,null,"",1]
["AQA44000020S","노무","L001010101000002",null,"보통인부","일반공사 직종","인",0.2,0,0,165545,33109,0,0,165545,33109,null,null,"N","N","",1]
[null,null,null,null,"[합 계]",null,null,0,0,0,0,33109,0,0,0,33109,null,null,null,null,"",1]
[null,null,null,null,null,null,null,0,0,0,0,0,0,0,0,0,null,null,null,null,"",1]
["AQA44000030S",null,null,null,"철골재 철거","LPG사용","TON",0,0,0,0,0,0,0,0,0,null,null,null,null,"",1]
["AQA44000030S","일위대가","AQA44000020S",null,"철골재 철거","뒷정리","TON",1,0,0,33109,33109,0,0,33109,33109,null,null,"N","N","",1]
["AQA44000030S","자재","1511151020204251",null,"액화석유가스","액화석유가스, 건설용LPG","kg",2,1998,3996,0,0,0,0,1998,3996,null,null,"N","N","",1]
["AQA44000030S","일위대가","AQA44000010S",null,"철골재 철거","해체","TON",1,0,0,752991,752991,0,0,752991,752991,null,null,"N","N","",1]
[null,null,null,null,"[합 계]",null,null,0,0,3996,0,786100,0,0,0,790096,null,null,null,null,"",1]
[null,null,null,null,null,null,null,0,0,0,0,0,0,0,0,0,null,null,null,null,"",1]
["AQA44000040S",null,null,null,"철골재 철거","아세틸렌사용","TON",0,0,0,0,0,0,0,0,0,null,null,null,null,"",1]
["AQA44000040S","일위대가","AQA44000020S",null,"철골재 철거","뒷정리","TON",1,0,0,33109,33109,0,0,33109,33109,null,null,"N","N","",1]
["AQA44000040S","자재","1214190420204088",null,"산소가스","산소가스, 6000L","병",0.7,0,0,0,0,0,0,0,0,"대기압상태기준",null,"N","N","",1]
["AQA44000040S","자재","1511150620204095",null,"아세틸렌가스","아세틸렌가스, kg","kg",2.5,14960,37400,0,0,0,0,14960,37400,null,null,"N","N","",1]
["AQA44000040S","일위대가","AQA44000010S",null,"철골재 철거","해체","TON",1,0,0,752991,752991,0,0,752991,752991,null,null,"N","N","",1]
[null,null,null,null,"[합 계]",null,null,0,0,37400,0,786100,0,0,0,823500,null,null,null,null,"",1]
[null,null,null,null,null,null,null,0,0,0,0,0,0,0,0,0,null,null,null,null,"",1]
["AQA80000230S",null,null,null,"기존방수층 및 보호층 해체","개소당 작업면적 40m2 이상","㎡",0,0,0,0,0,0,0,0,0,null,null,null,null,"",1]
["AQA80000230S","노무","L001010101000015",null,"착암공","일반공사 직종","인",0.06,0,0,210152,12609.1,0,0,210152,12609.1,null,null,"N","N","",1]
["AQA80000230S","노무","L001010101000002",null,"보통인부","일반공사 직종","인",0.22,0,0,165545,36419.9,0,0,165545,36419.9,null,null,"N","N","",1]
["AQA80000230S","기계경비","00005205003500000",null,"공기압축기(이동식)","3.5㎥/min","HR",0.05,9148,457.4,55700,2785,2280,114,67128,3356.4,null,null,"N","N","",1]
["AQA80000230S","기계경비","00005210001300000",null,"소형브레이커(공압식)","1.3㎥/min","HR",0.1,0,0,0,0,463,46.3,463,46.3,null,null,"N","N","",1]
[null,null,null,null,"[합 계]",null,null,0,0,457,0,51814,0,160,0,52431,null,null,null,null,"",1]
[null,null,null,null,null,null,null,0,0,0,0,0,0,0,0,0,null,null,null,null,"",1]
["AQA80000240S",null,null,null,"석면건축자재 해체 - 내장재","천정재,내벽체,간막이재","M2",0,0,0,0,0,0,0,0,0,null,null,null,null,"",1]
["AQA80000240S","노무","L001010101000091",null,"석면해체공","일반공사 직종","인",0.12,0,0,196351,23562.1,0,0,196351,23562.1,null,null,"N","N","",1]
["AQA80000240S","노무","L001010101000002",null,"보통인부","일반공사 직종","인",1.7000000000000001E-2,0,0,165545,2814.2,0,0,165545,2814.2,null,null,"N","N","",1]
[null,null,null,null,"[합 계]",null,null,0,0,0,0,26376,0,0,0,26376,null,null,null,null,"",1]
[null,null,null,null,null,null,null,0,0,0,0,0,0,0,0,0,null,null,null,null,"",1]
["AQA80000250S",null,null,null,"석면건축자재 해체 - 외장재","슬레이트","M2",0,0,0,0,0,0,0,0,0,null,null,null,null,"",1]
["AQA80000250S","노무","L001010101000091",null,"석면해체공","일반공사 직종","인",4.4999999999999998E-2,0,0,196351,8835.7000000000007,0,0,196351,8835.7000000000007,null,null,"N","N","",1]
["AQA80000250S","노무","L001010101000002",null,"보통인부","일반공사 직종","인",1.0999999999999999E-2,0,0,165545,1820.9,0,0,165545,1820.9,null,null,"N","N","",1]
[null,null,null,null,"[합 계]",null,null,0,0,0,0,10656,0,0,0,10656,null,null,null,null,"",1]
[null,null,null,null,null,null,null,0,0,0,0,0,0,0,0,0,null,null,null,null,"",1]
["AQA80000260S",null,null,null,"석면건축자재 해체 - 뿜칠재","철골-내화피복","M2",0,0,0,0,0,0,0,0,0,null,null,null,null,"",1]
["AQA80000260S","노무","L001010101000091",null,"석면해체공","일반공사 직종","인",0.5,0,0,196351,98175.5,0,0,196351,98175.5,null,null,"N","N","",1]
[null,null,null,null,"[합 계]",null,null,0,0,0,0,98175,0,0,0,98175,null,null,null,null,"",1]
[null,null,null,null,null,null,null,0,0,0,0,0,0,0,0,0,null,null,null,null,"",1]
["AQA80000270S",null,null,null,"금속기와 해체","해체재 재사용 안함","M2",0,0,0,0,0,0,0,0,0,null,null,null,null,"",1]
["AQA80000270S","노무","L001010101000036",null,"지붕잇기공","일반공사 직종","인",1.7999999999999999E-2,0,0,222346,4002.2,0,0,222346,4002.2,null,null,"N","N","",1]
["AQA80000270S","노무","L001010101000002",null,"보통인부","일반공사 직종","인",1.2E-2,0,0,165545,1986.5,0,0,165545,1986.5,null,null,"N","N","",1]
["AQA80000270S","손료","RENT000000000001",null,"공구손료","노무비의 3%","식",1,179.6,179.6,0,0,0,0,179.6,179.6,null,null,"N","N",3,1]
[null,null,null,null,"[합 계]",null,null,0,0,179,0,5988,0,0,0,6167,null,null,null,null,"",1]
[null,null,null,null,null,null,null,0,0,0,0,0,0,0,0,0,null,null,null,null,"",1]
["AQA80000280S",null,null,null,"흡음텍스 해체","해체재 재사용 안함","M2",0,0,0,0,0,0,0,0,0,null,null,null,null,"",1]
["AQA80000280S","노무","L001010101000030",null,"내장공","일반공사 직종","인",1.6E-2,0,0,243538,3896.6,0,0,243538,3896.6,null,null,"N","N","",1]
["AQA80000280S","노무","L001010101000002",null,"보통인부","일반공사 직종","인",1.0999999999999999E-2,0,0,165545,1820.9,0,0,165545,1820.9,null,null,"N","N","",1]
[null,null,null,null,"[합 계]",null,null,0,0,0,0,5717,0,0,0,5717,null,null,null,null,"",1]
[null,null,null,null,null,null,null,0,0,0,0,0,0,0,0,0,null,null,null,null,"",1]
["AQA80000290S",null,null,null,"경량천장철골틀 해체","해체재 재사용 안함","M2",0,0,0,0,0,0,0,0,0,null,null,null,null,"",1]
["AQA80000290S","노무","L001010101000030",null,"내장공","일반공사 직종","인",1.7999999999999999E-2,0,0,243538,4383.6000000000004,0,0,243538,4383.6000000000004,null,null,"N","N","",1]
["AQA80000290S","노무","L001010101000002",null,"보통인부","일반공사 직종","인",1.2E-2,0,0,165545,1986.5,0,0,165545,1986.5,null,null,"N","N","",1]
["AQA80000290S","손료","RENT000000000001",null,"공구손료","노무비의 2%","식",1,127.4,127.4,0,0,0,0,127.4,127.4,null,null,"N","N",2,1]
[null,null,null,null,"[합 계]",null,null,0,0,127,0,6370,0,0,0,6497,null,null,null,null,"",1]
[null,null,null,null,null,null,null,0,0,0,0,0,0,0,0,0,null,null,null,null,"",1]
["AQA80000300S",null,null,null,"경량벽체철골틀 해체","해체재 재사용 안함","M2",0,0,0,0,0,0,0,0,0,null,null,null,null,"",1]
["AQA80000300S","노무","L001010101000030",null,"내장공","일반공사 직종","인",1.6E-2,0,0,243538,3896.6,0,0,243538,3896.6,null,null,"N","N","",1]
["AQA80000300S","노무","L001010101000002",null,"보통인부","일반공사 직종","인",1.0999999999999999E-2,0,0,165545,1820.9,0,0,165545,1820.9,null,null,"N","N","",1]
["AQA80000300S","손료","RENT000000000001",null,"공구손료","노무비의 2%","식",1,114.3,114.3,0,0,0,0,114.3,114.3,null,null,"N","N",2,1]
[null,null,null,null,"[합 계]",null,null,0,0,114,0,5717,0,0,0,5831,null,null,null,null,"",1]
[null,null,null,null,null,null,null,0,0,0,0,0,0,0,0,0,null,null,null,null,"",1]
["AQA80000310S",null,null,null,"석고판 해체","해체재 재사용 안함","M2",0,0,0,0,0,0,0,0,0,null,null,null,null,"",1]
["AQA80000310S","노무","L001010101000030",null,"내장공","일반공사 직종","인",1.4E-2,0,0,243538,3409.5,0,0,243538,3409.5,null,null,"N","N","",1]
["AQA80000310S","노무","L001010101000002",null,"보통인부","일반공사 직종","인",0.01,0,0,165545,1655.4,0,0,165545,1655.4,null,null,"N","N","",1]
["AQA80000310S","손료","RENT000000000001",null,"공구손료","노무비의 2%","식",1,101.2,101.2,0,0,0,0,101.2,101.2,null,null,"N","N",2,1]
[null,null,null,null,"[합 계]",null,null,0,0,101,0,5064,0,0,0,5165,null,null,null,null,"",1]
[null,null,null,null,null,null,null,0,0,0,0,0,0,0,0,0,null,null,null,null,"",1]
["AQA80000320S",null,null,null,"도배 해체","해체재 재사용 안함","M2",0,0,0,0,0,0,0,0,0,null,null,null,null,"",1]
["AQA80000320S","노무","L001010101000031",null,"도배공","일반공사 직종","인",8.0000000000000002E-3,0,0,215675,1725.4,0,0,215675,1725.4,null,null,"N","N","",1]
["AQA80000320S","노무","L001010101000002",null,"보통인부","일반공사 직종","인",5.0000000000000001E-3,0,0,165545,827.7,0,0,165545,827.7,null,null,"N","N","",1]
[null,null,null,null,"[합 계]",null,null,0,0,0,0,2553,0,0,0,2553,null,null,null,null,"",1]
[null,null,null,null,null,null,null,0,0,0,0,0,0,0,0,0,null,null,null,null,"",1]
["AQA80000330S",null,null,null,"PVC계바닥재 해체","해체재 재사용 안함","M2",0,0,0,0,0,0,0,0,0,null,null,null,null,"",1]
["AQA80000330S","노무","L001010101000030",null,"내장공","일반공사 직종","인",6.0000000000000001E-3,0,0,243538,1461.2,0,0,243538,1461.2,null,null,"N","N","",1]
["AQA80000330S","노무","L001010101000002",null,"보통인부","일반공사 직종","인",4.0000000000000001E-3,0,0,165545,662.1,0,0,165545,662.1,null,null,"N","N","",1]
[null,null,null,null,"[합 계]",null,null,0,0,0,0,2123,0,0,0,2123,null,null,null,null,"",1]
[null,null,null,null,null,null,null,0,0,0,0,0,0,0,0,0,null,null,null,null,"",1]
["AQA80000340S",null,null,null,"타일 해체(떠붙이기)","해체재 재사용 안함","㎡",0,0,0,0,0,0,0,0,0,null,null,null,null,"",1]
["AQA80000340S","노무","L001010101000028",null,"타일공","일반공사 직종","인",3.6999999999999998E-2,0,0,274325,10150,0,0,274325,10150,null,null,"N","N","",1]
["AQA80000340S","노무","L001010101000002",null,"보통인부","일반공사 직종","인",2.4E-2,0,0,165545,3973,0,0,165545,3973,null,null,"N","N","",1]
["AQA80000340S","손료","RENT000000000001",null,"공구손료","노무비의 6%","식",1,847.3,847.3,0,0,0,0,847.3,847.3,null,null,"N","N",6,1]
[null,null,null,null,"[합 계]",null,null,0,0,847,0,14123,0,0,0,14970,null,null,null,null,"",1]
[null,null,null,null,null,null,null,0,0,0,0,0,0,0,0,0,null,null,null,null,"",1]
["AQA80000350S",null,null,null,"석고판 해체","천장","㎡",0,0,0,0,0,0,0,0,0,null,null,null,null,"",1]
["AQA80000350S","노무","L001010101000030",null,"내장공","일반공사 직종","인",1.6E-2,0,0,243538,3896.6,0,0,243538,3896.6,null,null,"N","N","",1]
["AQA80000350S","노무","L001010101000002",null,"보통인부","일반공사 직종","인",1.2E-2,0,0,165545,1986.5,0,0,165545,1986.5,null,null,"N","N","",1]
["AQA80000350S","손료","RENT000000000001",null,"공구손료","노무비의 2%","식",1,117.6,117.6,0,0,0,0,117.6,117.6,null,null,"N","N",2,1]
[null,null,null,null,"[합 계]",null,null,0,0,117,0,5883,0,0,0,6000,null,null,null,null,"",1]
[null,null,null,null,null,null,null,0,0,0,0,0,0,0,0,0,null,null,null,null,"",1]
["AQA80000360S",null,null,null,"도배 해체","천장","㎡",0,0,0,0,0,0,0,0,0,null,null,null,null,"",1]
["AQA80000360S","노무","L001010101000031",null,"도배공","일반공사 직종","인",0.01,0,0,215675,2156.6999999999998,0,0,215675,2156.6999999999998,null,null,"N","N","",1]
["AQA80000360S","노무","L001010101000002",null,"보통인부","일반공사 직종","인",7.0000000000000001E-3,0,0,165545,1158.8,0,0,165545,1158.8,null,null,"N","N","",1]
[null,null,null,null,"[합 계]",null,null,0,0,0,0,3315,0,0,0,3315,null,null,null,null,"",1]
[null,null,null,null,null,null,null,0,0,0,0,0,0,0,0,0,null,null,null,null,"",1]
["AQA80000370S",null,null,null,"타일 해체(압착,접착붙이기)","해체재 재사용 안함","㎡",0,0,0,0,0,0,0,0,0,null,null,null,null,"",1]
["AQA80000370S","노무","L001010101000028",null,"타일공","일반공사 직종","인",4.1000000000000002E-2,0,0,274325,11247.3,0,0,274325,11247.3,null,null,"N","N","",1]
["AQA80000370S","노무","L001010101000002",null,"보통인부","일반공사 직종","인",2.7E-2,0,0,165545,4469.7,0,0,165545,4469.7,null,null,"N","N","",1]
["AQA80000370S","손료","RENT000000000001",null,"공구손료","노무비의 6%","식",1,943,943,0,0,0,0,943,943,null,null,"N","N",6,1]
[null,null,null,null,"[합 계]",null,null,0,0,943,0,15717,0,0,0,16660,null,null,null,null,"",1]
[null,null,null,null,null,null,null,0,0,0,0,0,0,0,0,0,null,null,null,null,"",1]
["AQA80000380S",null,null,null,"기존방수층 제거 및 바탕처리","바닥","㎡",0,0,0,0,0,0,0,0,0,null,null,null,null,"",1]
["AQA80000380S","노무","L001010101000026",null,"방수공","일반공사 직종","인",3.6999999999999998E-2,0,0,212562,7864.7,0,0,212562,7864.7,null,null,"N","N","",1]
["AQA80000380S","노무","L001010101000002",null,"보통인부","일반공사 직종","인",1.4999999999999999E-2,0,0,165545,2483.1,0,0,165545,2483.1,null,null,"N","N","",1]
["AQA80000380S","손료","RENT000000000001",null,"공구손료","노무비의 6%","식",1,620.79999999999995,620.79999999999995,0,0,0,0,620.79999999999995,620.79999999999995,null,null,"N","N",6,1]
[null,null,null,null,"[합 계]",null,null,0,0,620,0,10347,0,0,0,10967,null,null,null,null,"",1]
[null,null,null,null,null,null,null,0,0,0,0,0,0,0,0,0,null,null,null,null,"",1]
["AQA80000390S",null,null,null,"기존방수층 제거 및 바탕처리","수직부","㎡",0,0,0,0,0,0,0,0,0,null,null,null,null,"",1]
["AQA80000390S","노무","L001010101000026",null,"방수공","일반공사 직종","인",4.1000000000000002E-2,0,0,212562,8715,0,0,212562,8715,null,null,"N","N","",1]
["AQA80000390S","노무","L001010101000002",null,"보통인부","일반공사 직종","인",1.7000000000000001E-2,0,0,165545,2814.2,0,0,165545,2814.2,null,null,"N","N","",1]
["AQA80000390S","손료","RENT000000000001",null,"공구손료","노무비의 6%","식",1,691.7,691.7,0,0,0,0,691.7,691.7,null,null,"N","N",6,1]
[null,null,null,null,"[합 계]",null,null,0,0,691,0,11529,0,0,0,12220,null,null,null,null,"",1]
[null,null,null,null,null,null,null,0,0,0,0,0,0,0,0,0,null,null,null,null,"",1]
["AQA80000400S",null,null,null,"재도장 시 바탕처리","콘크리트,모르타르면","일",0,0,0,0,0,0,0,0,0,null,null,null,null,"",1]
["AQA80000400S","노무","L001010101000029",null,"도장공","일반공사 직종","인",2,0,0,250776,501552,0,0,250776,501552,null,null,"N","N","",1]
["AQA80000400S","노무","L001010101000002",null,"보통인부","일반공사 직종","인",1,0,0,165545,165545,0,0,165545,165545,null,null,"N","N","",1]
["AQA80000400S","손료","RENT000000000001",null,"공구손료","노무비의 3%","식",1,20012.900000000001,20012.900000000001,0,0,0,0,20012.900000000001,20012.900000000001,null,null,"N","N",3,1]
[null,null,null,null,"[합 계]",null,null,0,0,20012,0,667097,0,0,0,687109,null,null,null,null,"",1]
[null,null,null,null,null,null,null,0,0,0,0,0,0,0,0,0,null,null,null,null,"",1]
["AQA80000410S",null,null,null,"재도장 시 바탕처리","철재면","일",0,0,0,0,0,0,0,0,0,null,null,null,null,"",1]
["AQA80000410S","노무","L001010101000029",null,"도장공","일반공사 직종","인",2,0,0,250776,501552,0,0,250776,501552,null,null,"N","N","",1]
["AQA80000410S","노무","L001010101000002",null,"보통인부","일반공사 직종","인",1,0,0,165545,165545,0,0,165545,165545,null,null,"N","N","",1]
["AQA80000410S","손료","RENT000000000001",null,"공구손료","노무비의 3%","식",1,20012.900000000001,20012.900000000001,0,0,0,0,20012.900000000001,20012.900000000001,null,null,"N","N",3,1]
[null,null,null,null,"[합 계]",null,null,0,0,20012,0,667097,0,0,0,687109,null,null,null,null,"",1]
[null,null,null,null,null,null,null,0,0,0,0,0,0,0,0,0,null,null,null,null,"",1]
["AQA80000430S",null,null,null,"재도장 시 바탕처리","목재면","일",0,0,0,0,0,0,0,0,0,null,null,null,null,"",1]
["AQA80000430S","노무","L001010101000029",null,"도장공","일반공사 직종","인",2,0,0,250776,501552,0,0,250776,501552,null,null,"N","N","",1]
["AQA80000430S","노무","L001010101000002",null,"보통인부","일반공사 직종","인",1,0,0,165545,165545,0,0,165545,165545,null,null,"N","N","",1]
["AQA80000430S","손료","RENT000000000001",null,"공구손료","노무비의 3%","식",1,20012.900000000001,20012.900000000001,0,0,0,0,20012.900000000001,20012.900000000001,null,null,"N","N",3,1]
[null,null,null,null,"[합 계]",null,null,0,0,20012,0,667097,0,0,0,687109,null,null,null,null,"",1]
[null,null,null,null,null,null,null,0,0,0,0,0,0,0,0,0,null,null,null,null,"",1]
["AQB04100010S",null,null,null,"지붕 덧씌우기",null,"일",0,0,0,0,0,0,0,0,0,null,null,null,null,"",1]
["AQB04100010S","노무","L001010101000036",null,"지붕잇기공","일반공사 직종","인",4,0,0,222346,889384,0,0,222346,889384,null,null,"N","N","",1]
["AQB04100010S","노무","L001010101000002",null,"보통인부","일반공사 직종","인",2,0,0,165545,331090,0,0,165545,331090,null,null,"N","N","",1]
["AQB04100010S","손료","RENT000000000001",null,"공구손료","노무비의 2%","식",1,24409.4,24409.4,0,0,0,0,24409.4,24409.4,null,null,"N","N",2,1]
[null,null,null,null,"[합 계]",null,null,0,0,24409,0,1220474,0,0,0,1244883,null,null,null,null,"",1]
[null,null,null,null,null,null,null,0,0,0,0,0,0,0,0,0,null,null,null,null,"",1]
["AQB04100020S",null,null,null,"지붕 덧씌우기","맞배지붕","일",0,0,0,0,0,0,0,0,0,null,null,null,null,"",1]
["AQB04100020S","노무","L001010101000036",null,"지붕잇기공","일반공사 직종","인",4,0,0,222346,889384,0,0,222346,889384,null,null,"N","N","",1]
["AQB04100020S","노무","L001010101000002",null,"보통인부","일반공사 직종","인",2,0,0,165545,331090,0,0,165545,331090,null,null,"N","N","",1]
["AQB04100020S","손료","RENT000000000001",null,"노임할증","노무비의 20%","식",1,0,0,244094.8,244094.8,0,0,244094.8,244094.8,null,null,"N","N",20,1]
["AQB04100020S","손료","RENT000000000002",null,"공구손료","노무비의 2%","식",1,29291.3,29291.3,0,0,0,0,29291.3,29291.3,null,null,"N","N",2,1]
[null,null,null,null,"[합 계]",null,null,0,0,29291,0,1464568,0,0,0,1493859,null,null,null,null,"",1]
[null,null,null,null,null,null,null,0,0,0,0,0,0,0,0,0,null,null,null,null,"",1]
["AQB04100030S",null,null,null,"지붕 재설치",null,"일",0,0,0,0,0,0,0,0,0,null,null,null,null,"",1]
["AQB04100030S","노무","L001010101000036",null,"지붕잇기공","일반공사 직종","인",6,0,0,222346,1334076,0,0,222346,1334076,null,null,"N","N","",1]
["AQB04100030S","노무","L001010101000002",null,"보통인부","일반공사 직종","인",2,0,0,165545,331090,0,0,165545,331090,null,null,"N","N","",1]
["AQB04100030S","손료","RENT000000000001",null,"공구손료","노무비의 2%","식",1,33303.300000000003,33303.300000000003,0,0,0,0,33303.300000000003,33303.300000000003,null,null,"N","N",2,1]
[null,null,null,null,"[합 계]",null,null,0,0,33303,0,1665166,0,0,0,1698469,null,null,null,null,"",1]
[null,null,null,null,null,null,null,0,0,0,0,0,0,0,0,0,null,null,null,null,"",1]
["AQB04100040S",null,null,null,"지붕 재설치","맞배지붕","일",0,0,0,0,0,0,0,0,0,null,null,null,null,"",1]
["AQB04100040S","노무","L001010101000036",null,"지붕잇기공","일반공사 직종","인",6,0,0,222346,1334076,0,0,222346,1334076,null,null,"N","N","",1]
["AQB04100040S","노무","L001010101000002",null,"보통인부","일반공사 직종","인",2,0,0,165545,331090,0,0,165545,331090,null,null,"N","N","",1]
["AQB04100040S","손료","RENT000000000001",null,"노임할증","노무비의 20%","식",1,0,0,333033.2,333033.2,0,0,333033.2,333033.2,null,null,"N","N",20,1]
["AQB04100040S","손료","RENT000000000002",null,"공구손료","노무비의 2%","식",1,39963.9,39963.9,0,0,0,0,39963.9,39963.9,null,null,"N","N",2,1]
[null,null,null,null,"[합 계]",null,null,0,0,39963,0,1998199,0,0,0,2038162,null,null,null,null,"",1]
[null,null,null,null,null,null,null,0,0,0,0,0,0,0,0,0,null,null,null,null,"",1]
["AQB04100050S",null,null,null,"도배 교체","벽","일",0,0,0,0,0,0,0,0,0,null,null,null,null,"",1]
["AQB04100050S","노무","L001010101000030",null,"내장공","일반공사 직종","인",2,0,0,243538,487076,0,0,243538,487076,null,null,"N","N","",1]
[null,null,null,null,"[합 계]",null,null,0,0,0,0,487076,0,0,0,487076,null,null,null,null,"",1]
[null,null,null,null,null,null,null,0,0,0,0,0,0,0,0,0,null,null,null,null,"",1]
["AQB04100060S",null,null,null,"도배 교체","천장","일",0,0,0,0,0,0,0,0,0,null,null,null,null,"",1]
["AQB04100060S","노무","L001010101000030",null,"내장공","일반공사 직종","인",2,0,0,243538,487076,0,0,243538,487076,null,null,"N","N","",1]
[null,null,null,null,"[합 계]",null,null,0,0,0,0,487076,0,0,0,487076,null,null,null,null,"",1]
[null,null,null,null,null,null,null,0,0,0,0,0,0,0,0,0,null,null,null,null,"",1]
["AQB04100070S",null,null,null,"도배 교체","벽, 지장물이 있는 경우","일",0,0,0,0,0,0,0,0,0,null,null,null,null,"",1]
["AQB04100070S","노무","L001010101000030",null,"내장공","일반공사 직종","인",2,0,0,243538,487076,0,0,243538,487076,null,null,"N","N","",1]
[null,null,null,null,"[합 계]",null,null,0,0,0,0,487076,0,0,0,487076,null,null,null,null,"",1]
[null,null,null,null,null,null,null,0,0,0,0,0,0,0,0,0,null,null,null,null,"",1]
["AQB04100080S",null,null,null,"도배 교체","천장, 지장물이 있는 경우","일",0,0,0,0,0,0,0,0,0,null,null,null,null,"",1]
["AQB04100080S","노무","L001010101000030",null,"내장공","일반공사 직종","인",2,0,0,243538,487076,0,0,243538,487076,null,null,"N","N","",1]
[null,null,null,null,"[합 계]",null,null,0,0,0,0,487076,0,0,0,487076,null,null,null,null,"",1]
[null,null,null,null,null,null,null,0,0,0,0,0,0,0,0,0,null,null,null,null,"",1]
["AQB04100090S",null,null,null,"PVC계바닥재 교체",null,"일",0,0,0,0,0,0,0,0,0,null,null,null,null,"",1]
["AQB04100090S","노무","L001010101000030",null,"내장공","일반공사 직종","인",2,0,0,243538,487076,0,0,243538,487076,null,null,"N","N","",1]
[null,null,null,null,"[합 계]",null,null,0,0,0,0,487076,0,0,0,487076,null,null,null,null,"",1]
[null,null,null,null,null,null,null,0,0,0,0,0,0,0,0,0,null,null,null,null,"",1]
["AQB04100100S",null,null,null,"PVC계바닥재 교체","지장물이 있는 경우","일",0,0,0,0,0,0,0,0,0,null,null,null,null,"",1]
["AQB04100100S","노무","L001010101000030",null,"내장공","일반공사 직종","인",2,0,0,243538,487076,0,0,243538,487076,null,null,"N","N","",1]
[null,null,null,null,"[합 계]",null,null,0,0,0,0,487076,0,0,0,487076,null,null,null,null,"",1]
[null,null,null,null,null,null,null,0,0,0,0,0,0,0,0,0,null,null,null,null,"",1]
["AQB04100110S",null,null,null,"타일 교체","떠붙이기(벽)","일",0,0,0,0,0,0,0,0,0,null,null,null,null,"",1]
["AQB04100110S","노무","L001010101000028",null,"타일공","일반공사 직종","인",2,0,0,274325,548650,0,0,274325,548650,null,null,"N","N","",1]
[null,null,null,null,"[합 계]",null,null,0,0,0,0,548650,0,0,0,548650,null,null,null,null,"",1]
[null,null,null,null,null,null,null,0,0,0,0,0,0,0,0,0,null,null,null,null,"",1]
["AQB04100120S",null,null,null,"타일 교체","압착붙이기(바닥)","일",0,0,0,0,0,0,0,0,0,null,null,null,null,"",1]
["AQB04100120S","노무","L001010101000028",null,"타일공","일반공사 직종","인",2,0,0,274325,548650,0,0,274325,548650,null,null,"N","N","",1]
[null,null,null,null,"[합 계]",null,null,0,0,0,0,548650,0,0,0,548650,null,null,null,null,"",1]
[null,null,null,null,null,null,null,0,0,0,0,0,0,0,0,0,null,null,null,null,"",1]
["AR000000010S",null,null,null,"철조망 울타리 설치(일자형 지주)","H:3m 이하, 평지","m",0,0,0,0,0,0,0,0,0,null,null,null,null,"",1]
["AR000000010S","노무","L001010101000003",null,"특별인부","일반공사 직종","인",7.4999999999999997E-2,0,0,214222,16066.6,0,0,214222,16066.6,null,null,"N","N","",1]
["AR000000010S","노무","L001010101000002",null,"보통인부","일반공사 직종","인",2.5000000000000001E-2,0,0,165545,4138.6000000000004,0,0,165545,4138.6000000000004,null,null,"N","N","",1]
["AR000000010S","손료","RENT000000000001",null,"공구손료","인력품의 3%","식",1,606.1,606.1,0,0,0,0,606.1,606.1,null,null,"N","N",3,1]
["AR000000010S","기계경비","00000201002000000",null,"굴삭기(무한궤도)","0.2㎥","HR",0.2,7695,1539,55700,11140,13041,2608.1999999999998,76436,15287.2,null,null,"N","N","",1]
[null,null,null,null,"[합 계]",null,null,0,0,2145,0,31345,0,2608,0,36098,null,null,null,null,"",1]
[null,null,null,null,null,null,null,0,0,0,0,0,0,0,0,0,null,null,null,null,"",1]
["AR000000011S",null,null,null,"철조망 울타리 설치","H:3m 이하, 평지","일",0,0,0,0,0,0,0,0,0,null,null,null,null,"",1]
["AR000000011S","노무","L001010101000003",null,"특별인부","일반공사 직종","인",3,0,0,214222,642666,0,0,214222,642666,null,null,"N","N","",1]
["AR000000011S","노무","L001010101000002",null,"보통인부","일반공사 직종","인",1,0,0,165545,165545,0,0,165545,165545,null,null,"N","N","",1]
["AR000000011S","손료","RENT000000000001",null,"공구손료","인력품의 3%","식",1,24246.3,24246.3,0,0,0,0,24246.3,24246.3,null,null,"N","N",3,1]
["AR000000011S","기계경비","00000201002000000",null,"굴삭기(무한궤도)","0.2㎥","HR",8,7695,61560,55700,445600,13041,104328,76436,611488,null,null,"N","N","",1]
[null,null,null,null,"[합 계]",null,null,0,0,85806,0,1253811,0,104328,0,1443945,null,null,null,null,"",1]
[null,null,null,null,null,null,null,0,0,0,0,0,0,0,0,0,null,null,null,null,"",1]
["AR000000020S",null,null,null,"철조망 울타리 설치(Y자형 지주)","H:3m 이하, 평지","m",0,0,0,0,0,0,0,0,0,null,null,null,null,"",1]
["AR000000020S","노무","L001010101000003",null,"특별인부","일반공사 직종","인",0.1,0,0,214222,21422.2,0,0,214222,21422.2,null,null,"N","N","",1]
["AR000000020S","노무","L001010101000002",null,"보통인부","일반공사 직종","인",3.3000000000000002E-2,0,0,165545,5462.9,0,0,165545,5462.9,null,null,"N","N","",1]
["AR000000020S","손료","RENT000000000001",null,"공구손료","인력품의 3%","식",1,806.5,806.5,0,0,0,0,806.5,806.5,null,null,"N","N",3,1]
["AR000000020S","기계경비","00000201002000000",null,"굴삭기(무한궤도)","0.2㎥","HR",0.26700000000000002,7695,2054.5,55700,14871.9,13041,3481.9,76436,20408.3,null,null,"N","N","",1]
[null,null,null,null,"[합 계]",null,null,0,0,2861,0,41757,0,3481,0,48099,null,null,null,null,"",1]
[null,null,null,null,null,null,null,0,0,0,0,0,0,0,0,0,null,null,null,null,"",1]
["AR000000030S",null,null,null,"철조망 울타리 설치(일자형 지주)","H:3m 이하, 경사지","m",0,0,0,0,0,0,0,0,0,null,null,null,null,"",1]
["AR000000030S","노무","L001010101000003",null,"특별인부","일반공사 직종","인",7.4999999999999997E-2,0,0,214222,16066.6,0,0,214222,16066.6,null,null,"N","N","",1]
["AR000000030S","노무","L001010101000002",null,"보통인부","일반공사 직종","인",2.5000000000000001E-2,0,0,165545,4138.6000000000004,0,0,165545,4138.6000000000004,null,null,"N","N","",1]
["AR000000030S","손료","RENT000000000001",null,"공구손료","인력품의 3%","식",1,606.1,606.1,0,0,0,0,606.1,606.1,null,null,"N","N",3,1]
["AR000000030S","기계경비","00000201002000000",null,"굴삭기(무한궤도)","0.2㎥","HR",0.2,7695,1539,55700,11140,13041,2608.1999999999998,76436,15287.2,null,null,"N","N","",1]
["AR000000030S","손료","RENT000000000002",null,"노임할증","인력품의 20%","식",1,0,0,4041,4041,0,0,4041,4041,null,null,"N","N",20,1]
[null,null,null,null,"[합 계]",null,null,0,0,2145,0,35386,0,2608,0,40139,null,null,null,null,"",1]
[null,null,null,null,null,null,null,0,0,0,0,0,0,0,0,0,null,null,null,null,"",1]
["AR000000040S",null,null,null,"철조망 울타리 설치(Y자형 지주)","H:3m 이하, 경사지","m",0,0,0,0,0,0,0,0,0,null,null,null,null,"",1]
["AR000000040S","노무","L001010101000003",null,"특별인부","일반공사 직종","인",0.1,0,0,214222,21422.2,0,0,214222,21422.2,null,null,"N","N","",1]
["AR000000040S","노무","L001010101000002",null,"보통인부","일반공사 직종","인",3.3000000000000002E-2,0,0,165545,5462.9,0,0,165545,5462.9,null,null,"N","N","",1]
["AR000000040S","손료","RENT000000000001",null,"공구손료","인력품의 3%","식",1,806.5,806.5,0,0,0,0,806.5,806.5,null,null,"N","N",3,1]
["AR000000040S","기계경비","00000201002000000",null,"굴삭기(무한궤도)","0.2㎥","HR",0.26700000000000002,7695,2054.5,55700,14871.9,13041,3481.9,76436,20408.3,null,null,"N","N","",1]
["AR000000040S","손료","RENT000000000002",null,"노임할증","인력품의 20%","식",1,0,0,5377,5377,0,0,5377,5377,null,null,"N","N",20,1]
[null,null,null,null,"[합 계]",null,null,0,0,2861,0,47134,0,3481,0,53476,null,null,null,null,"",1]
[null,null,null,null,null,null,null,0,0,0,0,0,0,0,0,0,null,null,null,null,"",1]